{"text_format":"1","workbook":"xlsx","n_sheets":1,"sheets":["CONSOLIDADO 2021"],"not_rendered":{"charts":0,"images":0,"macros":1,"external_links":1,"defined_names":1,"comments":1,"pivot_tables":0},"unopened":[],"bounds":{"document_bytes":16777216,"sheet_cells":100000,"rows_first":2000,"rows_last":500,"rows_between":2000,"halvings":0,"cell_chars":16384,"cell_head_chars":4096},"cells_cut":0,"cells_raw":0,"read":"whole","date_system":"1900"}

{"sheet":"CONSOLIDADO 2021","index":0,"n_rows":2277,"n_cols":14,"rows_kept":2277,"cut":false,"hidden":false,"merged":[[0,3,0,13],[2,1,3,1],[2,3,2,5],[2,6,2,7],[2,8,3,8],[2,9,3,9],[2,10,3,10],[2,11,3,11],[2,12,3,12],[2,13,3,13],[1,1,1,13]]}
[]
[null,"PLAN ANUAL DE COMPRAS 2021"]
[null,"UNIDAD O DEPARTAMENTO ",null,"PARTIDA PRESUPUESTARIA SIGAF",null,null,"PARTIDA PRESUPUESTARIA SICOP",null,"Tipo de bien, servicio u obra a contratar","Medida","Cantidad","Costo Unitario","Total","Fuente de Financiamiento"]
[null,null,"ID Programa y Subprograma","SUBPARTIDA","SUBCLASE","CONSECUTIVO","CLASIFICACION ","IDENTIFICACION "]
[null,"Arquitectura","789-00","10403","001","110901","81101505","92082930","CARGA DE CONTRATO \nCONTRATO POR LOS SERVICIOS DE INGENIERÍA, EJECUCIÓN DE SERVICIOS PRELIMINARES, SERVICIOS BÁSICOS, ANTEPROYECTO Y PLANOS CONSTRUCTIVOS.\nTramite concursal \n2019LN-000004-0006900001\nNúmero de contrato\t0432019000700112-00\nEmpresa adjudicada \t ESTRUCONSULT SOCIEDAD ANONIMA\n\n","Unidad",1,50000000,{"$f":"K5*L5","v":50000000},"001-Ingresos corrientes"]
[null,"Arquitectura","789-00","10403","001","000191","77101504","92088348","CARGA DE CONTRATO\nCONTRATO POR SERVICIOS PROFESIONALES REGENCIA AMBIENTAL DE LAS PLANTAS DE TRATAMIENTO DE AGUAS RESIDUALES DEL SISTEMA PENITENCIARIO NACIONAL \npor 1 año prorrogable por 3 más\nTramite concursal \n2017LA-000001-0006900001\ncontrato 0432017000700033-00\nEmpresa adjudicada \nCompañía de Proyectos Ambientales Proamsa","Unidad ",1,50000000,50000000,"001-Ingresos corrientes"]
[null,"Arquitectura","789-00","10801","020","000002","72101506","92097447","CARGA DE CONTRATO\nContrato para los servicios de mantenimiento preventivo y correctivo de elevadores eléctricos de alimentos ubicados en el Centro de Atención Institución San José\nTramite concursal \n2019CD-000099-0006900001\ncontrato 0432019000700113-00\nEmpresa adjudicada \nELEVADORES CENTROAMERICANOS INT. SOCIEDAD ANONIMA","Unidad",1,5644183,5644183,"001-Ingresos corrientes"]
[null,"Arquitectura","789-00","10801","060","000140","72101509","92035477","CARGA DE CONTRATO \nNuevo contrato para el mantenimiento preventivo y correctivo de sistemas de detección, supresión y alarma contra incendios en los centros penales.\n Contrato adjudicado 0432020000700002-00, tramite concursal 2019LN-000012-0006900001\nEmpresa adjudicada GLOBALTEC TECHNOLOGIES GMZS SOCIEDAD ANONIMA. ","Unidad",1,100000000,{"$f":"K8*L8","v":100000000},"001-Ingresos corrientes"]
[null,"Arquitectura","789-00","10801","245","000060","72154013","92027975","Realizar un tramite concursal para el \nSERVICIO DE INSTALACIÓN DE ALAMBRE NAVAJA  ACERO INOXIDABLE","Unidad",1,27741500,{"$f":"K9*L9","v":27741500},"001-Ingresos corrientes"]
[null,"Arquitectura","789-00","10801","035","000005","72101507","90034579","Suscribir un nuevo CONTRATO PARA EL MANTENIMIENTO PREVENTIVO Y CORRECTIVO DE PORTONES ELÉCTRICOS Y NO ELÉCTRICOS DEL SISTEMA PENITENCIARIO NACIONAL","Unidad",1,100000000,100000000,"001-Ingresos corrientes"]
[null,"Arquitectura","789-00","10804","900","002900","72154109","92154498","Suscripción de un nuevo Contrato\nSERVICIO DE MANTENIMIENTO PREVENTIVO Y CORRECTIVO PARA SISTEMA DE BOMBEO DE AGUA","Unidad",1,100000000,{"$f":"K11*L11","v":100000000},"001-Ingresos corrientes"]
[null,"Arquitectura","789-00","10804","900","000001","81101701","92084905","CARGA DE CONTRATO \nSuscripción de contrato para los servicios de mantenimiento preventivo y correctivo de generadores eléctricos ubicados en los diferentes Centros de Atención Institucional del Sistema Penitenciario\nTramite concursal 2019LN-000005-0006900001\nContrato  0432019000700123-00\nEmpresa adjudicada \tTRACTOMOTRIZ SOCIEDAD ANONIMA","Unidad",1,82500542,82500542,"001-Ingresos corrientes"]
[null,"Arquitectura ","789-00","10804","900","100201","72121505","92105014","CARGA DE CONTRATO \nContrato  para el MANTENIMIENTO PREVENTIVO Y CORRECTIVO  DE LOS SISTEMA DE AGUAS NEGRAS DEL SISTEMA PENITENCIARIO NACIONAL, \ntrámite concursal 2017LN-000017-0006900001\ncontrato 0432018000700028-00  \nEmpresa adjudicada DURMAN ESQUIVEL S.A ","Unidad ",1,304000000,304000000,"001-Ingresos corrientes"]
[null,"Arquitectura ","789-00","20101","010","001320","15121501","92080156"," ACEITE LUBRICANTE 20W50 PARA MOTOR, UNIDADES TIPO GASOLINA, ÍNDICE DE VISCOSIDAD: 140 CST, EN ENVASES DE 0,946 L (1/4 GALÓN) Marca PEAK Modelo PEAK","unidad ",100,1275,{"$f":"K14*L14","v":127500},"001-Ingresos corrientes"]
[null,"Arquitectura ","789-00","20101","010","000261","15121501","92047428","ACEITE LUBRICANTE, 2 TIEMPOS, HD ISO 220, ENVASE 0,94 l, PARA MOTOR FUERA DE BORDA Marca XCEL Modelo TCW3,","unidad ",123,1450,{"$f":"K15*L15","v":178350},"001-Ingresos corrientes"]
[null,"Arquitectura","789-00","20101","010","003220","15121510","90031942","LUBRICANTE PARA CABLEADO EN 946,25ml Marca 3M Modelo WL-QT","Unidad ",100,6940,694000,"001-Ingresos corrientes"]
[null,"Arquitectura","789-00","20104","900","005800","24101611","92155324","ESLINGA CON RACHET DE HIERRO TIPO CUELLO DE GANSO, MATERIAL 100% POLIESTER, ANCHO 2,5 cm, LARGO 5 m, CAPACIDAD 230 kg","Unidad ",8,7000,56000,"001-Ingresos corrientes"]
[null,"Arquitectura","789-00","20104","900","005800","24101611","92222384","ESLINGA DE AMARRE DE NAILON CON TENSOR TIPO TRINQUETE (RACHET) DE 50,8 mm (2 Pulg) DE ANCHO X 8 m DE LARGO CAPACIDAD DE CARGA VERTICAL DE 5000 kg","Unidad ",8,10000,80000,"001-Ingresos corrientes"]
[null,"Arquitectura","789-00","20104","220","000069","31211502","92065235","PINTURA ANTICORROSIVA (CORROSTYL) A BASE DE AGUA, COLOR BLANCO MATE, DE ALTA ADHERENCIA, EN PRESENTACIÓN DE 3,785 L, PARA EXTERIORES E INTERIORES Marca HONGOTEK Modelo HT533LS","unidad",200,6961,1392200,"001-Ingresos corrientes"]
[null,"Arquitectura","789-00","20104","220","000069","31211502","92006289","PINTURA EN AGUA ANTICORROSIVA (FERROSTYL) ENV 18,93 L Marca HONGOTEK Modelo HT533LS","unidad",200,30165,6033000,"001-Ingresos corrientes"]
[null,"Arquitectura","789-00","20104","220","000420","31211502","92044210","PINTURA EN AGUA ANTICORROSIVA, ENVASE 3,785 L, TIPO MINIO ROJO Marca HONGOTEK Modelo HT723LM","unidad",200,7975,1595000,"001-Ingresos corrientes"]
[null,"Arquitectura","789-00","20104","220","000420","31211502","92066700","PINTURA ANTICORROSIVA EN AGUA, TIPO MINIO ROJO, CUBETA 18,925 L Marca HONGOTEK Modelo HT723LM","unidad",200,3945,789000,"001-Ingresos corrientes"]
[null,"Arquitectura","789-00","20104","220","000900","31211502","92148214","PINTURA EN AGUA, ACRILICA, SATINADA, PARA EXTERIORES/INTERIORES, TIPO ANTIHONGOS, SECADO A 25°C, ENVASE 3,785 L Marca SUPERJOKER Modelo SJ330-LS\n( Color a escoger por el administrador del contrato o persona desginada en su lugar) ","unidad",300,6960,2088000,"001-Ingresos corrientes"]
[null,"Arquitectura","789-00","20104","220","000900","31211502","92004786","PINTURA EN AGUA ACRILICA SATINADA PARA EXT-INT TIPO ANTIHONGOS ENV 18,93 L SECADO A 25°C Marca SUPERJOKER Modelo SJ330-LS\n( Color a escoger por el administrador del contrato o persona desginada en su lugar) ","unidad",200,31905,6381000,"001-Ingresos corrientes"]
[null,"Arquitectura","789-00","20104","220","001300","31211508","92078639","PINTURA IMPERMEABILIZANTE, TIPO RESINA ACRILICA ELASTOMERICA, ACABADO SATINADO, ENVASE 3,785 L Marca HONGOTEK Modelo 133 (HT133-LS)\n( Color a escoger por el administrador del contrato o persona desginada en su lugar) ","unidad",300,6960,2088000,"001-Ingresos corrientes"]
[null,"Arquitectura","789-00","20104","220","001300","31211508","92079006","PINTURA IMPERMEABILIZANTE, TIPO RESINA ACRILICA ELASTOMÉRICA, ACABADO SATINADO, ENVASE 18,93 L Marca HONGOTEK Modelo HT133LS\n( Color a escoger por el administrador del contrato o persona desginada en su lugar) ","unidad",100,30165,3016500,"001-Ingresos corrientes"]
[null,"Arquitectura","789-00","20104","220","000003","31211508","92148964","PINTURA ACRÍLICA A BASE DE RESINAS ACRÍLICAS Y PIGMENTOS DE ALTA CALIDAD, RESISTENTE AL LAVADO OCASIONAL RESISTENTE AL CALOR, ANTI HONGOS, APLICABLE SOBRE CUALQUIER SUPERFICIE,VISCOSIDAD 97%, RENDIMIENTO 40 m2,SOLIDO POR PESO 54-56%, PRESENTACIÓN DE CUBETAS DE 3,785 L Marca SUPERJOKER Modelo SJ330LM\n( Color a escoger por el administrador del contrato o persona desginada en su lugar) ","unidad",200,5800,1160000,"001-Ingresos corrientes"]
[null,"Arquitectura","789-00","20104","220","000003","31211508","92148971","PINTURA ACRÍLICA A BASE DE RESINAS ACRÍLICAS Y PIGMENTOS DE ALTA CALIDAD, RESISTENTE AL LAVADO OCASIONAL RESISTENTE AL CALOR, ANTI HONGOS, APLICABLE SOBRE CUALQUIER SUPERFICIE,VISCOSIDAD 97%, RENDIMIENTO 40 m2,SOLIDO POR PESO 54-56%, PRESENTACIÓN DE CUBETAS DE 18,927 L Marca SUPERJOKER Modelo SJ330LM\n( Color a escoger por el administrador del contrato o persona desginada en su lugar) ","unidad",200,24365,4873000,"001-Ingresos corrientes"]
[null,"Arquitectura","789-00","20104","220","000069","31211502","92131327","PINTURA PRIMARIO ACABADO ANTICORROSIVO, BASE AGUA, ACABADO MATE, SOLIDOS POR VOLUMEN 43%-47%, COLOR AZUL, TIEMPO SECADO AL TACTO 30 min, PRESENTACION ENVASE DE 0,94 L (1/4 Gal) Marca HONGOTEK Modelo HT723LM","unidad",150,5510,826500,"001-Ingresos corrientes"]
[null,"Arquitectura","789-00","20104","220","001600","31211502","92044437","PINTURA BASE AGUA ACABADO, ANTICORROSIVO, PIGMENTOS INHIBIDORES CORROSION, RESISTENCIA RAYOS UV, SOLIDOS POR VOLUMEN MENOS 40%, SOLIDOS PESO MENOR 55%, TIEMPRO SECADO MAXIMO 0,5 h, COLOR RAL 6005 , PRESENTACION ENVASE 3,785 L, PARA TECHO SOBRE LAMINAS ESMALTADAS Marca CELCOLOR Modelo CELCO\n( Color a escoger por el administrador del contrato o persona desginada en su lugar) ","unidad",150,10418,{"$f":"K30*L30","v":1562700},"001-Ingresos corrientes"]
[null,"Arquitectura","789-00","20104","220","000440","31211505","92006749","PINTURA ANTICORROSIVA DE ALUMINIO EN ACEITE, ENVASE DE 3.785 L Marca CELCOLOR Modelo CELCO","unidad",40,11143,{"$f":"K31*L31","v":445720},"001-Ingresos corrientes"]
[null,"Arquitectura","789-00","20104","220","000300","31211513","92033476","PINTURA DE TRANSITO, BASE DE AGUA 100 % ACRILICA, CUBETA 18,93 L, PARA DEMARCACION EN PARQUEOS Y CALLES Marca CELCOLOR Modelo CELCO\n( Color a escoger por el administrador del contrato o persona desginada en su lugar) ","unidad",100,49000,4900000,"001-Ingresos corrientes"]
[null,"Arquitectura","789-00","20104","005","000001","31211803","92002505","Aguarrás (esencia de trementina) Marca CELCO Modelo CELCO","unidad",1980,3900,7722000,"001-Ingresos corrientes"]
[null,"Arquitectura ","789-00","20199","900","090701","31201607","92008314","PEGAMENTO PARA UNIR DE FORMA FIRME Y SEGURA TUBERIAS Y ACCESORIOS DE PLASTICO PVC PRESENTACION ENVASE DE 0,95 L PARA USAR CON BROCHIN","unidad",400,10000,{"$f":"K34*L34","v":4000000},"001-Ingresos corrientes"]
[null,"Arquitectura ","789-00","20301","145","000200","31162906","92015613","GAZA DE ACERO GALVANIZADO 1 HUECO PARA TUBO CONDUIT 12.7 mm DE DIAMETRO TIPO AMERICANO","unidad",1000,22,{"$f":"K35*L35","v":22000},"001-Ingresos corrientes"]
[null,"Arquitectura ","789-00","20301","145","000060","31162906","92007461","GAZA DE ACERO EMT, 1 OREJA LIVIANA DE 19,05 mm","unidad",600,35,{"$f":"K36*L36","v":21000},"001-Ingresos corrientes"]
[null,"Arquitectura ","789-00","20301","145","000200","31162906","92009498","GAZADEACEROEMT,1OREJADIAMETRODE32mm(11/4PULGADA)UTILIZADAPARAFIJACIONDE TUBERIAS ( UL)","unidad ",600,80,48000,"001-Ingresos corrientes"]
[null,"Arquitectura ","789-00","20301","145","000120","31162906","92117955","ABRAZADERA APRIETE (GAZA SIN FIN) ACERO INOXIDABLE, DIAMETRO 31,75 mm (1 1/4 Pulg) A 50,80 mm (2 Pulg), PARA CONEXION DE TUBOS O MANGUERAS","unidad",600,180,108000,"001-Ingresos corrientes"]
[null,"Arquitectura ","789-00","20301","145","000130","31162906","92022299","ABRAZADERA DE (GAZA SIN FIN) ACERO INOXIDABLE TAMAÑO 101,6 mm PARA CONEXION DE MANGUERA","unidad",600,300,180000,"001-Ingresos corrientes"]
[null,"Arquitectura ","789-00","20301","110","000305","30103201","92043669","MALLA CICLON DE ACERO GALVANIZADO DE 3,15 mm DE GROSOR X 50,80 mm DE ANCHO DEL ROMBO X 50,80 mm DE LARGO DEL ROMBOS X 3 m DE ALTURA.  Debe entregarse en presentación en rollos de 25 a 30 metros lineales.\nRango de tolerancia en medidas aceptable:\nGrosor +-10 mm\nAncho del rombo +- 5 mm \nLargo del rombo +- 5 mm","metro",100,9000,900000,"001-Ingresos corrientes"]
[null,"Arquitectura ","789-00","20301","180","000920","23271810","92154871","ELECTRODO DE SOLDADURA 6013 EN 2,5mm (3/32 PULG) DE DIAMETRO X 350mm DE LARGO","Kilogramo",200,4500,900000,"001-Ingresos corrientes"]
[null,"Arquitectura ","789-00","20301","180","000920","23271810","92154872","ELECTRODO DE SOLDADURA 6013 EN 3,2mm (1/8 PULG) DE DIAMETRO X 350mm DE LARGO","Kilogramo",200,4800,960000,"001-Ingresos corrientes"]
[null,"Arquitectura ","789-00","20301","010","000045","46171503","92069357","CERRADURA (LLAVIN) DOBLE PASO DERECHO, CILINDRO DE LATÓN MACIZO Y SEIS PINES.","unidad ",25,15456,386400,"001-Ingresos corrientes"]
[null,"Arquitectura ","789-00","20301","040","000450","30102004","92036888","LAMINA DE ACERO NEGRO ANTIDESLIZANTE DE 4,76 mm GROSOR X 1,22 m ANCHO X 2,44 m LARGO","unidad",25,105000,2625000,"001-Ingresos corrientes"]
[null,"Arquitectura ","789-00","20301","135","001706","30102303","92043694","TUBO RECTANGULAR  INDUSTRIAL DE HIERRO NEGRO DE 25,40 mm (1 Pulg) ALTO X 38,10 mm (1 1/2 Pulg) ANCHO X 1,50 mm (1/16 Pulg) ESPESOR X 6,10 m LARGO","unidad ",100,7000,700000,"001-Ingresos corrientes"]
[null,"Arquitectura ","789-00","20301","135","000005","40171501","92058200","TUBO DE HIERRO NEGRO, TIPO ESTRUCTURAL DE 4,75 mm DE GROSOR X 100 mm X 100 mm X 6 m DE LARGO","unidad",25,70600,1765000,"001-Ingresos corrientes"]
[null,"Arquitectura ","789-00","20301","120","000787","30102204","92007708","PLATINA (PLETINA) DE ACERO, 6,35 mm ESPESOR X 76,20 mm ANCHO X 6 m LARGO Marca AAA Modelo 2007009","unidad",50,13000,650000,"001-Ingresos corrientes"]
[null,"Arquitectura ","789-00","20301","135","00005","30102303","92043917","TUBO CUADRADO INDUSTRIAL DE ACERO GALVANIZADO DE 76,2 mm (3 Pulg) ALTO x 76,2 mm (3 Pulg) ANCHO X 3,17 mm (1/8 Pulg) ESPESOR X 6,10 m LARGO","unidad",25,34200,855000,"001-Ingresos corrientes"]
[null,"Arquitectura ","789-00","20301","010","000080","3162801","92032503","LLAVIN DE BOLA CON LLAVE, COLOR DORADO.Unidad de empaque UNIDADMATERIAL METALICOTIPO BOLACOLOR DORADOPRODUCTO LLAVÍNFORMA BOLA\nPara instalacion en puertas ( metalicas o de madera, interior o exterior)","unidad",10,70000,700000,"001-Ingresos corrientes"]
[null,"Arquitectura ","789-00","20301","175","000004","31161507","92136233","TORNILLO PARA GYPSUM PUNTA CORRIENTE, #8 DE 31,75 mm DE LARGO, COLOR NEGRO","unidad ",20000,3.5,70000,"001-Ingresos corrientes"]
[null,"Arquitectura ","789-00","20301","175","000004","31161507","90032533","TORNILLOTIPOGYPSUMDE2.54cm,NEGRO,CON PUNTA DE BROCAUnidad de empaque UNIDADFORMA CON PUNTA TIPO BROCALARGO 2.54 cmTIPO GYPSUM","unidad ",20000,8,160000,"001-Ingresos corrientes"]
[null,"Arquitectura ","789-00","20301","175","000004","31161505","92041709","TORNILLO PARA GYPSUM TIPO TEK DE 6mm DE GROSOR POR 25,40 mm DE LARGO (6X1)","unidad",20000,4,80000,"001-Ingresos corrientes"]
[null,"Arquitectura ","789-00","20301","175","000004","31161505","92041710","TORNILLO PARA GYPSUM TIPO TEK DE 6mm DE GROSOR POR 50,80 mm DE LARGO (6X2)","unidad",20000,7,140000,"001-Ingresos corrientes"]
[null,"Arquitectura ","789-00","20301","140","000140","30102404","90003459","VARILLA #4 DE ACERO DEFORMADO DE 12.70 MM ( 1/2\" ) X 6 MTS","unidad",500,3060,1530000,"001-Ingresos corrientes"]
[null,"Arquitectura ","789-00","20301","140","002100","30102404","90003447","VARILLAACEROLISA#8DE25,4mmDEDIAMETRO X 6 m DE LARGO, GRADO 60Unidad de empaque UNIDADDIAMETRO 25,40 mm LARGO 6 m PRODUCTO VARILLA GRADO 60 MATERIAL ACERO NUMERO 8","unidad",50,14000,700000,"001-Ingresos corrientes"]
[null,"Arquitectura ","789-00","20301","900","003820","39121303","92061652","CAJA OCTOGONAL DE ACERO GALVANIZADO (EMT), PREVISTAS DE 12,70 mm (½ Pulg), DIÁMETRO 101,60 mm, FONDO 38 mm, ESPESOR 1,2 mm O SUPERIOR, PARA INSTALACIONES ELECTRICAS","unidad ",300,420,126000,"001-Ingresos corrientes"]
[null,"Arquitectura ","789-00","20301","140","000001","30101604","92021066","BARRA DE ACERO (VARILLA LISA) # 2 DE 6,35 mm X 6 m GRADO 40","unidad ",1000,700,700000,"001-Ingresos corrientes"]
[null,"Arquitectura ","789-00","20301","001","000001","31162407","92099971","ALDABA METALICA DORADA DE 2,38 mm (3/32 Pulg) X 101,60 mm X (4 Pulg)","unidad ",100,800,80000,"001-Ingresos corrientes"]
[null,"Arquitectura ","789-00","20301","005","000001","31162403","90010059","BISAGRA DE ACERO, DE 76,20 mm X 76,20 mm","UNIDAD ",150,1400,210000,"001-Ingresos corrientes"]
[null,"Arquitectura ","789-00","20301","010","000080","31161606","92009973","LLAVIN DE ACERO DE PERILLA DE BOLA DE 51 mm CON LLAVE CON DOS LLAVES\nPara instalacion en puertas ( metalicas o de madera, interior o exterior)","unidad ",100,8000,800000,"001-Ingresos corrientes"]
[null,"Arquitectura ","789-00","20301","900","000010","31162702","92088332","RODIN  CON UN DIAMETRO DE 8 cm (+/- 1 cm) FABRICADO EN POLIURETANO, CON CAPACIDAD NO MENOR A 55 kg.","Unidad ",150,6200,930000,"001-Ingresos corrientes"]
[null,"Arquitectura ","789-00","20301","001","000001","46171511","92070989","ALDABADEACEROFIJA,MEDIDAS25,4mmDEANCHO X 50,8 mm DE LARGOUnidad de empaque UNIDADESTILO FIJALARGO 50,8 mm PRODUCTO ALDABA","Unidad ",100,1360,136000,"001-Ingresos corrientes"]
[null,"Arquitectura ","789-00","20301","135","001700","40171601","92079778","TUBOINDUSTRIALRECTANGULARDE25mmX50mmX1.50mmX6m,PULIDO,ENROLADOENFRÌO,CONUNAPEQUEÑAPELÍCULADEACEITE,GRADO DEL ACERO NO MENOR A DC01-ST12Unidad de empaque UNIDADNORMADEFABRICACIONAISI/SAE1008OJISG3141, NTC 1986MATERIAL TUBO INDUSTRIAL RECTANGULAR LARGO 6 mCEDULAGRADODELACERONOMENORADC01-ST12TIPODETUBERIACOMPOSICIONQUIMICADELACERO S235JRH","Unidad ",200,7000,1400000,"001-Ingresos corrientes"]
[null,"Arquitectura ","789-00","20301","175","000010","31161509","92068257","TORNILLODEACEROPUNTACORRIENTEDE6,35mmDEDIAMETROX63,5mm(21/2Pulg)DELARGO PARA GYPSUMUnidad de empaque UNIDADMATERIAL ACEROTIPO PUNTA CORRIENTE LARGO 63,5 mm DIMENSIONES DIAMETRO 6,35 mm","Unidad ",1000,20,20000,"001-Ingresos corrientes"]
[null,"Arquitectura ","789-00","20301","135","000005","40171601","92079725","TUBOCUADRADOINDUSTRIALDE2,22cmx1,50mmX6m,PULIDOENROLLADOENFRIO,CONUNAPEQUEÑAPELICULADEACEITE,COMPOSICION QUIMICA DEL ACERO S235 JRHUnidad de empaque UNIDADNORMA AISI/SAE 1008 o JIS G 3141, NTC 1986MATERIALCOMPOSICIONQUIMICADELACEROS235 JRH LARGO 6 m DIAMETRO 2,22 cm X 1,50 mm cm/mm CEDULAGRADODELACERONOMENORADC01-ST12","Unidad ",50,5000,250000,"001-Ingresos corrientes"]
[null,"Arquitectura ","789-00","20301","900","000085","31162801","92090857","AGARRADERA(MANILLA)METALICA,LARGO125mm, PARA PUERTAUnidad de empaque UNIDADMATERIAL METALUTILIDAD PARA PUERTAPRODUCTO AGARRADERA LARGO 125 mm","Unidad ",200,1000,200000,"001-Ingresos corrientes"]
[null,"Arquitectura ","789-00","20301","175","001100","31161509","92056313","TORNILLODEACEROAUTORROSCANTEDE50,8mm (2 Pulg) PUNTA FINA PARA GYPSUNUnidad de empaque UNIDADMATERIAL ACERO TIPO PUNTA FINA LARGO 50,8 (2) mm (Pulg)","Unidad ",1000,18,18000,"001-Ingresos corrientes"]
[null,"Arquitectura ","789-00","20301","010","000440","31162407","92037893","LLAVINMETALICOCONCILINDROEXCENTRIODE19,05MMPARATRESGAVETASMUEBLETIPOARTURITO.Unidad de empaque UNIDADPRODUCTOLLAVINMETALICOCONCILINDROEXCENTRIO MATERIAL METALICO LARGO 19,05 mm","Unidad ",30,2000,60000,"001-Ingresos corrientes"]
[null,"Arquitectura ","789-00","20301","005","000001","31162403","92008455","BISAGRADEACEROGALVANIZADOA-36,MEDIDAS76,20mmANCHOX76,20mmLARGO,PARA USO INDUSTRIALUnidad de empaque UNIDADMATERIAL ACERO GALVANIZADOLARGO 76,20 mmUTILIDAD INDUSTRIALANCHO 76,20 mmPRESENTACION EN PARES","Unidad ",500,1325,662500,"001-Ingresos corrientes"]
[null,"Arquitectura ","789-00","20301","005","000001","31162403","92006044","BISAGRADEACEROOCULTAPARAMUEBLEDE26mm RECTAUnidad de empaque UNIDADMATERIAL ACEROLARGO 26 mmUTILIDAD MUEBLE TAMAÑO RECTOTIPO OCULTAPRODUCTO BISAGRA","Unidad ",500,800,400000,"001-Ingresos corrientes"]
[null,"Arquitectura ","789-00","20301","005","000001","31161606","92207615","LLAVIN PARA GAVETA, CON P ESTILLO VERTICAL, LONGITUD DE CILINDRO DE 22 mm, CON BACKSET DE 20 mm, DIMENSIONES 47,6 mm DE ANCHO X 37,6 mm DE ALTO X 27,7 mm DE PROFUNDIDAD","unidad",50,885,44250,"001-Ingresos corrientes"]
[null,"Arquitectura ","789-00","20301","005","000001","31162403","92009256","BISAGRA DE HIERRO DE 50.8 X 50.8 mm","unidad ",600,1100,660000,"001-Ingresos corrientes"]
[null,"Arquitectura ","789-00","20301","001","000220","30102004","90017647","LAMINA DE ACERO GALVANIZADA (ONDULADA)                                                                                                                                                                                                                                                                # 26 1,07 X 2,44 m","unidad",100,8900,890000,"001-Ingresos corrientes"]
[null,"Arquitectura ","789-00","20301","135","000005","40171503","92044250","TUBO CUADRADO DE HIERRO, GROSOR DE 3,2 mm X ANCHO DE 101,6 mm X ALTO DE 101,6 mm (4 Pulg X 4 Pulg), PARA TUBERIA","unidad ",200,47400,9480000,"001-Ingresos corrientes"]
[null,"Arquitectura ","789-00","20301","115","000001","30102304","90018354","PERFIL DE ACERO RT-3 DE 2,38 MM X 150 MM X 50 MM X 6 M","unidad",25,20600,515000,"001-Ingresos corrientes"]
[null,"Arquitectura ","789-00","20301","060","000500","30101503","92026936","ANGULAR DE HIERRO NEGRO, MEDIDAS 6.35 X 50.80 mm (1/4 X 2 Pulg) X 6 m","unidad",50,16100,805000,"001-Ingresos corrientes"]
[null,"Arquitectura ","789-00","20301","100","000975","30102003","92063643","LÁMINA RECTANGULAR PARA TECHO, ESMALTADA BLANCA, CALIBRE # 26, DIMENSIONES 0,45 mm X 1607 mm X 3,66 m LARGO, RESISTENCIA 90 kg/m2, CLAVADORES CADA 1,20 m ","unidad",50,19500,975000,"001-Ingresos corrientes"]
[null,"Arquitectura ","789-00","20301","100","000975","30102004","92047031","LAMINA DE ACERO ESMALTADA RECTANGULAR # 26 DE 1,07 m DE ANCHO X 2.4 m DE LARGO PARA TECHO","unidad",10,8000,80000,"001-Ingresos corrientes"]
[null,"Arquitectura ","789-00","20301","900","008500","30151502","90037321","LIMAHOYA DE ACERO GALVANIZADO # 26 DE 0,45m X 1,83m","unidad",50,3000,150000,"001-Ingresos corrientes"]
[null,"Arquitectura ","789-00","20301","120","000787","30102203","92022429","PLATINA DE HIERRO NEGRO, MEDIDAS 6.35 mm X 50.80 mm X 6 m (1/4 Pulg X 2 Pulg X 6 m)","unidad",50,7000,350000,"001-Ingresos corrientes"]
[null,"Arquitectura ","789-00","20301","135","001325","39131719","92039294","TUBO METALICO GALVANIZADO EMT DE 12,70 mm (1/2 pulg) X 3 m, EN ROLLOS CON 25 UNIDADES CADA UNO","unidad",50,1170,58500,"001-Ingresos corrientes"]
[null,"Arquitectura ","789-00","20301","135","001401","39131719","92033889","TUBO DE ACERO GALVANIZADO CONDUIT EMT DE 38,1 mm (1 1/2 Pulg) X 3,05 m","unidad",50,6350,317500,"001-Ingresos corrientes"]
[null,"Arquitectura ","789-00","20301","135","001360","39131719","92023393","TUBO DE ACERO GALVANIZADO, CONDUIT EMT, DE 25,4 mm (1 Pulg) DE DIÁMETRO X 3 m DE LARGO, PARA LA CONDUCCIÓN DE CABLES ELÉCTRICOS, CON UN ACABADO GALVANIZADO EN SU EXTERIOR PARA ALTA RESISTENCIA A LA CORROSIÓN.","unidad",50,3450,172500,"001-Ingresos corrientes"]
[null,"Arquitectura ","789-00","20301","135","001340","39131719","92072622","TUBO EMT UL de 18 mm (0,70 Pulg) AMERICANO, LARGO 3 m","unidad",50,2035,101750,"001-Ingresos corrientes"]
[null,"Arquitectura ","789-00","20301","135","001380","39131719","92041939","TUBO EMT DE 3,18 ( 1 1/4 Pulg)","unidad",50,5215,260750,"001-Ingresos corrientes"]
[null,"Arquitectura ","789-00","20301","001","000001","31162407","92008304","ALDABADEACEROGALVANIZADODE3,17mm(grosor)X30mm(ancho)X127mm(largo)PARASERVICIO PESADOUnidad de empaque UNIDADUTILIDAD SERVICIO PESADO MATERIAL ACERO GALVANIZADO LARGO 127 mm ANCHO 30 mm GROSOR 3,17 mm","Unidad ",200,1535,307000,"001-Ingresos corrientes"]
[null,"Arquitectura","789-00","20301","005","000001",31162403,"92008477","BISAGRA DE ACERO, SOLDABLE, MEDIDAS  101,6 mm (4\") ANCHO X 101,6 mm (4\") LARGO  PARA USO RESIDENCIAL, DE GRAN MOVILIDAD PARA FACILITAR ABRIR Y CERRAR CON FACILIDAD","Unidad",100,1255,125500,"001-Ingresos corrientes"]
[null,"Arquitectura ","789-00","20301","900","000900","30171906","92134817","MARCODEALUMINIOPARAVENTANADE25,40mmDEGROSORX50,80mmDEANCHOX6,10mDE LARGOUnidad de empaque UNIDADPRODUCTO MARCOUTILIDAD PARA VENTANAMATERIAL ALUMINIOANCHO 50,80 mm mm LARGO 6,10 m m ESPESOR 25,40 mm","Unidad ",15,20970,314550,"001-Ingresos corrientes"]
[null,"Arquitectura","789-00","20301","005","000001","31162403","92055906","BISAGRA DE ACERO, MEDIDAS 50,80 mm ANCHO X 50,80 mm LARGO","Unidad",500,275,137500,"001-Ingresos corrientes"]
[null,"Arquitectura ","789-00","20301","900","013940","30181701","92121419","LLAVEDECHORRO,1,27cm,CONROSCAEXTERNA, COLOR BRONCE, ANGULARDISEÑO ANGULAR ESTILO ESTANDARMATERIAL BRONCEPRODUCTO LLAVE DE CHORRO TAMAÑO 1,27 cm TIPO ESTANDARTIPO DE CABEZA PALOMILLA TIPO DE MATERIAL BRONCETIPO DE ROSCA ORDINARIA","Unidad ",50,8195,409750,"001-Ingresos corrientes"]
[null,"Arquitectura ","789-00","20301","155","000079","40173309","92046966","NIPLEDEHIERROGALVANIZADO,12,70mmDEDIAMETROX76,20mmDELONGITUD,CONROSCA NPTUnidad de empaque UNIDADDIAMETRO 12,70 mm LONGITUD 76,20 mm MATERIAL HIERRO GALVANIZADOPRODUCTO NIPLE TIPO DE ROSCA CON ROSCA NPT","Unidad ",500,200,100000,"001-Ingresos corrientes"]
[null,"Arquitectura ","789-00","20301","155","000079","40173309","92046974","NIPLEDEHIERROGALVANIZADO,DIAMETRODE12,7 mm X 203,2 mm DE LONGITUDUnidad de empaque UNIDADDIAMETRO 12,7 mm LONGITUD 203,2 mm MATERIAL HIERRO GALVANIZADO,PRODUCTO NIPLE","Unidad ",500,445,222500,"001-Ingresos corrientes"]
[null,"Arquitectura","789-00","20301","015","000250","30171905","92110844","HERRAJE DE ALUMINIO, PARA CELOSIAS DE 10 cm DE ANCHO, LARGO APROXIMADO DEL HERRAJE 1 m","Unidad",50,6720,336000,"001-Ingresos corrientes"]
[null,"Arquitectura","789-00","20301","025","000080","31161606","92050370","PICAPORTEDEMETAL,CONACABADODEBRONCE,DE76,2mm(3Pulg)DELARGO,BASERECTAUnidad de empaque UNIDADTIPO BASE RECTAMATERIAL METAL TAMAÑO 76,2 mm PRODUCTO PICAPORTEACABADO DE BRONCE","Unidad ",500,300,150000,"001-Ingresos corrientes"]
[null,"Arquitectura","789-00","20301","025","000001","31161606","90030421","PICAPORTE NIQUELADO DE 5,08 cm ( 2 Pulg )Unidad de empaque UNIDADMATERIAL HIERRO TAMAÑO 5.08 cmESTILO NIQUELADO","Unidad ",500,1800,900000,"001-Ingresos corrientes"]
[null,"Arquitectura","789-00","20301","025","000001","31161606","92112246","Picaporteplatina#5(4.5”),piezafuerteparausosemipesado y pesado.Constadedospiezas,elpicaporteyelrecibidor(fijación por tornillos o soldadura).Unidad de empaque UNIDADTAMAÑO 11,43 cm UTILIDAD uso semipesado y pesadoESTILO platinaNUMERO 5DISEÑO fijacion por tornillo o soldadura","Unidad ",300,1945,{"$f":"K96*L96","v":583500},"001-Ingresos corrientes"]
[null,"Arquitectura","789-00","20301","025","000080",31161606,"92056544","PICAPORTE DE METAL, CON ACABADO DE BRONCE, DE 101,6 mm (4 Pulg) DE LARGO, BASE RECTA","Unidad",300,1500,450000,"001-Ingresos corrientes"]
[null,"Arquitectura","789-00","20301","040","000004","30102003","92110671","LAMINA DE HIERRO EXPANDIDO, TIPO PRISMA, NUMERO 13, MEDIDAS 1,22 m x 2,44 m, CALIBRE 4,76 mm","Unidad",50,47000,2350000,"001-Ingresos corrientes"]
[null,"Arquitectura ","789-00","20301","040","000450","30102003","92051519","LAMINAANTIDESLIZANTEDEHIERRONEGRO,ESPESOR3,17mmXANCHO1,22mXLARGO2,44 mUnidad de empaque UNIDADMATERIAL DE LAMINA HIERRO NEGRO ANCHO 1,22 mGROSOR 3,17 mmLARGO 2,44 mmPRODUCTO LAMINA DE HIERROESTILO ANTIDESLIZANTE","Unidad ",25,45000,1125000,"001-Ingresos corrientes"]
[null,"Arquitectura","789-00","20301","045","001060","31152209","92010832","ALAMBRE NEGRO, N° 16, DIAMETRO 1.68 mm","Kilogramo",100,740,74000,"001-Ingresos corrientes"]
[null,"Arquitectura ","789-00","20301","045","001750","31152001","92008346","ALAMBRENAVAJADEACEROINOXIDABLE,ENROLLO, LARGO 8,25 mUnidad de empaque UNIDADPRESENTACION ROLLO LARGO 8,25 m UTILIDAD SEGURIDADMATERIAL ACERO INOXIDABLE PRODUCTO ALAMBRE FORMA NAVAJA","Unidad ",50,8500,425000,"001-Ingresos corrientes"]
[null,"Arquitectura ","789-00","20301","045","001800","31152002","90016257","ALAMBRE DE ACERO PUAS (P/CERCA) EN ROLLOUnidad de empaque UNIDADPRODUCTO ALAMBRE MATERIAL ACERO ESTILO PUAS UTILIDAD CERCA PRESENTACION ROLLOS\nCaracteristica adicional \nRollos de 168 metros \ncotizacion en rollo ","unidad",50,10000,{"$f":"K102*L102","v":500000},"001-Ingresos corrientes"]
[null,"Arquitectura ","789-00","20301","135","000150","40171501","92037346","TUBODEACEROGALVANIZADOREDONDODIAMETRO50,80mm,ESPESOR1,8mm,LARGO6,10 mDIAMETRO 50,8 mm ESPESOR 1,8 mm MATERIAL ACERO GALVANIZADO LARGO 6,10 mTIPO REDONDO","Unidad ",50,13900,695000,"001-Ingresos corrientes"]
[null,"Arquitectura","789-00","20301","090","000010","30151602","92044938","CUMBRERAESMALTADAHIERROGALVANIZADO#26 DE 305 mm DE ANCHO Y 1,83 m DE LARGOUnidad de empaque UNIDADANCHO 305 mm CALIBRE 26LARGO 1,83 m MATERIAL HIERRO GALVANIZADO PRODUCTO CUMBRERA UTILIDAD TECHOTIPO ESMALTADA","Unidad",500,3900,1950000,"001-Ingresos corrientes"]
[null,"Arquitectura","789-00","20301","900","000015","30181519","92040268","CACHERA(GRIFO)METALICAACABADOCROMADOTIPOCUELODEGANSOCON2MANILLASDEPALANCAPARAUNCAUDALDE2,2Gal/min PARA FREGADEROUnidad de empaque UNIDADACCESORIOS CON 2 MANILLAS DE PALANCA UTILIDAD PARA FREGADERO PRODUCTO CACHERA (GRIFO)MATERIAL ACERO ACABADO CROMADOESTILO CUELLO DE GANSO","Unidad ",100,13000,1300000,"001-Ingresos corrientes"]
[null,"Arquitectura ","789-00","20301","900","000015","30181519","92039944","CACHERAESTILOCRUZ,PARALAVATORIO,ENACEROINOXIDABLE,CUELLODEGANSODE20cm, 12 cm DE TUBO A TUBOUnidad de empaque UNIDADUTILIDAD PARA LAVATORIO PRODUCTO CACHERA FORMA CRUZ MATERIAL ACERO INOXIDABLE TAMAÑO 20, 12 DE TUBO A TUBO cmESTILO CUELLO DE GANSO","Unidad ",100,10000,1000000,"001-Ingresos corrientes"]
[null,"Arquitectura","789-00","20301","060","000500","30101503","92041594","ANGULARDEHIERRONEGROLAMINADOENCALIENTEDE3,17mmDEGRUESOX50,8mmDEPAREDX6mDELARGO(1/8PulgX2PulgX19,68 ft)Unidad de empaque UNIDADASTM A-36GROSOR 3,17 mm LARGO 6 mMATERIALHIERRONEGROLAMINADOENCALIENTE PRODUCTO ANGULAR","Unidad ",100,8500,850000,"001-Ingresos corrientes"]
[null,"Arquitectura","789-00","20301","080","000101",30171516,92008475,"CEDAZO DE ALUMINIO TIPO MOSQUITERO DE 1,22 m (ancho) SIN CORROCION","Metro",100,1300,130000,"001-Ingresos corrientes"]
[null,"Arquitectura","789-00","20301","085","000200","31162002","92076530","CLAVO DE ACERO CON CABEZA, MEDIDAS 63,5 mm (2 1/2 Pulg) LARGO X 2,7 mm DIAMETRO, PUNTA DIAMANTE, POR UNIDAD, PARA USO EN CONCRETO","Unidad ",1000,{"$f":"'[1]AUMENTO ANUAL'!B106","v":15.75},15750,"001-Ingresos corrientes"]
[null,"Arquitectura","789-00","20301","085","000005","31162004","90018899","CLAVO DE MAMPOSTERIA, ACERO DE 2,5 mm X 25,40 mm","Unidad",1000,{"$f":"'[1]AUMENTO ANUAL'!B104","v":8.4},8400,"001-Ingresos corrientes"]
[null,"Arquitectura","789-00","20301","085","000001","31162004","90018918","CLAVO DE ACERO DE 2,5 DE 50,80 MM","Unidad ",1000,{"$f":"'[1]AUMENTO ANUAL'!B105","v":12.600000000000001},12600.000000000002,"001-Ingresos corrientes"]
[null,"Arquitectura","789-00","20301","085","000505","31162002","92007696","CLAVO DE HIERRO CON CABEZA (CORRIENTE), MEDIDAS 25,40 mm LARGO, 1,80 mm DIAMETRO","Kilogramo",1000,1100,1100000,"001-Ingresos corrientes"]
[null,"Arquitectura","789-00","20301","085","000505","31162002","92046981","CLAVODEHIERROCONCABEZA(CORRIENTE)DIAMETRODE2mmXLARGODE38,1mm(11/2Pulg) PARA REALIZAR TRABAJOS EN MADERAUnidad de empaque UNIDADDIAMETRO 2 mm TIPO DE MATERIAL HIERROUTILIDAD PARA REALIZAR TRABAJOS EN MADERA PRODUCTO CLAVO DE CON CABEZA (CORRIENTE)presentación en cajas de 23 kilos","Unidad ",500,980,490000,"001-Ingresos corrientes"]
[null,"Arquitectura","789-00","20301","085","000640","31162002","92007704","CLAVO DE HIERRO CON CABEZA (CORRIENTE), 50,80 mm (2 Pulg) LARGO, DIAMETRO 3,05 mm","Kilogramo",500,819,409500,"001-Ingresos corrientes"]
[null,"Arquitectura","789-00","20301","085","000680","31162002","92007703","CLAVO DE HIERRO CON CABEZA (CORRIENTE), 63,50 mm (2 1/2 Pulg) LARGO, DIAMETRO 3,40 mm","Kilogramo",500,819,409500,"001-Ingresos corrientes"]
[null,"Arquitectura","789-00","20301","085","000720","31162002","92068671","CLAVO DE HIERRO CON CABEZA CORRIENTE DE 76,2 mm, PRESENTACIÓN DE 1 KG","Unidad ",500,819,409500,"001-Ingresos corrientes"]
[null,"Arquitectura","789-00","20301","120","000769","30102203","92059778","PLATINA DE HIERRO, MEDIDAS 38,1 mm (1 1/2 Pulg) X 4,76 mm (3/16 Pulg) GROSOR X 6000 mm (6 m) LARGO","unidad",50,5900,295000,"001-Ingresos corrientes"]
[null,"Arquitectura","789-00","20301","900","000010","31162702","92088332","RODINCONUNDIAMETRODE8cm(+/-1cm)FABRICADOENPOLIURETANO,CONCAPACIDADNO MENOR A 55 kg.","unidad",50,6200,310000,"001-Ingresos corrientes"]
[null,"Arquitectura","789-00","20301","100","000020","30102004","90020395","LAMINA DE ACERO GALVANIZADA (ONDULADA) P/TECHO # 26 1,07 X 3,66 M","Unidad",50,17400,{"$f":"K119*L119","v":870000},"001-Ingresos corrientes"]
[null,"Arquitectura","789-00","20301","100","000220","30102003","92043676","LAMINA DE HIERRO GALVANIZADA LISA # 26, MEDIDAS 1,22 m ANCHO X 2,44 m LARGO","unidad",100,12000,{"$f":"K120*L120","v":1200000},"001-Ingresos corrientes"]
[null,"Arquitectura","789-00","20301","040","000450","30102003","90003134","LAMINA DE HIERRO NEGRO DE 3.18 MM X 1.22 X 2.44 MTS","Unidad",40,43000,1720000,"001-Ingresos corrientes"]
[null,"Arquitectura","789-00","20301","115","000040","30102303","92017033","PERFIL ESTRUCTURAL DE HIERRO NEGRO (PERLING) EN C DE 2.38 mm X 50,80 mm X 101,60 mm X 6 m DE LARGO, RT1-13","Unidad",50,15300,765000,"001-Ingresos corrientes"]
[null,"Arquitectura","789-00","20301","115","0000001","30102303","92127464","PERFILRTDEHIERRONEGRO(PERLIN),MEDIDAS76,2mmX50,8mmX2,38mmDEESPESOR X 6 m LARGOUnidad de empaque UNIDADTAMAÑO 76,2 X 50,8 X 2,38 mm MATERIAL HIERRO NEGROESPESOR 2,38 mm PRODUCTO PERFILTIPO RTLARGO 6 m","unidad ",200,14800,{"$f":"K123*L123","v":2960000},"001-Ingresos corrientes"]
[null,"Arquitectura","789-00","20301","135","000005","30102303","92043693","TUBO CUADRADO INDUSTRIAL DE HIERRO NEGRO DE 50,80 mm (2 Pulg) ALTO x 50,80 mm (2 Pulg) ANCHO X 3,17 mm (1/8 Pulg) ESPESOR X 6 m LARGO","Unidad",100,15500,1550000,"001-Ingresos corrientes"]
[null,"Arquitectura","789-00","20301","135","001957","31102303","92040413","TUBO DE HIERRO NEGRO CUADRADO DE 25,4 mm X 25,4 mm X 1,80 mm GROSOR DE PARED X 6 m LARGO","Unidad",60,6000,360000,"001-Ingresos corrientes"]
[null,"Arquitectura","789-00","20301","135","000380","40171521","92053011","TUBO DE ABASTO, ACERO INOXIDABLE, FLEXIBLE, CONEXIÓN DE 12,7 mm X 19,05 mm PARA INODORO","Unidad",350,1800,630000,"001-Ingresos corrientes"]
[null,"Arquitectura","789-00","20301","135","001325","39121434","92038075","TUBO EMT 1.27CM(1/2 PULGADA)TUBO EMT (12MM)ACERO GALVANIZADO STM A653 G-60)","Unidad",300,{"$f":"'[1]AUMENTO ANUAL'!B126","v":991.2},297360,"001-Ingresos corrientes"]
[null,"Arquitectura","789-00","20301","135","001340","39121434","90003593"," TUBO E.M.T DE 1.90CMS (3/4 PULGADA) (TUBO EMT (18MM)ACERO GALVANIZADO STM A653 G-60)","Unidad",350,{"$f":"'[1]AUMENTO ANUAL'!B127","v":1306.2},457170,"001-Ingresos corrientes"]
[null,"Arquitectura","789-00","20301","135","001360","39121434","92038368","TUBO E.M.T DE 2.54CMS  (1 PULGADA) (TUBO EMT (25MM)ACERO GALVANIZADO STM A653 G-60","Unidad",300,{"$f":"'[1]AUMENTO ANUAL'!B128","v":1984.5},595350,"001-Ingresos corrientes"]
[null,"Arquitectura ","789-00","20301","135","000005","30102304","92115092","TUBOCUADRADODEACERONEGROALCARBONO,ESPESORDE3,17mm(1/8Pulg)XANCHODE72mmXALTODE72mmXLARGODE6 mUnidad de empaque UNIDADANCHO 72 mmESPESOR 3,17 (1/8) mm (Pulg)FORMA CUADRADOLARGO 6 m LONGITUD ALTO DE 72 mm MATERIAL ACERO NEGRO AL CARBONOPRODUCTO TUBO","Unidad ",51,31600,{"$f":"K130*L130","v":1611600},"001-Ingresos corrientes"]
[null,"Arquitectura ","789-00","20301","040","000012","30102003","92130839","LAMINADEHIERRONEGRO,SUPERFICIEEXPANDIDA,FIGURAENTRELAZADADEROMBO,ESPESOR6,35mmXANCHO1220mmXLARGO2440 mmUnidad de empaque UNIDADANCHO 1220 mmGROSOR 6,35 mmTIPO DE MATERIAL HIERRO NEGRO LARGO 2440 mmPRODUCTO LAMINAPRESENTACION HOJA EXPANDIDA","Unidad ",200,114912,{"$f":"K131*L131","v":22982400},"001-Ingresos corrientes"]
[null,"Arquitectura ","789-00","20301","040","000012","30102004","92031694","LAMINADEACEROEXPANDIDA,TIPOJORDOMEX,MEDIDAS 1,22 m X 2,44 m X 3 mm, CALIBRE 9Unidad de empaque UNIDADANCHO 2,44 mFORMA EXPANDIDA GROSOR 3 mmLARGO 1,22 m MATERIAL ACEROPRODUCTO LAMINATIPO JORDOMEX","Unidad ",49,35015,{"$f":"K132*L132","v":1715735},"001-Ingresos corrientes"]
[null,"Arquitectura","789-00","20301","140","000001","30101604","92032866","VARILLA DEFORMADA # 3, TAMAÑO 9,7 mm, GRADO 40, PESO 3,3 kg","Unidad",1000,1840,1840000,"001-Ingresos corrientes"]
[null,"Arquitectura","789-00","20301","175","002400","31161504","90032615","TORNILLO PARA METAL CON CABEZA CHATA Nº8 EN CRUZ, DE 2.54cm LARGO","Unidad",15000,{"$f":"'[1]AUMENTO ANUAL'!B72","v":2.919},43785,"001-Ingresos corrientes"]
[null,"Arquitectura","789-00","20301","175","000004",31161505,92004791,"TORNILLO DE ACERO DE PUNTA BROCA FINA DE 38,1 mm X 4,7625 mm (1 ½” X 3/16”) PARA GYPSUM","Unidad",10000,5,50000,"001-Ingresos corrientes"]
[null,"Arquitectura","789-00","20301","255","000620","39121302","92154817","PLACADOBLEPARATOMACORRIENTEDEACEROINOXIDABLEDE115mmDELARGOy70mmDEANCHOUnidad de empaque UNIDADCERTIFICADO U.L.LARGO 115 mm MATERIAL ACERO INOXIDABLE PRODUCTO PLACA DOBLE PARA TOMACORRIENTE","Unidad ",500,900,{"$f":"K136*L136","v":450000},"001-Ingresos corrientes"]
[null,"Arquitectura","789-00","20301","140","000001","30101604","92126436","BARRADEACERO(VARILLALISA)#4DE12,7mm X 6 m GRADO 60Unidad de empaque UNIDADLARGO 6 FORMA LISA MATERIAL ACEROTIPO VARILLA","Unidad ",100,3325,{"$f":"K137*L137","v":332500},"001-Ingresos corrientes"]
[null,"Arquitectura ","789-00","20301","175","000004","31161507","92011462","TORNILLODEACEROAUTORROSCANTEDEPUNTABROCACORRIENTEDE31,70mm(11/4\")PARA GYPSUNUnidad de empaque UNIDADDIMENSION 31,70 mm FORMA AUTORROSCANTE MATERIAL ACERO PASO CORRIENTE TIPO PUNTA BROCA","Unidad ",15000,8.9600000000000009,134400,"001-Ingresos corrientes"]
[null,"Arquitectura ","789-00","20301","055","000560","30102606","90033254","VENILLADEALUMINIONATURALDE1,27cmX1,27cmTIPO PANELEX DIMENSION 1,27 X 1,27 cm MATERIAL ALUMINIO NATURAL PRODUCTO VENILLAUnidad de empaque UNIDAD","Unidad",15,3250,48750,"001-Ingresos corrientes"]
[null,"Arquitectura","789-00","20301","175","000004",31161507,"92023431","TORNILLO DE ACERO PUNTA BROCA, CABEZA TIPO PHILLIPS, LARGO 25,40 mm","Unidad",15000,11,165000,"001-Ingresos corrientes"]
[null,"Arquitectura","789-00","20301","175","002000","31161507","92110846","TORNILLO GALVANIZADO NUMERO 8 PARA METAL, LARGO 25,4 mm, PUNTA BROCA, CABEZA PARA DESATORNILLADOR TIPO PHILLIPS","Unidad",15000,{"$f":"'[1]AUMENTO ANUAL'!B75","v":10.5},157500,"001-Ingresos corrientes"]
[null,"Arquitectura","789-00","20301","175","002400","31161509","92110680","TORNILLO METALICO, MEDIDAS 5,08 cm DE LARGO, 6,35 mm DE GROSOR (2 pulg. x 1/4 pulg.) CABEZA REDONDA PLANA, PARA UTILIZAR EN ESPANDER #10","Unidad",15000,{"$f":"'[1]AUMENTO ANUAL'!B71","v":3.1500000000000004},47250.000000000007,"001-Ingresos corrientes"]
[null,"Arquitectura","789-00","20301","175","000004","31161509","92020146","TORNILLODEACERO,CABEZAPHILLIPS,LARGO25,4 mm PARA GYPSUMUnidad de empaque UNIDADMATERIAL ACERO CABEZA PHILLIPS lARGO 25,4 mm","Unidad ",15000,10.18,{"$f":"K143*L143","v":152700},"001-Ingresos corrientes"]
[null,"Arquitectura","789-00","20301","175","000004","31161509","92059557","TORNILLODEACEROCABEZAPHILLIPSYPLANA,PUNTABROCAMEDIDASDIAMETRO#6X19,05mm DE LARGO PARA GYPSUMUnidad de empaque UNIDADMATERIAL ACERO CABEZA PLANA Y PHILLIPS TIPO PUNTA BROCA LARGO 19,05 DIMENSIONES DIAMETRO # 6","Unidad ",15000,9.6300000000000008,{"$f":"K144*L144","v":144450},"001-Ingresos corrientes"]
[null,"Arquitectura","789-00","20301","175","002400","31161509","92110843","TORNILLO METALICO PUNTRA BROCA, MEDIDAS 5,08 cm DE LARGO X 3,97 mm GROSOR (2 pulg. x 5/32 pulg.), CABEZA PARA DESATORNILLADOR PHILLIPS, TORNILLO PARA GYPSUM.","Unidad",15000,{"$f":"'[1]AUMENTO ANUAL'!B76","v":16.8},{"$f":"K145*L145","v":252000},"001-Ingresos corrientes"]
[null,"Arquitectura","789-00","20301","175","002400","31161509","92110845","TORNILLO METALICO, MEDIDAS 4,2 X 12 mm, PUNTA BROCA, PARA GYPSUM (TIPO FRIJOLILLO)","Unidad",15000,{"$f":"'[1]AUMENTO ANUAL'!B95","v":3.1500000000000004},47250.000000000007,"001-Ingresos corrientes"]
[null,"Arquitectura","789-00","20301","135","000380","40142008","92094830","MANGUERADEABASTOENACEROINOXIDABLE,FLEXIBLE,CONEXIONDE12,7mm(1/2Pulg)Y12,7mm(1/2Pulg)X457,2mm(18Pulg)DELARGOUnidad de empaque UNIDADDIAMETRO 12,7 mmLARGO 457,2 mm MATERIAL ACERO INOXIDABLETIPO ABASTO","Unidad",200,1800,{"$f":"K147*L147","v":360000},"001-Ingresos corrientes"]
[null,"Arquitectura","789-00","20301","135","150701","40142008","92090500","MANGUERADEABASTOENACEROINOXIDABLE,FLEXIBLE,CONEXIONDE12,7mm(1/2Pulg)Y19,05mm(3/4Pulg)X533,4mm(21Pulg)DELARGOUnidad de empaque UNIDADDIMENSION 12,7 Y 19,05 mmLARGO 533,4 mm MATERIAL ACERO INOXIDABLETIPO DE ABASTO","Unidad ",500,1800,{"$f":"K148*L148","v":900000},"001-Ingresos corrientes"]
[null,"Arquitectura","789-00","20301","175","002960","31161512","90032623","TORNILLOPARATECHODEHIERROGALVANIZADODE50,8mm(2Pulg)DELARGOX6,35 mm (1/4 Pulg) DIÁMETROUnidad de empaque UNIDADUTILIDAD PARA TECHO PRODUCTO TORNILLO DIAMETRO 6,35 (1/4) mm (Pulg) LARGO 50,8 (2) mm (Pulg) TIPO PUNTA BROCADISEÑO ARANDELA-EMPAQUE DE NEOPRENOMATERIAL HIERRO GALVANIZADO","Unidad ",1000,50,{"$f":"K149*L149","v":50000},"001-Ingresos corrientes"]
[null,"Arquitectura","789-00","20301","175","002400","31161509","92110677","TORNILLO METALICO, MEDIDAS 3,81 cm LARGO x 6,35 mm GROSOR (1 1/2 x 1/4 Pulg), CABEZA REDONDA PLANA, PARA UTILIZAR EN ESPANDER # 8","Unidad",10000,{"$f":"'[1]AUMENTO ANUAL'!B70","v":6.3000000000000007},63000.000000000007,"001-Ingresos corrientes"]
[null,"Arquitectura","789-00","20301","175","002960","31161504","90009680","TORNILLOPARATECHOPUNTABROCA2\"(U)GALVANIZADO","Unidad",10000,30.5,305000,"001-Ingresos corrientes"]
[null,"Arquitectura ","789-00","20301","205","001505","39121409","92042214","CONECTOR(TERMINAL)DERESORTEPARACABLE10-12THNN,600V,TEMPERATURA105C°, COLOR AMARILLOUnidad de empaque UNIDADTIPO RESORTE VOLTAJE 600 VTEMPERATURA 105 C°COLOR AMARILLO UTILIDAD PARA CABLE 10-12 THNN","Unidad ",1000,92,{"$f":"L152*K152","v":92000},"001-Ingresos corrientes"]
[null,"Arquitectura","789-00","20301","240","000260",30101605,90040813,"AGARRADERASENTUBOPARABAÑOSYSERVICIOS SANITARIOS PARA DISCAPACITADOS.FORMA TUBO TIPO AGARRADERA\nOtras especificaciones \nMedidas de longitud 60.96 Cèntimetros  ( 24 pulgadas) ","Unidad",50,18000,900000,"001-Ingresos corrientes"]
[null,"Arquitectura","789-00","20301","900","000600","30181605","92012407","DESAGUEPARALAVATORIOENBRONCECROMADO, DE 31.75 mm DE DIAMETROUnidad de empaque UNIDADDIAMETRO 31.75 mm MATERIAL BRONCE CROMADO PRODUCTO DESAGÜE UTILIDAD LAVATORIO","Unidad",150,2600,390000,"001-Ingresos corrientes"]
[null,"Arquitectura ","789-00","20301","900","000600","30181605","92012404","Desagüeparafregaderode8.89cmdediámetro(31/2\"), en acero inoxidable.Unidad de empaque UNIDADDIAMETRO 8.89 cm MATERIAL ACERO INOXIDABLE PRODUCTO DESAGUE UTILIDAD FREGADERO","Unidad ",100,6000,{"$f":"K155*L155","v":600000},"001-Ingresos corrientes"]
[null,"Arquitectura","789-00","20301","900","003860","39121303","92074271","CAJA RECTANGULAR DE ACERO GALVANIZADO DE 108 mm LARGO, 62 mm ANCHO y 45 mm DIAMETRO PARA TUBERIA ELECTRICA DE 12,7 mm (1/2 Pulg) y 19,05 mm (3/4 Pulg)","Unidad",500,150,75000,"001-Ingresos corrientes"]
[null,"Arquitectura","789-00","20301","900","000600","40142515","92073318","DESAGUE(SIFON)DEACERONIQUELADO,TIPOENS,CONDESCARGAALPISO,DIAMETRODE38,10mm(11/2Pulg),CONEMPAQUESYTUERCASUnidad de empaque UNIDADDIAMETRO DE 38,10 mm MATERIAL DE ACERO NIQUELADO PRODUCTO DESAGUE (SIFON), TIPO EN S","Unidad ",200,5445,1089000,"001-Ingresos corrientes"]
[null,"Arquitectura","789-00","20301","140","000240","30101604","92006829","BARRA DE ACERO (VARILLA) (DEFORMADA) # 8 DE 25.40 mm X 6 m GRADO 60","Unidad",109,12250,1335250,"001-Ingresos corrientes"]
[null,"Arquitectura","789-00","20301","001","180601","31162207","90019265","REMACHEDEALUMINIOESTRUCTURAL,DE3,17mm X 25,40 mm\nDescripcion adicional \npresentacion en paquetes de 25 unidades\nCotizacion en paquetes de 25 unidades \n","unidad",1000,12,{"$f":"K159*L159","v":12000},"001-Ingresos corrientes"]
[null,"Arquitectura ","789-00","20302","045","000050","30131502","90009775 ","BLOCK DE CONCRETO DE 15 X 20 X 40 (U) \nENTREGAR EL PRODUCTO EN EL CAI JORGE MONTERO  Reforma.","Unidad ",3000,560,1680000,"001-Ingresos corrientes"]
[null,"Arquitectura ","789-00","20302","045","000055","30131502","92010416","BLOQUE DE CONCRETO, TIPO A, VIBRO COMPACTADO Y CURADO DE 20 cm X 20 cm X 40 cm, ARISTAS RECTAS QUE FORMEN ANGULOS RECTOS\nENTREGAR EL PRODUCTO EN EL CAI JORGE MONTERO  Reforma.","unidad",3000,720,2160000,"001-Ingresos corrientes"]
[null,"Arquitectura ","789-00","20302","095","000001","11111611","92009733","PIEDRA DE 100 A 200 mm PARA GAVION TIPO BOLA . \nENTREGAR EL PRODUCTO EN EL CAI JORGE MONTERO Reforma.","Metro cubico ",15,30000,{"$f":"K162*L162","v":450000},"001-Ingresos corrientes"]
[null,"Arquitectura ","789-00","20302","095","000001","11111611","92009733","PIEDRA DE 100 A 200 mm PARA GAVION TIPO BOLA . \nENTREGAR EL PRODUCTO EN EL CAI Gerardo Rodriguez.","Metro cubico ",15,30000,450000,"001-Ingresos corrientes"]
[null,"Arquitectura ","789-00","20302","095","000001","11111611","92009733","PIEDRA DE 100 A 200 mm PARA GAVION TIPO BOLA . \nENTREGAR EL PRODUCTO EN EL CAI Luis Paulino Mora.","Metro cubico ",15,15000,225000,"001-Ingresos corrientes"]
[null,"Arquitectura ","789-00","20302","095","000001","11111611","92009733","PIEDRA DE 100 A 200 mm PARA GAVION TIPO BOLA . \nENTREGAR EL PRODUCTO EN EL CAI 26 de Julio, Puntarenas.","Metro cubico ",15,25000,375000,"001-Ingresos corrientes"]
[null,"Arquitectura ","789-00","20302","095","000001","11111611","92009733","PIEDRA DE 100 A 200 mm PARA GAVION TIPO BOLA . \nENTREGAR EL PRODUCTO EN EL CAI Nelson Mandela, San Carlos.","Metro cubico ",10,25000,250000,"001-Ingresos corrientes"]
[null,"Arquitectura ","789-00","20302","095","000001","11111611","92009733","PIEDRA DE 100 A 200 mm PARA GAVION TIPO BOLA . \nENTREGAR EL PRODUCTO EN EL CAI Liberia.","Metro cubico ",10,25000,250000,"001-Ingresos corrientes"]
[null,"Arquitectura ","789-00","20302","095","000001","11111611","92009733","PIEDRA DE 100 A 200 mm PARA GAVION TIPO BOLA . \nENTREGAR EL PRODUCTO EN EL CAI Antonio Bastida de Paz, Pérez Zeledón.","Metro cubico ",15,25000,375000,"001-Ingresos corrientes"]
[null,"Arquitectura ","789-00","20302","095","000001","11111611","92009733","PIEDRA DE 100 A 200 mm PARA GAVION TIPO BOLA . \nENTREGAR EL PRODUCTO EN EL CAI Marcus Garvey, Limón.","Metro cubico ",15,30000,450000,"001-Ingresos corrientes"]
[null,"Arquitectura ","789-00","20302","095","000001","11111611","92009733","PIEDRA DE 100 A 200 mm PARA GAVION TIPO BOLA . \nENTREGAR EL PRODUCTO EN EL CAI Jorge Debravo, Cartago.","Metro cubico ",10,30000,300000,"001-Ingresos corrientes"]
[null,"Arquitectura ","789-00","20302","095","000001","11111611","92009733","PIEDRA DE 100 A 200 mm PARA GAVION TIPO BOLA . \nENTREGAR EL PRODUCTO EN EL Centro de Formación Juvenil Zurquí, Heredia.","Metro cubico ",10,30000,300000,"001-Ingresos corrientes"]
[null,"Arquitectura ","789-00","20302","095","000001","11111611","92009733","PIEDRA DE 100 A 200 mm PARA GAVION TIPO BOLA . \nENTREGAR EL PRODUCTO EN EL CAI San José.","Metro cubico ",10,30000,300000,"001-Ingresos corrientes"]
[null,"Arquitectura ","789-00","20302","095","000001","11111611","92009733","PIEDRA DE 100 A 200 mm PARA GAVION TIPO BOLA . \nENTREGAR EL PRODUCTO EN EL CAI Vilma Curling.\nBuen Pastor ","Metro cubico ",10,30000,300000,"001-Ingresos corrientes"]
[null,"Arquitectura ","789-00","20302","095","000001","11111611","92009733","PIEDRA DE 100 A 200 mm PARA GAVION TIPO BOLA . \nENTREGAR EL PRODUCTO EN EL CAI Adulto Mayor.","Metro cubico ",15,25000,375000,"001-Ingresos corrientes"]
[null,"Arquitectura ","789-00","20302","095","000001","11111611","92009733","PIEDRA DE 100 A 200 mm PARA GAVION TIPO BOLA . \nENTREGAR EL PRODUCTO EN EL CAI Carlos Luis Fallas.\n POCOCI","Metro cubico ",15,30000,450000,"001-Ingresos corrientes"]
[null,"Arquitectura ","789-00","20302","095","000001","11111611","92009733","PIEDRA DE 100 A 200 mm PARA GAVION TIPO BOLA . \nENTREGAR EL PRODUCTO EN EL CAI Ofelia Vicenzi Peñaranda ADULTO JOVEN","Metro cubico ",15,25000,375000,"001-Ingresos corrientes"]
[null,"Arquitectura ","789-00","20302","095","000001","11111611","92009733","PIEDRA DE 100 A 200 mm PARA GAVION TIPO BOLA . \nENTREGAR EL PRODUCTO EN EL CASI Nicoya.","Metro cubico ",15,30000,450000,"001-Ingresos corrientes"]
[null,"Arquitectura ","789-00","20302","095","000001","11111611","92009733","PIEDRA DE 100 A 200 mm PARA GAVION TIPO BOLA . \nENTREGAR EL PRODUCTO EN La Escuela de Capacitación Penitenciaria","Metro cubico ",15,30000,450000,"001-Ingresos corrientes"]
[null,"Arquitectura ","789-00","20302","095","000001","11111611","92009733","PIEDRA DE 100 A 200 mm PARA GAVION TIPO BOLA . \nENTREGAR EL PRODUCTO EN CASI San José.","Metro cubico ",10,30000,300000,"001-Ingresos corrientes"]
[null,"Arquitectura ","789-00","20302","095","000001","11111611","92009733","PIEDRA DE 100 A 200 mm PARA GAVION TIPO BOLA . \nENTREGAR EL PRODUCTO EN CASI de la Mujer.","Metro cubico ",10,25000,250000,"001-Ingresos corrientes"]
[null,"Arquitectura ","789-00","20302","095","000001","11111611","92009733","PIEDRA DE 100 A 200 mm PARA GAVION TIPO BOLA . \nENTREGAR EL PRODUCTO EN CASI de San Ramón.","Metro cubico ",10,30000,300000,"001-Ingresos corrientes"]
[null,"Arquitectura ","789-00","20302","095","000001","11111611","92009733","PIEDRA DE 100 A 200 mm PARA GAVION TIPO BOLA . \nENTREGAR EL PRODUCTO EN CASI San Agustín.","Metro cubico ",10,30000,300000,"001-Ingresos corrientes"]
[null,"Arquitectura ","789-00","20302","095","000001","11111611","92009733","PIEDRA DE 100 A 200 mm PARA GAVION TIPO BOLA . \nENTREGAR EL PRODUCTO EN CASI San Luis.","Metro cubico ",10,25000,250000,"001-Ingresos corrientes"]
[null,"Arquitectura ","789-00","20302","095","000001","11111611","92009733","PIEDRA DE 100 A 200 mm PARA GAVION TIPO BOLA . \nENTREGAR EL PRODUCTO EN CASI Liberia.","Metro cubico ",10,15000,150000,"001-Ingresos corrientes"]
[null,"Arquitectura ","789-00","20302","095","000001","11111611","92009733","PIEDRA DE 100 A 200 mm PARA GAVION TIPO BOLA . \nENTREGAR EL PRODUCTO EN CASI Puntarenas","Metro cubico ",10,25000,250000,"001-Ingresos corrientes"]
[null,"Arquitectura ","789-00","20302","095","000001","11111611","92009733","PIEDRA DE 100 A 200 mm PARA GAVION TIPO BOLA . \nENTREGAR EL PRODUCTO EN CASI Limón","Metro cubico ",10,25000,250000,"001-Ingresos corrientes"]
[null,"Arquitectura ","789-00","20302","095","000001","11111611","92009733","PIEDRA DE 100 A 200 mm PARA GAVION TIPO BOLA . \nENTREGAR EL PRODUCTO EN CASI Perez Zeledón","Metro cubico ",10,30000,300000,"001-Ingresos corrientes"]
[null,"Arquitectura ","789-00","20302","095","000001","11111611","92009733","PIEDRA DE 100 A 200 mm PARA GAVION TIPO BOLA . \nENTREGAR EL PRODUCTO EN CASI Cartago","Metro cubico ",10,25000,250000,"001-Ingresos corrientes"]
[null,"Arquitectura ","789-00","20302","095","000001","11111611","92009733","PIEDRA DE 100 A 200 mm PARA GAVION TIPO BOLA . \nENTREGAR EL PRODUCTO EN CASI Finca la Paz","Metro cubico ",10,30000,300000,"001-Ingresos corrientes"]
[null,"Arquitectura ","789-00","20302","095","000001","11111611","92009733","PIEDRA DE 100 A 200 mm PARA GAVION TIPO BOLA . \nENTREGAR EL PRODUCTO EN UAI Reynaldo Villalobos","Metro cubico ",10,25000,250000,"001-Ingresos corrientes"]
[null,"Arquitectura ","789-00","20302","095","000001","11111611","92009733","PIEDRA DE 100 A 200 mm PARA GAVION TIPO BOLA . \nENTREGAR EL PRODUCTO EN UAI 20 de diciembre","Metro cubico ",10,25000,250000,"001-Ingresos corrientes"]
[null,"Arquitectura ","789-00","20302","095","000001","11111611","92009733","PIEDRA DE 100 A 200 mm PARA GAVION TIPO BOLA . \nENTREGAR EL PRODUCTO EN UAI Pabru Presberi","Metro cubico ",10,15000,150000,"001-Ingresos corrientes"]
[null,"Arquitectura ","789-00","20302","095","000001","11111611","92009733","PIEDRA DE 100 A 200 mm PARA GAVION TIPO BOLA . \nENTREGAR EL PRODUCTO EN el Nivel en Comunidad de Ciudad Neilly","Metro cubico ",10,30000,300000,"001-Ingresos corrientes"]
[null,"Arquitectura ","789-00","20302","095","000001","11111611","92009733","PIEDRA DE 100 A 200 mm PARA GAVION TIPO BOLA . \nENTREGAR EL PRODUCTO EN el Nivel en Comunidad de San José","Metro cubico ",10,25000,250000,"001-Ingresos corrientes"]
[null,"Arquitectura ","789-00","20302","095","000001","11111611","92009733","PIEDRA DE 100 A 200 mm PARA GAVION TIPO BOLA . \nENTREGAR EL PRODUCTO EN el Nivel en Comunidad de Liberia","Metro cubico ",10,25000,250000,"001-Ingresos corrientes"]
[null,"Arquitectura ","789-00","20302","095","000001","11111611","92009733","PIEDRA DE 100 A 200 mm PARA GAVION TIPO BOLA . \nENTREGAR EL PRODUCTO EN el Nivel en Comunidad de Nicoya","Metro cubico ",10,15000,150000,"001-Ingresos corrientes"]
[null,"Arquitectura ","789-00","20302","095","000001","11111611","92009733","PIEDRA DE 100 A 200 mm PARA GAVION TIPO BOLA . \nENTREGAR EL PRODUCTO EN el Nivel en Comunidad de Puntarenas","Metro cubico ",10,25000,250000,"001-Ingresos corrientes"]
[null,"Arquitectura ","789-00","20302","095","000001","11111611","92009733","PIEDRA DE 100 A 200 mm PARA GAVION TIPO BOLA . \nENTREGAR EL PRODUCTO EN el Nivel en Comunidad de Perez Zeledón","Metro cubico ",10,25000,250000,"001-Ingresos corrientes"]
[null,"Arquitectura ","789-00","20302","095","000001","11111611","92009733","PIEDRA DE 100 A 200 mm PARA GAVION TIPO BOLA . \nENTREGAR EL PRODUCTO EN el Nivel en Comunidad de Limón","Metro cubico ",10,25000,250000,"001-Ingresos corrientes"]
[null,"Arquitectura ","789-00","20302","095","000001","11111611","92009733","PIEDRA DE 100 A 200 mm PARA GAVION TIPO BOLA . \nENTREGAR EL PRODUCTO EN EL MINISTERIO DE JUSTICIA Y PAZ OFICINAS CENTRALES","Metro cubico ",10,30000,300000,"001-Ingresos corrientes"]
[null,"Arquitectura ","789-00","20302","  300","000300","30131704 ","92158285","BALDOSA DE CERÁMICA, MEDIDAS 33 cm LARGO X 33 cm ANCHO, PRESENTACIÓN m2 Marca Nacional Modelo 33 X 33 El diseño, estilo y color será escogido por la\nAdministración","Unidad",50,4857,242850,"001-Ingresos corrientes"]
[null,"Arquitectura ","789-00","20302","260 ","000001","30131704","92007844","BALDOSA DE CERAMICA ESMALTADA (AZULEJO) DE 20 cm X 30 cm, PRIMERA CALIDAD, CON BRILLO, APLICACION INTERIOR Marca azulejo Modelo Primera calidad\nEl diseño, estilo y color será escogido por la\nAdministración.","Unidad",50,4332,216600,"001-Ingresos corrientes"]
[null,"Arquitectura ","789-00","20302","900 ","010350","30111504","9215036","MORTERO REGULAR FORMULADO PARA MAYOR ADHERENCIA EN PEGA DE CERÁMICA, AZULEJOS, LOSETA DE ARCILLA Y SIMILARES, SOBRE SUPERFICIES DE MAMPOSTERÍA O LÁMINAS DE TABLACEMENTO. NORMA A -118 4. PRESENTACIÓN EN BOLSA DE 25 kg. Marca INTACO Modelo Bondex Regular","Unidad",50,3432,171600,"001-Ingresos corrientes"]
[null,"Arquitectura","789-00","20302","001","000020","30111601","92039175","Cemento tipo UG-RTCR 383:2004/28MPA   CEMENTO HIDRAULICO GRIS SACO CONTENIDO 50 KG ALTA RESISTENCIA","Unidad",3440,7140,24561600,"001-Ingresos corrientes"]
[null,"Arquitectura","789-00","20302","019"," 000119","40171510","92008616","TUBO DE HORMIGON (CONCRETO) CON CAMPANA, SIN REFUERZO DE 300 mm X 1,25 m C-14 CLASE 2. ENTREGAR EL PRODUCTO EN EL CAI Reforma.","Unidad",10,8500,85000,"001-Ingresos corrientes"]
[null,"Arquitectura","789-00","20302","019","000119","40171510","92109196","TUBO DE CONCRETO CORRIENTE DE 61 cm DE DIAMETRO, 1 m DE LONGITUD CON REFUERZO DE 2 AROS DE 6,35 mm. ENTREGAR EL PRODUCTO EN EL CAI Reforma.","unidad",10,18500,185000,"001-Ingresos corrientes"]
[null,"Arquitectura","789-00","20302","075","000020","30151802","92110855","LAMINA DE FIBROCEMENTO MEDIDAS 1,22 DE ANCHO X 2,44 m DE LARGO X 8 mm DE ESPESOR","Unidad",100,{"$f":"'[1]AUMENTO ANUAL'!B143","v":8505},850500,"001-Ingresos corrientes"]
[null,"Arquitectura","789-00","20302","075","000023","30152003","92036771","LAMINA DE FIBROCEMENTO (FIBROLIT) DE 11 mm DE GROSOR X 1,22 m DE ANCHO X 2,44 m DE LARGO SIN ASBESTO Marca PLYCEM Modelo PLYROCK","Unidad",50,12101,605050,"001-Ingresos corrientes"]
[null,"Arquitectura","789-00","20302","075","000061","30151802","92030828","LAMINA FIBROCEMENTO, MEDIDAS 1,22 m ANCHO X 2,44 m LARGO X 6 mm GROSOR Marca PLYCEM Modelo PLYROCK 6 MM","Unidad",50,8171,408550,"001-Ingresos corrientes"]
[null,"Arquitectura","789-00","20302","075"," 00304","30151601","92022449","LÁMINA PARA PRECINTA (FASCIA) DE FRIBROCEMENTO, MEDIDAS 0,30 cm X 2,44 m X 8 mm GROSOR Marca Plycem Modelo Plyrock","Unidad",50,3825,191250,"001-Ingresos corrientes"]
[null,"Arquitectura","789-00","20302","075","000520","30152003","90020099","LAMINA DE FIBROCEMENTO (FIBROLIT) DE 6 MM X 1,22 M X 2,44 M","Unidad",50,{"$f":"'[1]AUMENTO ANUAL'!B142","v":1527.75},76387.5,"001-Ingresos corrientes"]
[null,"Arquitectura","789-00","20302","075","000520","30152003","92007305","LAMINA DE FIBROCEMENTO (FIBROLIT) DE 1,22 m X 0,61 m X 5 mm Marca Plycem Modelo Fibrocemento","Unidad",50,1803,90150,"001-Ingresos corrientes"]
[null,"Arquitectura","789-00","20302","075","000601","30151601","92084807","LAMINA (FASCIA) DE FRIBROCEMENTO, MEDIDAS DE 8 mm GROSOR X 30 cm DE ANCHO X 2,44 m DE LARGO, PARA PRECINTA","Unidad",50,{"$f":"'[1]AUMENTO ANUAL'!B144","v":2648.1},132405,"001-Ingresos corrientes"]
[null,"Arquitectura","789-00","20302","080","000001","11111611","90015499","LASTRE FINO, ENTREGAR EL PRODUCTO EN EL CAI Jorge Arturo Montero Castro Reforma.","Metro cubico ",96,14000,1344000,"001-Ingresos corrientes"]
[null,"Arquitectura","789-00","20302","080","000001","11111611","90015499","LASTRE FINO,  ENTREGAR EL PRODUCTO EN EL CAI Gerardo Rodriguez E.","Metro cubico ",48,14000,672000,"001-Ingresos corrientes"]
[null,"Arquitectura","789-00","20302","080","000001","11111611","90015499","LASTRE FINO,  ENTREGAR EL PRODUCTO EN EL CAI NELSON MANDELA San Carlos.","Metro cubico ",48,21000,1008000,"001-Ingresos corrientes"]
[null,"Arquitectura","789-00","20302","080","000001","11111611","90015499","LASTRE FINO,  ENTREGAR EL PRODUCTO EN EL CAI Luis Paulino","Metro cubico ",72,14000,1008000,"001-Ingresos corrientes"]
[null,"Arquitectura","789-00","20302","080","000001","11111611","90015499","LASTRE FINO,  ENTREGAR EL PRODUCTO EN EL CAI 26 de Julio ( CAI PUNTARENAS).","Metro cubico ",48,21000,1008000,"001-Ingresos corrientes"]
[null,"Arquitectura","789-00","20302","080","000001","11111611","90015499","LASTRE FINO, ENTREGAR EL PRODUCTO EN EL CAI Liberia.","Metro cubico ",50,26000,1300000,"001-Ingresos corrientes"]
[null,"Arquitectura","789-00","20302","080","000001","11111611","90015499","LASTRE FINO,  ENTREGAR EL PRODUCTO EN EL CASI Nicoya.","Metro cubico ",24,19500,468000,"001-Ingresos corrientes"]
[null,"Arquitectura","789-00","20302","080","000001","11111611","90015499","LASTRE FINO, ENTREGAR EL PRODUCTO EN EL CAI  ANTONIO BASTIDA DE PAZ \n( Perez Zeledon)","Metro cubico ",20,24000,480000,"001-Ingresos corrientes"]
[null,"Arquitectura","789-00","20302","080","000001","11111611","90015499","LASTRE FINO,  ENTREGAR EL PRODUCTO EN EL CAI MARCUS GARVEZ ( Limón) .","Metro cubico ",13,29000,377000,"001-Ingresos corrientes"]
[null,"Arquitectura","789-00","20302","080","000001","11111611","90015499","LASTRE FINO, ENTREGAR EL PRODUCTO EN  EL CAI CARLOS LUIS FALLAS (  Pococi) .","Metro cubico ",15,15000,225000,"001-Ingresos corrientes"]
[null,"Arquitectura","789-00","20302","080","000001","11111611","90015499","LASTRE FINO, ENTREGAR EL PRODUCTO EN EL \n CAI JORGE DE BRAVO\n( CAI CARTAGO) ","Metro cubico ",9,14500,130500,"001-Ingresos corrientes"]
[null,"Arquitectura","789-00","20302","080","000001","11111611","90015499","LASTRE FINO,  ENTREGAR EL PRODUCTO EN EL  CAI Zurqui.","Metro cubico ",8,14000,112000,"001-Ingresos corrientes"]
[null,"Arquitectura","789-00","20302","080","000001","11111611","90015499","LASTRE FINO,  ENTREGAR EL PRODUCTO EN EL  CAI  SAN JOSE ","Metro cubico ",36,14000,504000,"001-Ingresos corrientes"]
[null,"Arquitectura","789-00","20302","080","000001","11111611","90015499","LASTRE FINO,  ENTREGAR EL PRODUCTO EN EL  CAI VILMA CURLING ","Metro cubico ",15,14000,210000,"001-Ingresos corrientes"]
[null,"Arquitectura","789-00","20302","080","000001","11111611","90015499","LASTRE FINO,  ENTREGAR EL PRODUCTO EN EL  CAI ADULTO MAYOR ","Metro cubico ",15,14000,210000,"001-Ingresos corrientes"]
[null,"Arquitectura","789-00","20302","080","000001","11111611","90015499","LASTRE FINO,  ENTREGAR EL PRODUCTO EN EL  CAI OFELIA VICENZI PEÑARANDA ","Metro cubico ",24,14000,336000,"001-Ingresos corrientes"]
[null,"Arquitectura","789-00","20302","080","000001","11111611","90015499","LASTRE FINO,  ENTREGAR EL PRODUCTO EN LA ESCUELA DE CAPACITACIÓN PENITENCIARIA ","Metro cubico ",36,14000,504000,"001-Ingresos corrientes"]
[null,"Arquitectura","789-00","20302","080","000001","11111611","90015499","LASTRE FINO,  ENTREGAR EL PRODUCTO EN EL  CASI SAN JOSE ","Metro cubico ",36,14000,504000,"001-Ingresos corrientes"]
[null,"Arquitectura","789-00","20302","080","000001","11111611","90015499","LASTRE FINO,  ENTREGAR EL PRODUCTO EN EL CASI LA MUJER ","Metro cubico ",24,14000,336000,"001-Ingresos corrientes"]
[null,"Arquitectura","789-00","20302","080","000001","11111611","90015499","LASTRE FINO,  ENTREGAR EL PRODUCTO EN EL  CASI SAN RAMON ","Metro cubico ",36,14000,504000,"001-Ingresos corrientes"]
[null,"Arquitectura","789-00","20302","080","000001","11111611","90015499","LASTRE FINO,  ENTREGAR EL PRODUCTO EN EL  CASI SAN AGUSTIN ","Metro cubico ",36,14000,504000,"001-Ingresos corrientes"]
[null,"Arquitectura","789-00","20302","080","000001","11111611","90015499","LASTRE FINO,  ENTREGAR EL PRODUCTO EN EL  CASI SAN LUIS ","Metro cubico ",36,14000,504000,"001-Ingresos corrientes"]
[null,"Arquitectura","789-00","20302","080","000001","11111611","90015499","LASTRE FINO,  ENTREGAR EL PRODUCTO EN EL  CASI LIBERIA ","Metro cubico ",36,23000,828000,"001-Ingresos corrientes"]
[null,"Arquitectura","789-00","20302","080","000001","11111611","90015499","LASTRE FINO,  ENTREGAR EL PRODUCTO EN EL  CASI PUNTARENAS ","Metro cubico ",36,24000,864000,"001-Ingresos corrientes"]
[null,"Arquitectura","789-00","20302","080","000001","11111611","90015499","LASTRE FINO,  ENTREGAR EL PRODUCTO EN EL  CASI LIMON","Metro cubico ",24,28000,672000,"001-Ingresos corrientes"]
[null,"Arquitectura","789-00","20302","080","000001","11111611","90015499","LASTRE FINO,  ENTREGAR EL PRODUCTO EN EL  CASI PEREZ ZELEDON ","Metro cubico ",36,24000,864000,"001-Ingresos corrientes"]
[null,"Arquitectura","789-00","20302","080","000001","11111611","90015499","LASTRE FINO,  ENTREGAR EL PRODUCTO EN EL  CASI CARTAGO ","Metro cubico ",12,15000,180000,"001-Ingresos corrientes"]
[null,"Arquitectura","789-00","20302","080","000001","11111611","90015499","LASTRE FINO,  ENTREGAR EL PRODUCTO EN EL  CASI FINCA LA PAZ ","Metro cubico ",36,15000,540000,"001-Ingresos corrientes"]
[null,"Arquitectura","789-00","20302","080","000001","11111611","90015499","LASTRE FINO,  ENTREGAR EL PRODUCTO EN LA  UAI REYNALDO VILLALOBOS ","Metro cubico ",20,14000,280000,"001-Ingresos corrientes"]
[null,"Arquitectura","789-00","20302","080","000001","11111611","90015499","LASTRE FINO,  ENTREGAR EL PRODUCTO EN LA UAI 20 DE DICIEMBRE ","Metro cubico ",15,18000,270000,"001-Ingresos corrientes"]
[null,"Arquitectura","789-00","20302","080","000001","11111611","90015499","LASTRE FINO,  ENTREGAR EL PRODUCTO EN LA UAI PABRU PRESBERI ","Metro cubico ",12,24000,288000,"001-Ingresos corrientes"]
[null,"Arquitectura","789-00","20302","080","000001","11111611","90015499","LASTRE FINO,  ENTREGAR EL PRODUCTO EN EL NIVEL EN COMUNIDAD DE CIUDAD NEILLY ","Metro cubico ",12,30000,360000,"001-Ingresos corrientes"]
[null,"Arquitectura","789-00","20302","080","000001","11111611","90015499","LASTRE FINO,  ENTREGAR EL PRODUCTO EN EL  NIVEL EN COMUNIDAD SAN JOSE ","Metro cubico ",12,14000,168000,"001-Ingresos corrientes"]
[null,"Arquitectura","789-00","20302","080","000001","11111611","90015499","LASTRE FINO,  ENTREGAR EL PRODUCTO EN EL  NIVEL EN COMUNIDAD LIBERIA ","Metro cubico ",12,28000,336000,"001-Ingresos corrientes"]
[null,"Arquitectura","789-00","20302","080","000001","11111611","90015499","LASTRE FINO,  ENTREGAR EL PRODUCTO EN EL  NIVEL EN COMUNIDAD NICOYA ","Metro cubico ",12,28000,336000,"001-Ingresos corrientes"]
[null,"Arquitectura","789-00","20302","080","000001","11111611","90015499","LASTRE FINO,  ENTREGAR EL PRODUCTO EN EL NIVEL EN COMUNIDAD DE PUNTARENAS ","Metro cubico ",12,24000,288000,"001-Ingresos corrientes"]
[null,"Arquitectura","789-00","20302","080","000001","11111611","90015499","LASTRE FINO,  ENTREGAR EL PRODUCTO EN EL  NIVEL EN COMUNIDAD PEREZ ZELEDON ","Metro cubico ",12,24000,288000,"001-Ingresos corrientes"]
[null,"Arquitectura","789-00","20302","080","000001","11111611","90015499","LASTRE FINO,  ENTREGAR EL PRODUCTO EN EL  NIVEL EN COMUNIDAD LIMON ","Metro cubico ",12,28000,336000,"001-Ingresos corrientes"]
[null,"Arquitectura","789-00","20302","080","000001","11111611","90015499","LASTRE FINO,  ENTREGAR EL PRODUCTO EN EL MINISTERIO DE JUSTICIA Y PAZ SAN JOSE. ","Metro cubico ",12,14000,168000,"001-Ingresos corrientes"]
[null,"Arquitectura","789-00","20302","095","000234","11111611","92061633","PIEDRA CUARTA DE 25,40 mm (1 Pulg), PRODUCIDA POR TRITURACION PARA AGREGADOS.  ENTREGAR EL PRODUCTO EN EL CAI Luis Paulino Mora.","Metro cubico ",15,14000,210000,"001-Ingresos corrientes"]
[null,"Arquitectura","789-00","20302","095","000234","11111611","92061633","PIEDRA CUARTA DE 25,40 mm (1 Pulg), PRODUCIDA POR TRITURACION PARA AGREGADOS. ENTREGAR EL PRODUCTO EN EL CAI Gerardo Rodríguez","Metro cubico ",15,14000,210000,"001-Ingresos corrientes"]
[null,"Arquitectura","789-00","20302","095","000234","11111611","92061633","PIEDRA CUARTA DE 25,40 mm (1 Pulg), PRODUCIDA POR TRITURACION PARA AGREGADOS.  ENTREGAR EL PRODUCTO EN EL CAI Arturo Montero Castro ( La Reforma) ","Metro cubico ",18,14000,252000,"001-Ingresos corrientes"]
[null,"Arquitectura","789-00","20302","095","000234","11111611","92061633","PIEDRA CUARTA DE 25,40 mm (1 Pulg), PRODUCIDA POR TRITURACION PARA AGREGADOS. ENTREGAR EL PRODUCTO EN EL CAI 26 de Julio ( CAI PUNTARENAS).","Metro cubico ",15,21000,315000,"001-Ingresos corrientes"]
[null,"Arquitectura","789-00","20302","095","000234","11111611","92061633","PIEDRA CUARTA DE 25,40 mm (1 Pulg), PRODUCIDA POR TRITURACION PARA AGREGADOS. . ENTREGAR EL PRODUCTO EN EL CAI NELSON MANDELA San Carlos.","Metro cubico ",10,21000,210000,"001-Ingresos corrientes"]
[null,"Arquitectura","789-00","20302","095","000234","11111611","92061633","PIEDRA CUARTA DE 25,40 mm (1 Pulg), PRODUCIDA POR TRITURACION PARA AGREGADOS.  ENTREGAR EL PRODUCTO EN EL CAI Liberia.","Metro cubico ",10,28000,280000,"001-Ingresos corrientes"]
[null,"Arquitectura","789-00","20302","095","000234","11111611","92061633","PIEDRA CUARTA DE 25,40 mm (1 Pulg), PRODUCIDA POR TRITURACION PARA AGREGADOS.  ENTREGAR EL PRODUCTO EN EL CASI Nicoya.","Metro cubico ",11,19000,209000,"001-Ingresos corrientes"]
[null,"Arquitectura","789-00","20302","095","000234","11111611","92061633","PIEDRA CUARTA DE 25,40 mm (1 Pulg), PRODUCIDA POR TRITURACION PARA AGREGADOS. ENTREGAR EL PRODUCTO EN EL CAI ANTONIO BASTIDA DE PAZ \n(Perez Zeledón).","Metro cubico ",18,24000,432000,"001-Ingresos corrientes"]
[null,"Arquitectura","789-00","20302","095","000234","11111611","92061633","PIEDRA CUARTA DE 25,40 mm (1 Pulg), PRODUCIDA POR TRITURACION PARA AGREGADOS. ENTREGAR EL PRODUCTO EN EL CAI  Limón","Metro cubico ",14,19000,266000,"001-Ingresos corrientes"]
[null,"Arquitectura","789-00","20302","095","000234","11111611","92061633","PIEDRA CUARTA DE 25,40 mm (1 Pulg), PRODUCIDA POR TRITURACION PARA AGREGADOS. ENTREGAR EL PRODUCTO EN EL CAI CARLOS LUIS FALLAS ( Pococi) .","Metro cubico ",11,15000,165000,"001-Ingresos corrientes"]
[null,"Arquitectura","789-00","20302","095","000234","11111611","92061633","PIEDRA CUARTA DE 25,40 mm (1 Pulg), PRODUCIDA POR TRITURACION PARA AGREGADOS.  ENTREGAR EL PRODUCTO EN EL  CAI JORGE DE BRAVO\n( CAI CARTAGO) ","Metro cubico ",19,14500,275500,"001-Ingresos corrientes"]
[null,"Arquitectura","789-00","20302","095","000234","11111611","92061633","PIEDRA CUARTA DE 25,40 mm (1 Pulg), PRODUCIDA POR TRITURACION PARA AGREGADOS.  ENTREGAR EL PRODUCTO EN EL CAI Zurqui","Metro cubico ",12,14000,168000,"001-Ingresos corrientes"]
[null,"Arquitectura","789-00","20302","095","00234","11111611","92061633","PIEDRA CUARTA DE 25,40 mm (1 Pulg), PRODUCIDA POR TRITURACION PARA AGREGADOS. ENTREGAR EL PRODUCTO EN EL CAI SAN JOSE ","Metro cubico ",36,14000,504000,"001-Ingresos corrientes"]
[null,"Arquitectura","789-00","20302","095","00234","11111611","92061633","PIEDRA CUARTA DE 25,40 mm (1 Pulg), PRODUCIDA POR TRITURACION PARA AGREGADOS ENTREGAR EL PRODUCTO EN EL CAI VILMA CURLING  ","Metro cubico ",12,14000,168000,"001-Ingresos corrientes"]
[null,"Arquitectura","789-00","20302","095","000234 ","11111611","92061633","PIEDRA CUARTA DE 25,40 mm (1 Pulg), PRODUCIDA POR TRITURACION PARA AGREGADOS. ENTREGAR EL PRODUCTO EN EL CAI  ADULTO MAYOR ","Metro cubico ",15,14000,210000,"001-Ingresos corrientes"]
[null,"Arquitectura","789-00","20302","095","000234 ","11111611","92061633","PIEDRA CUARTA DE 25,40 mm (1 Pulg), PRODUCIDA POR TRITURACION PARA AGREGADOS. ENTREGAR EL PRODUCTO EN EL CAI  OFELIA VICENZI PEÑARANDA ","Metro cubico ",24,14000,336000,"001-Ingresos corrientes"]
[null,"Arquitectura","789-00","20302","095","000234 ","11111611","92061633","PIEDRA CUARTA DE 25,40 mm (1 Pulg), PRODUCIDA POR TRITURACION PARA AGREGADOS. ENTREGAR EL PRODUCTO EN LA ESCUELA DE CAPACITACIÓN PENITENCIARIA ","Metro cubico ",15,14000,210000,"001-Ingresos corrientes"]
[null,"Arquitectura","789-00","20302","095","000234 ","11111611","92061633","PIEDRA CUARTA DE 25,40 mm (1 Pulg), PRODUCIDA POR TRITURACION PARA AGREGADOS. ENTREGAR EL PRODUCTO EN EL CASI  SAN JOSE ","Metro cubico ",15,16000,240000,"001-Ingresos corrientes"]
[null,"Arquitectura","789-00","20302","095","000234 ","11111611","92061633","PIEDRA CUARTA DE 25,40 mm (1 Pulg), PRODUCIDA POR TRITURACION PARA AGREGADOS. ENTREGAR EL PRODUCTO EN EL CASI LA MUJER ","Metro cubico ",24,14000,336000,"001-Ingresos corrientes"]
[null,"Arquitectura","789-00","20302","095","000234 ","11111611","92061633","PIEDRA CUARTA DE 25,40 mm (1 Pulg), PRODUCIDA POR TRITURACION PARA AGREGADOS. ENTREGAR EL PRODUCTO EN EL CASI SAN RAMON ","Metro cubico ",15,15500,232500,"001-Ingresos corrientes"]
[null,"Arquitectura","789-00","20302","095","000234 ","11111611","92061633","PIEDRA CUARTA DE 25,40 mm (1 Pulg), PRODUCIDA POR TRITURACION PARA AGREGADOS. ENTREGAR EL PRODUCTO EN EL CASI  SAN AGUSTIN ","Metro cubico ",10,14000,140000,"001-Ingresos corrientes"]
[null,"Arquitectura","789-00","20302","095","000234 ","11111611","92061633","PIEDRA CUARTA DE 25,40 mm (1 Pulg), PRODUCIDA POR TRITURACION PARA AGREGADOS. ENTREGAR EL PRODUCTO EN EL CASI  SAN LUIS ","Metro cubico ",15,14000,210000,"001-Ingresos corrientes"]
[null,"Arquitectura","789-00","20302","095","000234 ","11111611","92061633","PIEDRA CUARTA DE 25,40 mm (1 Pulg), PRODUCIDA POR TRITURACION PARA AGREGADOS. ENTREGAR EL PRODUCTO EN EL CASI  LIBERIA  ","Metro cubico ",10,23000,230000,"001-Ingresos corrientes"]
[null,"Arquitectura","789-00","20302","095","000234 ","11111611","92061633","PIEDRA CUARTA DE 25,40 mm (1 Pulg), PRODUCIDA POR TRITURACION PARA AGREGADOS. ENTREGAR EL PRODUCTO EN EL CASI  PUNTARENAS  ","Metro cubico ",24,24000,576000,"001-Ingresos corrientes"]
[null,"Arquitectura","789-00","20302","095","000234 ","11111611","92061633","PIEDRA CUARTA DE 25,40 mm (1 Pulg), PRODUCIDA POR TRITURACION PARA AGREGADOS. ENTREGAR EL PRODUCTO EN EL CASI  LIMON","Metro cubico ",24,28000,672000,"001-Ingresos corrientes"]
[null,"Arquitectura","789-00","20302","095","000234 ","11111611","92061633","PIEDRA CUARTA DE 25,40 mm (1 Pulg), PRODUCIDA POR TRITURACION PARA AGREGADOS. ENTREGAR EL PRODUCTO EN EL CASI  PEREZ ZELEDON ","Metro cubico ",10,24000,240000,"001-Ingresos corrientes"]
[null,"Arquitectura","789-00","20302","095","000234 ","11111611","92061633","PIEDRA CUARTA DE 25,40 mm (1 Pulg), PRODUCIDA POR TRITURACION PARA AGREGADOS. ENTREGAR EL PRODUCTO EN EL CASI  CARTAGO ","Metro cubico ",12,15000,180000,"001-Ingresos corrientes"]
[null,"Arquitectura","789-00","20302","095","000234 ","11111611","92061633","PIEDRA CUARTA DE 25,40 mm (1 Pulg), PRODUCIDA POR TRITURACION PARA AGREGADOS. ENTREGAR EL PRODUCTO EN EL CASI  FINCA LA PAZ ","Metro cubico ",36,15000,540000,"001-Ingresos corrientes"]
[null,"Arquitectura","789-00","20302","095","000234 ","11111611","92061633","PIEDRA CUARTA DE 25,40 mm (1 Pulg), PRODUCIDA POR TRITURACION PARA AGREGADOS. ENTREGAR EL PRODUCTO EN LA UAI REYNALDO VILLALOBOS ","Metro cubico ",60,14000,840000,"001-Ingresos corrientes"]
[null,"Arquitectura","789-00","20302","095","000234 ","11111611","92061633","PIEDRA CUARTA DE 25,40 mm (1 Pulg), PRODUCIDA POR TRITURACION PARA AGREGADOS. ENTREGAR EL PRODUCTO EN LA UAI 20 DE DICIEMBRE ","Metro cubico ",60,18000,1080000,"001-Ingresos corrientes"]
[null,"Arquitectura","789-00","20302","095","000234 ","11111611","92061633","PIEDRA CUARTA DE 25,40 mm (1 Pulg), PRODUCIDA POR TRITURACION PARA AGREGADOS. ENTREGAR EL PRODUCTO EN LA UAI PABRU PRESBERI ","Metro cubico ",60,24000,1440000,"001-Ingresos corrientes"]
[null,"Arquitectura","789-00","20302","095","000234 ","11111611","92061633","PIEDRA CUARTA DE 25,40 mm (1 Pulg), PRODUCIDA POR TRITURACION PARA AGREGADOS. ENTREGAR EL PRODUCTO EN ELNIVEL EN COMUNIDAD DE CIUDAD NEILLY ","Metro cubico ",12,30000,360000,"001-Ingresos corrientes"]
[null,"Arquitectura","789-00","20302","095","000234 ","11111611","92061633","PIEDRA CUARTA DE 25,40 mm (1 Pulg), PRODUCIDA POR TRITURACION PARA AGREGADOS. ENTREGAR EL PRODUCTO EN EL NIVEL EN COMUNIDAD DE SAN JOSE ","Metro cubico ",12,14000,168000,"001-Ingresos corrientes"]
[null,"Arquitectura","789-00","20302","095","000234 ","11111611","92061633","PIEDRA CUARTA DE 25,40 mm (1 Pulg), PRODUCIDA POR TRITURACION PARA AGREGADOS. ENTREGAR EL PRODUCTO EN ELNIVEL EN COMUNIDAD DE LIBERIA ","Metro cubico ",12,28000,336000,"001-Ingresos corrientes"]
[null,"Arquitectura","789-00","20302","095","000234 ","11111611","92061633","PIEDRA CUARTA DE 25,40 mm (1 Pulg), PRODUCIDA POR TRITURACION PARA AGREGADOS. ENTREGAR EL PRODUCTO EN ELNIVEL EN COMUNIDAD NICOYA ","Metro cubico ",12,28000,336000,"001-Ingresos corrientes"]
[null,"Arquitectura","789-00","20302","095","000234 ","11111611","92061633","PIEDRA CUARTA DE 25,40 mm (1 Pulg), PRODUCIDA POR TRITURACION PARA AGREGADOS. ENTREGAR EL PRODUCTO EN EL NIVEL EN COMUNIDAD PUNTARENAS","Metro cubico ",12,24000,288000,"001-Ingresos corrientes"]
[null,"Arquitectura","789-00","20302","095","000234 ","11111611","92061633","PIEDRA CUARTA DE 25,40 mm (1 Pulg), PRODUCIDA POR TRITURACION PARA AGREGADOS. ENTREGAR EL PRODUCTO EN EL NIVEL EN COMUNIDAD DE PEREZ ZELEDON ","Metro cubico ",12,24000,288000,"001-Ingresos corrientes"]
[null,"Arquitectura","789-00","20302","095","000234 ","11111611","92061633","PIEDRA CUARTA DE 25,40 mm (1 Pulg), PRODUCIDA POR TRITURACION PARA AGREGADOS. ENTREGAR EL PRODUCTO EN EL NIVEL EN COMUNIDAD LIMON ","Metro cubico ",12,28000,336000,"001-Ingresos corrientes"]
[null,"Arquitectura","789-00","20302","095","000234 ","11111611","92061633","PIEDRA CUARTA DE 25,40 mm (1 Pulg), PRODUCIDA POR TRITURACION PARA AGREGADOS. ENTREGAR EL PRODUCTO EN SAN JOSE MINISTERIO DE JUSTICIA Y PAZ ","Metro cubico ",12,14000,168000,"001-Ingresos corrientes"]
[null,"Arquitectura","789-00","20302","105","000001","30131704","92111859","BALDOSA CONSTRUIDA CON TERRAZO, MEDIDAS 30 cm DE LARGO x 30 cm DE ANCHO","Metro cubico ",13,35000,455000,"001-Ingresos corrientes"]
[null,"Arquitectura","789-00","20302","230","000020","11111701","92010740","ARENA MANUFACTURADA, OBTENIDA A PARTIR DE PROCESOS DE EXTRACCION, TRITURACION CIBADO Y LAVADO, MATERIAL DE CANTERA, TAMAÑO MAXIMO 4.75mm APLICACION PARA CONCRETO ESTRUCTURAL . QUE CUMPLA CON LA NORMA ASTM c136. \n EN EL CAI Jorge Arturo Montero Castro REFORMA","Metro cubico ",72,14000,1008000,"001-Ingresos corrientes"]
[null,"Arquitectura","789-00","20302","230","000040","11111701","92010740 ","ARENA MANUFACTURADA, OBTENIDA A PARTIR DE PROCESOS DE EXTRACCION, TRITURACION CIBADO Y LAVADO, MATERIAL DE CANTERA, TAMAÑO MAXIMO 4.75mm APLICACION PARA CONCRETO ESTRUCTURAL . QUE CUMPLA CON LA NORMA ASTM c136. ENTREGAR EL PRODUCTO EN EL CAI Gerardo Rodriguez E.","Metro cubico ",72,14000,1008000,"001-Ingresos corrientes"]
[null,"Arquitectura","789-00","20302","230","000040","11111701","92010740 ","ARENA MANUFACTURADA, OBTENIDA A PARTIR DE PROCESOS DE EXTRACCION, TRITURACION CIBADO Y LAVADO, MATERIAL DE CANTERA, TAMAÑO MAXIMO 4.75mm APLICACION PARA CONCRETO ESTRUCTURAL . QUE CUMPLA CON LA NORMA ASTM c136. ENTREGAR EL PRODUCTO EN EL CAI 26 de Julio( CAI PUNTARENAS).","Metro cubico ",48,21000,{"$f":"K295*L295","v":1008000},"001-Ingresos corrientes"]
[null,"Arquitectura","789-00","20302","230","000040","11111701","92010740 ","ARENA MANUFACTURADA, OBTENIDA A PARTIR DE PROCESOS DE EXTRACCION, TRITURACION CIBADO Y LAVADO, MATERIAL DE CANTERA, TAMAÑO MAXIMO 4.75mm APLICACION PARA CONCRETO ESTRUCTURAL . QUE CUMPLA CON LA NORMA ASTM c136.  ENTREGAR EL PRODUCTO EN EL CAI NELSON MANDELA San Carlos.","Metro cubico ",48,21000,1008000,"001-Ingresos corrientes"]
[null,"Arquitectura","789-00","20302","230","000040","11111701","92010740 ","ARENA MANUFACTURADA, OBTENIDA A PARTIR DE PROCESOS DE EXTRACCION, TRITURACION CIBADO Y LAVADO, MATERIAL DE CANTERA, TAMAÑO MAXIMO 4.75mm APLICACION PARA CONCRETO ESTRUCTURAL . QUE CUMPLA CON LA NORMA ASTM c136. . ENTREGAR EL PRODUCTO EN EL CAI Liberia.","Metro cubico ",219,30000,6570000,"001-Ingresos corrientes"]
[null,"Arquitectura","789-00","20302","230","000040","11111701","92010740 ","ARENA MANUFACTURADA, OBTENIDA A PARTIR DE PROCESOS DE EXTRACCION, TRITURACION CIBADO Y LAVADO, MATERIAL DE CANTERA, TAMAÑO MAXIMO 4.75mm APLICACION PARA CONCRETO ESTRUCTURAL . QUE CUMPLA CON LA NORMA ASTM c136.  ENTREGAR EL PRODUCTO EN EL CASI Nicoya.","Metro cubico ",24,21500,516000,"001-Ingresos corrientes"]
[null,"Arquitectura","789-00","20302","230","000040","11111701","92010740 ","ARENA MANUFACTURADA, OBTENIDA A PARTIR DE PROCESOS DE EXTRACCION, TRITURACION CIBADO Y LAVADO, MATERIAL DE CANTERA, TAMAÑO MAXIMO 4.75mm APLICACION PARA CONCRETO ESTRUCTURAL . QUE CUMPLA CON LA NORMA ASTM c136. ENTREGAR EL PRODUCTO EN EL CAI ANTONIO BASTIDA DE PAZ \n Perez Zeledón.","Metro cubico ",17,24000,408000,"001-Ingresos corrientes"]
[null,"Arquitectura","789-00","20302","230","000040","11111701","92010740 ","ARENA MANUFACTURADA, OBTENIDA A PARTIR DE PROCESOS DE EXTRACCION, TRITURACION CIBADO Y LAVADO, MATERIAL DE CANTERA, TAMAÑO MAXIMO 4.75mm APLICACION PARA CONCRETO ESTRUCTURAL . QUE CUMPLA CON LA NORMA ASTM c136.  ENTREGAR EL PRODUCTO EN EL CAI MARCUS GARVEY (Limón) .","Metro cubico ",20,28500,570000,"001-Ingresos corrientes"]
[null,"Arquitectura","789-00","20302","230","000040","11111701","92010740 ","ARENA MANUFACTURADA, OBTENIDA A PARTIR DE PROCESOS DE EXTRACCION, TRITURACION CIBADO Y LAVADO, MATERIAL DE CANTERA, TAMAÑO MAXIMO 4.75mm APLICACION PARA CONCRETO ESTRUCTURAL . QUE CUMPLA CON LA NORMA ASTM c136. . ENTREGAR EL PRODUCTO EN EL CAI CARLOS LUIS FALLAS Pococi.","Metro cubico ",11,15000,165000,"001-Ingresos corrientes"]
[null,"Arquitectura","789-00","20302","230","000020","11111701","92010740 ","ARENA MANUFACTURADA, OBTENIDA A PARTIR DE PROCESOS DE EXTRACCION, TRITURACION CIBADO Y LAVADO, MATERIAL DE CANTERA, TAMAÑO MAXIMO 4.75mm APLICACION PARA CONCRETO ESTRUCTURAL . QUE CUMPLA CON LA NORMA ASTM c136. . ENTREGAR EL PRODUCTO EN EL CAI  CAI JORGE DE BRAVO\n( CAI CARTAGO) ","Metro cubico ",12,14500,174000,"001-Ingresos corrientes"]
[null,"Arquitectura","789-00","20302","230","000020","11111701","92010740 ","ARENA MANUFACTURADA, OBTENIDA A PARTIR DE PROCESOS DE EXTRACCION, TRITURACION CIBADO Y LAVADO, MATERIAL DE CANTERA, TAMAÑO MAXIMO 4.75mm APLICACION PARA CONCRETO ESTRUCTURAL . QUE CUMPLA CON LA NORMA ASTM c136. . ENTREGAR EL PRODUCTO EN EL  CAI Zurqui.","Metro cubico ",18,14000,252000,"001-Ingresos corrientes"]
[null,"Arquitectura","789-00","20302","230","000020","111111701","92010740 ","ARENA MANUFACTURADA, OBTENIDA A PARTIR DE PROCESOS DE EXTRACCION, TRITURACION CIBADO Y LAVADO, MATERIAL DE CANTERA, TAMAÑO MAXIMO 4.75mm APLICACION PARA CONCRETO ESTRUCTURAL . QUE CUMPLA CON LA NORMA ASTM c136.  ENTREGAR EL PRODUCTO EN EL CAI Luis Paulino Mora.","Metro cubico ",5,14000,{"$f":"K304*L304","v":70000},"001-Ingresos corrientes"]
[null,"Arquitectura","789-00","20302","230","000020","111111701","92010740 ","ARENA MANUFACTURADA, OBTENIDA A PARTIR DE PROCESOS DE EXTRACCION, TRITURACION CIBADO Y LAVADO, MATERIAL DE CANTERA, TAMAÑO MAXIMO 4.75mm APLICACION PARA CONCRETO ESTRUCTURAL . QUE CUMPLA CON LA NORMA ASTM c136.  ENTREGAR EL PRODUCTO EN EL CAI SAN JOSE .","Metro cubico ",36,14000,{"$f":"K305*L305","v":504000},"001-Ingresos corrientes"]
[null,"Arquitectura","789-00","20302","230","000020","111111701","92010740 ","ARENA MANUFACTURADA, OBTENIDA A PARTIR DE PROCESOS DE EXTRACCION, TRITURACION CIBADO Y LAVADO, MATERIAL DE CANTERA, TAMAÑO MAXIMO 4.75mm APLICACION PARA CONCRETO ESTRUCTURAL . QUE CUMPLA CON LA NORMA ASTM c136.  ENTREGAR EL PRODUCTO EN EL CAI VILMA CURLING ","Metro cubico ",30,14000,420000,"001-Ingresos corrientes"]
[null,"Arquitectura","789-00","20302","230","000020","111111701","92010740 ","ARENA MANUFACTURADA, OBTENIDA A PARTIR DE PROCESOS DE EXTRACCION, TRITURACION CIBADO Y LAVADO, MATERIAL DE CANTERA, TAMAÑO MAXIMO 4.75mm APLICACION PARA CONCRETO ESTRUCTURAL . QUE CUMPLA CON LA NORMA ASTM c136.  ENTREGAR EL PRODUCTO EN EL CAI ADULTO MAYOR ","Metro cubico ",60,14000,840000,"001-Ingresos corrientes"]
[null,"Arquitectura","789-00","20302","230","000020","111111701","92010740 ","ARENA MANUFACTURADA, OBTENIDA A PARTIR DE PROCESOS DE EXTRACCION, TRITURACION CIBADO Y LAVADO, MATERIAL DE CANTERA, TAMAÑO MAXIMO 4.75mm APLICACION PARA CONCRETO ESTRUCTURAL . QUE CUMPLA CON LA NORMA ASTM c136.  ENTREGAR EL PRODUCTO EN EL CAI OFELIA VICENZI PEÑARANDA ","Metro cubico ",24,14000,336000,"001-Ingresos corrientes"]
[null,"Arquitectura","789-00","20302","230","000020","111111701","92010740 ","ARENA MANUFACTURADA, OBTENIDA A PARTIR DE PROCESOS DE EXTRACCION, TRITURACION CIBADO Y LAVADO, MATERIAL DE CANTERA, TAMAÑO MAXIMO 4.75mm APLICACION PARA CONCRETO ESTRUCTURAL . QUE CUMPLA CON LA NORMA ASTM c136.  ENTREGAR EL PRODUCTO EN LA ESCUELA DE CAPACITACION  ","Metro cubico ",36,14000,504000,"001-Ingresos corrientes"]
[null,"Arquitectura","789-00","20302","230","000020","111111701","92010740 ","ARENA MANUFACTURADA, OBTENIDA A PARTIR DE PROCESOS DE EXTRACCION, TRITURACION CIBADO Y LAVADO, MATERIAL DE CANTERA, TAMAÑO MAXIMO 4.75mm APLICACION PARA CONCRETO ESTRUCTURAL . QUE CUMPLA CON LA NORMA ASTM c136.  ENTREGAR EL PRODUCTO EN EL CASI SAN JOSE ","Metro cubico ",36,14000,504000,"001-Ingresos corrientes"]
[null,"Arquitectura","789-00","20302","230","000020","111111701","92010740 ","ARENA MANUFACTURADA, OBTENIDA A PARTIR DE PROCESOS DE EXTRACCION, TRITURACION CIBADO Y LAVADO, MATERIAL DE CANTERA, TAMAÑO MAXIMO 4.75mm APLICACION PARA CONCRETO ESTRUCTURAL . QUE CUMPLA CON LA NORMA ASTM c136.  ENTREGAR EL PRODUCTO EN EL CASI LA MUJER ","Metro cubico ",24,14000,336000,"001-Ingresos corrientes"]
[null,"Arquitectura","789-00","20302","230","000020","111111701","92010740 ","ARENA MANUFACTURADA, OBTENIDA A PARTIR DE PROCESOS DE EXTRACCION, TRITURACION CIBADO Y LAVADO, MATERIAL DE CANTERA, TAMAÑO MAXIMO 4.75mm APLICACION PARA CONCRETO ESTRUCTURAL . QUE CUMPLA CON LA NORMA ASTM c136.  ENTREGAR EL PRODUCTO EN EL CASI SAN RAMON ","Metro cubico ",36,14500,522000,"001-Ingresos corrientes"]
[null,"Arquitectura","789-00","20302","230","000020","111111701","92010740 ","ARENA MANUFACTURADA, OBTENIDA A PARTIR DE PROCESOS DE EXTRACCION, TRITURACION CIBADO Y LAVADO, MATERIAL DE CANTERA, TAMAÑO MAXIMO 4.75mm APLICACION PARA CONCRETO ESTRUCTURAL . QUE CUMPLA CON LA NORMA ASTM c136.  ENTREGAR EL PRODUCTO EN EL CASI SAN AGUSTIN ","Metro cubico ",36,14000,504000,"001-Ingresos corrientes"]
[null,"Arquitectura","789-00","20302","230","000020","111111701","92010740 ","ARENA MANUFACTURADA, OBTENIDA A PARTIR DE PROCESOS DE EXTRACCION, TRITURACION CIBADO Y LAVADO, MATERIAL DE CANTERA, TAMAÑO MAXIMO 4.75mm APLICACION PARA CONCRETO ESTRUCTURAL . QUE CUMPLA CON LA NORMA ASTM c136.  ENTREGAR EL PRODUCTO EN EL CASI SAN LUIS  ","Metro cubico ",36,14000,504000,"001-Ingresos corrientes"]
[null,"Arquitectura","789-00","20302","230","000040","111111701","92010740 ","ARENA MANUFACTURADA, OBTENIDA A PARTIR DE PROCESOS DE EXTRACCION, TRITURACION CIBADO Y LAVADO, MATERIAL DE CANTERA, TAMAÑO MAXIMO 4.75mm APLICACION PARA CONCRETO ESTRUCTURAL . QUE CUMPLA CON LA NORMA ASTM c136.  ENTREGAR EL PRODUCTO EN EL CASI LIBERIA","Metro cubico ",36,23000,828000,"001-Ingresos corrientes"]
[null,"Arquitectura","789-00","20302","230","000040","111111701","92010740 ","ARENA MANUFACTURADA, OBTENIDA A PARTIR DE PROCESOS DE EXTRACCION, TRITURACION CIBADO Y LAVADO, MATERIAL DE CANTERA, TAMAÑO MAXIMO 4.75mm APLICACION PARA CONCRETO ESTRUCTURAL . QUE CUMPLA CON LA NORMA ASTM c136.  ENTREGAR EL PRODUCTO EN EL CASI PUNTARENAS ","Metro cubico ",36,23000,828000,"001-Ingresos corrientes"]
[null,"Arquitectura","789-00","20302","230","000040","111111701","92010740 ","ARENA MANUFACTURADA, OBTENIDA A PARTIR DE PROCESOS DE EXTRACCION, TRITURACION CIBADO Y LAVADO, MATERIAL DE CANTERA, TAMAÑO MAXIMO 4.75mm APLICACION PARA CONCRETO ESTRUCTURAL . QUE CUMPLA CON LA NORMA ASTM c136.  ENTREGAR EL PRODUCTO EN EL CASI LIMON","Metro cubico ",24,27000,648000,"001-Ingresos corrientes"]
[null,"Arquitectura","789-00","20302","230","000020","111111701","92010740 ","ARENA MANUFACTURADA, OBTENIDA A PARTIR DE PROCESOS DE EXTRACCION, TRITURACION CIBADO Y LAVADO, MATERIAL DE CANTERA, TAMAÑO MAXIMO 4.75mm APLICACION PARA CONCRETO ESTRUCTURAL . QUE CUMPLA CON LA NORMA ASTM c136.  ENTREGAR EL PRODUCTO EN EL CASI PEREZ ZELEDON ","Metro cubico ",20,24000,480000,"001-Ingresos corrientes"]
[null,"Arquitectura","789-00","20302","230","000020","111111701","92010740 ","ARENA MANUFACTURADA, OBTENIDA A PARTIR DE PROCESOS DE EXTRACCION, TRITURACION CIBADO Y LAVADO, MATERIAL DE CANTERA, TAMAÑO MAXIMO 4.75mm APLICACION PARA CONCRETO ESTRUCTURAL . QUE CUMPLA CON LA NORMA ASTM c136.  ENTREGAR EL PRODUCTO EN EL CASI CARTAGO ","Metro cubico ",12,15000,180000,"001-Ingresos corrientes"]
[null,"Arquitectura","789-00","20302","230","000020","111111701","92010740 ","ARENA MANUFACTURADA, OBTENIDA A PARTIR DE PROCESOS DE EXTRACCION, TRITURACION CIBADO Y LAVADO, MATERIAL DE CANTERA, TAMAÑO MAXIMO 4.75mm APLICACION PARA CONCRETO ESTRUCTURAL . QUE CUMPLA CON LA NORMA ASTM c136.  ENTREGAR EL PRODUCTO EN EL CASI FINCA LA PAZ ","Metro cubico ",20,15000,300000,"001-Ingresos corrientes"]
[null,"Arquitectura","789-00","20302","230","000020","111111701","92010740 ","ARENA MANUFACTURADA, OBTENIDA A PARTIR DE PROCESOS DE EXTRACCION, TRITURACION CIBADO Y LAVADO, MATERIAL DE CANTERA, TAMAÑO MAXIMO 4.75mm APLICACION PARA CONCRETO ESTRUCTURAL . QUE CUMPLA CON LA NORMA ASTM c136.  ENTREGAR EL PRODUCTO EN LA UAI REYNALDO VILLALOBOS ","Metro cubico ",10,14000,140000,"001-Ingresos corrientes"]
[null,"Arquitectura","789-00","20302","230","000020","111111701","92010740 ","ARENA MANUFACTURADA, OBTENIDA A PARTIR DE PROCESOS DE EXTRACCION, TRITURACION CIBADO Y LAVADO, MATERIAL DE CANTERA, TAMAÑO MAXIMO 4.75mm APLICACION PARA CONCRETO ESTRUCTURAL . QUE CUMPLA CON LA NORMA ASTM c136.  ENTREGAR EL PRODUCTO EN LA UAI PABRU PRESBERI ","Metro cubico ",6,24000,144000,"001-Ingresos corrientes"]
[null,"Arquitectura","789-00","20302","230","000020","111111701","92010740 ","ARENA MANUFACTURADA, OBTENIDA A PARTIR DE PROCESOS DE EXTRACCION, TRITURACION CIBADO Y LAVADO, MATERIAL DE CANTERA, TAMAÑO MAXIMO 4.75mm APLICACION PARA CONCRETO ESTRUCTURAL . QUE CUMPLA CON LA NORMA ASTM c136.  ENTREGAR EL PRODUCTO EN LA UAI 20 DE DICIEMBRE ","Metro cubico ",6,18000,108000,"001-Ingresos corrientes"]
[null,"Arquitectura","789-00","20302","230","000040","111111701","92010740 ","ARENA MANUFACTURADA, OBTENIDA A PARTIR DE PROCESOS DE EXTRACCION, TRITURACION CIBADO Y LAVADO, MATERIAL DE CANTERA, TAMAÑO MAXIMO 4.75mm APLICACION PARA CONCRETO ESTRUCTURAL . QUE CUMPLA CON LA NORMA ASTM c136.  ENTREGAR EL PRODUCTO ENEL NIVEL EN COMUNIDAD DE CIUDAD NEILLY ","Metro cubico ",12,30000,360000,"001-Ingresos corrientes"]
[null,"Arquitectura","789-00","20302","230","000020","111111701","92010740 ","ARENA MANUFACTURADA, OBTENIDA A PARTIR DE PROCESOS DE EXTRACCION, TRITURACION CIBADO Y LAVADO, MATERIAL DE CANTERA, TAMAÑO MAXIMO 4.75mm APLICACION PARA CONCRETO ESTRUCTURAL . QUE CUMPLA CON LA NORMA ASTM c136.  ENTREGAR EL PRODUCTO ENEL NIVEL EN COMUNIDAD DE SAN JOSE ","Metro cubico ",12,14000,168000,"001-Ingresos corrientes"]
[null,"Arquitectura","789-00","20302","230","000020","111111701","92010740 ","ARENA MANUFACTURADA, OBTENIDA A PARTIR DE PROCESOS DE EXTRACCION, TRITURACION CIBADO Y LAVADO, MATERIAL DE CANTERA, TAMAÑO MAXIMO 4.75mm APLICACION PARA CONCRETO ESTRUCTURAL . QUE CUMPLA CON LA NORMA ASTM c136.  ENTREGAR EL PRODUCTO EN EL NIVEL EN COMUNIDAD DE LIBERIA ","Metro cubico ",10,28000,280000,"001-Ingresos corrientes"]
[null,"Arquitectura","789-00","20302","230","000040","111111701","92010740 ","ARENA MANUFACTURADA, OBTENIDA A PARTIR DE PROCESOS DE EXTRACCION, TRITURACION CIBADO Y LAVADO, MATERIAL DE CANTERA, TAMAÑO MAXIMO 4.75mm APLICACION PARA CONCRETO ESTRUCTURAL . QUE CUMPLA CON LA NORMA ASTM c136.  ENTREGAR EL PRODUCTO EN EL NIVEL EN COMUNIDAD DE NICOYA ","Metro cubico ",10,28000,280000,"001-Ingresos corrientes"]
[null,"Arquitectura","789-00","20302","230","000040","111111701","92010740 ","ARENA MANUFACTURADA, OBTENIDA A PARTIR DE PROCESOS DE EXTRACCION, TRITURACION CIBADO Y LAVADO, MATERIAL DE CANTERA, TAMAÑO MAXIMO 4.75mm APLICACION PARA CONCRETO ESTRUCTURAL . QUE CUMPLA CON LA NORMA ASTM c136.  ENTREGAR EL PRODUCTO EN EL NIVEL EN COMUNIDAD DE PUNTARENAS ","Metro cubico ",10,23000,230000,"001-Ingresos corrientes"]
[null,"Arquitectura","789-00","20302","230","000040","111111701","92010740 ","ARENA MANUFACTURADA, OBTENIDA A PARTIR DE PROCESOS DE EXTRACCION, TRITURACION CIBADO Y LAVADO, MATERIAL DE CANTERA, TAMAÑO MAXIMO 4.75mm APLICACION PARA CONCRETO ESTRUCTURAL . QUE CUMPLA CON LA NORMA ASTM c136.  ENTREGAR EL PRODUCTO EN EL NIVEL EN COMUNIDAD DE PEREZ ZELEDON ","Metro cubico ",6,24000,144000,"001-Ingresos corrientes"]
[null,"Arquitectura","789-00","20302","230","000040","111111701","92010740 ","ARENA MANUFACTURADA, OBTENIDA A PARTIR DE PROCESOS DE EXTRACCION, TRITURACION CIBADO Y LAVADO, MATERIAL DE CANTERA, TAMAÑO MAXIMO 4.75mm APLICACION PARA CONCRETO ESTRUCTURAL . QUE CUMPLA CON LA NORMA ASTM c136.  ENTREGAR EL PRODUCTO EN EL NIVEL EN COMUNIDAD DE LIMON","Metro cubico ",6,28000,168000,"001-Ingresos corrientes"]
[null,"Arquitectura","789-00","20302","230","000040","111111701","92010740 ","ARENA MANUFACTURADA, OBTENIDA A PARTIR DE PROCESOS DE EXTRACCION, TRITURACION CIBADO Y LAVADO, MATERIAL DE CANTERA, TAMAÑO MAXIMO 4.75mm APLICACION PARA CONCRETO ESTRUCTURAL . QUE CUMPLA CON LA NORMA ASTM c136.  ENTREGAR EL PRODUCTO EN EL MINISTERIO DE JUSTICIA Y PAZ SAN JOSE ","Metro cubico ",9,14000,126000,"001-Ingresos corrientes"]
[null,"Arquitectura","789-00","20302","900 ","000030","30111504 \n","90016953 \n","MORTERO DE CEMENTO (FRAGUA) P/PISO CON ARENA EN BOLSA 2 KG Marca INTACO Modelo GROUTEX","Metro cubico ",10,1382,13820,"001-Ingresos corrientes"]
[null,"Arquitectura","789-00","20303","045","000100","30103605","92110838","REGLA DE PINO SEMIDURO, MEDIDAS 2,54 X 5,08 cm x 3,34 m DE LARGO (1 pulg. x 2 pulg. x 3,34 m) Marca GEA Modelo GEA","Unidad",1500,670,{"$f":"K333*L333","v":1005000},"001-Ingresos corrientes"]
[null,"Arquitectura","789-00","20303","045","000020","30103605","92110830","REGLA DE PINO SEMIDURO, MEDIDAS 2,54 X 5,08 cm x 3,34 m DE LARGO (1 pulg. x 2 pulg. x 3,34 m) Marca GEA Modelo GEA","Unidad",1500,1005,{"$f":"K334*L334","v":1507500},"001-Ingresos corrientes"]
[null,"Arquitectura","789-00","20303","045","000005","30103605","92040244","REGLA DE MADERA DE LAUREL, CEPILLADO, MEDIDAS 25 mm X 75 mm X 3,35 m LARGO Marca GEA Modelo GEA","Unidad",1500,1950,2925000,"001-Ingresos corrientes"]
[null,"Arquitectura","789-00","20303","045","000005","30103605","92085968","REGLA DE PINO, CEPILLADO, MEDIDAS 3,36 m LARGO x 5,08 cm ALTO x 5,08 cm ANCHO, DE PRIMERA CALIDAD Marca GEA Modelo GEA","Unidad",1000,1920,1920000,"001-Ingresos corrientes"]
[null,"Arquitectura","789-00","20303","045","000220","30103605","92065639","REGLA DE MADERA, MEDIDAS 2,54 cm X 10,16 cm X 3,34 m Marca GEA Modelo GEA","Unidad",1000,1600,1600000,"001-Ingresos corrientes"]
[null,"Arquitectura","789-00","20303","045","000220","30103605","92110829","REGLA DE PINO CEPILLADA, MEDIDAS 2,54 X 10,16 cm, LARGO 3,34 m (1 pulg. x 4 pulg x 4 varas) Marca GEA Modelo GEA","Unidad",1000,2600,2600000,"001-Ingresos corrientes"]
[null,"Arquitectura","789-00","20303","045","000220","30103605","92039131","REGLA DE MADERA, MEDIDAS 2,54 cm X 10,16 cm X 3,20 m Marca GEA Modelo GEA","Unidad",1500,2600,3900000,"001-Ingresos corrientes"]
[null,"Arquitectura","789-00","20303","045","000005","30103605","92086188","REGLA DE MADERA DE LAUREL, CEPILLADO, DE 25,40 mm ALTO X 50,80 mm ANCHO (1 Pulg X 2 Pulg) X 3,35 m DE LARGO Marca GEA Modelo GEA","Unidad",1500,1300,1950000,"001-Ingresos corrientes"]
[null,"Arquitectura","789-00","20303","045","000020","30103605","92004212","MADERA ASERRADA PINO (SEMIDURA) DE 25,4 mm X 76,2 mm X 3,2 m Marca GEA Modelo GEA","Unidad",1500,1080,1620000,"001-Ingresos corrientes"]
[null,"Arquitectura","789-00","20303","045","000005","30103605","92040244","REGLA DE MADERA DE LAUREL, CEPILLADO, MEDIDAS 25 mm X 75 mm X 3,35 m LARGO Marca GEA Modelo GEA","Unidad",2000,1950,3900000,"001-Ingresos corrientes"]
[null,"Arquitectura","789-00","20303","045","000220","30103605","92004210","MADERA ASERRADA PINO (SEMIDURA) DE 25,4 mm X 101,6 mm X 3,2 m Marca GEA Modelo GEA","Unidad",1500,1400,2100000,"001-Ingresos corrientes"]
[null,"Arquitectura","789-00","20303","001","000060","30103605","92110816","MADERA ASERRADA DE PINO, SIN CEPILLO, TIPO ALFAJIA, MEDIDAS 50,8 mm x 76,2 mm x 3,34 m (2 x 3 Pulg x 4 varas) Marca GEA Modelo GEA","Unidad",1000,2100,2100000,"001-Ingresos corrientes"]
[null,"Arquitectura","789-00","20303","001","000020","30103605","92085968","REGLA DE PINO, CEPILLADO, MEDIDAS 3,36 m LARGO x 5,08 cm ALTO x 5,08 cm ANCHO, DE PRIMERA CALIDAD Marca GEA Modelo GEA","Unidad",1000,2600,2600000,"001-Ingresos corrientes"]
[null,"Arquitectura","789-00","20303","001","000100","30103605","92110828","MADERA ASERRADA DE PINO, SIN CEPILLAR, TIPO ALFAJIA, MEDIDAS 50,8 mm x 101,6 mm x 3,34 m (2 x 4 Pulg x 4 varas) Marca GEA Modelo GEA","Unidad",1500,2880,4320000,"001-Ingresos corrientes"]
[null,"Arquitectura","789-00","20303","055","000005","30103605","92110818","TABLA DE MADERA SEMIDURA, MEDIDAS 2,54 cm x 25,40 cm (1 pulg. x 10 pulg x 4 varas) LARGO DE 3,34 m Marca GEA Modelo GEA","Unidad",1500,4000,6000000,"001-Ingresos corrientes"]
[null,"Arquitectura","789-00","20303","055","000055","30103605","92110831","TABLA DE MADERA SEMIDURA, SIN CEPILLAR, MEDIDAS 2,54 cm x 30,48 cm X 3,34 m (1 pulg. x 12 pulg x 4 varas) Marca GEA Modelo GEA","Unidad",1000,4800,4800000,"001-Ingresos corrientes"]
[null,"Arquitectura","789-00","20303","050","000005","30103605","92122005","TABLILLA DE MADERA SEMIDURA, MEDIDAS 12 mm ESPESOR X 75 mm ANCHO X 840 mm DE LARGO CON UNA ORILLA DESGASTADA (RODAPIE) Marca GEA Modelo GEA","Unidad",500,900,450000,"001-Ingresos corrientes"]
[null,"Arquitectura","789-00","20303","040","000005","30103605","92110848","REGLA MEDIA CAÑA EN LAUREL CEPILLADA, CON MOLDURA. MEDIDAS 5,08 X 5,08 cm X 3,34 m DE LARGO (2 pulg x 2 pulg) Marca GEA Modelo GEA","Unidad",1500,2600,3900000,"001-Ingresos corrientes"]
[null,"Arquitectura","789-00","20303","020","000005","30103605","92110849","MADERA CUARTO REDONDO EN LAUREL, MEDIDAS 19,05 mm (3/4 pulg.) LARGO 3,34 m Marca GEA Modelo GEA","Unidad",500,365.63,182815,"001-Ingresos corrientes"]
[null,"Arquitectura","789-00","20303","080","000020","30103605","92119711","VENILLA DE MADERA DE LAUREL, SEMIDURA, CEPILLADA, MEDIDAS 12,7 mm x 12,7 mm x 3,36 m Marca GEA Modelo GEA","Unidad",500,162.5,81250,"001-Ingresos corrientes"]
[null,"Arquitectura","789-00","20303","005","001300","30103605","92066842","BATIENTE DE MADERA, MEDIDAS 2,54 cm X 2,54 cm X 3,35 m (4 VARAS) Marca GEA Modelo GEA","Unidad",550,650,357500,"001-Ingresos corrientes"]
[null,"Arquitectura","789-00","20303","005","001300","30103605","92086196","BATIENTE DE MADERA DE LAUREL, CEPILLADA, TAMAÑO DE 12,70 mm ALTO X 25,40 mm ANCHO X 3,35 m DE LARGO Marca GEA Modelo GEA","Unidad",550,325,178750,"001-Ingresos corrientes"]
[null,"Arquitectura","789-00","20304","020","000003","39101614","92014012","BOMBILLO HALURO METÁLICO (METALARC), 1500 W, 220-240 V, PARA LUMINARIA ","Unidad",10,19819,198190,"001-Ingresos corrientes"]
[null,"Arquitectura","789-00","20304","020","000460","39101617","92074480","BOMBILLO DE SODIO DE 400 W, 220-240 V,82 lm/W ROSCA MOGUL PARA LUMINARIA TIPO COBRA Marca SYLVANIA Modelo P20587-11","Unidad",10,4950,49500,"001-Ingresos corrientes"]
[null,"Arquitectura","789-00","20304","020","001400","39101619","92143330","LAMPARA FLUORESCENTE COMPACTA, POTENCIA DE 20 W, VOLTAJE DE 120 V, FRECUENCIA DE 50-60 Hz, ROSCA E27, EFICIENCIA DE 950 Lm/W, TIPO LUZ DIA Marca SYLVANIA Modelo P28587-20","Unidad",20,1146,22920,"001-Ingresos corrientes"]
[null,"Arquitectura","789-00","20304","025","001125","40171517","92081572","TUBO DE PLASTICO PVC, CONDUIT, DIAMETRO 19,05 mm (3/4 pulg), CEDULA SCH 40, UL Marca AMANCO Modelo 965917","Unidad",10,1434.44,{"$f":"K358*L358","v":14344.400000000001},"001-Ingresos corrientes"]
[null,"Arquitectura","789-00","20304","025","001125","40171517","92081574","TUBO DE PLASTICO PVC CONDUIT, DIAMETRO 12,7 mm (1/2 Pulg), CEDULA SCH 40, UL Marca AMANCO Modelo 965918","Unidad",10,1088.5,10885,"001-Ingresos corrientes"]
[null,"Arquitectura","789-00","20304","025","001125","40171517","92081577","TUBO PVC CONDUIT, CEDULA SCH 40, DIAMETRO 32 mm (1 1/4 pulg) (UL) Marca AMANCO Modelo 965915","Unidad",5,2700,13500,"001-Ingresos corrientes"]
[null,"Arquitectura","789-00","20304","025","001125","40171517","92081579","TUBO PVC CONDUIT, CEDULA SCH 40, DIAMETRO 25 mm (1 pulg) (UL) Marca DURMAN Modelo SCH40","Unidad",10,1494,14940,"001-Ingresos corrientes"]
[null,"Arquitectura","789-00","20304","025","001125","40171517","92081580","TUBO PVC CONDUIT, CEDULA SCH 40, DIAMETRO 38 mm (1 1/2 pulg) (UL) Marca AMANCO Modelo 965914","Unidad",10,3000,30000,"001-Ingresos corrientes"]
[null,"Arquitectura","789-00","20304","025","001125","40171517","92081581","TUBO PVC CONDUIT, CEDULA SCH 40, DIAMETRO 51 mm (2 pulg) (UL) Marca AMANCO Modelo 965913","Unidad",5,4100,20500,"001-Ingresos corrientes"]
[null,"Arquitectura","789-00","20304","025","001125","40171517","92081583","TUBO PVC CONDUIT, CEDULA SCH 40, DIÁMETRO 76 mm (3 pulg) (UL), CUMPLE CON UL 651, FEDERAL SPECIFICATION WC1094A, NEMA TC-2","Unidad",10,14000,140000,"001-Ingresos corrientes"]
[null,"Arquitectura","789-00","20304","055","001400","39101605","92066944"," LUMINARIA TIPO TORTUGA, DE PARCHE, E27, 120 VAC, IP54,  200 mm LARGO X 107 mm ANCHO X 100 mm ALTURA, PARA USO EXTERIOR E INTERIOR, DIFUSOR DE VIDRIO SEMI TRASPARENTE","Unidad",10,20000,200000,"001-Ingresos corrientes"]
[null,"Arquitectura","789-00","20304","055","001602","39111612","92084353","LUMINARIA LED, DE 100/240 VAC, 5600 lm, VIDA PROMEDIO 30000 H, INDICE DE RENDIMIENTO DEL COLOR MAYOR A 85%, TEMPERATURA DEL COLOR 6500 K, BASE GIRATORIA, GRADO DE PROTECCIÓN IP67, EFICIENCIA 80 lm/W Marca SYLVANIA Modelo P24434-36","Unidad",10,55910,559100,"001-Ingresos corrientes"]
[null,"Arquitectura","789-00","20304","055","001600","39111612","92084355","LUMINARIA LED PARA EXTERIORES PARA SOBREPONER EN MURO O PARED. ESPECIFICADA PARA AMBIENTES HÚMEDOS.  VOLTAJE 120-277 VAC, VIDA PROMEDIO 55000h, LÚMENES 3705, ÍNDICE DE RENDIMIENTO DE COLOR mayor a 70, TEMPERATURA DEL COLOR 5000K. EFICIENCIA LUMÍNICA 105 Lm/W. IGUAL O SUPERIOR AL MODELO FLS40U50B DE MAXLITE.","Unidad",10,60000,600000,"001-Ingresos corrientes"]
[null,"Arquitectura","789-00","20304","055","001601","39101619","92112359","LAMPARA FLUORESCENTE COMPACTA (CFL) ROSCA E27. VOLTAJE 120 VAC. CICLO DE COMMUTACION MINIMO 10.000 CLICLOS. VIDA UTIL MINIMA 20.000 H. INDICE DE REPRODUCCION CROMATICO MINIMO 82%. CONTENIDO MAXIMO DE MERCURIO 2 mg. ETIQUETA DE EFICIENCIA ENERGETICA A. FLUJO LUMINOSO MINIMO 970 Lm. EFICACIA LUMIINICA MINIMA 65 Lm/W.","Unidad",25,1600,40000,"001-Ingresos corrientes"]
[null,"Arquitectura","789-00",20304,"055","001601","39111501","92148329","LUMINARIA FLUORESCENTE PARA INSTALACIÓN SOBREPUESTA EN PARED, 26 W. BASE DE POLICARBONATO. REFLECTOR DE 1,52 mm DE ESPESOR FABRICADO DE CRS (COLD ROLLED STEEL) CON ACABADO DE POLVO DE POLIESTER BLANCO DE ALTA REFLECTANCIA. LENTE DE UNA SOLA PIEZA DE POLICARBONATO UV ESTABABILIZADO DE 3,302 mm (0,130 Pulg) DE ESPESOR. LISTADA UL PARA AMBIENTES MOJADOS. Marca SYLVANIA Modelo P27412-36","Unidad",10,26000,260000,"001-Ingresos corrientes"]
[null,"Arquitectura","789-00",20304,"055","001601","39111501","92148330","LUMINARIA FLUORESCENTE DE DOS TUBOS F28T5 PARA INSTALACIÓN SUPERFICIAL CON CARCASA DE CRS (COLD ROLLED STEEL) FORMADA CON TROQUEL. CUBIERTA DEL BALASTRO FÁCILMENTE REMOVIBLE SIN HERRAMIENTAS. LISTADA PARA AMBIENTES HÚMEDOS. LENTE ACRÍLICO PRISMÁTICO. DIMENSIONES 1219 x 194 mm (48 x 7 5/8 Pulg). VOLTAJE 120-277 V AC. Marca HUBBELL LIGHTING Modelo LXEM4-228-RA-EPU","Unidad",10,68450,684500,"001-Ingresos corrientes"]
[null,"Arquitectura","789-00",20304,"055","001601","39111501","92148331","LUMINARIA FLUORESCENTE DE DOS TUBOS F14T5 PARA INSTALACIÓN SUPERFICIAL CON CARCASA DE CRS (COLD ROLLED STEEL) FORMADA CON TROQUEL. CUBIERTA DEL BALASTRO FÁCILMENTE REMOVIBLE SIN HERRAMIENTAS. LISTADA PARA AMBIENTES HÚMEDOS. LENTE ACRÍLICO PRISMÁTICO. DIMENSIONES 610 x 194 mm (24 x 7 5/8 Pulg). VOLTAJE 120-277 V AC. Marca HUBBELL LIGHTING Modelo LXEM2-214-RA-EPU","Unidad",10,80000,800000,"001-Ingresos corrientes"]
[null,"Arquitectura","789-00",20304,"055","001601","39111544","92148327","LUMINARIA LED TIPO DOWNLIGHT DE EMPOTRAR CIRCULAR. DIÁMETRO 212,73 mm. REFLECTOR DE ALUMINIO DE UNA PIEZA DE ALTA EFICIENCIA. BASE E26 DE PORCELANA. COBERTOR DE BASE METÁLICO DE UNA PIEZA. LISTADO UL PARA AMBIENTES MOJADOS. GRADO DE PROTECCIÓN IP20. Marca CELSA Modelo BALA LED LOTUS 13W","Unidad",15,30000,450000,"001-Ingresos corrientes"]
[null,"Arquitectura","789-00",20304,"055","001601","39111544","92148328","LUMINARIA LED DE ALTA EFICIENCIA PARA INSTALACIÓN SUSPENDIDA. TAMAÑO ESTANDAR DE 1232 X 512 mm (48 1/2 X 3/16 Pulg). DRIVER DE 0-10 V DC ATENUABLE (DIMMING) ESTÁNDAR. VIDA ÚTIL IGUAL O SUPERIOR A 60000 h. CUMPLE CON DIRECTIVA RoHS. Y CON ESTÁNDARES LM79/ LM-80. LISTADO PARA AMBIENTES HÚMEDOS. VOLTAJE 120-277 V AC. POTENCIA MÁXIMA 203 W. CON ACCESORIO DE CADENA Y GANCHOS DE MONTAJE. Marca SYLVANIA Modelo UL 725","Unidad",30,216389,6491670,"001-Ingresos corrientes"]
[null,"Arquitectura","789-00",20304,"055","001601","39111544","92148944","LUMINARIA LED ANTIVANDÁLICA CONSTRUIDA DE  CRS \"COLD ROLLED STEEL\" FORMADA CON TROQUEL DE UNA SOLA PIEZA PARA MAXIMIZAR LA RESISTENCIA A LOS IMPACTOS Y PREVENIR EL VANDALISMO Y PENETRACIÓN NO AUTORIZADA A LA LUMINARIA. TORNILLOS RESISTENTES A LA MANIPULACIÓN. LISTADA PARA AMBIENTES HÚMEDOS. TEMPERATURA DE COLOR MÍNIMA 3500K. LENTE INTERNO ACRÍLICO PRISMÁTICO DE 0,125 mm, LENTO EXTERNO DE POLICARBONATO CLARO DE 0,187 mm. MODELO FCC-D-4-LD4-2HI-35-UNV-80/85-EDC1 DE EATON  ","Unidad",20,350000,7000000,"001-Ingresos corrientes"]
[null,"Arquitectura","789-00",20304,"055","001601","39111544","92148945","LUMINARIA LED PARA INSTALACIÓN SOBREPUESTA EN PARED. EMPAQUE DE SILICONA DE UNA PIEZA PARA SELLAR LA CÁMARA ÓPTICA. LISTADA UL PARA AMBIENTES MOJADOS IP65. DRIVER ELECTRÓNICO CLASE 2 QUE SOPORTE PRUEBAS DE SOBRETENSIÓN DE 3 KV. VOLTAJE 120-277 V AC. POTENCIA 40 W. REFLECTOR DE ALUMINIO ANODIZADO. DIMENSIONES 422 X 254 mm (16 5/8 X 10 Pulg). Marca SYLVANIA Modelo P24599-36","Unidad",20,100900,2018000,"001-Ingresos corrientes"]
[null,"Arquitectura","789-00",20304,"055","001601","39111544","92148946","LUMINARIA LED PARA INSTALACIÓN SOBREPUESTA. VOLTAJE 120-277 V AC. VIDA ÚTIL 20000 h. POTENCIA 65 W.CUBIERTA DEL BALASTRO FÁCILMENTE REMOVIBLE SIN HERRAMIENTAS. LISTADA UL PARA AMBIENTES HÚMEDOS. ACABADO DE POLVO DE POLIESTER BLANCO HORNEADO ELECTROESTÁTICAMENTE APLICADO. CUBIERTA DE HIERRO FOSFATADO CON INHIBIDOR DE POLVO. DIMENSIONES 1219 X 305 mm (48 X 12 Pulg). Marca HUBBELL LIGHTING Modelo LXEM4-40ML-RFA-EDU","Unidad",20,114000,2280000,"001-Ingresos corrientes"]
[null,"Arquitectura","789-00",20304,"055","001601","39111544","92150578","LUMINARIA LED ALTA EFICIENCIA PARA EMPOTRAR, TAMAÑO DE 603 mm X 1212 mm (23 3/4 X 47 11/16 Pulg), DRIVER DE 0-10 VDC ATENUABLE (DIMMING) ESTANDAR. ILUMINANCIA MÍNIMA DE 5614 lm. TEMPERATURA DE COLOR MÍNIMA DE 4000 K. EFICACIA LUMÍNIMA MÍNIMA DE 103 lm/W. POTENCIA MÁXIMA 54,6 W. VOLTAJE UNIVERSAL (120-277 VAC) Marca SYLVANIA Modelo P06981-36","Unidad",20,160500,3210000,"001-Ingresos corrientes"]
[null,"Arquitectura","789-00",20304,"055","001601","39111544","92150579","LUMINARIA LED ALTA EFICIENCIA PARA EMPOTRAR, TAMAÑO DE 603 X 602 mm (23 3/4 X 23 11/16 Pulg). DRIVER DE 0-10 VDC ATENUABLE (DIMMING) ESTANDAR. ILUMINANCIA MÍNIMA DE 3466 lm. TEMPERATURA DE COLOR MÍNIMA DE 4000 K. EFICACIA LUMÍNIMA MÍNIMA DE 100 lm/W. POTENCIA MÁXIMA 34,8 W. VOLTAJE UNIVERSAL (120-277 VAC) Marca SYLVANIA Modelo P06593-36","Unidad",20,85786,1715720,"001-Ingresos corrientes"]
[null,"Arquitectura","789-00",20304,"055","001601","39111544","92150580","LUMINARIA LED ALTA EFICIENCIA PARA EMPOTRAR, TAMAÑO DE 603 X 1212 mm (23 3/4 X 47 11/16 Pulg). DRIVER DE 0-10 VDC ATENUABLE (DIMMING) ESTANDAR. ILUMINANCIA MÍNIMA DE 6938 lm. TEMPERATURA DE COLOR MÍNIMA DE 4000 K. EFICACIA LUMÍNIMA MÍNIMA DE 99 lm/W. POTENCIA MÁXIMA 70,2 W. VOLTAJE UNIVERSAL (120-277 VAC) Marca SYLVANIA Modelo P04833-36","Unidad",20,117000,2340000,"001-Ingresos corrientes"]
[null,"Arquitectura","789-00",20304,"055","110701","39111544","92148332","LUMINARIA LED DE EMERGENCIA PARA INSTALACIÓN EN PARED. VOLTAJE DE ENTRADA 120 V AC CON TRANSFORMADOR DE AISLAMIENTO. CARGADOR DE BATERÍA ESTADO SÓLIDO. CONMUTADOR DE ESTADO SÓLIDO. CON PROTECCIÓN DE SOBRECARGA Y CORTOCIRCUITO. CON LUZ PILOTO. DIMENSIONES 283 x 137 mm (11 1/8 x 5 3/8 Pulg). LISTADA PARA AMBIENTES HÚMEDOS. Marca Eaton Modelo CU2LED","Unidad",20,25000,500000,"001-Ingresos corrientes"]
[null,"Arquitectura","789-00","20304","055","160601","39111544","92084341","LUMINARIA LED, CLASIFICACIÓN IP65, MULTIVOLTAJE. PARA CUATRO BARRAS LED. TEMPERATURA DEL COLOR 6500 K. INDICE DE RENDIMIENTO 84, EFICACIA 120 lm/W. DIMENSIONES 1230 mm x 201 mm Marca SYLVANIA Modelo P06996-36","Unidad",7,83588,585116,"001-Ingresos corrientes"]
[null,"Arquitectura","789-00","20304","125","000001","39111810","92081564","INTERRUPTOR (APAGADOR) DOBLE, COLOR BLANCO, 15 A, 120 V, CON TAPA DE ALUMINIO Marca Eagle Modelo 271W+97101","Unidad",8,1567,12536,"001-Ingresos corrientes"]
[null,"Arquitectura","789-00","20304","110","000001","39111810",92081566,"INTERRUPTOR (APAGADOR) SENCILLO, COLOR BLANCO, GRADO INDUSTRIAL ESPECIFICADO PARA APLICACIONES DE EXTRA USO PESADO 15A,120/277 VAC Marca LEVITON Modelo 1201-2W+84001-40","Unidad",10,3131,31310,"001-Ingresos corrientes"]
[null,"Arquitectura","789-00","20304","440","000020","39121439","92077515","TOMA DE CORRIENTE POLARIZADO, 125 V, 20 A, TERMOPLASTICO Marca Eagle Modelo 877W","Unidad",5,713,3565,"001-Ingresos corrientes"]
[null,"Arquitectura","789-00","20304","055","160601","39111544","92159094","LUMINARIA LED PARA AMBIENTES HÚMEDOS O CONTAMINADOS, CLASIFICACIÓN IP65, INSTALACIÓN SOBREPUESTA SOBRE CIELORRASO, MULTIVOLTAJE, PARA CUATRO BARRAS LED, TEMPERATURA DEL COLOR 6500 K, INDICE DE RENDIMIENTO DEL COLOR 84, EFICACIA LUMINICA MINIMA 120 lm/W, DIMENSIONES 1230 mm x 201 mm, ILUMINANCIA MÍNIMA DE 6000 lm. INCLUYE BALASTRO DE EMERGENCIA INSTALADO DE FÁBRICA. Marca SYLVANIA Modelo P06996-36","UNIDAD",10,145352,1453520,"001-Ingresos corrientes"]
[null,"Arquitectura","789-00",20304,110,"000001","39122211","92148326","INTERRUPTOR (APAGADOR) DE PALANCA SILENCIOSO DE DOBLE POLO DE COLOR BLANCO, 30A, 120/277V. AUTOATERRIZADO. GRADO INDUSTRIAL. PARA APLICACIONES DE EXTRA USO PESADO. CABLEADO LATERAL Y TRASERO. CLASIFICACIÓN HP: 2HP-120V 2HP-240V-277V. INCLUYE PLACA DE ACERO INOXIDABLE. CALIDAD IGUAL O SUPERIOR A PS30AC2","Unidad",10,8400,84000,"001-Ingresos corrientes"]
[null,"Arquitectura","789-00","20304","125","000001","39111810","92081569","INTERRUPTOR (APAGADOR) DE 3 VIAS, COLOR BLANCO, GRADO INDUSTRIAL EPECIFICADO PARA APLICACIONES DE EXTRA USO PESADO, 15A, 120/277 VAC Marca EATON Modelo AH1223W + 93071","Unidad",10,6245,62450,"001-Ingresos corrientes"]
[null,"Arquitectura","789-00","20304","125","000001","39121600","292082348","INTERRUPTOR TERMOMAGNÉTICO INDUSTRIAL 90A, 3 POLOS, 600 VAC. CAPACIDAD INTERRUPTIVA 18KAIC A 600 VAC.  TERMINALES 14–3/0 AWG Aluminio o Cobre. PARA INSTALAR EN PANEL I-LINE, HGA36090. Con botón de disparo manual. Clasificado para los siguientes voltajes: 120 VAC, 120/240 VAC, 240 VAC, 277 VAC, 480Y/120 VAC, 480 VAC, 600 VAC. Estandares y Normas: UL 489,(NEMA AB-1 Standard, CSA Certified to CSA C22.2 No. 5-02 Standard, File LR7551, IEC 60947-2 Standard, Federal Specification W-C-375B/GEN as Class 11a, 11b; 12a, 12b; and 13a, 13b","Unidad",5,2000000,10000000,"001-Ingresos corrientes"]
[null,"Arquitectura","789-00","20304","125","000001","39121601","92087423"," DISYUNTOR (INTERRUPTOR, BREAKER), # QO120AFCI, 1 POLO, AMPERAJE 20 A, VOLTAJE 120 V, FRECUENCIA 60 Hz, CON PROTECCION DE FALLA A ARCO QO120CAFI","Unidad",6,35000,210000,"001-Ingresos corrientes"]
[null,"Arquitectura","789-00","20304","125","000001","39121602","39121602","DISYUNTOR (INTERRUPTOR, BREAKER) TERMOMAGNETICO # QO-120 DE 1 POLO 20 A 120/240 V TIPO EMBUTIR  Con indicador visible de disparo. Clasificado para uso como apagador. Clasificado para los siguientes voltajes: 120 VAC, 240 VAC, 120/208 VAC, 120/240 VAC. UL Standard 489, CSA 22.2 No. 5, NOM/ANCE and NEMA Standard AB1 and to meet Federal Especificación W-C-375B/GEN. QO circuito breakers are UL Listed under UL File E84967 and are CSA Certified under CSA Master Contract 153555.  QO120 ","Unidad",5,8000,{"$f":"K391*L390","v":16000},"001-Ingresos corrientes"]
[null,"Arquitectura","789-00","20304","125","000001","39121602","92005798","INTERRUPTOR TERMO MAGNÉTICO DE TORNILLO 100A, 3 POLO, 120 V/240, CAPACIDAD 10KAIC a 240 VAC, QOB3100. Con indicador visible de disparo. Clasificado para uso como apagador. Clasificado para los siguientes voltajes: 120 VAC, 240 VAC, 120/208 VAC, 120/240 VAC. Estándares y Normas: UL Standard 489, CSA 22.2 No. 5, NOM/ANCE and NEMA Standard AB1 and to meet Federal Especificación W-C-375B/GEN. QO circuito breakers are UL Listed under UL File E84967 and are CSA Certified under CSA Master Contract 153555.","Unidad",2,196234,{"$f":"K391*L391","v":392468},"001-Ingresos corrientes"]
[null,"Arquitectura","789-00","20304","125","000001","39121602","92005800","INTERRUPTOR TERMO MAGNÉTICO DE TORNILLO 60A, 3 POLO, 120 V/240, CAPACIDAD 10KAIC a 240 VAC,  QOB360. Con indicador visible de disparo. Clasificado para uso como apagador. Clasificado para los siguientes voltajes: 120 VAC, 240 VAC, 120/208 VAC, 120/240 VAC. Estándares y Normas: UL Standard 489, CSA 22.2 No. 5, NOM/ANCE and NEMA Standard AB1 and to meet Federal Especificación W-C-375B/GEN. QO circuito breakers are UL Listed under UL File E84967 and are CSA Certified under CSA Master Contract 153555.","Unidad",2,118549,237098,"001-Ingresos corrientes"]
[null,"Arquitectura","789-00","20304","125","000001","39121602","92005801","INTERRUPTOR TERMO MAGNÉTICO DE TORNILLO 50A, 3 POLO, 120 V/240, CAPACIDAD 10KAIC a 240 VAC, QOB350. Con indicador visible de disparo. Clasificado para uso como apagador. Clasificado para los siguientes voltajes: 120 VAC, 240 VAC, 120/208 VAC, 120/240 VAC. Estándares y Normas: UL Standard 489, CSA 22.2 No. 5, NOM/ANCE and NEMA Standard AB1 and to meet Federal Especificación W-C-375B/GEN. QO circuito breakers are UL Listed under UL File E84967 and are CSA Certified under CSA Master Contract 153555.","Unidad",2,118549,237098,"001-Ingresos corrientes"]
[null,"Arquitectura","789-00","20304","125","000001","39121602","92005802","INTERRUPTOR TERMO MAGNÉTICO DE TORNILLO 40A, 3 POLO, 120 V/240, CAPACIDAD 10KAIC a 240 VAC,  QOB340. Con indicador visible de disparo. Clasificado para uso como apagador. Clasificado para los siguientes voltajes: 120 VAC, 240 VAC, 120/208 VAC, 120/240 VAC. Estándares y Normas: UL Standard 489, CSA 22.2 No. 5, NOM/ANCE and NEMA Standard AB1 and to meet Federal Especificación W-C-375B/GEN. QO circuito breakers are UL Listed under UL File E84967 and are CSA Certified under CSA Master Contract 153555.","Unidad",5,118549,592745,"001-Ingresos corrientes"]
[null,"Arquitectura","789-00","20304","125","000001","39121602","92006472"," DISYUNTOR (INTERRUPTOR, BREAKER) TERMOMAGNETICO DE 2 POLOS DE 40 A DE 120/240 V TIPO QO PARA CENTRO CARGA SQUARE QO240 ","Unidad",10,21000,210000,"001-Ingresos corrientes"]
[null,"Arquitectura","789-00","20304","125","000001","39121602","92006545","DISYUNTOR (INTERRUPTOR) TERMOMAGNETICO TIPO ENCHUFAR DE 3 POLOS DE 30 A DE 240 V Marca EATON Modelo CH330","Unidad",2,46231,92462,"001-Ingresos corrientes"]
[null,"Arquitectura","789-00","20304","125","000001","39121602","92006546","DISYUNTOR (INTERRUPTOR) TERMOMAGNETICO TIPO ENCHUFAR DE 3 POLOS DE 60 A DE 240 V Marca EATON Modelo CH360","Unidad",2,46608,93216,"001-Ingresos corrientes"]
[null,"Arquitectura","789-00","20304","125","000001","39121602","92006547","DISYUNTOR (INTERRUPTOR) TERMOMAGNETICO TIPO ENCHUFAR DE 3 POLOS DE 90 A DE 240 V, CH Marca EATON Modelo CH3090","Unidad",2,83868,167736,"001-Ingresos corrientes"]
[null,"Arquitectura","789-00","20304","125","000001","39121602","92006548","DISYUNTOR (INTERRUPTOR) TERMOMAGNETICO TIPO ENCHUFAR DE 3 POLOS DE 100 A DE 240 V Marca EATON Modelo CH3100","Unidad",2,83868,{"$f":"K400*L399","v":419340},"001-Ingresos corrientes"]
[null,"Arquitectura","789-00","20304","125","000001","39121602","92010709","DISYUNTOR (INTERRUPTOR, BREAKER) TERMOMAGNETICO DE 1 POLO DE 20 A, 240 V TIPO ENCHUFAR, CAPACIDAD INTERRUPTIVA MINIMA DE 10 KA Marca EATON CUTTLER HAMMER Modelo CHF120","Unidad",5,4000,{"$f":"K400*L400","v":20000},"001-Ingresos corrientes"]
[null,"Arquitectura","789-00","20304","125","000001","39121602","92010710","DISYUNTOR (INTERRUPTOR, BREAKER) TERMOMAGNETICO DE 1 POLO DE 30 A, 240 V TIPO ENCHUFAR, CAPACIDAD INTERRUPTIVA MINIMA DE 10 KA Marca EATON CUTTLER HAMMER Modelo CHF130","Unidad",2,4850,9700,"001-Ingresos corrientes"]
[null,"Arquitectura","789-00","20304","125","000001","39121602","92010711","DISYUNTOR (INTERRUPTOR, BREAKER) TERMOMAGNETICO DE 1 POLO DE 40 A, 240 V TIPO ENCHUFAR, CAPACIDAD INTERRUPTIVA MINIMA DE 10 KA Marca EATON CUTTLER HAMMER Modelo CHF140","Unidad",2,5800,11600,"001-Ingresos corrientes"]
[null,"Arquitectura","789-00","20304","125","000001","39121602","92010715","DISYUNTOR (INTERRUPTOR, BREAKER) TERMOMAGNETICO DE 2 POLOS DE 100 A, 240 V TIPO ENCHUFAR, CAPACIDAD INTERRUPTIVA MINIMA DE 10 KA Marca EATON CUTTLER HAMMER Modelo CH2100","Unidad",2,32920,65840,"001-Ingresos corrientes"]
[null,"Arquitectura","789-00","20304","125","000001","39121602","92010716","DISYUNTOR (INTERRUPTOR, BREAKER) TERMOMAGNETICO DE 3 POLOS DE 40 A, 240 V TIPO ENCHUFAR, CAPACIDAD INTERRUPTIVA MINIMA DE 10 KA Marca EATON Modelo CH340","Unidad",2,46231,92462,"001-Ingresos corrientes"]
[null,"Arquitectura","789-00","20304","125","000001","39121602","92029209","DISYUNTOR (INTERRUPTOR, BREAKER) TERMOMAGNETICO DE 3 POLOS DE 50 A TIPO F, DE FIBRA DE VIDRIO-POLIESTER DE 600 VAC COMO MINIMO, OPERAR A 60 Hz # FD3050L Marca EATON Modelo FD3050L","Unidad",2,263000,526000,"001-Ingresos corrientes"]
[null,"Arquitectura","789-00","20304","125","000001","39121602","92029232","DISYUNTOR (INTERRUPTOR, BREAKER) TERMOMAGNETICO DE 2 POLOS DE 100 A TIPO F, DE FIBRA DE VIDRIO-POLIÉSTER DE 600 VAC COMO MÍNIMO, OPERAR A 60 Hz # FD2100L","Unidad",2,181000,362000,"001-Ingresos corrientes"]
[null,"Arquitectura","789-00","20304","125","000001","39121602","92029233","DISYUNTOR (INTERRUPTOR, BREAKER) TERMOMAGNETICO DE 2 POLOS DE 90 A TIPO F, DE FIBRA DE VIDRIO-POLIESTER DE 600 VAC COMO MINIMO, OPERAR A 60 Hz # FD2090L Marca EATON Modelo FD2090L","Unidad",2,215493,430986,"001-Ingresos corrientes"]
[null,"Arquitectura","789-00","20304","125","000001","39121602","92035359","DISYUNTOR (INTERRUPTOR, BREAKER) TERMOMAGNETICO # CH-350 DE 3 POLOS DE 50 A. 120/240 V. CAPACIDAD INTERRUPTIVA DE 10 KA, DIMENSION DE 57,3 mm ANCHO X 80,9 mm ALTURA X 76,2 mm FONDO. PROTECCION CONTRA SOBRE CARGA Y CORTO CIRCUITO Marca EATON Modelo CH350","Unidad",2,46608,93216,"001-Ingresos corrientes"]
[null,"Arquitectura","789-00","20304","125","000001","39121602","92035880","DISYUNTOR (INTERRUPTOR, BREAKER) TERMOMAGNETICO # CH-150 TIPO EMBUTIR DE 1 POLO 50 A. 120/240 V. Marca EATON Modelo CHF150","Unidad",2,5760,11520,"001-Ingresos corrientes"]
[null,"Arquitectura","789-00","20304","125","000001","39121602","92035884","DISYUNTOR (INTERRUPTOR, BREAKER) TERMOMAGNETICO # CH-215 DE 2 POLOS 15 A 120/240 V. TIPO EMBUTIR Marca EATON Modelo CHF215","Unidad",2,9890,19780,"001-Ingresos corrientes"]
[null,"Arquitectura","789-00","20304","125","000001","39121602","92035887","DISYUNTOR (INTERRUPTOR, BREAKER) TERMOMAGNETICO # CH-220 DE 2 POLOS 20 A 120/240 V TIPO EMBUTIR Marca EATON Modelo CHF220","Unidad",2,9889,19778,"001-Ingresos corrientes"]
[null,"Arquitectura","789-00","20304","125","000001","39121602","92035906","DISYUNTOR (INTERRUPTOR, BREAKER) TERMOMAGNETICO # CH-230 DE 2 POLOS 30 A 120/240 V TIPO EMBUTIR Marca Eaton Modelo CHF230","Unidad",2,10000,20000,"001-Ingresos corrientes"]
[null,"Arquitectura","789-00","20304","125","000001","39121602","92035907","DISYUNTOR (INTERRUPTOR, BREAKER) TERMOMAGNETICO DE 2 POLOS 40 A 120/240 V TIPO EMBUTIR # CH-240 Marca EATON Modelo CHF240","Unidad",2,12000,24000,"001-Ingresos corrientes"]
[null,"Arquitectura","789-00","20304","125","000001","39121602","92035910","DISYUNTOR (INTERRUPTOR, BREAKER) TERMOMAGNETICO # CH-250 DE 2 POLOS 50 A. 120/240 V. TIPO EMBUTIR Marca EATON Modelo CHF250","Unidad",2,12615,25230,"001-Ingresos corrientes"]
[null,"Arquitectura","789-00","20304","125","000001","39121602","92035912","DISYUNTOR (INTERRUPTOR, BREAKER) TERMOMAGNETICO DE 2 POLOS 60 A 120/240 V TIPO EMBUTIR # CH-260 Marca EATON Modelo CH260","Unidad",2,12615,25230,"001-Ingresos corrientes"]
[null,"Arquitectura","789-00","20304","125","000001","39121602","92035914","DISYUNTOR (INTERRUPTOR, BREAKER) TERMOMAGNETICO DE 2 POLOS 70 A 120/240 V TIPO EMBUTIR # CH-270 Marca EATON CUTTLER HAMMER Modelo CH270","Unidad",2,12700,25400,"001-Ingresos corrientes"]
[null,"Arquitectura","789-00","20304","125","000001","39121602","92035919","DISYUNTOR (INTERRUPTOR, BREAKER) TERMOMAGNETICO # CH-290 DE 2 POLOS 90 A. 110/120 V. TIPO EMBUTIR Marca EATON Modelo CH290","Unidad",3,32920,98760,"001-Ingresos corrientes"]
[null,"Arquitectura","789-00","20304","125","000001","39121602","92036753","DISYUNTOR (INTERRUPTOR, BREAKER) TERMOMAGNETICO # CH2125 TIPO EMBUTIR 2 POLOS DE 125 A. 120/240 V. Marca EATON Modelo CH2125","Unidad",2,68335,136670,"001-Ingresos corrientes"]
[null,"Arquitectura","789-00","20304","125","000001","39121602","92038177","DISYUNTOR (INTERRUPTOR, BREAKER) TERMOMAGNETICO # QO290 TIPO DE ENCHUFAR DE 2 POLOS, 90 A, DE 120/240 V, PROTECCION CONTRA SOBRECARGA Y CORTOCIRCUITO. QO290","Unidad",5,86996,434980,"001-Ingresos corrientes"]
[null,"Arquitectura","789-00","20304","125","000001","39121602","92038178","DISYUNTOR (INTERRUPTOR, BREAKER) TERMOMAGNETICO # QO2125 TIPO DE ENCHUFAR DE 2 POLOS, 125 A, DE 120/240 V, PROTECCION CONTRA SOBRECARGA Y CORTO CIRCUITO ","Unidad",2,85000,170000,"001-Ingresos corrientes"]
[null,"Arquitectura","789-00","20304","125","000001","39121602","92049230","INTERRUPTOR TERMO MAGNÉTICO DE PRESIÓN 40A, 1 POLO, 120 V, CAPACIDAD 10KAIC a 240 VAC, QO140. Con indicador visible de disparo. Clasificado para uso como apagador. Clasificado para los siguientes voltajes: 120 VAC, 240 VAC, 120/208 VAC, 120/240 VAC. UL Standard 489, CSA 22.2 No. 5, NOM/ANCE and NEMA Standard AB1 and to meet Federal Especificación W-C-375B/GEN. QO circuito breakers are UL Listed under UL File E84967 and are CSA Certified under CSA Master Contract 153555. QO140","Unidad",2,10000,20000,"001-Ingresos corrientes"]
[null,"Arquitectura","789-00","20304","125","000001","39121602","92049233","DISYUNTOR (INTERRUPTOR, BREAKER) TERMOMAGNETICO # QO220 DE 2 POLO 20 A. 120/240 V TIPO DE ENCHUFAR.  QO220 ","Unidad",2,16000,32000,"001-Ingresos corrientes"]
[null,"Arquitectura","789-00","20304","125","000001","39121602","92061325","INTERRUPTOR TERMO MAGNÉTICO DE TORNILLO 90A, 3 POLO, 120 V/240, CAPACIDAD 10KAIC a 240 VAC, QOB390. Con indicador visible de disparo. Clasificado para uso como apagador. Clasificado para los siguientes voltajes: 120 VAC, 240 VAC, 120/208 VAC, 120/240 VAC. Estándares y Normas: UL Standard 489, CSA 22.2 No. 5, NOM/ANCE and NEMA Standard AB1 and to meet Federal Especificación W-C-375B/GEN. QO circuito breakers are UL Listed under UL File E84967 and are CSA Certified under CSA Master Contract 153555.","Unidad",1,141950,141950,"001-Ingresos corrientes"]
[null,"Arquitectura","789-00","20304","125","000001","39121602","92062378","DISYUNTOR (INTERRUPTOR, BREAKER), TERMOMAGNETICO, # QO-360, DE 3 POLOS, AMPERAJE 60 A, VOLTAJE 120/240 V QO360 ","Unidad",2,70000,140000,"001-Ingresos corrientes"]
[null,"Arquitectura","789-00","20304","125"," 000001","39121602","92063801","DISYUNTOR (INTERRUPTOR, BREAKER), TIPO QO-315, DE 3 POLOS, AMPERAJE 15 A, VOLTAJE 120/240 V  QO315 ","Unidad",2,65000,130000,"001-Ingresos corrientes"]
[null,"Arquitectura","789-00","20304","125","000001","39121602","92064014","INTERRUPTOR TERMO MAGNÉTICO DE TORNILLO 100A, 2 POLO, 120 V/240, CAPACIDAD 10KAIC a 240 VAC, QOB2100. Con indicador visible de disparo. Clasificado para uso como apagador. Clasificado para los siguientes voltajes: 120 VAC, 240 VAC, 120/208 VAC, 120/240 VAC. Estándares y Normas: UL Standard 489, CSA 22.2 No. 5, NOM/ANCE and NEMA Standard AB1 and to meet Federal Especificación W-C-375B/GEN. QO circuito breakers are UL Listed under UL File E84967 and are CSA Certified under CSA Master Contract 153555.","Unidad",3,108083,324249,"001-Ingresos corrientes"]
[null,"Arquitectura","789-00","20304","125","000001","39121602","92064019","INTERRUPTOR TERMO MAGNÉTICO DE TORNILLO 125A, 2 POLO, 120 V/240, CAPACIDAD 10KAIC a 240 VAC, QOB2125. Con indicador visible de disparo. Clasificado para uso como apagador. Clasificado para los siguientes voltajes: 120 VAC, 240 VAC, 120/208 VAC, 120/240 VAC. Estándares y Normas: UL Standard 489, CSA 22.2 No. 5, NOM/ANCE and NEMA Standard AB1 and to meet Federal Especificación W-C-375B/GEN. QO circuito breakers are UL Listed under UL File E84967 and are CSA Certified under CSA Master Contract 153555.","Unidad",1,179418,179418,"001-Ingresos corrientes"]
[null,"Arquitectura","789-00","20304","125","000001 ","39121602","92064202","INTERRUPTOR TERMOMAGNÉTICO INDUSTRIAL 60A, 3 POLOS, 600 VAC. CAPACIDAD INTERRUPTIVA 35KAIC A 480 VAC. TERMINALES 14–3/0 AWG Aluminio o Cobre. PARA INSTALAR EN PANEL I-LINE, HGA36060. Con botón de disparo manual. Clasificado para los siguientes voltajes: 120 VAC, 120/240 VAC, 240 VAC, 277 VAC, 480Y/120 VAC, 480 VAC, 600 VAC. Estandares y Normas: UL 489,(NEMA AB-1 Standard, CSA Certified to CSA C22.2 No. 5-02 Standard, File LR7551, IEC 60947-2 Standard, Federal Specification W-C-375B/GEN as Class 11a, 11b; 12a, 12b; and 13a, 13b ","Unidad",1,1500000,1500000,"001-Ingresos corrientes"]
[null,"Arquitectura","789-00","20304","125","000001","39121602","92068481","INTERRUPTOR TERMO MAGNÉTICO DE PRESIÓN 50A, 1 POLO, 120 V, CAPACIDAD 10KAIC a 240 VAC, QO150. Con indicador visible de disparo. Clasificado para uso como apagador. Clasificado para los siguientes voltajes: 120 VAC, 240 VAC, 120/208 VAC, 120/240 VAC. UL Standard 489, CSA 22.2 No. 5, NOM/ANCE and NEMA Standard AB1 and to meet Federal Especificación W-C-375B/GEN. QO circuito breakers are UL Listed under UL File E84967 and are CSA Certified under CSA Master Contract 153555. ","Unidad",2,10500,21000,"001-Ingresos corrientes"]
[null,"Arquitectura","789-00","20304","125","000001","39121602","92069927","DISYUNTOR (INTERRUPTOR) TERMOMAGNETICO TIPO QO3100, AMPERAJE 100 A, 3 POLOS, VOLTAJE 120-240 V PARA TABLERO","Unidad",2,140000,280000,"001-Ingresos corrientes"]
[null,"Arquitectura","789-00","20304","125","000001","39121602","92080640","DISYUNTOR (INTERRUPTOR, BREAKER) TERMOMAGNETICO # FD3125L DE 3 POLOS, 125 A, 600 V. PARA TABLERO CUTLER HAMMER Marca EATON Modelo FD3125L","Unidad",2,351000,702000,"001-Ingresos corrientes"]
[null,"Arquitectura","789-00","20304","125","000001","39121602","92082058","INTERRUPTOR TERMO MAGNÉTICO DE PRESIÓN 125A, 3 POLO, 120 V/240, CAPACIDAD 10KAIC, CH3125","Unidad",2,100000,{"$f":"K432*L432","v":200000},"001-Ingresos corrientes"]
[null,"Arquitectura","789-00","20304","125","000001","39121602","92082060","DISYUNTOR (INTERRUPTOR, BREAKER) TERMOMAGNETICO DE PRESION 20 A, 1 POLO, 120 V, CAPACIDAD 10KAIC, CON PROTECCION DE INTERRUPCION DE CIRCUITO POR FALLA A TIERRA, CH120AF. Marca EATON Modelo CHFCAF120","Unidad",2,22585,45170,"001-Ingresos corrientes"]
[null,"Arquitectura","789-00","20304","125","000001","39121602","92082064","DISYUNTOR (INTERRUPTOR, BREAKER) TERMOMAGNETICO INDUSTRIAL, # FD2060L, 60 A, 2 POLOS, 600 VAC, CAPACIDAD INTERRUPTIVA 35 KAIC A 480 VAC Marca EATON Modelo FD2060L","Unidad",2,202048,404096,"001-Ingresos corrientes"]
[null,"Arquitectura","789-00","20304","125","000001","39121602","92082070","DISYUNTOR (INTERRUPTOR, BREAKER) #FD2125L, TERMOMAGNETICO INDUSTRIAL 125 A, 2 POLOS, 600 VAC, CAPACIDAD INTERRUPTIVA 35 KAIC A 480 VAC Marca EATON Modelo FD2125L","Unidad",2,327000,654000,"001-Ingresos corrientes"]
[null,"Arquitectura","789-00","20304","125","000001","39121602","92082311","DISYUNTOR (INTERRUPTOR, BREAKER) TERMOMAGNETICO INDUSTRIAL 100A, 3 POLOS, 600 VAC, CAPACIDAD INTERRUPTIVA 14KAIC A 600 VAC # FDB3100L Marca EATON Modelo FD-3100L","Unidad",2,312000,624000,"001-Ingresos corrientes"]
[null,"Arquitectura","789-00","20304","125","000001","39121602","92082316","DISYUNTOR (INTERRUPTOR, BREAKER) TERMOMAGNETICO INDUSTRIAL 200A, 3 POLOS, 600 VAC, CAPACIDAD INTERRUPTIVA 35KAIC A 480 VAC # JD3200L Marca EATON Modelo JD3200L","Unidad",1,798845,798845,"001-Ingresos corrientes"]
[null,"Arquitectura","789-00","20304","055","160601","39111603","92221597","LUMINARIA COMPLETA LED, CERRADA TIPO COBRA, POTENCIA DE 105 W, EFICIENCIA LUMINICA DE 125 lm/W, FLUJO LUMINOSO MÍNIMO INICIAL 13400 lm, CORRIENTE ELECTRICA DE 120 V A 277 V CORRIENTE ALTERNA, TEMPERATURA COLOR 5000 K (TOLERANCIA ENTRE 4745 K – 5311 K), PARA ALUMBRADO PÚBLICO ","Unidad ",1,210000,210000,"001-Ingresos corrientes"]
[null,"Arquitectura","789-00","20304","055","160601","39111603","92221598","LUMINARIA COMPLETA LED, TIPO REFLECTOR, POTENCIA DE 500 W, EFICIENCIA LUMÍNICA DE 95 lm/W, FLUJO LUMINOSO MÍNIMO INICIAL 49000 lm, CORRIENTE ELÉCTRICA DE 120 V A 277 V CONEXIÓN ALTERNA, TEMPERATURA COLOR 6500 K (6020 K - 7040 K) PARA ALUMBRADO PÚBLICO","Unidad ",1,520000,520000,"001-Ingresos corrientes"]
[null,"Arquitectura","789-00","20304","055","160601","39111603","92151907","LUMINARIA COMPLETA LED, CERRADA TIPO COBRA, POTENCIA DE 120 W, EFICIENCIA LUMINICA DE 80 lm/W, FLUJO LUMINOSO MÍNIMO INICIAL 9600 lm, CORRIENTE ELECTRICA DE 120 V A 277 V CONEXIÓN ALTERNA, TEMPERATURA COLOR 5000 K (TOLERANCIA ENTRE 4745 K – 5311 K), PARA ALUMBRADO PÚBLICO","Unidad ",2,632500,1265000,"001-Ingresos corrientes"]
[null,"Arquitectura","789-00","20304","125","000001","39121602","92082320","INTERRUPTOR TERMO MAGNÉTICO DE PRESIÓN 30A, 1 POLO, 120 V, CAPACIDAD 10KAIC a 240 VAC, QO130. Con indicador visible de disparo. Clasificado para uso como apagador. Clasificado para los siguientes voltajes: 120 VAC, 240 VAC, 120/208 VAC, 120/240 VAC. UL Standard 489, CSA 22.2 No. 5, NOM/ANCE and NEMA Standard AB1 and to meet Federal Especificación W-C-375B/GEN. QO circuito breakers are UL Listed under UL File E84967 and are CSA Certified under CSA Master Contract 153555","Unidad",1,9000,9000,"001-Ingresos corrientes"]
[null,"Arquitectura","789-00","20304","125","000001","39121602","92082321","INTERRUPTOR TERMO MAGNÉTICO DE PRESIÓN 90A, 2 POLO, 120 V/240, CAPACIDAD 10KAIC a 240 VAC, QO290. Con indicador visible de disparo. Clasificado para uso como apagador. Clasificado para los siguientes voltajes: 120 VAC, 240 VAC, 120/208 VAC, 120/240 VAC. UL Standard 489, CSA 22.2 No. 5, NOM/ANCE and NEMA Standard AB1 and to meet Federal Especificación W-C-375B/GEN. QO circuito breakers are UL Listed under UL File E84967 and are CSA Certified under CSA Master Contract 153555.","Unidad",2,33828,67656,"001-Ingresos corrientes"]
[null,"Arquitectura","789-00","20304","125","000001","39121602","92082322","DISYUNTOR (INTERRUPTOR, BREAKER) TERMOMAGNETICO DE PRESION 70A, 2 POLOS, 120 V/240, CAPACIDAD 10KAIC A 240 VAC, # QO270. CON INDICADOR VISIBLE DE DISPARO QO270 ","Unidad",2,35000,70000,"001-Ingresos corrientes"]
[null,"Arquitectura","789-00","20304","125","000001","39121602","92082323","DISYUNTOR (INTERRUPTOR, BREAKER) TERMOMAGNETICO DE PRESION 100A, 2 POLOS, 120 V/240, CAPACIDAD 10KAIC A 240 VAC, # QO2100. CON INDICADOR VISIBLE DE DISPARO.   QO2100 ","Unidad",2,75000,150000,"001-Ingresos corrientes"]
[null,"Arquitectura","789-00","20304","125","000001","39121602","92082325","DISYUNTOR (INTERRUPTOR, BREAKER) TERMOMAGNETICO DE PRESION 20A, 3 POLOS, 120 V/240, CAPACIDAD 10KAIC A 240 VAC, # QO320. CON INDICADOR VISIBLE DE DISPARO. QO320","Unidad",2,70000,140000,"001-Ingresos corrientes"]
[null,"Arquitectura","789-00","20304","125","000001","39121602","92082326","DISYUNTOR (INTERRUPTOR, BREAKER) TERMOMAGNETICO DE PRESION 30A, 3 POLOS, 120 V/240, CAPACIDAD 10KAIC A 240 VAC, # QO330. CON INDICADOR VISIBLE DE DISPARO. QO330 ","Unidad",2,70000,140000,"001-Ingresos corrientes"]
[null,"Arquitectura","789-00","20304","125","000001","39121602","92082327","DISYUNTOR (INTERRUPTOR, BREAKER) TERMOMAGNETICO DE PRESION 90A, 3 POLOS, 120 V/240, CAPACIDAD 10KAIC A 240 VAC, # QO390. CON INDICADOR VISIBLE DE DISPARO. QO390 ","Unidad",2,120000,240000,"001-Ingresos corrientes"]
[null,"Arquitectura","789-00","20304","125","000001","39121602","92082330","INTERRUPTOR TERMO MAGNÉTICO DE PRESIÓN 20A, 1 POLO, 120 V, CAPACIDAD 10KAIC a 240 VAC,  QO120CAFI. Interruptor termo magnético de presión 20A con protección de interrupción de circuito por falla a tierra. UL Standard 489 and CSA C22.2 #144","Unidad",2,40597,81194,"001-Ingresos corrientes"]
[null,"Arquitectura","789-00","20304","125","000001","39121602","92082332","INTERRUPTOR TERMO MAGNÉTICO DE TORNILLO 20A, 1 POLO, 120 V, CAPACIDAD 10KAIC a 240 VAC, QOB120. Con indicador visible de disparo. Clasificado para uso como apagador. Clasificado para los siguientes voltajes: 120 VAC, 240 VAC, 120/208 VAC, 120/240 VAC. Estándares y Normas: UL Standard 489, CSA 22.2 No. 5, NOM/ANCE and NEMA Standard AB1 and to meet Federal Especificación W-C-375B/GEN. QO circuito breakers are UL Listed under UL File E84967 and are CSA Certified under CSA Master Contract 153555.","Unidad",2,16611,33222,"001-Ingresos corrientes"]
[null,"Arquitectura","789-00","20304","125","000001","39121602","92082335","INTERRUPTOR TERMO MAGNÉTICO DE TORNILLO30A, 1 POLO, 120 V, CAPACIDAD 10KAIC a 240 VAC, QOB130. Con indicador visible de disparo. Clasificado para uso como apagador. Clasificado para los siguientes voltajes: 120 VAC, 240 VAC, 120/208 VAC, 120/240 VAC. Estándares y Normas: UL Standard 489, CSA 22.2 No. 5, NOM/ANCE and NEMA Standard AB1 and to meet Federal Especificación W-C-375B/GEN. QO circuito breakers are UL Listed under UL File E84967 and are CSA Certified under CSA Master Contract 153555.","Unidad",3,18580,55740,"001-Ingresos corrientes"]
[null,"Arquitectura","789-00","20304","125","000001","39121602","92082342","INTERRUPTOR TERMOMAGNÉTICO INDUSTRIAL 200A, 3 POLOS, 600 VAC. CAPACIDAD INTERRUPTIVA 35KAIC A 480 VAC. TERMINALES 3/0 AWG–350 kcmil Aluminio o Cobre. PARA INSTALAR EN PANEL I-LINE, JGA36200. Con botón de disparo manual. Clasificado para los siguientes voltajes: 120 VAC, 120/240 VAC, 240 VAC, 277 VAC, 480Y/120 VAC, 480 VAC, 600 VAC. Estandares y Normas: UL 489,(NEMA AB-1 Standard, CSA Certified to CSA C22.2 No. 5-02 Standard, File LR7551, IEC 60947-2 Standard, Federal Specification W-C-375B/GEN as Class 11a, 11b; 12a, 12b; and 13a, 13b ","Unidad",2,2450000,4900000,"001-Ingresos corrientes"]
[null,"Arquitectura","789-00","20304","125","000001","39121602","92082343","INTERRUPTOR TERMOMAGNÉTICO INDUSTRIAL 150A, 3 POLOS, 600 VAC. CAPACIDAD INTERRUPTIVA 35KAIC A 480 VAC. TERMINALES 4–4/0 AWG Aluminio o Cobre. PARA INSTALAR EN PANEL I-LINE, JGA36150. Con botón de disparo manual. Clasificado para los siguientes voltajes: 120 VAC, 120/240 VAC, 240 VAC, 277 VAC, 480Y/120 VAC, 480 VAC, 600 VAC. Estandares y Normas: UL 489,(NEMA AB-1 Standard, CSA Certified to CSA C22.2 No. 5-02 Standard, File LR7551, IEC 60947-2 Standard, Federal Specification W-C-375B/GEN as Class 11a, 11b; 12a, 12b; and 13a, 13b","Unidad",2,684547,1369094,"001-Ingresos corrientes"]
[null,"Arquitectura","789-00","20304","125","000001","39121602","92082343","INTERRUPTOR TERMOMAGNÉTICO INDUSTRIAL 125A, 3 POLOS, 600 VAC. CAPACIDAD INTERRUPTIVA 18KAIC A 600 VAC. TERMINALES 14–3/0 AWG Aluminio o Cobre. PARA INSTALAR EN PANEL I-LINE, HGA36125. Con botón de disparo manual. Clasificado para los siguientes voltajes: 120 VAC, 120/240 VAC, 240 VAC, 277 VAC, 480Y/120 VAC, 480 VAC, 600 VAC. Estandares y Normas: UL 489,(NEMA AB-1 Standard, CSA Certified to CSA C22.2 No. 5-02 Standard, File LR7551, IEC 60947-2 Standard, Federal Specification W-C-375B/GEN as Class 11a, 11b; 12a, 12b; and 13a, 13b","Unidad",1,2250000,2250000,"001-Ingresos corrientes"]
[null,"Arquitectura","789-00","20304","125","000001","39121602","92082345","INTERRUPTOR TERMOMAGNÉTICO INDUSTRIAL 100A, 3 POLOS, 600 VAC. CAPACIDAD INTERRUPTIVA 18KAIC A 600 VAC. TERMINALES 14–3/0 AWG Aluminio o Cobre. PARA INSTALAR EN PANEL I-LINE, HGA36100. Con botón de disparo manual. Clasificado para los siguientes voltajes: 120 VAC, 120/240 VAC, 240 VAC, 277 VAC, 480Y/120 VAC, 480 VAC, 600 VAC. Estandares y Normas: UL 489,(NEMA AB-1 Standard, CSA Certified to CSA C22.2 No. 5-02 Standard, File LR7551, IEC 60947-2 Standard, Federal Specification W-C-375B/GEN as Class 11a, 11b; 12a, 12b; and 13a, 13b  ","Unidad",1,684547,684547,"001-Ingresos corrientes"]
[null,"Arquitectura","789-00","20304","125","000001","39121602","92082347","INTERRUPTOR TERMO MAGNÉTICO DE TORNILLO 15A, 2 POLOS, 120 V/240, CAPACIDAD 10KAIC a 240 VAC, QOB215. Con indicador visible de disparo. Clasificado para uso como apagador. Clasificado para los siguientes voltajes: 120 VAC, 240 VAC, 120/208 VAC, 120/240 VAC. Estándares y Normas: UL Standard 489, CSA 22.2 No. 5, NOM/ANCE and NEMA Standard AB1 and to meet Federal Especificación W-C-375B/GEN. QO circuito breakers are UL Listed under UL File E84967 and are CSA Certified under CSA Master Contract 153555.","Unidad",1,39820,39820,"001-Ingresos corrientes"]
[null,"Arquitectura","789-00","20304","125","000001","39121602","92082349","INTERRUPTOR TERMO MAGNÉTICO DE TORNILLO 100A, 2 POLO, 120 V/240, CAPACIDAD 10KAIC a 240 VAC, QOB290. Con indicador visible de disparo. Clasificado para uso como apagador. Clasificado para los siguientes voltajes: 120 VAC, 240 VAC, 120/208 VAC, 120/240 VAC. Estándares y Normas: UL Standard 489, CSA 22.2 No. 5, NOM/ANCE and NEMA Standard AB1 and to meet Federal Especificación W-C-375B/GEN. QO circuito breakers are UL Listed under UL File E84967 and are CSA Certified under CSA Master Contract 153555.","Unidad",2,108083,216166,"001-Ingresos corrientes"]
[null,"Arquitectura","789-00","20304","125","000001","39121602","92082351","INTERRUPTOR TERMO MAGNÉTICO DE TORNILLO 50A, 2 POLO, 120 V/240, CAPACIDAD 10KAIC a 240 VAC, QOB250. Con indicador visible de disparo. Clasificado para uso como apagador. Clasificado para los siguientes voltajes: 120 VAC, 240 VAC, 120/208 VAC, 120/240 VAC. Estándares y Normas: UL Standard 489, CSA 22.2 No. 5, NOM/ANCE and NEMA Standard AB1 and to meet Federal Especificación W-C-375B/GEN. QO circuito breakers are UL Listed under UL File E84967 and are CSA Certified under CSA Master Contract 153555.","Unidad",2,52741,105482,"001-Ingresos corrientes"]
[null,"Arquitectura","789-00","20304","125","000001","39121602","92082352","INTERRUPTOR TERMO MAGNÉTICO DE TORNILLO 40A, 2 POLO, 120 V/240, CAPACIDAD 10KAIC a 240 VAC,  QOB240. Con indicador visible de disparo. Clasificado para uso como apagador. Clasificado para los siguientes voltajes: 120 VAC, 240 VAC, 120/208 VAC, 120/240 VAC. Estándares y Normas: UL Standard 489, CSA 22.2 No. 5, NOM/ANCE and NEMA Standard AB1 and to meet Federal Especificación W-C-375B/GEN. QO circuito breakers are UL Listed under UL File E84967 and are CSA Certified under CSA Master Contract 153555.","Unidad",2,52741,105482,"001-Ingresos corrientes"]
[null,"Arquitectura","789-00","20304","125","000001","39121602","92082353","INTERRUPTOR TERMO MAGNÉTICO DE TORNILLO 30A, 2 POLO, 120 V/240, CAPACIDAD 10KAIC a 240 VAC, QOB230. Con indicador visible de disparo. Clasificado para uso como apagador. Clasificado para los siguientes voltajes: 120 VAC, 240 VAC, 120/208 VAC, 120/240 VAC. Estándares y Normas: UL Standard 489, CSA 22.2 No. 5, NOM/ANCE and NEMA Standard AB1 and to meet Federal Especificación W-C-375B/GEN. QO circuito breakers are UL Listed under UL File E84967 and are CSA Certified under CSA Master Contract 153555.","Unidad",2,43142,86284,"001-Ingresos corrientes"]
[null,"Arquitectura","789-00",20304,"125","000001","39121602","92148060","INTERRUPTOR TERMOMAGNÉTICO DE PRESIÓN TWIN 20A/20A, 1 POLO, 120 V. Marca EATON Modelo CHT2020","Unidad",2,13543,27086,"001-Ingresos corrientes"]
[null,"Arquitectura","789-00","20304","125","000120","39121601","92009988"," INTERRUPTOR (BREAKER) QO 20 A 2P 120/240","Unidad",2,24582,49164,"001-Ingresos corrientes"]
[null,"Arquitectura","789-00","20304","125","000140","39121601","92064246","DISYUNTOR (INTERRUPTOR, BREAKER), TIPO QO, DE 2 POLOS, AMPERIOS 30 A, VOLTAJE 120/240 V FRECUENCIA 50/60 Hz QO230 ","Unidad",2,17000,34000,"001-Ingresos corrientes"]
[null,"Arquitectura","789-00","20304","125","000180","39121601","92054855","DISYUNTOR (INTERRUPTOR, BREAKER), TIPO QO-260, DE 2 POLOS, AMPERIOS 60 A, VOLTAJE 120/240 V FRECUENCIA 50/60 Hz QO250 ","Unidad",2,23000,46000,"001-Ingresos corrientes"]
[null,"Arquitectura","789-00","20304","125","000200","39121601","92066029","DISYUNTOR (INTERRUPTOR, BREAKER), TIPO QO-260, DE 2 POLOS, AMPERIOS 60 A, VOLTAJE 120/240 V FRECUENCIA 50/60 Hz QO260 ","Unidad",2,24000,48000,"001-Ingresos corrientes"]
[null,"Arquitectura","789-00","20304","125","000200","39121601","92066030","DISYUNTOR (INTERRUPTOR, BREAKER), TIPO QO-B, DE 2 POLOS, AMPERIOS 60 A, VOLTAJE 120/240 V FRECUENCIA 50/60 Hz","Unidad",2,52741,105482,"001-Ingresos corrientes"]
[null,"Arquitectura","789-00","20304","125","000280","39121601","92063800"," DISYUNTOR (INTERRUPTOR, BREAKER), TIPO QO-B, DE 3 POLOS, AMPERAJE 15 A, VOLTAJE 120/240 V. Con indicador visible de disparo. Clasificado para uso como apagador. Clasificado para los siguientes voltajes: 120 VAC, 240 VAC, 120/208 VAC, 120/240 VAC. Estándares y Normas: UL Standard 489, CSA 22.2 No. 5, NOM/ANCE and NEMA Standard AB1 and to meet Federal Especificación W-C-375B/GEN. QO circuito breakers are UL Listed under UL File E84967 and are CSA Certified under CSA Master Contract 153555.","Unidad",10,118549,1185490,"001-Ingresos corrientes"]
[null,"Arquitectura","789-00","20304","125","000320","39121602","92062684","DISYUNTOR (INTERRUPTOR, BREAKER), TIPO QO-B, DE 3 POLOS, AMPERIOS 30 A, VOLTAJE 120/240 V FRECUENCIA 50/60 Hz DISYUNTOR (INTERRUPTOR, BREAKER), TIPO QO-B, DE 3 POLOS, AMPERIOS 30 A, VOLTAJE 120/240 V FRECUENCIA 50/60 Hz \nCon indicador visible de disparo. Clasificado para uso como apagador. Clasificado para los siguientes voltajes: 120 VAC, 240 VAC, 120/208 VAC, 120/240 VAC. Estándares y Normas: UL Standard 489, CSA 22.2 No. 5, NOM/ANCE and NEMA Standard AB1 and to meet Federal Especificación W-C-375B/GEN. QO circuito breakers are UL Listed under UL File E84967 and are CSA Certified under CSA Master Contract 153555.","Unidad",10,118549,{"$f":"K467*L467","v":1185490},"001-Ingresos corrientes"]
[null,"Arquitectura","789-00","20304","125","000340","39121601","92065883","DISYUNTOR (INTERRUPTOR, BREAKER), TIPO QO-340, DE 3 POLOS, AMPERIOS 40 A, VOLTAJE 120/240 V FRECUENCIA 50/60 Hz QO340 ","Unidad",10,70000,700000,"001-Ingresos corrientes"]
[null,"Arquitectura","789-00","20304","125","000360","39121601","92004903"," DISYUNTOR (INTERRUPTOR, BREAKER) TERMO MAGNÉTICO DE 3 POLOS DE 50 A DE 120/240 V # Q0350","Unidad",10,83778,837780,"001-Ingresos corrientes"]
[null,"Arquitectura","789-00","20304","155","000460","26121616","92039573","CABLE TELEFÓNICO INTERIOR DE 2 PARES, CALIBRE #24 AWG, 2X2X24 AWG (A GRANEL) Marca VIAKON Modelo 2P24AWG CU SOLIDO INTERIOR","unidad",2,225,450,"001-Ingresos corrientes"]
[null,"Arquitectura","789-00","20304","130","000001","26121613","92014065","CABLE CONDUCTOR DE ALUMINIO FORRADO TRIPLEX FASES AAC # 2 AWG NEUTRO AAAC 48,69 kcm (SOLASTER) (TY-3) Marca VIAKON Modelo VK-SOL","Metro",2,939,1878,"001-Ingresos corrientes"]
[null,"Arquitectura","789-00","20304","130","000001","26121613","92014067","CABLE CONDUCTOR DE ALUMINIO FORRADO TRIPLEX FASES AAC # 6 AWG NEUTRO AAAC 30,58 kcm (HIPPA) (TY-1) Marca CONDUCEN Modelo NEUTRO","Metro",3,428,1284,"001-Ingresos corrientes"]
[null,"Arquitectura","789-00","20304","130","000001","26121613","92014068","CABLE CONDUCTOR DE ALUMINIO FORRADO TRIPLEX FASES AAC # 4 AWG NEUTRO AAAC 48,69 kcm (BARNACLES) (TY-2) Marca CONDUCEN Modelo NEUTRO","Metro",4,662,2648,"001-Ingresos corrientes"]
[null,"Arquitectura","789-00","20304","130","000001","26121613","92113968","CABLE CONDUCTOR DE ALUMINIO TRIPLEX FORRADO FASES AAC # 1/0 AWG NEUTRO AAAC 123,3 kcm, 600 V, (GAmmARUS) (TY-4A) Marca CONDUCEN Modelo NEUTRO ACSR","Metro",5,1616,8080,"001-Ingresos corrientes"]
[null,"Arquitectura","789-00","20304","130","000001","26121634","90011610","CABLE DE COBRE FORRADO # 6 AWG THHN VERDE Marca VIAKON Modelo THHN","Metro",5,765,3825,"001-Ingresos corrientes"]
[null,"Arquitectura","789-00","20304","130","000001","26121634","90026087","CABLE ELECTRICO DE COBRE FORRADO TGP 3 X 12 P/600V Marca VIAKON Modelo TGP 3 x 12","Metro",5,1465,7325,"001-Ingresos corrientes"]
[null,"Arquitectura","789-00","20304","130","000001","26121634","92005948","CABLE DE COBRE TIPO TGP, CALIBRE 4 X 12 AWG, 7 HILOS, C-F, AISLAMIENTO THHN. Marca VIAKON Modelo TGP-4X12","Metro",5,1102,5510,"001-Ingresos corrientes"]
[null,"Arquitectura","789-00","20304","130","000100","26121634","92010885","CABLE DE COBRE CALIBRE # 12 AWG, 7 HILOS, C/F, AISLAMIENTO THHN, MONOCONDUCTOR, VOLTAJE MAXIMO DE OPERACION DE 600 V, CUBIERTA COLOR VERDE Marca VIAKON Modelo 12 AWG THHN /THWN-2 UL","Metro",5,174,870,"001-Ingresos corrientes"]
[null,"Arquitectura","789-00","20304","130","000100","26121634","92010886","CABLE DE COBRE CALIBRE # 12 AWG, 7 HILOS, C/F, AISLAMIENTO THHN, MONOCONDUCTOR, VOLTAJE MAXIMO DE OPERACION DE 600 V, CUBIERTA COLOR BLANCO Marca VIAKON Modelo 12 AWG THHN /THWN-2 UL","Metro",5,174,870,"001-Ingresos corrientes"]
[null,"Arquitectura","789-00","20304","130","000100","26121634","92010887","CABLE DE COBRE CALIBRE # 12 AWG, 7 HILOS, C/F, AISLAMIENTO THHN, MONOCONDUCTOR, VOLTAJE MAXIMO DE OPERACION DE 600 V, CUBIERTA COLOR AZUL Marca VIAKON Modelo THHN #12","Metro",5,176,880,"001-Ingresos corrientes"]
[null,"Arquitectura","789-00","20304","130","000001","26121634","92010888","CABLE DE COBRE CALIBRE # 12 AWG, 7 HILOS, C/F, AISLAMIENTO THHN, MONOCONDUCTOR, VOLTAJE MAXIMO DE OPERACION DE 600 V, CUBIERTA COLOR ROJO Marca VIAKON Modelo 12 AWG THHN /THWN-2 UL","Metro",5,174,870,"001-Ingresos corrientes"]
[null,"Arquitectura","789-00","20304","130","000100","26121634","92010889","CABLE DE COBRE CALIBRE # 12 AWG, 7 HILOS, C/F, AISLAMIENTO THHN, MONOCONDUCTOR, VOLTAJE MAXIMO DE OPERACION DE 600 V, CUBIERTA COLOR NEGRO Marca VIAKON Modelo THHN #12","Metro",5,174,870,"001-Ingresos corrientes"]
[null,"Arquitectura","789-00","20304","130","000001","26121634","92022544","CABLE ELECTRICO DE COBRE FORRADO TIPO TGP # 4 X 10 AWG PARA 600 V, 7 HILOS Marca VIAKON Modelo 4","Metro",5,1798,8990,"001-Ingresos corrientes"]
[null,"Arquitectura","789-00","20304","130","000001","26121634","92022558","CABLE ELECTRICO DE COBRE FORRADO TIPO TGP # 3 X 10 AWG PARA 600 V, 7 HILOS Marca Viakon Modelo TGP 3x10 AWG 7 hilos","Metro",5,1445,7225,"001-Ingresos corrientes"]
[null,"Arquitectura","789-00","20304","130","000001","26121634","92053194","CABLE DE COBRE, FORRADO PVC, COLOR NEGRO, AISLANTE RHH/RHHW-2 USE-2, # 2 AWG, 600 V, TEMPRATURA OPERACION 90 °C Marca VIAKON Modelo 2 AWG","Metro",5,2300,11500,"001-Ingresos corrientes"]
[null,"Arquitectura","789-00","20304","130","000001","26121634","92053196","CABLE DE COBRE, FORRADO PVC, COLOR NEGRO, AISLANTE RHH/RHHW-2, USE-2, # 4 AWG, 600 V, OPERACIÓN 90 ºC Marca VIAKON Modelo RHH/RHHW-2","Metro",5,1542,7710,"001-Ingresos corrientes"]
[null,"Arquitectura","789-00","20304","130","000001","26121634","92084013","CABLE CALIBRE # 6 AWG RHW-2/USE-2, COLOR NEGRO (UL). MONOCONDUCTOR DE COBRE SUAVE RECOCIDO, AISLANTE A BASE DE POLIETILENO DE CADENA CRUZADA XLPe, PROTEGIDO POR CHAQUETA DE NYLON. Marca VIAKON Modelo 6 AWG","Metro",5,1032,5160,"001-Ingresos corrientes"]
[null,"Arquitectura","789-00","20304","130","000001","26121634","92084014","CABLE CALIBRE # 2 AWG RHW-2/USE-2, COLOR AZUL (UL). MONOCONDUCTOR DE COBRE SUAVE RECOCIDO 7 HILOS, AISLANTE A BASE DE POLIETILENO DE CADENA CRUZADA XLPe, PROTEGIDO POR CHAQUETA DE NYLON. PARA 600 VAC. TEMPERATURA MAXIMA DE OPERACION 90 °C. CUMPLE CON UL44, UL854.","Metro",5,4000,20000,"001-Ingresos corrientes"]
[null,"Arquitectura","789-00","20304","130","000001","26121634","92084015","CABLE CALIBRE # 2 AWG RHW-2/USE-2, COLOR BLANCO (UL). MONOCONDUCTOR DE COBRE SUAVE RECOCIDO, AISLANTE A BASE DE POLIETILENO DE CADENA CRUZADA XLPe, PROTEGIDO POR CHAQUETA DE NYLON. PARA 600 VAC. TEMPERATURA MAXIMA DE OPERACION 90 °C. CUMPLE CON UL44, UL854.","Metro",5,4000,20000,"001-Ingresos corrientes"]
[null,"Arquitectura","789-00","20304","130","000001","26121634","92084016","CABLE CALIBRE # 2 AWG RHW-2/USE-2, COLOR ROJO (UL). MONOCONDUCTOR DE COBRE SUAVE RECOCIDO, AISLANTE A BASE DE POLIETILENO DE CADENA CRUZADA XLPe, PROTEGIDO POR CHAQUETA DE NYLON. PARA 600 VAC. TEMPERATURA MAXIMA DE OPERACION 90 °C. CUMPLE CON UL44, UL854.","Metro",5,4000,20000,"001-Ingresos corrientes"]
[null,"Arquitectura","789-00","20304","130","000001","26121634","92084017","CABLE CALIBRE # 1/0 AWG RHW-2/USE-2, COLOR NEGRO (UL). MONOCONDUCTOR DE COBRE SUAVE RECOCIDO, AISLANTE A BASE DE POLIETILENO DE CADENA CRUZADA XLPe, PROTEGIDO POR CHAQUETA DE NYLON. Marca VIAKON Modelo RHW2","Metro",5,1769,8845,"001-Ingresos corrientes"]
[null,"Arquitectura","789-00","20304","130","000001","26121634","92084018","CABLE CALIBRE # 4 AWG RHW-2/USE-2, COLOR AZUL (UL). MONOCONDUCTOR DE COBRE SUAVE RECOCIDO, AISLANTE A BASE DE POLIETILENO DE CADENA CRUZADA XLPe, PROTEGIDO POR CHAQUETA DE NYLON. PARA 600 VAC. TEMPERATURA MAXIMA DE OPERACION 90 °C. CUMPLE CON UL44, UL854.","Metro",5,3000,15000,"001-Ingresos corrientes"]
[null,"Arquitectura","789-00","20304","130","000001","26121634","92084019","CABLE CALIBRE # 4 AWG RHW-2/USE-2, COLOR ROJO (UL). MONOCONDUCTOR DE COBRE SUAVE RECOCIDO, AISLANTE A BASE DE POLIETILENO DE CADENA CRUZADA XLPe, PROTEGIDO POR CHAQUETA DE NYLON. PARA 600 VAC. TEMPERATURA MAXIMA DE OPERACION 90 °C. CUMPLE CON UL44, UL854.","Metro",5,3000,15000,"001-Ingresos corrientes"]
[null,"Arquitectura","789-00","20304","130","000001","26121634","92084020","CABLE CALIBRE # 6 AWG RHW-2/USE-2, COLOR BLANCO (UL). MONOCONDUCTOR DE COBRE SUAVE RECOCIDO, AISLANTE A BASE DE POLIETILENO DE CADENA CRUZADA XLPe, PROTEGIDO POR CHAQUETA DE NYLON. PARA 600 VAC. TEMPERATURA MAXIMA DE OPERACION 90 °C. CUMPLE CON UL44, UL854.","Metro",5,2000,10000,"001-Ingresos corrientes"]
[null,"Arquitectura","789-00","20304","130","000001","26121634","92084021","CABLE CALIBRE # 6 AWG RHW-2/USE-2, COLOR AZUL (UL). MONOCONDUCTOR DE COBRE SUAVE RECOCIDO, AISLANTE A BASE DE POLIETILENO DE CADENA CRUZADA XLPe, PROTEGIDO POR CHAQUETA DE NYLON. PARA 600 VAC. TEMPERATURA MAXIMA DE OPERACION 90 °C. CUMPLE CON UL44, UL854.","Metro",5,2000,10000,"001-Ingresos corrientes"]
[null,"Arquitectura","789-00","20304","130","000001","26121634","92084023","CABLE CALIBRE # 8 AWG RHW-2/USE-2, COLOR VERDE (UL). MONOCONDUCTOR DE COBRE SUAVE RECOCIDO, AISLANTE A BASE DE POLIETILENO DE CADENA CRUZADA XLPe, PROTEGIDO POR CHAQUETA DE NYLON. Marca VIAKON Modelo 8 AWG","Metro",5,736,3680,"001-Ingresos corrientes"]
[null,"Arquitectura","789-00","20304","130","000001","26121634","92084024","CABLE CALIBRE # 4 AWG RHW-2/USE-2, COLOR BLANCO (UL). MONOCONDUCTOR DE COBRE SUAVE RECOCIDO, AISLANTE A BASE DE POLIETILENO DE CADENA CRUZADA XLPe, PROTEGIDO POR CHAQUETA DE NYLON. PARA 600 VAC. TEMPERATURA MAXIMA DE OPERACION 90 °C. CUMPLE CON UL44, UL854.","Metro",5,3000,15000,"001-Ingresos corrientes"]
[null,"Arquitectura","789-00","20304","130","000001","26121634","92084025","CABLE CALIBRE # 2/0 AWG RHW-2/USE-2, COLOR NEGRO (UL). MONOCONDUCTOR DE COBRE SUAVE RECOCIDO, AISLANTE A BASE DE POLIETILENO DE CADENA CRUZADA XLPe, PROTEGIDO POR CHAQUETA DE NYLON. Marca VIAKON Modelo RHW2","Metro",5,2206,11030,"001-Ingresos corrientes"]
[null,"Arquitectura","789-00","20304","130","000001","26121634","92084026","CABLE CALIBRE # 3/0 AWG RHW-2/USE-2, COLOR NEGRO (UL). MONOCONDUCTOR DE COBRE SUAVE RECOCIDO, AISLANTE A BASE DE POLIETILENO DE CADENA CRUZADA XLPe, PROTEGIDO POR CHAQUETA DE NYLON. Marca VIAKON Modelo RHW-2","Metro",5,2728,{"$f":"K499*L499","v":13640},"001-Ingresos corrientes"]
[null,"Arquitectura","789-00","20304","130","000001","26121634","92084027","CABLE CALIBRE # 4/0 AWG RHW-2/USE-2, COLOR NEGRO (UL). MONOCONDUCTOR DE COBRE SUAVE RECOCIDO, AISLANTE A BASE DE POLIETILENO DE CADENA CRUZADA XLPe, PROTEGIDO POR CHAQUETA DE NYLON. Marca VIAKON Modelo RHW-2","Metro",5,3450,17250,"001-Ingresos corrientes"]
[null,"Arquitectura","789-00","20304","130","000080","26121634","90011587","CABLE DE COBRE FORRADO # 10 AWG THHN AZUL Marca VIAKON Modelo CABLE THHN","Metro",5,324,1620,"001-Ingresos corrientes"]
[null,"Arquitectura","789-00","20304","130","000060","26121634","90011611","CABLE DE COBRE FORRADO THHN # 8 AWG DE 7 HILOS PARA 600 V COLOR ROJO Marca VIAKON Modelo 8 AWG THHN / THWN-2 UL","Metro",5,475,2375,"001-Ingresos corrientes"]
[null,"Arquitectura","789-00","20304","130","000080","26121634","90011831","CABLE DE COBRE FORRADO THHN # 10 AWG DE 7 HILOS PARA 600 V COLOR ROJO Marca VIAKON Modelo AWG THHN /THWN-2 UL","Metro",5,324,1620,"001-Ingresos corrientes"]
[null,"Arquitectura","789-00","20304","130","000060","26121634","90011918","CABLE DE COBRE FORRADO TIPO THHN DE 7 HILOS # 8 AWG PARA 600 VOLTIOS COLOR NEGRO CON AISLAMIENTO TERMOPLÁSTICO DE CLORURO DE POLIVINILO (PVC) Y PROTEGIDO POR CUBIERTA DE NILON DEBE CUMPLIR NORMAS ASTM: B3, B8, B787, LISTADO UL","Metro",5,475,2375,"001-Ingresos corrientes"]
[null,"Arquitectura","789-00","20304","130","000060","26121634","90012078","CABLE DE COBRE FORRADO THHN # 8 AWG DE 600V COLOR AZUL Marca VIAKON Modelo 8","Metro",5,475,2375,"001-Ingresos corrientes"]
[null,"Arquitectura","789-00","20304","130","000080","26121634","90028357","CABLE DE COBRE FORRADO THHN # 10 AWG DE 7 HILOS COLOR VERDE Marca VIAKON Modelo THHN #10","Metro",5,324,1620,"001-Ingresos corrientes"]
[null,"Arquitectura","789-00","20304","130","000080","26121634","92006476","CABLE DE COBRE FORRADO TIPO THHN # 10 AWG PARA 600 V COLOR BLANCO Marca VIAKON Modelo THHN/THWN","Metro",5,324,1620,"001-Ingresos corrientes"]
[null,"Arquitectura","789-00","20304","130","000080","26121634","92010890","CABLE DE COBRE CALIBRE # 10 AWG, 7 HILOS, C/F, AISLAMIENTO THHN, MONOCONDUCTOR, VOLTAJE MAXIMO DE OPERACION DE 600 V, CUBIERTA COLOR NEGRO Marca VIAKON Modelo THHN #10","Metro",5,324,1620,"001-Ingresos corrientes"]
[null,"Arquitectura","789-00","20304","130","000060","26121634","92010891","CABLE DE COBRE CALIBRE # 8 AWG, 7 HILOS, C/F, AISLAMIENTO THHN, MONOCONDUCTOR, VOLTAJE MAXIMO DE OPERACION DE 600 V, CUBIERTA COLOR BLANCO Marca VIAKON Modelo THHN","Metro",5,475,2375,"001-Ingresos corrientes"]
[null,"Arquitectura","789-00","20304","130","000060","26121634","92022342","CABLE DE COBRE FORRADO PARA 600 V # 8 AWG VERDE THHN Marca VIAKON Modelo THHN-THWN-2","Metro",5,475,2375,"001-Ingresos corrientes"]
[null,"Arquitectura","789-00","20304","135","000001","39121303","90018687","CAJA EMT OCTOGONAL UL C/SALIDA DE 12.7MM Y 19.05MM CONCÉNTRICAS. PROFUNDIDAD DE 38mm (1 1/2\"). CONECTOR DE TIERRA EN RELIEVE ELEVADO.","Unidad",10,600,6000,"001-Ingresos corrientes"]
[null,"Arquitectura","789-00","20304","135","000080","39121303","92112243","CAJA DE REGISTRO SERIE RECTANGULAR, TIPO FS-1. FABRICADA EN ALUMINIO CON EMPAQUE DE NEOPRENO. PINTURA DE EPOXI-POLIESTER APLICADA ELECTROSTATICAMENTE. CERTIFICACION UL 425B. SALIDAS DIAMETRO 12,7 mm (1/2 pulg) ","Unidad",10,1350,13500,"001-Ingresos corrientes"]
[null,"Arquitectura","789-00","20304","135","000080","39121303","92112244","CAJA DE REGISTRO SERIE RECTANGULAR, TIPO FSC-2. FABRICADA EN ALUMINIO CON EMPAQUE DE NEOPRENO. PINTURA DE EPOXI-POLIESTER APLICADA ELECTROSTATICAMENTE. CERTIFICACION UL 425B. SALIDAS DIAMETRO 19,05 mm (3/4 pulg)","Unidad",10,1350,13500,"001-Ingresos corrientes"]
[null,"Arquitectura","789-00","20304","135","000080","39121303","92112245","CAJA DE REGISTRO SERIE RECTANGULAR, TIPO FS-2. FABRICADA EN ALUMINIO CON EMPAQUE DE NEOPRENO. PINTURA DE EPOXI-POLIESTER APLICADA ELECTROSTATICAMENTE. CERTIFICACION UL 425B. SALIDAS DIAMETRO 19,05 mm (3/4 pulg) Marca AMERICANA Modelo N/A","Unidad",10,1388,13880,"001-Ingresos corrientes"]
[null,"Arquitectura","789-00","20304","135","000080","39121303","92112363","CAJA DE REGISTRO SERIE RECTANGULAR, TIPO FSC-1. FABRICADA EN ALUMINIO CON EMPAQUE DE NEOPRENO. PINTURA DE EPOXI-POLIESTER APLICADA ELECTROSTATICAMENTE. CERTIFICACION UL 425B. SALIDAS DIAMETRO 12,7 mm (1/2 pulg) ","Unidad",10,1500,15000,"001-Ingresos corrientes"]
[null,"Arquitectura","789-00","20304","135","000080","39131711","92044335","CAJA PLASTICA MODULAR DE PARCHE RECTANGULAR COLOR BLANCA DE 50,8 mm DE ALTO X 76 mm DE ANCHO X 120,65 mm DE LARGO, PARA CANALETA Marca EAGLE Modelo 6010B","Unidad",10,948,9480,"001-Ingresos corrientes"]
[null,"Arquitectura","789-00","20304","135","000330","39121303","90028647","CAJA, EMT RECTANGULAR, CON TAPA, CON PREVISTAS DE 1,27 cm Y 1,91 cm Marca CONDUX Modelo EMT58361-1/23/4","Unidad",10,237,2370,"001-Ingresos corrientes"]
[null,"Arquitectura","789-00","20304","135","000600","39121330","92066894","CAJA DE ACERO TELEFONICA DE 195 mm DE ANCHO X 300 mm DE LARGO, 10-20 PARES CON REGLETA Marca EATON Modelo 1020P-S","Unidad",10,38000,380000,"001-Ingresos corrientes"]
[null,"Arquitectura","789-00","20304","135","000600",39121444,"92033305","MODULO (CAJA DE CONEXIÓN) 1 PAR TELEFONICO PARA RJ-11 Marca QUEST Modelo NTB-1402","Unidad",10,298,2980,"001-Ingresos corrientes"]
[null,"Arquitectura","789-00","20304","135","000700","39121303","90018315","CAJA DE ACERO (DE PASO) DE PARCHE DE 20 X 20 X 10 CM CAJA DE ACERO (DE PASO) DE PARCHE DE 20 X 20 X 10 CM EATON CAT. 884S","Unidad",10,11658,116580,"001-Ingresos corrientes"]
[null,"Arquitectura","789-00","20304","135","000700","39121303","92005619","CAJA DE ACERO DE PASO DE 300 mm X 300 mm X 100 mm TIPO PARCHE CAJA DE ACERO (DE PASO) DE PARCHE DE 30 X 30 X 10 CM EATON CAT. 12124S","Unidad",10,18310,183100,"001-Ingresos corrientes"]
[null,"Arquitectura","789-00","20304","140","000001","39121101","92073935","CUADRO DE DISTRIBUCION DE ELECTRICIDAD (CENTRO DE CARGA) # CH2AAR 125 A 1 FASE 120/240 V C.H Marca EATON Modelo CH2L125RP","Unidad ",10,43000,430000,"001-Ingresos corrientes"]
[null,"Arquitectura","789-00","20304","140","000001","39121101","92005990","CUADRO DE DISTRIBUCION DE ELECTRICIDAD (CENTRO DE CARGA) DE 30 CIRCUITOS 3 FASES 120/240V Marca EATON Modelo CH30B3200LPS","Unidad",10,218000,2180000,"001-Ingresos corrientes"]
[null,"Arquitectura","789-00","20304","140","000001","39121101","92015463","CUADRO DE DISTRIBUCION DE ELECTRICIDAD (CENTRO DE CARGA) MONOFASICO DE 42 CIRCUITOS DE 225 A DE 120/240 V Marca EATON Modelo PB423FX225S FD2175L","Unidad",1,625820,625820,"001-Ingresos corrientes"]
[null,"Arquitectura","789-00","20304","140","000001","39121101","92020043","CUADRO DE DISTRIBUCIÓN DE ELECTRICIDAD (CENTRO CARGA ) DE 2 POLOS 125 A DE 120/240 V, 1 FASE 3 HILOS , C/BARRA DE COBRE, DE PARCHE. QO 2125BNS","Unidad",2,24000,48000,"001-Ingresos corrientes"]
[null,"Arquitectura","789-00","20304","140","000001","39121101","92030687","CUADRO DE DISTRIBUCIÓN DE ELECTRICIDAD (CENTRO DE CARGA) TRIFÁSICO 3 ESPACIOS, CON BARRAS DE 125 A, 120/208 V, SUPERFICIAL (PARCHE) PARA DISYUNTORES TERMOMAGNETICOS DE EMBUTIR CH3ATS","Unidad",2,32000,64000,"001-Ingresos corrientes"]
[null,"Arquitectura","789-00","20304","140","000001","39121101","92030687","CUADRO DE DISTRIBUCIÓN DE ELECTRICIDAD (CENTRO DE CARGA) TRIFÁSICO 3 ESPACIOS, CON BARRAS DE 125 A, 120/208 V, SUPERFICIAL (PARCHE) PARA DISYUNTORES TERMOMAGNETICOS DE EMBUTIR QOD3S","Unidad",10,47000,470000,"001-Ingresos corrientes"]
[null,"Arquitectura","789-00","20304","140","000001","39121101","92038680","CUADRO DE DISTRIBUCION DE ELECTRICIDAD (CENTRO DE CARGA) MONOFASICO DE 3 HILOS CON 16 CIRCUITOS AMPERAJE 125 A VOLTAJE 120/240 V Marca EATON Modelo CH16L125SA","Unidad",10,66700,667000,"001-Ingresos corrientes"]
[null,"Arquitectura","789-00","20304","140","000001","39121101","92054583","CUADRO DE DISTRIBUCION DE ELECTRICIDAD (CENTRO DE CARGA), DE 30 CIRCUITOS (30 ESPACIOS), 1 FASE, DE 200 A, DE 120/240 V, FRECUENCIA 50/60 Hz Marca EATON Modelo CH32L225DPF","Unidad",10,133585,{"$f":"K529*L529","v":1335850},"001-Ingresos corrientes"]
[null,"Arquitectura","789-00","20304","140","000001","39121101","92083335","CUADRO DE DISTRIBUCION DE ELECTRICIDAD (CENTRO DE CARGA) # CH2AAR 125 A 1 FASE 120/240 V C.H. DE PARCHE","Unidad",10,23000,230000,"001-Ingresos corrientes"]
[null,"Arquitectura","789-00","20304","140","000001","39121101","92083336","CENTRO DE CARGA TRIFASICO, CH, DE EMPOTRAR, 18 ESPACIOS, BARRAS DE 125A, BT18, N/S, 120/240 V. Marca EATON Modelo CH18L3125CPS","Unidad",10,100247,1002470,"001-Ingresos corrientes"]
[null,"Arquitectura","789-00","20304","140","000001","39121101","92083337","CENTRO DE CARGA TRIFASICO, CH, DE PARCHE, 42 ESPACIOS, BARRAS DE 200A, BT42, N/S, 120/240 V. CON BREAKER PRINCIPAL Marca EATON Modelo CH42B3225LPS","Unidad",10,256400,2564000,"001-Ingresos corrientes"]
[null,"Arquitectura","789-00","20304","140","000001","39121101","92083341","CENTRO DE CARGA CH DE PARCHE 32 ESPACIOS, MONOFÁSICO, BARRAS DE 225 AMP, BT32, N/S, 120/240.Construidos en acero laminado en frío con tratamiento fosfatizado, pintura electroestática aplicada en polvo por alto desempeño, color gris                                                                                                                       CALIDAD IGUAL O SUPERIOR A CH32L225DPS ","Unidad",2,134985.12,269970.24,"001-Ingresos corrientes"]
[null,"Arquitectura","789-00","20304","140","000001","39121101","92083775","CENTRO DE CARGA DE PARCHE 16 ESPACIOS, MONOFÁSICO, BARRAS DE 100 AMP. CON BREAKER PRINCIPAL INSTALADO DE FÁBRICA QOM70.  INCLUYE BARRA DE TIERRA. CALIDAD IGUAL O SUPERIOR A QO116L125G, CUBIERTA QOC16US ","Unidad",2,123615.73,247231.46,"001-Ingresos corrientes"]
[null,"Arquitectura","789-00","20304","140","000001","39121101","92083776","CENTRO DE CARGA DE PARCHE 16 ESPACIOS, MONOFÁSICO, BARRAS DE 100 AMP. CON BREAKER PRINCIPAL INSTALADO DE FÁBRICA QOM90.  INCLUYE BARRA DE TIERRA. CALIDAD IGUAL O SUPERIOR A QO116L125G, CUBIERTA QOC16US","Unidad",2,123615.73,247231.46,"001-Ingresos corrientes"]
[null,"Arquitectura","789-00","20304","140","000001","39121101","92083777","CENTRO DE CARGA DE PARCHE 30 ESPACIOS, MONOFÁSICO, BARRAS DE 200 AMP. CON BREAKER PRINCIPAL INSTALADO DE FÁBRICA QOM100. INCLUYE BARRA DE TIERRA. CALIDAD IGUAL O SUPERIOR A QO130L200PG, CUBIERTA QOC30US","Unidad",2,190000,380000,"001-Ingresos corrientes"]
[null,"Arquitectura","789-00","20304","140","000001","39121101","92084112","CENTRO DE CARGA DE PARCHE 42 ESPACIOS, TRIFÁSICO, BARRAS DE 225 AMP. CON BREAKER PRINCIPAL INSTALADO DE FÁBRICA QDL32150. INCLUYE BARRA DE TIERRA. CALIDAD IGUAL O SUPERIOR A QO342MQ225 CUBIERTA QOC342MQS","Unidad",1,347237.92,347237.92,"001-Ingresos corrientes"]
[null,"Arquitectura","789-00","20304","140","000025","39121606","92033957","FUSIBLE TIPO CARTUCHO DE 30 A VOLTAJE 250 V Marca Aguila Modelo 1095-30","Unidad",2,666,1332,"001-Ingresos corrientes"]
[null,"Arquitectura","789-00","20304","140","000030","39121606","92058982","FUSIBLE TIPO CARTUCHO AMPERAJE 60 A, VOLTAJE 250 V FRECUENCIA 60 Hz DE 20 mm DE ANCHO X 74,61 mm DE LARGO Marca Aguila Modelo 1095-60","Unidad",2,1245,2490,"001-Ingresos corrientes"]
[null,"Arquitectura","789-00","20304","150","000001","39121434","92010733","CONECTOR DE ACERO GALVANIZADO CONDUIT EMT TIPO PRESION DIAMETRO DE 50,80 mm Marca CONDUX Modelo CONDUX","Unidad",2,700,1400,"001-Ingresos corrientes"]
[null,"Arquitectura","789-00","20304","150","000001","39121434","92081545","CONECTOR EMT DE PRESION, DIAMETRO DE 63 mm (2 1/2 pulg) (UL), ROSCA HEXAGONAL, DE ACERO CON ACABADO DE ZINC Marca AMERICANA Modelo N/A","Unidad",2,2093,4186,"001-Ingresos corrientes"]
[null,"Arquitectura","789-00","20304","150","000001","39121434","92081546","CONECTOR EMT DE PRESION, DIAMETRO DE 76 mm (3 pulg) (UL), ROSCA HEXAGONAL, DE ACERO CON ACABADO DE ZINC. Marca CONDUX Modelo ZCC-250S","Unidad",2,2400,4800,"001-Ingresos corrientes"]
[null,"Arquitectura","789-00","20304","150","000020","39121434","92009465","CONECTOR DE ACERO GALVANIZADO DE PRESION EMT DIAMETRO DE 12,70 mm (1/2 pulgada) PARA CONEXION TUBERIA EMT Marca CONDUX Modelo EMTCP0034","Unidad",2,139,278,"001-Ingresos corrientes"]
[null,"Arquitectura","789-00","20304","150","000030","39121434","90019992","CONECTOR, DE ACERO GALVANIZADO, P / TUBO CONDUIT EMT T / COMPRESIÓN, DE 19,05 mm Marca CONDUX Modelo EMTCC0019","Unidad",2,197,394,"001-Ingresos corrientes"]
[null,"Arquitectura","789-00","20304","150","000040","39121434","92009969","CONECTOR DE ACERO GALVANIZADO PARA TUBO CONDUIT EMT TIPO PRESION DIAMETRO DE 25,40 mm Marca CONDUX Modelo CONDUX","Unidad",2,295,590,"001-Ingresos corrientes"]
[null,"Arquitectura","789-00","20304","150","000050","39121434","92082570","CONECTOR DE ACERO GALVANIZADO, RECTO, TIPO COMPRESION, 31,75 mm (1 1/4 Pulg) CON ROSCA, PARA TUBO CONDUIT EMT Marca CONDUX Modelo condux","Unidad",2,440,880,"001-Ingresos corrientes"]
[null,"Arquitectura","789-00","20304","150","000045","39121434","92009480","UNION DE ACERO GALVANIZADO DE PRESION EMT DIAMETRO DE 38,10 mm (1 1/2 pulgada) PARA CONEXION TUBERIA EMT Marca CONDUX Modelo ZCC-150S","Unidad",2,556,1112,"001-Ingresos corrientes"]
[null,"Arquitectura","789-00","20304","150","000300","39121409","92038803","CONECTOR DE COBRE TIPO BARRIL CON ROSCA PARA CABLE 1/0 AWG A 350 MCM. Marca AMERICANA Modelo N/A","Unidad",2,2224,4448,"001-Ingresos corrientes"]
[null,"Arquitectura","789-00","20304","150","000300",39121409,"92061915","CONECTOR DE COBRE ALUMINIO, TIPO BARRIL, PARA CABLE, AWG # 1/0 Marca AMERICANA Modelo N/A","unidad",2,1196,2392,"001-Ingresos corrientes"]
[null,"Arquitectura","789-00","20304","150","000300",39121409,"92062177","CONECTOR ALUMINIO- COBRE, TIPO BARRIL , PARA CABLE, 2/0 AWG  UL ","Unidad",2,2000,4000,"001-Ingresos corrientes"]
[null,"Arquitectura","789-00","20304","150","000300",39121409,"92114324","CONECTOR DE COBRE, TIPO BARRIL CON ROSCA, PARA CABLE # 6 AWG Marca AMERICANA Modelo N/A","unidad",2,463,926,"001-Ingresos corrientes"]
[null,"Arquitectura","789-00","20304","150","000300",39121448,"92014041","CONECTOR DE COMPRESION (BARRILITO) DE COBRE PARA CABLE 4/0 AWG UL Marca AMERICANA Modelo N/A","Unidad",2,2261,4522,"001-Ingresos corrientes"]
[null,"Arquitectura","789-00","20304","150","000300",39121448,"92019980","CONECTOR DE COMPRESION (BARRILITO) DE COBRE PARA CABLE #2 AWG UL Marca AMERICANA Modelo N/A","unidad",2,798,1596,"001-Ingresos corrientes"]
[null,"Arquitectura","789-00","20304","150","000300",39121448,"92044636","CONECTOR A COMPRESION DE COBRE ESTAÑADO TIPO BARRIL PARA UNIR O EMPALMAR CABLES DE COBRE Nº 4 AWG, TENSION DE OPERACION 35 kV, CON TOPES INTERNOS QUE DETIENEN EL CABLE, UL Marca AMERICANA Modelo N/A","unidad",2,540,1080,"001-Ingresos corrientes"]
[null,"Arquitectura","789-00","20304","150","001420","39121434","92010179","CONECTOR DE ACERO GALVANIZADO CONDUIT EMT TIPO PRESION DE DIAMETRO DE 19,05 mm PARA TSJ Marca AMERICANA Modelo N/A","Unidad",2,114,228,"001-Ingresos corrientes"]
[null,"Arquitectura","789-00","20304","150","001420","39121434","92014043","CONECTOR DE ACERO EMT CON TUERCA ESTRELLA, DE 12,70 mm (1/2 Pulg) PARA CABLE TIPO TSJ Marca AMERICANA Modelo N/A","Unidad",2,75,150,"001-Ingresos corrientes"]
[null,"Arquitectura","789-00","20304","155","000460",26121616,"92143995","CABLE TELEFÓNICO INTERIOR DE 2 PARES, CALIBRE #24 AWG, 2X2X24 AWG (A GRANEL)  ","Unidad",2,105,210,"001-Ingresos corrientes"]
[null,"Arquitectura","789-00","20304","155","000700","26121616","92097249","CABLE TELEFÓNICO # 19 AWG PAREADO DE 1 PARA DE 0,9 MM A GRANEL ( M) PARA ACOMETIDA EXTERIOR","Unidad",2,210,420,"001-Ingresos corrientes"]
[null,"Arquitectura","789-00","20304","160","000005","39121434","92009923","CURVA DE ACERO GALVANIZADO DE 90° CONDUIT EMT DIAMETRO DE 38,10 mm Marca AMERICANA Modelo N/A","Unidad",2,1954,3908,"001-Ingresos corrientes"]
[null,"Arquitectura","789-00","20304","160","000005","39121434","92010735","CURVA DE ACERO GALVANIZADO DE 90° CONDUIT EMT DIAMETRO DE 76,20 mm Marca AMERICANA Modelo N/A","Unidad",2,7780,{"$f":"K560*L560","v":15560},"001-Ingresos corrientes"]
[null,"Arquitectura","789-00","20304","160","000005","39121434","92010736","CURVA DE ACERO GALVANIZADO DE 90° CONDUIT EMT DIAMETRO DE 50,80 mm Marca AMERICANA Modelo N/A","Unidad",2,3019,{"$f":"K561*L561","v":6038},"001-Ingresos corrientes"]
[null,"Arquitectura","789-00","20304","160","000005","39121434","92023181","CURVA DE ACERO EMT (CONDUIT) DE 31,75 mm (1 1/4), PARA INSTALACIONES ELECTRICAS. Marca AMERICANA Modelo N/A","Unidad",2,1373,{"$f":"K562*L562","v":2746},"001-Ingresos corrientes"]
[null,"Arquitectura","789-00","20304","160","000005","39121434","92033039","CURVA DE ACERO CONDUIT EMT 90 GRADOS DE 25,45 mm DE DIAMETRO Marca AMERICANA Modelo N/A","Unidad",2,845,830,"001-Ingresos corrientes"]
[null,"Arquitectura","789-00","20304","160","000005","39121434","92112239","CURVA DE ACERO GALVANIZADO DE 90°, CONDUIT EMT, DIAMETRO DE 63,50 mm, (UL)","Unidad",2,5400,{"$f":"K564*L564","v":10800},"001-Ingresos corrientes"]
[null,"Arquitectura","789-00","20304","160","000005","39121434","92112240","CURVA DE ACERO EMT (CONDUIT), DE 12,7 mm (1/2 pulg), PARA INSTALACIONES ELECTRICAS, (UL) Marca AMERICANA Modelo N/A","Unidad",2,296,592,"001-Ingresos corrientes"]
[null,"Arquitectura","789-00","20304","160","000005","39121434","92023180","CURVA DE ACERO EMT (CONDUIT) DE 19,05 mm (3/4), PARA INSTALACIONES ELECTRICAS. Marca AMERICANA Modelo N/A","Unidad",2,446,892,"001-Ingresos corrientes"]
[null,"Arquitectura","789-00","20304","160","000175","39131707","92032940","CURVA PLASTICA (PVC) CONDUIT DE 90 GRADOS DE 38,10 mm DE DIAMETRO Marca AMANCO Modelo 966372","Unidad",2,900,1800,"001-Ingresos corrientes"]
[null,"Arquitectura","789-00","20304","160","000175","39131707","92032941","CURVA PLASTICA (PVC) CONDUIT DE 90 GRADOS DE 50,80 mm DE DIAMETRO Marca AMANCO Modelo 966373","Unidad",2,1400,2800,"001-Ingresos corrientes"]
[null,"Arquitectura","789-00","20304","160","000175","39131707","92049696","CURVA PLASTICA (PVC) CONDUIT, RADIO DE 90° DE 12,70 mm DE DIAMETRO, CEDULA SCH-40 PARED GRUESA Marca CARLON Modelo UA9ADB","Unidad",2,266,532,"001-Ingresos corrientes"]
[null,"Arquitectura","789-00","20304","160","000175","39131707","92049697","CURVA PLASTICA (PVC) CONDUIT, RADIO DE 90° DE 19,05 mm DE DIAMETRO, CEDULA SCH-40 PARED GRUESA Marca CARLON Modelo UA9AEB","Unidad",2,342,684,"001-Ingresos corrientes"]
[null,"Arquitectura","789-00","20304","025","001125","39131707","92049698","CURVA PLASTICA (PVC) CONDUIT, RADIO DE 90° DE 25,40 mm DE DIAMETRO, CEDULA SCH-40 PARED GRUESA Marca AMANCO Modelo 966370","Unidad",2,14000,28000,"001-Ingresos corrientes"]
[null,"Arquitectura","789-00","20304","160","000175","39131707","92049698","CURVA PLASTICA (PVC) CONDUIT DE 90 GRADOS DE 38,10 mm DE DIAMETRO Marca AMANCO Modelo 966372","unidad",2,512.59,1025.18,"001-Ingresos corrientes"]
[null,"Arquitectura","789-00","20304","160","000175","39131707","92049699","CURVA PLASTICA (PVC) CONDUIT, RADIO DE 90° DE 31,75 mm DE DIAMETRO, CEDULA SCH-40 PARED GRUESA Marca CARLON Modelo UAPAGB","Unidad",2,910,1820,"001-Ingresos corrientes"]
[null,"Arquitectura","789-00","20304","160","000175","39131707","92057564","CURVA, PLASTICA DE PVC (CONDUIT), DE 76,2 mm (3 Pulg) DE DIAMETRO, PARA INSTALACIONES ELECTRICAS Marca CARLON Modelo UA9ALBCAR","Unidad",2,4500,9000,"001-Ingresos corrientes"]
[null,"Arquitectura","789-00","20304","165","000005","39121402","92006767","TOMAS DE CORRIENTE (ENCHUFE) DE HULE MACHO DE 3 PINES DE 125 V 15 AMP ENCHUF POLARIZADO 15A 125V AGUILA CAT. NTP 1709","Unidad",2,510,1020,"001-Ingresos corrientes"]
[null,"Arquitectura","789-00","20304","165","000005","39121409","92017242","CONECTOR DE 127 V, INTENSIDAD DE 15 A TIPO NEMA 5-15R, GRADO INDUSTRIAL PARA EXTENSION ELECTRICA Marca Eagle Modelo 222","Unidad",2,681,1362,"001-Ingresos corrientes"]
[null,"Arquitectura","789-00","20304","170","000001","39101605","90008531","TUBO FLUORESCENTE DE 17 W # F017 T8 LUZ DIA TUBO FLUORES. FO17/765 ECO, OSRAM","Unidad",2,771,1542,"001-Ingresos corrientes"]
[null,"Arquitectura","789-00","20304","170"," 000001","39101605","92006437","TUBO FLUORESCENTE, T 8 DE, 120 V, 59 W, 5900 lm, 5000 K, 2 PINES LONGITUD NOMINAL DE 2438,4 mm (96 Pulg) Marca SYLVANIA Modelo P29693-11","Unidad",2,2099,4198,"001-Ingresos corrientes"]
[null,"Arquitectura","789-00","20304","170","000001","39101605","92036743","TUBO FLUORESCENTE, FO32 T8, 6500 K, DOS PINES Marca SYLVANIA Modelo P1703-3","Unidad",2,735,1470,"001-Ingresos corrientes"]
[null,"Arquitectura","789-00","20304","135","000001","39121303","92033101","CAJA CONDUIT ACERO GALVANIZADO TIPO OCTOGONAL DE 101,60 DE DIAMETRO X 38,10 mm DE ALTO SALIDA 12,70 Y 19,05 mm Marca CONDUX Modelo EMT54151-1/23/4","Unidad",2,250,500,"001-Ingresos corrientes"]
[null,null,"789-00",20304,"170","000001","39101605 ","92148941","TUBO FLUORESCENTE F28 T5, 28W. VIDA ÚTIL 20000 h. LÚMENES INICIALES 2600. ÍNDICE DE RENDIMIENTO DEL COLOR MÍNIMO 82. 92,9 lm/W. TEMPERATURA DEL COLOR MÍNIMA 4100 K. Marca SYLVANIA Modelo P31619-3","Unidad",2,1105,2210,"001-Ingresos corrientes"]
[null,"Arquitectura","789-00",20304,"170","000001","39101605 ","92148942","TUBO FLUORESCENTE F14 T5, 14 W. VIDA ÚTIL 20000 h. LÚMENES INICIALES 1200. ÍNDICE DE RENDIMIENTO DEL COLOR MÍNIMO 82. 85,7 lm/W. TEMPERATURA DEL COLOR MÍNIMA 4100 K. Marca Osram Modelo FP14W/841","Unidad",2,1700,3400,"001-Ingresos corrientes"]
[null,"Arquitectura","789-00","20304","195","000040","39101803","92017241","PLAFON (BASE) PLASTICO COLOR BLANCO, DE 150 W FUENTE DE ALIMENTACION DE 250 V ACOPLE ROSCA E 27 Marca AGUILA Modelo 1175","Unidad ",2,405,810,"001-Ingresos corrientes"]
[null,"Arquitectura","789-00","20304","200","000005","39121407","92112237","REGLETA TELEFONICA SOLDADURA/ TORNILLO, PLASTICA PARA 10 PARES Marca AMERICANA Modelo N/A","Unidad",2,5641,11282,"001-Ingresos corrientes"]
[null,"Arquitectura","789-00","20304","200","000020","39121407","90032405","Regleta telefónica soldadura tornillo plástica para 20 pares. ","Unidad",2,6500,13000,"001-Ingresos corrientes"]
[null,"Arquitectura","789-00","20304","270","000040","39121601","92056532"," DISYUNTOR (INTERRUPTOR, BREAKER), TIPO QO, DE 2 POLOS, AMPERIOS 15 A, VOLTAJE 120/240 V FRECUENCIA 50/60 Hz. QO215","Unidad",2,15000,30000,"001-Ingresos corrientes"]
[null,"Arquitectura","789-00","20304","305","000400","39121721","92012700","AISLADOR ELECTRICO DE PORCELANA TIPO CARRETE DE 53,98 mm X 57,15 mm ANSI 53-1 (AB) (2 PULGADAS)  ","Unidad",2,1000,2000,"001-Ingresos corrientes"]
[null,"Arquitectura","789-00","20304","320","000001","39121524","92024448","CONTROLES FOTOELECTRICOS PARA ALUMBRADO PÚBLICO (FOTOCELDA), TIPO ELECTRONICA,VOLTAJE DE LINEA 120-240 V. Marca ALR Modelo 7090-VPS","Unidad",2,2708,5416,"001-Ingresos corrientes"]
[null,"Arquitectura","789-00","20304","420","000010","32141106","92035659","BASE PARA TUBO FLUORESCENTE FO32 / F40 DE 2 PINES, NORMA UL Marca AGUILA Modelo 2509","Unidad",2,179,358,"001-Ingresos corrientes"]
[null,"Arquitectura","789-00","20304","440","000005","39121302","92112236","PLACA PLASTICA PARA UNA SALIDA TELEFONICA, PARA EMPOTRAR, 4 HILOS, RJ11 Marca LEVITON Modelo 42080","Unidad",2,641,1282,"001-Ingresos corrientes"]
[null,"Arquitectura","789-00"," 20304","440","000020","39121439","90002488","TOMACORRIENTE DOBLE POLARIZADO PARA EMPOTRAR, PARA 125 V, 20 A ","unidad",2,1000,2000,"001-Ingresos corrientes"]
[null,"Arquitectura","789-00","20304","440","000045","39121439","92014085","TOMACORRIENTE DOBLE POLARIZADO, MONOFASICO PARA EMPOTRAR, PARA 125 V, 20 A","Unidad",2,2500,5000,"001-Ingresos corrientes"]
[null,"Arquitectura","789-00","20304","440","000020","39121439","92018895","TOMACORRIENTE DOBLE CON PROTECCION FALLA A TIERRA (GFCI), COLOR MARFIL, DE 20 A, 125 V, PARA EMPOTRAR Marca LEVITON Modelo GFTR2-I (X7899-00I)","Unidad",2,6885,13770,"001-Ingresos corrientes"]
[null,"Arquitectura","789-00","20304","440","000005","39121439","92019960","TOMAS DE CORRIENTE INDUSTRIAL DE 50 A DE 3 POLOS, 3W DE 125/250 V PARA EMPOTRAR Marca EAGLE Modelo 50 A DE 3 POLOS #32","Unidad",2,1399,2798,"001-Ingresos corrientes"]
[null,"Arquitectura","789-00","20304","440","000005","39121439","92038021","TOMAS DE CORRIENTE 3 HILOS AMPERAJE 30 A VOLTAJE 125/250 V Marca AGUILA Modelo #38B","Unidad",7,1892,13244,"001-Ingresos corrientes"]
[null,"Arquitectura","789-00","20304","440","000020","39121439","92038659","TOMACORRIENTE HEMBRA DE PLÁSTICO Y PLACA METÁLICA, DOBLE POLARIZADO, COLOR MARFIL, 127 V, 20 A, GRADO HOSPITALARIO, NEMA 5-20R Marca Eagle Modelo H8300V + 97101","Unidad",7,3647,25529,"001-Ingresos corrientes"]
[null,"Arquitectura","789-00","20304","440","000020","39121439","92038663","TOMACORRIENTE DOBLE, COLOR ROJO, 125 V, 20 A, GRADO HOSPITALARIO, PROTECCIÓN A TIERRA (GFCI), NEMA 5-20R, TAPA COLOR ROJO, NORMAS UL 943, UL 498, FSUL WC 596 Marca LEVITON Modelo GFTR2-HGR (X7899-HGR)","Unidad",7,6996,48972,"001-Ingresos corrientes"]
[null,"Arquitectura","789-00","20304","445","000001","39101901","92100764","BALASTRO ELECTRONICO DE EMERGENCIA PARA LAMPARA FLUORESCENTE DE 32 W, 1 TUBO, T-8 MULTIVOLTAJE 120 V - 277 V Marca SYLVANIA Modelo P93247-15","unidad",7,23719,166033,"001-Ingresos corrientes"]
[null,"Arquitectura","789-00","20304","445","000180","39101901","92109024","BALASTRO ELECTRÓNICO ARRANQUE INSTANTÁNEO PARA DOS TUBOS T8 96 watt. V: UNIVERSAL 120 - 277 V. FRECUENCIA 50-60 HZ. SIN BIFENILO PLORICLORADO (PCB). LISTADO UL. CUMPLE CON ESTANDAR ROHS Marca SYLVANIA Modelo P93638-15","Unidad",7,7865,55055,"001-Ingresos corrientes"]
[null,"Arquitectura","789-00","20304","445","000001","39101902","92112227","BALASTRO DE 1,500 W PARA LAMPARA METALARC, 120/208/240/277 V, DEBE INCLUIR CAPACITADOR 32uF 525 V","Unidad",7,85000,595000,"001-Ingresos corrientes"]
[null,"Arquitectura","789-00","20304","445","000001","39101901","92033387","BALASTRO ELECTRONICO ARRANQUE INSTANTANEO PARA 2 TUBOS VOLTAJE 120-277 V FRECUENCIA 50-60 HZ Marca SYLVANIA Modelo P93531-30","Unidad",7,4719,33033,"001-Ingresos corrientes"]
[null,"Arquitectura","789-00",20304,"445","000180","39101901","92148061","BALASTRO ELECTRÓNICO ARRANQUE INSTANTÁNEO PARA DOS TUBOS T5. 120-277 V. FRECUENCIA 50-60 Hz. SIN BIFENILO PLORICLORADO (PCB). LISTADO UL. ESTANDAR ROHS. Marca SYLVANIA Modelo P93249-19","Unidad",7,11565,80955,"001-Ingresos corrientes"]
[null,"Arquitectura","789-00",20304,"445","000180","39101901","92148061","BALASTRO ELECTRÓNICO ARRANQUE INSTANTÁNEO PARA DOS TUBOS T5. 120-277 V. FRECUENCIA 50-60 Hz. SIN BIFENILO PLORICLORADO (PCB). LISTADO UL. ESTANDAR ROHS. Marca SYLVANIA Modelo P93651-19","unidad",7,11290,79030,"001-Ingresos corrientes"]
[null,"Arquitectura","789-00","20304","900","000007","39131710","92106876","CANALETA DE PLASTICA (PVC), DE 75 mm DE ANCHO X 20 mm DE ALTO X 2 m DE LARGO, DE 2 CANALES, PARA CONDUCCION DE CABLES","Unidad",7,3700,25900,"001-Ingresos corrientes"]
[null,"Arquitectura","789-00","20304","900","000008","39131711","92112235","UNION (JUNTA) DE PVC, RETARDANTE AL FUEGO, PARA CANALETA DE 75 mm DE ANCHO X 20 mm DE ALTO.","Unidad",7,1300,9100,"001-Ingresos corrientes"]
[null,"Arquitectura","789-00","20304","900","000045","39121434","92010050","UNION DE ACERO GALVANIZADO CONDUIT EMT TIPO PRESION DE 31,75 mm (DIAMETRO) Marca CONDUX Modelo CONDUX","Unidad",7,493,3451,"001-Ingresos corrientes"]
[null,"Arquitectura","789-00","20304","900","000045","39121434","92010051","UNION DE ACERO GALVANIZADO CONDUIT EMT TIPO PRESION DE 19,05 mm (DIAMETRO) Marca AMERICANA Modelo N/A","Unidad",7,197,1379,"001-Ingresos corrientes"]
[null,"Arquitectura","789-00","20304","900","000045","39121434","92010052","UNION DE ACERO GALVANIZADO CONDUIT EMT TIPO PRESION DE 25,4 mm (DIAMETRO) Marca CONDUX Modelo CONDUX","Unidad",7,319,2233,"001-Ingresos corrientes"]
[null,"Arquitectura","789-00","20304","900","000045","39121434","92010726","UNION DE ACERO GALVANIZADO CONDUIT EMT TIPO PRESION DE 76,20 mm (DIAMETRO) Marca CONDUX Modelo ZCC-300S","Unidad",7,2528,3900,"001-Ingresos corrientes"]
[null,"Arquitectura","789-00","20304","900","000045","39121434","92010727","UNION DE ACERO GALVANIZADO CONDUIT EMT TIPO PRESION DE 50,80 mm (DIAMETRO) Marca CONDUX Modelo CONDUX","Unidad",7,745,{"$f":"K610*L610","v":5215},"001-Ingresos corrientes"]
[null,"Arquitectura","789-00","20304","900","000045","39121434","92099875","UNION DE ACERO GALVANIZADO COMPRESION DE DIAMETRO NOMINAL 12,7 mm PARA TUBO EMT Marca CONDUX Modelo ZCC-50S","Unidad",7,174,1218,"001-Ingresos corrientes"]
[null,"Arquitectura","789-00","20304","900","000045","39121434","92112242","UNION DE ACERO GALVANIZADO CONDUIT EMT, DE PRESION, 63,50 mm DE DIAMETRO (UL)","Unidad",7,5000,35000,"001-Ingresos corrientes"]
[null,"Arquitectura","789-00","20304","900","000045","39131707","92032942","UNIÓN PLÁSTICA (PVC) CONDUIT DE 12,70 mm DE DIÁMETRO TIPO A","Unidad",7,110,770,"001-Ingresos corrientes"]
[null,"Arquitectura","789-00","20304","900","000045","39131707","92032944","UNIÓN PLÁSTICA (PVC) CONDUIT DE 25,4 mm DE DIÁMETRO TIPO A ","Unidad",7,380,2660,"001-Ingresos corrientes"]
[null,"Arquitectura","789-00","20304","900","000045","39131707","92032945","UNIÓN PLÁSTICA (PVC) CONDUIT DE 31,75 mm DE DIÁMETRO TIPO A ","Unidad",7,300,2100,"001-Ingresos corrientes"]
[null,"Arquitectura","789-00","20304","900","000045","39131707","92032946"," UNIÓN PLÁSTICA (PVC) CONDUIT DE 38,10 mm DE DIÁMETRO TIPO A ","Unidad",7,450,3150,"001-Ingresos corrientes"]
[null,"Arquitectura","789-00","20304","900","000045","39131707","92032947","UNIÓN PLÁSTICA (PVC) CONDUIT DE 50,8 mm DE DIÁMETRO TIPO A ","Unidad",7,540,3780,"001-Ingresos corrientes"]
[null,"Arquitectura","789-00","20304","900","000045","39131707","92049700","UNION PLASTICA (PVC) TIPO CONDUIT, DE 12,70 mm DE DIAMETRO, CEDULA SCH-40 PARED GRUESA Marca CARLON Modelo E940D","Unidad",7,47,329,"001-Ingresos corrientes"]
[null,"Arquitectura","789-00","20304","900","000045","39131707","92049701","UNION PLASTICA (PVC) TIPO CONDUIT, DE 19,05 mm DE DIAMETRO, CEDULA SCH-40 PARED GRUESA Marca CARLON Modelo E940E","Unidad",7,75.400000000000006,527.80000000000007,"001-Ingresos corrientes"]
[null,"Arquitectura","789-00","20304","900","000045","39131707","92049702","UNION PLASTICA (PVC) TIPO CONDUIT, DE 25,40 mm DE DIAMETRO, CEDULA SCH-40 PARED GRUESA Marca CARLON Modelo E940F","Unidad",7,100,700,"001-Ingresos corrientes"]
[null,"Arquitectura","789-00","20304","900","000045","39131707","92060526","UNION PLASTICA (PVC), TIPO CONDUIT, DE 76,2 mm (3 Pulg) DE DIAMETRO, PARA USO ELECTRICO Marca CARLON Modelo E940L","Unidad",5,574,2870,"001-Ingresos corrientes"]
[null,"Arquitectura","789-00","20304","900","000045","39131707","92081538","UNION PLASTICA (PVC) TIPO CONDUIT, DE 32 mm (1 1/4 pulg) DE DIAMETRO, (UL), CEDULA SCH 40 Marca CARLON Modelo E940G","Unidad",5,145,725,"001-Ingresos corrientes"]
[null,"Arquitectura","789-00","20304","900","000045","39131707","92081539","UNION PLASTICA (PVC), TIPO CONDUIT, DE 38 mm (1 1/2 pulg) DE DIAMETRO, CEDULA SCH 40 (UL). Marca CARLON Modelo E940H","Unidad",5,197,985,"001-Ingresos corrientes"]
[null,"Arquitectura","789-00","20304","900","000045","39131707","92081540","UNION PLASTICA (PVC) TIPO CONDUIT, DE 51 mm (2 pulg) DE DIAMETRO, CEDULA SCH 40 (UL). Marca CARLON Modelo E940J","Unidad",5,208,{"$f":"K624*L624","v":1040},"001-Ingresos corrientes"]
[null,"Arquitectura","789-00","20304","900","000821","31201502","92048020"," CINTA ADHESIVA AISLANTE VINÍLICA (TAPE) NEGRO DE 0,177 mm DE ESPESOR X 19,05 mm DE ANCHO X 20,1 m DE LARGO CAPACIDAD DE 600 V. TEMPERATURA DE OPERACIÓN DE -10°C a 90°C. MATERIAL PVC. TEMPERATURA MÁXIMA 105°C 1 HORA MÁXIMO. RESISTENTE A LA ABRASIÓN Y A RAYOS UV. ESTÁNDAR UL 510. ","Unidad",200,2000,{"$f":"K625*L625","v":400000},"001-Ingresos corrientes"]
[null,"Arquitectura","789-00","20304","900","000821","31201502","92084082","CINTA ADHESIVA AISLANTE (TAPE) DE CAUCHO (ETILENO PROPILENO) ELECTRICA # 23, DE 25,4 mm (1 Pulg) DE ANCHO X 9 m DE LARGO COLOR NEGRO Marca 3M Modelo #130","Unidad",200,8260,{"$f":"K626*L626","v":1652000},"001-Ingresos corrientes"]
[null,"Arquitectura","789-00","20304","900","008800","39122221","92081536","BASE PARA FOTOCELDA 1000W/1800 VA480 VAC Marca INADISA Modelo F00013","Unidad",100,1943,194300,"001-Ingresos corrientes"]
[null,"Arquitectura","789-00","20304","900","000821","31201502","92042089","CINTA DE VINIL AISLANTE ELECTRICA (TAPE) ANCHO 19,05 mm (3/4 pulg) LARGO 20 m COLOR AZUL Marca 3M Modelo 35 AZUL","Unidad",150,2524,378600,"001-Ingresos corrientes"]
[null,"Arquitectura","789-00","20304","900","000821","31201502","92042090","CINTA DE VINIL AISLANTE ELECTRICA (TAPE) ANCHO 19,05 mm (3/4 Pulg) LARGO 20 m COLOR BLANCO Marca 3M Modelo 35 BLANCO","Unidad",150,2511,376650,"001-Ingresos corrientes"]
[null,"Arquitectura","789-00","20304","900","000821","31201502","92049166","CINTA AISLANTE ELECTRICA DE PVC, MEDIDAS 19,05 mm (3/4 Pulg) X 0,18 mm X 20 m, COLOR VERDE Marca 3M Modelo 35 VERDE","Unidad",150,2493,373950,"001-Ingresos corrientes"]
[null,"Arquitectura","789-00","20304","900","000821","31201502","92065164","CINTA DE VINIL AISLANTE ELECTRICA (TAPE), ANCHO 19,05 mm (3/4 Pulg), LARGO 201 mm COLOR ROJO Marca 3M Modelo 35 ROJO","Unidad",150,2529,379350,"001-Ingresos corrientes"]
[null,"Arquitectura","789-00","20304","01055","160601","39111544","92083834","LUMINARIA LED PARA AMBIENTES HUMEDOS O CONTAMINADOS. CLASIFICACIÓN IP65. INSTALACION SOBREPUESTA SOBRE CIELORRASO. MULTIVOLTAJE. PARA DOS BARRAS LED. INDICE DE RENDIMIENTO DEL COLOR 84, EFICACIA LUMINICA MINIMA 116 LM/W. DIMENSIONES 615 mm x 201 mm. Marca HUBBELL LIGHTING Modelo LXEM2-50ML-RFA-EDU","Unidad",5,75000,375000,"001-Ingresos corrientes"]
[null,"Arquitectura","789-00","20304","01055","160601","39111544","92083835","LUMINARIA LED PARA AMBIENTES HÚMEDOS O CONTAMINADOS. CLASIFICACIÓN IP65. INSTALACIÓN SOBREPUESTA SOBRE CIELORRASO. MULTIVOLTAJE. PARA DOS BARRAS LED. ÍNDICE DE RENDIMIENTO DEL COLOR 84, EFICACIA LUMÍNICA MÍNIMA 116 LM/W.  DIMENSIONES 615mm x 201mm. INCLUYE BALASTRO DE EMERGENCIA INSTALADO DE FÁBRICA. IGUAL O SUPERIOR A UL705LED-SMD-S2-2-4200LM-24 DE SYLVANIA.","Unidad",25,100000,2500000,"001-Ingresos corrientes"]
[null,"Arquitectura","789-00","20304","01055","160601","39111544","92084341","LUMINARIA LED, CLASIFICACIÓN IP65, INSTALACIÓN SOBREPUESTA SOBRE CIELORRASO. MULTIVOLTAJE. PARA CUATRO BARRAS LED. TEMPERATURA DEL COLOR 6500 K. INDICE DE RENDIMIENTO DEL COLOR MÍNIMO 84, EFICACIA LUMIÍNICA MÍNIMA 120 lm/W. DIMENSIONES 1230 mm x 201 mm. Los lúmenes mínimos a ofertar son de 6000 lm, los lúmenes podrán ser mayores siempre y cuando se cumpla o se exceda con la eficacia lumínica de 120 lm/W y la potencia NO SUPERE  50 W. La potencia máxima a ofertar es de 50 W, la potencia podrá ser menor siempre y cuando se cumpla o se exceda con la eficacia lumínica de 120 lm/W y los lúmenes sean de al menos 6000 lm. \n","Unidad",20,110000,2200000,"001-Ingresos corrientes"]
[null,"Arquitectura","789-00","20304","01055","160601","39111544","92084341","LUMINARIA LED, CLASIFICACIÓN IP65, INSTALACIÓN SOBREPUESTA SOBRE CIELORRASO. MULTIVOLTAJE. PARA CUATRO BARRAS LED. TEMPERATURA DEL COLOR 6500 K. INDICE DE RENDIMIENTO DEL COLOR MÍNIMO 84, EFICACIA LUMIÍNICA MÍNIMA 120 lm/W. DIMENSIONES 1230 mm x 201 mm. INCLUYE BALASTRO DE EMERGENCIA INSTALADO DE FÁBRICA.  Los lúmenes mínimos a ofertar son de 6000 lm, los lúmenes podrán ser mayores siempre y cuando se cumpla o se exceda con la eficacia lumínica de 120 lm/W y la potencia NO SUPERE  50 W. La potencia máxima a ofertar es de 50 W, la potencia podrá ser menor siempre y cuando se cumpla o se exceda con la eficacia lumínica de 120 lm/W y los lúmenes sean de al menos 6000 lm. ","Unidad",53,230000,12190000,"001-Ingresos corrientes"]
[null,"Arquitectura","789-00","20305","145","000480","30171705",92084048,"LAMINA DE VIDRIO PLANO COLOR NATURAL DE\n6,35 mm DE GROSOR (± 0,35 mm) X 2,40 m X\n3,30 m DE LARGO\nUnidad de empaque UNIDAD\nANCHO 244 cm\nESPESOR 6,35 mm\nLARGO 330 cm\nEntregar en el CAI JORGE ARTURO MONTERO C\n ( Reforma)","Unidad",23,85000,1955000,"001-Ingresos corrientes"]
[null,"Arquitectura","789-00","20305","145","000005",30171705,"92020470","PALETA DE VIDRIO COLOR TRANSPARENTE PARA CELOSIA DE 5 mm DE ESPESOR DE 2,38 m DE LARGO Unidad de empaque UNIDAD PRODUCTO PALETA MEDIDA APOSITO 5 DE ESPESOR X 2,38 DE LARGO mm X m UTILIDAD CELOSIAS\nEntregar en el CAI JORGE ARTURO MONTERO C \n( Reforma) ","Unidad",321,3250,1043250,"001-Ingresos corrientes"]
[null,"Arquitectura","789-00","20306","001","000020",40171708,92016388,"ADAPTADOR HEMBRA 1/2ADAPTADOR PVC, 12,7mm (1/2 PULGADAS) DIAMETRO, TIPO HEMBRA, SCH 40, USO POTABLE","Unidad ",200,185.64000000000001,37128,"001-Ingresos corrientes"]
[null,"Arquitectura","789-00","20306","001","000020","40171708","92018165","ADAPTADOR HEMBRA 1 PULGADA (25 MM) PLASTICO PVC PARA AGUA POTABLEADAPTADOR PVC, 25,4mm (1 PULGADAS) DIAMETRO, TIPO HEMBRA, SCH 40, USO POTABLE","Unidad ",200,467.16,93432,"001-Ingresos corrientes"]
[null,"Arquitectura","789-00","20306","055","000030","30151703","92016082","BOQUILLAREDONDADEPVCBLANCODE400X208mmPARACANOARECTANGULAPVCparacanoa de alto caudalPresentacion en unidades","Unidad ",400,6500,2600000,"001-Ingresos corrientes"]
[null,"Arquitectura","789-00","20306","001","000020","40171708","92022818","ADAPTADOR MACHO PVC DE 25,4 MM DE DIAMETROADAPTADOR PVC, 25,4mm (1 PULGADAS) DIAMETRO, TIPO MACHO, SCH 40, USO POTABLE","Unidad",200,444,{"$f":"K641*L641","v":88800},"001-Ingresos corrientes"]
[null,"Arquitectura","789-00","20306","001","000020","40171708","92044902","ADAPTADOR DE PLASTICO (PVC) HEMBRA DE 50,80 mm DE DIAMETRO PARA AGUA POTABLE CED SCH40ADAPTADOR PVC, 50,8mm (2 PULGADAS) DIAMETRO, TIPO HEMBRA, SCH 40, USO POTABLE","Unidad ",200,1177.08,{"$f":"K642*L642","v":235416},"001-Ingresos corrientes"]
[null,"Arquitectura","789-00","20306","001","000020","40171708","92059200","ADAPTADOR HEMBRA, DE PLASTICO (PVC), DE 31,75 mm (1 1/4 Pulg), SCH-40, PARA TUBERIAADAPTADOR PVC, 31,8mm (1 1/4 PULGADAS) DIAMETRO, TIPO HEMBRA, SCH 40, USO POTABLE","Unidad ",100,736.44,73644,"001-Ingresos corrientes"]
[null,"Arquitectura","789-00","20306","001","000020","40171708","92064043","ADAPTADOR PLASTICO (PVC) HEMBRA DE 19,05 mm (3/4 Pulg) DE DIAMETRO, CEDULA SCH 40ADAPTADOR PVC, 19,05mm (3/4 PULGADAS) DIAMETRO, TIPO HEMBRA, SCH 40, USO POTABLE","Unidad ",100,251.94,25194,"001-Ingresos corrientes"]
[null,"Arquitectura","789-00","20306","001","000020","40171708","92064044","ADAPTADOR PLASTICO (PVC) HEMBRA DE 38,10 mm (1 1/2 Pulg) DE DIAMETRO, CEDULA SCH 40ADAPTADOR PVC, 38,1mm (1 1/2 PULGADAS) DIAMETRO, TIPO HEMBRA, SCH 40, USO POTABLE","Unidad ",100,853.74,85374,"001-Ingresos corrientes"]
[null,"Arquitectura","789-00","20306","001","000020","40171708","92070990","ADAPTADOR PLÁSTICO (PVC), 76,20 mm (3 Pulg) DIÁMETRO, ACOPLE ROSCADO NPT HEMBRA, CÉDULA (GROSOR) SCH 40ADAPTADOR PVC, 76,2mm (3 PULGADAS) DIAMETRO, TIPO HEMBRA, SCH 40, USO POTABLE","Unidad ",100,4395.18,439518,"001-Ingresos corrientes"]
[null,"Arquitectura","789-00","20306","001","000020","40171708","92081338","ADAPTADOR HEMBRA DE PVC DE 63,5 mm (2 1/2 Pulg), CEDULA SCH 40ADAPTADOR PVC, 63,5mm (2 1/2 PULGADAS) DIAMETRO, TIPO HEMBRA, SCH 40, USO POTABLE","Unidad ",100,3589.38,358938,"001-Ingresos corrientes"]
[null,"Arquitectura","789-00","20306","001","000020","40171708","92081339","ADAPTADOR HEMBRA EN PVC DE 101,6 mm (4 Pulg), CEDULA SCH 40ADAPTADOR PVC, 101,6mm (4 PULGADAS) DIAMETRO, TIPO HEMBRA, SCH 40, USO POTABLE","Unidad ",100,5686.5,568650,"001-Ingresos corrientes"]
[null,"Arquitectura","789-00","20306","001","000020","40171708","92084685","ADAPTADOR DE PLÁSTICO PVC, DIAMETRO DE 152,4 mm (6 Pulg), TIPO HEMBRA, CEDULA SCH 40, USO POTABLE Marca AMANCO Modelo 909108","Unidad ",20,10753.26,215065.2,"001-Ingresos corrientes"]
[null,"Arquitectura","789-00","20306","001","000020",40171708,92147893,"ADAPTADOR PLASTICO PVC, DIAMETRO DE 101,6 mm (4 Pulg), TIPO HEMBRA, PARED GRUESA, LISO (CEMENTADO) USO SANITARIO Marca AMANCO Modelo 909119","Unidad",15,2103.1799999999998,31547.699999999997,"001-Ingresos corrientes"]
[null,"Arquitectura","789-00","20306","001","000020",40171708,92147894,"ADAPTADOR PLASTICO PVC, DIAMETRO DE 152,4 mm (6 Pulg), TIPO HEMBRA, PARED GRUESA, LISO (CEMENTADO) USO SANITARIOADAPTADOR LIMPIEZA PVC, 152,4mm (6 PULGADAS) DIAMETRO, TIPO HEMBRA, PARED GRUESA, LISO (CEMENTADO) USO SANITARIO","Unidad",15,4085.1,61276.5,"001-Ingresos corrientes"]
[null,"Arquitectura","789-00","20306","001","000020",40171708,92147904,"ADAPTADOR PLASTICO PVC, DIAMETRO DE 31,8 mm (1 1/4 Pulg), TIPO HEMBRA, PARED GRUESA, LISO (CEMENTADO) USO SANITARIOADAPTADOR LIMPIEZA PVC, 31,8mm (1 1/4 PULGADAS) DIAMETRO, TIPO HEMBRA, PARED GRUESA, LISO (CEMENTADO) USO SANITARIO","Unidad",15,2130.7800000000002,31961.700000000004,"001-Ingresos corrientes"]
[null,"Arquitectura","789-00","20306","001","000020",40171708,92147905," ADAPTADOR PLASTICO PVC, DIAMETRO DE 38,1 mm (1 1/2 Pulg), TIPO HEMBRA, PARED GRUESA, LISO (CEMENTADO) USO SANITARIOADAPTADOR LIMPIEZA PVC, 38,1mm (1 1/2 PULGADAS) DIAMETRO, TIPO HEMBRA, PARED GRUESA, LISO (CEMENTADO) USO SANITARIO","Unidad",15,2132.8200000000002,31992.300000000003,"001-Ingresos corrientes"]
[null,"Arquitectura","789-00","20306","001","000020",40171708,92147906,"ADAPTADOR PLASTICO PVC, DIAMETRO DE 50,8 mm (2 Pulg), TIPO HEMBRA, PARED GRUESA, LISO (CEMENTADO) USO SANITARIOADAPTADOR LIMPIEZA PVC, 50,8mm (2 PULGADAS) DIAMETRO, TIPO HEMBRA, PARED GRUESA, LISO (CEMENTADO) USO SANITARIO","Unidad",15,2145.06,32175.899999999998,"001-Ingresos corrientes"]
[null,"Arquitectura","789-00","20306","001","000020",40171708,92147907,"ADAPTADOR PLASTICO PVC, DIAMETRO DE 76,2 mm (3 PULGADAS), TIPO HEMBRA, PARED GRUESA, LISO (CEMENTADO) USO SANITARIOADAPTADOR LIMPIEZA PVC, 76,2mm (3 PULGADAS) DIAMETRO, TIPO HEMBRA, PARED GRUESA, LISO (CEMENTADO) USO SANITARIO","Unidad",15,2556.12,38341.799999999996,"001-Ingresos corrientes"]
[null,"Arquitectura","789-00","20306","001","000020","40171709","92020522","ADAPTADOR HEMBRA CPVC DE 12.7 mm Marca AMANCO Modelo 12.7MM","Unidad ",15,854.4,12816,"001-Ingresos corrientes"]
[null,"Arquitectura","789-00","20306","001","000020","40171709","92147908","ADAPTADOR PLASTICO CPVC-CTS, DIAMETRO DE 19,05 mm (3/4 Pulg), TIPO HEMBRA, CAMPANA LISA (CEMENTADA) USO POTABLE Marca AMANCO Modelo 909127","Unidad ",15,327.16000000000003,4907.4000000000005,"001-Ingresos corrientes"]
[null,"Arquitectura","789-00","20306","001","000060","40171708","92022825","ADAPTADOR MACHO PVC DE 12.7 MM DE DIAMETRO ADAPTADOR PVC, 12,7mm (1/2 PULGADAS) DIAMETRO, TIPO MACHO, SCH 40, USO POTABLE","Unidad ",20,117.3,2346,"001-Ingresos corrientes"]
[null,"Arquitectura","789-00","20306","001","000060","40171708","92081340","ADAPTADOR MACHO EN PVC DE 31,7 mm (1 1/4 Pulg), CEDULA SCH 40ADAPTADOR PVC, 31,7mm (1 1/4 PULGADAS) DIAMETRO, TIPO MACHO, SCH 40, USO POTABLE","Unidad ",15,627.29999999999995,9409.5,"001-Ingresos corrientes"]
[null,"Arquitectura","789-00","20306","001","000060","40171708","92081341","ADAPTADOR MACHO EN PVC DE 63,5 mm (2 1/2 Pulg), CEDULA SCH 40ADAPTADOR PVC, 63,5mm (2 1/2 PULGADAS) DIAMETRO, TIPO MACHO, SCH 40, USO POTABLE","Unidad ",15,2409.2400000000002,36138.600000000006,"001-Ingresos corrientes"]
[null,"Arquitectura","789-00","20306","001","000060","40171708","92081458","ADAPTADOR MACHO EN PVC DE 3,17 cm, TRAMPA P.G. (1 1/4 PULGADA)ADAPTADOR TRAMPA PVC, 31,7mm (1 1/4 PULGADAS) DIAMETRO, TIPO MACHO, PARED GRUESA, USO SANITARIO","Unidad ",15,3052.86,45792.9,"001-Ingresos corrientes"]
[null,"Arquitectura","789-00","20306","001","000060","40171708","92084689","ADAPTADOR DE PLÁSTICO PVC, DIAMETRO DE 152,4 mm (6 Pulg), TIPO MACHO, CEDULA SCH 40, USO POTABLEADAPTADOR PVC, 152,4mm (6 PULGADAS) DIAMETRO, TIPO MACHO, SCH 40, USO POTABLE","Unidad ",10,11314.86,113148.6,"001-Ingresos corrientes"]
[null,"Arquitectura","789-00","20306","001","000060","40171708","92085008","ADAPTADOR PVC, 152,4mm (6 PULGADAS) DIAMETRO, TIPO MACHO, PARED GRUESA, USO SANITARIO","Unidad ",5,26205.84,131029.2,"001-Ingresos corrientes"]
[null,"Arquitectura","789-00","20306","001","000060","40171708","92085009","ADAPTADOR PVC, 31,7mm (1 1/4 PULGADAS) DIAMETRO, TIPO MACHO, PARED GRUESA, USO SANITARIO","Unidad ",20,1746,34920,"001-Ingresos corrientes"]
[null,"Arquitectura","789-00","20306","001","000060","40171708","92085010","ADAPTADOR TRAMPA PVC, 38,1mm (1 1/2 PULGADAS) DIAMETRO, TIPO MACHO, PARED GRUESA, USO SANITARIO","Unidad ",15,2580,38700,"001-Ingresos corrientes"]
[null,"Arquitectura","789-00","20306","001","000060","40171708","92085021"," ADAPTADOR TRAMPA EN PLASTICO PVC, DIAMETRO DE 38,1 mm (1 1/2 Pulg) A 31,7 mm (1 1/4 Pulg), TIPO MACHO, PARED GRUESA, USO SANITARIOADAPTADOR TRAMPA PVC, 38,1mm (1 1/2 PULGADAS) A 31,7mm (1 1/4 PULGADA) DIAMETRO, TIPO MACHO, PARED GRUESA, USO SANITARIO","Unidad ",25,3400.68,85017,"001-Ingresos corrientes"]
[null,"Arquitectura","789-00","20306","001","000060","40171709","92020521","ADAPTADOR MACHO CPVC DE 12.7 mm DE DIAMETRO Marca AMANCO Modelo 909126","Unidad ",25,211.63,5290.75,"001-Ingresos corrientes"]
[null,"Arquitectura","789-00","20306","001","000060","40171709","92147909","ADAPTADOR PLASTICO CPVC-CTS, DIAMETRO DE 19,05 mm (3/4 Pulg), TIPO MACHO, CAMPANA LISA (CEMENTADA) USO POTABLE Marca AMANCO Modelo 909127","Unidad ",25,327.16000000000003,8179.0000000000009,"001-Ingresos corrientes"]
[null,"Arquitectura","789-00","20306","001","000080","40171708","92022811","ADAPTADOR MACHO PVC DE 19,05 mm DE DIAMETROADAPTADOR PVC, 19,05mm (3/4 PULGADAS) DIAMETRO, TIPO MACHO, SCH 40, USO POTABLE","Unidad ",25,228.48000000000002,5712,"001-Ingresos corrientes"]
[null,"Arquitectura","789-00","20306","001","000140","40171708","92044722","ADAPTADOR PLASTICO (PVC) MACHO DE 38,1 mm DE DIAMETRO CEDULA S40ADAPTADOR PVC, 38,1mm (1 1/2 PULGADAS) DIAMETRO, TIPO MACHO, SCH 40, USO POTABLE","Unidad ",15,747.66,11214.9,"001-Ingresos corrientes"]
[null,"Arquitectura","789-00","20306","001","000140","40171708","92085010","ADAPTADOR PLASTICO PVC, DIAMETRO DE 38,1 mm (1 1/2 Pulg), TIPO MACHO, PARED GRUESA, USO SANITARIOADAPTADOR TRAMPA PVC, 38,1mm (1 1/2 PULGADAS) DIAMETRO, TIPO MACHO, PARED GRUESA, USO SANITARIO","Unidad ",15,3149.76,47246.400000000001,"001-Ingresos corrientes"]
[null,"Arquitectura","789-00","20306","001","000180","40171708","92084745","ADAPTADOR DE PLASTICO PVC, DIAMETRO DE 50,8 mm (2 Pulg), TIPO MACHO, SCH 40, PARA USO POTABLEADAPTADOR PVC, 50,8mm (2 PULGADAS) DIAMETRO, TIPO MACHO, SCH 40, USO POTABLE","Unidad ",15,1123.02,16845.3,"001-Ingresos corrientes"]
[null,"Arquitectura","789-00","20306","001","000180","40171708","92085011","ADAPTADOR PVC, 50,8mm (2 PULGADAS) DIAMETRO, TIPO MACHO, PARED GRUESA, USO SANITARIO","Unidad ",15,1758,26370,"001-Ingresos corrientes"]
[null,"Arquitectura","789-00","20306","001","000220","40171708","92085013","ADAPTADOR PVC, 76,2mm (3 PULGADAS) DIAMETRO, TIPO MACHO, PARED GRUESA, USO SANITARIO","Unidad ",15,2094,{"$f":"K674*L674","v":31410},"001-Ingresos corrientes"]
[null,"Arquitectura","789-00","20306","001","000220","40171708","92087535","ADAPTADOR DE PLASTICO PVC,DIAMETRO DE 76,2 mm (3 Pulg), TIPO MACHO, CEDULA SCH40, USO POTABLEADAPTADOR PVC, 76,2mm (3 PULGADAS) DIAMETRO, TIPO MACHO, SCH 40, USO POTABLE","Unidad ",15,4069.8,61047,"001-Ingresos corrientes"]
[null,"Arquitectura","789-00","20306","001","000240","40171708","92081348","ADAPTADOR MACHO EN PVC DE 101,6 mm (4 Pulg), CEDULA SCH 40ADAPTADOR PVC, 101,6mm (4 PULGADAS) DIAMETRO, TIPO MACHO, SCH 40, USO POTABLE","Unidad ",15,6014.9400000000005,90224.1,"001-Ingresos corrientes"]
[null,"Arquitectura","789-00","20306","001","000240","40171708","92085007","ADAPTADOR PVC, 101,6mm (4 PULGADAS) DIAMETRO, TIPO MACHO, PARED GRUESA, USO SANITARIO","Unidad ",15,3346.62,50199.299999999996,"001-Ingresos corrientes"]
[null,"Arquitectura","789-00","20306","005","000005",40172508,92029224," CODO PLASTICO PVC 75 mm (3) EN 90° LISO Codo 90° PVC de 76.2 mm (3\") cédula SCH40 (presión)CODO PVC, 76,2mm (3 PULGADAS) DIAMETRO, 90 GRADOS, CAMPANA LISA (CEMENTADA), SCH 40, USO POTABLE","Unidad ",15,6433.14,96497.1,"001-Ingresos corrientes"]
[null,"Arquitectura","789-00","20306","005","000005","40172808","92007649","CODO DE PLASTICO PVC LISO DE 90° DIAMETRO DE 12,7MM (1/2 PULGADA) PARA CAÑERIA ( PRESION)CODO PVC, 12,7mm (1/2 PULGADAS) DIAMETRO, 90 GRADOS, CAMPANA LISA, SCH 40, USO POTABLE","Unidad ",15,141.78,2126.6999999999998,"001-Ingresos corrientes"]
[null,"Arquitectura","789-00","20306","005","000005","40172808","92030889","CODO PLASTICO (PVC) DE 90° DE 152,40 mm DE DIAMETRO TIPO LISO CEDULA SDR-32,5CODO PVC, 152,4mm (6 PULGADAS) DIAMETRO, 90 GRADOS, CAMPANA LISA (CEMENTADA), PARED DELGADA (SDR 32,5), USO SANITARIO","Unidad ",15,13391.58,200873.7,"001-Ingresos corrientes"]
[null,"Arquitectura","789-00","20306","005","000005","40172808","92039716","CODO PLASTICO (PVC), DE 90°, DIAMETRO DE 38,10 mm, PARA USO SANITARIOCODO CON ESPIGA PVC, 38,1mm (1 1/2 PULGADAS) DIAMETRO, 90 GRADOS, CAMPANA Y ESPIGA LISA (CEMENTADA), PARED GRUESA, USO SANITARIO","Unidad ",15,1662.6000000000001,24939.000000000004,"001-Ingresos corrientes"]
[null,"Arquitectura","789-00","20306","005","000005","40172808","92039719","CODO PLASTICO (PVC) DE 90 °, DIAMETRO DE 152,40 mm, PARA AGUA POTABLE CEDULA 40 CODO PVC, 152,4mm (6 PULGADAS) DIAMETRO, 90 GRADOS, CAMPANA LISA (CEMENTADA), SCH 40, USO POTABLE","Unidad ",5,27065.7,135328.5,"001-Ingresos corrientes"]
[null,"Arquitectura","789-00","20306","005","000005","40172808","92065158","CODO PVC, 12,7mm (1/2 PULGADAS) DIAMETRO, 90 GRADOS, CAMPANA ROSCADA, SCH 40, USO POTABLE","Unidad ",15,197,2955,"001-Ingresos corrientes"]
[null,"Arquitectura","789-00","20306","005","000005","40172808","92066552","CODO PLASTICO (PVC), DIAMETRO DE 152,40 mm, DE 90°, PARA USO SANITARIOCODO PVC, 152,4mm (6 PULGADAS) DIAMETRO, 90 GRADOS, CAMPANA LISA (CEMENTADA), PARED GRUESA, USO SANITARIO","Unidad ",15,46135.62,692034.3,"001-Ingresos corrientes"]
[null,"Arquitectura","789-00","20306","005","000005","40172808","92084787"," CODO EN PLASTICO PVC, DIAMETRO DE 101,6 mm (4 Pulg.), DE 90 °, CAMPANA LISA (CEMENTADA), PARED GRUESA, PARA USO SANITARIOCODO CON ESPIGA PVC, 101,6mm (4 PULGADAS) DIAMETRO, 90 GRADOS, CAMPANA Y ESPIGA LISA (CEMENTADA), PARED GRUESA, USO SANITARIO","Unidad ",15,12814.26,192213.9,"001-Ingresos corrientes"]
[null,"Arquitectura","789-00","20306","005","000005","40172808","92085026","CODO CON ESPIGA PVC, DIAMETRO DE 76,2 mm (3 Pulg), 90°, CAMPANA Y ESPIGA LISA (CEMENTADA), PARED GRUESA, USO SANITARIOCODO CON ESPIGA PVC, 76,2mm (3 PULGADAS) DIAMETRO, 90 GRADOS, CAMPANA Y ESPIGA LISA (CEMENTADA), PARED GRUESA, USO SANITARIO","Unidad ",15,5579.4000000000005,83691.000000000015,"001-Ingresos corrientes"]
[null,"Arquitectura","789-00","20306","005","000005","40172808","92085325","CODO PLASTICO PVC, 50,8 mm (2 Pulg) DIAMETRO, 90 °, CAMPANA LISA (CEMENTADA), PARED GRUESA, USO SANITARIOCODO CON ESPIGA PVC, 50,8mm (2 PULGADAS) DIAMETRO, 90 GRADOS, CAMPANA Y ESPIGA LISA (CEMENTADA), PARED GRUESA, USO SANITARIO","Unidad ",15,1970.64,29559.600000000002,"001-Ingresos corrientes"]
[null,"Arquitectura","789-00","20306","005","000005","40172809","92020486","CODO DE PLASTICO CPVC, LISO, DE 12,7 mm (1/2 Pulg), DE 45°CODO PVC, TIPO CPVC-CTS, 12,7mm (1/2 PULGADAS) DIAMETRO, 45 GRADOS, CAMPANA LISA, SDR 11, USO POTABLE","Unidad ",15,634.44000000000005,9516.6,"001-Ingresos corrientes"]
[null,"Arquitectura","789-00","20306","005","000005","40172809","92147910","CODO PLASTICO CPVC-CTS, DIAMETRO DE 12,7 mm (1/2 Pulg), 90°, CAMPANA LISA, USO POTABLECODO PVC, TIPO CPVC-CTS, 12,7mm (1/2 PULGADAS) DIAMETRO, 90 GRADOS, CAMPANA LISA, SDR 11, USO POTABLE","Unidad ",15,386.58,5798.7,"001-Ingresos corrientes"]
[null,"Arquitectura","789-00","20306","005","000005","40172809","92147911"," CODO PLASTICO CPVC-CTS, DIAMETRO DE 19,05 mm (3/4 Pulg), 45°, CAMPANA LISA, USO POTABLECODO PVC, TIPO CPVC-CTS, 19,05mm (3/4 PULGADAS) DIAMETRO, 45 GRADOS, CAMPANA LISA, SDR 11, USO POTABLE","Unidad ",15,899.64,13494.6,"001-Ingresos corrientes"]
[null,"Arquitectura","789-00","20306","005","000005","40172809","92147912"," CODO PLASTICO CPVC-CTS, DIAMETRO DE 19,05 mm (3/4 Pulg), 90°, CAMPANA LISA, USO POTABLECODO PVC, TIPO CPVC-CTS, 19,05mm (3/4 PULGADAS) DIAMETRO, 90 GRADOS, CAMPANA LISA, SDR 11, USO POTABLE","Unidad ",15,666.06000000000006,9990.9000000000015,"001-Ingresos corrientes"]
[null,"Arquitectura","789-00","20306","005","000006",40172808,92065158,"CODO PLASTICO (PVC), ANGULO DE 90°, TIPO CON ROSCA, DE 12,70 mm DE DIAMETRO, CEDULA SCH-40CODO PVC, 12,7mm (1/2 PULGADAS) DIAMETRO, 90 GRADOS, CAMPANA ROSCADA, SCH 40, USO POTABLE","Unidad ",15,239.70000000000002,3595.5000000000005,"001-Ingresos corrientes"]
[null,"Arquitectura","789-00","20306","005","000020","40172808","92005872","CODO PLASTICO (PVC) DE 90 °, DIAMETRO DE 25,40 mm PARA AGUA POTABLECODO PVC, 25,4mm (1 PULGADAS) DIAMETRO, 90 GRADOS, CAMPANA LISA (CEMENTADA), SCH 40, USO POTABLE","Unidad ",15,587.52,8812.7999999999993,"001-Ingresos corrientes"]
[null,"Arquitectura","789-00","20306","005","000020","40172808","92030946","CODO PLASTICO (PVC) 90° DE 25,4 mm ROSCADO CEDULA SCH-40CODO PVC, 25,4mm (1 PULGADAS) DIAMETRO, 90 GRADOS, CAMPANA ROSCADA, SCH 40, USO POTABLE","Unidad ",15,747.66,11214.9,"001-Ingresos corrientes"]
[null,"Arquitectura","789-00","20306","005","000070","40172808","92030947","CODO PLASTICO (PVC) 45° DE 25,4 mm LISO CEDULA SCH-40CODO PVC, 25,4mm (1 PULGADAS) DIAMETRO, 45 GRADOS, CAMPANA LISA (CEMENTADA), SCH 40, USO POTABLE","Unidad ",15,733.38,11000.7,"001-Ingresos corrientes"]
[null,"Arquitectura","789-00","20306","005","000080","40172808","92030888","CODO PLASTICO (PVC) DE 45° DE 50,80MM DE DIAMETRO TIPO LISO CEDULA SDR-32,5CODO PVC, 50,8mm (2 PULGADAS) DIAMETRO, 45 GRADOS, CAMPANA LISA, SCH 40, USO POTABLE","Unidad ",15,1708.5,25627.5,"001-Ingresos corrientes"]
[null,"Arquitectura","789-00","20306","005","000085","40172808","92083925","CODO PLASTICO (PVC) 45° DE 63,5 mm LISO CEDULA SCH-40CODO PVC, 63,5mm (2 1/2 PULGADAS) DIAMETRO, 45 GRADOS, CAMPANA LISA (CEMENTADA), SCH 40, USO POTABLE","Unidad ",15,5077.5600000000004,76163.400000000009,"001-Ingresos corrientes"]
[null,"Arquitectura","789-00","20306","005","000100","40172808","92031007","CODO PLASTICO (PVC) 45° DE 19,05 mm LISO CEDULA SCH-40CODO PVC, 19,05mm (3/4 PULGADAS) DIAMETRO, 45 GRADOS, CAMPANA LISA (CEMENTADA), SCH 40, USO POTABLE","Unidad ",15,421.26,6318.9,"001-Ingresos corrientes"]
[null,"Arquitectura","789-00","20306","005","000100","40172808","92031017","CODO PLASTICO (PVC) 90° DE 19,05 mm ROSCADO CEDULA SCH-40CODO PVC, 19,05mm (3/4 PULGADAS) DIAMETRO, 90 GRADOS, CAMPANA ROSCADA, SCH 40, USO POTABLE","Unidad ",15,310.08,4651.2,"001-Ingresos corrientes"]
[null,"Arquitectura","789-00","20306","005","000100","40172808","92049596","CODO PLASTICO (PVC) 90°, DE 19,05 mm (3/4 Pulg) DIAMETRO, LISO, CEDULA SCH-40CODO PVC, 19,05mm (3/4 PULGADAS) DIAMETRO, 90 GRADOS, CAMPANA LISA (CEMENTADA), SCH 40, USO POTABLE","Unidad ",15,282.54000000000002,4238.1000000000004,"001-Ingresos corrientes"]
[null,"Arquitectura","789-00","20306","005","000120",40172808,92030891,"CODO PLASTICO (PVC) DE 90° DE 50,80 mm DE DIAMETRO TIPO LISO CEDULA SDR-32,5CODO PVC, 50,8mm (2 PULGADAS) DIAMETRO, 90 GRADOS, CAMPANA LISA (CEMENTADA), PARED DELGADA (SDR 32,5), USO SANITARIO","Unidad ",15,855.78,12836.699999999999,"001-Ingresos corrientes"]
[null,"Arquitectura","789-00","20306","005","000120","40172808","92054747","CODO DE PLASTICO PVC, LISO, 90°, DIAMETRO 31,75 mm PARA USO SANITARIOCODO PVC, 31,75mm (1 1/4 PULGADAS) DIAMETRO, 90 GRADOS, CAMPANA LISA (CEMENTADA), PARED GRUESA, USO SANITARIO","Unidad ",15,1127.0999999999999,16906.5,"001-Ingresos corrientes"]
[null,"Arquitectura","789-00","20306","005","000120","40172808","92055626","CODO DE PLASTICO PVC TIPO LISO DE 90°, DIAMETRO DE 31,75 mm (1 1/4 Pulg) CEDULA SCH 40CODO PVC, 31,7mm (1 1/4 PULGADAS) DIAMETRO, 90 GRADOS, CAMPANA LISA (CEMENTADA), SCH 40, USO POTABLE","Unidad ",15,1078.1400000000001,16172.100000000002,"001-Ingresos corrientes"]
[null,"Arquitectura","789-00","20306","005","000120","40172808","92056158","CODO DE PLASTICO (PVC), TIPO LISO, DE 90°, DIAMETRO DE 31,75 mm (1 1/4 Pulg) CEDULA SDR 32,5CODO PVC, 31,7mm (1 1/4 PULGADAS) DIAMETRO, 90 GRADOS, CAMPANA LISA (CEMENTADA), PARED DELGADA (SDR 32,5), USO SANITARIO","Unidad ",15,666.06000000000006,9990.9000000000015,"001-Ingresos corrientes"]
[null,"Arquitectura","789-00","20306","005","000120","40172808","92064448","CODO DE PLASTICO (PVC), TIPO LISO, DE 45°, DIAMETRO DE 31,75 mm (1 1/4 Pulg), CEDULA SCH 40CODO PVC, 31,75mm (1 1/4 PULGADAS) DIAMETRO, 45 GRADOS, CAMPANA LISA (CEMENTADA), SCH 40, USO POTABLE","Unidad ",15,1085.28,16279.199999999999,"001-Ingresos corrientes"]
[null,"Arquitectura","789-00","20306","005","000120","40172808","92085321","CODO PLASTICO PVC, 31,8 mm (1 1/4 Pulg) DIAMETRO, 90 °, CAMPANA ROSCADA, SCH 40, USO POTABLECODO PVC, 31,8mm (1 1/4 PULGADAS) DIAMETRO, 90 GRADOS, CAMPANA ROSCADA, SCH 40, USO POTABLE","Unidad ",15,1258.68,{"$f":"K706*L706","v":18880.2},"001-Ingresos corrientes"]
[null,"Arquitectura","789-00","20306","005","000120","40172808","92088096","CODO DE PLASTICO PVC, DIAMETRO DE 31,75 mm (1 1/4 Pulg), DE 45 °, CAMPANA LISA (CEMENTADA), PARED GRUESA, USO SANITARIOCODO PVC, 31,75mm (1 1/4 PULGADAS) DIAMETRO, 45 GRADOS, CAMPANA LISA (CEMENTADA), PARED GRUESA, USO SANITARIO","Unidad ",15,1272.96,19094.400000000001,"001-Ingresos corrientes"]
[null,"Arquitectura","789-00","20306","005","000140","40172808",92031019,"CODO PLASTICO (PVC) 90° DE 38,1 mm ROSCADO CEDULA SCH-40CODO PVC, 38,1mm (1 1/2 PULGADAS) DIAMETRO, 90 GRADOS, CAMPANA ROSCADA, SCH 40, USO POTABLE","Unidad ",15,1794.18,26912.7,"001-Ingresos corrientes"]
[null,"Arquitectura","789-00","20306","005","000140","40172808","92039716","CODO PLASTICO (PVC), DE 90°, DIAMETRO DE 38,10 mm, PARA USO SANITARIOCODO PVC, 38,1mm (1 1/2 PULGADAS) DIAMETRO, 90 GRADOS, CAMPANA LISA (CEMENTADA), PARED DELGADA (SDR 32,5), USO SANITARIO","Unidad ",15,653.82000000000005,9807.3000000000011,"001-Ingresos corrientes"]
[null,"Arquitectura","789-00","20306","005","000140","40172808","92039716","CODO PLASTICO (PVC), DE 90°, DIAMETRO DE 38,10 mm, PARA USO SANITARIOCODO PVC, 38,1mm (1 1/2 PULGADAS) DIAMETRO, 90 GRADOS, CAMPANA LISA (CEMENTADA), PARED GRUESA, USO SANITARIO","Unidad ",15,1145.46,17181.900000000001,"001-Ingresos corrientes"]
[null,"Arquitectura","789-00","20306","005","000140","40172808","92039721","CODO PLASTICO (PVC) DE 90 °, DIAMETRO DE 38,10 mm PARA AGUA POTABLECODO PVC, 38,1mm (1 1/2 PULGADAS) DIAMETRO, 90 GRADOS, CAMPANA LISA (CEMENTADA), SCH 40, USO POTABLE","Unidad ",15,1273.98,19109.7,"001-Ingresos corrientes"]
[null,"Arquitectura","789-00","20306","005","000160","40172808","92009223","CODO PLASTICO PVC DE 50.8 MM (2) EN 90° LISO.CODO PVC, 50,8mm (2 PULGADAS) DIAMETRO, 90 GRADOS, CAMPANA LISA (CEMENTADA), SCH 40, USO POTABLE","Unidad ",15,1957.38,29360.7,"001-Ingresos corrientes"]
[null,"Arquitectura","789-00","20306","005","000160","40172808","92030891","CODO PVC, 50,8mm (2 PULGADAS) DIAMETRO, 90 GRADOS, CAMPANA LISA (CEMENTADA), PARED DELGADA (SDR 32,5), USO SANITARIO","Unidad ",15,703.8,10557,"001-Ingresos corrientes"]
[null,"Arquitectura","789-00","20306","005","000160","40172808","92085325","CODO PLASTICO PVC, 50,8 mm (2 Pulg) DIAMETRO, 90 °, CAMPANA LISA (CEMENTADA), PARED GRUESA, USO SANITARIOCODO PVC, 50,8mm (2 PULGADAS) DIAMETRO, 90 GRADOS, CAMPANA LISA (CEMENTADA), PARED GRUESA, USO SANITARIO","Unidad ",15,1720.74,25811.1,"001-Ingresos corrientes"]
[null,"Arquitectura","789-00","20306","005","000160","40172808","92085327","CODO PLASTICO PVC, 50,8 mm (2 Pulg) DIAMETRO, DE 90 °, CAMPANA ROSCADA, SCH 40, USO POTABLECODO PVC, 50,8mm (2 PULGADAS) DIAMETRO, 90 GRADOS, CAMPANA ROSCADA, SCH 40, USO POTABLE","Unidad ",15,2516.34,37745.100000000006,"001-Ingresos corrientes"]
[null,"Arquitectura","789-00","20306","005","000165","40172808","92059342","CODO DE PLASTICO PVC TIPO LISO DE 90°, DIAMETRO DE 63,5 mm (2 1/2 Pulg) CEDULA SCH 40CODO PVC, 63,5mm (2 1/2 PULGADAS) DIAMETRO, 90 GRADOS, CAMPANA LISA (CEMENTADA), SCH 40, USO POTABLE","Unidad ",15,5658.96,84884.4,"001-Ingresos corrientes"]
[null,"Arquitectura","789-00","20306","005","000165","40172808","92081463","CODO PLASTICO (PVC) DE 90°, DIAMETRO DE 6,35 cm, CON ROSCA, PARA AGUA POTABLE, (2 1/2 Pulg.)CODO PVC, 63,5mm (2 1/2 PULGADAS) DIAMETRO, 90 GRADOS, CAMPANA ROSCADA, SCH 40, USO POTABLE","Unidad ",15,6196.5,92947.5,"001-Ingresos corrientes"]
[null,"Arquitectura","789-00","20306","005","000180","40172808","92031031","CODO PLASTICO (PVC) 90° DE 76,2 mm LISO CEDULA SDR-32,5CODO PVC, 76,2mm (3 PULGADAS) DIAMETRO, 90 GRADOS, CAMPANA LISA (CEMENTADA), PARED DELGADA (SDR 32,5), USO SANITARIO","Unidad ",15,2253.1799999999998,33797.699999999997,"001-Ingresos corrientes"]
[null,"Arquitectura","789-00","20306","005","000180","40172808","92085560","CODO DE PLASTICO PVC, DIAMETRO DE 76,2 mm (3 Pulg), DE 90 °, CAMPANA LISA (CEMENTADA), PARED GRUESA, USO SANITARIOCODO PVC, 76,2mm (3 PULGADAS) DIAMETRO, 90 GRADOS, CAMPANA LISA (CEMENTADA), PARED GRUESA, USO SANITARIO","Unidad ",15,4285.0200000000004,64275.3,"001-Ingresos corrientes"]
[null,"Arquitectura","789-00","20306","005","000200","40172808","92029342","CODO PLASTICO (PVC) 45° DE 76,2 mm LISO CEDULA SDR-32,6CODO PVC, 76,2mm (3 PULGADAS) DIAMETRO, 45 GRADOS, CAMPANA LISA (CEMENTADA), PARED GRUESA, USO SANITARIO","Unidad ",15,3300.7200000000003,49510.8,"001-Ingresos corrientes"]
[null,"Arquitectura","789-00","20306","005","000200","40172808","92029342","CODO PLASTICO (PVC) 45° DE 76,2 mm LISO CEDULA SDR-32,5CODO PVC, 76,2mm (3 PULGADAS) DIAMETRO, 45 GRADOS, CAMPANA LISA (CEMENTADA), PARED DELGADA (SDR 32,5), USO SANITARIO","Unidad ",15,1999.2,29988,"001-Ingresos corrientes"]
[null,"Arquitectura","789-00","20306","005","000200","40172808","92051010","CODO PLASTICO (PVC) DE 76,20 mm DE DIAMETRO, DE 45°, ACOPLE LISO, GROSOR SCH 40CODO PVC, 76,2mm (3 PULGADAS) DIAMETRO, 45 GRADOS, CAMPANA LISA (CEMENTADA), SCH 40, USO POTABLE","Unidad ",15,6831.96,102479.4,"001-Ingresos corrientes"]
[null,"Arquitectura","789-00","20306","005","000205","40172808","92038957","CODO PVC DE 101,60 mm DIÁMETRO, 45°, ACOPLE LISO, GROSOR SDR 32,5, PARA USO SANITARIO.CODO PVC, 101,6mm (4 PULGADAS) DIAMETRO, 45 GRADOS, CAMPANA LISA (CEMENTADA), PARED DELGADA (SDR 32,5), USO SANITARIO","Unidad ",15,3520.02,52800.3,"001-Ingresos corrientes"]
[null,"Arquitectura","789-00","20306","005","000205","40172808","92039717","CODO PLASTICO (PVC) DE 45 °, DIAMETRO DE 101,60 mm, PARA USO SANITARIOCODO PVC, 101,6mm (4 PULGADAS) DIAMETRO, 45 GRADOS, CAMPANA LISA (CEMENTADA), PARED GRUESA, USO SANITARIO","Unidad ",15,6518.82,97782.299999999988,"001-Ingresos corrientes"]
[null,"Arquitectura","789-00","20306","005","000205","40172808","92084746","CODO DE PLASTICO PVC, DE 45°, TAMAÑO 101,6 mm (4 Pulg), CAMPANA LISA (CEMENTADA), SCH 40, USO POTABLECODO PVC, 101,6mm (4 PULGADAS) DIAMETRO, 45 GRADOS, CAMPANA LISA (CEMENTADA), SCH 40, USO POTABLE","Unidad ",15,8916.84,133752.6,"001-Ingresos corrientes"]
[null,"Arquitectura","789-00","20306","005","000210","40172808","92005880","CODO DE 90° SCH 40 CAMPANA CEMENTADA 4 (100MM) LISA PASTICA PVC Marca AMANCO Modelo SCH-40","Unidad ",25,5375.32,134383,"001-Ingresos corrientes"]
[null,"Arquitectura","789-00","20306","005","000210","40172808","92038958","CODO PVC DE 101,60 mm DIÁMETRO, 90°, ACOPLE LISO, CÉDULA (GROSOR) SDR 32,5, PARA USO SANITARIO.CODO PVC, 101,6mm (4 PULGADAS) DIAMETRO, 90 GRADOS, CAMPANA LISA (CEMENTADA), PARED DELGADA (SDR 32,5), USO SANITARIO","Unidad ",15,4193.22,62898.3,"001-Ingresos corrientes"]
[null,"Arquitectura","789-00","20306","005","000210","40172808","92084787"," CODO EN PLASTICO PVC, DIAMETRO DE 101,6 mm (4 Pulg.), DE 90 °, CAMPANA LISA (CEMENTADA), PARED GRUESA, PARA USO SANITARIOCODO PVC, 101,6mm (4 PULGADAS) DIAMETRO, 90 GRADOS, CAMPANA LISA (CEMENTADA), PARED GRUESA, USO SANITARIO","Unidad ",15,7590.84,113862.6,"001-Ingresos corrientes"]
[null,"Arquitectura","789-00","20306","005","000215","40172808","92030883","CODO PLASTICO (PVC) DE 45° DE 152,40 mm DE DIAMETRO TIPO LISO CEDULA SDR-32,5CODO PVC, 152,46mm DIAMETRO, 45 GRADOS, CAMPANA LISA (CEMENTADA), PARED DELGADA (SDR 32,5), USO SANITARIO","Unidad ",15,8939.2800000000007,134089.20000000001,"001-Ingresos corrientes"]
[null,"Arquitectura","789-00","20306","005","000215","40172808","92052250","CODO PLASTICO (PVC) DE 45° DE 152,40 mm (6 Pulg) DE DIAMETRO TIPO LISO CEDULA SCH 40CODO PVC, 152,4mm (6 PULGADAS) DIAMETRO, 45 GRADOS, CAMPANA LISA (CEMENTADA), SCH 40, USO POTABLE","Unidad ",15,38952.78,584291.69999999995,"001-Ingresos corrientes"]
[null,"Arquitectura","789-00","20306","005","000215","40172808","92084788","CODO DE PLASTICO PVC, 152,4 mm (6 Pulg.) DIAMETRO, DE 45 °, CAMPANA LISA (CEMENTADA), PARED GRUESA, USO SANITARIO Marca AMANCO Modelo 909747","Unidad ",25,33265.4,831635,"001-Ingresos corrientes"]
[null,"Arquitectura","789-00","20306","005","000220","40172808","92030945"," CODO PLASTICO (PVC) 45° DE 38,1 mm LISO CEDULA SDR-32,5CODO PVC, 38,1mm (1 1/2 PULGADAS) DIAMETRO, 45 GRADOS, CAMPANA LISA (CEMENTADA), PARED DELGADA (SDR 32,5), USO SANITARIO","Unidad ",15,637.5,9562.5,"001-Ingresos corrientes"]
[null,"Arquitectura","789-00","20306","005","000220","40172808","92039733","CODO PLASTICO (PVC) DIAMETRO DE 38,10 mm (1 1/2 Pulg), 45 °CODO PVC, 38,1mm (1 1/2 PULGADAS) DIAMETRO, 45 GRADOS, CAMPANA LISA (CEMENTADA), PARED GRUESA, USO SANITARIO","Unidad ",15,1332.1200000000001,19981.800000000003,"001-Ingresos corrientes"]
[null,"Arquitectura","789-00","20306","005","000220","40172808","92039733","CODO PLASTICO (PVC) DIAMETRO DE 38,10 mm (1 1/2 Pulg), 45 °CODO PVC, 38,1mm (1 1/2 PULGADAS) DIAMETRO, 45 GRADOS, CAMPANA LISA (CEMENTADA), SCH 40, USO POTABLE","Unidad ",15,1494.3,22414.5,"001-Ingresos corrientes"]
[null,"Arquitectura","789-00","20306","005","000222","40172808","92022807","CODO PVC LISO DE 50,8 mm DE 45°CODO PVC, 50,8mm (2 PULGADAS) DIAMETRO, 45 GRADOS, CAMPANA LISA (CEMENTADA), PARED DELGADA (SDR 32,5), USO SANITARIO","Unidad ",15,792.54,11888.099999999999,"001-Ingresos corrientes"]
[null,"Arquitectura","789-00","20306","005","000222","40172808","92022807","CODO PVC LISO DE 50,8 mm DE 45°CODO PVC, 50,8mm (2 PULGADAS) DIAMETRO, 45 GRADOS, CAMPANA LISA (CEMENTADA), PARED GRUESA, USO SANITARIO","Unidad ",15,1488.18,22322.7,"001-Ingresos corrientes"]
[null,"Arquitectura","789-00","20306","005","000230","40172808","92085317","CODO PLASTICO PVC, 203,2 mm (8 Pulg.) DIAMETRO, 45 °, CAMPANA LISA (CEMENTADA), PARED GRUESA, USO SANITARIOCODO PVC, 203,2mm (8 PULGADAS) DIAMETRO, 45 GRADOS, CAMPANA LISA (CEMENTADA), PARED GRUESA, USO SANITARIO","Unidad ",5,73820.460000000006,369102.30000000005,"001-Ingresos corrientes"]
[null,"Arquitectura","789-00","20306","005","000235","40172808","92039704","CODO PLASTICO (PVC) DIAMETRO DE 203,2 mm (8 Pulg), DE 90 ° Marca AMANCO Modelo 909884","Unidad ",4,53218.22,{"$f":"K738*L738","v":212872.88},"001-Ingresos corrientes"]
[null,"Arquitectura","789-00","20306","005","000420","40172808","92018155","CODO LISO DE 45° DE PLASTICO PVC DIAMETRO DE 12MM (1/2 PULGADA) PARA CAÑERIA DE PRESIONCODO PVC, 12,7mm (1/2 PULGADAS) DIAMETRO, 45 GRADOS, CAMPANA LISA, SCH 40, USO POTABLE","Unidad ",15,259.08,3886.2,"001-Ingresos corrientes"]
[null,"Arquitectura","789-00","20306","015","000020",40174608,"92147970","TEE DE PVC DE TRANSICION (REPARACION), DIAMETRO DE 12,7 mm (1/2 Pulg), CEDULA SCH 40, USO POTABLETEE DE TRANSICION (REPARACION) PVC, 12,7mm (1/2 PULGADA) DIAMETRO, SCH 40, USO POTABLE","Unidad ",15,1552.44,23286.600000000002,"001-Ingresos corrientes"]
[null,"Arquitectura","789-00","20306","015","000040","40173508","92009227","TAPON PLASTICO PVC HEMBRA LISO DE 12,7MM (1/2) DE DIAMETROTAPON PVC, 12,7mm (1/2 PULGADAS) DIAMETRO, TIPO HEMBRA (LISO), SCH 40, USO POTABLE","Unidad ",15,103.02,1545.3,"001-Ingresos corrientes"]
[null,"Arquitectura","789-00","20306","015","000040",40173508,"92028243","TAPON PLASTICO (PVC) LISO, DIAMETRO INTERNO DE 50,80 mm (2 Pulg)TAPON PVC, 50,8mm (2 PULGADAS) DIAMETRO, TIPO HEMBRA (LISO), SCH 40, USO POTABLE","Unidad ",15,829.26,12438.9,"001-Ingresos corrientes"]
[null,"Arquitectura","789-00","20306","015","000040","40173508","92029341","TAPON PLASTICO PVC HEMBRA LISO DE 25,4 mm (1 Pulg) DE DIAMETROTAPON PVC, 25,4mm (1 PULGADAS) DIAMETRO, TIPO HEMBRA (LISO), SCH 40, USO POTABLE","Unidad ",15,490.62,7359.3,"001-Ingresos corrientes"]
[null,"Arquitectura","789-00","20306","015","000040","40173508","92031073","TAPON PVC, 101,6mm (4 PULGADAS) DIAMETRO, TIPO HEMBRA (LISO), PARED DELGADA (SDR 32,5), USO SANITARIO","Unidad ",15,875.16,13127.4,"001-Ingresos corrientes"]
[null,"Arquitectura","789-00","20306","015","000040","40173508","92031253","TAPON PVC, 152,4mm (6 PULGADAS) DIAMETRO, TIPO HEMBRA (LISO), PARED DELGADA (SDR 32,5), USO SANITARIO","Unidad ",15,980,14700,"001-Ingresos corrientes"]
[null,"Arquitectura","789-00","20306","015","000040","40173508","92031267","TAPON PLASTICO (PVC) TIPO LISO DE 19,05 mm DE DIAMETRO, CEDULA SCH-40TAPON PVC, 19,05mm (3/4 PULGADAS) DIAMETRO, TIPO HEMBRA (LISO), SCH 40, USO POTABLE","Unidad ",15,189.72,2845.8,"001-Ingresos corrientes"]
[null,"Arquitectura","789-00","20306","015","000040",40173508,"92031269","TAPON PVC, 38,1mm (1 1/2 PULGADAS) DIAMETRO, TIPO HEMBRA (LISO), PARED DELGADA (SDR 32,5), USO SANITARIO","Unidad ",15,400,6000,"001-Ingresos corrientes"]
[null,"Arquitectura","789-00","20306","015","000040",40173508,"92039821","TAPON PVC, 76,2mm (3 PULGADAS) DIAMETRO, TIPO HEMBRA (LISO), PARED GRUESA, USO SANITARIO","Unidad ",15,507.96000000000004,7619.4000000000005,"001-Ingresos corrientes"]
[null,"Arquitectura","789-00","20306","015","000040",40173508,"92039821","TAPON PVC, 76,2mm (3 PULGADAS) DIAMETRO, TIPO HEMBRA (LISO), SCH 40, USO POTABLE","Unidad ",15,2727.48,40912.199999999997,"001-Ingresos corrientes"]
[null,"Arquitectura","789-00","20306","015","000040",40173508,"92044508","TAPON PLASTICO (PVC), DIAMETRO DE 63,50 mm, CEDULA SCH 40TAPON PVC, 63,5mm (2 1/2 PULGADAS) DIAMETRO, TIPO HEMBRA (LISO), SCH 40, USO POTABLE","Unidad ",15,2611.1999999999998,39168,"001-Ingresos corrientes"]
[null,"Arquitectura","789-00","20306","015","000040","40173508","92059431","TAPÓN PLASTICO (PVC) SANITARIO HEMBRA LISO DE 101,6 mm (4 Pulg)TAPON PVC, 101,6mm (4 PULGADAS) DIAMETRO, TIPO HEMBRA (LISO), PARED GRUESA, USO SANITARIO","Unidad ",15,597.72,8965.8000000000011,"001-Ingresos corrientes"]
[null,"Arquitectura","789-00","20306","015","000040",40173508,92059431,"TAPON DE PLASTICO (PVC) LISA ACOPLE HEMBRA SIN ROSCA CEDULA SCH-40 DIAMETRO DE 101,6 mm PARA USO EXTERNO (PRESION)TAPON PVC, 101,6mm (4 PULGADAS) DIAMETRO, TIPO HEMBRA (LISO), SCH 40, USO POTABLE","Unidad ",15,1948.2,29223,"001-Ingresos corrientes"]
[null,"Arquitectura","789-00","20306","015","000040","40173508","92085395","TAPON DE PLASTICO PVC, HEMBRA, LISO ,PARA PRESION, DIAMETRO DE 150 mm, CEDULA SCH-40TAPON PVC, 152,4mm (6 PULGADAS) DIAMETRO, TIPO HEMBRA (LISO), SCH 40, USO POTABLE","Unidad ",15,13931.16,208967.4,"001-Ingresos corrientes"]
[null,"Arquitectura","789-00","20306","015","000040",40173508,"92085989","TAPON DE PLASTICO PVC, DIAMETRO DE 38,1 mm (1 1/2 Pulg), TIPO HEMBRA, LISO, PARED GRUESA, PARA USO SANITARIOTAPON PVC, 38,1mm (1 1/2 PULGADAS) DIAMETRO, TIPO HEMBRA (LISO), PARED GRUESA, USO SANITARIO","Unidad ",20,488.58,9771.6,"001-Ingresos corrientes"]
[null,"Arquitectura","789-00","20306","015","000040",40173508,"92085990","TAPON DE PLASTICO PVC, DIAMETRO DE 50,8 mm (2 Pulg), TIPO HEMBRA, LISO, PARED GRUESA, PARA USO SANITARIOTAPON PVC, 50,8mm (2 PULGADAS) DIAMETRO, TIPO HEMBRA (LISO), PARED GRUESA, USO SANITARIO","Unidad ",20,501.84000000000003,10036.800000000001,"001-Ingresos corrientes"]
[null,"Arquitectura","789-00","20306","015","000040",40173508,"92087536","TAPON DE PLASTICO PVC, DIAMETRO DE 31,75 mm (1 1/4 Pulg), TIPO HEMBRA, LISO, CEDULA SCH40 USO POTABLETAPON PVC, 31,75mm (1 1/4 PULGADAS) DIAMETRO, TIPO HEMBRA (LISO), SCH 40, USO POTABLE","Unidad ",20,584.46,11689.2,"001-Ingresos corrientes"]
[null,"Arquitectura","789-00","20306","015","000040",40173508,"92147971","TAPON DE PLASTICO CPVC-CTS, DIAMETRO DE 19,05 mm (3/4 Pulg), CAMPANA LISA (CEMENTADA), CEDULA SDR 11, USO POTABLETAPON PVC, TIPO CPVC-CTS, 19,05mm (3/4 PULGADAS) DIAMETRO,CAMPANA LISA (CEMENTADA), SDR 11, USO POTABLE","Unidad ",20,488.58,9771.6,"001-Ingresos corrientes"]
[null,"Arquitectura","789-00","20306","015","000040",40173508,"92147972","TAPON DE PLASTICO CPVC-CTS, DIAMETRO DE 12,7 mm (1/2 Pulg), CAMPANA LISA (CEMENTADA), CEDULA SDR 11, USO POTABLETAPON PVC, TIPO CPVC-CTS, 12,7mm (1/2 PULGADAS) DIAMETRO,CAMPANA LISA (CEMENTADA), SDR 11, USO POTABLE","Unidad ",20,377.40000000000003,7548.0000000000009,"001-Ingresos corrientes"]
[null,"Arquitectura","789-00","20306","015","000060","40173508","92031254","TAPON PVC, 101,6mm (4 PULGADAS) DIAMETRO, TIPO MACHO (ROSCADO), PARED GRUESA, USO SANITARIO","Unidad ",15,1596,23940,"001-Ingresos corrientes"]
[null,"Arquitectura","789-00","20306","015","000060","40173508","92031259","TAPON PLASTICO (PVC) TIPO ROSCADO DE 19,05 mm DE DIAMETRO, CEDULA SCH-40TAPON PVC, 19,05mm (3/4 PULGADAS) DIAMETRO, TIPO HEMBRA (ROSCADO), SCH 40, USO POTABLE","Unidad ",20,569.16,11383.199999999999,"001-Ingresos corrientes"]
[null,"Arquitectura","789-00","20306","015","000060","40173508","92031259","TAPON PLASTICO (PVC) TIPO ROSCADO DE 19,05 mm DE DIAMETRO, CEDULA SCH-40TAPON PVC, 19,05mm (3/4 PULGADAS) DIAMETRO, TIPO MACHO (ROSCADO), SCH 40, USO POTABLE","Unidad ",20,630.36,12607.2,"001-Ingresos corrientes"]
[null,"Arquitectura","789-00","20306","015","000060",40173508,92031260,"TAPON PLASTICO (PVC) ROSCADO DE 25,40 mm DE DIAMETRO, CEDULA SCH-40TAPON PVC, 25,4mm (1 PULGADAS) DIAMETRO, TIPO MACHO (ROSCADO), SCH 40, USO POTABLE","Unidad ",20,948.6,18972,"001-Ingresos corrientes"]
[null,"Arquitectura","789-00","20306","015","000060",40173508,"92031261","TAPON PLASTICO (PVC) ROSCADO DE 38,10 mm DE DIAMETRO, CEDULA SCH-40TAPON PVC, 38,1mm (1 1/2 PULGADAS) DIAMETRO, TIPO HEMBRA (ROSCADO), SCH 40, USO POTABLE","Unidad ",20,620.16,{"$f":"K763*L763","v":12403.199999999999},"001-Ingresos corrientes"]
[null,"Arquitectura","789-00","20306","015","000060",40173508,"92031261","TAPON PLASTICO (PVC) ROSCADO DE 38,10 mm DE DIAMETRO, CEDULA SCH-40TAPON PVC, 38,1mm (1 1/2 PULGADAS) DIAMETRO, TIPO MACHO (ROSCADO), PARED GRESA, USO SANITARIO","Unidad ",20,879.24,{"$f":"K764*L764","v":17584.8},"001-Ingresos corrientes"]
[null,"Arquitectura","789-00","20306","015","000060",40173508,"92031261","TAPON PLASTICO (PVC) ROSCADO DE 38,10 mm DE DIAMETRO, CEDULA SCH-41TAPON PVC, 38,1mm (1 1/2 PULGADAS) DIAMETRO, TIPO MACHO (ROSCADO), SCH 40, USO POTABLE","Unidad ",20,1853.3400000000001,{"$f":"K765*L765","v":37066.800000000003},"001-Ingresos corrientes"]
[null,"Arquitectura","789-00","20306","015","000060",40173508,"92031263","TAPON PVC, 50,8mm (2 PULGADAS) DIAMETRO, TIPO MACHO (ROSCADO), PARED DELGADA (SDR 32,5), USO SANITARIO","Unidad ",20,723,{"$f":"K766*L766","v":14460},"001-Ingresos corrientes"]
[null,"Arquitectura","789-00","20306","015","000060",40173508,"92031265","TAPON PVC, 63,5mm (2 1/2 PULGADAS) DIAMETRO, TIPO MACHO (ROSCADO), PARED DELGADA (SDR 32,5), USO SANITARIO","Unidad ",20,995,19900,"001-Ingresos corrientes"]
[null,"Arquitectura","789-00","20306","015","000060",40173508,"92031266","TAPON PVC, 76,2mm (3 PULGADAS) DIAMETRO, TIPO MACHO (ROSCADO), PARED DELGADA (SDR 32,5), USO SANITARIO","Unidad ",20,1093,21860,"001-Ingresos corrientes"]
[null,"Arquitectura","789-00","20306","015","000060",40173508,"92039856","TAPON PLASTICO (PVC), DIAMETRO EXTERNO DE 50,80 mm, CON ROSCA EXTERNATAPON PVC, 50,8mm (2 PULGADAS) DIAMETRO, TIPO MACHO (ROSCADO), PARED GRUESA, USO SANITARIO","Unidad ",20,882.30000000000007,17646,"001-Ingresos corrientes"]
[null,"Arquitectura","789-00","20306","015","000060",40173508,"92044010","TAPON PLASTICO (PVC), DIAMETRO DE 76,20 mm, PARA USO SANITARIOTAPON PVC, 76,2mm (3 PULGADAS) DIAMETRO, TIPO MACHO (ROSCADO), PARED GRUESA, USO SANITARIO","Unidad ",20,1333.14,26662.800000000003,"001-Ingresos corrientes"]
[null,"Arquitectura","789-00","20306","015","000060",40173508,"92058057","TAPON PLASTICO (PVC) DE 31,75 mm (1 1/4 Pulg) DE DIAMETRO ROSCADOTAPON PVC, 31,7mm (1 1/4 PULGADAS) DIAMETRO, TIPO MACHO (ROSCADO), PARED GRUESA, USO SANITARIO","Unidad ",20,869.04,17380.8,"001-Ingresos corrientes"]
[null,"Arquitectura","789-00","20306","015","000060",40173508,"92058057","TAPON PLASTICO (PVC) DE 31,75 mm (1 1/4 Pulg) DE DIAMETRO ROSCADOTAPON PVC, 31,7mm (1 1/4 PULGADAS) DIAMETRO, TIPO MACHO (ROSCADO), SCH 40, USO POTABLE","Unidad ",20,1297.44,25948.800000000003,"001-Ingresos corrientes"]
[null,"Arquitectura","789-00","20306","015","000060",40173508,"92059334","TAPÓN PLASTICO (PVC) ROSCA EXTERNA DE 76,2 mm (3 Pulg)TAPON PVC, 76,2mm (3 PULGADAS) DIAMETRO, TIPO MACHO (ROSCADO), SCH 40, USO POTABLE","Unidad ",20,5890.5,117810,"001-Ingresos corrientes"]
[null,"Arquitectura","789-00","20306","015","000060","40173508","92059353","TAPÓN PLASTICO (PVC) ROSCA EXTERNA DE 152,4 mm (6 Pulg)TAPON PVC, 152,4mm (6 PULGADAS) DIAMETRO, TIPO MACHO (ROSCADO), PARED GRESA, USO SANITARIO","Unidad ",10,17910.18,179101.8,"001-Ingresos corrientes"]
[null,"Arquitectura","789-00","20306","015","000060","40173508","92063546","TAPON PLASTICO (PVC) CON ROSCA EXTERNA (MACHO), DIAMETRO DE 101,6 mm (4 Pulg), SCH-40TAPON PVC, 101,6mm (4 PULGADAS) DIAMETRO, TIPO MACHO (ROSCADO), SCH 40, USO POTABLE","Unidad ",15,9760.380000000001,146405.70000000001,"001-Ingresos corrientes"]
[null,"Arquitectura","789-00","20306","015","000060",40173508,"92072217","TAPON PLASTICO (PVC) CON ROSCA EXTERNA (MACHO), DIAMETRO DE 50,8 mm (2 Pulg), SCH-40TAPON PVC, 50,8mm (2 PULGADAS) DIAMETRO, TIPO MACHO (ROSCADO), SCH 40, USO POTABLE","Unidad ",20,1990.02,39800.400000000001,"001-Ingresos corrientes"]
[null,"Arquitectura","789-00","20306","015","000060",40173508,"92093901","TAPON PVC, 38,1mm (1 1/2 PULGADAS) DIAMETRO, TIPO MACHO (ROSCADO), PARED GRESA, USO SANITARIO","Unidad ",1,721,721,"001-Ingresos corrientes"]
[null,"Arquitectura","789-00","20306","015","000070","40173508","92031258","TAPON PLASTICO ( PVC) TIPO ROSCADO DE 12,70MM DE DIAMETRO, CEDULA SCH-40TAPON PVC, 12,7mm (1/2 PULGADAS) DIAMETRO, TIPO MACHO (ROSCADO), SCH 40, USO POTABLE","Unidad ",20,493.68,9873.6,"001-Ingresos corrientes"]
[null,"Arquitectura","789-00","20306","015","000080","40173508","92009228","TAPON PVC HEMBRA CON ROSCA DE 12,7MM (1/2) DE DIAMETROTAPON PVC, 12,7mm (1/2 PULGADAS) DIAMETRO, TIPO HEMBRA (ROSCADO), SCH 40, USO POTABLE","Unidad ",20,156.06,3121.2,"001-Ingresos corrientes"]
[null,"Arquitectura","789-00","20306","020","000002","40174608","92017862","T (TEE) DE PLASTICO PVC ROSCADA DE 12,70 mm PARA TUBERIATEE PVC, 12,7mm (1/2 PULGADA) DIAMETRO, TIPO ROSCADA, SCH 40, USO POTABLE","Unidad ",20,306,6120,"001-Ingresos corrientes"]
[null,"Arquitectura","789-00","20306","020","000002","40174608","92030875","  T (TEE) DE PLASTICO (PVC) LISA DE 38,10 mm DE DIAMETRO, SIN ROSCA CEDULA SCH-40TEE PVC, 38,1mm (1 1/2 PULGADA) DIAMETRO, TIPO LISA (CEMENTADA), SCH 40, USO POTABLE","Unidad ",20,1651.38,33027.600000000006,"001-Ingresos corrientes"]
[null,"Arquitectura","789-00","20306","020","000002","40174608","92031240","T (TEE) DE PLASTICO (PVC) TIPO ROSCADA DE 25,40 mm DE DIAMETRO, CEDULA SCH-40TEE PVC, 25,4mm (1 PULGADA) DIAMETRO, TIPO ROSCADA, SCH 40, USO POTABLE","Unidad ",20,1267.8600000000001,25357.200000000004,"001-Ingresos corrientes"]
[null,"Arquitectura","789-00","20306","020","000002","40174608","92031241","T (TEE) DE PLASTICO (PVC) TIPO ROSCADA DE 38,10 mm DE DIAMETRO, CEDULA SCH-40TEE PVC, 38,1mm (1 1/2 PULGADA) DIAMETRO, TIPO ROSCADA, SCH 40, USO POTABLE","Unidad ",20,2735.64,54712.799999999996,"001-Ingresos corrientes"]
[null,"Arquitectura","789-00","20306","020","000002","40174608","92031242","T (TEE) DE PLASTICO (PVC) TIPO ROSCADA DE 38,10 mm DE DIAMETRO, CEDULA SDR-32,5TEE PVC, 38,1mm (1 1/2 PULGADA) DIAMETRO, TIPO LISA (CEMENTADA), PARED DELGADA (SDR 32,5), USO SANITARIO","Unidad ",20,900.66,18013.2,"001-Ingresos corrientes"]
[null,"Arquitectura","789-00","20306","020","000002","40174608","92039912","T (TEE) DE PLASTICO (PVC) DE 25,40 mmTEE PVC, 25,4mm (1 PULGADA) DIAMETRO, TIPO LISA (CEMENTADA), SCH 40, USO POTABLE","Unidad ",20,730.32,14606.400000000001,"001-Ingresos corrientes"]
[null,"Arquitectura","789-00","20306","020","000002","40174608","92053914","TEE DE PLASTICO (PVC), TIPO LISA, DE 63,50 mm (2 1/2 Pulg) DE DIAMETRO, CEDULA SCH 40TEE PVC, 63,2mm (2 1/2 PULGADA) DIAMETRO, TIPO LISA (CEMENTADA), SCH 40, USO POTABLE","Unidad ",20,5003.1000000000004,100062,"001-Ingresos corrientes"]
[null,"Arquitectura","789-00","20306","020","000002",40174608,92059328,"T (TEE) DE PLASTICO (PVC) TIPO LISA DE 76,20 mm DE DIAMETRO, CEDULA SCH-40TEE PVC, 76,2mm (3 PULGADA) DIAMETRO, TIPO LISA (CEMENTADA), SCH 40, USO POTABLE","UNIDAD",20,7214.46,144289.20000000001,"001-Ingresos corrientes"]
[null,"Arquitectura","789-00","20306","020","000002","40174608","92084934","T (TEE) DE PLASTICO PVC, DIAMETRO DE 38,1 mm (1 1/2 Pulg), TIPO LISA (CEMENTADA), PARED GRUESA, USO SANITARIOTEE PVC, 38,1mm (1 1/2 PULGADA) DIAMETRO, TIPO LISA (CEMENTADA), PARED GRUESA, USO SANITARIO","Unidad ",20,2416.38,48327.600000000006,"001-Ingresos corrientes"]
[null,"Arquitectura","789-00","20306","020","000020","40174608","92016387","TEE LISA DE 1/2\" ( 12MM) PVC P/AGUA POTABLETEE PVC, 12,7mm (1/2 PULGADA) DIAMETRO, TIPO LISA (CEMENTADA), SCH 40, USO POTABLE","Unidad ",20,142.80000000000001,2856,"001-Ingresos corrientes"]
[null,"Arquitectura","789-00","20306","020","000060","40174608","92031239","T (TEE) DE PLASTICO (PVC) TIPO ROSCADA DE 19,05 mm DE DIAMETRO, CEDULA SCH-40TEE PVC, 19,05mm (3/4 PULGADA) DIAMETRO, TIPO ROSCADA, SCH 40, USO POTABLE","Unidad ",20,905.76,18115.2,"001-Ingresos corrientes"]
[null,"Arquitectura","789-00","20306","020","000060","40174608","92054852","T (TEE) DE PLASTICO (PVC), TIPO LISA, DE 19,05 mm (3/4 Pulg) DE DIAMETRO, CEDULA SCH-40TEE PVC, 19,05mm (3/4 PULGADA) DIAMETRO, TIPO LISA (CEMENTADA), SCH 40, USO POTABLE","Unidad ",20,302.94,6058.8,"001-Ingresos corrientes"]
[null,"Arquitectura","789-00","20306","020","000060","40174609","92020484","TEE PLASTICA LISA CPVC DE 12.7mm (1/2)TEE PVC, TIPO CPVC-CTS, 12,7mm (1/2 PULGADAS) DIAMETRO,CAMPANA LISA (CEMENTADA), SDR 11, USO POTABLE","UNIDAD",20,512.04,10240.799999999999,"001-Ingresos corrientes"]
[null,"Arquitectura","789-00","20306","020","000080","40174608","92039880","TEE DE PLASTICO (PVC), DIAMETRO DE 31,75 mmTEE PVC, 31,7mm (1 1/4 PULGADA) DIAMETRO, TIPO ROSCADA, SCH 40, USO POTABLE","Unidad ",20,1908.42,38168.400000000001,"001-Ingresos corrientes"]
[null,"Arquitectura","789-00","20306","020","000080","40174608","92039880","TEE PVC, 31,7mm (1 1/4 PULGADA) DIAMETRO, TIPO ROSCADA, SCH 40, USO POTABLE","Unidad ",20,1564,31280,"001-Ingresos corrientes"]
[null,"Arquitectura","789-00","20306","020","000080",40174608,92073213,"T (TEE) DE PLASTICO PVC, TIPO DWV, DIAMETRO DE 31,75 mm, PARA USO SANITARIO TEE PVC, 31,7mm (1 1/4 PULGADA) DIAMETRO, TIPO LISA (CEMENTADA), PARED GRUESA, USO SANITARIO","Unidad ",20,2387.8200000000002,47756.4,"001-Ingresos corrientes"]
[null,"Arquitectura","789-00","20306","020","000080","40174608","92093862","TEE DE PLASTICO (PVC), DIAMETRO DE 31,75 mmTEE PVC, 31,7mm (1 1/4 PULGADA) DIAMETRO, TIPO LISA (CEMENTADA), SCH 40, USO POTABLE","Unidad ",20,1284.18,25683.600000000002,"001-Ingresos corrientes"]
[null,"Arquitectura","789-00","20306","020","000140","40174608","92039883","TEE DE PLASTICO PVC DIAMETRO DE 101,60 mm Marca AMANCO Modelo N/A","Unidad ",20,7271.06,145421.20000000001,"001-Ingresos corrientes"]
[null,"Arquitectura","789-00","20306","020","000140","40174608","92052838","TEE PLASTICA (PVC) SANITARIA, DIAMETRO 101,6 mm (4 Pulg)TEE PVC, 101,6mm (4 PULGADA) DIAMETRO, TIPO LISA (CEMENTADA), PARED DELGADA (SDR 32,5), USO SANITARIO","Unidad ",20,5635.5,{"$f":"K798*L798","v":112710},"001-Ingresos corrientes"]
[null,"Arquitectura","789-00","20306","020","000140","40174608","92052838","TEE PLASTICA (PVC) SANITARIA, DIAMETRO 101,6 mm (4 Pulg)TEE PVC, 101,6mm (4 PULGADA) DIAMETRO, TIPO LISA (CEMENTADA), PARED GRUESA, USO SANITARIO","Unidad ",20,10372.380000000001,207447.60000000003,"001-Ingresos corrientes"]
[null,"Arquitectura","789-00","20306","020","000160",40174608,92031181,"T (TEE) DE PLASTICO (PVC) CON REDUCCION DE 101,60 mm A 76,20 mm DE DIAMETRO, CEDULA SDR-32,5TEE REDUCIDA PVC, 101,6mm (4 PULGADA) DIAMETRO REDUCCION A 76,2mm (3 PULGADA) DIAMETRO, TIPO LISA (CEMENTADA), PARED GRUESA, USO SANITARIO","UNIDAD",20,11907.48,238149.59999999998,"001-Ingresos corrientes"]
[null,"Arquitectura","789-00","20306","020","000160","40174608","92031186","T(TEE)DEPLASTICO(PVC)CONREDUCCIONDE19,05mmA12,70mmDEDIAMETRO,CEDULASCH-40 USO POTABLE LosaccesoriosapresiónserieSCH40deberáncumplir con la norma ASTM D2466.Presentaciòn en unidades","Unidad ",15,50,750,"001-Ingresos corrientes"]
[null,"Arquitectura","789-00","20306","020","000160","40174608","92031192","T(TEE)DEPLASTICO(PVC)CONREDUCCIONDE25,40mmA12,70mmDEDIAMETRO,CEDULASCH-40 USO POTABLE LosaccesoriosapresiónserieSCH40deberáncumplir con la norma ASTM D2466.Presentaciòn en unidades","Unidad ",15,1700,25500,"001-Ingresos corrientes"]
[null,"Arquitectura","789-00","20306","020","000160","40174608","92031195","T(TEE)DEPLASTICO(PVC)CONREDUCCIONDE25,40mmA19,05mmDEDIAMETRO,CEDULASCH-40LosaccesoriosapresiónserieSCH40deberáncumplir con la norma ASTM D2466.Presentacion en unidades","Unidad ",15,1500,22500,"001-Ingresos corrientes"]
[null,"Arquitectura","789-00","20306","020","000160",40174608,92031220,"T (TEE) DE PLASTICO (PVC) CON REDUCCION DE 50,80 mm A 38,10 mm DE DIAMETRO, CEDULA SDR-32,5TEE REDUCIDA PVC, 50,8mm (2 PULGADA) DIAMETRO REDUCCION A 38,1mm (1 1/2 PULGADA) DIAMETRO, TIPO LISA (CEMENTADA), PARED GRUESA, USO SANITARIO","UNIDAD",20,2570.4,51408,"001-Ingresos corrientes"]
[null,"Arquitectura","789-00","20306","020","000160",40174608,92031234,"T (TEE) DE PLASTICO (PVC) CON REDUCCION DE 76,20 mm A 38,10 mm DE DIAMETRO, CEDULA SDR-32,5TEE REDUCIDA PVC, 76,2mm (3 PULGADA) DIAMETRO REDUCCION A 38,1mm (1 1/2 PULGADA) DIAMETRO, TIPO LISA (CEMENTADA), PARED GRUESA, USO SANITARIO","Unidad ",20,5119.38,102387.6,"001-Ingresos corrientes"]
[null,"Arquitectura","789-00","20306","020","000160",40174608,92031235,"T (TEE) DE PLASTICO (PVC) CON REDUCCION DE 76,20 mm A 50,80 mm DE DIAMETRO, CEDULA SDR-32,5TEE REDUCIDA PVC, 76,2mm (3 PULGADA) DIAMETRO REDUCCION A 50,8mm (2 PULGADA) DIAMETRO, TIPO LISA (CEMENTADA), PARED GRUESA, USO SANITARIO","Unidad ",20,5125.5,102510,"001-Ingresos corrientes"]
[null,"Arquitectura","789-00","20306","020","000160",40174608,92057445," T (TEE) DE PLASTICO (PVC) CON REDUCCION DE 101,60 mm A 50,80 mm DE DIAMETRO, CEDULA SDR-40TEE REDUCIDA PVC, 101,6mm (4 PULGADA) DIAMETRO REDUCCION A 50,8mm (2 PULGADA) DIAMETRO, TIPO LISA (CEMENTADA), PARED GRUESA, USO SANITARIO","UNIDAD",50,9172.86,458643,"001-Ingresos corrientes"]
[null,"Arquitectura","789-00","20306","020","000160",40174608,92057445,"T (TEE) DE PLASTICO (PVC) CON REDUCCION DE 101,60 mm A 50,80 mm DE DIAMETRO, CEDULA SDR-40TEE REDUCIDA PVC, 101,6mm (4 PULGADA) DIAMETRO REDUCCION A 50,8mm (2 PULGADA) DIAMETRO, TIPO LISA (CEMENTADA), SCH 40, USO POTABLE","UNIDAD",50,13851.6,692580,"001-Ingresos corrientes"]
[null,"Arquitectura","789-00","20306","020","000160","40174608","92084942","TEE REDUCIDA DE PLASTICO PVC, DIAMETRO DE 50,8 mm (2 Pulg) A 38,1 mm (1 1/2 Pulg) TIPO LISA, SCH 40TEE REDUCIDA PVC, 50,8mm (2 PULGADA) DIAMETRO REDUCCION A 38,1mm (1 1/2 PULGADA) DIAMETRO, TIPO LISA (CEMENTADA), SCH 40, USO POTABLE","Unidad ",50,6936,346800,"001-Ingresos corrientes"]
[null,"Arquitectura","789-00","20306","020","000160","40174608","92084943","TEE REDUCIDA DE PVC, DIAMETRO DE 76,2 mm (3 Pulg), CON REDUCCION A 38,1 mm (1 1/2 Pulg), TIPO LISA, SCH 40TEE REDUCIDA PVC, 76,2mm (3 PULGADA) DIAMETRO REDUCCION A 38,1mm (1 1/2 PULGADA) DIAMETRO, TIPO LISA (CEMENTADA), SCH 40, USO POTABLE","Unidad ",50,11721.84,586092,"001-Ingresos corrientes"]
[null,"Arquitectura","789-00","20306","020","000160","40174608","92084945","TEE REDUCIDA, DE PLASTICO PVC, DE 76,2 mm DE DIAMETRO 3 Pulg), CON REDUCCION A 50,8 mm (2 Pulg), TIPO LISA, SCH 40TEE REDUCIDA PVC, 76,2mm (3 PULGADA) DIAMETRO REDUCCION A 50,8mm (2 PULGADA) DIAMETRO, TIPO LISA (CEMENTADA), SCH 40, USO POTABLE","Unidad ",50,11918.7,595935,"001-Ingresos corrientes"]
[null,"Arquitectura","789-00","20306","020","000160","40174608","92093851","TEE REDUCIDA PVC, 101,6mm (4 PULGADA) DIAMETRO REDUCCION A 50,8mm (2 PULGADA) DIAMETRO, TIPO LISA (CEMENTADA), SCH 40, USO POTABLE","Unidad ",50,11347,567350,"001-Ingresos corrientes"]
[null,"Arquitectura","789-00","20306","020","000160","40174608","92093903","TEE PVC, 76,2mm (3 PULGADA) DIAMETRO, TIPO LISA (CEMENTADA), SCH 40, USO POTABLE","Unidad ",50,5909,295450,"001-Ingresos corrientes"]
[null,"Arquitectura","789-00","20306","020","000160","40174608","92093903","TEE REDUCIDA PVC, 101,6mm (4 PULGADA) DIAMETRO REDUCCION A 50,8mm (2 PULGADA) DIAMETRO, TIPO LISA (CEMENTADA), PARED GRUESA, USO SANITARIO","Unidad ",50,18569,928450,"001-Ingresos corrientes"]
[null,"Arquitectura","789-00","20306","020","000160","40174608","92094051","TEE REDUCIDA PVC, 101,6mm (4 PULGADA) DIAMETRO REDUCCION A 76,2mm (3 PULGADA) DIAMETRO, TIPO LISA (CEMENTADA), PARED GRUESA, USO SANITARIO","Unidad ",20,19910,398200,"001-Ingresos corrientes"]
[null,"Arquitectura","789-00","20306","020","000160","40174608","92094054","TEE REDUCIDA PVC, 50,8mm (2 PULGADA) DIAMETRO REDUCCION A 38,1mm (1 1/2 PULGADA) DIAMETRO, TIPO LISA (CEMENTADA), PARED GRUESA, USO SANITARIO","Unidad ",20,4200,84000,"001-Ingresos corrientes"]
[null,"Arquitectura","789-00","20306","020","000160","40174608","92094055","TEE REDUCIDA PVC, 76,2mm (3 PULGADA) DIAMETRO REDUCCION A 38,1mm (1 1/2 PULGADA) DIAMETRO, TIPO LISA (CEMENTADA), PARED GRUESA, USO SANITARIO","Unidad ",20,6697,133940,"001-Ingresos corrientes"]
[null,"Arquitectura","789-00","20306","020","000160","40174608","92094056","TEE REDUCIDA PVC, 76,2mm (3 PULGADA) DIAMETRO REDUCCION A 50,8mm (2 PULGADA) DIAMETRO, TIPO LISA (CEMENTADA), PARED GRUESA, USO SANITARIO","Unidad ",20,6994,139880,"001-Ingresos corrientes"]
[null,"Arquitectura","789-00","20306","020","000160",40174608,92147957," TEE REDUCIDA DE PVC, DIAMETRO DE 76,2 mm (3 Pulg) A 19,05 mm (3/4 Pulg), TIPO LISA, CEDULA SCH 40, USO POTABLETEE REDUCIDA PVC, 76,2mm (3 PULGADA) DIAMETRO A 19,05mm (3/4 PULGADA), TIPO LISA, SCH 40, USO POTABLE","Unidad ",20,11069.04,221380.80000000002,"001-Ingresos corrientes"]
[null,"Arquitectura","789-00","20306","020","000160",40174608,92147961,"TEE REDUCIDA DE PVC, DIAMETRO DE 38,1 mm (1 1/2 Pulg) A 19,05 mm (3/4 Pulg), TIPO LISA, CEDULA SCH 40, USO POTABLETEE REDUCIDA PVC, 38,1mm (1 1/2 PULGADA) DIAMETRO A 19,05mm (3/4 PULGADA), TIPO LISA, SCH 40, USO POTABLE","UNIDAD",20,2973.3,59466,"001-Ingresos corrientes"]
[null,"Arquitectura","789-00","20306","020","000160",40174608,92147964,"  TEE REDUCIDA DE PVC, DIAMETRO DE 50,8 mm (2 Pulg) A 19,05 mm (3/4 Pulg), TIPO LISA, CEDULA SCH 40, USO POTABLETEE REDUCIDA PVC, 50,8mm (2 PULGADA) DIAMETRO A 19,05mm (3/4 PULGADA), TIPO LISA, SCH 40, USO POTABLE","UNIDAD",15,3855.6,57834,"001-Ingresos corrientes"]
[null,"Arquitectura","789-00","20306","020","000160",40174608,92147965," TEE REDUCIDA DE PVC, DIAMETRO DE 38,1 mm (1 1/2 Pulg) A 31,7 mm (1 1/4 Pulg), TIPO LISA, CEDULA SCH 40, USO POTABLETEE REDUCIDA PVC, 38,1mm (1 1/2 PULGADA) DIAMETRO A 31,7mm (1 PULGADA), TIPO LISA, SCH 40, USO POTABLE","UNIDAD",15,3074.28,46114.200000000004,"001-Ingresos corrientes"]
[null,"Arquitectura","789-00","20306","020","000160",40174608,92147966,"TEE REDUCIDA DE PVC, DIAMETRO DE 76,2 mm (3 Pulg) A 25,4 mm (1 Pulg), TIPO LISA, CEDULA SCH 40, USO POTABLETEE REDUCIDA PVC, 76,2mm (3 PULGADA) DIAMETRO A 25,4mm (1 PULGADA), TIPO LISA, SCH 40, USO POTABLE","Unidad ",15,11700.42,175506.3,"001-Ingresos corrientes"]
[null,"Arquitectura","789-00","20306","020","000160",40174608,92147967,"TEE REDUCIDA DE PVC, DIAMETRO DE 63,5 mm (2 1/2 Pulg) A 12,7 mm (1/2 Pulg), TIPO LISA, CEDULA SCH 40, USO POTABLETEE REDUCIDA PVC, 63,5mm (2 1/2 PULGADA) DIAMETRO A 12,7mm (1/2 PULGADA), TIPO LISA, SCH 40, USO POTABLE","Unidad ",15,7610.22,114153.3,"001-Ingresos corrientes"]
[null,"Arquitectura","789-00","20306","020","000160",40174608,92147968,"TEE REDUCIDA DE PVC, DIAMETRO DE 101,6 mm (4 Pulg) A 76,2 mm (3 Pulg), TIPO LISA, CEDULA SCH 40, USO POTABLETEE REDUCIDA PVC, 101,6mm (4 PULGADA) DIAMETRO A 76,2mm (3 PULGADA), TIPO LISA, SCH 40, USO POTABLE","UNIDAD",15,19431,291465,"001-Ingresos corrientes"]
[null,"Arquitectura","789-00","20306","020","000160",40174608,92147969,"TEE REDUCIDA DE PVC, DIAMETRO DE 76,2 mm (3 Pulg) A 12,7 mm (1/2 Pulg), TIPO LISA, CEDULA SCH 40, USO POTABLETEE REDUCIDA PVC, 76,2mm (3 PULGADA) DIAMETRO A 12,7mm (1/2 PULGADA), TIPO LISA, SCH 40, USO POTABLE","Unidad ",15,10394.82,155922.29999999999,"001-Ingresos corrientes"]
[null,"Arquitectura","789-00","20306","020","000160",40174608,92147977,"TEE REDUCIDA DE PVC, DIAMETRO DE 31,8 mm (1 1/4 Pulg) A 19,05 mm (3/4 Pulg), TIPO LISA, CEDULA SCH 40, USO POTABLETEE REDUCIDA PVC, 31,8mm (1 1/4 PULGADA) DIAMETRO A 19,05mm (3/4 PULGADA), TIPO LISA, SCH 40, USO POTABLE","UNIDAD",15,1621.8,24327,"001-Ingresos corrientes"]
[null,"Arquitectura","789-00","20306","020","000160",40174608,92147978,"TEE REDUCIDA DE PVC, DIAMETRO DE 38,1 mm (1 1/2 Pulg) A 25,4 mm (1Pulg), TIPO LISA, CEDULA SCH 40, USO POTABLETEE REDUCIDA PVC, 38,1mm (1 1/2 PULGADA) DIAMETRO A 25,4mm (1 PULGADA), TIPO LISA, SCH 40, USO POTABLE","UNIDAD",15,3071.2200000000003,46068.3,"001-Ingresos corrientes"]
[null,"Arquitectura","789-00","20306","020","000160",40174608,92147979,"TEE REDUCIDA DE PVC, DIAMETRO DE 31,8 mm (1 1/4 Pulg) A 12,7 mm (1/2 Pulg), TIPO LISA, CEDULA SCH 40, USO POTABLETEE REDUCIDA PVC, 31,8mm (1 1/4 PULGADA) DIAMETRO A 12,7mm (1/2 PULGADA), TIPO LISA, SCH 40, USO POTABLE","UNIDAD",15,1523.88,22858.2,"001-Ingresos corrientes"]
[null,"Arquitectura","789-00","20306","020","000160",40174608,92147981,"TEE REDUCIDA DE PVC, DIAMETRO DE 31,7 mm (1 1/4 Pulg) A 25,4 mm (1 Pulg), TIPO LISA, CEDULA SCH 40, USO POTABLETEE REDUCIDA PVC, 31,7mm (1 1/4 PULGADA) DIAMETRO A 25,4mm (1 PULGADA), TIPO LISA, SCH 40, USO POTABLE","UNIDAD",20,1924.74,{"$f":"K830*L830","v":38494.800000000003},"001-Ingresos corrientes"]
[null,"Arquitectura","789-00","20306","020","000160",40174608,92147988,"TEE REDUCIDA DE PVC, DIAMETRO DE 152,4 mm (6 Pulg) A 76,2 mm (3 Pulg), TIPO LISA, CEDULA SCH 40, USO POTABLE Marca AMANCO Modelo 914482","UNIDAD",20,30649.68,612993.6,"001-Ingresos corrientes"]
[null,"Arquitectura","789-00","20306","020","000160",40174608,92147991,"TEE REDUCIDA DE PVC, DIAMETRO DE 152,4 mm (6 Pulg) A 50,8 mm (2 Pulg), TIPO LISA, CEDULA SCH 40, USO POTABLE Marca AMANCO Modelo 914481","UNIDAD",20,30649.68,612993.6,"001-Ingresos corrientes"]
[null,"Arquitectura","789-00","20306","020","000160",40174608,92147992,"TEE REDUCIDA DE PVC, DIAMETRO DE 152,4 mm (6 Pulg) A 101,6 mm (4 Pulg), TIPO LISA, CEDULA SCH 40, USO POTABLE Marca AMANCO Modelo 914480","UNIDAD",15,32481.360000000001,487220.4,"001-Ingresos corrientes"]
[null,"Arquitectura","789-00","20306","020","000160","40174609","92147975","TEE DE CPVC-CTS, DIAMETRO DE 19,05 mm (3/4 Pulg), CAMPANA LISA (CEMENTADA), CEDULA SDR 11, USO POTABLETEE PVC, TIPO CPVC-CTS, 19,05mm (3/4 PULGADAS) DIAMETRO,CAMPANA LISA (CEMENTADA), SDR 11, USO POTABLE","UNIDAD",15,941.46,14121.900000000001,"001-Ingresos corrientes"]
[null,"Arquitectura","789-00","20306","020","000180","40174608","92031174","T (TEE) DE PLASTICO (PVC) TIPO LISA DE 76,20 mm DE DIAMETRO, CEDULA SDR-32,5TEE PVC, 76,2mm (3 PULGADA) DIAMETRO, TIPO LISA (CEMENTADA), PARED DELGADA (SDR 32,5), USO SANITARIO","Unidad ",20,3567.96,71359.199999999997,"001-Ingresos corrientes"]
[null,"Arquitectura","789-00","20306","020","000180","40174608","92039913","T (TEE) DE PLASTICO (PVC), DE 76,20 mm, PARA USO SANITARIOTEE PVC, 76,2mm (3 PULGADA) DIAMETRO, TIPO LISA (CEMENTADA), PARED GRUESA, USO SANITARIO","Unidad ",20,7158.36,143167.19999999998,"001-Ingresos corrientes"]
[null,"Arquitectura","789-00","20306","020","000200","40174608","92038995","TEE PLÁSTICA (PVC), 50,80 mm DIÁMETRO, ACOPLE LISO, CÉDULA (GROSOR) SDR 32,5, PARA USO SANITARIO.TEE PVC, 50,8mm (2 PULGADA) DIAMETRO, TIPO LISA (CEMENTADA), PARED DELGADA (SDR 32,5), USO SANITARIO","Unidad ",20,1206.6600000000001,24133.200000000001,"001-Ingresos corrientes"]
[null,"Arquitectura","789-00","20306","020","000200","40174608","92060279","TEE DE PLASTICO (PVC), TIPO LISA, DE 50,8 mm (2 Pulg) DE DIAMETRO, CEDULA SCH 40TEE PVC, 50,8mm (2 PULGADA) DIAMETRO, TIPO LISA (CEMENTADA), PARED GRUESA, USO SANITARIO","Unidad ",10,2578.56,25785.599999999999,"001-Ingresos corrientes"]
[null,"Arquitectura","789-00","20306","020","000200","40174608","92060279","TEE DE PLASTICO (PVC), TIPO LISA, DE 50,8 mm (2 Pulg) DE DIAMETRO, CEDULA SCH 41TEE PVC, 50,8mm (2 PULGADA) DIAMETRO, TIPO LISA (CEMENTADA), SCH 40, USO POTABLE","Unidad ",10,2217.48,22174.799999999999,"001-Ingresos corrientes"]
[null,"Arquitectura","789-00","20306","020","000200","40174608","92084937","TEE DE PLASTICO PVC DE 50,8 mm DE DIAMETRO (2 Pulg), TIPO ROSCADA, USO POTABLE, SCH 40TEE PVC, 50,8mm (2 PULGADA) DIAMETRO, TIPO ROSCADA, SCH 40, USO POTABLE","Unidad ",10,3762.78,37627.800000000003,"001-Ingresos corrientes"]
[null,"Arquitectura","789-00","20306","020","000210","40174608","92031162","T (TEE) DE PLASTICO (PVC) TIPO LISA DE 152,40 mm DE DIAMETRO, CEDULA SDR-32,5TEE PVC, 152,4mm (6 PULGADA) DIAMETRO, TIPO LISA (CEMENTADA), PARED DELGADA (SDR 32,5), USO SANITARIO","Unidad ",10,15908.94,159089.4,"001-Ingresos corrientes"]
[null,"Arquitectura","789-00","20306","020","000210","40174608","92039916","T (TEE) DE PLASTICO (PVC), DE 152,40 mm, PARA USO SANITARIO Marca Amanco Modelo 914342","Unidad ",10,33260.14,332601.40000000002,"001-Ingresos corrientes"]
[null,"Arquitectura","789-00","20306","020","000210","40174608","92055790","T (TEE) DE PLASTICO (PVC) POTABLE TIPO LISA DE 152,40 mm DE DIAMETRO, CEDULA SHC 40 Marca Amanco Modelo 914359","Unidad ",20,23762.5,475250,"001-Ingresos corrientes"]
[null,"Arquitectura","789-00","20306","020","000215","40174608","92085992","T (TEE) DE PLASTICO PVC, DIAMETRO DE 203,2 mm (8 Pulg), LISA, TIPO CEMENTADA, PARED GRUESA, USO SANITARIO Marca Amanco Modelo 914339","Unidad ",20,80781.460000000006,1615629.2000000002,"001-Ingresos corrientes"]
[null,"Arquitectura","789-00","20306","020","000305","40174608","92031196","T (TEE) DE PLASTICO (PVC) CON REDUCCION DE 38,10 mm A 12,70 mm DE DIAMETRO, CEDULA SCH-40TEE REDUCIDA PVC, 38,1mm (1 1/2 PULGADA) DIAMETRO REDUCCION A 12,7mm (1/2 PULGADA) DIAMETRO, TIPO LISA (CEMENTADA), SCH 40, USO POTABLE","Unidad ",15,2921.28,43819.200000000004,"001-Ingresos corrientes"]
[null,"Arquitectura","789-00","20306","020","000315","40174608","92055739","TEE REDUCIDA PVC, 50,8mm (2 PULGADA) DIAMETRO REDUCCION A 12,7mm (1/2 PULGADA) DIAMETRO, TIPO LISA (CEMENTADA), SCH 40, USO POTABLE","Unidad ",15,3082,46230,"001-Ingresos corrientes"]
[null,"Arquitectura","789-00","20306","020","000315",40174608,92055739,"T (TEE) DE PLASTICO (PVC) CON REDUCCION DE 50,8 mm A 12,7 mm DE DIAMETRO, CEDULA SCH-40TEE REDUCIDA PVC, 50,8mm (2 PULGADA) DIAMETRO REDUCCION A 12,7mm (1/2 PULGADA) DIAMETRO, TIPO LISA (CEMENTADA), SCH 40, USO POTABLE","UNIDAD",15,3761.76,56426.400000000001,"001-Ingresos corrientes"]
[null,"Arquitectura","789-00","20306","025","001400",40171517,"92009231 ","TUBO PVC CAÑERÍA (PRESIÓN) DE 12.7 mm (1/2) DE DIÁMETRO X 6 m DE LARGO Marca Amanco Modelo SCH40","Unidad ",15,1956.84,29352.6,"001-Ingresos corrientes"]
[null,"Arquitectura","789-00","20306","025","001400",40171518,"92020570","TUBO PLASTICO CPCV DE 12.7 mm DE DIAMETRO X 6 m DE LARGO SDR 11 Marca AMANCO Modelo cpvc 914779","Unidad ",15,3835.67,57535.05,"001-Ingresos corrientes"]
[null,"Arquitectura","789-00","20306","025","001400",40171518,"92147955","TUBO PLASTICO CPCV-CTS, DIAMETRO DE 19,05 mm (3/4 Pulg), LARGO DE 6 m, CEDULA SDR 11 Marca AMANCO Modelo cpvc 914780","Unidad ",10,6355.34,63553.4,"001-Ingresos corrientes"]
[null,"Arquitectura","789-00","20306","025","001460","40171517","92074952","TUBO PLASTICO (PVC) DE 25,40 mm DE DIAMETRO X 6 m DE LARGO, CEDULA SDR-17, PARA USO POTABLE Marca AMANCO Modelo SDR 17","Unidad ",15,3284.27,49264.05,"001-Ingresos corrientes"]
[null,"Arquitectura","789-00","20306","025","001480","40171517","92074954","TUBO PLASTICO (PVC), DE 31,75 mm (1 1/4 Pulg) DE DIAMETRO X 6 m DE LARGO, CEDULA SDR-26, PARA USO POTABLE Marca AMANCO Modelo SDR-26","Unidad ",15,3225.05,48375.75,"001-Ingresos corrientes"]
[null,"Arquitectura","789-00","20306","025","001500","40171517","92015831","TUBO PVC 1 1/2\" SDR-17, TUBO ALTA PRESION 38 mm PARA AGUA POTABLE Marca AMANCO Modelo .","Unidad ",15,6756.43,101346.45000000001,"001-Ingresos corrientes"]
[null,"Arquitectura","789-00","20306","025","001500",40171517,92038498,"TUBO DE PLÁSTICO (PVC) DE 38 mm (1 1/2 Pulg) X 6 m, SDR26 CC GR Marca Amanco Modelo 915194","Unidad ",15,4380.12,{"$f":"K854*L854","v":65701.8},"001-Ingresos corrientes"]
[null,"Arquitectura","789-00","20306","025","001500","40171517","92084983","TUBO PVC, 38,1mm (1 1/2 PULGADAS) DIAMETRO, 6 METROS LARGO, SDR 26","Unidad ",15,8923,{"$f":"K855*L855","v":133845},"001-Ingresos corrientes"]
[null,"Arquitectura","789-00","20306","025","001520","40171517","92044509","TUBO PLASTICO (PVC) CON CAMPANA, DIAMETRO DE 50,80 mm X LARGO DE 6 m, CEDULA SDR 41 Marca Amanco Modelo 915321","Unidad ",15,4362.1499999999996,{"$f":"K856*L856","v":65432.249999999993},"001-Ingresos corrientes"]
[null,"Arquitectura","789-00","20306","025","001520",40171517,"92059337","TUBO PLASTICO (PVC) DE 50,8 mm DE DIAMETRO X 6 m DE LARGO, CEDULA SDR-17 Marca AMANCO Modelo 915121","Unidad",15,10309.040000000001,{"$f":"K857*L857","v":154635.6},"001-Ingresos corrientes"]
[null,"Arquitectura","789-00","20306","025","001520",40171517,"92009226\n","TUBO PVC CAÑERÍA (PRESIÓN) DE 50.8 mm (2) DE DIÁMETRO X 6 m DE LARGO Marca AMANCO Modelo SDR 26","Unidad",15,7083.99,{"$f":"K858*L858","v":106259.84999999999},"001-Ingresos corrientes"]
[null,"Arquitectura","789-00","20306","025","001480","40171517","92083683","TUBO PLASTICO (PVC), DE 31,75 mm DE DIAMETRO X 6,10 m DE LARGO, CON CAMPANA, CEDULA # SDR-17 Marca AMANCO Modelo SDR 17","Unidad ",15,5132.47,{"$f":"K859*L859","v":76987.05},"001-Ingresos corrientes"]
[null,"Arquitectura","789-00","20306","025","001540",40171517,92147956,"TUBO PVC, DIAMETRO DE 63,5 mm (2 1/2 Pulg), LARGO DE 6 m, CEDULA SDR 41 Marca AMANCO Modelo 915326","Unidad ",10,8262.35,82623.5,"001-Ingresos corrientes"]
[null,"Arquitectura","789-00","20306","025","001540",40171517,92147959,"TUBO PVC, DIAMETRO DE 63,5 mm (2 1/2 Pulg), LARGO DE 6 m, CEDULA SDR 17 Marca AMANCO Modelo 915128","Unidad ",10,15988.01,159880.1,"001-Ingresos corrientes"]
[null,"Arquitectura","789-00","20306","025","001540",40171517,92147962,"TUBO PVC, DIAMETRO DE 63,5 mm (2 1/2 Pulg), LARGO DE 6 m, CEDULA SDR 26 Marca AMANCO Modelo 915205","Unidad ",10,10376.030000000001,103760.3,"001-Ingresos corrientes"]
[null,"Arquitectura","789-00","20306","025","001560",40171517,"92038999","TUBO PLÁSTICO (PVC) DE 76,20 mm DIÁMETRO X 6 m LARGO, CÉDULA SDR-17, USO POTABLE. Marca AMANCO Modelo sdr 17 cementado","Unidad ",15,20198.62,302979.3,"001-Ingresos corrientes"]
[null,"Arquitectura","789-00","20306","025","001560",40171517,"92009229\n","TUBO PVC CAÑERÍA (PRESIÓN) DE 75 mm (3) DE DIÁMETRO X 6 m DE LARGO Marca AMANCO Modelo SDR 26","Unidad ",10,13373.16,133731.6,"001-Ingresos corrientes"]
[null,"Arquitectura","789-00","20306","025","001560",40171517,"92009229\n","TUBO PVC CAÑERÍA (PRESIÓN) DE 75 mm (3) DE DIÁMETRO X 6 m DE LARGO Marca AMANCO Modelo PRESION SDR26 75mm 3\"","Unidad ",15,13373.16,200597.4,"001-Ingresos corrientes"]
[null,"Arquitectura","789-00","20306","025","001600","40171517","92001440","TUBO PLASTICO (PVC) MEDIDAS 19,05MM (3/4 PULG) DE DIAMETRO X 6 M DE LARGOTUBO PVC, 19,05mm (3/4 PULGADAS) DIAMETRO, 6 METROS LARGO, SDR 17","Unidad ",15,8429.2800000000007,126439.20000000001,"001-Ingresos corrientes"]
[null,"Arquitectura","789-00","20306","025","001660",40171517,92016668,"TUBO DE PLASTICO PVC, 150 mm (6 Pulg), SDR 41 Marca AMANCO Modelo SANITARIO","Unidad ",10,35875.39,358753.9,"001-Ingresos corrientes"]
[null,"Arquitectura","789-00","20306","025","001600","40171517","92018160","TUBO PARA PRESION DE 4 (100 MM) PULGADAS EN PLASTICO PVC, CEDULA SDR 26 Marca AMANCO Modelo sdr 26","Unidad ",10,22249.81,222498.1,"001-Ingresos corrientes"]
[null,"Arquitectura","789-00","20306","025","001600","40171517","92043152","TUBO PLÁSTICO (PVC), DIAMETRO DE 101,6 mm PARA USO SANITARIO Marca AMANCO Modelo 914945","Unidad ",15,6215.65,93234.75,"001-Ingresos corrientes"]
[null,"Arquitectura","789-00","20306","025","001600","40171517","92078780","TUBO PLASTICO (PVC), DE 101,6 mm DE DIAMETRO X 6 m DE LARGO, CEDULA #SDR 17, PARA USO POTABLE Marca AMANCO Modelo SDR17","Unidad ",10,32946.06,329460.59999999998,"001-Ingresos corrientes"]
[null,"Arquitectura","789-00","20306","025","001600",40171517,92148154,"TUBO PVC, TIPO DOBLE PARED CORRUGADA, PARA ALCANTARILLADO, DIAMETRO DE 101,6 mm (4 Pulg), LARGO DE 6 m Marca AMANCO Modelo 915023","Unidad ",10,17480.849999999999,174808.5,"001-Ingresos corrientes"]
[null,"Arquitectura","789-00","20306","025","001400",40171517,92147954,"TUBO PVC, TIPO CORRUGADO PERFORADO, PARA DRENAJE, DIAMETRO DE 115 mm, LARGO DE 6 m, CONEXION CEMENTADA Marca AMANCO Modelo drenafort 914778","Unidad ",10,9975.75,99757.5,"001-Ingresos corrientes"]
[null,"Arquitectura","789-00","20306","025","001720","40171517","92065234","TUBO PLASTICO (PVC), MEDIDAS 19,05 mm (3/4 Pulg) DE DIAMETRO X 6 m DE LARGO, SDR-17 Marca AMANCO Modelo PVC 19,05 mm SDR-17","Unidad ",10,1835.13,18351.300000000003,"001-Ingresos corrientes"]
[null,"Arquitectura","789-00","20306","025","001660","40171517","92045710","TUBO PLASTICO (PVC), DE 152,4 mm DE DIÁMETRO X 6 m DE LARGO, PARA USO SANITARIO Marca AMANCO Modelo SANITARIO","Unidad ",10,15874.87,158748.70000000001,"001-Ingresos corrientes"]
[null,"Arquitectura","789-00","20306","025","001660","40171517","92066681","TUBO DE PLASTICO PVC, 150 mm (6 Pulg), SDR 41","Unidad ",10,73388,733880,"001-Ingresos corrientes"]
[null,"Arquitectura","789-00","20306","025","001660","40171517","92075029","TUBO PLASTICO (PVC), DE 152,40 mm DE DIAMETRO X 6 m DE LARGO, CEDULA SDR-17, PARA USO POTABLE Marca AMANCO Modelo SDR17","Unidad ",10,49315.54,493155.4,"001-Ingresos corrientes"]
[null,"Arquitectura","789-00","20306","025","001740","40171517","92027791","TUBO PLASTICO (PVC) TIPO POTABLE DE 203,20 mm DE DIAMETRO X 6 m DE LARGO SDR 17 PARA CAÑERIA DE PRESION Marca Amanco Modelo 915099","Unidad ",10,123715.88,1237158.8,"001-Ingresos corrientes"]
[null,"Arquitectura","789-00","20306","025","001740","40171517","92031173","TUBO PLASTICO (PVC) DE 203,20 mm DE DIAMETRO X 6 m DE LARGO, CEDULA SDR-32,5 Marca Amanco Modelo 915231","Unidad ",10,73686.789999999994,736867.89999999991,"001-Ingresos corrientes"]
[null,"Arquitectura","789-00","20306","025","0002100",40171517,92148127,"TUBO PVC, TIPO DOBLE PARED CORRUGADA, PARA ALCANTARILLADO, DIAMETRO DE 457,2 mm (18 Pulg), LARGO DE 6 m Marca AMANCO Modelo 970765","Unidad ",10,168087.5,1680875,"001-Ingresos corrientes"]
[null,"Arquitectura","789-00","20306","025","0002100",40171517,92148128,"TUBO PVC, TIPO DOBLE PARED CORRUGADA, PARA ALCANTARILLADO, DIAMETRO DE 304,8 mm (12 Pulg), LARGO DE 6 m Marca AMANCO Modelo 916245","Unidad ",10,88542.18,885421.79999999993,"001-Ingresos corrientes"]
[null,"Arquitectura","789-00","20306","025","0002100",40171517,92148129,"TUBO PVC, TIPO DOBLE PARED CORRUGADA, PARA ALCANTARILLADO, DIAMETRO DE 254 mm (10 Pulg), LARGO DE 6 m Marca AMANCO Modelo 916244","Unidad ",10,67547.11,675471.1,"001-Ingresos corrientes"]
[null,"Arquitectura","789-00","20306","025","0002100",40171517,92148130,"TUBO PVC, TIPO DOBLE PARED CORRUGADA, PARA ALCANTARILLADO, DIAMETRO DE 203,2 mm (8 Pulg), LARGO DE 6 m Marca AMANCO Modelo 915028","Unidad ",1,48354.89,48354.89,"001-Ingresos corrientes"]
[null,"Arquitectura","789-00","20306","025","0002100",40171517,92148131,"TUBO PVC, TIPO DOBLE PARED CORRUGADA, PARA ALCANTARILLADO, DIAMETRO DE 609,6 mm (24 Pulg), LARGO DE 6 m Marca AMANCO Modelo 919797","Unidad ",1,255433.51,255433.51,"001-Ingresos corrientes"]
[null,"Arquitectura","789-00","20306","025","0002100",40171517,92148132,"TUBO PVC, TIPO DOBLE PARED CORRUGADA, PARA ALCANTARILLADO, DIAMETRO DE 1066,8 mm (42 Pulg), LARGO DE 6 m Marca AMANCO Modelo 973140","Unidad ",1,777325.98,777325.98,"001-Ingresos corrientes"]
[null,"Arquitectura","789-00","20306","025","0002100",40171517,92148142,"TUBO PVC, TIPO DOBLE PARED CORRUGADA, PARA ALCANTARILLADO, DIAMETRO DE 914,4 mm (36 Pulg), LARGO DE 6 m Marca AMANCO Modelo 919799","Unidad ",1,535675.30000000005,535675.30000000005,"001-Ingresos corrientes"]
[null,"Arquitectura","789-00","20306","025","0002100",40171517,92148155,"TUBO PVC, TIPO DOBLE PARED CORRUGADA, PARA ALCANTARILLADO, DIAMETRO DE 762 mm (30 Pulg), LARGO DE 6 m Marca AMANCO Modelo 919798","Unidad ",1,383675.72,383675.72,"001-Ingresos corrientes"]
[null,"Arquitectura","789-00","20306","025","0002100",40171517,92148160,"TUBO PVC, TIPO DOBLE PARED CORRUGADA, PARA ALCANTARILLADO, DIAMETRO DE 152,4 mm (6 Pulg), LARGO DE 6 m Marca AMANCO Modelo 915025","Unidad ",5,30876.49,154382.45000000001,"001-Ingresos corrientes"]
[null,"Arquitectura","789-00","20306","025","0002100",40171517,"92051300\n","TUBO PVC ALCANTARILLADO, SDR41, MEDIDAS 375 mm X 6 m, DIAMETRO NOMINAL 381 mm (15 Pulg) Marca AMANCO Modelo 916246","Unidad ",1,116833.24,116833.24,"001-Ingresos corrientes"]
[null,"Arquitectura","789-00","20306","030","000005","30151703","92043900","UNIONPLASTICADEPVCDE152,40mm(6Pulg)DEANCHOX127mmDEALTOFRONTALX76,20mmDEALTOINTERNOPARACANOADEALTOCAUDALPresentaciòn en unidades","Unidad ",10,1500,15000,"001-Ingresos corrientes"]
[null,"Arquitectura","789-00","20306","055","170501","30151703","92043901","ESQUINEROPLASTICO(PVC)EXTERIORDE152,40mm(6Pulg)DEANCHOX127mmDEALTOFORNTALX76,20mmDEALTOINTERNOPARA CANOA DE ALTO CAUDALPresentaciòn en unidades","Unidad ",10,5100,51000,"001-Ingresos corrientes"]
[null,"Arquitectura","789-00","20306","225","000060","40173608","92018186","REDUCCIONPLASTICAPVCLISAPRAPRESIONDE25mmA12mmDEDIAMETRO(11/4a3/4pulg)TIPO LISA , SCH 40 USO POTABLELosaccesoriosapresiónserieSCH40deberáncumplir con la norma ASTM D2466.Presenta cion en unidades","unidad",10,890,8900,"001-Ingresos corrientes"]
[null,"Arquitectura","789-00","20306","225","000060","40173608","92053016","REDUCCIONPLASTICO(PVC)DE76,2mmA50,8mmDEDIAMETRO,CEDULASCH-40TIPOLISAUSO POTABLE.LosaccesoriosapresiónserieSCH40deberáncumplir con la norma ASTM D2466.Presentaciòn en unidades.","unidad",10,6400,64000,"001-Ingresos corrientes"]
[null,"Arquitectura","789-00","20306","030","000005",40174908,92009034,"UNION DE PLASTICO TIPO TOPE EN PVC DE 31,75 mm (1 1/4) DE DIAMETRO PARA SISTEMA DE AGUA POTABLEUNION DE TOPE PVC, 31,7mm (1 1/4 PULGADA) DIAMETRO, TIPO LISA (CEMENTADA), SCH 40, USO POTABLE","Unidad ",10,6825.84,68258.399999999994,"001-Ingresos corrientes"]
[null,"Arquitectura","789-00","20306","030","000005",40174908,92009035,"UNION DE PLASTICO TIPO TOPE EN PVC DE 50,80 mm (2) DE DIAMETRO PARA SISTEMA DE AGUA POTABLEUNION DE TOPE PVC, 50,8mm (2 PULGADA) DIAMETRO, TIPO LISA (CEMENTADA), SCH 40, USO POTABLE","Unidad ",10,10088.82,100888.2,"001-Ingresos corrientes"]
[null,"Arquitectura","789-00","20306","030","000005","40174908","92016329","UNION DE TRANSICION O REPARACION SCH 40 6\" (150mm) PVC P/ AGUA POTABLE Marca AMANCO Modelo 915708","Unidad ",10,100712.14,1007121.4,"001-Ingresos corrientes"]
[null,"Arquitectura","789-00","20306","030","000005","40174908","92018161","UNION DE TRANSICION O REPARACION 1 1/2 PULGADA (38 MM) PLASTICO PVC PARA AGUA POTABLEUNION DE TRANSICION (REPARACION) PVC, 38,1mm (1 1/2 PULGADA) DIAMETRO, SCH 40, USO POTABLE","Unidad ",50,6677.9400000000005,333897,"001-Ingresos corrientes"]
[null,"Arquitectura","789-00","20306","030","000005",40174908,92029340," UNION DE PLASTICO TIPO TOPE EN PVC DE 12,7 mm (1/2 Pulg) DE DIAMETRO PARA SISTEMA DE AGUA POTABLEUNION DE TOPE PVC, 12,7mm (1/2 PULGADA) DIAMETRO, TIPO LISA (CEMENTADA), SCH 40, USO POTABLE","Unidad ",15,2004.3,30064.5,"001-Ingresos corrientes"]
[null,"Arquitectura","789-00","20306","030","000005",40174908,92030821,"UNION DE TOPE PLASTICA (PVC), TAMAÑO 19,05 mm (3/4 Pulg), CEDULA 40, PARA TUBERIA POTABLE DE ALTA PRESIONUNION DE TOPE PVC, 19,05mm (3/4 PULGADA) DIAMETRO, TIPO LISA (CEMENTADA), SCH 40, USO POTABLE","Unidad ",15,2514.3000000000002,37714.5,"001-Ingresos corrientes"]
[null,"Arquitectura","789-00","20306","030","000005",40174908,92031278," UNION DE PLASTICO (PVC) TIPO TOPE DE 38,10 mm DE DIAMETRO, CEDULA SCH-40UNION DE TOPE PVC, 38,1mm (1 1/2 PULGADA) DIAMETRO, TIPO LISA (CEMENTADA), SCH 40, USO POTABLE","Unidad ",15,7767.3,116509.5,"001-Ingresos corrientes"]
[null,"Arquitectura","789-00","20306","030","000005",40174908,92051160,"UNION PLASTICA (PVC) TIPO TOPE, DIAMETRO DE 25,4 mm (1 Pulg), CEDULA SCH 41UNION DE TOPE PVC, 25,4mm (1 PULGADA) DIAMETRO, TIPO LISA (CEMENTADA), SCH 40, USO POTABLE","Unidad ",15,3372.12,50581.799999999996,"001-Ingresos corrientes"]
[null,"Arquitectura","789-00","20306","030","000005","40174908","92054608","UNION DE TRANSICION O REPARACION, DE PLASTICO (PVC), DE 25,4 mm (1 Pulg), SCH 40, PARA AGUA POTABLEUNION DE TRANSICION (REPARACION) PVC, 25,4mm (1 PULGADA) DIAMETRO, SCH 40, USO POTABLE","Unidad ",15,4624.68,69370.200000000012,"001-Ingresos corrientes"]
[null,"Arquitectura","789-00","20306","030","000005",40174908,92058297," UNION DE PLASTICO (PVC), TIPO TOPE, DE 76,20 mm (3 Pulg) DE DIAMETRO, CEDULA SCH 40UNION DE TOPE PVC, 76,2mm (3 PULGADA) DIAMETRO, TIPO LISA (CEMENTADA), SCH 40, USO POTABLE","Unidad ",15,23978.16,359672.4,"001-Ingresos corrientes"]
[null,"Arquitectura","789-00","20306","030","000005","40174908","92060156","UNIÓN DE TRANSICION O REPARACION, PLÁSTICA (PVC), DE 101,60 mm (4 Pulg) DE DIÁMETRO, CÉDULA SCH-40UNION DE TRANSICION (REPARACION) PVC, 101,6mm (4 PULGADA) DIAMETRO, SCH 40, USO POTABLE","Unidad ",15,41312.04,619680.6,"001-Ingresos corrientes"]
[null,"Arquitectura","789-00","20306","030","000005",40174908,92066420,"UNION DE PLASTICO (PVC), TIPO TOPE, DE 101,6 mm (4 Pulg) DE DIAMETRO, CEDULA SCH 40UNION DE TOPE PVC, 101,6mm (4 PULGADA) DIAMETRO, TIPO LISA (CEMENTADA), SCH 40, USO POTABLE","Unidad ",15,32305.440000000002,484581.60000000003,"001-Ingresos corrientes"]
[null,"Arquitectura","789-00","20306","030","000005","40174908","92072932","UNIÓN DE TRANSICION O REPARACION, PLÁSTICA (PVC), DE 50,8 mm (2 Pulg) DE DIÁMETRO, CÉDULA SCH-40UNION DE TRANSICION (REPARACION) PVC, 50,8mm (2 PULGADA) DIAMETRO, SCH 40, USO POTABLE","Unidad ",15,10876.26,163143.9,"001-Ingresos corrientes"]
[null,"Arquitectura","789-00","20306","030","000005","40174908","92075386","UNION DE TRANSICION DE PLASTICO (PVC) A PRESION, DE 63,50 mm (2 1/2 Pulg) DE DIAMETRO, CEDULA SCH-40, PARA USO POTABLEUNION DE TRANSICION (REPARACION) PVC, 63,55mm (2 1/2 PULGADA) DIAMETRO, SCH 40, USO POTABLE","Unidad ",15,23808.84,357132.6,"001-Ingresos corrientes"]
[null,"Arquitectura","789-00","20306","030","000005",40174908,92075387,"UNION TIPO TOPE, DE PLASTICO (PVC) A PRESION, DE 63,50 mm (2 1/2 Pulg) DE DIAMETRO, CEDULA SCH-40, PARA USO POTABLEUNION DE TOPE PVC, 63,5mm (2 1/2 PULGADA) DIAMETRO, TIPO LISA (CEMENTADA), SCH 40, USO POTABLE","Unidad ",15,19018.920000000002,285283.80000000005,"001-Ingresos corrientes"]
[null,"Arquitectura","789-00","20306","030","000005","40174908","92075388","UNION DE TRANSICION DE PLASTICO (PVC) A PRESION, DE 76,20 mm (3 Pulg) DE DIAMETRO, CEDULA SCH-40, PARA USO POTABLEUNION DE TRANSICION (REPARACION) PVC, 76,2mm (3 PULGADA) DIAMETRO, SCH 40, USO POTABLE","Unidad ",15,29150.58,437258.7,"001-Ingresos corrientes"]
[null,"Arquitectura","789-00","20306","030","000005","40174908","92075391","UNION DE TRANSICION DE PLASTICO (PVC) A PRESION, DE 31,75 mm (1 1/4 Pulg) DE DIAMETRO, CEDULA SCH-40, PARA USO POTABLEUNION DE TRANSICION (REPARACION) PVC, 31,75mm (1 1/4 PULGADA) DIAMETRO, SCH 40, USO POTABLE","Unidad ",15,6161.82,92427.299999999988,"001-Ingresos corrientes"]
[null,"Arquitectura","789-00","20306","030","000005","40174908","92085288","UNION DE TRANSICION O REPARACION DE 19,05 mm (3/4 Pulg), PLASTICO PVC, PARA USO POTABLE, CEDULA SCH-40.UNION DE TRANSICION (REPARACION) PVC, 19,05mm (3/4 PULGADA) DIAMETRO, SCH 40, USO POTABLE","Unidad ",15,4184.04,62760.6,"001-Ingresos corrientes"]
[null,"Arquitectura","789-00","20306","030","000005",40174908,"92148135","UNIÓN DE TOPE CPVC-CTS, DIAMETRO DE 19,05 mm (3/4 Pulg), TIPO LISA (CEMENTADA), CEDULA SDR 11, USO POTABLEUNION DE TOPE PVC, TIPO CPVC-CTS, 19,05mm (3/4 PULGADA) DIAMETRO, TIPO LISA (CEMENTADA), SDR 11, USO POTABLE","Unidad ",15,6652.4400000000005,99786.6,"001-Ingresos corrientes"]
[null,"Arquitectura","789-00","20306","030","000005",40174908,"92148152","UNIÓN DE TOPE CPVC-CTS, DIAMETRO DE 12,7 mm (1/2 Pulg), TIPO LISA (CEMENTADA), CEDULA SDR 11, USO POTABLEUNION DE TOPE PVC, TIPO CPVC-CTS, 12,7mm (1/2 PULGADA) DIAMETRO, TIPO LISA (CEMENTADA), SDR 11, USO POTABLE","Unidad ",15,2729.52,40942.800000000003,"001-Ingresos corrientes"]
[null,"Arquitectura","789-00","20306","030","000005",40175208,92040128,"YEE PLASTICA (PVC) DE 101,60 mm DE DIAMETRO USO SANITARIOYEE DOBLE PVC, 101,6mm (4 PULGADA) DIAMETRO, TIPO LISA (CEMENTADA), PARED GRUESA, USO SANITARIO","Unidad ",15,46316.160000000003,694742.4,"001-Ingresos corrientes"]
[null,"Arquitectura","789-00","20306","030","000020","40174908","9207925","UNION DE PLASTICO (PVC) DE 12,7MM ( DIAMETRO 1/2 PULGADA) UTILIZADA PARA CONEXIÓN DE TUBERIA PVC PARA CAÑERIA (PRESION)UNION PVC, 12,7mm (1/2 PULGADA) DIAMETRO, TIPO LISA (CEMENTADA), SCH 40, USO POTABLE","Unidad ",15,110.16,1652.3999999999999,"001-Ingresos corrientes"]
[null,"Arquitectura","789-00","20306","030","000020","40174908","92016340","UNION DE TRANSICION O REPARACIÓN SCH-10 1/2\" (12MM) PVC P/ AGUA POTABLEUNION DE TRANSICION (REPARACION) PVC, 12,7mm (1/2 PULGADA) DIAMETRO, SCH 40, USO POTABLE","Unidad ",15,1899.24,28488.6,"001-Ingresos corrientes"]
[null,"Arquitectura","789-00","20306","030","000020","40174908","92075105","UNIÓN PLASTICA (PVC), DIAMETRO 12,7 mm (1/2 Pulg) PARA CAÑERÍA, DOBLE ROSCAUNION PVC, 12,7mm (1/2 PULGADA) DIAMETRO, TIPO DOBLE ROSCA, SCH 40, USO POTABLE","Unidad ",15,333.54,5003.1000000000004,"001-Ingresos corrientes"]
[null,"Arquitectura","789-00","20306","030","000040","40174908","92039929","UNION DE PLASTICO (PVC) SENCILLA DE 50,80 mmUNION PVC, 50,8mm (2 PULGADA) DIAMETRO, TIPO LISA (CEMENTADA), PARED GRUESA, USO SANITARIO","Unidad ",15,830.28,12454.199999999999,"001-Ingresos corrientes"]
[null,"Arquitectura","789-00","20306","030","000040","40174908","92039941","UNION DE PLASTICO (PVC) LISA DIAMETRO DE 101,60 mm, CEDULA 40UNION PVC, 101,6mm (4 PULGADA) DIAMETRO, TIPO LISA (CEMENTADA), SCH 40, USO POTABLE","Unidad ",15,4374.78,65621.7,"001-Ingresos corrientes"]
[null,"Arquitectura","789-00","20306","030","000040","40174908","92053799","UNION PLASTICA (PVC), LISA, DE 19,05 mm (3/4 Pulg) DIAMETRO, CEDULA SCH 40, PARA TUBERIA POTABLE DE ALTA PRESIONUNION PVC, 19,05mm (3/4 PULGADA) DIAMETRO, TIPO LISA (CEMENTADA), SCH 40, USO POTABLE","Unidad ",15,180.54,2708.1,"001-Ingresos corrientes"]
[null,"Arquitectura","789-00","20306","030","000040","40174908","92054782","UNIÓN PLASTICA (PVC) DE 152,4 mm (6 Pulg) CEDULA SCH40UNION PVC, 152,4mm (6 PULGADA) DIAMETRO, TIPO LISA (CEMENTADA), SCH 40, USO POTABLE","Unidad ",15,14623.74,219356.1,"001-Ingresos corrientes"]
[null,"Arquitectura","789-00","20306","030","000040","40174908","92058483","UNION DE PLASTICO (PVC) SENCILLA, DIAMETRO DE 50,80 mm (2 pulg), SCH 40UNION PVC, 50,8mm (2 PULGADA) DIAMETRO, TIPO LISA (CEMENTADA), SCH 40, USO POTABLE","Unidad ",15,1054.68,15820.2,"001-Ingresos corrientes"]
[null,"Arquitectura","789-00","20306","030","000040","40174908","92085287","UNION DE PLASTICO (PVC), LISA, DE 101,6 mm (4 Pulg) DE DIAMETRO, PARA USO SANITARIO.UNION PVC, 101,6mm (4 PULGADA) DIAMETRO, TIPO LISA (CEMENTADA), PARED GRUESA, USO SANITARIO","Unidad ",15,2995.7400000000002,44936.100000000006,"001-Ingresos corrientes"]
[null,"Arquitectura","789-00","20306","030","000040","40174908","92085311","UNION DE PLASTICO (PVC), LISA, DE 76,2 mm (3 Pulg) DE DIAMETRO, PARA USO SANITARIO.UNION PVC, 76,2mm (3 PULGADA) DIAMETRO, TIPO LISA (CEMENTADA), PARED GRUESA, USO SANITARIO","Unidad ",15,2214.42,33216.300000000003,"001-Ingresos corrientes"]
[null,"Arquitectura","789-00","20306","030","000040",40174908,92147952,"UNIÓN PVC, PARA TUBERIA CORRUGADA PERFORADA, DIAMETRO DE 115 mm, USO DRENAJE, COLOR NARANJAUNION PVC PARA TUBERIA CORRUGADA PERFORADA, USO DRENAJE, DE 115mm DIAMETRO, COLOR NARANJA","Unidad ",15,2885.58,43283.7,"001-Ingresos corrientes"]
[null,"Arquitectura","789-00","20306","030","000040","40174909","92022803"," UNIÓN LISA CPVC DE 19,05 mm DE DIAMETRO PARA AGUA CALIENTE.UNION PVC, TIPO CPVC-CTS, 19,05mm (3/4 PULGADAS) DIAMETRO,CAMPANA LISA (CEMENTADA),  SDR 11, USO POTABLE","Unidad ",15,600.78,9011.6999999999989,"001-Ingresos corrientes"]
[null,"Arquitectura","789-00","20306","030","000040","40174909","92148134"," UNIÓN CPVC-CTS, DIAMETRO DE 12,7 mm (1/2 Pulg), CAMPANA LISA (CEMENTADA), CEDULA SDR 11, USO POTABLEUNION PVC, TIPO CPVC-CTS, 12,7mm (1/2 PULGADAS) DIAMETRO,CAMPANA LISA (CEMENTADA),  SDR 11, USO POTABLE","Unidad ",15,337.62,5064.3,"001-Ingresos corrientes"]
[null,"Arquitectura","789-00","20306","030","000060","40174908","92056156","UNION DE PLASTICO (PVC), TIPO LISA, DE 76,20 mm (3 Pulg) DE DIAMETRO, CEDULA SCH 40UNION PVC, 76,2mm (3 PULGADA) DIAMETRO, TIPO LISA (CEMENTADA), SCH 40, USO POTABLE","Unidad ",15,3445.56,{"$f":"K927*L927","v":51683.4},"001-Ingresos corrientes"]
[null,"Arquitectura","789-00","20306","030","000060","40174908","92056157","UNION DE PLASTICO (PVC), TIPO LISA, DE 63,5 mm (2 1/2 Pulg) DE DIAMETRO, CEDULA SCH 40 UNION PVC, 63,5mm (2 1/2 PULGADA) DIAMETRO, TIPO LISA (CEMENTADA), SCH 40, USO POTABLE","Unidad ",15,2234.8200000000002,33522.300000000003,"001-Ingresos corrientes"]
[null,"Arquitectura","789-00","20306","030","000080","40174908","92085284","UNION DE PLASTICO (PVC), LISA, DE 38,1 mm (1 1/2 Pulg) DE DIAMETRO, PARA USO POTABLE, CEDULA SCH-40.UNION PVC, 38,1mm (1 1/2 PULGADA) DIAMETRO, TIPO LISA (CEMENTADA), SCH 40, USO POTABLE","Unidad ",15,654.84,9822.6,"001-Ingresos corrientes"]
[null,"Arquitectura","789-00","20306","030","000080","40174908","92085285"," UNION DE PLASTICO (PVC), LISA, DE 38,1 mm (1 1/2 Pulg) DE DIAMETRO, PARA USO SANITARIO.UNION PVC, 38,1mm (1 1/2 PULGADA) DIAMETRO, TIPO LISA (CEMENTADA), PARED GRUESA, USO SANITARIO","Unidad ",15,497.76,7466.4,"001-Ingresos corrientes"]
[null,"Arquitectura","789-00","20306","030","000120","40174908","92085286","UNION DE PLASTICO (PVC), LISA, DE 31,7 mm (1 1/4 Pulg) DE DIAMETRO, PARA USO POTABLE, CEDULA SCH-40.UNION PVC, 31,7mm (1 1/4 PULGADA) DIAMETRO, TIPO LISA (CEMENTADA), SCH 40, USO POTABLE","Unidad ",15,638.52,9577.7999999999993,"001-Ingresos corrientes"]
[null,"Arquitectura","789-00","20306","030","150801","40173805","92059713","ABRAZADERA DE PLASTICO PVC, 200 mm x 18 mm (8 a 3/4 pulg), SCH 40, PARA AGUA POTABLE.","Unidad ",15,56100,841500,"001-Ingresos corrientes"]
[null,"Arquitectura","789-00","20306","030","150801","40173805","92059716","ABRAZADERA DE PLASTICO PVC, 101,6 mm a 19 mm (4 a 3/4 pulg), SCH 40, PARA AGUA POTABLESILLETA PVC, 101,6mm (4 PULGADAS) DIAMETRO A 19,05mm (3/4 PULGADA) DIAMETRO, TIPO CON ROSCA, SCH 40","Unidad ",15,10961.94,164429.1,"001-Ingresos corrientes"]
[null,"Arquitectura","789-00","20306","030","150801","40173805","92059716","ABRAZADERA DE PLASTICO PVC, 101,6 mm a 19 mm (4 a 3/4 pulg), SCH 40, PARA AGUA POTABLESILLETA PVC, 101,6mm (4 PULGADAS) DIAMETRO A 19,05mm (3/4 PULGADA) DIAMETRO, TIPO LISA, SCH 40","Unidad ",15,10495.800000000001,157437.00000000003,"001-Ingresos corrientes"]
[null,"Arquitectura","789-00","20306","030","150801","40173805","92085352","ABRAZADERA DE PLASTICO PVC, 50,8 mm (2 Pulg) A 12,7 mm (1/2 Pulg), SCH 40, PARA AGUA POTABLESILLETA PVC, 50,8mm (2 PULGADAS) DIAMETRO A 12,7mm (1/2 PULGADA) DIAMETRO, TIPO CON ROSCA, SCH 40","Unidad ",15,7137.96,107069.4,"001-Ingresos corrientes"]
[null,"Arquitectura","789-00","20306","030","150801","40173805","92085352","ABRAZADERA DE PLASTICO PVC, 50,8 mm (2 Pulg) A 12,7 mm (1/2 Pulg), SCH 40, PARA AGUA POTABLESILLETA PVC, 50,8mm (2 PULGADAS) DIAMETRO A 12,7mm (1/2 PULGADA) DIAMETRO, TIPO LISA, SCH 40","Unidad ",15,7132.86,106992.9,"001-Ingresos corrientes"]
[null,"Arquitectura","789-00","20306","030","150801","40173805","92085567","ABRAZADERA (SILLETA) DE PLASTICO PVC, DIAMETRO DE 101,6 mm (4 Pulg) A 12,7 mm (1/2 Pulg), CEDULA SCH 40SILLETA PVC, 101,6mm (4 PULGADAS) DIAMETRO A 12,7mm (1/2 PULGADA) DIAMETRO, TIPO CON ROSCA, SCH 40","Unidad ",15,10949.7,164245.5,"001-Ingresos corrientes"]
[null,"Arquitectura","789-00","20306","030","150801","40173805","92085567","ABRAZADERA (SILLETA) DE PLASTICO PVC, DIAMETRO DE 101,6 mm (4 Pulg) A 12,7 mm (1/2 Pulg), CEDULA SCH 41SILLETA PVC, 101,6mm (4 PULGADAS) DIAMETRO A 12,7mm (1/2 PULGADA) DIAMETRO, TIPO LISA, SCH 40","Unidad ",20,10493.76,209875.20000000001,"001-Ingresos corrientes"]
[null,"Arquitectura","789-00","20306","030","150801","40173805","92085574","ABRAZADERA (SILLETA) DE PLASTICO PVC, DIAMETRO DE 76,2 mm (3 Pulg) A 12,7 mm (1/2 Pulg), CEDULA SCH 40SILLETA PVC, 76,2mm (3 PULGADAS) DIAMETRO A 12,7mm (1/2 PULGADA) DIAMETRO, TIPO CON ROSCA, SCH 40","Unidad ",20,10253.040000000001,205060.80000000002,"001-Ingresos corrientes"]
[null,"Arquitectura","789-00","20306","030","150801","40173805","92085574","ABRAZADERA (SILLETA) DE PLASTICO PVC, DIAMETRO DE 76,2 mm (3 Pulg) A 12,7 mm (1/2 Pulg), CEDULA SCH 41SILLETA PVC, 76,2mm (3 PULGADAS) DIAMETRO A 12,7mm (1/2 PULGADA) DIAMETRO, TIPO LISA, SCH 40","Unidad ",20,10293.84,205876.8,"001-Ingresos corrientes"]
[null,"Arquitectura","789-00","20306","030","150801","40173805","92085575","ABRAZADERA (SILLETA) DE PLASTICO PVC, DIAMETRO DE 76,2 mm (3 Pulg) A 19,05 mm (3/4 Pulg),CEDULA SCH 40SILLETA PVC, 76,2mm (3 PULGADAS) DIAMETRO A 19,05mm (3/4 PULGADA) DIAMETRO, TIPO LISA, SCH 40","Unidad ",20,10296.9,205938,"001-Ingresos corrientes"]
[null,"Arquitectura","789-00","20306","030","150801","40173805","92085576","ABRAZADERA (SILLETA) DE PLASTICO PVC, DIAMETRO DE 50,8 mm (2 Pulg) A 19,05 mm (3/4 Pulg), CEDULA SCH 40SILLETA PVC, 50,8mm (2 PULGADAS) DIAMETRO A 19,05mm (3/4 PULGADA) DIAMETRO, TIPO CON ROSCA, SCH 40","Unidad ",15,7147.14,107207.1,"001-Ingresos corrientes"]
[null,"Arquitectura","789-00","20306","030","150801","40173805","92085576","ABRAZADERA (SILLETA) DE PLASTICO PVC, DIAMETRO DE 50,8 mm (2 Pulg) A 19,05 mm (3/4 Pulg), CEDULA SCH 41SILLETA PVC, 50,8mm (2 PULGADAS) DIAMETRO A 19,05mm (3/4 PULGADA) DIAMETRO, TIPO LISA, SCH 40","Unidad ",15,7136.9400000000005,107054.1,"001-Ingresos corrientes"]
[null,"Arquitectura","789-00","20306","030","150801","40173805","92085578","ABRAZADERA (SILLETA) DE PLASTICO PVC, DIAMETRO DE 203,2 mm (8 Pulg) A 12,7 mm (1/2 Pulg), CEDULA SCH 40SILLETA PVC, 203,2mm (8 PULGADAS) DIAMETRO A 12,7mm (1/2 PULGADA) DIAMETRO, TIPO CON ROSCA, SCH 40","Unidad ",15,67639.259999999995,1014588.8999999999,"001-Ingresos corrientes"]
[null,"Arquitectura","789-00","20306","030","150801","40173805","92085578","ABRAZADERA (SILLETA) DE PLASTICO PVC, DIAMETRO DE 203,2 mm (8 Pulg) A 12,7 mm (1/2 Pulg), CEDULA SCH 41SILLETA PVC, 203,2mm (8 PULGADAS) DIAMETRO A 12,7mm (1/2 PULGADA) DIAMETRO, TIPO LISA, SCH 40","Unidad ",10,67639.259999999995,676392.6,"001-Ingresos corrientes"]
[null,"Arquitectura","789-00","20306","030","150801","40173805","92085579","ABRAZADERA (SILLETA) PLASTICO PVC, DIAMETRO DE 152,46 mm (6 Pulg) A 12,7 mm (1/2 Pulg), CEDULA SCH 40SILLETA PVC, 152,46mm (6 PULGADAS) DIAMETRO A 12,7mm (1/2 PULGADA) DIAMETRO, TIPO CON ROSCA, SCH 40","Unidad ",10,22243.14,222431.4,"001-Ingresos corrientes"]
[null,"Arquitectura","789-00","20306","030","150801","40173805","92085579","ABRAZADERA (SILLETA) PLASTICO PVC, DIAMETRO DE 152,46 mm (6 Pulg) A 12,7 mm (1/2 Pulg), CEDULA SCH 41SILLETA PVC, 152,4mm (6 PULGADAS) DIAMETRO A 12,7mm (1/2 PULGADA) DIAMETRO, TIPO LISA, SCH 40","Unidad ",10,21705.600000000002,217056.00000000003,"001-Ingresos corrientes"]
[null,"Arquitectura","789-00","20306","030","150801","40173805","92091146","SILLETA (ABRAZADERA) PLASTICA (PVC) DE 152,46 mm (6 Pulg) DE DIAMETRO A 19,05 mm (3/4 Pulg) DE DIAMETRO, CON ROSCA, SCH 40SILLETA PVC, 152,46mm (6 PULGADAS) DIAMETRO A 19,05mm (3/4 PULGADA) DIAMETRO, TIPO CON ROSCA, SCH 40","Unidad ",10,22447.14,224471.4,"001-Ingresos corrientes"]
[null,"Arquitectura","789-00","20306","030","150801","40173805","92091147","SILLETA (ABRAZADERA) PLASTICA (PVC), DIAMETRO DE 152,4 mm (6 Pulg) A 19,05 mm (3/4 Pulg), TIPO LISA SCH 40SILLETA PVC, 152,4mm (6 PULGADAS) DIAMETRO A 19,05mm (3/4 PULGADA) DIAMETRO, TIPO LISA, SCH 40","Unidad ",10,21710.7,217107,"001-Ingresos corrientes"]
[null,"Arquitectura","789-00","20306","050","161201","39131711","92112232","TAPA FINAL PLASTICA, RETARDANTE AL FUEGO, PARA CANALETA, DE 75mm DE ANCHO X 20 mm DE ALTO.","Unidad",15,1200,18000,"001-Ingresos corrientes"]
[null,"Arquitectura","789-00","20306","055","000002","30151703","92016591","CANOA LISA ALTO CAUDAL DE PLASTICO (PVC), LARGO 6 m Marca AMANCO Modelo 909544","Unidad ",10,15751.52,157515.20000000001,"001-Ingresos corrientes"]
[null,"Arquitectura","789-00","20306","055","000030","30151703","92040144","BOQUILLA PLASTICO (PVC) (BLANCO) DE 76,50 mm PARA CANOA LISABOQUILLA PLASTICO (PVC) (BLANCO) DE 76,50 mm PARA CANOA LISA","Unidad ",15,4641,69615,"001-Ingresos corrientes"]
[null,"Arquitectura","789-00","20306","055","120901","30151703","92071000","TAPAPLASTICA(PVC),PAREJA(DERECHAEIZQUIERDA)DE155mmANCHOX140mmALTOEXTERNOX135mmALTOINTERNO,PARACANOA ALTO CAUDALPresentaciòn en unidades","Unidad ",10,2500,25000,"001-Ingresos corrientes"]
[null,"Arquitectura","789-00","20306","075","001401","30102015","92112772","LAMINA DE POLICARBONATO SOLIDO, MEDIDAS 1,22 X 2,44 m X 6 mm ESPESOR, COLOR TRANSPARENTE CLARO, PARA VENTANAS","unidad ",10,95000,950000,"001-Ingresos corrientes"]
[null,"Arquitectura","789-00","20306","150","000900","39131707","92049695","CONECTOR PLASTICO (PVC) TIPO CONDUIT DE 12,70 mm DE DIAMETRO, CEDULA SCH-40 PARED GRUESACONECTOR PLASTICO (PVC) TIPO CONDUIT DE 12,70 mm DE DIAMETRO, CEDULA SCH-40 PARED GRUESA","Unidad",15,266.22000000000003,3993.3,"001-Ingresos corrientes"]
[null,"Arquitectura","789-00","20306","150","000900","40172508","92011465","CONECTOR PLASTICO (PVC) DE 12,70 mm DE DIAMETRO PARA TUBERIA CONDUITCONECTOR PLASTICO (PVC) DE 12,70 mm DE DIAMETRO PARA TUBERIA CONDUIT TIPO A UL","Unidad",15,158.1,2371.5,"001-Ingresos corrientes"]
[null,"Arquitectura","789-00","20306","150","000900","40172508","92028551","CONECTOR PLASTICO (PVC) TIPO CONDUIT MACHO DE 19,05 mm (3/4 Pulg) DE DIAMETRO, CERTIFICACION UL, CEDULA SCH 40CONECTOR PLASTICO (PVC) TIPO CONDUIT MACHO DE 19,05 mm (3/4 Pulg)  DE DIAMETRO, CERTIFICACION UL, CEDULA SCH 40","Unidad",15,375.36,5630.4000000000005,"001-Ingresos corrientes"]
[null,"Arquitectura","789-00","20306","150","000900","40172508","92028552","CONECTOR PLASTICO (PVC) TIPO CONDUIT MACHO, DE 25,40 mm (1 Pulg) DE DIAMETRO, CERTIFICACION UL, CEDULA SCH 40CONECTOR PLASTICO (PVC) TIPO CONDUIT MACHO, DE 25,40 mm (1 Pulg) DE DIAMETRO, CERTIFICACION UL, CEDULA SCH 40","Unidad",15,613.02,9195.2999999999993,"001-Ingresos corrientes"]
[null,"Arquitectura","789-00","20306","150","000900","40172508","92028554","CONECTOR PLASTICO (PVC) TIPO CONDUIT MACHO,DE 31,75 mm (1 1/4 Pulg) DE DIAMETRO, CERTIFICACION UL, CEDULA SCH 40CONECTOR PLASTICO (PVC) TIPO CONDUIT MACHO,DE 31,75 mm (1 1/4 Pulg) DE DIAMETRO, CERTIFICACION UL, CEDULA SCH 40","Unidad",15,778.26,11673.9,"001-Ingresos corrientes"]
[null,"Arquitectura","789-00","20306","150","000900","40172508","92028555","CONECTOR PLASTICO (PVC) TIPO CONDUIT MACHO DE 38,10 mm (1 1/2 Pulg) DE DIAMETRO, CERTIFICACION UL, CEDULA SCH 40CONECTOR PLASTICO (PVC) TIPO CONDUIT MACHO DE 38,10 mm (1 1/2 Pulg) DE DIAMETRO, CERTIFICACION UL, CEDULA SCH 40","Unidad",15,964.92000000000007,14473.800000000001,"001-Ingresos corrientes"]
[null,"Arquitectura","789-00","20306","150","000900","40172508","92028557","CONECTOR PLASTICO (PVC) TIPO CONDUIT MACHO, DE 50,80 mm (2 Pulg) DE DIAMETRO, CEDULA SCH 40CONECTOR PLASTICO (PVC) TIPO CONDUIT MACHO, DE 50,80 mm (2 Pulg) DE DIAMETRO, CEDULA SCH 40","Unidad",15,1206.6600000000001,18099.900000000001,"001-Ingresos corrientes"]
[null,"Arquitectura","789-00","20306","150","000900","40172508","92042759","CONECTOR PLASTICO (PVC) CONDUIT PARA TUBO DE 19,05 mmCONECTOR PLASTICO (PVC) CONDUIT PARA TUBO DE 19,05 mm. TIPO A UL","Unidad",15,198.9,2983.5,"001-Ingresos corrientes"]
[null,"Arquitectura","789-00","20306","150","000900","40172508","92081584","CONECTOR PLASTICO (PVC), TIPO CONDUIT MACHO, DE 63,50 mm (2 1/2 pulg) DE DIAMETRO, CEDULA SCH 40CONECTOR PLASTICO (PVC) TIPO CONDUIT MACHO, DE 63,50 mm (2 1/2 Pulg) DE DIAMETRO, CEDULA SCH 40","Unidad",15,1560.6000000000001,23409.000000000004,"001-Ingresos corrientes"]
[null,"Arquitectura","789-00","20306","150","000900","40172508","92081585","CONECTOR PLASTICO (PVC), TIPO CONDUIT MACHO, DE 76,20 mm (3 pulg) DE DIAMETRO, CEDULA SCH 40CONECTOR PLASTICO (PVC) TIPO CONDUIT MACHO, DE 76,20 mm (3 Pulg) DE DIAMETRO, CEDULA SCH 40","Unidad",15,2051.2200000000003,30768.300000000003,"001-Ingresos corrientes"]
[null,"Arquitectura","789-00","20306","150","000900","40172508","92087266","CONECTOR PLASTICO (PVC), CONDUIT, TIPO A DE 38,1 mm (1 1/2 Pulg) DE DIAMETRO, CON TUERCA, CERTIFICACION ULCONECTOR PLASTICO (PVC), CONDUIT, TIPO A DE 38,1 mm (1 1/2 Pulg) DE DIAMETRO, CON TUERCA, CERTIFICACION UL","Unidad",15,457.77600000000001,6866.64,"001-Ingresos corrientes"]
[null,"Arquitectura","789-00","20306","150","000900","40172508","92087267","CONECTOR PLASTICO (PVC), CONDUIT, TIPO A, CERTIFICACION UL, DE 50,8 mm (2 Pulg) DE DIAMETRO, CON TUERCA, CERTIFICACION ULCONECTOR PLASTICO (PVC), CONDUIT, TIPO A, CERTIFICACION UL, DE 50,8 mm (2 Pulg) DE DIAMETRO, CON TUERCA, CERTIFICACION UL","Unidad",15,1040.4000000000001,15606.000000000002,"001-Ingresos corrientes"]
[null,"Arquitectura","789-00","20306","150","000900","40172508","92147980"," CONECTOR PLASTICO PVC, TIPO CONDUIT, PARA TUBO DE 25,4 mm DE DIAMETRO, TIPO A, CERTIFICACIÓN ULCONECTOR PLASTICO (PVC) CONDUIT PARA TUBO DE 25,4 mm. TIPO A UL","Unidad",15,549.78,8246.6999999999989,"001-Ingresos corrientes"]
[null,"Arquitectura","789-00","20306","175","000005","40142008","92129564","MANGUERA PARA JARDINERIA DE 1,27 CM DE ANCHO, LARGO DE 40M. CONFECCIONADA DE NITRILO SINTETICO RMA CLASE A, REFUERZO DE 2 MALLAS EN ESPIRAL Y FERULA DE BRONCE, PRESION 20,68BAR, CON ACOPLES DE BRONCE MACHO Y HEMBRA DE ROSCA 1,9CM (3/4 PULG) PARA LLAVE DE CAÑERIAMANGUERA PARA JARDINERIA DE 1,27 CM DE ANCHO, LARGO DE 40M. CONFECCIONADA DE NITRILO SINTETICO RMA CLASE A, REFUERZO DE 2 MALLAS EN ESPIRAL Y FERULA DE BRONCE, PRESION 20,68BAR, CON ACOPLES DE BRONCE MACHO Y HEMBRA DE ROSCA 1,9CM (3/4 PULG) PARA LLAVE DE CAÑERIA","Unidad",10,20400,204000,"001-Ingresos corrientes"]
[null,"Arquitectura","789-00","20306","225","000060","40173608","92022381","REDUCCION PVC, 152,4mm (6 PULGADA) DIAMETRO A 101,6mm (4 PULGADA), TIPO LISA, PARED DELGADA (SDR 32,5), USO SANITARIO","Unidad ",15,6075,91125,"001-Ingresos corrientes"]
[null,"Arquitectura","789-00","20306","225","000060",40173608,92022805,"REDUCCIÓN LISA PVC DE 101,6 mm A 50,8 mm DE DIAMETROREDUCCION PVC, 101,6mm (4 PULGADA) DIAMETRO A 50,8mm (2 PULGADA), TIPO LISA, PARED GRUESA, USO SANITARIO","Unidad ",15,4233,63495,"001-Ingresos corrientes"]
[null,"Arquitectura","789-00","20306","225","000060","40173608","92022805","REDUCCIÓN LISA PVC DE 101,6 mm A 50,8 mm DE DIAMETROREDUCCION PVC, 101,6mm (4 PULGADA) DIAMETRO A 50,8mm (2 PULGADA), TIPO LISA, SCH 40, USO POTABLE","Unidad ",15,6931.92,103978.8,"001-Ingresos corrientes"]
[null,"Arquitectura","789-00","20306","225","000060","40173608","92031166","REDUCCION PVC, 101,6mm (4 PULGADA) DIAMETRO A 50,8mm (2 PULGADA), TIPO LISA, PARED DELGADA (SDR 32,5), USO SANITARIO","Unidad ",15,2606,39090,"001-Ingresos corrientes"]
[null,"Arquitectura","789-00","20306","225","000060","40173608","92031193","REDUCCIONPLASTICO(PVC)DE76,20mmA50,80mmDEDIAMETRO,CEDULASDR-32,5USOSANITARIO Presentaciòn en unidades","Unidad ",10,2400,24000,"001-Ingresos corrientes"]
[null,"Arquitectura","789-00","20306","225","000060","40173608","92031314"," REDUCCION PLASTICO (PVC) DE 101,60 mm A 76,20 mm DE DIAMETRO, CEDULA SDR-32,5REDUCCION PVC, 101,6mm (4 PULGADA) DIAMETRO A 76,2mm (3 PULGADA), TIPO LISA, PARED DELGADA (SDR 32,5), USO SANITARIO","Unidad ",15,3198.7200000000003,47980.800000000003,"001-Ingresos corrientes"]
[null,"Arquitectura","789-00","20306","225","000060",40173608,92031330," REDUCCION PLASTICO (PVC) DE 25,40 mm A 19,05 mm DE DIAMETRO, CEDULA SCH-40REDUCCION PVC, 25,4mm (1 PULGADA) DIAMETRO A 19,05mm (3/4 PULGADA), TIPO LISA, SCH 40, USO POTABLE","Unidad ",15,374.34000000000003,5615.1,"001-Ingresos corrientes"]
[null,"Arquitectura","789-00","20306","225","000060",40173608,92031333,"REDUCCION PLASTICO (PVC) DE 38,10 mm A 19,05 mm DE DIAMETRO, CEDULA SCH-40REDUCCION PVC, 38,1mm (1 1/2 PULGADA) DIAMETRO A 19,05mm (3/4 PULGADA), TIPO LISA, SCH 40, USO POTABLE","Unidad ",15,782.34,11735.1,"001-Ingresos corrientes"]
[null,"Arquitectura","789-00","20306","225","000060","40173608","92031344"," REDUCCION PLASTICO (PVC) DE 76,20 mm A 38,10 mm DE DIAMETRO, CEDULA SDR-32,5REDUCCION PVC, 76,2mm (3 PULGADA) DIAMETRO A 38,1mm (1 1/2 PULGADA), TIPO LISA, PARED DELGADA (SDR 32,5), USO SANITARIO","Unidad ",15,1637.1000000000001,24556.500000000004,"001-Ingresos corrientes"]
[null,"Arquitectura","789-00","20306","225","000060",40173608,92036179,"REDUCCION PLASTICA (PVC) LISA PARA PRESION DE 50,80 mm A 12,70 mm DE DIAMETROREDUCCION PVC, 50,8mm (2 PULGADA) DIAMETRO A 12,7mm (1/2 PULGADA), TIPO LISA, SCH 40, USO POTABLE","Unidad ",15,1596.3,23944.5,"001-Ingresos corrientes"]
[null,"Arquitectura","789-00","20306","225","000060","40173608","92039859","REDUCCIONPLASTICA(PVC)DE19,05mmA12,70 mm DE DIAMETROtipo lisa, SCH 40, USO POTABLE. LosaccesoriosapresiónserieSCH40deberáncumplir con la norma ASTM D2466. Presentaciòn en unidades","Unidad ",10,240,2400,"001-Ingresos corrientes"]
[null,"Arquitectura","789-00","20306","225","000060","40173608","92039861","REDUCCIONPLASTICA(PVC)DE25,40mmA19,05 mm PRODUCTO\tREDUCTORTIPO LISA, CEDULA SCH 40, USO POTABLELosaccesoriosapresiónserieSCH40deberáncumplir con la norma ASTM D2466.Presentaciòn en unidades","Unidad ",10,530,5300,"001-Ingresos corrientes"]
[null,"Arquitectura","789-00","20306","225","000060","40173608","92039862","REDUCCION PLASTICA (PVC) DE 38,10 mm A 25,40 mmREDUCCION PVC, 38,1mm (1 1/2 PULGADA) DIAMETRO A 25,4mm (1 PULGADA), TIPO LISA, SCH 40, USO POTABLE","Unidad ",15,787.44,11811.6,"001-Ingresos corrientes"]
[null,"Arquitectura","789-00","20306","225","000060","40173608","92039864","REDUCCION PLASTICA (PVC), LISA, DE 50,8 mm (2 Pulg) A 19,05 mm (3/4 Pulg) DE DIAMETRO, SCH 40REDUCCION PVC, 50,8mm (2 PULGADA) DIAMETRO A 19,05mm (3/4 PULGADA), TIPO LISA, SCH 40, USO POTABLE","Unidad ",15,1603.44,24051.600000000002,"001-Ingresos corrientes"]
[null,"Arquitectura","789-00","20306","225","000060","40173608","92039865","REDUCCION PLASTICA (PVC) DE 50,80 mm A 31,75 mmREDUCCION PVC, 50,8mm (2 PULGADA) DIAMETRO A 31,7mm (1 1/4 PULGADA), TIPO LISA, PARED GRUESA, USO SANITARIO","Unidad ",15,1404.54,21068.1,"001-Ingresos corrientes"]
[null,"Arquitectura","789-00","20306","225","000060","40173608","92039865","REDUCCION PLASTICA (PVC) DE 50,80 mm A 31,75 mmREDUCCION PVC, 50,8mm (2 PULGADA) DIAMETRO A 31,7mm (1 1/4 PULGADA), TIPO LISA, SCH 40, USO POTABLE","Unidad ",10,1605.48,16054.8,"001-Ingresos corrientes"]
[null,"Arquitectura","789-00","20306","225","000060","40173608","92039866","REDUCCIONPLASTICA(PVC)DE50,80mmA38,10 mmTIPO LISA, CEDULA SCH 40, USO POTABLELosaccesoriosapresiónserieSCH40deberáncumplir con la norma ASTM D2466.Presentaciòn en unidades","Unidad ",10,2300,23000,"001-Ingresos corrientes"]
[null,"Arquitectura","789-00","20306","225","000060","40173608","92039866","REDUCCION PLASTICA (PVC) DE 50,80 mm A 38,10 mmREDUCCION PVC, 50,8mm (2 PULGADA) DIAMETRO A 38,1mm (1 1/2 PULGADA), TIPO LISA, PARED GRUESA, USO SANITARIO","Unidad ",10,1499.4,14994,"001-Ingresos corrientes"]
[null,"Arquitectura","789-00","20306","225","000060","40173608","92039866","REDUCCION PLASTICA (PVC) DE 50,80 mm A 38,10 mmREDUCCION PVC, 50,8mm (2 PULGADA) DIAMETRO A 38,1mm (1 1/2 PULGADA), TIPO LISA, SCH 40, USO POTABLE","Unidad ",10,1608.54,16085.4,"001-Ingresos corrientes"]
[null,"Arquitectura","789-00","20306","225","000060","40173608","92039872","REDUCCION PLASTICA (PVC) DE 101,60 mm A 76,20 mmREDUCCION PVC, 101,6mm (4 PULGADA) DIAMETRO A 76,2mm (3 PULGADA), TIPO LISA, SCH 40, USO POTABLE","Unidad ",10,7631.64,76316.400000000009,"001-Ingresos corrientes"]
[null,"Arquitectura","789-00","20306","225","000060","40173608","92039872","REDUCCION PVC, 101,6mm (4 PULGADA) DIAMETRO A 76,2mm (3 PULGADA), TIPO LISA, SCH 40, USO POTABLE ","Unidad ",10,6251,62510,"001-Ingresos corrientes"]
[null,"Arquitectura","789-00","20306","225","000060","40173608","92039874","REDUCCION PLASTICA (PVC) DE 38,10 mm A 12,70 mmREDUCCION PVC, 38,1mm (1 1/2 PULGADA) DIAMETRO A 12,7mm (1/2 PULGADA), TIPO LISA, SCH 40, USO POTABLE","Unidad ",10,777.24,7772.4,"001-Ingresos corrientes"]
[null,"Arquitectura","789-00","20306","225","000060","40173608","92039878","REDUCCION PLASTICA (PVC) DE 76,20 mm A 50,80 m REDUCCION PVC, 76,2mm (3 PULGADA) DIAMETRO A 50,8mm (2 PULGADA), TIPO LISA, PARED GRUESA, USO SANITARIO","Unidad ",10,2241.96,{"$f":"K991*L991","v":22419.599999999999},"001-Ingresos corrientes"]
[null,"Arquitectura","789-00","20306","225","000060","40173608","92039878","REDUCCIONPLASTICA(PVC)DE76,20mmA50,80mmTIPOLISA,PAREDGRUESA,USOSANITARIOPresentaciòn en unidades","Unidad ",10,3200,32000,"001-Ingresos corrientes"]
[null,"Arquitectura","789-00","20306","900","007360","30151703","92023291","SOPORTEPLASTICODEPVCINTERNODE80mmDEALTOX150mmDEANCHOX6mDELARGOPARA CANOA DE ALTO CAUDAL.Presentaciòn en unidades","Unidad ",10,1300,13000,"001-Ingresos corrientes"]
[null,"Arquitectura","789-00","20306","225","000060","40173608","92053787","REDUCCION PLASTICA (PVC), LISA, DE 50,8 mm (2 Pulg) A 19,05 mm (3/4 Pulg) DE DIAMETRO, SCH 40REDUCCION PVC, 50,8mm (2 PULGADA) DIAMETRO A 19,05mm (3/4 PULGADA), TIPO LISA, SCH 40, USO POTABLE","Unidad ",10,1603.44,16034.400000000001,"001-Ingresos corrientes"]
[null,"Arquitectura","789-00","20306","225","000060",40173608,92056239,"REDUCCION DE PLASTICO (PVC), LISA, DE 76,2 mm (3 Plug) A 25,4 mm (1 Pulg) DE DIAMETRO, CEDULA SCH-40REDUCCION PVC, 76,2mm (3 PULGADA) DIAMETRO A 25,4mm (1 PULGADA), TIPO LISA, SCH 40, USO POTABLE","Unidad ",10,4371.72,43717.200000000004,"001-Ingresos corrientes"]
[null,"Arquitectura","789-00","20306","225","000060",40173608,92057850," REDUCCION PLASTICA (PVC), LISA, DE 152,40 mm (6 Pulg) A 101,60 mm (4 Pulg) DE DIAMETRO, CEDULA SCH-40REDUCCION PVC, 152,4mm (6 PULGADA) DIAMETRO A 101,6mm (4 PULGADA), TIPO LISA, SCH 40, USO POTABLE","Unidad ",10,17215.560000000001,172155.6,"001-Ingresos corrientes"]
[null,"Arquitectura","789-00","20306","225","000060","40173608","92058484","REDUCCION PLASTICA PVC LISA PRA PRESION, DIAMETRO 31,8 - 19 mm (1 1/4 a 3/4 Pulg), SCH 40REDUCCION PVC, 31,7mm (1 1/4 PULGADA) DIAMETRO A 19,05mm (3/4 PULGADA), TIPO LISA, SCH 40, USO POTABLE","Unidad ",10,632.4,6324,"001-Ingresos corrientes"]
[null,"Arquitectura","789-00","20306","225","000060",40173608,92058786,"REDUCCION DE PLASTICO (PVC), LISA, DE 76,2 mm (3 Plug) A 38,1 mm (1 1/2 Pulg) DE DIAMETRO, CEDULA SCH-40REDUCCION PVC, 76,2mm (3 PULGADA) DIAMETRO A 38,1mm (1 1/2 PULGADA), TIPO LISA, SCH 40, USO POTABLE","Unidad ",10,4485.96,44859.6,"001-Ingresos corrientes"]
[null,"Arquitectura","789-00","20306","225","000060",40173608,92058787," REDUCCION DE PLASTICO (PVC), LISA, DE 38,1 mm (1 1/2 Plug) A 31,75 mm (1 1/4 Pulg) DE DIAMETRO, CEDULA SCH-40REDUCCION PVC, 38,1mm (1 1/2 PULGADA) DIAMETRO A 31,7mm (1 1/4 PULGADA),TIPO LISA, SCH 40, USO POTABLE","Unidad ",10,792.54,7925.4,"001-Ingresos corrientes"]
[null,"Arquitectura","789-00","20306","225","000060","40173608","92060893","REDUCCIONPOTABLEPVC31,75X12,7mm(11/4 pulg X 1/2 pulg)PRODUCTO\tREDUCCION\t\tTIPO LISA USO \tPOTABLE, CEDULA SCH 40LosaccesoriosapresiónserieSCH40deberáncumplir con la norma ASTM D2466.Presentaciòn en unidades","Unidad ",10,800,8000,"001-Ingresos corrientes"]
[null,"Arquitectura","789-00","20306","225","000060","40173608","92060895","REDUCCIONPOTABLEPVC31,75X25mm(11/4pulg X 1 pulg)TIPO LISA, CEDULA SCH 40, USO POTABLELosaccesoriosapresiónserieSCH40deberáncumplir con la norma ASTM D2466.Presentaciòn en unidades","Unidad ",10,890,8900,"001-Ingresos corrientes"]
[null,"Arquitectura","789-00","20306","225","000060",40173608,92060900,"REDUCCION PLASTICA (PVC), MEDIDAS 152,40 mm A 76,20 mm, SCH 40REDUCCION PVC, 152,4mm (6 PULGADA) DIAMETRO A 76,2mm (3 PULGADA), TIPO LISA, PARED GRUESA, USO SANITARIO","Unidad ",10,24794.16,247941.6,"001-Ingresos corrientes"]
[null,"Arquitectura","789-00","20306","225","000060",40173608,92062837,"REDUCCION PLASTICO (PVC) DE 76,2 mm A 19,05 mm DE DIAMETRO, CEDULA SCH-40REDUCCION PVC, 76,2mm (3 PULGADA) DIAMETRO A 19,05mm (3/4 PULGADA), TIPO LISA, SCH 40, USO POTABLE","Unidad ",10,4276.8599999999997,42768.6,"001-Ingresos corrientes"]
[null,"Arquitectura","789-00","20306","225","000060",40173608,92068871,"REDUCCION PLASTICO (PVC), TIPO LISA , DE 203,2 mm A 152,4 mm, CEDULA SCH 40 Marca AMANCO Modelo 913113","Unidad ",10,29499.63,294996.3,"001-Ingresos corrientes"]
[null,"Arquitectura","789-00","20306","225","000060",40173608,92074011," REDUCCION PLASTICA (PVC) DE 63,50 mm A 50,80 mm (2 1/2 Pulg A 2 Pulg), DE DIAMETROREDUCCION PVC, 63,5mm (2 1/2 PULGADA) DIAMETRO A 50,8mm (2 PULGADA), TIPO LISA, SCH 40, USO POTABLE","Unidad ",15,4155.4800000000005,62332.200000000004,"001-Ingresos corrientes"]
[null,"Arquitectura","789-00","20306","225","000060",40173608,92078903," REDUCCION PLASTICA (PVC) LISA DE 101,6 mm A 63,5 mm (4 Pulg A 2 1/2 Pulg) DE DIAMETRO, CEDULA SCH-40, PARA USO POTABLEREDUCCION PVC, 101,6mm (4 PULGADA) DIAMETRO A 63,5mm (2 1/2 PULGADA), TIPO LISA, SCH 40, USO POTABLE","Unidad ",10,7106.34,71063.399999999994,"001-Ingresos corrientes"]
[null,"Arquitectura","789-00","20306","225","000060","40173608","92085581","REDUCCIONDEPLASTICOPVC,DIAMETRODE25,4mm(1Pulg)A12,7mm(1/2Pulg),TIPOLISA, CEDULA SCH 40, USO POTABLELosaccesoriosapresiónserieSCH40deberáncumplir con la norma ASTM D2466.Presentaciòn en unidades","Unidad ",10,500,5000,"001-Ingresos corrientes"]
[null,"Arquitectura","789-00","20306","225","000060","40173608","92093811","REDUCCIONPVC,76,2mm(3pulg.)DIAMETROA38,1mm(11/2pulg.),TIPOLISA,PAREDGRUESA, USO SANITARIOPresentaciòn en unidades","Unidad ",10,3100,31000,"001-Ingresos corrientes"]
[null,"Arquitectura","789-00","20306","225","000060","40173608","92093864","REDUCCION PVC, 38,1mm (1 1/2 PULGADA) DIAMETRO A 31,7mm (1 1/4 PULGADA), TIPO LISA, PARED GRUESA, USO SANITARIO","Unidad ",10,1029,10290,"001-Ingresos corrientes"]
[null,"Arquitectura","789-00","20306","225","000060","40173608","92093866","REDUCCION PVC, 152,4mm (6 PULGADA) DIAMETRO A 76,2mm (3 PULGADA), TIPO LISA, PARED GRUESA, USO SANITARIO","Unidad ",10,20310,203100,"001-Ingresos corrientes"]
[null,"Arquitectura","789-00","20306","225","000060","40173608","92093899","REDUCCION PVC, 50,8mm (2 PULGADA) DIAMETRO A 12,7mm (1/2 PULGADA), TIPO LISA, SCH 40, USO POTABLE","Unidad ",15,1307,19605,"001-Ingresos corrientes"]
[null,"Arquitectura","789-00","20306","225","000060",40173608,92096055,"REDUCCION PLASTICA (PVC), LISA, DE 63,5 mm (2 1/2 Pulg) A 12,7 mm (1/2 Pulg) DE DIAMETRO, CEDULA SCH-40REDUCCION PVC, 63,5mm (2 1/2 PULGADA) DIAMETRO A 12,7mm (1/2 PULGADA), TIPO LISA, SCH 40, USO POTABLE","Unidad ",15,2196.06,32940.9,"001-Ingresos corrientes"]
[null,"Arquitectura","789-00","20306","225","000060",40173608,92147974,"REDUCCION PLASTICA PVC, DIAMETRO DE 76,2 mm (3 Pulg) A 63,5 mm (2 1/2 Pulg), TIPO LISA, CEDULA SCH 40, USO POTABLEREDUCCION PVC, 76,2mm (3 PULGADA) DIAMETRO A 63,5mm (2 1/2 PULGADA), TIPO LISA, SCH 40, USO POTABLE","Unidad ",10,4580.82,45808.2,"001-Ingresos corrientes"]
[null,"Arquitectura","789-00","20306","225","000060",40173608,92147976,"REDUCCION PLASTICA PVC, DIAMETRO DE 76,2 mm (3 Pulg) A 38,1 mm (1 1/2 Pulg), TIPO LISA, PARED GRUESA, USO SANITARIOREDUCCION PVC, 76,2mm (3 PULGADA) DIAMETRO A 38,1mm (1 1/2 PULGADA), TIPO LISA, PARED GRUESA, USO SANITARIO","Unidad ",10,2150.16,21501.599999999999,"001-Ingresos corrientes"]
[null,"Arquitectura","789-00","20306","225","000060",40173608,92147982,"REDUCCION PLASTICA PVC, DIAMETRO DE 63,5 mm (2 1/2 Pulg) A 19,05 mm (3/4 Pulg), TIPO LISA, CEDULA SCH 40, USO POTABLE REDUCCION PVC, 63,5mm (2 1/2 PULGADA) DIAMETRO A 19,05mm (3/4 PULGADA), TIPO LISA, SCH 40, USO POTABLE","Unidad ",10,2427.6,24276,"001-Ingresos corrientes"]
[null,"Arquitectura","789-00","20306","225","000060",40173608,92147986,"REDUCCION PLASTICA PVC, DIAMETRO DE 63,5 mm (2 1/2 Pulg) A 31,7 mm (1 1/4 Pulg), TIPO LISA, CEDULA SCH 40, USO POTABLEREDUCCION PVC, 63,5mm (2 1/2 PULGADA) DIAMETRO A 31,7mm (1 1/4 PULGADA), TIPO LISA, SCH 40, USO POTABLE","Unidad ",10,3943.32,39433.200000000004,"001-Ingresos corrientes"]
[null,"Arquitectura","789-00","20306","225","000060",40173608,"92147987","REDUCCION DE PLASTICO CPVC-CTS, DIAMETRO DE 19,05 mm (3/4 Pulg) A 12,7 mm (1/2 Pulg), TIPO LISA, CEDULA SDR 11, USO POTABLEREDUCCION PVC, TIPO CPVC-CTS, 19,05mm (3/4 PULGADA) DIAMETRO A 12,7mm (1/2 PULGADA), TIPO LISA, SDR 11, USO POTABLE","Unidad ",10,411.06,4110.6000000000004,"001-Ingresos corrientes"]
[null,"Arquitectura","789-00","20306","225","000060",40173608,92147990,"REDUCCION PLASTICA PVC, DIAMETRO DE 63,5 mm (2 1/2 Pulg) A 38,1 mm (1 1/2 Pulg), TIPO LISA, CEDULA SCH 40, USO POTABLEREDUCCION PVC, 63,5mm (2 1/2 PULGADA) DIAMETRO A 38,1mm (1 1/2 PULGADA), TIPO LISA, SCH 40, USO POTABLE","Unidad ",10,4074.9,40749,"001-Ingresos corrientes"]
[null,"Arquitectura","789-00","20306","225","000060",40173608,"92062569\n","REDUCCION PLASTICO (PVC) DE 63,5 mm A 25,4 mm DE DIAMETRO, CEDULA SCH-40 Marca Durman Modelo SCH40REDUCCION PVC, 63,5mm (2 1/2 PULGADA) DIAMETRO A 25,4mm (1  PULGADA), TIPO LISA, SCH 40, USO POTABLE","Unidad ",10,2633.64,26336.399999999998,"001-Ingresos corrientes"]
[null,"Arquitectura","789-00","20306","225","000060",40173608,"92093864\n-00000001","REDUCCION DE PLASTICO PVC, DIAMETRO DE 38,1 mm (1 1/2 Pulg) A 31,7 mm (1 1/4 Pulg), TIPO LISA, PARED GRUESA, USO SANITARIO Marca amanco Modelo 913080REDUCCION PVC, 38,1mm (1/2 PULGADA) DIAMETRO A 31,7mm (1 1/4 PULGADA), TIPO LISA, PARED GRUESA, USO SANITARIO","Unidad ",10,1255.6200000000001,12556.2,"001-Ingresos corrientes"]
[null,"Arquitectura","789-00","20306","225","000060",40174803,92039093,"BRIDA (FLANGER) DE PLASTICO PVC DE 101,60 mm (4 Pulg) DE DIAMETRO INTERNO, CONSTA DE 2 PIEZAS, DESARMABLE PARA INODOROFLANGER (BRIDA) PARA INODORO PVC, 101,6mm (4 PULGADAS) DIAMETRO, DESARMABLE, SCH 40, USO SANITARIO","Unidad",10,3413.94,34139.4,"001-Ingresos corrientes"]
[null,"Arquitectura","789-00","20306","325","000005","40175208","92021809","YEE PLASTICA (PVC) DE 50,8 mm DE DIAMETRO USO SANITARIOYEE PVC, 50,8mm (2 PULGADA) DIAMETRO, TIPO LISA (CEMENTADA), PARED DELGADA (SDR 32,5), USO SANITARIO","Unidad ",10,2387.8200000000002,23878.2,"001-Ingresos corrientes"]
[null,"Arquitectura","789-00","20306","325","000005","40175208","92021809","YEE PLASTICA (PVC) DE 50,8 mm DE DIAMETRO USO SANITARIOYEE PVC, 50,8mm (2 PULGADA) DIAMETRO, TIPO LISA (CEMENTADA), PARED GRUESA, USO SANITARIO","Unidad ",10,2836.62,28366.199999999997,"001-Ingresos corrientes"]
[null,"Arquitectura","789-00","20306","325","000005","40175208","92021818","YEE PVC, PARA TUBERIA CORRUGADA PERFORADA, DIAMETRO DE 115 mm, USO DRENAJE, COLOR NARANJAYEE PVC PARA TUBERIA CORRUGADA PERFORADA, USO DRENAJE, DE 115mm DIAMETRO, COLOR NARANJA","Unidad ",10,9028.02,90280.200000000012,"001-Ingresos corrientes"]
[null,"Arquitectura","789-00","20306","325","000005","40175208","92040127","YEE PLASTICA (PVC) DE 76,20 mm DE DIAMETRO USO SANITARIOYEE PVC, 76,2mm (3 PULGADA) DIAMETRO, TIPO LISA (CEMENTADA), PARED DELGADA (SDR 32,5), USO SANITARIO","Unidad ",10,4588.9800000000005,45889.8,"001-Ingresos corrientes"]
[null,"Arquitectura","789-00","20306","325","000005","40175208","92040127","YEE PLASTICA (PVC) DE 76,20 mm DE DIAMETRO USO SANITARIOYEE PVC, 76,2mm (3 PULGADA) DIAMETRO, TIPO LISA (CEMENTADA), PARED GRUESA, USO SANITARIO","Unidad ",10,8058,80580,"001-Ingresos corrientes"]
[null,"Arquitectura","789-00","20306","325","000005","40175208","92040128","YEE PVC DE 100MM DE DIAMETRO PARA USO SANITARIOYEE PVC, 101,6mm (4 PULGADA) DIAMETRO, TIPO LISA (CEMENTADA), PARED DELGADA (SDR 32,5), USO SANITARIO","Unidad ",10,7043.1,70431,"001-Ingresos corrientes"]
[null,"Arquitectura","789-00","20306","325","000005","40175208","92040128","YEE PLASTICA (PVC) DE 101,60 mm DE DIAMETRO USO SANITARIOYEE REDUCIDA PVC, 101,6mm (4 PULGADA) DIAMETRO REDUCIDA A 50,8mm (2 PULGADA), TIPO LISA (CEMENTADA), PARED GRUESA, USO SANITARIO","Unidad ",5,22667.46,113337.29999999999,"001-Ingresos corrientes"]
[null,"Arquitectura","789-00","20306","325","000005","40175208","92040128","YEE PLASTICA (PVC) DE 101,60 mm DE DIAMETRO USO SANITARIOYEE REDUCIDA PVC, 101,6mm (4 PULGADA) DIAMETRO REDUCIDA A 76,2mm (3 PULGADA), TIPO LISA (CEMENTADA), PARED GRUESA, USO SANITARIO","Unidad ",5,24305.58,121527.90000000001,"001-Ingresos corrientes"]
[null,"Arquitectura","789-00","20306","325","000005","40175208","92061950","YEE DE PLASTICO (PVC), DE 38,1 mm (1 1/2 Pulg) DE DIAMETRO, CEDULA SDR-32,5 PARA USO SANITARIOYEE PVC, 38,1mm (1 1/2 PULGADA) DIAMETRO, TIPO LISA (CEMENTADA), PARED DELGADA (SDR 32,5), USO SANITARIO","Unidad ",10,2269.5,22695,"001-Ingresos corrientes"]
[null,"Arquitectura","789-00","20306","325","000005","40175208","92085131","YEE PLASTICO (PVC), TIPO LISA, DIAMETRO DE 31,7 mm (1 1/4 Pulg), PARA USO SANITARIOYEE PVC, 31,7mm (1 1/4 PULGADA) DIAMETRO, TIPO LISA (CEMENTADA), PARED GRUESA, USO SANITARIO","Unidad ",10,2766.2400000000002,27662.400000000001,"001-Ingresos corrientes"]
[null,"Arquitectura","789-00","20306","325","000005","40175208","92085293","YEE DOBLE PLASTICA (PVC) LISA, DE 38,1 mm (1 1/2 Pulg) DE DIAMETRO, PARA USO SANITARIOYEE DOBLE PVC, 38,1mm (1 1/2 PULGADA) DIAMETRO, TIPO LISA (CEMENTADA), PARED GRUESA, USO SANITARIO","Unidad ",10,7327.68,73276.800000000003,"001-Ingresos corrientes"]
[null,"Arquitectura","789-00","20306","325","000005","40175208","92085294","YEE PLASTICO (PVC) LISA, DE 38,1 mm (1 1/2 Pulg) DE DIAMETRO, PARA USO SANITARIO.YEE PVC, 38,1mm (1 1/2 PULGADA) DIAMETRO, TIPO LISA (CEMENTADA), PARED GRUESA, USO SANITARIO","Unidad ",10,2808.06,28080.6,"001-Ingresos corrientes"]
[null,"Arquitectura","789-00","20306","325","000005","40175208","92085312","YEE DOBLE PLASTICA (PVC) LISA, DE 50,8 mm (2 Pulg) DE DIAMETRO, PARA USO SANITARIOYEE DOBLE PVC, 50,8mm (2 PULGADA) DIAMETRO, TIPO LISA (CEMENTADA), PARED GRUESA, USO SANITARIO","Unidad ",5,8185.5,40927.5,"001-Ingresos corrientes"]
[null,"Arquitectura","789-00","20306","325","000005",40175208,92085312,"YEE DOBLE PLASTICA (PVC) LISA, DE 76,2 mm (3 Pulg) DE DIAMETRO, PARA USO SANITARIO YEE DOBLE PVC, 76,2mm (3 PULGADA) DIAMETRO, TIPO LISA (CEMENTADA), PARED GRUESA, USO SANITARIO","Unidad ",5,24312.720000000001,121563.6,"001-Ingresos corrientes"]
[null,"Arquitectura","789-00","20306","325","000005","40175208","92091647"," YEE REDUCIDA PVC, DE 50,8 mm (4 Pulg) DE DIAMETRO, REDUCIDA A 38,1 mm (1 1/2 Pulg), TIPO LISA (CEMENTADA), PARED GRUESA, USO SANITARIOYEE REDUCIDA PVC, 50,8mm (4 PULGADA) DIAMETRO REDUCIDA A 38,1mm (1 1/2 PULGADA), TIPO LISA (CEMENTADA), PARED GRUESA, USO SANITARIO","Unidad ",10,5125.5,51255,"001-Ingresos corrientes"]
[null,"Arquitectura","789-00","20306","325","000005","40175208","92091649","YEE REDUCIDA PVC, DE 76,2 mm (3 Pulg) DE DIAMETRO, REDUCIDA A 38,1 mm (1 1/2 Pulg), TIPO LISA (CEMENTADA), PARED GRUESA, USO SANITARIOYEE REDUCIDA PVC, 76,2mm (3 PULGADA) DIAMETRO REDUCIDA A 38,1mm (1 1/2 PULGADA), TIPO LISA (CEMENTADA), PARED GRUESA, USO SANITARIO","Unidad ",10,8175.3,81753,"001-Ingresos corrientes"]
[null,"Arquitectura","789-00","20306","325","000005","40175208","92091650","YEE REDUCIDA PVC, DE 76,2 mm (3 Pulg) DE DIAMETRO, REDUCIDA A 50,8 mm (2 Pulg), TIPO LISA (CEMENTADA), PARED GRUESA, USO SANITARIOYEE REDUCIDA PVC, 76,2mm (3 PULGADA) DIAMETRO REDUCIDA A 50,8mm (2 PULGADA), TIPO LISA (CEMENTADA), PARED GRUESA, USO SANITARIO","Unidad ",10,8537.4,85374,"001-Ingresos corrientes"]
[null,"Arquitectura","789-00","20306","325","000005",40175208,92148133," YEE REDUCIDA PVC, DIAMETRO DE 203,2 mm (8 Pulg) A 152,4 mm (6 Pulg), TIPO LISA (CEMENTADA), PARED GRUESA, USO SANITARIOYEE REDUCIDA PVC, 203,2mm (8 PULGADA) DIAMETRO REDUCIDA A 152,4mm (6 PULGADA), TIPO LISA (CEMENTADA), PARED GRUESA, USO SANITARIO","Unidad ",5,101850.06,509250.3,"001-Ingresos corrientes"]
[null,"Arquitectura","789-00","20306","325","000005",40175208,92148136," YEE REDUCIDA PVC, DIAMETRO DE 203,2 mm (8 Pulg) A 101,6 mm (4 Pulg), TIPO LISA (CEMENTADA), PARED GRUESA, USO SANITARIOYEE REDUCIDA PVC, 203,2mm (8 PULGADA) DIAMETRO REDUCIDA A 101,6mm (4 PULGADA), TIPO LISA (CEMENTADA), PARED GRUESA, USO SANITARIO","Unidad ",10,84175.5,841755,"001-Ingresos corrientes"]
[null,"Arquitectura","789-00","20306","325","000020",40175208,92031189,"YEE PLASTICO (PVC) DE 152,40 mm CON REDUCCION A 101,60 mm DE DIAMETRO, CEDULA SDR-32,5YEE REDUCIDA PVC, 152,4mm (6 PULGADA) DIAMETRO REDUCIDA A 101,6mm (4 PULGADA), TIPO LISA (CEMENTADA), PARED GRUESA, USO SANITARIO","Unidad ",10,25620.36,256203.6,"001-Ingresos corrientes"]
[null,"Arquitectura","789-00","20306","325","000120","40175208","92085077","YEE PLASTICA (PVC) DE 101,60 mm DE DIAMETRO USO SANITARIOYEE PVC, 101,6mm (4 PULGADA) DIAMETRO, TIPO LISA (CEMENTADA), PARED GRUESA, USO SANITARIO","Unidad ",10,8934.18,89341.8,"001-Ingresos corrientes"]
[null,"Arquitectura","789-00","20306","325","000120",40175208,92085077,"YEE PLASTICO (PVC) LISA, DE 152,4 mm (6 Pulg) DE DIAMETRO, PARA USO SANITARIO, CEDULA SDR-32,5YEE PVC, 152,4mm (6 PULGADA) DIAMETRO, TIPO LISA (CEMENTADA), PARED DELGADA (SDR 32,5), USO SANITARIO","Unidad ",10,17974.439999999999,179744.4,"001-Ingresos corrientes"]
[null,"Arquitectura","789-00","20306","325","000120","40175208","92085304","YEE PLASTICO (PVC) LISA, DE 152,4 mm (6 Pulg) DE DIAMETRO, PARA USO SANITARIO.YEE PVC, 152,4mm (6 PULGADA) DIAMETRO, TIPO LISA (CEMENTADA), PARED GRUESA, USO SANITARIO","Unidad ",10,64601.700000000004,646017,"001-Ingresos corrientes"]
[null,"Arquitectura","789-00","20306","325","000240","40175208","92085079","YEE PLASTICO (PVC) LISA, DE 203,2 mm (8 Pulg) DE DIAMETRO, PARA USO SANITARIO Marca Amanco Modelo 916069","Unidad ",5,147838.03,739190.15,"001-Ingresos corrientes"]
[null,"Arquitectura","789-00","20306","900","000015","30151703","92079722","GAZADEPVCBLANCADE0,4cmDEESPESORX7,60cmDEDIAMETROX2,2cmDEALTOPARACANOAS PVC Presentaciòn en paquete de 4 unidades148unidades,en presentacionde37paquetesde4 unidades","Unidad ",10,460,4600,"001-Ingresos corrientes"]
[null,"Arquitectura","789-00","20306","900","000400",40173608,92031166,"REDUCCION PLASTICA (PVC) TIPO LISA DE 101,60 mm A 50,80 mm DE DIAMETRO, CEDULA SDR-32,5REDUCCION PVC, 101,6mm (4 PULGADA) DIAMETRO A 50,8mm (2 PULGADA), TIPO LISA, PARED DELGADA (SDR 32,5), USO SANITARIO","Unidad",10,3181.38,31813.800000000003,"001-Ingresos corrientes"]
[null,"Arquitectura","789-00","20306","900","000400","40174803","92039093","FLANGER (BRIDA) PARA INODORO PVC, 101,6mm (4 PULGADAS) DIAMETRO, DESARMABLE, SCH 40, USO SANITARIO","Unidad ",10,2795,27950,"001-Ingresos corrientes"]
[null,"Arquitectura","789-00","20306","900","000700","40142513","92072715","SIFON PVC, 38,1mm (1 1/2 PULGADAS) DIAMETRO, TIPO P (PE) , DESCARGA A PARED, SCH 40, COLOR BLANCO","Unidad ",10,3112,31120,"001-Ingresos corrientes"]
[null,"Arquitectura","789-00","20306","900","000700","40142515","92054585","SIFON PLASTICO (PVC), EN S, DE 50,8 mm (2 Pulg) DE DIAMETRO, SCH 40SIFON PVC, 50,8mm (2 PULGADAS) DIAMETRO, TIPO S (ESE) , DESCARGA A PISO, SCH 40, COLOR BLANCO","Unidad ",10,5995.56,59955.600000000006,"001-Ingresos corrientes"]
[null,"Arquitectura","789-00","20306","900","000700","40142515","92085580","SIFON DE PLASTICO DE PVC, TIPO S (ESE), DIAMETRO DE 38,1 mm (1 1/2 Pulg), DESCARGA A PISO, CEDULA SCH 40SIFON PVC, 38,1mm (1 1/2 PULGADAS) DIAMETRO, TIPO S (ESE) , DESCARGA A PISO, SCH 40, COLOR BLANCO","Unidad ",10,2562.2400000000002,25622.400000000001,"001-Ingresos corrientes"]
[null,"Arquitectura","789-00","20306","900","000700","40142515","92092321","SIFON PLASTICO (PVC), EN S, DE 50,8 mm (2 Pulg) DE DIAMETRO, SCH 40SIFON PVC, 50,8mm (2 PULGADAS) DIAMETRO, TIPO S (ESE) , DESCARGA A PISO, SCH 40, COLOR BLANCO","Unidad ",10,5995.56,59955.600000000006,"001-Ingresos corrientes"]
[null,"Arquitectura","789-00","20306","900","000700",40142515,92147960,"TRAMPA (SIFON) PLASTICO PVC, TIPO P (PE), DIAMETRO DE 76,2 mm (3 Pulg), PARED GRUESA, CAMPANA LISA (CEMENTADA)TRAMPA PVC, TIPO P(PE),  76,2mm (3 PULGADAS) DIAMETRO, PARED GRUESA, CAMPANA LISA (CEMENTADA)","Unidad ",10,11189.4,111894,"001-Ingresos corrientes"]
[null,"Arquitectura","789-00","20306","900","000700",40142515,92147963,"TRAMPA (SIFON) PLASTICO PVC, TIPO P (PE), DIAMETRO DE 101,6 mm (4 Pulg), PARED GRUESA, CAMPANA LISA (CEMENTADA)TRAMPA PVC, TIPO P(PE),  101,6mm (4 PULGADAS) DIAMETRO, PARED GRUESA, CAMPANA LISA (CEMENTADA)","Unidad ",68,30825.420000000002,2096128.56,"001-Ingresos corrientes"]
[null,"Arquitectura","789-00","20306","900","001100","39131711","92112233","ANGULO PLANO PLASTICO, RETARDANTE AL FUEGO, PARA CANALETA, DE 75mm DE ANCHO X 20 mm DE ALTO.","Unidad",100,1100,110000,"001-Ingresos corrientes"]
[null,"Arquitectura","789-00","20306","900","001100","39131711","92112234","ANGULO INTERNO PLASTICO, COLOR BLANCO, RETARDANTE AL FUEGO, PARA CANALETA, DE 75 mm DE ANCHO X 20 mm DE ALTO.","Unidad",100,1050,{"$f":"K1056*L1056","v":105000},"001-Ingresos corrientes"]
[null,"Arquitectura","789-00","20306","900","0001200","31161810","92005341","EXPANDER ( TACO) PLASTICO #10 PARA PAREDES DE CONCRETOEXPANDER ( TACO) PLASTICO #10 PARA PAREDES DE CONCRETO","Unidad",100,20.399999999999999,2039.9999999999998,"001-Ingresos corrientes"]
[null,"Arquitectura","789-00","20306","900","0001200","31161810","92009215","EXPANDER (TACO) PLASTICO TAMAÑO #7EXPANDER (TACO) PLASTICO TAMAÑO #7","Unidad",100,10.199999999999999,1019.9999999999999,"001-Ingresos corrientes"]
[null,"Arquitectura","789-00","20306","900","0001200","31161810","92009216","EXPANDER (TACO) PLATICO TAMAÑO #5EXPANDER (TACO) PLATICO TAMAÑO #5","Unidad",100,6.12,612,"001-Ingresos corrientes"]
[null,"Arquitectura","789-00","20306","900","007360","30151703","32919202","SOPORTE PLASTICO DE PVC, ESTILO INTERNO, MEDIDAS 80 mm ALTO X 150 mm ANCHO X 6 m LARGO, PARA CANOA ALTO CAUDALSOPORTE PLASTICO DE PVC INTERNO DE 80 mm DE ALTO X 150 mm DE ANCHO X 6 m DE LARGO PARA CANOA DE ALTO CAUDAL.","Unidad ",100,1235,123500,"001-Ingresos corrientes"]
[null,"Arquitectura","789-00","20399","050","000035","31191501","92009273","LIJA DE AGUA, MEDIDAS 228.6 ANCHO X 279.4 mm LARGO, GRANO # 80","unidad ",50,{"$f":"'[1]AUMENTO ANUAL'!B282","v":312.08100000000002},{"$f":"K1061*L1061","v":15604.050000000001},"001-Ingresos corrientes"]
[null,"Arquitectura","789-00","20399","900","001820","39121405","92006762","REMACHEDECOMPRESIÓNDEALUMINIO,DE4,76 mm X 12,70 mm","unidad",50,75,{"$f":"K1062*L1062","v":3750},"001-Ingresos corrientes"]
[null,"Arquitectura","789-00","20399","900","010420","30121702","92027433","GEOTEXTILDEPOLIPROPILENONOTEJIDO,ESPESORDE2MMNT2500SEGUNNORMAASTMD5199,RESISTENCIAALATRACCIÓNGRAB(VMPR)DE1,72kNSEGÚNNORMAASTMD4632,PRESENTACIÓNENROLLOSDE4METROSDEANCHO ( ± 0,50m) X 120 METROS DE LARGO.","Metro ",50,500,{"$f":"K1063*L1063","v":25000},"001-Ingresos corrientes"]
[null,"Arquitectura","789-00","20399","185","000145","40141607","92038510","LLAVEDEPASODEPLÁSTICO(PVC)DE25,40mm (1 Pulg)","unidad",50,1200,60000,"001-Ingresos corrientes"]
[null,"Arquitectura","789-00","20399","900","120201","27112311","90015389","TIZA PARA TRAZAR EN METAL","unidad",50,80,4000,"001-Ingresos corrientes"]
[null,"Arquitectura","789-00","20399","450","000100","31162801","92054749","AGARRADERA(MANILLA)DEACEROCROMADADE 127 mm DE LARGO PARA PUERTA","unidad",50,2600,130000,"001-Ingresos corrientes"]
[null,"Arquitectura","789-00","20399","185","000099","40141607","92056324","LLAVEDEPASOPLÁSTICA(PVC)DE76mmDEDIÁMETRO","unidad",50,6000,300000,"001-Ingresos corrientes"]
[null,"Arquitectura","789-00","20399","395","000505","30181504","92054913","LAVATORIO DE PORCELANA,COLOR BLANCO,ESTILO DE UNA LLAVE,ANCHO460mm,LARGO520mm,PARA INSTALAR CON MANGUERA DE ABASTO DE 12,70 mm (1/2 Pulg)\n1. Redondo en color blanco\n2. Confeccionado en porcelana vitrificada\n3. De colgar a la pared sin pedestal\n4. Medidas alto 18 centímetros, largo 43\ncentímetros, ancho 52 centímetros,\ndiámetro agujero del sifón 4,5 centímetros.\nTodas las medidas con variación de +-1\ncentímetro.\n5. El lavatorio deberá estar equipado con la\nllave de abastecimiento de agua potable,\nllave sencilla ","unidad ",400,20000,{"$f":"K1068*L1068","v":8000000},"001-Ingresos corrientes"]
[null,"Arquitectura","789-00","20399","395","000900","30181505","90017310","INODORO PORCELANA BLANCO ESTANDAR\n1- Redondo de dos piezas color blanco\n2- Confeccionado en porcelana vitrificada,\nparte interna del sifón completamente\nesmaltada para una superficie más lisa,\ntecnología wash (descarga del volumen total\nde agua con un desplazamiento rápido de los\nresiduos).\n3- Asiento redondo, altura de la taza 36,5\ncentímetros, largo de la taza\n66,5 centímetros, altura del tanque 30\ncentímetros, ancho de la taza 37\ncentímetros, ancho del tanque 31\ncentímetros, variación aceptable para todas\nlas medidas (+-1 centímetro).\n4- Peso del tanque 10 kilogramos (+-1\nkilogramo), peso de la taza 22 kilogramos\n(+-1 kilogramo)\n5- Espesor 11 milímetros (+-1 milímetro)\n6- Medida del sifón hacia la pared 30,5\ncentímetros (+-0,5 centímetros) \n7- Dos piezas (taza y tanque con sus\nrespectivos accesorios)","unidad ",100,30000,{"$f":"K1069*L1069","v":3000000},"001-Ingresos corrientes"]
[null,"Arquitectura","789-00","20399","900","101201","30181515","92046345","KIT(JUEGO)ACCESORIOSPARASISTEMADEDESCARGADEINODORO,COMPUESTOPOR:TUBODESAGUE,BOYA,VÁLVULA,PERA,MANILLA,EMPAQUETADURASYPIEZASDESUJECIÓN.MATERIALPLÁSTICO,TAMAÑOREGULAR,CÓDIGO ESTÁNDAR","unidad",15,4000,{"$f":"K1070*L1070","v":60000},"001-Ingresos corrientes"]
[null,"Arquitectura","789-00","20399","900","003500","30161602","92029762","LÁMINADEFIBRAMINERALPARACIELOSUSPENDIDODE0,61mDEANCHOX0,61mDELARGOX15,8mmDEESPESOR,CLASEA,COLORBLANCA","unidad",10,1875,{"$f":"K1071*L1071","v":18750},"001-Ingresos corrientes"]
[null,"Arquitectura","789-00","20399","050","000060","31191501","92022104","LIJA N°120 DE AGUA DE 22.5 cm DE ANCHO X 27.5 cm DE LARGO","Unidad",50,{"$f":"'[1]AUMENTO ANUAL'!B284","v":239.16900000000001},11958.45,"001-Ingresos corrientes"]
[null,"Arquitectura","789-00","20399","050","000120",31191501,90029813,"LIJA PARA AGUA Nº220, DE 22.5cm ANCHO X 27.5cm LONGITUD, EN PAPEL TIPO C LIJA PARA AGUA Nº220, DE 22.5cm ANCHO X 27.5cm LONGITUD.3M","Unidad",500,{"$f":"'[1]AUMENTO ANUAL'!B285","v":199.79400000000001},99897,"001-Ingresos corrientes"]
[null,"Arquitectura","789-00","20399","050","000140","31191501",90029818,"Lija de agua N°320, en pliegos de 22.5cm de ancho X 27.5cm de largo (9\"x 11\").","Unidad",400,{"$f":"'[1]AUMENTO ANUAL'!B286","v":199.79400000000001},79917.600000000006,"001-Ingresos corrientes"]
[null,"Arquitectura","789-00","20399","050","000260","31191501","92110850","LIJA PARA MADERA EN PLIEGOS DE PAPEL NUMERO 40","Unidad",600,{"$f":"'[1]AUMENTO ANUAL'!B287","v":317.91899999999998},190751.4,"001-Ingresos corrientes"]
[null,"Arquitectura","789-00","20399","050","000280","31191501","92110851","LIJA PARA MADERA EN PLIEGOS DE PAPEL NUMERO 50","Unidad",300,{"$f":"'[1]AUMENTO ANUAL'!B288","v":269.78700000000003},80936.100000000006,"001-Ingresos corrientes"]
[null,"Arquitectura","789-00","20399","050","000300","31191501","90003211","LIJA PARA MADERA # 60","Unidad",200,{"$f":"'[1]AUMENTO ANUAL'!B289","v":142.91550000000001},28583.100000000002,"001-Ingresos corrientes"]
[null,"Arquitectura","789-00","20399","050","000320","31191501","90029828","LIJA PARA MADERA NUMERO 80, DE 21cm ANCHO X 28cm LARGO","Unidad",150,{"$f":"'[1]AUMENTO ANUAL'!B290","v":142.91550000000001},21437.325000000001,"001-Ingresos corrientes"]
[null,"Arquitectura","789-00","20399","050","000340","31191501","92007028","LIJA DE PAPEL (PLIEGO) GRANO # 100 PARA MADERA","Unidad",145,{"$f":"'[1]AUMENTO ANUAL'!B291","v":144.375},20934.375,"001-Ingresos corrientes"]
[null,"Arquitectura","789-00","20399","050","000400","31191501","90029807","LIJA N°100 PARA AGUA DE 22.5CM DE ANCHO X 27.5CM DE LARGO","Unidad",200,{"$f":"'[1]AUMENTO ANUAL'!B283","v":266.87849999999997},53375.7,"001-Ingresos corrientes"]
[null,"Arquitectura","789-00","20399","130","180601","31162207","90019272","REMACHEDECOMPRESIÓNDEALUMINIO,DE4,76 mm X 12,70 mm","Paquete",200,30,6000,"001-Ingresos corrientes"]
[null,"Arquitectura","789-00","20399","145","000001","39121434","90032870","CONDULETA\nConduleta tipo LB de 19.05mm de diámetro. Fabricada con aleación de aluminio con elevada resistencia mecánica y a la corrosión. Acabado en pintura acrílica de aluminio, suministradas con tapa, empaques y tornillos. (CONDULETA EMT LB, (3/4\") (UL,  CON TAPA Y CUERPO FABRICADO EN ALUMINIO LIBRE DE COBRE, RESISTENTE A LA CORROSIÓN, RECUBRIMIENTO CON PINTURA ELECTROSTATICO, CUBIERTA DE ALUMINIO CON TORNILLOS DE ACERO INOXIDABLE CON EMPAQUE DE NEOPROPENO). 2 Salidas","Unidad",15,771.83,11577.45,"001-Ingresos corrientes"]
[null,"Arquitectura","789-00","20399","145","000001","39121434","90032879","CONDULETA\nCONDULETA EMT LL DE 1.27cm DE DIAMETRO (CONDULETA EMT LL, (1/2\") (UL,  CON TAPA Y CUERPO FABRICADO EN ALUMINIO LIBRE DE COBRE, RESISTENTE A LA CORROSIÓN, RECUBRIMIENTO CON PINTURA ELECTROSTATICO, CUBIERTA DE ALUMINIO CON TORNILLOS DE ACERO INOXIDABLE CON EMPAQUE DE NEOPROPENO). 2 Salidas","Unidad",10,18452.07,184520.7,"001-Ingresos corrientes"]
[null,"Arquitectura","789-00","20399","145","000001","39121434","90032881","CONDULETA\nCONDULETA EMT LR DE 1.27cm DE DIAMETRO (CONDULETA EMT LR, (1/2\") (UL,  CON TAPA Y CUERPO FABRICADO EN ALUMINIO LIBRE DE COBRE, RESISTENTE A LA CORROSIÓN, RECUBRIMIENTO CON PINTURA ELECTROSTATICO, CUBIERTA DE ALUMINIO CON TORNILLOS DE ACERO INOXIDABLE CON EMPAQUE DE NEOPROPENO). 2 Salidas","Unidad",10,19755.310000000001,197553.1,"001-Ingresos corrientes"]
[null,"Arquitectura","789-00","20399","145","000001","39121434","90032885","CONDULETA\nCONDULETA EMT LR DE 1.905cm DIAMETRO (CONDULETA EMT LR, (3/4\") (UL,  CON TAPA Y CUERPO FABRICADO EN ALUMINIO LIBRE DE COBRE, RESISTENTE A LA CORROSIÓN, RECUBRIMIENTO CON PINTURA ELECTROSTATICO, CUBIERTA DE ALUMINIO CON TORNILLOS DE ACERO INOXIDABLE CON EMPAQUE DE NEOPROPENO). 2 Salidas","Unidad",15,766.67,11500.05,"001-Ingresos corrientes"]
[null,"Arquitectura","789-00","20399","145","000001","39121434","90032886"," CONDULETA \nConduleta tipo EMT de 2.54cm de diámetro, LL. Fabricada con aleación de aluminio con elevada resistencia mecánica y a la corrosión. Acabado en pintura acrílica de aluminio, suministradas con tapa, empaques y tornillos. (CONDULETA EMT LL, (1\") (UL,  CON TAPA Y CUERPO FABRICADO EN ALUMINIO LIBRE DE COBRE, RESISTENTE A LA CORROSIÓN, RECUBRIMIENTO CON PINTURA ELECTROSTATICO, CUBIERTA DE ALUMINIO CON TORNILLOS DE ACERO INOXIDABLE CON EMPAQUE DE NEOPROPENO). 2 Salidas","Unidad",10,1064.5,10645,"001-Ingresos corrientes"]
[null,"Arquitectura","789-00","20399","145","000001","39121434","90032887","CONDULETA\nCONDULETA EMT TIPO T DE 2.54cm DIAMETRO (CONDULETA EMT T,  (1\")  (UL,  CON TAPA Y CUERPO FABRICADO EN ALUMINIO LIBRE DE COBRE, RESISTENTE A LA CORROSIÓN, RECUBRIMIENTO CON PINTURA ELECTROSTATICO, CUBIERTA DE ALUMINIO CON TORNILLOS DE ACERO INOXIDABLE CON EMPAQUE DE NEOPROPENO). 3 Salidas","Unidad",10,14582.76,145827.6,"001-Ingresos corrientes"]
[null,"Arquitectura","789-00","20399","145","000001","39121434","90032888","CONDULETA\nConduleta tipo EMT de 2.54cm de diámetro, LR. Fabricada con aleación de aluminio con elevada resistencia mecánica y a la corrosión. Acabado en pintura acrílica de aluminio, suministradas con tapa, empaques y tornillos. (CONDULETA EMT LR, (1\") (UL,  CON TAPA Y CUERPO FABRICADO EN ALUMINIO LIBRE DE COBRE, RESISTENTE A LA CORROSIÓN, RECUBRIMIENTO CON PINTURA ELECTROSTATICO, CUBIERTA DE ALUMINIO CON TORNILLOS DE ACERO INOXIDABLE CON EMPAQUE DE NEOPROPENO). 2 Salidas","Unidad",10,1064.5,10645,"001-Ingresos corrientes"]
[null,"Arquitectura","789-00","20399","145","000001","39121434","92009874","CONDULETA\nCONDULETA ELECTRICA DE ALUMINIO DE ALTA RESISTENCIA TIPO LB DIAMETRO DE 31,75 mm PROVISTA DE TAPA, EMPAQUE Y TORNILLOS, ACABADO EN PINTURA COLOR ALUMINIO,. (CONDULETA EMT LB, ( 1 1/4\")  (UL,  CON TAPA Y CUERPO FABRICADO EN ALUMINIO LIBRE DE COBRE, RESISTENTE A LA CORROSIÓN, RECUBRIMIENTO CON PINTURA ELECTROSTATICO, CUBIERTA DE ALUMINIO CON TORNILLOS DE ACERO INOXIDABLE CON EMPAQUE DE NEOPROPENO). 2 Salidas","Unidad",10,1483.86,14838.599999999999,"001-Ingresos corrientes"]
[null,"Arquitectura","789-00","20399","145","000001","39121434","  92009875","CONDULETA\nCONDULETA ELECTRICA DE ALUMINIO DE ALTA RESISTENCIA TIPO LR DIAMETRO DE 31,75 mm PROVISTA DE TAPA, EMPAQUE Y TORNILLOS, ACABADO EN PINTURA COLOR ALUMINIO, (CONDULETA EMT LR, (1 1/4\") (UL,  CON TAPA Y CUERPO FABRICADO EN ALUMINIO LIBRE DE COBRE, RESISTENTE A LA CORROSIÓN, RECUBRIMIENTO CON PINTURA ELECTROSTATICO, CUBIERTA DE ALUMINIO CON TORNILLOS DE ACERO INOXIDABLE CON EMPAQUE DE NEOPROPENO). 2 Salidas","Unidad",10,1626.9,16269,"001-Ingresos corrientes"]
[null,"Arquitectura","789-00","20399","145","000001","39121434","92009876","CONDULETA \nCONDULETA ELECTRICA DE ALUMINIO DE ALTA RESISTENCIA TIPO LL DIAMETRO DE 38,10 mm PROVISTA DE TAPA, EMPAQUE Y TORNILLOS, ACABADO EN PINTURA COLOR ALUMINIO, (CONDULETA EMT LL, (1 1/2\") (UL,  CON TAPA Y CUERPO FABRICADO EN ALUMINIO LIBRE DE COBRE, RESISTENTE A LA CORROSIÓN, RECUBRIMIENTO CON PINTURA ELECTROSTATICO, CUBIERTA DE ALUMINIO CON TORNILLOS DE ACERO INOXIDABLE CON EMPAQUE DE NEOPROPENO). 2 Salidas","Unidad",10,2808.65,28086.5,"001-Ingresos corrientes"]
[null,"Arquitectura","789-00","20399","145","000001","39121434","92009877","CONDULETA\nCONDULETA ELECTRICA DE ALUMINIO DE ALTA RESISTENCIA TIPO LB DIAMETRO DE 38,10 mm PROVISTA DE TAPA, EMPAQUE Y TORNILLOS, ACABADO EN PINTURA COLOR ALUMINIO. (CONDULETA EMT LB, ( 1 1/2\")  (UL,  CON TAPA Y CUERPO FABRICADO EN ALUMINIO LIBRE DE COBRE, RESISTENTE A LA CORROSIÓN, RECUBRIMIENTO CON PINTURA ELECTROSTATICO, CUBIERTA DE ALUMINIO CON TORNILLOS DE ACERO INOXIDABLE CON EMPAQUE DE NEOPROPENO). 2 Salidas","Unidad",10,2940.18,29401.8,"001-Ingresos corrientes"]
[null,"Arquitectura","789-00","20399","145","000001","39121434","92009878","CONDULETA\nCONDULETA ELECTRICA DE ALUMINIO DE ALTA RESISTENCIA TIPO LR DIAMETRO DE 38,10 mm PROVISTA DE TAPA, EMPAQUE Y TORNILLOS, ACABADO EN PINTURA COLOR ALUMINIO. (CONDULETA EMT LR, (1 1/2\")  (UL,  CON TAPA Y CUERPO FABRICADO EN ALUMINIO LIBRE DE COBRE, RESISTENTE A LA CORROSIÓN, RECUBRIMIENTO CON PINTURA ELECTROSTATICO, CUBIERTA DE ALUMINIO CON TORNILLOS DE ACERO INOXIDABLE CON EMPAQUE DE NEOPROPENO). 2 Salidas","Unidad",10,2813.84,28138.400000000001,"001-Ingresos corrientes"]
[null,"Arquitectura","789-00","20399","145","000001","39121434","92009879","CONDULETA\nCONDULETA ELECTRICA DE ALUMINIO DE ALTA RESISTENCIA TIPO LB DIAMETRO DE 25,40 mm PROVISTA DE TAPA, EMPAQUE Y TORNILLOS, ACABADO EN PINTURA COLOR ALUMINIO. (CONDULETA EMT LB, (1\")  (UL,  CON TAPA Y CUERPO FABRICADO EN ALUMINIO LIBRE DE COBRE, RESISTENTE A LA CORROSIÓN, RECUBRIMIENTO CON PINTURA ELECTROSTATICO, CUBIERTA DE ALUMINIO CON TORNILLOS DE ACERO INOXIDABLE CON EMPAQUE DE NEOPROPENO). 2 Salidas","Unidad",10,1049.24,10492.4,"001-Ingresos corrientes"]
[null,"Arquitectura","789-00","20399","145","000001","39121434","92009880"," CONDULETA \nCONDULETA ELECTRICA DE ALUMINIO DE ALTA RESISTENCIA TIPO LL DIAMETRO DE 31,75 mm PROVISTA DE TAPA, EMPAQUE Y TORNILLOS, ACABADO EN LINTURA COLOR ALUMINIO. (CONDULETA EMT LL, (1 1/4\") (UL,  CON TAPA Y CUERPO FABRICADO EN ALUMINIO LIBRE DE COBRE, RESISTENTE A LA CORROSIÓN, RECUBRIMIENTO CON PINTURA ELECTROSTATICO, CUBIERTA DE ALUMINIO CON TORNILLOS DE ACERO INOXIDABLE CON EMPAQUE DE NEOPROPENO). 2 Salidas","Unidad",10,2328.15,23281.5,"001-Ingresos corrientes"]
[null,"Arquitectura","789-00","20399","145","000001","39121434","92010738","CONDULETA\nCONDULETA ELECTRICA DE ALUMINIO DE ALTA RESISTENCIA TIPO LB DIAMETRO DE 50,80 mm ACABADO EN PINTURA COLOR ALUMINIO. (CONDULETA EMT LB, (2\")  (UL,  CON TAPA Y CUERPO FABRICADO EN ALUMINIO LIBRE DE COBRE, RESISTENTE A LA CORROSIÓN, RECUBRIMIENTO CON PINTURA ELECTROSTATICO, CUBIERTA DE ALUMINIO CON TORNILLOS DE ACERO INOXIDABLE CON EMPAQUE DE NEOPROPENO). 2 Salidas","Unidad",10,3100.83,31008.3,"001-Ingresos corrientes"]
[null,"Arquitectura","789-00","20399","145","000001","39121434","92010739","CONDULETA\nCONDULETA ELECTRICA DE ALUMINIO DE ALTA RESISTENCIA TIPO LR DIAMETRO DE 50,80 mm ACABADO EN PINTURA COLOR ALUMINIO. (CONDULETA EMT LR, (2\")  (UL,  CON TAPA Y CUERPO FABRICADO EN ALUMINIO LIBRE DE COBRE, RESISTENTE A LA CORROSIÓN, RECUBRIMIENTO CON PINTURA ELECTROSTATICO, CUBIERTA DE ALUMINIO CON TORNILLOS DE ACERO INOXIDABLE CON EMPAQUE DE NEOPROPENO). 2 Salidas","Unidad",10,3110.92,31109.200000000001,"001-Ingresos corrientes"]
[null,"Arquitectura","789-00","20399","145","000001","39121434","  92029169","CONDULETA\nCONDULETA METALICA  TIPO LB AMERICANO NOCK OUT DE 12,70 mm (1/2 Pulg), CON PROTECTOR DE SALIDA, TAPA, EMPAQUE Y TORNILLOS. (CONDULETA EMT LB, (1/2\")  (UL,  CON TAPA Y CUERPO FABRICADO EN ALUMINIO LIBRE DE COBRE, RESISTENTE A LA CORROSIÓN, RECUBRIMIENTO CON PINTURA ELECTROSTATICO, CUBIERTA DE ALUMINIO CON TORNILLOS DE ACERO INOXIDABLE CON EMPAQUE DE NEOPROPENO). 2 Salidas","Unidad",10,16234.04,162340.40000000002,"001-Ingresos corrientes"]
[null,"Arquitectura","789-00","20399","145","000001","39121434","92029268","CONDULETA\nCONDULETA ALEACION DE ALUMINIO TIPO C DIAMETRO 25,4 mm (1 Pulg), 2 ENTRADAS PERPENTICULARES PARA TUBO EMT. (CONDULETA EMT C, (1\")  (UL,  CON TAPA Y CUERPO FABRICADO EN ALUMINIO LIBRE DE COBRE, RESISTENTE A LA CORROSIÓN, RECUBRIMIENTO CON PINTURA ELECTROSTATICO, CUBIERTA DE ALUMINIO CON TORNILLOS DE ACERO INOXIDABLE CON EMPAQUE DE NEOPROPENO). 2 Salidas","Unidad",10,18943.240000000002,189432.40000000002,"001-Ingresos corrientes"]
[null,"Arquitectura","789-00","20399","145","000001","39121434","92029270","CONDULETA\nCONDULETA ALEACION DE ALUMINIO TIPO C DIAMETRO 50,8 mm (2 Pulg), 2 ENTRADAS PERPENTICULARES PARA TUBO EMT. (CONDULETA EMT C, (2\")  (UL,  CON TAPA Y CUERPO FABRICADO EN ALUMINIO LIBRE DE COBRE, RESISTENTE A LA CORROSIÓN, RECUBRIMIENTO CON PINTURA ELECTROSTATICO, CUBIERTA DE ALUMINIO CON TORNILLOS DE ACERO INOXIDABLE CON EMPAQUE DE NEOPROPENO). 2 Salidas","Unidad",10,3748.13,37481.300000000003,"001-Ingresos corrientes"]
[null,"Arquitectura","789-00","20399","145","000001","39121434","92029271","CONDULETA \nCONDULETA ALEACION DE ALUMINIO TIPO LL DIAMETRO 50,8 mm (2 Pulg), 2 ENTRADAS PERPENTICULARES PARA TUBO EMT.  (CONDULETA EMT LL, (2\") (UL,  CON TAPA Y CUERPO FABRICADO EN ALUMINIO LIBRE DE COBRE, RESISTENTE A LA CORROSIÓN, RECUBRIMIENTO CON PINTURA ELECTROSTATICO, CUBIERTA DE ALUMINIO CON TORNILLOS DE ACERO INOXIDABLE CON EMPAQUE DE NEOPROPENO). 2 Salidas","Unidad",25,3748.25,93706.25,"001-Ingresos corrientes"]
[null,"Arquitectura","789-00","20399","145","000001","39121434","92039678","CONDULETA\nCONDULETA METALICA TIPO LL AMERICANO NOCK OUT DE 19,05 mm (3/4 Pulg), CON PROTECTOR DE SALIDA, TAPA, EMPAQUE Y TORNILLOS (CONDULETA EMT LL, (3/4\") (UL,  CON TAPA Y CUERPO FABRICADO EN ALUMINIO LIBRE DE COBRE, RESISTENTE A LA CORROSIÓN, RECUBRIMIENTO CON PINTURA ELECTROSTATICO, CUBIERTA DE ALUMINIO CON TORNILLOS DE ACERO INOXIDABLE CON EMPAQUE DE NEOPROPENO). 2 Salidas","Unidad",25,821.89,20547.25,"001-Ingresos corrientes"]
[null,"Arquitectura","789-00","20399","145","000001","39121434","92077619","CONDULETA\nCONDULETA ALEACION DE ALUMINIO TIPO C DIAMETRO 31,75 mm (1 1/4 Pulg), 2 ENTRADAS PERPENTICULARES PARA TUBO EMT. (CONDULETA EMT C, (1 1/4\")  (UL,  CON TAPA Y CUERPO FABRICADO EN ALUMINIO LIBRE DE COBRE, RESISTENTE A LA CORROSIÓN, RECUBRIMIENTO CON PINTURA ELECTROSTATICO, CUBIERTA DE ALUMINIO CON TORNILLOS DE ACERO INOXIDABLE CON EMPAQUE DE NEOPROPENO). 2 Salidas","Unidad",25,1512.96,37824,"001-Ingresos corrientes"]
[null,"Arquitectura","789-00","20399","145","000001","39121434","92100616","CONDULETA\nCONDULETA ELECTRICA METALICA TIPO LL DE 63,5 mm (2 1/2 Pulg) DE DIAMETRO. (CONDULETA EMT LL, (2 1/2\") (UL,  CON TAPA Y CUERPO FABRICADO EN ALUMINIO LIBRE DE COBRE, RESISTENTE A LA CORROSIÓN, RECUBRIMIENTO CON PINTURA ELECTROSTATICO, CUBIERTA DE ALUMINIO CON TORNILLOS DE ACERO INOXIDABLE CON EMPAQUE DE NEOPROPENO). 2 Salidas","Unidad",25,5128.3599999999997,128208.99999999999,"001-Ingresos corrientes"]
[null,"Arquitectura","789-00","20399","145","000001",39121434,92109930,"CONDULETA EMT T, DIAMETRO 76,2 mm (3 pulg), (UL), CON TAPA Y CUERPO FABRICADO EN ALUMINIO LIBRE DE COBRE, RESISTENTE A LA CORROSIÓN, RECUBRIMIENTO CON PINTURA ELECTROSTATICO, CUBIERTA DE ALUMINIO CON TORNILLOS DE ACERO INOXIDABLE, CON EMPAQUE DE NEOPROPENO","Unidad",25,16149.31,403732.75,"001-Ingresos corrientes"]
[null,"Arquitectura","789-00","20399","145","000001",39121434,92109931,"CONDULETA EMT T, DIAMETRO 63,5 mm (2 1/2 pulg), (UL), CON TAPA Y CUERPO FABRICADO EN ALUMINIO LIBRE DE COBRE, RESISTENTE A LA CORROSIÓN, RECUBRIMIENTO CON PINTURA ELECTROSTATICO, CUBIERTA DE ALUMINIO CON TORNILLOS DE ACERO INOXIDABLE, CON EMPAQUE DE NEOPROPENO","Unidad",25,5199.3599999999997,129983.99999999999,"001-Ingresos corrientes"]
[null,"Arquitectura","789-00","20399","145","000001",39121434,92109932,"CONDULETA EMT T, DIAMETRO 50,8 mm (2 pulg), (UL), CON TAPA Y CUERPO FABRICADO EN ALUMINIO LIBRE DE COBRE, RESISTENTE A LA CORROSIÓN, RECUBRIMIENTO CON PINTURA ELECTROSTATICO, CUBIERTA DE ALUMINIO CON TORNILLOS DE ACERO INOXIDABLE, CON EMPAQUE DE NEOPROPENO","Unidad",25,3924.03,98100.75,"001-Ingresos corrientes"]
[null,"Arquitectura","789-00","20399","145","000001",39121434,92109933,"CONDULETA EMT T, DIAMETRO 38,1 mm (1 1/2 pulg), (UL), CON TAPA Y CUERPO FABRICADO EN ALUMINIO LIBRE DE COBRE, RESISTENTE A LA CORROSIÓN, RECUBRIMIENTO CON PINTURA ELECTROSTATICO, CUBIERTA DE ALUMINIO CON TORNILLOS DE ACERO INOXIDABLE, CON EMPAQUE DE NEOPROPENO","Unidad",25,2991.83,74795.75,"001-Ingresos corrientes"]
[null,"Arquitectura","789-00","20399","145","000001",39121434,92109934,"CONDULETA EMT T, DIAMETRO 31,75 mm (1 1/4 pulg), (UL), CON TAPA Y CUERPO FABRICADO EN ALUMINIO LIBRE DE COBRE, RESISTENTE A LA CORROSIÓN, RECUBRIMIENTO CON PINTURA ELECTROSTATICO, CUBIERTA DE ALUMINIO CON TORNILLOS DE ACERO INOXIDABLE, CON EMPAQUE DE NEOPROPENO","Unidad",25,2173.88,54347,"001-Ingresos corrientes"]
[null,"Arquitectura","789-00","20399","145","000001",39121434,92109935,"CONDULETA EMT C, DIAMETRO 76,2 mm (3 pulg), (UL), CON TAPA Y CUERPO FABRICADO EN ALUMINIO LIBRE DE COBRE, RESISTENTE A LA CORROSIÓN, RECUBRIMIENTO CON PINTURA ELECTROSTATICO, CUBIERTA DE ALUMINIO CON TORNILLOS DE ACERO INOXIDABLE, CON EMPAQUE DE NEOPROPENO","Unidad",25,13568.04,339201,"001-Ingresos corrientes"]
[null,"Arquitectura","789-00","20399","145","000001",39121434,92109936,"CONDULETA EMT C, DIAMETRO 63,5 mm (2 1/2 pulg), (UL), CON TAPA Y CUERPO FABRICADO EN ALUMINIO LIBRE DE COBRE, RESISTENTE A LA CORROSIÓN, RECUBRIMIENTO CON PINTURA ELECTROSTATICO, CUBIERTA DE ALUMINIO CON TORNILLOS DE ACERO INOXIDABLE, CON EMPAQUE DE NEOPROPENO","Unidad",50,4410.3500000000004,220517.50000000003,"001-Ingresos corrientes"]
[null,"Arquitectura","789-00","20399","145","000001",39121434,92109937,"CONDULETA EMT C, DIAMETRO 38,1 mm (1 1/2 pulg), (UL), CON TAPA Y CUERPO FABRICADO EN ALUMINIO LIBRE DE COBRE, RESISTENTE A LA CORROSIÓN, RECUBRIMIENTO CON PINTURA ELECTROSTATICO, CUBIERTA DE ALUMINIO CON TORNILLOS DE ACERO INOXIDABLE, CON EMPAQUE DE NEOPROPENO","Unidad",50,2749.55,137477.5,"001-Ingresos corrientes"]
[null,"Arquitectura","789-00","20399","145","000001",39121434,92109938,"CONDULETA EMT LB, DIAMETRO 63,5 mm (2 1/2 pulg), (UL), CON TAPA Y CUERPO FABRICADO EN ALUMINIO LIBRE DE COBRE, RESISTENTE A LA CORROSIÓN, RECUBRIMIENTO CON PINTURA ELECTROSTATICO, CUBIERTA DE ALUMINIO CON TORNILLOS DE ACERO INOXIDABLE, CON EMPAQUE DE NEOPROPENO","Unidad",50,5337.13,266856.5,"001-Ingresos corrientes"]
[null,"Arquitectura","789-00","20399","145","000001",39121434,92109939,"CONDULETA EMT LB, DIAMETRO 76,2 mm (3 pulg), (UL), CON TAPA Y CUERPO FABRICADO EN ALUMINIO LIBRE DE COBRE, RESISTENTE A LA CORROSIÓN, RECUBRIMIENTO CON PINTURA ELECTROSTATICO, CUBIERTA DE ALUMINIO CON TORNILLOS DE ACERO INOXIDABLE, CON EMPAQUE DE NEOPROPENO","Unidad",25,12084.48,302112,"001-Ingresos corrientes"]
[null,"Arquitectura","789-00","20399","145","000001",39121434,92109940,"CONDULETA EMT LR, DIAMETRO 76,2 mm (3 pulg), (UL) CON TAPA Y CUERPO FABRICADO EN ALUMINIO LIBRE DE COBRE, RESISTENTE A LA CORROSIÓN, RECUBRIMIENTO CON PINTURA ELECTROSTATICO, CUBIERTA DE ALUMINIO CON TORNILLOS DE ACERO INOXIDABLE, CON EMPAQUE DE NEOPROPENO","Unidad",25,17622.43,440560.75,"001-Ingresos corrientes"]
[null,"Arquitectura","789-00","20399","145","000001",39121434,92109942,"CONDULETA EMT LL, DIAMETRO DE 76,2 mm (3 pulg), (UL), CON TAPA Y CUERPO FABRICADO EN ALUMINIO LIBRE DE COBRE, RESISTENTE A LA CORROSIÓN, RECUBRIMIENTO CON PINTURA ELECTROSTATICO, CUBIERTA DE ALUMINIO CON TORNILLOS DE ACERO INOXIDABLE, CON EMPAQUE DE NEOPROPENO","Unidad",25,11053.75,276343.75,"001-Ingresos corrientes"]
[null,"Arquitectura","789-00","20399","145","000001",39121434,92109943,"CONDULETA EMT LR, DIAMETRO 63,5 mm (2 1/2 pulg), (UL) CON TAPA Y CUERPO FABRICADO EN ALUMINIO LIBRE DE COBRE, RESISTENTE A LA CORROSIÓN, RECUBRIMIENTO CON PINTURA ELECTROSTATICO, CUBIERTA DE ALUMINIO CON TORNILLOS DE ACERO INOXIDABLE, CON EMPAQUE DE NEOPROPENO","Unidad",50,5205.67,260283.5,"001-Ingresos corrientes"]
[null,"Arquitectura","789-00","20399","145","000001",39121434,92109944,"CONDULETA EMT BOTAGUAS, DIAMETRO DE 76,2 mm (3 pulg), (UL) CUERPO FABRICADO EN ALUMINIO LIBRE DE COBRE, RESISTENTE A LA CORROSIÓN, CUBIERTA DE ALUMINIO CON TORNILLOS DE ACERO INOXIDABLE","Unidad",25,9563.59,239089.75,"001-Ingresos corrientes"]
[null,"Arquitectura","789-00","20399","145","000001",39121434,92109946,"CONDULETA EMT BOTAGUAS, DIAMETRO DE 63,5 mm (2 1/2 pulg), (UL) CUERPO FABRICADO EN ALUMINIO LIBRE DE COBRE, RESISTENTE A LA CORROSIÓN, CUBIERTA DE ALUMINIO CON TORNILLOS DE ACERO INOXIDABLE","Unidad",25,10156.33,253908.25,"001-Ingresos corrientes"]
[null,"Arquitectura","789-00","20399","145","000001",39121434,92109947,"CONDULETA EMT BOTAGUAS, DIAMETRO DE 50,8 mm (2 pulg), (UL) CUERPO FABRICADO EN ALUMINIO LIBRE DE COBRE, RESISTENTE A LA CORROSIÓN, CUBIERTA DE ALUMINIO CON TORNILLOS DE ACERO INOXIDABLE","Unidad",50,2880.63,144031.5,"001-Ingresos corrientes"]
[null,"Arquitectura","789-00","20399","145","000001",39121434,92109948,"CONDULETA EMT BOTAGUAS, DIAMETRO DE 31,75 mm (1 1/4 pulg), (UL) CUERPO FABRICADO EN ALUMINIO LIBRE DE COBRE, RESISTENTE A LA CORROSIÓN, CUBIERTA DE ALUMINIO CON TORNILLOS DE ACERO INOXIDABLE","Unidad",50,1164.78,58239,"001-Ingresos corrientes"]
[null,"Arquitectura","789-00","20399","185","000040","30181519","90006965","GRIFO (LLAVE) DE CHORRO DE BRONCE DE 12,70 mm","Unidad",50,{"$f":"'[1]AUMENTO ANUAL'!B292","v":2100},105000,"001-Ingresos corrientes"]
[null,"Arquitectura","789-00","20399","185","000040","30181519","92069816","GRIFO (LLAVE) DE ACERO CROMADO CONEXIÓN DE 12,7 mm PARA LAVATORIO","Unidad",50,2000,100000,"001-Ingresos corrientes"]
[null,"Arquitectura","789-00","20399","185","000099","40141607","92110942","LLAVE DE PASO EN ESCUADRA, CON CUERPO DE METAL, DE 12,7 mm  A 12,7 mm (1/2 Pulg A 1/2 Pulg)","Unidad",50,{"$f":"'[1]AUMENTO ANUAL'!B294","v":2110.5},105525,"001-Ingresos corrientes"]
[null,"Arquitectura","789-00","20399","185","000099","40141607","92110943","LLAVE DE PASO RECTA, CON CUERPO DE BRONCE, DE 12,7 mm  A  9,52 mm (1/2 Pulg A 3/8 Pulg)","Unidad",50,{"$f":"'[1]AUMENTO ANUAL'!B295","v":2315.25},115762.5,"001-Ingresos corrientes"]
[null,"Arquitectura","789-00","20399","185","000040","40141607","92018182","LLAVEDECHORROCONROSCA,PLÁSTICA(PVC)DE 1.27 cm (1/2 Pulg).","unidad",50,350,17500,"001-Ingresos corrientes"]
[null,"Arquitectura","789-00","20399","185","000099","40141607","92038535","LLAVEDEPASOPLÁSTICA(PVC),DIÁMETRODE19,05 mm (3/4 Pulg)","unidad",50,600,30000,"001-Ingresos corrientes"]
[null,"Arquitectura","789-00","20399","395","000540","30181506","92023670","ORINALDECERÁMICALIBREDEAGUA,SELLOMECÁNICOQUEEVITELASALIDADEMALOSOLORES,CONEXIÓNADESCARGA1,5PULGADAS,DE COLOR BLANCOMedidas:338mmdeanchox534mmdealtox332mmdefondo,profundidaddepozo114mm.Toleranciaen todas las medidas de + - 15 mm.","unidad",10,140000,1400000,"001-Ingresos corrientes"]
[null,"Arquitectura","789-00","20399","010","000001","30181698","92065693","FREGADEROACEROINOXIDABLE1,5METROSDELARGO,2TANQUES,ANCHODE50CENTÍMETROSCONUNRANGODEVARIACIÓNACEPTABLEDE+/-2CM,PROFUNDIDADDELTANQUE:15CENTÍMETROSCONUNRANGODEVARIACIÓNDE-0,5CENTÍMETROS/+3CENTÍMETROS.","unidad",9,25000,225000,"001-Ingresos corrientes"]
[null,"Arquitectura","789-00","20399","185","000099","40141607","92036178","LLAVEDEPASOPLÁSTICO(PVC),DE12,7mm(1/2Pulg)DEDIÁMETRO,PARAAGUAPOTABLEDE ALTA PRESIÓN","Unidad",20,300,6000,"001-Ingresos corrientes"]
[null,"Arquitectura","789-00","20399","130","180601","31162207","92030551","REMACHEDEALUMINIODE4,76mmDEDIÁMETRO X 25,4O mm DE LARGO","unidad",1000,30,30000,"001-Ingresos corrientes"]
[null,"Arquitectura","789-00","20399","900","005105","30181698","92054919","FREGADERODEACEROINOXIDABLE,ESTILO1PILACON1BATEAALLADOIZQUIERDO,1SALIDADE38,1mm,PROFUNDIDADTANQUE14,5 cm, ANCHO 100 cm, LARGO 50 cm","unidad",17,19950,339150,"001-Ingresos corrientes"]
[null,"Arquitectura","789-00","20399","900","190701","31191602","92008974","DISCODIAMANTADOSEGMENTADODE3,18mm(espesor)X22,22mm(diámetrointerno)X228,60mm(diámetroexterno),ALTORENDIMIENTO,PARA CORTE DE CONCRETO USO EN SECO O CON AGUA","unidad",50,21000,1050000,"001-Ingresos corrientes"]
[null,"Arquitectura","789-00","20399","900","005110","30181504","92004153","PILETADELAVADODEMANOSDEACEROINOXIDABLECALIBRE18DE407MMDELARGOX420MM DE ANCHO X 180MM DE ALTO.PiletadelavadodemanosconstruidasenaceroinoxidablecalidadAISI300conacabadoopaco,calibre#18(1.2mm)dobladaytroqueladaenfrío,soldadasalarcoeléctricomedianteelprocesoTIG.Conrespaldotraseroparaevitarderramesde153mmdealto.Eltanquedebetenertodassusaristasredondeadas,de254mmdelargoX305mmdeanchoX127mmdefondo.Concuellodegansogiratorioa360°conmontajeenroscadoalrespaldo.Condesagüetipopascóndeaceroinoxidableyunaválvuladeaccionarpormediodelpiededosaguasconanclajealpiso.Peso:11.4kg.","unidad",10,50000,500000,"001-Ingresos corrientes"]
[null,"Arquitectura","789-00","20399","185","000080","30181701","90030305","LLAVEPARALAVATORIODEHIERROCROMADO,TIPOPLOMEROUNIVERSAL,CABEZAGIRATORIA,LARGO 27.94 cm","unidad",40,11000,440000,"001-Ingresos corrientes"]
[null,"Arquitectura","789-00","20399","310","000005","30181603",92012397,"ASIENTO REDONDO PARA INODORO, DE PLASTICO INYECTADO, COLOR BLANCO Marca INCESA Modelo REDONDO","Unidad",20,{"$f":"'[1]AUMENTO ANUAL'!B298","v":5241.6000000000004},104832,"001-Ingresos corrientes"]
[null,"Arquitectura","789-00","20399","900","004460","31181602","90030294","CINTAPARATAPARGOTERAS,DE10mDELARGOX10,16cmDEANCHO,ABASEDEASFALTO.PRESENTACIÓN:ROLLODE10METROS.UNIDADDECOTIZACIÓN:ROLLODE10METROS,PARAUNTOTALAENTREGARDE35ROLLOS DE 10 METROS CADA UNO.","Unidad",100,20000,2000000,"001-Ingresos corrientes"]
[null,"Arquitectura","789-00","20399","185","000080","30181701","92074130","LLAVEPARALAVATORIOTIPOBOTÓNDEBRONCEYNIQUELPULIDODE12MMDEDIÁMETRO","unidad",100,35000,3500000,"001-Ingresos corrientes"]
[null,"Arquitectura","789-00","20399","185","000099","40141607","92016686","LLAVEDEPASODE2\"(50mm)PVCPARAAGUAPOTABLE","unidad",50,3000,150000,"001-Ingresos corrientes"]
[null,"Arquitectura","789-00","20399","185","000099","40141607","92016356","LLAVEDEPASOOBOLA4\"(100mm)PVCP/AGUA POTABLE","unidad",50,14000,700000,"001-Ingresos corrientes"]
[null,"Arquitectura","789-00","20399","940","500180",30141503,92006789,"AISLANTE TERMICO DE 5 mm DE ESPESOR X 122 cm CON NUCLEO DE ESPUMADE POLIETILENO Y 2 CAPAS DE ALUMINIO COMO BARRERA AISLANTE","Unidad ",10,75000,{"$f":"K1141*L1141","v":750000},"001-Ingresos corrientes"]
[null,"Arquitectura","789-00","20399","175","000005","31201623","92169638","PEGAMENTO PVC PARA TUBERÍA, DE SECADO RÁPIDO, PRESENTACIÓN ENVASE DE 0.94 L (1/4 GALÓN)\nPASTA PARA SELLAR FUGAS DE AGUA","Unidad ",100,10000,1000000,"001-Ingresos corrientes"]
[null,"Arquitectura","789-00","20399","175","000005","31201635","92028906","ADHESIVO DE POLIURETANO (SELLADOR), COLOR NEGRO, ENVASE 300 mL  \nPASTA PARA SELLAR FUGAS DE AGUA","Unidad ",82,5000,410000,"001-Ingresos corrientes"]
[null,"Arquitectura","789-00","20401","901","420002","31152102","92004799","CUERDA PARA ALBANIL CALIBRE 27 # 1 BLANCO DE 200 mm EN ROLLO","Unidad",100,580,58000,"001-Ingresos corrientes"]
[null,"Arquitectura","789-00","20401","010","000001",23241634,92021091,"BROCA (JUEGO) PARA CONCRETO DE 4.76 mm A 12.7 mm (5 PZAS)","Unidad",50,{"$f":"'[1]AUMENTO ANUAL'!B344","v":12075},603750,"001-Ingresos corrientes"]
[null,"Arquitectura","789-00","20401","010","000130",27112845,92067314,"JUEGO DE BROCAS DE ACERO HSS DE 1,58 mm (1/16 Pulg) A 9,52 mm (3/8 Pulg), 13 PIEZAS, PARA METAL","Unidad",50,{"$f":"'[1]AUMENTO ANUAL'!B343","v":9135},456750,"001-Ingresos corrientes"]
[null,"Arquitectura","789-00","20401","015","000140",27111999,92048557,"CINCEL DE ACERO HEXAGONAL PUNTA PLANA DE 25,4 mm (1 Pulg) DE ANCHO X 203,2 mm (8 Pulg) DE LARGO ","Unidad",50,{"$f":"'[1]AUMENTO ANUAL'!B354","v":2415},120750,"001-Ingresos corrientes"]
[null,"Arquitectura","789-00","20401","020","000002",31191506,90019014,"  DISCO ABRASIVO DE 6 MM X 22,22 MM X 115 MM P/ESMERILAR ","Unidad",50,2300,115000,"001-Ingresos corrientes"]
[null,"Arquitectura","789-00","20401","020","000020","27112838","90006126","DISCOPARACORTARMETALESDE177,80X2,38X 22,22 mm (7 X 3/32 X 7/8 ) Grosor 2,38 mm","unidad",100,1300,130000,"001-Ingresos corrientes"]
[null,"Arquitectura","789-00","20401","045","000001","27112208","92086394","PIQUETADEACERO,CONMANGODEMADERA,PESO 0,46 kg (460 g), PARA ALBAÑILERIA","unidad",100,4915,491500,"001-Ingresos corrientes"]
[null,"Arquitectura","789-00","20401","020","000005","23131503\n","92110852","DISCO PARA CORTAR METAL, MEDIDAS 23,14 cm DE DIAMETRO (9 pulg.)","Unidad",100,{"$f":"'[1]AUMENTO ANUAL'!B304","v":1029},102900,"001-Ingresos corrientes"]
[null,"Arquitectura","789-00","20401","020","000020","27112838","92030906","DISCO DE CORTE PARA METAL DE 178 mm (DIAMETRO EXTERNO) X 22,2 mm (DIAMETRO EJE) X 1,6 mm (ESPESOR)","Unidad",100,35000,3500000,"001-Ingresos corrientes"]
[null,"Arquitectura","789-00","20401","020","000020","27112838","92112313","DISCO PARA CORTAR CONCRETO, MEDIDAS 17,78 cm  DE DIAMETRO x 3,17 mm x 22,22 mm (7 pulg x 1/8 pulg x  7/8 pulg)","Unidad",100,20000,2000000,"001-Ingresos corrientes"]
[null,"Arquitectura","789-00","20401","020","000020","27112838","92112314","DISCO PARA CORTAR METAL, MEDIDAS 22,86 cm  X 2,5 mm x 22,22 mm (9 pulg. x 2,5 mm x 7/8 pulg)","Unidad",100,2000,200000,"001-Ingresos corrientes"]
[null,"Arquitectura","789-00","20401","020","000040","27112838","92126583","DISCODEACERO,DIAMETRO25,4cm,60DIENTES, PARA CORTE DE MADERA.Discodesierracircularparamadera,medidas25,40 cm x 1,5875 cm (10 x 5/8 Pulg.)","unidad",100,10000,1000000,"001-Ingresos corrientes"]
[null,"Arquitectura","789-00","20401","020","000020","27112838","92112315","DISCO PARA CORTAR METAL, PUNTA DE DIAMANTE, MEDIDAS 17,78 cm X 2,4 mm x 22,22 mm (7 pulg. x 2,4 mm x 7/8 pulg)","Unidad",100,7000,700000,"001-Ingresos corrientes"]
[null,"Arquitectura","789-00","20401","020","000020","27112838","92112316","DISCO PARA CORTAR METAL, MEDIDAS 30,48 cm X 1,9 mm x 22,22 mm (12 pulg. x 1,9 mm x 7/8 pulg)","Unidad",100,12000,1200000,"001-Ingresos corrientes"]
[null,"Arquitectura","789-00","20401","020","000040","27112838","92104951","DISCO SIERRA CIRCULAR PARA CORTE DE MADERA  DE ACERO TEMPLADO DIAMÉTRO EXTERNO 18,5 cm DIAMETRO DEL EJE 1,58 cm ESPESOR 0,15 cm  CON 140 DIENTES.","Unidad",100,{"$f":"'[1]AUMENTO ANUAL'!B306","v":15750},1575000,"001-Ingresos corrientes"]
[null,"Arquitectura","789-00","20401","025","000001",30191501,92103905,"ESCALERA DE ALUMINIO, TIPO TIJERA (ABRIR), 2 m DE ALTO DE 6 PELDAÑOS, CAPACIDAD DE CARGA DE 150 Kg","Unidad",50,{"$f":"'[1]AUMENTO ANUAL'!B331","v":23343.537},1167176.8500000001,"001-Ingresos corrientes"]
[null,"Arquitectura","789-00","20401","025","000030",30191501,92085361,"ESCALERA SENCILLA DE ALUMINIO DE 1,88 m, DE 5 PELDAÑOS, CAPACIDAD MAXIMA 137 kg, PESO DE ESCALERA 6 kg","Unidad",50,{"$f":"'[1]AUMENTO ANUAL'!B330","v":22395.628499999999},1119781.425,"001-Ingresos corrientes"]
[null,"Arquitectura","789-00","20401","030","000060",27111601,92037265,"MAZO DE BOLA (MAZA), 1,38 kg (3 lb)","Unidad",50,{"$f":"'[1]AUMENTO ANUAL'!B321","v":2835},141750,"001-Ingresos corrientes"]
[null,"Arquitectura","789-00","20401","030","000160",27111601,92011580,"MAZO (MAZA) DE ACERO, PESO DE 1,4 Kg (3 LB), MANGO DE MADERA DE NOGAL PARA MAXIMA RESISTENCIA, FIJACION DE TRIPLE CUÑA (1 MADERA Y 2 DE MADERA)","Unidad",50,{"$f":"'[1]AUMENTO ANUAL'!B319","v":5413.3380000000006},270666.90000000002,"001-Ingresos corrientes"]
[null,"Arquitectura","789-00","20401","035","000002",27112004,92075074,"PALA CON HOJA ACERO DE 254 mm (10 Pulg) X 184,15 mm (7 1/4 Pulg), MANGO DE MADERA DE 109,8 cm LARGO","Unidad",50,{"$f":"'[1]AUMENTO ANUAL'!B324","v":4289.25},214462.5,"001-Ingresos corrientes"]
[null,"Arquitectura","789-00","20401","050","000060",27112107,92035826,"ALICATEAJUSTABLE,LARGODE203,20mm(8Pulg)Alicatedeacero.Ajustableen2posiciones.Conmangoergonómicoparaaprietedetuercas,tornillos y sujeción de objetos irregulares","Unidad",50,4200,210000,"001-Ingresos corrientes"]
[null,"Arquitectura","789-00","20401","050","000002","27112126","90009603","ALICATE UNIVERSAL DE 8 (U) LARGO 8 Pulg. Deacero.Conmangoergonómicoblandoparaapoyar la palma de la mano.","unidad",50,6900,345000,"001-Ingresos corrientes"]
[null,"Arquitectura","789-00","20401","010","000001","27111543","92037540","BROCAPARACONCRETO,13mmDEDIÁMETRO,150 mm LARGO","unidad",50,3300,165000,"001-Ingresos corrientes"]
[null,"Arquitectura","789-00","20401","010","000001","27111543","90027687","BROCA PARA CONCRETO DE 6.35 MM (1/4\")Longitud nominal de 4 pulgadas","unidad",50,1500,75000,"001-Ingresos corrientes"]
[null,"Arquitectura","789-00","20401","010","000001","27111543","92021761","BROCAPARACONCRETOCALZADADECARBURODE 9.52 mm X 203.2 mm","unidad",50,5000,250000,"001-Ingresos corrientes"]
[null,"Arquitectura","789-00","20401","430","000120","31211904","90012923","BROCHADECRINDE101,60mm(4Pulg)P/PINTAR","unidad",50,2700,135000,"001-Ingresos corrientes"]
[null,"Arquitectura","789-00","20401","430","000100","31211904","90027759","BROCHAS DE 76,2 mm DE ANCHOMATERIAL:CERDASNATURALESBLANCASDEPELO DE CERDO CHINOEMPUÑADURA DE MADERATIPO: PROFESIONAL","unidad",50,1400,70000,"001-Ingresos corrientes"]
[null,"Arquitectura","789-00","20401","430","000040","31211904","90012936","BROCHA DE CRIN DE 50,80 mm (2Pulg) PARAPINTAR","unidad",50,2300,115000,"001-Ingresos corrientes"]
[null,"Arquitectura","789-00","20401","050","000160",27112106,92050901,"ALICATE CORRIENTE DE ACERO LARGO 203,2 mm (8 Pulg), RESISTENTE A 1000 V, PARA ELECTRICISTA","Unidad",52,{"$f":"'[1]AUMENTO ANUAL'!B336","v":2531.6655000000001},131646.606,"001-Ingresos corrientes"]
[null,"Arquitectura","789-00","20401","050","000340",27112108,92111116,"ALICATE PARA ELECTRICISTA, MEDIDA 15,25 cm (6 pulg.), PUNTA RECTA,  PUÑOS AISLADOS.","Unidad",50,{"$f":"'[1]AUMENTO ANUAL'!B337","v":1890},94500,"001-Ingresos corrientes"]
[null,"Arquitectura","789-00","20401","050","00400",27112108,92111117,"ALICATE PARA ELECTRICISTA, MEDIDA 17,78 cm (7 pulg.), PUNTA RECTA, PUÑOS AISLADOS.","Unidad",50,{"$f":"'[1]AUMENTO ANUAL'!B338","v":1795.5},89775,"001-Ingresos corrientes"]
[null,"Arquitectura","789-00","20401","050","000660",27112111,90006077,"ALICATE DE PRESION","Unidad",25,{"$f":"'[1]AUMENTO ANUAL'!B339","v":3491.25},87281.25,"001-Ingresos corrientes"]
[null,"Arquitectura","789-00","20401","050","001000",27111525,92007127,"TENAZA DE ARMADOR DE 254 mm (10 pulg) PARA CORTAR ALAMBRE, CON MANGO PLÁSTICO","Unidad",25,{"$f":"'[1]AUMENTO ANUAL'!B314","v":2415},60375,"001-Ingresos corrientes"]
[null,"Arquitectura","789-00","20401","070","000100",27111907,92111139,"CEPILLO DE ACERO MANUAL, MANGO DE MADERA, 4 X 14 HILERAS","Unidad",50,{"$f":"'[1]AUMENTO ANUAL'!B352","v":692.70600000000002},34635.300000000003,"001-Ingresos corrientes"]
[null,"Arquitectura","789-00","20401","070","000400","27111903 ","90008823","Cepillos de carpintero  HERRAMIENTA MANUAL TIPO TROMPO (ROUTER) P/TRABAJAR MADERA CON VELOCIDADES","Unidad",1,164000,164000,"001-Ingresos corrientes"]
[null,"Arquitectura","789-00","20401","070","000440",27111903,90007567,"CEPILLO P/CARPINTERIA # 4","Unidad",25,{"$f":"'[1]AUMENTO ANUAL'!B353","v":14164.5},354112.5,"001-Ingresos corrientes"]
[null,"Arquitectura","789-00","20401","085","000520",27111728,92021094,"DESTORNILLADORES (JUEGO), TIPO PHILLIPS Y RANURADO CON PROBADOR DE VOLTAJE 9 PIEZAS","Unidad",25,{"$f":"'[1]AUMENTO ANUAL'!B358","v":4987.5},124687.5,"001-Ingresos corrientes"]
[null,"Arquitectura","789-00","20401","095","000020",27111929,92035918,"LIMA DE ACERO, TIPO PLANA, GRANO ORDINARIO, DE 25,4 mm DE ANCHO X 254 mm (10 Pulg) DE LARGO","Unidad",25,{"$f":"'[1]AUMENTO ANUAL'!B317","v":4951.0439999999999},123776.09999999999,"001-Ingresos corrientes"]
[null,"Arquitectura","789-00","20401","100","000020",27111552,92048048,"MARCO PARA SEGUETA, AJUSTABLE, LARGO 304,8 mm","Unidad",25,{"$f":"'[1]AUMENTO ANUAL'!B325","v":2779.5810000000001},69489.525000000009,"001-Ingresos corrientes"]
[null,"Arquitectura","789-00","20401","105","002305","41113630","92043352","VOLTIAMPERÍMETRO DIGITAL TIPO GANCHO CON MEDICION DE FACTOR DE POTENCIA DE 0 A 600 VAC -VCD, DE 10 Hz A 4 kHz, 0 A 1000 AMP AC- DC","Unidad",10,100000,1000000,"001-Ingresos corrientes"]
[null,"Arquitectura","789-00","20401","120","000001","27111508","90009195","Sierras  SIERRA ELÉCTRICA TIPO PATÍN DE 181 MM","Unidad",10,183007,1830070,"001-Ingresos corrientes"]
[null,"Arquitectura","789-00","20401","135","000001",27111519,92008984,"TIJERA DE ACERO (HOJALETERO), HOJA TIPO PICO DE PATO, LARGO 304,80 mm PARA CORTE CURVO CERRADO Y CORTES RECTO, MANGO CON REVESTIMIENTO ANTIDESLIZANTE DE CAUCHO (HULE)","Unidad",25,{"$f":"'[1]AUMENTO ANUAL'!B315","v":5775},144375,"001-Ingresos corrientes"]
[null,"Arquitectura","789-00","20401","155","000080",27111801,92031958,"CINTA METRICA TIPO PROFESIONAL DE 8 m LARGO X  25,4 mm (1 Pulg) DE ANCHO, CON GANCHO MAGNETICO","Unidad",50,{"$f":"'[1]AUMENTO ANUAL'!B355","v":1890},94500,"001-Ingresos corrientes"]
[null,"Arquitectura","789-00","20401","165","000340",27111803,92021802,"ESCUADRA, COMBINACION, TAMAÑO 304,8 mm (12 Pulg)","Unidad",50,{"$f":"'[1]AUMENTO ANUAL'!B329","v":1155},57750,"001-Ingresos corrientes"]
[null,"Arquitectura","789-00","20401","175","000020",27111911,92048137,"FORMON DE ACERO DE 25,4 mm DE ANCHO X 127 mm DE LARGO, MANGO PLASTICO","Unidad",25,{"$f":"'[1]AUMENTO ANUAL'!B334","v":1516.662},37916.550000000003,"001-Ingresos corrientes"]
[null,"Arquitectura","789-00","20401","175","000080",27111911,92046140,"FORMON DE ACERO DE 38,1 mm DE ANCHO X 101,6 mm DE LARGO","Unidad",25,{"$f":"'[1]AUMENTO ANUAL'!B333","v":1713.6000000000001},42840,"001-Ingresos corrientes"]
[null,"Arquitectura","789-00","20401","180","000001",27111802,92041191,"NIVEL DE ALUMINIO EXTRA RESISTENTE, DE 60,96 cm (24 Pulg), BURBUJAS DE ACRILICO DE 0,952 cm (3/8 Pulg) DE DIAMETRO, RESISTENTE A IMPACTO","Unidad",25,{"$f":"'[1]AUMENTO ANUAL'!B322","v":5413.3380000000006},135333.45000000001,"001-Ingresos corrientes"]
[null,"Arquitectura","789-00","20401","185","000080",27111544,92044164,"SERRUCHO DE ACERO LARGO 558,8 mm (22 Pulg) PARA CARPINTERÍA CON PUÑO DE MADERA","Unidad",25,{"$f":"'[1]AUMENTO ANUAL'!B313","v":3260.8380000000002},81520.950000000012,"001-Ingresos corrientes"]
[null,"Arquitectura","789-00","20401","185","000120","27111544",92111107,"SERRUCHO PARA CORTE DE MADERA, DIENTE #8, LARGO DE HOJA 60,96 cm (24 pulg.)","Unidad",25,{"$f":"'[1]AUMENTO ANUAL'!B310","v":2822.4},70560,"001-Ingresos corrientes"]
[null,"Arquitectura","789-00","20401","215","000199",46182005,92066039,"MASCARILLA DE PROTECCION ANTIPOLVO N95, FILTRO N95, COLOR BLANCO, CLIP NASAL DE ALUMINIO DE 1 mm DE ESPESOR, PESO APROXIMADO POR RESPIRADOR 9 g, RESPIRADOR DESCARTABLE, CERTIFICACIÓN NIOSH-42CFR84","Unidad",50,{"$f":"'[1]AUMENTO ANUAL'!B318","v":52.5},2625,"001-Ingresos corrientes"]
[null,"Arquitectura","789-00","20401","215","004000",46181902,92053547,"PROTECTOR (OREJERA) DE PLASTICO, GRADO DE RUIDO SUPERIOR A 85 dB PARA OIDOS PARA USAR EN CASCO","Unidad",20,{"$f":"'[1]AUMENTO ANUAL'!B307","v":5565},111300,"001-Ingresos corrientes"]
[null,"Arquitectura","789-00","20401","215","100301","46181711","90030800","Casco para soldar  MASCARA PARA SOLDAR ELE Máscara de soldar liviana electrónica, lente recargable por la luz solar, velocidad del lente 1/3600Mili-Seg, control de sombra fijo N°10, campo de visión 94mm de largo X 35mm de ancho, sensores de arco 2, control de potencia del lente Auto-on/off, protección permanente contra la radiación UV e IR tanto en estado oscuro como claro, batería solar, peso 406grCTRÓNICA ","Unidad",10,58731,587310,"001-Ingresos corrientes"]
[null,"Arquitectura","789-00","20401","220","000020",27111909,"90034564","  ESPATULA METALICA DE 76,2 mm (3) ","Unidad",50,{"$f":"'[1]AUMENTO ANUAL'!B332","v":415.62150000000003},20781.075000000001,"001-Ingresos corrientes"]
[null,"Arquitectura","789-00","20401","220","000060",27111909,92093296,"ESPÁTULA CON ALEACIÓN DE ACERO, ANCHO 50,8 mm, MANGO PLÁSTICO, PLANA, CASQUILLO DE IMPACTO PARA FACILITAR LA REMOCIÓN DE RESIDUOS E INCRUSTACIONES ","Unidad",50,{"$f":"'[1]AUMENTO ANUAL'!B328","v":714.58799999999997},35729.4,"001-Ingresos corrientes"]
[null,"Arquitectura","789-00","20401","250","000001","27111515 "," 92101976 "," Taladro de mano o empuje  TALADRO ROMPEDOR ELECTRICO, MOTOR 2000 W, TAMAÑO 95 mm, GRAN EFICIENCIA, 870 GOLPES/min, 68 J ENERGIA DE IMPACTO, PORTA BROCAS HEXAGONAL DE 28 mm","Unidad",1,1360160,1360160,"001-Ingresos corrientes"]
[null,"Arquitectura","789-00","20401","430","000005",31211904,90012932,"BROCHA DE CRIN DE 25,40 MM (1) PARA PINTAR ","Unidad",50,1300,65000,"001-Ingresos corrientes"]
[null,"Arquitectura","789-00","20401","430","000030",31211904,90027743,"BROCHA DE 38.10MM DE ANCHO","Unidad",50,490,24500,"001-Ingresos corrientes"]
[null,"Arquitectura","789-00","20401","070","000100","27111907","90009533","CEPILLO DE ACERO (U)Mango de madera Medidas: 30,48 cm (12 Pulg.) +-3cm.","unidad",50,1745,87250,"001-Ingresos corrientes"]
[null,"Arquitectura","789-00","20401","900","000801","27111514","90035333","CHISPA P/CORTAR VIDRIOMango de madera o plástico Diamantada Medidas 15,24 cm (6 Pulg.\") +-1 cm.","unidad",10,40000,400000,"001-Ingresos corrientes"]
[null,"Arquitectura","789-00","20401","155","000080","27111801","90013218","CINTA METRICA DE 5 MCon medidas en pulgadas y centímetros","unidad",50,4000,200000,"001-Ingresos corrientes"]
[null,"Arquitectura","789-00","20401","430","000040",31211904,90027755,"BROCHA DE 50,8MM DE ANCHO (2 PULG)","Unidad",50,{"$f":"'[1]AUMENTO ANUAL'!B347","v":705.6},35280,"001-Ingresos corrientes"]
[null,"Arquitectura","789-00","20401","430","000060",31211904,90037933,"  BROCHA DE CRIN DE 63,50 MM (2 1/2\") P/PINTAR ","Unidad",50,{"$f":"'[1]AUMENTO ANUAL'!B346","v":630},31500,"001-Ingresos corrientes"]
[null,"Arquitectura","789-00","20401","430","000100",31211904,92005658,"BROCHA DE CRIN DE 76,20 mm (3 pulg) CON MAGO PLÁSTICO","Unidad",50,{"$f":"'[1]AUMENTO ANUAL'!B345","v":1008},50400,"001-Ingresos corrientes"]
[null,"Arquitectura","789-00","20401","010","000001","23241634","90027724","BROCA, DE 3,18 mm (1/8 Pulg), PARA METALBrocaparametalHssJobberde3.18mmdediámetroconespigacilíndrica,corta,corteaderechaA100DIN338RNHélicenormalángulo30°,ángulodepunta118°,tratamientosuperficialazul, uso general.","unidad",50,550,27500,"001-Ingresos corrientes"]
[null,"Arquitectura","789-00","20401","430","000120",31211904,90027744,"BROCHA DE 10.16CM DE ANCHO ","Unidad",50,{"$f":"'[1]AUMENTO ANUAL'!B342","v":1770.4155000000001},88520.775000000009,"001-Ingresos corrientes"]
[null,"Arquitectura","789-00","20401","010","000001","23241634","92035106","BROCAPARAMETAL,MEDIDAS0,64cmANCHOX20,32 cm LARGO","unidad",50,2800,140000,"001-Ingresos corrientes"]
[null,"Arquitectura","789-00","20401","900","000040",27112201,90010998,"CUCHARA P/ALBAÑIL DE 25.4 MM","Unidad",50,{"$f":"'[1]AUMENTO ANUAL'!B356","v":1246.3500000000001},62317.500000000007,"001-Ingresos corrientes"]
[null,"Arquitectura","789-00","20401","900","000599",24101507,92059563,"CARRETILLO DE ACERO DE ALTA RESISTENCIA CAPACIDAD 80 L CON BATEA DE ALTA RESISTENCIA Y LLANTA DE CAUCHO (HULE) RELLENA, ESTRUCTURA METALICA EN UNA SOLA PIEZA PARA CONSTRUCCION","Unidad",20,37290,745800,"001-Ingresos corrientes"]
[null,"Arquitectura","789-00","20401","900","002130",31211909,92094881,"BANDEJA PLASTICA DE 285 mm ANCHO X 350 mm LARGO, PARA RODILLO DE PINTAR","Unidad",50,{"$f":"'[1]AUMENTO ANUAL'!B341","v":840},42000,"001-Ingresos corrientes"]
[null,"Arquitectura","789-00","20401","450","002400","41113724","92083244","PROBADORPARALINEATELEFONICA(MICROTELEFONO),TIPOTECLADO,CONLAGARTOS(+-),CONCOBERTORPLASTICOYGANCHO PARA CINTURON DE TRABAJO","unidad",10,60000,600000,"001-Ingresos corrientes"]
[null,"Arquitectura","789-00","20401","900","003500",31211906,92109344,"  RODILLO PARA FELPA, DE 22,86 cm ( 9 PULG ) COLOR VERDE PROFESIONAL 5. ","Unidad",25,1200,30000,"001-Ingresos corrientes"]
[null,"Arquitectura","789-00","20401","450","002400","41113612","92195174","PROBADORDETOMACORRIENTE/ANALIZADORDECIRCUITO,COMPRUEBAFUGASATIERRAPORRECEPTACULOSOBRECARGANDOELCIRCUITO,ELPROBADORDISPARAGFCIENTRE6-9mA,SUCESIONDELUZAMARILLAYROJASEGUNELESTADO DEL CIRCUITO.Pruebasietecondiciones;Interrupcióndetierra,tierraabierta,abiertoneutral,abiertocaliente,reversaatierracaliente,reversaneutralcalienteyalambrado correcto.Lasucesióndeluzamarillayrojaindicaelestadodel circuito o especifica errores de alambrado.","unidad",10,7000,70000,"001-Ingresos corrientes"]
[null,"Arquitectura","789-00","20401","105","160901","41113601","92158201","AMPERÍMETRODEGANCHODIGITAL,PANTALLACONRETROILUMINACION,VOLTAJE600V,TEMPERATURADEOPERACIÓNDE-10°CA50°C,DE790mmDEANCHOX238mmDEALTOX410mmPROFUNDIDAD,FRECUENCIADE5-400Hz, RANGO DE AMPERAJE DE 0-1000 A","unidad",10,65000,650000,"001-Ingresos corrientes"]
[null,"Arquitectura","789-00","20401","900","003630",27112725,92036551,"SET DE REMACHADORA MANUAL DE ALTO RENDIMIENTO CON 4 BOQUILLAS DE 2,38 mm, 3,17 mm, 3,96 mm, 4,76 mm, DE ALUMINIO JUEGO DE 30 REMACHES DE CADA TIPO 4 X 8, 4 X 10,4,8 X 8, 4,8 X 10, EN ESTUCHE","Unidad",50,{"$f":"'[1]AUMENTO ANUAL'!B309","v":3360},168000,"001-Ingresos corrientes"]
[null,"Arquitectura","789-00","20401","900","007440",27112208,92052713,"ZACHO DE 10,16 cm, CON MANGO DE FIBRA DE VIDRIO","Unidad",50,{"$f":"'[1]AUMENTO ANUAL'!B323","v":6753.6},337680,"001-Ingresos corrientes"]
[null,"Arquitectura","789-00","20401","900","007450","27112208","92036773","PIQUETA PARA ALBAÑIL, (MARTILLO )0,115 kg (1/4 lb)","Unidad",50,2500,125000,"001-Ingresos corrientes"]
[null,"Arquitectura","789-00","20401","900","011700","27111508","90033315 ","Sierras  TRONZADORA PARA METALES","Unidad",10,101480,1014800,"001-Ingresos corrientes"]
[null,"Arquitectura","789-00","20401","900","011800",27111506,92005961,"CIZALLA DE METAL (CORTADOR) MANUAL, 762 mm (30 pulg) DE LARGO","Unidad",100,{"$f":"'[1]AUMENTO ANUAL'!B351","v":12390},1239000,"001-Ingresos corrientes"]
[null,"Arquitectura","789-00","20401","900","013920",27112120,92086563,"PRENSA (SARGENTO) DE ACERO, TIPO C, DE 330,2 mm (13 Pulg) DE LARGO X 304,8 mm (12 Pulg) DE ABERTURA","Unidad",100,{"$f":"'[1]AUMENTO ANUAL'!B312","v":3990},399000,"001-Ingresos corrientes"]
[null,"Arquitectura","789-00","20401","900","090701",27112802,90028594,"HOJA PARA SEGUETA BI-METAL, DE 30.48cm LARGO","Unidad",100,{"$f":"'[1]AUMENTO ANUAL'!B335","v":363.5625},36356.25,"001-Ingresos corrientes"]
[null,"Arquitectura","789-00","20401","900","161201","27112199","92046368","MAQUINA DE COMPRESIÓN MANUAL MD7-8, FUERZA APLICACIÓN 4082,33 kg (9000 Lb), 2 DADOS INCORPORADOS","Unidad",2,207000,414000,"001-Ingresos corrientes"]
[null,"Arquitectura","789-00","29903","015 "," 081105","14111507","92136344","Papel bond doble carta(tabloide),tamaño27,94cmx43,18cm(11pulgx17pulg),colorblanco,gramaje75g,resma500hojas.Variaciónde+/-5% en medidas.PRESENTACION Resma con 500 hojas","Unidad",63,5478,{"$f":"K1225*L1225","v":345114},"001-Ingresos corrientes"]
[null,"Arquitectura","789-00","29904","025","000140","53103096","92034653","Camiseta unisex  CAMISETA TIPO POLO, TELA DRY FIT, MATERIAL FRESCO Y DURADERO, CON LOGO BORDADO DE LA INSTITUCION","Unidad",50,{"$f":"'[1]AUMENTO ANUAL'!B375","v":6300},315000,"001-Ingresos corrientes"]
[null,"Arquitectura","789-00","29904","055","000001",46181527,92102786,"PANTALONES HOMBRE, TIPO CARGO, ESTILO JEANS, TELA MEZCLILLA, COLOR AZUL, BOLSAS AMBAS PIERNAS CON TAPADERAS Y CIERRE VELCRO COSIDAS, BOLSAS TRASERAS DE PARCHE CON TAPADERAS, PASAFAJAS  4 cm ANCHO, BOLSAS DELANTERAS TIPO SESGADA, COSTURAS REFORZADAS, SIN PALETONES, LOGOTIPO BORDADO TAMAÑO 3 cm ANCHO x 2 cm ALTO EN EL CENTRO BOLSA, PIERNA DERECHA","Unidad",50,{"$f":"'[1]AUMENTO ANUAL'!B373","v":15750},787500,"001-Ingresos corrientes"]
[null,"Arquitectura","789-00","29904","075","000005","46181605"," 92048055  ","Zapatos de protección ZAPATO DE SEGURIDAD TIPO REDWING,                                                                                                                                                                                                 DE CUERO SINTÉTICO, ALTA DURACIÓN Y RESISTENCIA A LA DEGRADACIÓN, SUELA CEMENTADA, RUBBER EVA VIPER-GREY BUENA RESISTENCIA AL DESLIZAMIENTO, ACEITES, QUÍMICOS Y ABRASIÓN, CON PROTECCIÓN CONTRA IMPACTO Y COMPRENSIÓN DESCARGAS ELÉCTRICAS.","Unidad",60,{"$f":"'[1]AUMENTO ANUAL'!B374","v":36750},2205000,"001-Ingresos corrientes"]
[null,"Arquitectura","789-00","29904","075","000900","46181604","90034514","Botas de protección  BOTAS DE HULE CON PUNTERA REFORZADA DE ACERO GROSOR DE 2,0 mm ALTURA DE 37 cm","Unidad",100,{"$f":"'[1]AUMENTO ANUAL'!B370","v":5103.5039999999999},510350.39999999997,"001-Ingresos corrientes"]
[null,"Arquitectura","789-00","29904","115","000001","53101802","92083118","Abrigos, capas y chaquetas para hombre  CAPA TIPO GABARDINA IMPERMEABLE, CORTE HOMBRE, COLOR AZUL, TELA DE NAYLON. ","Unidad",51,11000,561000,"001-Ingresos corrientes"]
[null,"Arquitectura","789-00","29904","900","000601",31211906,92055292,"RODILLO FELPA, DIAMETRO 25,40 mm, PARA PINTAR","Unidad",1024,{"$f":"'[1]AUMENTO ANUAL'!B372","v":611.03700000000003},625701.88800000004,"001-Ingresos corrientes"]
[null,"Arquitectura","789-00","29905","900","000040","12141901","92074174","Cloro liquido al 12% presentacion en estañones ","Unidad ",32,93750,{"$f":"K1232*L1232","v":3000000},"001-Ingresos corrientes"]
[null,"Arquitectura","789-00","29906","015","000001","46181802 ","92090003 ","Gafas de protección  GAFA COLOR OSCURO, ANTIEMPAÑANTES, LIVIANAS, LENTE DE POLICARBONATO, QUE CUMPLA O SUPERE NORMA ANSI Z87 ","Unidad",40,1500,60000,"001-Ingresos corrientes"]
[null,"Arquitectura","789-00","29906","215","007001","46181605","92082734","ZAPATOSPARAGIRADECAMPODEHOMBRE,ZAPATOTIPOHI-TECOMERRELDECORDONES,MATERIAL CONTRA AGUA (IMPERMEABLES)Unidad de empaque UNIDADOtras caracteristicas1-CalzadoMasculinoFabricadocompletamenteconmaterialesnometálicos(dielectricos),Hormaanatómica,depunteraamplia,conunaAlturadelacañade18cmaproximadamenteyplantillaanti-perforación Kevlar.2-SuelaDehule,antideslizanteresistenteagrasas,aceites, hidrocarburos y altamente flexible 3- Puntera y contrafuerte reforzado.4-PunteraFabricadaencompositequebrindaresistenciaalimpactoconnormativaASTM2412-2413:102J,20344:200J,12568:200J,CSAZ195:125J.Resistenciadieléctrica:18milVoltiosconcorriente de fuga menor de 3mA. ASTM F2413-055-ResistenciaalacompresiónConunafuerzade1121N,laholguranodebesermenorde13mm.Norma ASTM F2412 y CE: 200J6-Membrana100%waterproofquelohaceimpermeable.7-Elproveedordebetenercartadedistribuidorautorizado emitida por el fabricante8-Elproveedordebecontarconreferenciacomercial (gubernamental) del calzado.CUNIDADDEEMPAQUEPAR,ELPRECIOACOTIZARES POR CADA PAR DE ZAPATOS.","unidad ",10,45000,450000,"001-Ingresos corrientes"]
[null,"Arquitectura","789-00","29906","215","007001","46181605","92014633","ZAPATOCONPUNTERADEACERO,COLORCAFE,DECUEROVACUNO,EQUIPODEPROTECCIONPERSONAL.Unidad de empaque ParOtras caracteristicas1-ZapatodedamadeAltura6”conplantillaanatómicadePoliuretanoypunteradeacerofabricada en fleje de acero SAE 1050. 2-ResistentealimpactoconnormativaASTMF2412-2413102J,NORMAISO20344:200J,NORMAEN12568:200J,NORMACSAZ195:125J,TambienResistentealacompresiónConfuerzade1112N, 3-NormaNTCISO20344,CEEN-345S1+P,ASTM F2413, CSA Z195 – M19924-SuelaTPUmonodensidad,pesode800graproximadamenteyEspesorpromedio:1,4-1,6mm. Norma NTC 1077.5-Cueroencerado,queposeatambiénforrointernoantibacterial,superabsorbente,queinterrumpaeldesarrolloylareproduccióndebacterias,mohoyácarosanulandoeficazmentelaformacióndeolores,ademásqueabsorbarápidamente el sudor y que sea 100% transpirable. 6-Resistenciaalaflexión:100.000ciclossinincremento,Resistenciaalaabrasión:110mm3,Cambiomáximodedurezadespuésdelainmersiónenaceitedieléctricodurante70Horas+/-30minutos.7-Elproveedordebetenercartadedistribuidorautorizado emitida por el fabricanteUNIDADDEEMPAQUEPAR,ELPRECIOACOTIZARES POR CADA PAR DE ZAPATOS.","unidad",5,35000,175000,"001-Ingresos corrientes"]
[null,"Arquitectura","789-00","29906","215","008030","46181604","92050659","BOTASDEHULEDESEGURIDAD,ALTO38cm,COLORCAÑANEGRA,COLORSUELABEIGE,PUNTERADEACEROCERTIFICADA12568,CALCETADEPOLIESTERANTIBACTERIAL,PLANTILLAINTERNA,SUELACONTECNOLIGÍAAUTO LIMPIEZA DE RESIDUOSUnidad de empaque UNIDADPRESENTACION EN PARES","unidad ",30,13000,390000,"001-Ingresos corrientes"]
[null,"Arquitectura","789-00","29906","120","000120","46181504","92006669","GUANTEDECUEROPARAAPLICACIÓNDESOLDADURA TIPO MIG VARIAS TALLASUnidad de empaque PARGROSOR 1.5 mmPROTECCION 100 °C","unidad",50,4000,200000,"001-Ingresos corrientes"]
[null,"Arquitectura","789-00","29906","120","001100","46181504","92039182","GUANTESDETRABAJOALCANTARILLA,FABRICADONEOPRENO,MANGAALTA,LONGITUD79cm(31Pulg),FORRO100%ALGODÓN,AMARRE EN TORNO AL HOMBROUnidad de empaque unitarioPRESENTACION EN PARES","unidad",50,3000,150000,"001-Ingresos corrientes"]
[null,"Arquitectura","789-00","29906","030","000140","39111610 ","92087063 ","Linterna portátil  LINTERNA (FOCO), PORTÁTIL DE ALUMINIO, DE 2 BATERÍAS TIPO D, VOLTAJE 3 V, DE 254 ± 10 mm DE LARGO ","Unidad",50,45630,2281500,"001-Ingresos corrientes"]
[null,"Arquitectura","789-00","29906","120","000500","46181537 ","92022674 ","Guantes aisladores  GUANTES DIELÉCTRICOS CLASE 00 PARA TRABAJAR EN 500 VAC Y 750 VDC, COMPUESTOS DE DOS PARTES UN GUANTE DE HULE TIPO II (RESISTENTE AL OZONO) CON PROPIEDADES DIELÉCTRICAS Y OTRO GUANTE DE CUERO (SIRVE DE PROTECCIÓN AL DE HULE), ASTM D-120 (2009)","Unidad",50,69287.5,3464375,"001-Ingresos corrientes"]
[null,"Arquitectura","789-00","29906","120","001100","46181504","92016473","Guantes protectores  GUANTE DE NEOPRENO CON SOPORTE DE ALGODÓN, POLIURETANO DE ALTA DENSIDAD (HPPE), PALMA CORRUGADA, TRATAMIENTO ANTIBACTERIANO Y ANTIOLORO, GROSOR DE 0,60 mm ( +- 1 mm ) , LARGO DE 45,7 cm ( +- 1mm ). ","Unidad",50,4628,231400,"001-Ingresos corrientes"]
[null,"Arquitectura","789-00","29906","215","000005","46161701 ","92027042","Línea de vida descendiente  LÍNEA DE VIDA DE 1,8 m (+-1 céntimetro) CON AMORTIGUADOR DE IMPACTO ESTÁNDAR, CARGA DE IMPACTO POTENCIAL DE 13,3 kN, CON 2 GANCHOS DE AJUSTE DE 19 mm (+-1mm) , OSHA 1926.104, ANSI Z359.1-2007 y ANSI A10.32-2004.","Unidad",20,25000,500000,"001-Ingresos corrientes"]
[null,"Arquitectura","789-00","29906","215","008310","46182306","92051184","ARNES CUERPOCOMPLETOSEGURIDADPERSONALArnésfullbody3argollas(cuerpocompleto)elaboradoenpoliesterde44.45mm((1,75Pulg)1-3/4 Pulg)Materialquebrindemayorresistenciaalosrayossolares y desgaste.Resistente a la tracción, rozamiento y humedadTalla universal.Diseñadoparareducirlaposibilidaddecaídas,restringir el área detrabajo y posicionarse.Concorreasajustablesenlaspiernasyhombrosparapermitirunamayormovilidadalusuario.Correas de trauma de suspensión integrados. Diseñadoparadistribuirelpesoentrelosglúteos,muslos y hombros.UnsistemadesujeciónconanilloenformaDenlaespaldaalaalturadeloshombrosyunaacadaladoalaalturadelacintura,parafijaryanclarlalinea de sujeción.Quelasargollassoportenuntensiónde2.272kf(5.000 libras defuerza)Ajuste de 5 puntosReforzadoenlospuntosdondesoportaelpesoSoporte un peso de 190 kg (418,87 lb)Normas:OSHA1910.66YOSHA1926.502&ANSIA10.14-1991,ANSIZ359.1-1992(ANSIz359.1-1992)","unidad",20,25000,500000,"001-Ingresos corrientes"]
[null,"Arquitectura","789-00","29906","215","000005","46161701","92094469","Línea de vida descendiente  LÍNEA DE VIDA, EN POLIÉSTER. Medidas  \n 25,4mm (1 Pulg) DE ANCHO (+-1 mm)  \n 1,2 m DE LARGO (+- 1 céntimetro) \n CON 2 GANCHOS DE CIERRE AUTOMÁTICO\n CAPACIDAD 140,6 kg (310 lb) ( +- 1 Kg).   ","Unidad",20,15400,308000,"001-Ingresos corrientes"]
[null,"Arquitectura","789-00","29906","215","007100","46181605","92005970","Zapatos de protección  ZAPATO DIELÉCTRICO CON PROTECCIÓN CONTRA RIESGOS MECÁNICOS DE CAÍDAS DE OBJETOS PESADOS, CON FORRO INTERNO EN TODO EL ZAPATO, CON PLANTILLA REMOVIBLE CON SOPORTE ANATÓMICO, ANTI FATIGA, CON CORDÓN DE POLIÉSTER O ALGODÓN ","Unidad",22,39909.599999999999,878011.2,"001-Ingresos corrientes"]
[null,"Arquitectura","789-00","29906","215","008310","46182306","92043409","Arneses o cinturones de seguridad  ARNÉS DE SEGURIDAD, BANDAS DE POLIÉSTER, CUERPO COMPLETO DE 3 ARGOLLAS (ANILLOS) EN D CARGA MÁXIMA 181,4 kg PARA EVITAR CAÍDAS ","Unidad",22,18500,407000,"001-Ingresos corrientes"]
[null,"Arquitectura","789-00","50101","001","000030","47121805","92035984","HIDROLAVADORA, VOLUMEN DE AGUA 5,6 L/min (1,5 gal/min), 120 V/60 Hz/1F, TEMPERATURA MAXIMA ENTRADA AL AGUA 40°C, 1400 W, 119,96 bar (1740 psi), LANZA EN SPRAY, SOPLADOR DE SUCIEDAD, MANGUERA DE JARDIN CONEXION RAPIDA, TANQUE PARA DETERGENTE","Unidad ",1,1000000,1000000,"280-Titulo de valores de deuda externa"]
[null,"Arquitectura","789-00","50101","005","000260","23271424","92025452","MAQUINA SOLDADORA DE MOTOR DE GASOLINA Y DIESELMÁQUINA DE SOLDAR PORTATIL MONOFASICO CON MOTOR DE COMBUSTIÓN INTERNA, CD (CORRIENTE DIRECTA) DE VOLTAJE 120-240 V 20-450 A","Unidad",1,{"$f":"'[1]AUMENTO ANUAL'!B400","v":31500},31500,"280-Titulo de valores de deuda externa"]
[null,"Arquitectura","789-00","50101","015","000805 ","23241802","92021599","TALADRO DE BANCO MULTIPLE, TAMAÑO 12.7 mm, MOTOR 1/2 HP, VOLTAJE 120 V, AMPERAJE 4,8 AMP, VELOCIDAD 355 - 3065 RPM","Unidad",1,410000,410000,"280-Titulo de valores de deuda externa"]
[null,"Arquitectura","789-00","50101","015","001601","23231402","92078023","SIERRA ELECTRICA DE MESA, POTENCIA MOTOR 3 HP, VOLTAJE 220 V, MONOFASICO, VELOCIDAD SIERRA PRINCIPAL 4000 rpm","Unidad",1,3145000,3145000,"280-Titulo de valores de deuda externa"]
[null,"Arquitectura","789-00","50101","030","000200","26111601","92040070","PLANTA ELÉCTRICA DE EMERGENCIA, CAPACIDAD 150 kW (STAND-BY), TRANSFERENCIA AUTOMÁTICA, PANTALLA Y CONTROLADOR DIGITAL, CONFIGURABLE CONEXIÓN MONOFÁSICA Y TRIFÁSICA, VOLTAJE 120 - 480 V, MOTOR COMBUSTIÓN INTERNA DIESEL\nOtras condiciones \nLa planta electrica deve ser instalada y transportada por el adjudicatario.  ","Unidad",1,39799306.25,39799306.25,"280-Titulo de valores de deuda externa"]
[null,"Arquitectura","789-00","50101","060","000001",22101901,92083686,"MEZCLADORA (BATIDORA) DE CONCRETO, BALDE DE ACERO, CAPACIDAD 350 LITROS, MOTOR DE COMBUSTION, CAPACIDAD MOTOR 6,714 kW (9 hp), RENDIMIENTO 2,5 m3/h, ARRANQUE MANUAL","Unidad",1,{"$f":"'[1]AUMENTO ANUAL'!B401","v":735000},735000,"280-Titulo de valores de deuda externa"]
[null,"Arquitectura","789-00","50101","900","006100","47121808","92080933","MAQUINA DESTAQUEADORA DE TUBERIAS O DESAGUES, QUE CUENTE CON SONDA ELECTRICA CON TODOS LOS ACCESERIOS, CABLES, SONDAS, CORTADORAS, LLAVES, HERRAMIENTAS, ACOPLES, CAPACIDAD DE MOTOR DE APROXIMADAMENTE 1 1/2 hp, GIRO DE CABLE DE 240 rpm","Unidad",1,845296,845296,"280-Titulo de valores de deuda externa"]
[null,"Arquitectura","789-00","50199","900","100030","72151703","92028196","SERVICIO DE DISEÑO E IMPLEMENTACION DE SISTEMA DE PROTECCION, DETECCION Y SUPRESION DE INCENDIO \nClinica del CAI San Sebastian ","Unidad",1,411088387,411088387,"280-Titulo de valores de deuda externa"]
[null,"Arquitectura","789-00","50299","005","000100","72154013","92070920","Realizar un trámite concursal para el SERVICIO DE CONSTRUCCIÓN E INSTALACION DE MALLA","Unidad",1,175460750,175460750,"280-Titulo de valores de deuda externa"]
[null,"Arquitectura","789-00","59903","005","090201","43231512 ","92040198","LICENCIA DE DISEÑO Y PRESENTACION AUTODESK BUILDING DESIGN SUITE PREMIUM COMMERCIAL\nACTUALIZACION DE 33 LICENCIAS DE SOFTWARE PARA LOS DEPARTAMENTOS DE ARQUITECTURA Y PATRONATO DE CONSTRUCCIONES, INSTALACIONES Y ADQUISICIÓN DE BIENES ","Unidad",1,66505000,{"$f":"K1256*L1256","v":66505000},"280-Titulo de valores de deuda externa"]
[null,"Unidad de Servicios de Salud Penitenciaria ","789-00","10299","005","080005",76121901,92008750,"Servicio de recolección, traslado externo, tratamiento y disposición final de desechos bio-infecciosos","Unidad",1,{"$f":"(11680200*13%)+11680200","v":13198626},13198626,"001-Ingresos corrientes"]
[null,"Unidad de Servicios de Salud Penitenciaria ","789-00","10899","900","002060",85161501,92055724,"Mantenimiento equipo Medico ","Unidad",1,{"$f":"(6200000*13%)+6200000","v":7006000},{"$f":"L1258","v":7006000},"001-Ingresos corrientes"]
[null,"Unidad de Servicios de Salud Penitenciaria ","789-00","10899","900","000025","81101706","92082771","Mantenimiento y reparación de Rayos X dental ","Unidad",1,{"$f":"(30000*13)+30000","v":420000},{"$f":"+K1259*L1259","v":420000},"001-Ingresos corrientes"]
[null,"Unidad de Servicios de Salud Penitenciaria ","789-00","10899","900","002065",85161501,92055724,"mantenimiento y /o reparacion de equipo odontologico","Unidad",1,{"$f":"(18000000*13%)+18000000","v":20340000},{"$f":"+K1260*L1260","v":20340000},"001-Ingresos corrientes"]
[null,"Unidad de Servicios de Salud Penitenciaria ","789-00",10701,"001","110701",86101501,92154654,"curso operador de equipo de radiaciones ionizantes","Unidad",1,520000,null,"001-Ingresos corrientes"]
[null,"Unidad de Servicios de Salud Penitenciaria ","789-00",29904,"900","001540",53131615,92073448,"toalla sanitaria femenina, tipo nocturna","Unidad",89650,88.54,{"$f":"L1262*K1262","v":7937611.0000000009},"001-Ingresos corrientes"]
[null,"Unidad de Servicios de Salud Penitenciaria ","789-00","29904","900","001540",53131615,92073449,"toallas sanitarias femeninas, flujo normal","Unidad",89650,49.78,4462777,"001-Ingresos corrientes"]
[null,"Unidad de Servicios de Salud Penitenciaria ","789-00","29904","050","000080",53102799,92082484,"Gabacha ","Unidad",48,15400,739200,"001-Ingresos corrientes"]
[null,"Unidad de Servicios de Salud Penitenciaria ","789-00",29904,"055","000001",53101599,92190897,"Pantalon","Unidad",48,{"$f":"(15400*13%)+15400","v":17402},835296,"001-Ingresos corrientes"]
[null,"Unidad de Servicios de Salud Penitenciaria ","789-00",29904,"900","200601",42131504,92265262,"Bata uso Hospitalrio ","Unidad",48,10500,504000,"001-Ingresos corrientes"]
[null,"Unidad de Servicios de Salud Penitenciaria ","789-00",29904,"035","000140",53101602,92156230,"Camisa tipo polo","Unidad",48,{"$f":"(7700*13%)+7700","v":8701},417648,"001-Ingresos corrientes"]
[null,"Unidad de Servicios de Salud Penitenciaria ","789-00",29904,"145","000020",46181543,92104928,"Jackets Impermeables","Unidad",48,{"$f":"(25300*13%)+25300","v":28589},1372272,"001-Ingresos corrientes"]
[null,"Unidad de Servicios de Salud Penitenciaria ","789-00",29902,265,"000005",41113035,92000881,"Tiras para Glucometro ","Unidad",1,{"$f":"(5800000*13%)+5800000","v":6554000},{"$f":"L1269","v":6554000},"001-Ingresos corrientes"]
[null,"Unidad de Servicios de Salud Penitenciaria ","789-01",10401,"000","000100",83101605,92197522,"AIRE","Unidad",12,9500,{"$f":"L1270*K1270","v":114000},"001-Ingresos corrientes"]
[null,"Unidad de Servicios de Salud Penitenciaria ","789-01",10401,"000","000100",83101605,92197522,"OXIGENO","Unidad",12,10000,120000,"001-Ingresos corrientes"]
[null,"Unidad de Servicios de Salud Penitenciaria ","789-01","20101","015","000001",15121902,92160747,"GRASA LUBRICANTE","Unidad",16,10117.25,{"$f":"+K1272*L1272","v":161876},"001-Ingresos corrientes"]
[null,"Unidad de Servicios de Salud Penitenciaria ","789-01","20102","270","000100",41116105,92174949,"REACTIVO ACEITE DE CLAVO(EUGENOL)PRESENTACIÓN FRASCO DE 30 ml","Unidad",8,4798,{"$f":"K1273*L1273","v":38384},"001-Ingresos corrientes"]
[null,"Unidad de Servicios de Salud Penitenciaria ","789-01","20102","270","000600",42152424,92084255,"CEMENTO DENTAL DE HIDROXIDO DE CALCIO,CONCENTRACION CaOH45%PURO,JERINGA2mL, FOTOCURADO, RADIOPACO","Unidad",8,11660,{"$f":"K1274*L1274","v":93280},"001-Ingresos corrientes"]
[null,"Unidad de Servicios de Salud Penitenciaria ","789-01","20102","900","000600",42152424,92163074,"CEMENTO DE HIDROXIDO DE CALCIO BASE (TUBO DE 13g)Y CATALIZADOR (TUBO DE 11g)RADIOPACO,AUTOCURADO,QUEELCONTENEDORDELABASEYELCATALIZADORNOOSCUREZCAOMANCHELABASEYELCATALIZADOR.PRESENTACIONENCAJA(INCLUYEBASE,CATALIZADORYBLOQUEOLOSETA PARA LA MEZCLA)","Unidad",8,8684.5,69476,"001-Ingresos corrientes"]
[null,"Unidad de Servicios de Salud Penitenciaria ","789-01","20102","265","000100",51273006,92084912,"MEPIVACAINA CLORHIDRATO AL 3%, ANESTESIA CON SOLUCION, SOLUCION INYECTABLE, PRESENTACION CAPSULE 1,8mL, CAJA 50 UNIDADES.","Unidad",8,11704,93632,"001-Ingresos corrientes"]
[null,"Unidad de Servicios de Salud Penitenciaria ","789-01","20102","040","000001",51271613,92204836,"LIDOCAINA AL 2%, SOLUCION INYECTABLE","Unidad",8,8000,64000,"001-Ingresos corrientes"]
[null,"Unidad de Servicios de Salud Penitenciaria ","789-01","20102","900","101101",42151803,92083911,"CAPSULA PREDOSIFICADA, AMALGAMA DE PLATA (PLATA 205 mg ,ESTAÑO 132 mg, COBRE 103 mg Y LIQUIDO(MERCURIO400mg),ESFERICA,SINFASE, GAMA 2, CAJA 50 UNIDADES.","Unidad",470,652.52,306684.39999999997,"001-Ingresos corrientes"]
[null,"Unidad de Servicios de Salud Penitenciaria ","789-01","20102","900","002020",42151905,92156115,"FLUORURO DE FOSFATO ACIDULADO,EN GEL,A 60s,AL 1,23%DEIONFLUORURO,APLICACIÓN SIN POSGUSTO AMARGO, PH=NEUTRO.PRESENTACION FRASCO DE 500 g. (+/- 10 g)","Unidad",8,5029.2,40233.599999999999,"001-Ingresos corrientes"]
[null,"Unidad de Servicios de Salud Penitenciaria ","789-01","20102","900","000300",42152457,92156116,"IONOMERO DE VIDRIO PARA OBTURAR CAVIDADES DENTALES, POR FOTOPOLIMERACIÓN. RADIO PACO Y BIOACTIVO.QUE NO CONTEGA BIFEN OLA,HEMA,NIDERIVADOSASOCIADOSY/ORESINOSOS.PRESENTACIONCAJACON50CAPSULASDEFRAGUADO REGULAR.","Unidad",8,17017,136136,"001-Ingresos corrientes"]
[null,"Unidad de Servicios de Salud Penitenciaria ","789-01","20102","270","000015",42152424,92084889,"ADHESIVO DE RESINA DENTAL PARA TECNICAS DE GRABADO, PARA RESTAURACIONES DIRECTAS O INDIRECTAS, FRASCO 5 Ml.Adhesivodeparaserutilizadoentécnicasdegrabadototal,autograbadoograbadoselectivodeesmalte,tantopararestauracionesdirectascomoindirectas.Sistemadedispensadorápidoyfácilparaelprocedimiento.Compatiblecontodosloscomposites. Vida útil de 24 meses como mínimo","Unidad",10,20341.859999999997,203418.59999999998,"001-Ingresos corrientes"]
[null,"Unidad de Servicios de Salud Penitenciaria ","789-01","20102","900","200701",51472805,92261607,"GEL HIALURONICO","Unidad",10,15000,150000,"001-Ingresos corrientes"]
[null,"Unidad de Servicios de Salud Penitenciaria ","789-01","20102","900","160701",51472802,92163698,"GLUCONATO DE CLORHEXIDINA AL 2%,SIN ALCOHOL Y SIN AZÚCAR, PRESENTACIÓN EN ENVASES DE 60ML (+/-1ML),BACTERICIDA,USO TÓPICO.","Unidad",8,23650,189200,"001-Ingresos corrientes"]
[null,"Unidad de Servicios de Salud Penitenciaria ","789-01","20102","900","160701",51472802,92239450,"GLUCONATO DE CLORHEXIDINA AL 0.12%, SIN ALCOHOL Y SIN AZÚCAR, PRESENTACIÓN DE GALÓN, BACTERICIDA, USO TÓPICO","Unidad",8,23920,191360,"001-Ingresos corrientes"]
[null,"Unidad de Servicios de Salud Penitenciaria ","789-01","20102","900","160701",51472802,92239449,"GLUCONATO DE CLOREHEXIDINA AL 0.12% SIN ALCOHOL Y SIN AZUCAR, PRESENTACIÓN DE LITRO, BACTERICIDA, USO TÓPICO","Unidad",8,5680,45440,"001-Ingresos corrientes"]
[null,"Unidad de Servicios de Salud Penitenciaria ","789-01","29902","900","000105",42132102,92087483,"PAPEL SÁBANA PARA CAMILLA, ROLLOS DE PAPEL\nPARA CUBRIR CAMILLA, MEDIDA 54 cm ANCHO X\n38 m LARGO","Unidad",90,1900,{"$f":"K1286*L1286","v":171000},"001-Ingresos corrientes"]
[null,"Unidad de Servicios de Salud Penitenciaria ","789-01","29902","900","001010",46182001,90030807,"MASCARILLA TIPO BOZAL DE USO ODONTOLOGICO O SIMILAR","Unidad",800,50,{"$f":"K1287*L1287","v":40000},"001-Ingresos corrientes"]
[null,"Unidad de Servicios de Salud Penitenciaria ","789-01","29902","025","000001",42142502,92088243,"AGUJA,LARGA,USODENTAL,BIPUNTA,TAMAÑO0,360mm(27GAUGE) ","Unidad",10,6500,65000,"001-Ingresos corrientes"]
[null,"Unidad de Servicios de Salud Penitenciaria ","789-01","29902","025","000001",42142502,92088208,"AGUJA,CORTA,USO DENTAL, BIPUNTA,TAMAÑO 0,255mm(30GAUGE) X21 mm LARGO,DESECHABLES. Caracterisca: Un biselado corte menor de 45\"","Unidad",10,6500,65000,"001-Ingresos corrientes"]
[null,"Unidad de Servicios de Salud Penitenciaria ","789-01","29902","900","190405",42152908,92085373,"Broca de usos Dental , redonda tipo Diamante número 4","Unidad",12,1300,15600,"001-Ingresos corrientes"]
[null,"Unidad de Servicios de Salud Penitenciaria ","789-01","29902","900","190405",42152908,92085181,"Broca de usos Dental , redonda tipo Diamante número 6","Unidad",12,1300,15600,"001-Ingresos corrientes"]
[null,"Unidad de Servicios de Salud Penitenciaria ","789-01","29902","900","190405",42152908,92118933,"BROCA USO DENTAL, CÓNICA DIAMANTE, # 700, PERNO DE ACERO INOXIDABLE O GRADO MEDICO","Unidad",12,1300,15600,"001-Ingresos corrientes"]
[null,"Unidad de Servicios de Salud Penitenciaria ","789-01","29902","900","190405",42152908,92085185,"BROCA USO DENTAL, RECTA DIAMANTE, # 556, PERNO DE ACERO INOXIDABLE O GRADO MEDICO","Unidad",12,1300,15600,"001-Ingresos corrientes"]
[null,"Unidad de Servicios de Salud Penitenciaria ","789-01","29902","900","190405",42152908,92118935,"BROCA USO DENTAL. LLAMA LARGA. DIAMANTE; 22 mm DE LONGITUD. PARA PULIR RESINA COMPUESTA. PERNO DE ACERO INOXIDABLE O GRADO MEDICO","Unidad",10,1675,16750,"001-Ingresos corrientes"]
[null,"Unidad de Servicios de Salud Penitenciaria ","789-01","29902","900","190405",42152908,92085232,"BROCA USO DENTAL. CILINDRICA CONICA. PARA CIRUGIA DE  IMPACTADOS. GRADO MEDICO =/O ACERO INOXIDABLE . MANGO CON MEDIDA 25 mm DE LARGO X 1,60 mm DE ANCHO. PARA ALTA VELOCIDAD","Unidad",10,1300,13000,"001-Ingresos corrientes"]
[null,"Unidad de Servicios de Salud Penitenciaria ","789-01","29902","900","190405",42152908,92085233,"BROCA USO DENTAL. REDONDA. PARA CIRUGIA DE  IMPACTADOS. GRADO MEDICO =/O ACERO INOXIDABLE. MANGO CON MEDIDA 25 mm DE LARGO X 1,60 mm DE ANCHO PARA ALTA VELOCIDAD","Unidad",10,1690,16900,"001-Ingresos corrientes"]
[null,"Unidad de Servicios de Salud Penitenciaria ","789-01","29902","900","190501",42151684,92158995,"PORTA AMALGAMA, FABRICADO EN ACERO INOXIDABLE (GRADO MEDICO), 2 DISPENSADORES DE MATERIAL Y/O PUNTAS, FÁCIL ACCESO A CAVIDAD DENTAL, LONGITUD TOTAL 16 cm","Unidad",5,27000,135000,"001-Ingresos corrientes"]
[null,"Unidad de Servicios de Salud Penitenciaria ","789-01","29902","900","190501",42151684,92158994,"PORTA AMALGAMA, TEFLONADO, 1 DISPENSADOR DE MATERIAL Y/O PUNTA, FORMA CURVA, LONGITUD TOTAL 17 cm","Unidad",10,16000,160000,"001-Ingresos corrientes"]
[null,"Unidad de Servicios de Salud Penitenciaria ","789-01","29902","900","190408",42152434,92085241,"AMALGAMADOR DENTAL. SISTEMA ANALOGO. CON CIZALLA METALICA O PLASTICA GRADO MEDICO. COBERTOR PLASTICO GRADO MEDICO PARA CAPSULA CON MATERIAL RESTAURADOR . TEMPORIZADOR DE 0 A 60 s, 110 V, MEDIDA  24 cm DE LARGO X 19 cm DE ANCHO","Unidad",1,290000,290000,"001-Ingresos corrientes"]
[null,"Unidad de Servicios de Salud Penitenciaria ","789-01","29902","430","190502",42151660,92085245," BROCHA PARA APLICAR ADHESIVO EN CAVIDAD DENTAL, MANGO PLASTICO, CERDAS O BROCHA PLASTICA, LONGITUD TOTAL 10 cm, RESISTENTE A ADHESIVOS DENTINARIOS, PRESENTACION PAQUETE 100 UNIDADES","Unidad",10,4150,41500,"001-Ingresos corrientes"]
[null,"Unidad de Servicios de Salud Penitenciaria ","789-01","29902","900","190413",42151621,92086182,"Para el empacado de la amalgama y rotación del instrumental estéril. Elaborado en acero inoxidable, autoclavable. Puntas de cada extremo con medidas de 2,2 mm y 1,9 mm  de diámetro","Unidad",10,4884,48840,"001-Ingresos corrientes"]
[null,"Unidad de Servicios de Salud Penitenciaria ","789-01","29902","900","190418",42151621,92103783,"PORTA MATRIZ DE ACERO INOXIDABLE, CON FACILIDAD DE MANIPULACION PARA EL AJUSTE Y CONTORNO DEL EMPASTE DENTAL.","Unidad",10,4816,48160,"001-Ingresos corrientes"]
[null,"Unidad de Servicios de Salud Penitenciaria ","789-01","29902","900","190419",42151631,92085372,"EXPLORADOR. PUNTA ROMO O REDONDA. TIPO Y/O SONDA, ATRAUMATICO, CONSTRUIDO EN ACERO INOXIDABLE GRADO MEDICO. MEDIDA 16 cm DE LONGITUD TOTAL","Unidad",10,7075,70750,"001-Ingresos corrientes"]
[null,"Unidad de Servicios de Salud Penitenciaria ","789-01","29902","900","190421",42151624,92085230,"PIEZA DE MANO ALTA VELOCIDAD, SILENCIOSA, USO ODONTOLÓGICO, CONEXIÓN TIPO BORDEN, CAMBIA FRESA X BOTON (PUSH BOOTON), PULVERIZADOR AGUA, MINIMO 3 SALIDAS, VELOCIDAD 380000-480000 RPM, TAMAÑO CABEZAL ª10, CONSUMO AIRE 34 - 37 L/min, TORQUE 10 N, RESISTENCIA MINIMA 1000 CICLOS ESTERILIZACIÓN, CUERPO ACERO INOXIDABLE, LONGITUD TOTAL 11,5 cm","Unidad",8,175000,1400000,"001-Ingresos corrientes"]
[null,"Unidad de Servicios de Salud Penitenciaria ","789-01","29902","900","190409",42151627,92082254,"ESPEJO BUCAL PLANO No.5, FABRICADO EN ACERO INOXIDABLE, QUE FORME UNA SOLA IMAGEN, A SU VEZ QUE CONTENGA EL ELEMENTO QUIMICO RODEON","Unidad",25,2500,62500,"001-Ingresos corrientes"]
[null,"Unidad de Servicios de Salud Penitenciaria ","789-01","29902","900",190424,42151502,92131219,"LOSETA DE VIDRIO PARA LA MEZCLA DE MATERIAL DENTAL, CON UN TAMAÑO DE 15 cm X 8 cm X 1,5 cm FABRICADO EN VIDRIO DE ALTA CALIDAD.","Unidad",10,4000,40000,"001-Ingresos corrientes"]
[null,"Unidad de Servicios de Salud Penitenciaria ","789-01","29902","900",190425,42152508,92103797,"JERINGA PARA CARPULE DENTAL, ACERO INOXIDABLE, EN UNA SOLA PIEZA, CON ARPON PARA ASPIRAR, MEDIDA 15 cm (+-1cm)","Unidad",10,17000,170000,"001-Ingresos corrientes"]
[null,"Unidad de Servicios de Salud Penitenciaria ","789-01","29902",900,190407,42151621,92103799,"INSTRUMENTO WESCOTT, ACERO INOXIDABLE, DE DOS EXTREMOS, MANGO TEXTURIZADO, PARA MOLDEAR SURCOS DE MEDIANA PROFUNDIDAD, MEDIDA 15 cm (+-1 cm)","Unidad",10,4810,48100,"001-Ingresos corrientes"]
[null,"Unidad de Servicios de Salud Penitenciaria ","789-01","29902",900,190412,42151621,92103792,"INSTRUMENTO CLEOIDE, DE ACERO INOXIDABLE, DE DOS EXTREMOS, MANGO TEXTURIZADO, MEDIDA 15 cm (+- 1 cm) DE LONGITUD","Unidad",10,4500,45000,"001-Ingresos corrientes"]
[null,"Unidad de Servicios de Salud Penitenciaria ","789-01","29902",900,190413,42151621,92086182," EMPACADOR DE AMALGAMA EN ACERO INOXIDABLE, AUTOCLAVABLE, PUNTAS DE CADA EXTREMO, DIAMETRO PUNTAS 2,2 mm Y 1,9 mm","Unidad",10,4500,45000,"001-Ingresos corrientes"]
[null,"Unidad de Servicios de Salud Penitenciaria ","789-01","29902","900","190414",42151613,92103814,"BRUÑIDOR PARA ALMAGAMA, DOBLE EXTREMO (UN EXTREMO MEDIANO Y EL OTRO EXTREMO MEDIANO), MANGO TEXTURIZADO, CON FACILIDAD DE MANIPULACION PARA EL AJUSTE Y CONTORNO DEL EMPASTE DENTAL.","Unidad",10,4500,45000,"001-Ingresos corrientes"]
[null,"Unidad de Servicios de Salud Penitenciaria ","789-01","29902","900","190414",42151613,92103814,"BRUÑIDOR PARA ALMAGAMA, DOBLE EXTREMO (UN EXTREMO MEDIANO Y EL OTRO EXTREMO PEQUEÑO), MANGO TEXTURIZADO, CON FACILIDAD DE MANIPULACION PARA EL AJUSTE Y CONTORNO DEL EMPASTE DENTAL.","Unidad",10,4000,40000,"001-Ingresos corrientes"]
[null,"Unidad de Servicios de Salud Penitenciaria ","789-01","29902",900,190416,42151618,92082253,"ELEVADOR RECTO, PUNTA ACTIVA AGUDA DE 3 mm DE ANCHO, FABRICADO EN ACERO INOXIDABLE, DISEÑO ERGONOMICO.","Unidad",10,13500,135000,"001-Ingresos corrientes"]
[null,"Unidad de Servicios de Salud Penitenciaria ","789-01","29902","900",190415,42294003,92103780,"CUCHARA QUIRÚRGICA, DOBLE EXTREMO (UN EXTREMO MEDIANO Y EL OTRO EXTREMO PEQUEÑO), DE ACERO INOXIDABLE, MANGO TEXTURIZADO, CON FACILIDAD DE MANIPULACIÓN  PARA REMOVER CARIES DENTAL","Unidad",10,4000,40000,"001-Ingresos corrientes"]
[null,"Unidad de Servicios de Salud Penitenciaria ","789-01","29902","900","190416",42151618,92082255,"ELEVADOR BANDERA DERECHO, ANGULADO A MESIAL, PARA REMOVER PEQUEÑOS RESTOS RADICULARES, FABRICADO EN ACERO INOXIDABLE (ÁPICES RADICULARES)","Unidad",10,8950,89500,"001-Ingresos corrientes"]
[null,"Unidad de Servicios de Salud Penitenciaria ","789-01","29902","900",190503,42151623,92169846,"PINZA PARA REDUCIR HUESO, CONSTRUIDA DE ACERO INOXIDABLE, MANGO CON ESTRÍAS, LARGO 15 cm (+ - 1 cm).","Unidad",5,18000,90000,"001-Ingresos corrientes"]
[null,"Unidad de Servicios de Salud Penitenciaria ","789-01","29902",900,190422,42151624,92100976,"MICROMOTOR PARA USO ODONTOLOGICO , BAJA VELOCIDAD, COMPATIBLE CON CONTRANGULO , 60 N/cm, FIBRA OPTICA","Unidad",5,175000,875000,"001-Ingresos corrientes"]
[null,"Unidad de Servicios de Salud Penitenciaria ","789-01","29902",255,170301,42151623,92085354,"FORCEPS UNIVERSAL PARA MOLARES SUPERIORES DE O PARA ADULTO INSTRUMENTO QUIRURGICO DE ACERO INOXIDABLE. . CON AMBAS TERMINALES O EXTREMOS ACTIVOS, SIMILARES A PICO LORO.  MEDIDA 17 cm DE LONGITUD","Unidad",5,22000,110000,"001-Ingresos corrientes"]
[null,"Unidad de Servicios de Salud Penitenciaria ","789-01","29902",255,170301,42151623,92103786,"FORCEPS PARA DIENTES ANTERIORES SUPERIORES, PARA ADULTO, INSTRUMENTO QUIRURGICO, ACERO INOXIDABLE, MEDIDA 17 cm (+-1cm)","Unidad",5,22000,110000,"001-Ingresos corrientes"]
[null,"Unidad de Servicios de Salud Penitenciaria ","789-01","29902","900","190421",42293603,92126355,"SONDA DE ACERO INOXIDABLE, QUIRURGICA ,LONGITUD 115 mm LARGO ESTILO ACANALADA, PARA USO MEDICO","Unidad",10,1750,17500,"001-Ingresos corrientes"]
[null,"Unidad de Servicios de Salud Penitenciaria ","789-01","29902","030","000200",42151685,92176537,"ALGODÓN HEMOSTÁTICO DE GELATINA PORCINA, USO DENTAL, ABSORBIBLE, MEDIDA 1 cm x 1 cm x 1 cm, EMPAQUE INDIVIDUAL, ESTÉRIL.","Unidad",10,7700,77000,"001-Ingresos corrientes"]
[null,"Unidad de Servicios de Salud Penitenciaria ","789-01","29902",900,"011060",42141502,92069149,"APLICADORES O MICRO PINCELES DE ADHESIVO DENTAL, TAMAÑO MEDIO, FIBRAS NO ABSORBENTES, CAPACIDAD DE SUSPENDER 1/8 DE GOTA, CABEZAL DE PRECISION 2 mm, CAJA 100 UNIDADES","Unidad",10,4500,45000,"001-Ingresos corrientes"]
[null,"Unidad de Servicios de Salud Penitenciaria ","789-01","29902",255,"000100",42152902,92157012,"BANDA MYLAR, TRANSPARENTE, DESECHABLE, DE 50,8 mm DE ANCHO X 0,05 mm DE ESPESOR, PRESENTACIÓN CAJA DE 50 UNIDADES","Unidad",10,4000,40000,"001-Ingresos corrientes"]
[null,"Unidad de Servicios de Salud Penitenciaria ","789-01","29902",255,170302,42281916,92033702,"BOLSA AUTO-SELLANTE, MEDIDAS 85 mm - 95 mm ANCHO X 250 mm - 260 mm LARGO PARA ESTERILIZAR","Unidad",100,1000,100000,"001-Ingresos corrientes"]
[null,"Unidad de Servicios de Salud Penitenciaria ","789-01","29902","115","000800",42151663,92099199,"CUÑAS DE MADERA","Unidad",15,8000,120000,"001-Ingresos corrientes"]
[null,"Unidad de Servicios de Salud Penitenciaria ","789-01","29902","080","000051",53131504,92087124," HILO DENTAL ENCERADO , FIBRAS RESISTENTES A DESHILACHARSE Y DESGASTARSE, SABOR A MENTA, EN CAJA DE 25 m","Unidad",20,2500,50000,"001-Ingresos corrientes"]
[null,"Unidad de Servicios de Salud Penitenciaria ","789-01","29902","900","000030",42281807,92016575,"CINTAS INDICADORAS DE ESTERILIZACIÓN, PRUEBAS CONTROL BIOLÓGICO VAPOR CON CICLOS DE 121°C (250°F) SIN VACIO Y 132°C (270°F) CON VACIO, CAJA 50 UNIDADES","Unidad",10,18900,189000,"001-Ingresos corrientes"]
[null,"Unidad de Servicios de Salud Penitenciaria ","789-01","29902",255,"000220",42151806,92160469," TIRA DE LIJA PARA OBTURAR RESINA , FLEXIBLE Y DELGADA, DE POLIESTER RESISTENTE Y CUBIERTA DE MICROPARTICULA DE ALUMINA (OXIDO DE ALUMINIO), GRANULO MEDIO, CON CENTRO NEUTRO PARA PULIDO (SUPERFICIE), LISA Y BRILLANTE DEL COMPOSITE, MEDIDA 4 mm X 150 mm (+/- 1 mm). PRESENTACION ENVASE DE 100 UNIDADES.","Unidad",12,4950,59400,"001-Ingresos corrientes"]
[null,"Unidad de Servicios de Salud Penitenciaria ","789-01","29902",255,180801,42151806,92160473," TIRA DE LIJA PARA OBTURAR AMALGAMA , FLEXIBLE Y DELGADA, DE ACERO INOXIDABLE Y GRANULO MEDIO, DE ALTA RESISTENCIA AL PULIR LA AMALGAMA, CALIBRE 4 mm X 150 mm (+/- 1 mm). PRESENTACION ENVASE DE 12 UNIDADES.","Unidad",10,5600,56000,"001-Ingresos corrientes"]
[null,"Unidad de Servicios de Salud Penitenciaria ","789-01","29902","900",161110,42152425,92156113," RESINA DE DIMETACRILATO DE URETANO, COMPATIBLE CON TECNICAS ADHESIVAS, PARA BASE INTERMEDIA, ESTIMULAR Y/O FORMAR DENTINA, POR LIBERACION DE CALCIO, HIDROXILO, FOSFATO E IONES FLUORURO, LIBRE DE BIFENOL A Y DEMAS DERIVADOS DEL BPA, RADIOPACA Y FOTOPOLIMERIZABLE. PRESENTACION JERINGA DE 1,2 mL","Unidad",10,9000,90000,"001-Ingresos corrientes"]
[null,"Unidad de Servicios de Salud Penitenciaria ","789-01","29902",900,190505,41106214,92135628,"INTEGRADOR QUÍMICO PARA CONTROL DE AUTOCLAVADO  PAQUETES CON 100 UNIDADES. Medidas: 10cmlargo(+,-0.5)x2(+,-0.5)cm de ancho","Unidad",10,18900,189000,"001-Ingresos corrientes"]
[null,"Unidad de Servicios de Salud Penitenciaria ","789-01","29902",900,190428,42151636,92101458,"INSERTO DE CAVITRÓN 25K, 10 PSI PARA LA REMOCIÓN DE CÁLCULOS SUPRAGINGIVIALES, PUNTA DE TRABAJO EN ACERO INOXIDABLE, EL MANGO PLÁSTICO Inserto de Cavitrón 25 K PSI 10 Inserto para de tartrajedental, de irrigación interna con rocío focalizado.ESPECIFICACIONES Ideal para la remoción de cálculos supragingiviales,se puede utilizar con potencia de baja a media.No tiene tubos externos. Menor Spray de agua COMPOSICIÓN Material El apilado magnetoestrictivo en permanickel.El Cuerpo de conexión en acero inoxidable de 17-4PH. La punta de trabajo ade acero inoxidable Tipo 420. El mango plástico esta molde adoa alta temperatura en polímero de cristal líquido.","Unidad",10,80000,800000,"001-Ingresos corrientes"]
[null,"Unidad de Servicios de Salud Penitenciaria ","789-01","29902",900,190504,42151635,92201622,"EYECTORES (SUCTORES)DE SALIVA PLÁSTICOS,TRANSPARENTES CON TAPA AZUL,DESCARTABLES Y AJUSTABLE A LA BOCA,MEDIDA15cm LARGO, SIN EFECTO MEMORIA,PRESENTACION EMPAQUES CON 100 UNIDADES.","Unidad",200,1880,376000,"001-Ingresos corrientes"]
[null,"Unidad de Servicios de Salud Penitenciaria ","789-01","29902",900,161107,42282010,92201401,"LIMPIADOR ENZIMATICO, PARA DESINFECTAR EQUIPO E INSTRUMENTAL MEDICO DENTAL,TABLETA 2,7g, A BASE DE DICLOROISOCIANURATO SODIO AL 60%, PARA DILUIREN AGUA, PRESENTACIÓN EMPAQUE 30 UNIDADES","Unidad",15,12000,180000,"001-Ingresos corrientes"]
[null,"Unidad de Servicios de Salud Penitenciaria ","789-01","29902",255,"001500",42152010,92020548,"PELÍCULA RADIOGRÁFICA DENTAL,TIPO PERIPICAL #2","Unidad",10,45000,450000,"001-Ingresos corrientes"]
[null,"Unidad de Servicios de Salud Penitenciaria ","789-01","29902",900,161110,42152425,92157427,"RESINA PARA RESTAURACIONES ANTERO -\nPOSTERIORES DE NANORELLENO, COLOR A 1,\nESMALTE 4 g\nResina para Restauraciones Antero-posteriores de\nNanorelleno cuyo tamaño de partícula sean igual o\nmenor a 100 nanómetros esta característica deberá\nser certificada por la casa fabricante o indicarse en\nla literatura del producto matriz orgánica de tipo\nbis\n","Unidad",10,12000,120000,"001-Ingresos corrientes"]
[null,"Unidad de Servicios de Salud Penitenciaria ","789-01",29902,900,161110,42152425,92157430,"JERINGA DE RESINA, PARA RESTAURACIONES\nDENTALES ANTERIORES Y POSTERIORES, TONO A\n2 ESMALTE, PRESENTACIÓN 4 g\nExcelente pulido y retención de pulido frente a los\nmicro rellenos, optima fluorescencia, codificada\nsegún la opacidad, material radiopaco, fácil\nmanipulación .\nLibre de HEMA, TEGDMA, BISDMA","Unidad",10,12000,{"$f":"K1337*L1337","v":120000},"001-Ingresos corrientes"]
[null,"Unidad de Servicios de Salud Penitenciaria ","789-01","29902","900",161110,42152425,92178593,"JERINGA PARA RESINA, PARA RESTAURACIONES\nDENTALES ANTERIORES Y POSTERIORES, TONO A\n3,5, EFECTO CAMALEÓNICO, PRESENTACIÓN 4 g.\nJERINGA PARA RESINA, TONO A 3,5, DE 4 g\n(EFECTO CAMALEÓNICO) EXCELENTE PULIDO Y\nRETENCIÓN DE PULIDO FRENTE A LOS MICRO\nRELLENOS, OPTIMA FLUORESCENCIA\nCODIFICADA SEGÚN LA CAPACIDAD, MATERIAL\nRADIOPACO, FÁCIL MANIPULACIÓN.\nLibre de HEMA, TEGDMA, BISDMA.","Unidad",10,12000,120000,"001-Ingresos corrientes"]
[null,"Unidad de Servicios de Salud Penitenciaria ","789-01","29902","900",161110,42152425,92157404,"RESINA PARA RESTAURACIONES ANTERO\nPOSTERIORES DE DE NANORELLENO COLOR A3,\nTAMAÑO DE PARTÍCULA QUE SEAN IGUAL O\nMENOR A 100 NANÓMETROS, TIEMPO DE\nPOLIMERIZACIÓN DE 20 s POR CAPA DE 1,5 A 2\nmm, PRESENTACIÓN JERINGA DE 4 g\nLibre de HEMA, TEGDMA, BISDMA.","Unidad",10,12000,120000,"001-Ingresos corrientes"]
[null,"Unidad de Servicios de Salud Penitenciaria ","789-01","29902","900",161110,42152425,92178453,"RESINA PARA RESTAURACIONES DENTALES\nANTERIORES Y POSTERIORES TONO B1, EFECTO\nCAMALEONICO, PRESENTACION EN JERINGAS DE\n4 g. QUE SEA DE EXCELENTE PULIDO Y\nRETENCIÓN FRENTE A LOS MICRORELLENOS,\nOPTIMA FLUORESCENCIA CODIFICADA SEGÚN LA\nCAPACIDAD. MATERIAL RADIOPACO. FACIL\nMANIPULACIÓN. LIBRE DE BPA Y DERIVADOS.\nLibre de HEMA, TEGDEMA, BISDEMA.","Unidad",10,12000,120000,"001-Ingresos corrientes"]
[null,"Unidad de Servicios de Salud Penitenciaria ","789-01","29902","900",190601,51172836,92085343,"ACIDO FOSFORICO AL 37%, PRESENTACION\nJERINGA 12 g, PARA GRABAR ACIDO DE LA\nESTRUCTURA DEL DIENTE","Unidad",10,8000,80000,"001-Ingresos corrientes"]
[null,"Unidad de Servicios de Salud Penitenciaria ","789-01","29902",900,200608,42152425,92239448,"Resina Humectante, líquida fotocurable, jeringa de 1,2cc con 2 puntas de aplicación","Unidad",8,13670,205050,"001-Ingresos corrientes"]
[null,"Unidad de Servicios de Salud Penitenciaria ","789-01","29902",900,161110,42152425,92224030,"RESINA FORMA COLOR A2","Unidad",8,16275,{"$f":"K1343*L1343","v":130200},"001-Ingresos corrientes"]
[null,"Unidad de Servicios de Salud Penitenciaria ","789-01","29902","900",161110,42152425,92224012,"RESINA FORMA COLOR A3.","Unidad",8,16275,{"$f":"K1344*L1344","v":130200},"001-Ingresos corrientes"]
[null,"Unidad de Servicios de Salud Penitenciaria ","789-01","29902","900",161110,42152425,92224048,"RESINA FORMA COLOR A3.5","Unidad",8,16275,{"$f":"K1345*L1345","v":130200},"001-Ingresos corrientes"]
[null,"Unidad de Servicios de Salud Penitenciaria ","789-01","29902","900",190418,42151621,92103783,"BANDA PARA MATRIZ","Unidad",35,1000,{"$f":"K1346*L1346","v":35000},"001-Ingresos corrientes"]
[null,"Unidad de Servicios de Salud Penitenciaria ","789-01","29902","900",200609,42152913,92243266,"BANDEJA METALICA PARA INSTRUMENTAL","Unidad",8,10000,100000,"001-Ingresos corrientes"]
[null,"Unidad de Servicios de Salud Penitenciaria ","789-01","29902",900,200607,42151807,922243509,"Cepillos para pulir resina en forma redonda con fibra de partículas pulidora de carburo de silicón","Unidad",8,7000,105000,"001-Ingresos corrientes"]
[null,"Unidad de Servicios de Salud Penitenciaria ","789-01","29902",900,180802,42211501,92064456,"BASTÓN DE 4 PUNTOS DE APOYO AJUSTABLE EN ALUMINIO, CON AGARRADERA ACOLCHADA Y TAPÓN ANTIDESLIZANTE. TAMAÑO MÍNIMO 76,2 cm (30 Pulg), MÁXIMO 99,6 cm (39 Pulg)","Unidad",2,85000,170000,"001-Ingresos corrientes"]
[null,"Unidad de Servicios de Salud Penitenciaria ","789-01","29902","900","016100",53131622,92180416,"PRESERVATIVO DE LÁTEX NATURAL, LISOS, TRANSPARENTES, SIMÉTRICOS, CON DEPÓSITO. LUBRICADOS CON SILICONA DE GRADO MÉDICO. EN PRESENTACIÓN DE 100 UNIDADES, CADA UNA EMPACADA INDIVIDUALMENTE.","Unidad",150,120,18000,"001-Ingresos corrientes"]
[null,"Unidad de Servicios de Salud Penitenciaria ","789-01","29902","045","000005",42311511,92081965,"GASA USO MEDICO, NO ESTERIL, MEDIDAS DE 5 cm x 5 cm (2 Pulg. x 2 Pulg.) +-1 cm. 100% ALGODÓN","Unidad",10,1500,15000,"001-Ingresos corrientes"]
[null,"Unidad de Servicios de Salud Penitenciaria ","789-01","29902","900",190401,41114509,92003734,"ESFINGOMANOMETRO ANEROIDE PORTATIL DE LIBRE ENGRANAJE Sistema durashock,conrotación 360 grados para facilitar la visión, con brazalete diseñado para uso exacto a la arteria branquial de cualquier brazo con medidas convenientes ,libre de la texy una sola pieza.","Unidad",1,65000,65000,"001-Ingresos corrientes"]
[null,"Unidad de Servicios de Salud Penitenciaria ","789-01","29902","900",190429,42182103,42007791,"Estetoscopio","Unidad",3,45000,135000,"001-Ingresos corrientes"]
[null,"Unidad de Servicios de Salud Penitenciaria ","789-01","29902",900,200610,42182015,92033726,"Espéculo descartable de polipropileno de 4-5 mm, para otoscopio de adulto ","Unidad",100,200,20000,"001-Ingresos corrientes"]
[null,"Unidad de Servicios de Salud Penitenciaria ","789-01","29902",900,190506,42191607,92080007,"\nBIOMBO CON TUBO DE ALUMINIO ANODIZADO\nRESISTENTE DE 2,54 cm DE DIÁMETRO (1 Pulg).\nLOS PANELES DEL BIOMBO SON DE VINILO\nBLANCO BACTERIOSTÁTICO IGNÍFUGO DE 6 mm\nCUATRO RUEDAS CON CAPUCHÓN DE 7,62 cm (3\nPulg). FÁCIL DE MANTENER Y LIMPIAR. ALTURA\nTOTAL: 179,07 cm (70 ½ Pulg). PESO DEL\nPRODUCTO: 6803,89 g (15 lb). PESO DE ENVÍO:\n971,85 g (20 lb). MEDIDAS DE CADA PANEL CON\nBISAGRA: 142,24 cm DE ALTURA (56 Pulg), 69,85\ncm DE ANCHO (27 ½ Pulg). CON LA GUÍA DE\nBIOMBO, TUBO DE ALUMINIO ANODIZADO DE\n2,54 cm DIÁMETRO, RESISTENTE, PANELES\nVINILO BLANCO 6 mm, ALTURA 179,07 cm, 4\nRUEDAS CON CAPUCHÓN DE 7,62 cm, PESO\n","Unidad",2,85000,170000,"001-Ingresos corrientes"]
[null,"Unidad de Servicios de Salud Penitenciaria ","789-01","29903",900,"000009",42152601,92091346,"PAPEL GRADO MEDICO. PAPEL DE ARTICULAR EN FORMA DE HERRADURA, PRESENTACION EN CAJA DE 6 UNIDADES","Unidad",130,14000,{"$f":"L1356*K1356","v":1820000},"001-Ingresos corrientes"]
[null,"Unidad de Servicios de Salud Penitenciaria ","789-01","29903","900","005600",14121806,92091340,"PAPEL ENCERADO, PAPEL PARA MEZCLA DE MEDICAMENTOS DENTALES EN FORMA DE LOSETAS DE 8x8 cm EN BLOCK DE 100 UNIDADES CADA UNA","Unidad",100,3520,{"$f":"L1357*K1357","v":352000},"001-Ingresos corrientes"]
[null,"Unidad de Servicios de Salud Penitenciaria ","789-01",29903,"900","000160",14111539,92263647,"PAPEL TERMOSENSIBLE, DIMENSIONES 14 cm LARGO X 11 cm ANCHO, PRESENTACIÓN 200 HOJAS","Unidad",250,10000,2500000,"001-Ingresos corrientes"]
[null,"Unidad de Servicios de Salud Penitenciaria ","789-01","29905","900","190205",14111703,92132944,"toalla para manos","Unidad",8,15000,{"$f":"SUM(L1359*K1359)","v":120000},"001-Ingresos corrientes"]
[null,"Unidad de Servicios de Salud Penitenciaria ","789-01",29906,"215","002019",46181802,92088755,"Anteojos de seguridad ocupacional (claros)","Unidad",10,7722.73,{"$f":"+K1360*L1360","v":77227.299999999988},"001-Ingresos corrientes"]
[null,"Unidad de Servicios de Salud Penitenciaria ","789-01",29906,"215","002019",46181802,92259559,"Anteojos de seguridad ocupacional (oscuros)","Unidad",10,8140.73,{"$f":"+K1361*L1361","v":81407.299999999988},"001-Ingresos corrientes"]
[null,"Unidad de Servicios de Salud Penitenciaria ","789-01",29999,"255","000450",42152477,92163066,"PUNTAS ACCESORIAS, GUTTA PERCHA, LONGITUD 30 mm, PRESENTACION CAJA 100 PUNTAS,","Unidad",21,5369.38,{"$f":"K1362*L1362","v":112756.98},"001-Ingresos corrientes"]
[null,"Unidad de Servicios de Salud Penitenciaria ","789-01","50106","010","000600",42281508,92001796,"AUTOCLAVE AUTOMÁTICA, CON UNA CAPACIDAD DE 24,6 L, TANQUE RESERVORIO CON CAPACIDAD DE 5,3 L","Unidad",1,2000000,{"$f":"K1363*L1363","v":2000000},"280-Titulo de valores de deuda externa"]
[null,"Unidad de Servicios de Salud Penitenciaria ","789-01","50106","010","000600",42151636,92034583,"unidad ultrasonica-cavitron-","Unidad",0,{"$f":"570*590","v":336300},336300,"280-Titulo de valores de deuda externa"]
[null,"Unidad de Servicios de Salud Penitenciaria ","789-01","50106","025","000200",42182805,92007135,"Balanza clínica con altímetro, uso pediátrico","Unidad",2,200000,{"$f":"K1365*L1365","v":400000},"280-Titulo de valores de deuda externa"]
[null,"Unidad de Servicios de Salud Penitenciaria ","789-01","50106","010","002110",42271802,92161397,"nebulizador","Unidad",4,160000,640000,"280-Titulo de valores de deuda externa"]
[null,"Unidad de Servicios de Salud Penitenciaria ","789-01","50106",900,"000400",42192210,92058385,"silla de ruedas","Unidad",8,150000,1200000,"280-Titulo de valores de deuda externa"]
[null,"Unidad de Servicios de Salud Penitenciaria ","789-01","50106","025","000200",41111501,92036477,"Balanza de adulto","Unidad",5,230000,1150000,"280-Titulo de valores de deuda externa"]
[null,"Unidad de Servicios de Salud Penitenciaria ","789-01","50106","010","001500",42295104,90030152,"Electrocauterio","Unidad",1,{"$f":"(3100*590)+10%","v":1829000.1},{"$f":"(L1369*10%)+L1369","v":2011900.11},"280-Titulo de valores de deuda externa"]
[null,"Unidad de Servicios de Salud Penitenciaria ","789-01",50106,"010","000400",42201712,92159143,"Doppler Fetal","Unidad",1,475000,475000,"280-Titulo de valores de deuda externa"]
[null,"Unidad de Servicios de Salud Penitenciaria ","789-01",50106,"010","140407",42182005,92039780,"Equipo Diagnostico de pared","Unidad",4,720000,2880000,"280-Titulo de valores de deuda externa"]
[null,"Unidad de Servicios de Salud Penitenciaria ","789-01",50106,"010","180401",39101602,92007156,"Lampara de cuello de ganso","Unidad",5,250000,1250000,"280-Titulo de valores de deuda externa"]
[null,"Unidad de Servicios de Salud Penitenciaria ","789-01","50106","010","001840",42151701,92079979,"SILLON DENTAL UNIDAD DENTAL FIJA, LARGO 176 cm x ANCHO 70 cm x ALTURA 40 cm, SUCTORES DE ALTA Y BAJA POTENCIA, BOTELLA AUXILIAR ALTA TENSION 0,75 L, FILTRO Y VENTURY DE AIRE","Unidad",2,{"$f":"13200*590","v":7788000},15576000,"280-Titulo de valores de deuda externa"]
[null,"Unidad de Servicios de Salud Penitenciaria ","789-01",50106,"010","003220",42151501,92062701,"lampara de fotocurado","Unidad",3,{"$f":"856*590","v":505040},1515120,"280-Titulo de valores de deuda externa"]
[null,"Unidad de Servicios de Salud Penitenciaria ","789-01",50106,900,50,42211502,92064327,"Muletas","Unidad",8,15000,120000,"280-Titulo de valores de deuda externa"]
[null,"Unidad de Servicios de Salud Penitenciaria ","789-01",50106,900,"000040",42192207,92079463,"Cama de observación","Unidad",6,750000,4500000,"280-Titulo de valores de deuda externa"]
[null,"Unidad de Servicios de Salud Penitenciaria ","789-01",50106,"010","001000",42152008,92062402," RAYOS X DENTAL PORTÁTIL, FOCO PUNTUAL 0,8 mm, CORRIENTE 3 mA, PESO 1,9 kg, ALTO VOLTAJE 60 kV, ALIMENTACIÓN 110 VAC, TEMPORIZADOR ELECTRÓNICO 0,01 a 1,6 s, DIMENSIONES 18,13 cm ANCHO X 25,55 cm PROFUNDIDAD X 13,35 cm ALTURA, INTERFASE PARA COMPUTADORA","Unidad",1,{"$f":"3350*590","v":1976500},1976500,"280-Titulo de valores de deuda externa"]
[null,"Unidad de Servicios de Salud Penitenciaria ","789-01",50199,"160","000003",52141501,92182968,"Refrigeradora uso domestico","Unidad",2,95000,null,"280-Titulo de valores de deuda externa"]
[null,"Unidad de Servicios de Salud Penitenciaria ","789-02",10401,"000","000100",83101605,92197522,"AIRE","Unidad",1,10117.25,{"$f":"L1379*K1379","v":10117.25},"001-Ingresos corrientes"]
[null,"Unidad de Servicios de Salud Penitenciaria ","789-02",10401,"000","000100",83101605,92197522,"OXIGENO","Unidad",1,4798,{"$f":"L1380*K1380","v":4798},"001-Ingresos corrientes"]
[null,"Unidad de Servicios de Salud Penitenciaria ","789-02","20101","015","000001",15121902,92160747,"GRASA LUBRICANTE","Unidad",1,11660,11660,"001-Ingresos corrientes"]
[null,"Unidad de Servicios de Salud Penitenciaria ","789-02","20102","270","000100",41116105,92174949,"REACTIVO ACEITE DE CLAVO(EUGENOL)PRESENTACIÓN FRASCO DE 30 ml","Unidad",1,8684.5,8684.5,"001-Ingresos corrientes"]
[null,"Unidad de Servicios de Salud Penitenciaria ","789-02","20102","270","000600",42152424,92084255,"CEMENTO DENTAL DE HIDROXIDO DE CALCIO,CONCENTRACION CaOH45%PURO,JERINGA2mL, FOTOCURADO, RADIOPACO","Unidad",1,11704,11704,"001-Ingresos corrientes"]
[null,"Unidad de Servicios de Salud Penitenciaria ","789-02","20102","265","000100",51273006,92084912,"MEPIVACAINA CLORHIDRATO AL 3%, ANESTESIA CON SOLUCION, SOLUCION INYECTABLE, PRESENTACION CAPSULE 1,8mL, CAJA 50 UNIDADES.","Unidad",50,652.52,32626,"001-Ingresos corrientes"]
[null,"Unidad de Servicios de Salud Penitenciaria ","789-02","20102","040","000001",51271613,92204836,"LIDOCAINA AL 2%, SOLUCION INYECTABLE","Unidad",1,5029.2,5029.2,"001-Ingresos corrientes"]
[null,"Unidad de Servicios de Salud Penitenciaria ","789-02","20102","900","101101",42151803,92083911,"CAPSULA PREDOSIFICADA, AMALGAMA DE PLATA (PLATA 205 mg ,ESTAÑO 132 mg, COBRE 103 mg Y LIQUIDO(MERCURIO400mg),ESFERICA,SINFASE, GAMA 2, CAJA 50 UNIDADES.","Unidad",2,17017,34034,"001-Ingresos corrientes"]
[null,"Unidad de Servicios de Salud Penitenciaria ","789-02","20102","900","002020",42151905,92156115,"FLUORURO DE FOSFATO ACIDULADO,EN GEL,A 60s,AL 1,23%DEIONFLUORURO,APLICACIÓN SIN POSGUSTO AMARGO, PH=NEUTRO.PRESENTACION FRASCO DE 500 g. (+/- 10 g)","Unidad",3,20341.86,61025.58,"001-Ingresos corrientes"]
[null,"Unidad de Servicios de Salud Penitenciaria ","789-02","20102","270","000015",42152424,92084889,"ADHESIVO DE RESINA DENTAL PARA TECNICAS DE GRABADO, PARA RESTAURACIONES DIRECTAS O INDIRECTAS, FRASCO 5 Ml.Adhesivodeparaserutilizadoentécnicasdegrabadototal,autograbadoograbadoselectivodeesmalte,tantopararestauracionesdirectascomoindirectas.Sistemadedispensadorápidoyfácilparaelprocedimiento.Compatiblecontodosloscomposites. Vida útil de 24 meses como mínimo","Unidad",1,23650,23650,"001-Ingresos corrientes"]
[null,"Unidad de Servicios de Salud Penitenciaria ","789-02","20102","900","200701",51472805,92261607,"GEL HIALURONICO","Unidad",0,23920,0,"001-Ingresos corrientes"]
[null,"Unidad de Servicios de Salud Penitenciaria ","789-02","29902","900","000105",42132102,92087483,"PAPEL SÁBANA PARA CAMILLA, ROLLOS DE PAPEL\nPARA CUBRIR CAMILLA, MEDIDA 54 cm ANCHO X\n38 m LARGO","Unidad",83,1900,157700,"001-Ingresos corrientes"]
[null,"Unidad de Servicios de Salud Penitenciaria ","789-02","29902","900","001010",46182001,90030807,"MASCARILLA TIPO BOZAL DE USO ODONTOLOGICO O SIMILAR","Unidad",2,4500,9000,"001-Ingresos corrientes"]
[null,"Unidad de Servicios de Salud Penitenciaria ","789-02","29902",25,"000001",42142502,92088243,"AGUJA,LARGA,USODENTAL,BIPUNTA,TAMAÑO0,360mm(27GAUGE) ","Unidad",1,6500,6500,"001-Ingresos corrientes"]
[null,"Unidad de Servicios de Salud Penitenciaria ","789-02","29902",25,"000001",42142502,92088208,"AGUJA,CORTA,USO DENTAL, BIPUNTA,TAMAÑO 0,255mm(30GAUGE) X21 mm LARGO,DESECHABLES. Caracterisca: Un biselado corte menor de 45\"","Unidad",1,6500,6500,"001-Ingresos corrientes"]
[null,"Unidad de Servicios de Salud Penitenciaria ","789-02","29902","900","190405",42152908,92085373,"Broca de usos Dental , redonda tipo Diamante número 4","Unidad",2,1300,2600,"001-Ingresos corrientes"]
[null,"Unidad de Servicios de Salud Penitenciaria ","789-02","29902","900","190405",42152908,92085181,"Broca de usos Dental , redonda tipo Diamante número 6","Unidad",2,1300,2600,"001-Ingresos corrientes"]
[null,"Unidad de Servicios de Salud Penitenciaria ","789-02","29902","900","190405",42152908,92118933,"BROCA USO DENTAL, CÓNICA DIAMANTE, # 700, PERNO DE ACERO INOXIDABLE O GRADO MEDICO","Unidad",2,1300,2600,"001-Ingresos corrientes"]
[null,"Unidad de Servicios de Salud Penitenciaria ","789-02","29902","900","190405",42152908,92085185,"BROCA USO DENTAL, RECTA DIAMANTE, # 556, PERNO DE ACERO INOXIDABLE O GRADO MEDICO","Unidad",2,1300,2600,"001-Ingresos corrientes"]
[null,"Unidad de Servicios de Salud Penitenciaria ","789-02","29902","900","190405",42152908,92118935,"BROCA USO DENTAL. LLAMA LARGA. DIAMANTE; 22 mm DE LONGITUD. PARA PULIR RESINA COMPUESTA. PERNO DE ACERO INOXIDABLE O GRADO MEDICO","Unidad",2,1675,3350,"001-Ingresos corrientes"]
[null,"Unidad de Servicios de Salud Penitenciaria ","789-02","29902","900","190405",42152908,92085232,"BROCA USO DENTAL. CILINDRICA CONICA. PARA CIRUGIA DE  IMPACTADOS. GRADO MEDICO =/O ACERO INOXIDABLE . MANGO CON MEDIDA 25 mm DE LARGO X 1,60 mm DE ANCHO. PARA ALTA VELOCIDAD","Unidad",2,1300,2600,"001-Ingresos corrientes"]
[null,"Unidad de Servicios de Salud Penitenciaria ","789-02","29902","900","190405",42152908,92085233,"BROCA USO DENTAL. REDONDA. PARA CIRUGIA DE  IMPACTADOS. GRADO MEDICO =/O ACERO INOXIDABLE. MANGO CON MEDIDA 25 mm DE LARGO X 1,60 mm DE ANCHO PARA ALTA VELOCIDAD","Unidad",2,1690,3380,"001-Ingresos corrientes"]
[null,"Unidad de Servicios de Salud Penitenciaria ","789-02","29902","900","190501",42151684,92158995,"PORTA AMALGAMA, FABRICADO EN ACERO INOXIDABLE (GRADO MEDICO), 2 DISPENSADORES DE MATERIAL Y/O PUNTAS, FÁCIL ACCESO A CAVIDAD DENTAL, LONGITUD TOTAL 16 cm","Unidad",1,27000,27000,"001-Ingresos corrientes"]
[null,"Unidad de Servicios de Salud Penitenciaria ","789-02","29902","900","190501",42151684,92158994,"PORTA AMALGAMA, TEFLONADO, 1 DISPENSADOR DE MATERIAL Y/O PUNTA, FORMA CURVA, LONGITUD TOTAL 17 cm","Unidad",1,16000,16000,"001-Ingresos corrientes"]
[null,"Unidad de Servicios de Salud Penitenciaria ","789-02","29902","430","190502",42151660,92085245," BROCHA PARA APLICAR ADHESIVO EN CAVIDAD DENTAL, MANGO PLASTICO, CERDAS O BROCHA PLASTICA, LONGITUD TOTAL 10 cm, RESISTENTE A ADHESIVOS DENTINARIOS, PRESENTACION PAQUETE 100 UNIDADES","Unidad",1,4150,4150,"001-Ingresos corrientes"]
[null,"Unidad de Servicios de Salud Penitenciaria ","789-02","29902","900","190413",42151621,92086182,"Para el empacado de la amalgama y rotación del instrumental estéril. Elaborado en acero inoxidable, autoclavable. Puntas de cada extremo con medidas de 2,2 mm y 1,9 mm  de diámetro","Unidad",2,4884,9768,"001-Ingresos corrientes"]
[null,"Unidad de Servicios de Salud Penitenciaria ","789-02","29902","900","190418",42151621,92103783,"PORTA MATRIZ DE ACERO INOXIDABLE, CON FACILIDAD DE MANIPULACION PARA EL AJUSTE Y CONTORNO DEL EMPASTE DENTAL.","Unidad",2,4816,9632,"001-Ingresos corrientes"]
[null,"Unidad de Servicios de Salud Penitenciaria ","789-02","29902","900","190419",42151631,92085372,"EXPLORADOR. PUNTA ROMO O REDONDA. TIPO Y/O SONDA, ATRAUMATICO, CONSTRUIDO EN ACERO INOXIDABLE GRADO MEDICO. MEDIDA 16 cm DE LONGITUD TOTAL","Unidad",2,7075,14150,"001-Ingresos corrientes"]
[null,"Unidad de Servicios de Salud Penitenciaria ","789-02","29902","900","190409",42151627,92082254,"ESPEJO BUCAL PLANO No.5, FABRICADO EN ACERO INOXIDABLE, QUE FORME UNA SOLA IMAGEN, A SU VEZ QUE CONTENGA EL ELEMENTO QUIMICO RODEON","Unidad",4,1500,6000,"001-Ingresos corrientes"]
[null,"Unidad de Servicios de Salud Penitenciaria ","789-02","29902","900",190424,42151502,92131219,"LOSETA DE VIDRIO PARA LA MEZCLA DE MATERIAL DENTAL, CON UN TAMAÑO DE 15 cm X 8 cm X 1,5 cm FABRICADO EN VIDRIO DE ALTA CALIDAD.","Unidad",1,4000,4000,"001-Ingresos corrientes"]
[null,"Unidad de Servicios de Salud Penitenciaria ","789-02","29902","900","190421",42293603,92126355,"SONDA DE ACERO INOXIDABLE, QUIRURGICA ,LONGITUD 115 mm LARGO ESTILO ACANALADA, PARA USO MEDICO","Unidad",4,1750,7000,"001-Ingresos corrientes"]
[null,"Unidad de Servicios de Salud Penitenciaria ","789-02","29902","900",200609,42152913,92243266,"BANDEJA METALICA PARA INSTRUMENTAL","Unidad",1,10000,{"$f":"L1410*K1410","v":10000},"001-Ingresos corrientes"]
[null,"Unidad de Servicios de Salud Penitenciaria ","789-02","29902","045","000005",42311511,92081965,"GASA USO MEDICO, NO ESTERIL, MEDIDAS DE 5 cm x 5 cm (2 Pulg. x 2 Pulg.) +-1 cm. 100% ALGODÓN","Unidad",50,1500,75000,"001-Ingresos corrientes"]
[null,"Unidad de Servicios de Salud Penitenciaria ","789-02","29902","900",190401,41114509,92003734,"ESFINGOMANOMETRO ANEROIDE PORTATIL DE LIBRE ENGRANAJE Sistema durashock,conrotación 360 grados para facilitar la visión, con brazalete diseñado para uso exacto a la arteria branquial de cualquier brazo con medidas convenientes ,libre de la texy una sola pieza.","Unidad",1,65000,65000,"001-Ingresos corrientes"]
[null,"Unidad de Servicios de Salud Penitenciaria ","789-02","29902","900",190429,42182103,42007791,"Estetoscopio","Unidad",1,45000,45000,"001-Ingresos corrientes"]
[null,"Unidad de Servicios de Salud Penitenciaria ","789-02","29902",900,200610,42182015,92033726,"Espéculo descartable de polipropileno de 4-5 mm, para otoscopio de adulto ","Unidad",2490,200,498000,"001-Ingresos corrientes"]
[null,"Unidad de Servicios de Salud Penitenciaria ","789-02","29902",900,190506,42191607,92080007,"\nBIOMBO CON TUBO DE ALUMINIO ANODIZADO\nRESISTENTE DE 2,54 cm DE DIÁMETRO (1 Pulg).\nLOS PANELES DEL BIOMBO SON DE VINILO\nBLANCO BACTERIOSTÁTICO IGNÍFUGO DE 6 mm\nCUATRO RUEDAS CON CAPUCHÓN DE 7,62 cm (3\nPulg). FÁCIL DE MANTENER Y LIMPIAR. ALTURA\nTOTAL: 179,07 cm (70 ½ Pulg). PESO DEL\nPRODUCTO: 6803,89 g (15 lb). PESO DE ENVÍO:\n971,85 g (20 lb). MEDIDAS DE CADA PANEL CON\nBISAGRA: 142,24 cm DE ALTURA (56 Pulg), 69,85\ncm DE ANCHO (27 ½ Pulg). CON LA GUÍA DE\nBIOMBO, TUBO DE ALUMINIO ANODIZADO DE\n2,54 cm DIÁMETRO, RESISTENTE, PANELES\nVINILO BLANCO 6 mm, ALTURA 179,07 cm, 4\nRUEDAS CON CAPUCHÓN DE 7,62 cm, PESO\n","Unidad",1,85000,85000,"001-Ingresos corrientes"]
[null,"Unidad de Servicios de Salud Penitenciaria ","789-02","29903",900,"000009",42152601,92091346,"PAPEL GRADO MEDICO. PAPEL DE ARTICULAR EN FORMA DE HERRADURA, PRESENTACION EN CAJA DE 6 UNIDADES","Unidad",10,14000,140000,"001-Ingresos corrientes"]
[null,"Unidad de Servicios de Salud Penitenciaria ","789-02","29903","900","005600",14121806,92091340,"PAPEL ENCERADO, PAPEL PARA MEZCLA DE MEDICAMENTOS DENTALES EN FORMA DE LOSETAS DE 8x8 cm EN BLOCK DE 100 UNIDADES CADA UNA","Unidad",10,3520,35200,"001-Ingresos corrientes"]
[null,"Unidad de Servicios de Salud Penitenciaria ","789-02",29903,"900","000160",14111539,92263647,"PAPEL TERMOSENSIBLE, DIMENSIONES 14 cm LARGO X 11 cm ANCHO, PRESENTACIÓN 200 HOJAS","Unidad",15,10000,150000,"001-Ingresos corrientes"]
[null,"Unidad de Servicios de Salud Penitenciaria ","789-02","29905","900","190205",14111703,92132944,"toalla para manos","Unidad",8,15000,120000,"001-Ingresos corrientes"]
[null,"Unidad de Servicios de Salud Penitenciaria ","789-02",29906,"215","002019",46181802,92088755,"Anteojos de seguridad ocupacional (claros)","Unidad",2,7722.73,15445.46,"001-Ingresos corrientes"]
[null,"Unidad de Servicios de Salud Penitenciaria ","789-02",29906,"215","002019",46181802,92259559,"Anteojos de seguridad ocupacional (oscuros)","Unidad",1,8140.73,8140.73,"001-Ingresos corrientes"]
[null,"Unidad de Servicios de Salud Penitenciaria ","789-02",29999,"255","000450",42152477,92163066,"PUNTAS ACCESORIAS, GUTTA PERCHA, LONGITUD 30 mm, PRESENTACION CAJA 100 PUNTAS,","Unidad",10,5369.38,53693.8,"001-Ingresos corrientes"]
[null,"Unidad de Servicios de Salud Penitenciaria ","789-02","50106","010","001500",42295104,90030152,"Electrocauterio","Unidad",1,450000,450000,"280-Titulo de valores de deuda externa"]
[null,"Unidad de Servicios de Salud Penitenciaria ","789-03",10401,"000","000100",83101605,92197522,"AIRE","Unidad",1,10117.25,{"$f":"L1424*K1424","v":10117.25},"001-Ingresos corrientes"]
[null,"Unidad de Servicios de Salud Penitenciaria ","789-03",10401,"000","000100",83101605,92197522,"OXIGENO","Unidad",1,4798,{"$f":"L1425*K1425","v":4798},"001-Ingresos corrientes"]
[null,"Unidad de Servicios de Salud Penitenciaria ","789-03","20101","015","000001",15121902,92160747,"GRASA LUBRICANTE","Unidad",1,11660,11660,"001-Ingresos corrientes"]
[null,"Unidad de Servicios de Salud Penitenciaria ","789-03","20102","270","000100",41116105,92174949,"REACTIVO ACEITE DE CLAVO(EUGENOL)PRESENTACIÓN FRASCO DE 30 ml","Unidad",1,8684.5,8684.5,"001-Ingresos corrientes"]
[null,"Unidad de Servicios de Salud Penitenciaria ","789-03","20102","270","000600",42152424,92084255,"CEMENTO DENTAL DE HIDROXIDO DE CALCIO,CONCENTRACION CaOH45%PURO,JERINGA2mL, FOTOCURADO, RADIOPACO","Unidad",1,11704,11704,"001-Ingresos corrientes"]
[null,"Unidad de Servicios de Salud Penitenciaria ","789-03","20102","265","000100",51273006,92084912,"MEPIVACAINA CLORHIDRATO AL 3%, ANESTESIA CON SOLUCION, SOLUCION INYECTABLE, PRESENTACION CAPSULE 1,8mL, CAJA 50 UNIDADES.","Unidad",1,652.52,652.52,"001-Ingresos corrientes"]
[null,"Unidad de Servicios de Salud Penitenciaria ","789-03","20102","040","000001",51271613,92204836,"LIDOCAINA AL 2%, SOLUCION INYECTABLE","Unidad",null,5029.2,0,"001-Ingresos corrientes"]
[null,"Unidad de Servicios de Salud Penitenciaria ","789-03","20102","900","101101",42151803,92083911,"CAPSULA PREDOSIFICADA, AMALGAMA DE PLATA (PLATA 205 mg ,ESTAÑO 132 mg, COBRE 103 mg Y LIQUIDO(MERCURIO400mg),ESFERICA,SINFASE, GAMA 2, CAJA 50 UNIDADES.","Unidad",35,17017,595595,"001-Ingresos corrientes"]
[null,"Unidad de Servicios de Salud Penitenciaria ","789-03","20102","900","002020",42151905,92156115,"FLUORURO DE FOSFATO ACIDULADO,EN GEL,A 60s,AL 1,23%DEIONFLUORURO,APLICACIÓN SIN POSGUSTO AMARGO, PH=NEUTRO.PRESENTACION FRASCO DE 500 g. (+/- 10 g)","Unidad",1,20341.86,20341.86,"001-Ingresos corrientes"]
[null,"Unidad de Servicios de Salud Penitenciaria ","789-03","20102","270","000015",42152424,92084889,"ADHESIVO DE RESINA DENTAL PARA TECNICAS DE GRABADO, PARA RESTAURACIONES DIRECTAS O INDIRECTAS, FRASCO 5 Ml.Adhesivodeparaserutilizadoentécnicasdegrabadototal,autograbadoograbadoselectivodeesmalte,tantopararestauracionesdirectascomoindirectas.Sistemadedispensadorápidoyfácilparaelprocedimiento.Compatiblecontodosloscomposites. Vida útil de 24 meses como mínimo","Unidad",2,23650,47300,"001-Ingresos corrientes"]
[null,"Unidad de Servicios de Salud Penitenciaria ","789-03","29902","900","000105",42132102,92087483,"PAPEL SÁBANA PARA CAMILLA, ROLLOS DE PAPEL\nPARA CUBRIR CAMILLA, MEDIDA 54 cm ANCHO X\n38 m LARGO","Unidad",80,1900,152000,"001-Ingresos corrientes"]
[null,"Unidad de Servicios de Salud Penitenciaria ","789-03","29902","900","001010",46182001,90030807,"MASCARILLA TIPO BOZAL DE USO ODONTOLOGICO O SIMILAR","Unidad",1,4500,4500,"001-Ingresos corrientes"]
[null,"Unidad de Servicios de Salud Penitenciaria ","789-03","29902",25,"000001",42142502,92088243,"AGUJA,LARGA,USODENTAL,BIPUNTA,TAMAÑO0,360mm(27GAUGE) ","Unidad",1,6500,6500,"001-Ingresos corrientes"]
[null,"Unidad de Servicios de Salud Penitenciaria ","789-03","29902",25,"000001",42142502,92088208,"AGUJA,CORTA,USO DENTAL, BIPUNTA,TAMAÑO 0,255mm(30GAUGE) X21 mm LARGO,DESECHABLES. Caracterisca: Un biselado corte menor de 45\"","Unidad",1,6500,6500,"001-Ingresos corrientes"]
[null,"Unidad de Servicios de Salud Penitenciaria ","789-03","29902","900","190405",42152908,92085373,"Broca de usos Dental , redonda tipo Diamante número 4","Unidad",1,1300,1300,"001-Ingresos corrientes"]
[null,"Unidad de Servicios de Salud Penitenciaria ","789-03","29902","900","190405",42152908,92085181,"Broca de usos Dental , redonda tipo Diamante número 6","Unidad",1,1300,1300,"001-Ingresos corrientes"]
[null,"Unidad de Servicios de Salud Penitenciaria ","789-03","29902","900","190405",42152908,92118933,"BROCA USO DENTAL, CÓNICA DIAMANTE, # 700, PERNO DE ACERO INOXIDABLE O GRADO MEDICO","Unidad",1,1300,1300,"001-Ingresos corrientes"]
[null,"Unidad de Servicios de Salud Penitenciaria ","789-03","29902","900","190405",42152908,92085185,"BROCA USO DENTAL, RECTA DIAMANTE, # 556, PERNO DE ACERO INOXIDABLE O GRADO MEDICO","Unidad",1,1300,1300,"001-Ingresos corrientes"]
[null,"Unidad de Servicios de Salud Penitenciaria ","789-03","29902","900","190405",42152908,92118935,"BROCA USO DENTAL. LLAMA LARGA. DIAMANTE; 22 mm DE LONGITUD. PARA PULIR RESINA COMPUESTA. PERNO DE ACERO INOXIDABLE O GRADO MEDICO","Unidad",1,1675,1675,"001-Ingresos corrientes"]
[null,"Unidad de Servicios de Salud Penitenciaria ","789-03","29902","900","190405",42152908,92085232,"BROCA USO DENTAL. CILINDRICA CONICA. PARA CIRUGIA DE  IMPACTADOS. GRADO MEDICO =/O ACERO INOXIDABLE . MANGO CON MEDIDA 25 mm DE LARGO X 1,60 mm DE ANCHO. PARA ALTA VELOCIDAD","Unidad",1,1300,1300,"001-Ingresos corrientes"]
[null,"Unidad de Servicios de Salud Penitenciaria ","789-03","29902","900","190405",42152908,92085233,"BROCA USO DENTAL. REDONDA. PARA CIRUGIA DE  IMPACTADOS. GRADO MEDICO =/O ACERO INOXIDABLE. MANGO CON MEDIDA 25 mm DE LARGO X 1,60 mm DE ANCHO PARA ALTA VELOCIDAD","Unidad",1,1690,1690,"001-Ingresos corrientes"]
[null,"Unidad de Servicios de Salud Penitenciaria ","789-03","29902","900","190501",42151684,92158995,"PORTA AMALGAMA, FABRICADO EN ACERO INOXIDABLE (GRADO MEDICO), 2 DISPENSADORES DE MATERIAL Y/O PUNTAS, FÁCIL ACCESO A CAVIDAD DENTAL, LONGITUD TOTAL 16 cm","Unidad",1,27000,27000,"001-Ingresos corrientes"]
[null,"Unidad de Servicios de Salud Penitenciaria ","789-03","29902","900","190501",42151684,92158994,"PORTA AMALGAMA, TEFLONADO, 1 DISPENSADOR DE MATERIAL Y/O PUNTA, FORMA CURVA, LONGITUD TOTAL 17 cm","Unidad",1,16000,16000,"001-Ingresos corrientes"]
[null,"Unidad de Servicios de Salud Penitenciaria ","789-03","29902","430","190502",42151660,92085245," BROCHA PARA APLICAR ADHESIVO EN CAVIDAD DENTAL, MANGO PLASTICO, CERDAS O BROCHA PLASTICA, LONGITUD TOTAL 10 cm, RESISTENTE A ADHESIVOS DENTINARIOS, PRESENTACION PAQUETE 100 UNIDADES","Unidad",1,4150,4150,"001-Ingresos corrientes"]
[null,"Unidad de Servicios de Salud Penitenciaria ","789-03","29902","900","190413",42151621,92086182,"Para el empacado de la amalgama y rotación del instrumental estéril. Elaborado en acero inoxidable, autoclavable. Puntas de cada extremo con medidas de 2,2 mm y 1,9 mm  de diámetro","Unidad",1,4884,4884,"001-Ingresos corrientes"]
[null,"Unidad de Servicios de Salud Penitenciaria ","789-03","29902","900","190418",42151621,92103783,"PORTA MATRIZ DE ACERO INOXIDABLE, CON FACILIDAD DE MANIPULACION PARA EL AJUSTE Y CONTORNO DEL EMPASTE DENTAL.","Unidad",1,4816,4816,"001-Ingresos corrientes"]
[null,"Unidad de Servicios de Salud Penitenciaria ","789-03","29902","900","190419",42151631,92085372,"EXPLORADOR. PUNTA ROMO O REDONDA. TIPO Y/O SONDA, ATRAUMATICO, CONSTRUIDO EN ACERO INOXIDABLE GRADO MEDICO. MEDIDA 16 cm DE LONGITUD TOTAL","Unidad",1,7075,7075,"001-Ingresos corrientes"]
[null,"Unidad de Servicios de Salud Penitenciaria ","789-03","29902","900","190421",42151624,92085230,"PIEZA DE MANO ALTA VELOCIDAD, SILENCIOSA, USO ODONTOLÓGICO, CONEXIÓN TIPO BORDEN, CAMBIA FRESA X BOTON (PUSH BOOTON), PULVERIZADOR AGUA, MINIMO 3 SALIDAS, VELOCIDAD 380000-480000 RPM, TAMAÑO CABEZAL ª10, CONSUMO AIRE 34 - 37 L/min, TORQUE 10 N, RESISTENCIA MINIMA 1000 CICLOS ESTERILIZACIÓN, CUERPO ACERO INOXIDABLE, LONGITUD TOTAL 11,5 cm","Unidad",1,175000,175000,"001-Ingresos corrientes"]
[null,"Unidad de Servicios de Salud Penitenciaria ","789-03","29902","900","190409",42151627,92082254,"ESPEJO BUCAL PLANO No.5, FABRICADO EN ACERO INOXIDABLE, QUE FORME UNA SOLA IMAGEN, A SU VEZ QUE CONTENGA EL ELEMENTO QUIMICO RODEON","Unidad",5,1500,7500,"001-Ingresos corrientes"]
[null,"Unidad de Servicios de Salud Penitenciaria ","789-03","29902","900",190424,42151502,92131219,"LOSETA DE VIDRIO PARA LA MEZCLA DE MATERIAL DENTAL, CON UN TAMAÑO DE 15 cm X 8 cm X 1,5 cm FABRICADO EN VIDRIO DE ALTA CALIDAD.","Unidad",1,4000,4000,"001-Ingresos corrientes"]
[null,"Unidad de Servicios de Salud Penitenciaria ","789-03","29902","900","190421",42293603,92126355,"SONDA DE ACERO INOXIDABLE, QUIRURGICA ,LONGITUD 115 mm LARGO ESTILO ACANALADA, PARA USO MEDICO","Unidad",4,1750,7000,"001-Ingresos corrientes"]
[null,"Unidad de Servicios de Salud Penitenciaria ","789-03","29902","115","000800",42151663,92099199,"CUÑAS DE MADERA","Unidad",1,8000,8000,"001-Ingresos corrientes"]
[null,"Unidad de Servicios de Salud Penitenciaria ","789-03","29902","900",200609,42152913,92243266,"BANDEJA METALICA PARA INSTRUMENTAL","Unidad",1,10000,{"$f":"L1456*K1456","v":10000},"001-Ingresos corrientes"]
[null,"Unidad de Servicios de Salud Penitenciaria ","789-03","29902",900,200607,42151807,922243509,"Cepillos para pulir resina en forma redonda con fibra de partículas pulidora de carburo de silicón","Unidad",1,7000,7000,"001-Ingresos corrientes"]
[null,"Unidad de Servicios de Salud Penitenciaria ","789-03","29902","900","016100",53131622,92180416,"PRESERVATIVO DE LÁTEX NATURAL, LISOS, TRANSPARENTES, SIMÉTRICOS, CON DEPÓSITO. LUBRICADOS CON SILICONA DE GRADO MÉDICO. EN PRESENTACIÓN DE 100 UNIDADES, CADA UNA EMPACADA INDIVIDUALMENTE.","Unidad",1950,120,234000,"001-Ingresos corrientes"]
[null,"Unidad de Servicios de Salud Penitenciaria ","789-03","29902","045","000005",42311511,92081965,"GASA USO MEDICO, NO ESTERIL, MEDIDAS DE 5 cm x 5 cm (2 Pulg. x 2 Pulg.) +-1 cm. 100% ALGODÓN","Unidad",50,1500,75000,"001-Ingresos corrientes"]
[null,"Unidad de Servicios de Salud Penitenciaria ","789-03","29903",900,"000009",42152601,92091346,"PAPEL GRADO MEDICO. PAPEL DE ARTICULAR EN FORMA DE HERRADURA, PRESENTACION EN CAJA DE 6 UNIDADES","Unidad",20,14000,280000,"001-Ingresos corrientes"]
[null,"Unidad de Servicios de Salud Penitenciaria ","789-03","29903","900","005600",14121806,92091340,"PAPEL ENCERADO, PAPEL PARA MEZCLA DE MEDICAMENTOS DENTALES EN FORMA DE LOSETAS DE 8x8 cm EN BLOCK DE 100 UNIDADES CADA UNA","Unidad",10,3520,35200,"001-Ingresos corrientes"]
[null,"Unidad de Servicios de Salud Penitenciaria ","789-03",29903,"900","000160",14111539,92263647,"PAPEL TERMOSENSIBLE, DIMENSIONES 14 cm LARGO X 11 cm ANCHO, PRESENTACIÓN 200 HOJAS","Unidad",30,10000,300000,"001-Ingresos corrientes"]
[null,"Unidad de Servicios de Salud Penitenciaria ","789-03","29905","900","190205",14111703,92132944,"toalla para manos","Unidad",4,15000,60000,"001-Ingresos corrientes"]
[null,"Unidad de Servicios de Salud Penitenciaria ","789-03",29906,"215","002019",46181802,92088755,"Anteojos de seguridad ocupacional (claros)","Unidad",2,7722.73,15445.46,"001-Ingresos corrientes"]
[null,"Unidad de Servicios de Salud Penitenciaria ","789-03",29906,"215","002019",46181802,92259559,"Anteojos de seguridad ocupacional (oscuros)","Unidad",1,8140.73,8140.73,"001-Ingresos corrientes"]
[null,"Unidad de Servicios de Salud Penitenciaria ","789-03","50106","010","002110",42271802,92161397,"nebulizador","Unidad",1,160000,160000,"280-Titulo de valores de deuda externa"]
[null,"Unidad de Servicios de Salud Penitenciaria ","789-03","50106",900,"000400",42192210,92058385,"silla de ruedas","Unidad",1,150000,150000,"280-Titulo de valores de deuda externa"]
[null,"Unidad de Servicios de Salud Penitenciaria ","789-03",50106,900,50,42211502,92064327,"Muletas","Unidad",1,15000,15000,"280-Titulo de valores de deuda externa"]
[null,"Unidad de Servicios de Salud Penitenciaria ","789-03",50106,900,"000040",42192207,92079463,"Cama de observación","Unidad",1,200000,200000,"280-Titulo de valores de deuda externa"]
[null,"Departamento de Tecnología de Información","789-00",10103,"005","000001",73159994,90032716,"Alquiler de equipo informático de impresoras (Programa 789-00)","unidad",12,15158.298762,null,"001-Ingresos corrientes"]
[null,"Departamento de Tecnología de Información","789-01",10104,"005","000001",73159994,90032716,"Alquiler de equipo informático de impresoras (Programa 789-01)","unidad",12,39163.975264000001,316382258,"001-Ingresos corrientes"]
[null,"Departamento de Tecnología de Información","789-02",10105,"005","000001",73159994,90032716,"Alquiler de equipo informático de impresoras (Programa 789-02)","unidad",12,4837.0385820000001,39075532,"001-Ingresos corrientes"]
[null,"Departamento de Tecnología de Información","789-03",10106,"005","000001",73159994,90032716,"Alquiler de equipo informático de impresoras (Programa 789-03)","unidad",12,4276.2539619999998,34545290,"001-Ingresos corrientes"]
[null,"Departamento de Tecnología de Información","789-04",10107,"005","000001",73159994,90032716,"Alquiler de equipo informático de impresoras (Programa 789-04)","unidad",12,7177.9848060000004,57986632,"001-Ingresos corrientes"]
[null,"Departamento de Tecnología de Información","789-05",10108,"005","000001",73159994,90032716,"Alquiler de equipo informático de impresoras (Programa 789-05)","unidad",12,3221.2042540000002,26022176,"001-Ingresos corrientes"]
[null,"Departamento de Tecnología de Información","789-06",10109,"005","000001",73159994,90032716,"Alquiler de equipo informático de impresoras (Programa 789-06)","unidad",12,1299.18409,10495329,"001-Ingresos corrientes"]
[null,"Departamento de Tecnología de Información","789-00",10103,"005","000001",73159994,92013285,"Alquiler de equipo informático de computadoras(Programa 789-00)","unidad",12,8548.8797979999999,69061271,"001-Ingresos corrientes"]
[null,"Departamento de Tecnología de Información","789-01",10104,"005","000001",73159994,92013285,"Alquiler de equipo informático de computadoras(Programa 789-01)","unidad",12,43390.287080000002,350524095,"001-Ingresos corrientes"]
[null,"Departamento de Tecnología de Información","789-02",10105,"005","000001",73159994,92013285,"Alquiler de equipo informático de computadoras(Programa 789-02)","unidad",12,3744.7859999999996,30251879,"001-Ingresos corrientes"]
[null,"Departamento de Tecnología de Información","789-03",10106,"005","000001",73159994,92013285,"Alquiler de equipo informático de computadoras(Programa 789-03)","unidad",12,3557.5467000000003,28739285,"001-Ingresos corrientes"]
[null,"Departamento de Tecnología de Información","789-04",10107,"005","000001",73159994,92013285,"Alquiler de equipo informático de computadoras(Programa 789-04)","unidad",12,7115.0934000000007,57478571,"001-Ingresos corrientes"]
[null,"Departamento de Tecnología de Información","789-05",10108,"005","000001",73159994,92013285,"Alquiler de equipo informático de computadoras(Programa 789-05)","unidad",12,2933.4157,23697305,"001-Ingresos corrientes"]
[null,"Departamento de Tecnología de Información","789-06",10109,"005","000001",73159994,92013285,"Alquiler de equipo informático de computadoras(Programa 789-06)","unidad",12,1497.9144000000003,12100752,"001-Ingresos corrientes"]
[null,"Departamento de Tecnología de Información","789-00",10103,"005","000001",73159994,92013285,"Alquiler de equipo informático de computadoras Portátiles(Programa 789-00)","unidad",12,6547.4375059999993,52892819,"001-Ingresos corrientes"]
[null,"Departamento de Tecnología de Información","789-01","10103","005","000002",73159994,92013285,"Alquiler de equipo informático de computadoras Portátiles(Programa 789-01)","unidad",12,1702.4893760000002,1753390,"001-Ingresos corrientes"]
[null,"Departamento de Tecnología de Información","789-02","10103","005","000003",73159994,92013285,"Alquiler de equipo informático de computadoras Portátiles(Programa 789-02)","unidad",12,165.050568,1333345,"001-Ingresos corrientes"]
[null,"Departamento de Tecnología de Información","789-03","10103","005","000004",73159994,92013285,"Alquiler de equipo informático de computadoras Portátiles(Programa 789-03)","unidad",12,82.525283999999999,666672,"001-Ingresos corrientes"]
[null,"Departamento de Tecnología de Información","789-06","10103","005","000007",73159994,92013285,"Alquiler de equipo informático de computadoras Portátiles(Programa 789-06)","unidad",12,509.43088800000004,4115386,"001-Ingresos corrientes"]
[null,"Departamento de Tecnología de Información","789-00",10199,"005","140201","81112001"," 92068282","Alquiler de data center en la nube (Racsa)","unidad",12,{"$f":"73320+15000","v":88320},713484288,"001-Ingresos corrientes"]
[null,"Departamento de Tecnología de Información","789-00",10199,"005","140201","81112001"," 92068282","Alquiler de data center en la nube (ESPH)","unidad",12,44842390,538108680,"001-Ingresos corrientes"]
[null,"Departamento de Tecnología de Información","789-00",10199,"900","140201","72151701","92110589","Servicio de Alquiler de Plataforma de Control de Acceso al Centro de Datos del Departamento de Tecnología de Información","unidad",12,1695,15472963,"001-Ingresos corrientes"]
[null,"Departamento de Tecnología de Información","789-00",10204,"900","000001","83112203","92083608","Contratación de VPN con RACSA para acceso a base de datos del Tribunal Supremo de Elecciones.","Unidad",1,{"$f":"(80.6*1.075)*12","v":1039.74},790947,"001-Ingresos corrientes"]
[null,"Departamento de Tecnología de Información","789-00",10204,"900","000001","83112403","92012129","Contrato servicio de telecomunicaciones(Conectividad MJP-RACSA)","Unidad",1,{"$f":"525275/2","v":262637.5},176807565,"001-Ingresos corrientes"]
[null,"Departamento de Tecnología de Información","789-00",10204,"900","000001","83112403","92012129","Contrato servicio de telecomunicaciones(Conectividad MJP-RACSA)Nuevos enlaces ","Unidad",12,{"$f":"27579*1.075","v":29647.424999999999},270639247,"001-Ingresos corrientes"]
[null,"Departamento de Tecnología de Información","789-00",10204,"900","000001","83112403","92012129","Línea de la DGI","Unidad",12,{"$f":"462977.63*1.075","v":497700.95224999997},6748825,"001-Ingresos corrientes"]
[null,"Departamento de Tecnología de Información","789-00","10405",900,"000005","81111504","92221733","Contrato de horas para el desarrollo de aplicaciones","Unidad",3500,45,119812770,"001-Ingresos corrientes"]
[null,"Departamento de Tecnología de Información","789-00","10499","120","000100","81111898","92063540","Servicio de Monitoreo de la Red Institucional","Unidad",12,2072,18914443,"001-Ingresos corrientes"]
[null,"Departamento de Tecnología de Información","789-00",10499,900,110401,"81111811","92180370","Servicio de apoyo técnico o help desk (Mesa de Ayuda)","unidad","12",5908,53931722,"001-Ingresos corrientes"]
[null,"Departamento de Tecnología de Información","789-00",10701,"001","000025","80101507","92039029","Capacitación Scrum Master Profesisional","unidad",8,{"$f":"380*1.1","v":418.00000000000006},2543834,"001-Ingresos corrientes"]
[null,"Departamento de Tecnología de Información","789-00",10701,"001","000025","80101507","92039029","Capacitación en Gestión de Requerimientos","unidad",8,450,2471990,"001-Ingresos corrientes"]
[null,"Departamento de Tecnología de Información","789-00",10701,"001","000025","80101507","92039029","Capacitación en lenguaje de desarrollo Visual Studio  C# con patron MVC, utilizando React.js","unidad",7,{"$f":"960*1.1","v":1056},5075820,"001-Ingresos corrientes"]
[null,"Departamento de Tecnología de Información","789-00",10701,"001","000025","80101507","92039029","Capacitación de desarrollo  en Angular","unidad",7,450,2162992,"001-Ingresos corrientes"]
[null,"Departamento de Tecnología de Información","789-00",10701,"001","000025","80101507","92039029","Capacitación en Administración y configuración de bases SQL 2016","unidad",2,{"$f":"650*1.1","v":715.00000000000011},1087824,"001-Ingresos corrientes"]
[null,"Departamento de Tecnología de Información","789-00",10701,"001","000025","80101507","92039029","Capacitación en Implementación SQL (Transact)","unidad",8,{"$f":"650*1.1","v":715.00000000000011},4351296,"001-Ingresos corrientes"]
[null,"Departamento de Tecnología de Información","789-00",10701,"001","000025","80101507","92039029","Capacitación en Administración de servidores Linux","unidad",6,{"$f":"450*1.1","v":495.00000000000006},2259327,"001-Ingresos corrientes"]
[null,"Departamento de Tecnología de Información","789-00",10701,"001","000025","80101507","92039029","Capacitación de desarrollo de Aplicaciones  Genexus","unidad",7,800,4260010,"001-Ingresos corrientes"]
[null,"Departamento de Tecnología de Información","789-00",10701,"001","000025","80101507","92039029","Capacitación de Seguridad de Aplicaciones Genexus","unidad",7,750,3993759,"001-Ingresos corrientes"]
[null,"Departamento de Tecnología de Información","789-00",10701,"001","000025","80101507","92039029","Capacitación en Desarrollo de Aplicaciones WEB con PHP - APACHE - MYSQL","unidad",7,{"$f":"500*1.1","v":550},2928757,"001-Ingresos corrientes"]
[null,"Departamento de Tecnología de Información","789-00",10701,"001","000025","80101507","92039029","Capacitación en Seguridad de la información y Protección de Datos","unidad",8,312.5,1901790,"001-Ingresos corrientes"]
[null,"Departamento de Tecnología de Información","789-00",10701,"001","000025","80101507","92039029","Capacitación en COBIT ","unidad",23,{"$f":"640*1.1","v":704},12317513,"001-Ingresos corrientes"]
[null,"Departamento de Tecnología de Información","789-00",10701,"001","000025","80101507","92039029","Capacitación en ITIL","unidad",18,{"$f":"850*1.1","v":935.00000000000011},12802850,"001-Ingresos corrientes"]
[null,"Departamento de Tecnología de Información","789-00",10701,"001","000025","80101507","92039029","Administración de Proyectos","unidad",23,{"$f":"640*1.1","v":704},12317513,"001-Ingresos corrientes"]
[null,"Departamento de Tecnología de Información","789-00","10701","001","000095","86101808","92012646","Gerente Líder de Ciberseguridad ISO 27032","unidad",1,2750,2091969,"001-Ingresos corrientes"]
[null,"Departamento de Tecnología de Información","789-00","10701","001","000095","86101808","92012646","Implementador Lider de Seguridad de Información ISO 27001","unidad",1,3500,2662506,"001-Ingresos corrientes"]
[null,"Departamento de Tecnología de Información","789-00","10701","001","000095","86101808","92012646","Hacking Etico en Entornos Corporativos","unidad",1,2400,1825718,"001-Ingresos corrientes"]
[null,"Departamento de Tecnología de Información","789-00",10807,"070","000010",72101511,92002508,"Mantenimiento de aire acondicionado de precisión","unidad",1,3486094,{"$f":"L1516*K1516","v":3486094},"001-Ingresos corrientes"]
[null,"Departamento de Tecnología de Información","789-00",10808,"015","000045",81112307,92036789,"Mantenimiento Preventivo de estación de trabajo o notebook o PC","unidad",2,3250611,7346381,"001-Ingresos corrientes"]
[null,"Departamento de Tecnología de Información","789-00",10808,"015","000045",81112307,92036789,"Mantenimiento Correctivo de estación de trabajo o notebook o PC","unidad",1,500000,565000,"001-Ingresos corrientes"]
[null,"Departamento de Tecnología de Información","789-00",10808,"015","000045",81112205,92017608,"Mantenimiento correctivo del software de los servidores de red ","unidad",700,39250.25,27475175,"001-Ingresos corrientes"]
[null,"Departamento de Tecnología de Información","789-00","20301",130,"006320","39131710","92017720","Contrato de entrega según demanda cabe de red UTP y materiales eléctricos","unidad",500,30000,16950000,"001-Ingresos corrientes"]
[null,"Departamento de Tecnología de Información","789-00",20304,130,"006320","39131712","92016409","Contrato de entrega según demanda cabe de red UTP y materiales eléctricos","unidad",4000,2500,11300000,"001-Ingresos corrientes"]
[null,"Departamento de Tecnología de Información","789-00",20304,115,"000001","43201827","92027321","Disco duro portatil (1 TB) usuario final","unidad",50,45000,2250000,"001-Ingresos corrientes"]
[null,"Departamento de Tecnología de Información","789-00",20304,115,"000001","43201827","92037512","Disco duro portatil (3 TB) Dpto Informática","unidad",5,70000,350000,"001-Ingresos corrientes"]
[null,"Departamento de Tecnología de Información","789-00",20304,900,"000900","39121011","92121729","UPS ","unidad",25,291000,7275000,"001-Ingresos corrientes"]
[null,"Departamento de Tecnología de Información","789-00",20304,900,"000900","39121011","92121729","Compra de herramientas para cableado estrcuturado","unidad",12,1000000,13560000,"001-Ingresos corrientes"]
[null,"Departamento de Tecnología de Información","789-00","20306",130,"006320","39131710","92017720","Contrato de entrega según demanda cabe de red UTP y materiales eléctricos","unidad",15000,8.19,138821,"001-Ingresos corrientes"]
[null,"Departamento de Tecnología de Información","789-00",50105,130,"003860",43222620,92000848,"Contrato de entrega según demanda switches 24 puertos,con puertos de 1GB/s","unidad",25,1893531.18,53492256,"280-Titulo de valores de deuda externa"]
[null,"Departamento de Tecnología de Información","789-00",50105,130,"003860",43222620,92022099,"Contrato de entrega según demanda switches 48 puertos,con puertos de 1GB/s","unidad",10,3386064.68,38262531,"280-Titulo de valores de deuda externa"]
[null,"Departamento de Tecnología de Información","789-00",50105,130,"001515",43222609,92106369,"Contrato de Entrega según Demanda de routers,con puertos de 1GB/s","unidad",8,4931758.9800000004,44583101,"280-Titulo de valores de deuda externa"]
[null,"Departamento de Tecnología de Información","789-00","50105","130","004070",43201818,92242243,"Contrato según demanda unidades  DVD externos","unidad",50,29.49,1121676,"280-Titulo de valores de deuda externa"]
[null,"Departamento de Tecnología de Información","789-00",50105,100,"002555","43231512",92004943,"Certificado digital de Seguridad Informática","Anualidad",2,1750,2662506,"280-Titulo de valores de deuda externa"]
[null,"Departamento de Tecnología de Información","789-00",50105,100,"002555",42231512,"Pendiente Creación","Herramienta para protección de Correo Electrónico y Defensa Dinámica de Amenazas","Anualidad",1,65850,50093149,"280-Titulo de valores de deuda externa"]
[null,"Departamento de Tecnología de Información","789-00","50105","100","002555","43222599","92038935","Equipos de Seguridad Informática","Anualidad",1,238700,181582909,"280-Titulo de valores de deuda externa"]
[null,"Departamento de Tecnología de Información","789-00","50105","900","000015","43233201","92037457","Solución para Autenticación Segura de usuarios","Anualidad",1,182250,138640491,"280-Titulo de valores de deuda externa"]
[null,"Departamento de Tecnología de Información","789-00",59903,"005","090201","43231512","92050970","Renovación de Contratos de Equipos Fortinet de Seguridad Perimetral para la Red","Anualidad",1,319110,242752083,"280-Titulo de valores de deuda externa"]
[null,"Departamento de Tecnología de Información","789-00",59903,900,"000015","43231512",92050970,"Actualización de Licencias para la Herramienta para Administración de Vulnerabilidades y Pruebas de Penetración","Anualidad",1,30396506,30396506,"280-Titulo de valores de deuda externa"]
[null,"Departamento de Tecnología de Información","789-00","59903","100","002035","43231512","92048811","Herramienta Auditoria del Directorio Activo","Unidad",1,5418.35,4121826,"280-Titulo de valores de deuda externa"]
[null,"Departamento de Tecnología de Información","789-00","59903","005","090201","43231512","92050970","Renovación Herramienta para autogeneración de Contraseñas de Usuario","Anualidad",1,5073.7,3859645,"280-Titulo de valores de deuda externa"]
[null,"Departamento de Tecnología de Información","789-00","59903","005","090201","43231512","92050970","Renovación Herramienta  de Antivirus Institucional","Anualidad",1,32902.21,25029238,"280-Titulo de valores de deuda externa"]
[null,"Departamento de Tecnología de Información","789-00","59903","005","090101","43231512","90008784","Herramienta EndPoint de Seguridad para Navegadores","Anualidad",1,10452.5,795384,"280-Titulo de valores de deuda externa"]
[null,"Departamento de Tecnología de Información","789-00",59903,100,"002510",43232305,92081296,"Contrato para el pago de licencias IDERA","Anualidad",1,1350,908820,"280-Titulo de valores de deuda externa"]
[null,"Departamento de Tecnología de Información","789-00",59903,"005","0090201",81112202,92070959,"Contrato para actualización de licencias JAWS","Anualidad",1,516120,516120,"280-Titulo de valores de deuda externa"]
[null,"Departamento de Tecnología de Información","789-00",59903,"005","090101",42231512,92103058,"Contrato para el pago de licencias Genexus","Anualidad",1,3880,2951578,"280-Titulo de valores de deuda externa"]
[null,"Departamento de Tecnología de Información","789-00",59903,"005","0090101",43231512,92091804,"Contrato de compra de licencias Microsoft(SQL Std, Visio Visual. Net, Core CAL, Exchange)","Anualidad",1,{"$f":"164000*1.25","v":205000},155946780,"280-Titulo de valores de deuda externa"]
[null,"Departamento de Tecnología de Información","789-00",59903,"005","0090101",43231512,92091785,"Contrato de compra de licencias Microsoft(SQL Std, Sql Ent, Visual. Net, Core CAL)","Anualidad",1,34788306.119999997,39310786,"280-Titulo de valores de deuda externa"]
[null,"Departamento de Tecnología de Información","789-00",59903,"005","090101",42231512,92103058,"Contrato renovación pago de licencias Genexus","Anualidad",1,19460,14803533,"280-Titulo de valores de deuda externa"]
[null,"Departamento de Tecnología de Información","789-00","59903","005","180601","81111504","92221733","Servicio de gestión, análisis, desarrollo, migración, calidad e implantación de módulos integrados a sistema de administración penitenciaria existente.","Anualidad",1,370820.66,282089209,"280-Titulo de valores de deuda externa"]
[null,"Departamento de Tecnología de Información","789-00","59903","005","180601","81111504","92221733","Servicio de gestión, análisis, desarrollo e implantación de Sistema de Gestión documental.","Anualidad",1,500000,380358000,"280-Titulo de valores de deuda externa"]
[null,"Servicios de Alimentación","789-00","10899","900","003200","72153609","92090564","Mantenimiento preventivo y correctivo de equipos de cocina","Unidad","1",97500000,{"$f":"+K1549*L1549","v":97500000},"001-Ingresos corrientes"]
[null,"Servicios de Alimentación","789-00","20101","900","000105","15111510","90028096","Gas licuado ","Unidad","1",329750000,329750000,"001-Ingresos corrientes"]
[null,"Servicios de Alimentación","789-00","20203","920","244620","50181901","92024462","Pan tipo Manita ","Unidad",1,100000000,100000000,"001-Ingresos corrientes"]
[null,"Servicios de Alimentación","789-00","20203","001","180601","80141701","92163163","Abarrotes","Unidad",1,5123855482.6000004,{"$f":"+K1552*L1552","v":5123855482.6000004},"001-Ingresos corrientes"]
[null,"Servicios de Alimentación","789-00","20203","001","180602",80141701,"92163175","Cárnicos ","Unidad",1,2313310385,2313310385,"001-Ingresos corrientes"]
[null,"Servicios de Alimentación","789-00","20203","001","180603",80141701,"92163170","Pollo ","Unidad",1,1144355202,1144355202,"001-Ingresos corrientes"]
[null,"Servicios de Alimentación","789-00","20203","001","180604",80141701,"92163172","Hortícolas ","Unidad",1,2382422479,2382422479,"001-Ingresos corrientes"]
[null,"Servicios de Alimentación","789-00","20203","001","180605",80141701,"92163168","Lácteos ","Unidad",1,120540846,120540846,"001-Ingresos corrientes"]
[null,"Servicios de Alimentación","789-00","20203","001","180606",80141701,"92163177","Huevos ","Unidad",1,439804729,439804729,"001-Ingresos corrientes"]
[null,"Servicios de Alimentación","789-00","20203","001","180607",80141701,"92163166","Pesacdo ","Unidad",1,482784446,482784446,"001-Ingresos corrientes"]
[null,"Servicios de Alimentación","789-00","20301","900","000010","31162702","92088331","Rodin giratorio","Unidad",82,14716,{"$f":"+L1559*K1559","v":1206712},"001-Ingresos corrientes"]
[null,"Servicios de Alimentación","789-00","20301","900","000010","31162702","92088332","Rodín fijo para mesa de comedor","Unidad",85,11073.6,{"$f":"+K1560*L1560","v":941256},"001-Ingresos corrientes"]
[null,"Servicios de Alimentación","789-00","20301","900","000010","31162702","92088331","Rodines fijo ","Unidad",80,9412.9,{"$f":"+L1561*K1561","v":753032},"001-Ingresos corrientes"]
[null,"Servicios de Alimentación","789-00","20401","215","000199","46182001","90019319","MASCARILLA (RESPIRADOR) P/POLVOS Y PARTICULAS NO ACEITOSAS","Unidad",35000,51.5,{"$f":"+L1562*K1562","v":1802500},"001-Ingresos corrientes"]
[null,"Servicios de Alimentación","789-00",20402,"100","000001","40161502","92130287","FILTRO DE AGUA (PARA HORNO DE CONVECCIÓN)","Unidad",6,155000,{"$f":"K1563*L1563","v":930000},"001-Ingresos corrientes"]
[null,"Servicios de Alimentación","789-00",20402,"100","000001","40161502","92130287","FILTRO DE AGUA (PARA MÁQUINA LAVA PLATOS)","Unidad",6,150000,{"$f":"+K1564*L1564","v":900000},"001-Ingresos corrientes"]
[null,"Servicios de Alimentación","789-00",29903,"065","000001","14111705","92001792","Servilletas de papel color blanco","Paquete",1080,600,{"$f":"+K1565*L1565","v":648000},"001-Ingresos corrientes"]
[null,"Servicios de Alimentación","789-00",29903,"900","300010","14111703","92001789","Toallas mayordomo ","Unidad",1000,3500,{"$f":"+K1566*L1566","v":3500000},"001-Ingresos corrientes"]
[null,"Servicios de Alimentación","789-00",29904,"050","000040","53102799","90028046","Gabacha docoma","Unidad",3000,6895.26,20685780,"001-Ingresos corrientes"]
[null,"Servicios de Alimentación","789-00",29904,"050","000080","53102799","92003821","Gabacha lineta","Unidad",3400,8172.16,27785344,"001-Ingresos corrientes"]
[null,"Servicios de Alimentación","789-00",29904,"055","000001","53101502","90031074","Pantalón para hombre","Unidad",580,10649,6176420,"001-Ingresos corrientes"]
[null,"Servicios de Alimentación","789-00",29904,"055","000001","53101504","92038424","Patalón para mujer","Unidad",600,10649,6389400,"001-Ingresos corrientes"]
[null,"Servicios de Alimentación","789-00",29904,"075","000120","53111601","92003555","Zapato de trabajo","Pares",600,28476,17085600,"001-Ingresos corrientes"]
[null,"Servicios de Alimentación","789-00",29904,"075","000200","53111602","92044730","Zapatilla ","Pares",600,28476,17085600,"001-Ingresos corrientes"]
[null,"Servicios de Alimentación","789-00",29904,"075","000950","53111501","92009042","Botas PVC","Pares",2066,6893,14240938,"001-Ingresos corrientes"]
[null,"Servicios de Alimentación","789-00",29904,"135","000002",46181708,92044702,"COFIA (GORRO)","Unidad",90000,28.09,2528100,"001-Ingresos corrientes"]
[null,"Servicios de Alimentación","789-00",29904,"900","000299","46181501","92008101","Delantal","Unidad",1000,7022.95,7022950,"001-Ingresos corrientes"]
[null,"Servicios de Alimentación","789-00",29905,"035",30,"47131805","92139585","LIQUIDO REMOVEDOR DE INCRUSTACIONES DE OXIDO","Unidad",7570,1060.95,{"$f":"+L1576*K1576","v":8031391.5},"001-Ingresos corrientes"]
[null,"Servicios de Alimentación","789-00",29905,"045",95,"52152301","92078906","Limpiador para horno ","Litro",50,45000,{"$f":"+L1577*K1577","v":2250000},"001-Ingresos corrientes"]
[null,"Servicios de Alimentación","789-00",29905,"045",95,"47131805","92027483","DETERGENTE LIQUIDO CONCENTRADO","Litro",8000,858,6864000,"001-Ingresos corrientes"]
[null,"Servicios de Alimentación","789-00",29905,"045",95,"47131805","92127669","DETERGENTE LIQUIDO ALCALINO","Litro",12000,772.5,9270000,"001-Ingresos corrientes"]
[null,"Servicios de Alimentación","789-00",29905,"900",4220,"30181614","92108276","Dispensador para jabón líquido","Unidad",75,9898.2999999999993,742372.5,"001-Ingresos corrientes"]
[null,"Servicios de Alimentación","789-00",29905,"030",20,"47131602","92038906","Esponjas lavaplatos doble función","Unidad",25336,278,{"$f":"+K1581*L1581","v":7043408},"001-Ingresos corrientes"]
[null,"Servicios de Alimentación","789-00",29905,"001",20,"47131810","92029737","Detergente (jabón) en crema lavaplatos 500 gr.","Unidad",90000,500,{"$f":"+K1582*L1582","v":45000000},"001-Ingresos corrientes"]
[null,"Servicios de Alimentación","789-00",29905,"035",180,"47131821","92001348","Desengrasante Hidrosoluble","galón",1499,1200,{"$f":"+K1583*L1583","v":1798800},"001-Ingresos corrientes"]
[null,"Servicios de Alimentación","789-00",29906,"120",1000,"46181504","92139358","GUANTES PROTECTORES CONTRA EL CALOR","Unidad",530,2373,1257690,"001-Ingresos corrientes"]
[null,"Servicios de Alimentación","789-00",29906,"120",1040,"46181504","92139359","GUANTES PROTECTORES FABRICADOS EN LÁTEX","Unidad",1466,847.5,1242435,"001-Ingresos corrientes"]
[null,"Servicios de Alimentación","789-00",29907,"055",60,"52151651","92181844","Cuchara porcionera lisa en acero inoxidable 142 gramos.","Unidad",70,1534.4721000000002,{"$f":"+K1586*L1586","v":107413.04700000001},"001-Ingresos corrientes"]
[null,"Servicios de Alimentación","789-00",29907,"060",1,"52151702","92107620","Cuchillo de cocina (para cocinero)  10 pulgadas.","Unidad",58,6400,{"$f":"+K1587*L1587","v":371200},"001-Ingresos corrientes"]
[null,"Servicios de Alimentación","789-00",29907,"060",1,"52151702","92107619","Cuchillo de cocina (para cocinero) 8 pulgadas.","Unidad",60,5515,330900,"001-Ingresos corrientes"]
[null,"Servicios de Alimentación","789-00",29907,"060",1,"52151702","92011957","Cuchillo de cocina (para cocinero) 6 pulgadas.","Unidad",60,4640,278400,"001-Ingresos corrientes"]
[null,"Servicios de Alimentación","789-00",29907,"060",1,"52151702","92003828","Cuchillo de cocina (para cocinero) 3 pulgadas.","Unidad",30,1045,31350,"001-Ingresos corrientes"]
[null,"Servicios de Alimentación","789-00",29907,"065",1001,"52151802","92105752","Sartén de aluminio. Para freír (servicio de alto volumen)","Unidad",100,12565,1256500,"001-Ingresos corrientes"]
[null,"Servicios de Alimentación","789-00",29907,"240",100,"52152006","92011952","Bandeja de Acero Inoxidable -con tapa (32,4 cm largo por 15cm de alto)","Unidad",70,29047.62,2033333.4,"001-Ingresos corrientes"]
[null,"Servicios de Alimentación","789-00",29907,"240",210,"52152002","92181843","Caja construida policarbonato: transparente, con tapa 16 litros.","Unidad",70,22101.45,1547101.5,"001-Ingresos corrientes"]
[null,"Servicios de Alimentación","789-00",29907,"900",10,"52151616","92181842","Espátula uso cocina: (tipo Paletas para mezclar)","Unidad",100,9576,957600,"001-Ingresos corrientes"]
[null,"Servicios de Alimentación","789-00",29907,"900",501,"48101530","92173743","Olla arrocera con tapa de aluminio 65cm de diámetro por 20com de alto","Unidad",100,102000,10200000,"001-Ingresos corrientes"]
[null,"Servicios de Alimentación","789-00",29907,"900",501,"48101544","9202440","Olla arrocera con tapa de aluminio 50cm de diámetro por 16com de alto","Unidad",50,83985.51,4199275.5,"001-Ingresos corrientes"]
[null,"Servicios de Alimentación","789-00",29907,"900",1665,"52152010","90035293","Recipiente surtidor de bebidas:Cubeta con asa de polietileno, con tapa ","Unidad",100,16876,1687600,"001-Ingresos corrientes"]
[null,"Servicios de Alimentación","789-00",29907,"900",1800,"52151604","92139733"," Colador de aluminio (tipo pascón) ","Unidad",90,15542,1398780,"001-Ingresos corrientes"]
[null,"Servicios de Alimentación","789-00",29907,"055",41,"52151704","92181841","Cucharón en acero inoxidable, en una sola pieza, mangos 6 onzas,","Unidad",150,2340,351000,"001-Ingresos corrientes"]
[null,"Servicios de Alimentación","789-00",29907,"900",2510,"52151639","92003825","Batidor manual de alambre de piano, tipo globo.","Unidad",120,2340,280800,"001-Ingresos corrientes"]
[null,"Servicios de Alimentación","789-00",29907,"900",2900,"52151605","92181908","Abrelatas manual. Abrelatas resistente, base de acero inoxidable.","Unidad",35,71300,2495500,"001-Ingresos corrientes"]
[null,"Servicios de Alimentación","789-00",29907,"900",90101,"52151654","92181840","Majador para papas","Unidad",200,2963,592600,"001-Ingresos corrientes"]
[null,"Servicios de Alimentación","789-00",29907,"055",60,"52151651","92027020","Cuchara porcionera no perforada de acero inoxidable.","Unidad",70,1651.29405,115590.58349999999,"001-Ingresos corrientes"]
[null,"Servicios de Alimentación","789-00",29907,"055",60,"48101815","92073976","Cuchara de acero inoxidable capacidad de 24 onzas.","Unidad",80,2750.0518499999998,220004.14799999999,"001-Ingresos corrientes"]
[null,"Servicios de Alimentación","789-00",29907,"055",60,"52151704","92036654","Cuchara para sopa de 18cm largo ","Unidad",100,3157.35,315735,"001-Ingresos corrientes"]
[null,"Servicios de Alimentación","789-00",29907,"075",3,"52152004","92094207"," Plato plano extendido, fabricada en policarbonato ","Unidad",249,1920,478080,"001-Ingresos corrientes"]
[null,"Servicios de Alimentación","789-00",29907,"230",20,"52152009","90018845","Plato hondo tipo bowl, fabricado en melamina 15 onzas","Unidad",250,972,243000,"001-Ingresos corrientes"]
[null,"Servicios de Alimentación","789-00",29907,"080",180,"52152102","92080704","Vaso de policarbonato capacidad 284 mil.","Unidad",4000,690,2760000,"001-Ingresos corrientes"]
[null,"Servicios de Alimentación","789-00",29907,"240",210,"52152002","92004760"," Caja construida policarbonato capacidad 64,4 litros","Unidad",50,46539.339,2326966.9500000002,"001-Ingresos corrientes"]
[null,"Servicios de Alimentación","789-00",29907,"240",210,"52152002","92181839"," Caja construida en policarbonato capacidad 33 litros","Unidad",50,33783.644999999997,1689182.2499999998,"001-Ingresos corrientes"]
[null,"Servicios de Alimentación","789-00",29907,"900",501,"48101530","92181934","Olla estilo arrocera en aluminio con tapa 17 litros,","Unidad",30,53264.494499999993,1597934.8349999997,"001-Ingresos corrientes"]
[null,"Servicios de Alimentación","789-00",29907,"900",1660,"52152010","92055636","Recipiente aislante para bebidas isotérmico capacidad 5 galones","Unidad",35,78349,{"$f":"+K1612*L1612","v":2742215},"001-Ingresos corrientes"]
[null,"Servicios de Alimentación","789-00",29907,"900",2820,"52151606","92049809","Tabla acrílica para picar colores: verde, amarillo y rojo.","Unidad",250,10436,2609000,"001-Ingresos corrientes"]
[null,"Servicios de Alimentación","789-00",29907,"900",2700,"52152009","92181838","Tazón tipo bowl, fabricada en policarbonato capacidad 452 ml.","Unidad",0,2478.5197499999999,0,"001-Ingresos corrientes"]
[null,"Servicios de Alimentación","789-00",29907,"055",60,"52151701","92004364","Cuchara de acero inoxidable para cocina, acanalada","Unidad",70,903,63210,"001-Ingresos corrientes"]
[null,"Servicios de Alimentación","789-00",29907,"070",1,"52152001","92181837","Pichel de aluminio con tapa adherida tipo visagra capacidad 2 litros","Unidad",100,1800,180000,"001-Ingresos corrientes"]
[null,"Servicios de Alimentación","789-00",29907,"295",20,"52151611","92034509","Pinza para ensalada","Unidad",150,892,133800,"001-Ingresos corrientes"]
[null,"Servicios de Alimentación","789-00",29907,"900",2040,"48101815","92181855","Cucharón: En acero inoxidable capacidad 2onzas.","Unidad",100,1415,141500,"001-Ingresos corrientes"]
[null,"Servicios de Alimentación","789-00",29907,"900",2420,"52151602","92019703","Tazón (palangana) de acero inoxidable (15 L)","Unidad",45,6095,274275,"001-Ingresos corrientes"]
[null,"Servicios de Alimentación","789-00",29907,"900",2501,"52151609","92106487"," Pelador de papas, hoja en acero inoxidable","Unidad",90,631,56790,"001-Ingresos corrientes"]
[null,"Servicios de Alimentación","789-00",29907,"900",2700,"52151603","92107343","Rallador de Metal, cuatro caras de rayado diferente en acero inoxidable","Unidad",60,3094,185640,"001-Ingresos corrientes"]
[null,"Servicios de Alimentación","789-00",29907,"055",60,"52151704","92088601","Cuchara doméstica plástica no desechable (melamina o policarbonato)","Unidad",4000,691,2764000,"001-Ingresos corrientes"]
[null,"Servicios de Alimentación","789-00",29907,"900",2700,"52152004","92088600","Plato sopero en melamina diámetro 21,5 cm por  5cm alto. ","Unidad",0,2210.145,0,"001-Ingresos corrientes"]
[null,"Servicios de Alimentación","789-00",29907,"900",1710,"52152008","92139736","Cafetera de aluminio 10 litros ","Unidad",50,18375,918750,"001-Ingresos corrientes"]
[null,"Servicios de Alimentación","789-00",29907,"124",1210,"48101915","92133012","Bandeja de tres dicvisones para servir alimentos de policarbonato.","Unidad",3610,9516,34352760,"001-Ingresos corrientes"]
[null,"Servicios de Alimentación","789-00",29907,"124",1210,"48101915","92181854","Bandejas de 6 divisiones blanco o beige tipo azafate.","Unidad",1500,4761,7141500,"001-Ingresos corrientes"]
[null,"Servicios de Alimentación","789-00",29907,"900",501,"48101544","92182014","Olla con tapa capacidad de 15,4 litros","Unidad",20,15710,314200,"001-Ingresos corrientes"]
[null,"Servicios de Alimentación","789-00",29907,"900",501,"48101544","92182015","Olla con tapa capacidad de 75,5 litros","Unidad",20,44445,888900,"001-Ingresos corrientes"]
[null,"Servicios de Alimentación","789-00","50199","015","090701","56101519","92108579","Mesa de metal (dimensiones 1,90 m largo x 0,70 m fondo x 0,90 m alto","Unidad",3,309519,{"$f":"K1629*L1629","v":928557},"280-Titulo de valores de deuda externa"]
[null,"Servicios de Alimentación","789-00","50199","015","090701","56101519","92108580","Mesa de metal (dimensiones 1,10 m largo x 0,70 m fondo x 0,90 m alto","Unidad",5,217413,1087065,"280-Titulo de valores de deuda externa"]
[null,"Servicios de Alimentación","789-00","50199","055","000100","48101505","92108714","Urna para café, cafetera tipo industrial","Unidad",6,1676575,{"$f":"K1631*L1631","v":10059450},"280-Titulo de valores de deuda externa"]
[null,"Servicios de Alimentación","789-00","50199","070","000002","52141506","92081487","Congelador tipo doméstico","Unidad",1,1618402.54,1618402.54,"280-Titulo de valores de deuda externa"]
[null,"Servicios de Alimentación","789-00","50199","320","000015","24131503","92082049","Cámara de refrigeración","Unidad",1,2314703.16,2314703.16,"280-Titulo de valores de deuda externa"]
[null,"Servicios de Alimentación","789-00","50199","900","000002","48101607","90004729","Licuadora industrial","Unidad",4,824981.36,3299925.44,"280-Titulo de valores de deuda externa"]
[null,"Servicios de Alimentación","789-00","50199","900","000220","48101521","92082044","Cocina de gas","Unidad",5,6780000,33900000,"280-Titulo de valores de deuda externa"]
[null,"Servicios de Alimentación","789-00","50199","900","000402","48101707","92081484","Refresqueras","Unidad",3,728223.96,2184671.88,"280-Titulo de valores de deuda externa"]
[null,"Servicios de Alimentación","789-00","50199","900","003700","48101501","92081482","Baño maría eléctrico","Unidad",2,1429967,2859934,"280-Titulo de valores de deuda externa"]
[null,"Servicios de Alimentación","789-00","50199","900","008600","24101511","92082046","Carro térmico transportador de comida, con baño maría","Unidad",1,4729954.21,4729954.21,"280-Titulo de valores de deuda externa"]
[null,"Servicios de Alimentación","789-00","50199","900","090202","52141532","92108584","Sartén volteable (basculante)","Unidad",3,7910000,23730000,"280-Titulo de valores de deuda externa"]
[null,"Servicios de Alimentación","789-00","50199","900","090503","48101616","92081483","Procesador de alimentos","Unidad",2,2979098.1,5958196.2000000002,"280-Titulo de valores de deuda externa"]
[null,"Servicios de Alimentación","789-00","50199","900","120401","40101502","PENDIENTE***","Extractor de grasa","Unidad",2,3500000,{"$f":"K1641*L1641","v":7000000},"280-Titulo de valores de deuda externa"]
[null,"Servicios de Alimentación","789-00","50199",null,null,"24131501","92164403","Cuarto de Refrigeración y Congelación","Unidad",2,26500000,{"$f":"+K1642*L1642","v":53000000},"280-Titulo de valores de deuda externa"]
[null,"Servicios de Alimentación","789-00","50199","900","140501","56101543","92088429","Juego de comedor","Unidad",3,1329500,{"$f":"K1643*L1643","v":3988500},"280-Titulo de valores de deuda externa"]
[null,"Monitoreo Electrónico ","789-06",10199,900,200401,92121797,92102423,"Alquiler de dispositivos electrónicos para el control de la ejecución de la pena","Unidad",1,9908.7000000000007,9908.7000000000007,"001-Ingresos corrientes"]
[null,"Agroindustriales","789-01",10401,"01900","000135",85101502,"90032695","Servicio de laboratorio","Unidad",10,46000,460000,"001-Ingresos corrientes"]
[null,"Agroindustriales","789-01",10499,"01900","000000",85101702,null,"CVO granjas senasa","Unidad",4,40000,160000,"001-Ingresos corrientes"]
[null,"Agroindustriales","789-01",20101,"01010","000001",15121501,92017636,"Aceita mezcla de 0,94 L","Unidad",71,3253,230963,"001-Ingresos corrientes"]
[null,"Agroindustriales","789-01",20103,"01005","000195",51472901,92128675," yodo 3%, ","Litro",4,12943,51772,"001-Ingresos corrientes"]
[null,"Agroindustriales","789-01",20103,"01005","000014",51451612,92085004," Fenbendazol al 10%  -Desparasitante interno de uso veterinario. , presentación Litro. (Hunter)","Litro",9,15539,139851,"001-Ingresos corrientes"]
[null,"Agroindustriales","789-01",20103,"01005",100280,10191509,92083621," Larvicida aerosol uso veterinario, para parásitos en semovientes.(Presentacion Frasco  0,180 a 0,240 l.","Frs",6,3945,23670,"001-Ingresos corrientes"]
[null,"Agroindustriales","789-01",20103,"01005","000014",51101693,92084063,"Toltrazuril 25 mg/ml, Desparasitante interno, uso oral, uso veterinario. Presentación en envase de 1 L. (Similar o superior a Baycox)","Litro",4,65236,260944,"001-Ingresos corrientes"]
[null,"Agroindustriales","789-01",20103,"01005",101150,51282916,92085376,"Enrofloxacina 10% .antibiótico uso veterinario, administración oral. Presentación de litro.","Litro",3,17823,53469,"001-Ingresos corrientes"]
[null,"Agroindustriales","789-01",20103,"01145","000920","512017 98",92084068," Unidades Vacuna para Viruela avícola. Frasco de 1000 dosis","Unidad",10,7820,78200,"001-Ingresos corrientes"]
[null,"Agroindustriales","789-01",20103,"01145","000001","512017 05",92084066," Undas Vacuna Newcastle + Bronquitis, avícola, Presentación frasco de 1000 dosis.","Unidad",32,3410,109120,"001-Ingresos corrientes"]
[null,"Agroindustriales","789-01",20103,"01145","000001","512017 03",92084067,"Unidades  Vacuna Gumboro av+icola. Presentación frasco de 1000 dosis.","Unidad",15,4260,63900,"001-Ingresos corrientes"]
[null,"Agroindustriales","789-01",20103,145,"000001",51204299,92083150," Vacuna bovina, bacterina triple, presentación frasco de 0,1 a 0,25 Lts. Aplicación intramuscular. (100 Ml)","Unidad",5,6200,31000,"001-Ingresos corrientes"]
[null,"Agroindustriales","789-01",20103,"145","000300","51204203","92083614","Vacuna brucelosis bovina, uso veterinario, presentacion frasco 0,050 - 0,250 l (frasco de 50 ml)","Unidad",4,25000,100000,"001-Ingresos corrientes"]
[null,"Agroindustriales","789-01",20103,"01280","000920",50501804,92086691,"suplemento de vitaminas y minerales de uso avícola, aplicación al agua, de uso veterinario, presentación envase de 1 kg ","Litro",56,18576,1040256,"001-Ingresos corrientes"]
[null,"Agroindustriales","789-01",20103,"005","002900",51422306,92084065,"Dexametasona inyectable, 0,05 a 0,1 litros, uso  veterinario. Envase de 0,05 L","Unidad",5,4900,24500,"001-Ingresos corrientes"]
[null,"Agroindustriales","789-01",20103,"005",100120,51284014,92085377,"Oxitetraciclina, antibiótico de uso veterinario, inyectable. Envase de 50 a 100 ml. (100 Ml)","Unidad",2,10400,20800,"001-Ingresos corrientes"]
[null,"Agroindustriales","789-01",20103,"005",101150,51282916,92085375,"Enrofloxacina 5%, antibiótico uso veterinario, Inyextable, presentación 100 ml","Unidad",5,7900,39500,"001-Ingresos corrientes"]
[null,"Agroindustriales","789-01",20103,"005",101125,51452801,92086713,"Ivermectina 1% jeringa p/equinos","Unidad",6,3602,21612,"001-Ingresos corrientes"]
[null,"Agroindustriales","789-01",20103,"005",101125,51452801,92084911," Ivermectina 1% desparasitante interno, uso veterinarioI, Envase de  50  ml. ( Inyectable)","Unidad",7,2550,17850,"001-Ingresos corrientes"]
[null,"Agroindustriales","789-01",20104,"01080","000001","31211803","90016769","Diluyente Thinner corriente. Env de 3,78 lts","Litro",30,2200,66000,"001-Ingresos corrientes"]
[null,"Agroindustriales","789-01",20104,"01220","000120","31211505",90015897,"Pintura de aceite anticorrosivo para metal. ","Litro",41,3102,127182,"001-Ingresos corrientes"]
[null,"Agroindustriales","789-01",20199,"01035","001070",10171605,92077050," Fertilizante fórmula 15-03-31 (N-P-K), granulado, Present. Saco de 45 kg","Kilogramo",4770,266,1268820,"001-Ingresos corrientes"]
[null,"Agroindustriales","789-01",20199,"01035","003050",10171605,92079571," Fertilizante foliar a bese de NPK + y conteniendo al menos siete microelementos ), Present.  1 Lt, ","Litro",104,4808,500032,"001-Ingresos corrientes"]
[null,"Agroindustriales","789-01",20199,"01035","001035",10171605,92223305,"Fertilizante químico   fórmula 18-05-15-06-02,  (N-P- K-Ca-Mg) Granulado  Present. 45 kgs","Kilogramo",1350,318,429300,"001-Ingresos corrientes"]
[null,"Agroindustriales","789-01",20199,"01035","000100","10171505","92015266","metalosatos multiminerales, para uso agrícola, en presentacion de litro,","Litro",2,4277,8554,"001-Ingresos corrientes"]
[null,"Agroindustriales","789-01",20199,"01035","001095",10171601,92028998," Fertilizante Nitrato de amonio    Present.saco de 45 kg .","Kilogramo",5940,241,1431540,"001-Ingresos corrientes"]
[null,"Agroindustriales","789-01",20199,"01035","003250",10171698,92079002," Fertilizante foliar a base de Boro, concentración al menos 10% de Boro, . Presentación de 0.5 a 1 litro.","Litro",3,4277,12831,"001-Ingresos corrientes"]
[null,"Agroindustriales","789-01",20199,"01035","003250",10171505,92015270,"Fertilizante  Foliar metalosato de zinc. Presentación litro.","Litro",12,7248,86976,"001-Ingresos corrientes"]
[null,"Agroindustriales","789-01",20199,"01035","000900",10171607,92079617," Fertilizante  Foliar a base de Magnesio , composición mínima 11% Mg. Presentación 0,5 a 1  litro.","Litro",2,4277,8554,"001-Ingresos corrientes"]
[null,"Agroindustriales","789-01",20199,"01035","000900",10171505,92015268,"Fertilizante Foliar formula 12-60-00 (N-P-K), para uso agrícola Present. 1  Kg.","Kilogramo",15,2080,31200,"001-Ingresos corrientes"]
[null,"Agroindustriales","789-01",20199,"01035","001021",10171605,92028959,"Léase correctamente kilos Fertilizante Formula 10-30-10 (N-P-K), granulado,  Present.  45 Kgs","Kilogramo",6750,298,2011500,"001-Ingresos corrientes"]
[null,"Agroindustriales","789-01",20199,"01035","000900",10171603,92079542," Fertilizante  foliar a base de  fósforo y con aminoacidos , conteniendo 6 a 10% de fósforo. Presentación Litro.","Litro",8,19557,156456,"001-Ingresos corrientes"]
[null,"Agroindustriales","789-01",20199,"01035","000900",10171505,92079539," Fertilizante foliar a base de aminoácidos , concentración 25 a 40 % Present. 0,50 a 1 litro.","Litro",19,8268,157092,"001-Ingresos corrientes"]
[null,"Agroindustriales","789-01",20199,"01035","003330",10171505,92080306,"Fertilizante hidroponico balanceado fórmula mayor, N-P-K-Ca-Mg-S . Presentación envase de 1 L","Litro",410,2922,1198020,"001-Ingresos corrientes"]
[null,"Agroindustriales","789-01",20199,"01035","003340",10171505,92080310," Fertilizante hidroponico balanceado, fórmula menor, B-Mn-Zn-Cu-Mo-Fe-Cu. Presentación embase de 1L","Litro",170,2922,496740,"001-Ingresos corrientes"]
[null,"Agroindustriales","789-01",20199,"01035","000900",10171505,92080737," Fertilizante foliar agrícola a base de aminoácidos y al menos 6% de potasio. Envase de 0,5 a 1 L.","Litro",4,19910,79640,"001-Ingresos corrientes"]
[null,"Agroindustriales","789-01",20199,"01045","000390",10171701,92015256,"HERBICIDA GLIFOSATO  35,6 SL , present. lts","Litro",95,2982,283290,"001-Ingresos corrientes"]
[null,"Agroindustriales","789-01",20199,"01045","000080",10171701,92028982,"Herbicida paracuat","Litro",122,2693,328546,"001-Ingresos corrientes"]
[null,"Agroindustriales","789-01",20199,"01045","000220",10171701,92079992,"Herbicida Fluoazifof butil","Litro",24,12730,305520,"001-Ingresos corrientes"]
[null,"Agroindustriales","789-01",20199,"01045","000001",10171701,92080181,"Herbicida (Linurón)","Litro",5,12225,{"$f":"K1684*L1684","v":61125},"001-Ingresos corrientes"]
[null,"Agroindustriales","789-01",20199,"045","000055",10171701,92051361," Herbicida líquido para hoja ancha  PICLORAN , 2-4-D   en envase de 3,5 lts","Litro",112,3639,407568,"001-Ingresos corrientes"]
[null,"Agroindustriales","789-01",20199,"01040","000001",10171702,92029074," Fungicida sistémico ingrediente activo triadimefón. Present. Litro","Kilogramo",12,9013,108156,"001-Ingresos corrientes"]
[null,"Agroindustriales","789-01",20199,"01040","000220",10171702,92015111," FUNGICIDA Cyproconazole ,  (Presnt.  Litro, uso agricola).","Litro",4,31421,125684,"001-Ingresos corrientes"]
[null,"Agroindustriales","789-01",20199,"01040","000180",10171702,92015117,"Fungicida oxido de cobre , polvo mojable (WP), 50%. (Presentación  0,5 a  1 Kilogramo)","Kilogramo",6,5305,31830,"001-Ingresos corrientes"]
[null,"Agroindustriales","789-01",20199,"01040","000001",10171702,92201980,"FUNGICIDA ETRIDIAZOL 15%+METILTIOFANATO 25%. FORMULACION POLVO MOJABLE 40WP. Present. 225 g","Unidad",6,23000,138000,"001-Ingresos corrientes"]
[null,"Agroindustriales","789-01",20199,"01040","000001",10171702,92200735,"FUNGICIDA FOSETIL ALUMINIO 53%+PROPOMOCARB 31%. FORMULACION LIQUIDA 84 SL. ","Litro",6,18000,108000,"001-Ingresos corrientes"]
[null,"Agroindustriales","789-01",20199,"01040","000001",10171702,92079038,"Fungicida azufrado, de acción contacto y protector, concentración al menos 80 WP. Present 1 kg","Kilogramo",32,37552,1201664,"001-Ingresos corrientes"]
[null,"Agroindustriales","789-01",20199,"01040","000001",10171702,92080176,"Fungicida Fosetil-all 80 WP, sistémico de acción protector y curativo. Present. 0,5 a 1 kg","Kilogramo",4,5791,23164,"001-Ingresos corrientes"]
[null,"Agroindustriales","789-01",20199,"01040","000001",10171702,92079028," Fungicida Metalaxil 24 EC, sistémico de acción protectora y curativa. Present. 0,5 a 1 kg","Kilogramo",6,8349,50094,"001-Ingresos corrientes"]
[null,"Agroindustriales","789-01",20199,"01040","000310",10171702,92079619,"  Fungicida Bactericida agrícola  Estreptomicina-Oxitertraciclina Presentación de 0,5 a 1  Kg.","Kilogramo",6,19560,117360,"001-Ingresos corrientes"]
[null,"Agroindustriales","789-01",20199,"01040","000500",10171702,92080178," FUNGICIDA Propineb 70 WP , de contacto y acción protectora Presentación de 0,50 a  1 kilogramo.","Kilogramo",7,6700,46900,"001-Ingresos corrientes"]
[null,"Agroindustriales","789-01",20199,"01040","000040",10171702,92053762,"Fungicida Clorotalonil 72  SC. Present: 0,5 a 1 Lt","Litro",10,5655,56550,"001-Ingresos corrientes"]
[null,"Agroindustriales","789-01",20199,"01040","081105",10171702,92080180,"Lease correctamente kilos de  Fungicida agrícola azosistrovina 25 SC. Producto sistémico de acción protectora y erradicante. Present 0,50 a 1 Kg.","Kilogramo",26,36349,945074,"001-Ingresos corrientes"]
[null,"Agroindustriales","789-01",20199,"01040","000360",10171702,92015251,"FUNGICIDA Benomil uso agrícolaL,  present.  1 kg","Kilogramo",34,7900,268600,"001-Ingresos corrientes"]
[null,"Agroindustriales","789-01",20199,"01040","000100",10171702,92079028,"Fungicida Metalaxil 24 EC, sistémico de acción protectora y curativa. Present. 0,5 a 1 kg","Kilogramo",24,8349,200376,"001-Ingresos corrientes"]
[null,"Agroindustriales","789-01",20199,"01040","000001",10171702,92077784,"Léase correctamente kilos FUNGICIDA Captan  50 WP, acción por contaco protector y erradicante.  Presentación de 0,5 a 1 Kg.","Kilogramo",21,4709,98889,"001-Ingresos corrientes"]
[null,"Agroindustriales","789-01",20199,"01040","000001",10171702,92079027,"FUNGICIDA  foliar Procloraz   50 WP, acción por contaco protector y erradicante. Presentación de 0,5 a 1 kg.","Litro",20,13965,279300,"001-Ingresos corrientes"]
[null,"Agroindustriales","789-01",20199,"01040","000001",10171702,92015245," Fungicida Carbendazina uso agrícola,   Present.en litro. (50 SC).","Kilogramo",41,5034,206394,"001-Ingresos corrientes"]
[null,"Agroindustriales","789-01",20199,"01040","000001",10171702,92080138," Fungicida Cymoxamil Mancozeb 72 WP. Acción protector y curativo, Presentación de 0,5 a 1 Kilogramo.","Kilogramo",3,5864,17592,"001-Ingresos corrientes"]
[null,"Agroindustriales","789-01",20199,"01040","000001",10171702,92080175,"Fungicida Dimetomorf Mancozeb 69 WP. Acción protectora, Presentación de 0,50 a 1  Kilo.","Kilogramo",14,5917,82838,"001-Ingresos corrientes"]
[null,"Agroindustriales","789-01",20199,"01050","000010",10191506,92079574," Cebo rodenticida Coumatretalil, en pasta listo para usar ,  acción anticuagulante, control de ratas, present. 0,5 a. 1 Kg","Kilogramo",2,9567,19134,"001-Ingresos corrientes"]
[null,"Agroindustriales","789-01",20199,"01050","000001",10191512,92079587," INSECTICIDA Dimetoato más Cypermetrina, acción contacto, efecto sistémico, Envase de 1 L.  (en 25EC )","Litro",3,12000,36000,"001-Ingresos corrientes"]
[null,"Agroindustriales","789-01",20199,"01050","002700",10191509,92080304,"insecticida nematicida carbofuran granulado 10%, presentacion de 14,5 a 15 kg","Kilogramo",30,7844,235320,"001-Ingresos corrientes"]
[null,"Agroindustriales","789-01",20199,"01050","000001",10191509,92079980," INSECTICIDA Nematicida  Forato 10 G  Presentación de 15 kg.","Kilogramo",300,3366,1009800,"001-Ingresos corrientes"]
[null,"Agroindustriales","789-01",20199,"01050","000001",10191509,92079031," Insecticida Oxamil 24 SL,  Insecticida, nematicida y acaricida de acción sistémica. Presentación  1 Lt","Litro",29,8601,249429,"001-Ingresos corrientes"]
[null,"Agroindustriales","789-01",20199,"01050","000001",10191509,92200899,"Insecticida Imidaclorprid 70 WP, acción de contacto y estomacal, en vase 52 gramos","Unidad",34,13765,468010,"001-Ingresos corrientes"]
[null,"Agroindustriales","789-01",20199,"01050","000001",10191509,92010528,"INSECTICIDA OCTOBORATO DE SODIO DE 3% GB, INGREDIENTES INERTES Y ATRAYENTES AL 97 % PARA COMBATE DE HORMIGAS CORTADORAS DEL GENERO SOLENOPSIS Y ATTA PRESENTACION 500±100 g","Unidad",18,2600,46800,"001-Ingresos corrientes"]
[null,"Agroindustriales","789-01",20199,"01050","000001",10191511,92079035," Insecticida Fipronil 20 SC, acción de contacto. Presentación 1 Lt","Litro",8,112918,903344,"001-Ingresos corrientes"]
[null,"Agroindustriales","789-01",20199,"01050","001780",10191513,92079036," Insecticida Agrícola Deltametrina 2,5 EC . Piretroide sintético con acción contacto y estomacal. Presentación de 1 litro.","Litro",21,32395,680295,"001-Ingresos corrientes"]
[null,"Agroindustriales","789-01",20199,"01050","000540",10191509,92080204," INSECTICIDA Metamidofos 60 SL,  con efecto insecticida acaricida, acccontacto e ingestión.ión Presentación de  0,5 a 1 L","Litro",10,11730,117300,"001-Ingresos corrientes"]
[null,"Agroindustriales","789-01",20199,"01050","000001",10191512,92080174," INSECTICIDA Dimetoato más Cypermetrina, acción contacto, efecto sistémico, Envase de 1 L.  (en 25EC )","Litro",2,80064,160128,"001-Ingresos corrientes"]
[null,"Agroindustriales","789-01",20199,"01050","000001",10191509,92080183," Insecticida Spiromesifen 24 SC, con acción insecticida y acaricida. Presentación de 0,5 a  1  L","Litro",1,92853,92853,"001-Ingresos corrientes"]
[null,"Agroindustriales","789-01",20199,"01050","000001",10191509,92080196," Insecticida  Agrícola SPINOSAD  12 SC, efecto de contacto y estomacal. Presentación 0,5 a 1 L.","Litro",3,80064,240192,"001-Ingresos corrientes"]
[null,"Agroindustriales","789-01",20199,"01050","000001",10191509,92080186," Insecticida Buprofezin 25 WP, Producto con acción de contacto, ingestión e inalación. Present. 0,5 a 1 L.","Kilogramo",6,92853,557118,"001-Ingresos corrientes"]
[null,"Agroindustriales","789-01",20199,"01050","000001",10191509,92079538," Insecticida agrícola Diclorvos 50 EC. Acción contacto, inalación y estomacal. Presentación 0,5 a 1 litro","Litro",3,6399,19197,"001-Ingresos corrientes"]
[null,"Agroindustriales","789-01",20199,"01050","000001",10191512,92079587," INSECTICIDA  Cypermetrina 25 Ec, uso agrícola","Litro",2,8000,16000,"001-Ingresos corrientes"]
[null,"Agroindustriales","789-01",20199,"01050","002500",10191509,92015254,"  Insecticida  Lorsban uso agrícola presentación de litro . (Clorpirifos 48 EC)","Litro",1,6875,6875,"001-Ingresos corrientes"]
[null,"Agroindustriales","789-01",20199,"01050","002500",10191515,92136291,"insecticida clorpirifos en polvo, formulación 50 wp, uso agrícola, ","Kilogramo",39,6875,268125,"001-Ingresos corrientes"]
[null,"Agroindustriales","789-01",20199,"01050","001460",10191509,92080304," Insecticida Carbofurán 10%, Insecticida nematicida, Granulado , presentación 14,5  a 15 kgs.","Litro",3,7844,23532,"001-Ingresos corrientes"]
[null,"Agroindustriales","789-01",20199,"01050","001420",10191516,92079620," Insecticida Malathion agrícola 60 EC , insecticida y acaricida con acción contacto e ingestión. present. 0,5 a  1 L.","Litro",9,3549,31941,"001-Ingresos corrientes"]
[null,"Agroindustriales","789-01",20199,"01050","001340",10191510,92079572," Insecticida  agrícola Abamectina 1,8 EC. Con efecto insecticida y acaricida, acción de contacto y estomacal.   Presentación de 0,50 a 1 litro.","Litro",29,12495,362355,"001-Ingresos corrientes"]
[null,"Agroindustriales","789-01",20199,"01050","001195","10191517","92098908","insecticida diazinon 40 wp, formulación wp, polvo mojable con un 40% concentración, presentacion de 1 kg","Litro",6,7993,47958,"001-Ingresos corrientes"]
[null,"Agroindustriales","789-01",20199,"01200","000060",10191509,92079822," Insecticida  NEMATICIDA  Ethoprofos 10 a 15 G, de aplicación al suelo, acción contacto e ingestión, Presentación 1 4,5 a 15 kg","Kilogramo",465,2693,1252245,"001-Ingresos corrientes"]
[null,"Agroindustriales","789-01",20199,"01200","000040",10191509,92079998," Insecticida  Nematicida Terbufos 10 G , granulado. Presentación 14,5 a 15 KG.","Kilogramo",540,1581,853740,"001-Ingresos corrientes"]
[null,"Agroindustriales","789-01",20199,"01205","000020",10171699,92029068,"ADHERENTE PARA PLANTA, ENVASE DE 1 L , CALIDAD COMERCIAL, DOSIS L/HA","Litro",54,5192,280368,"001-Ingresos corrientes"]
[null,"Agroindustriales","789-01",20199,"01215","000300",51471602,92084994,"Litros de  Acido acético al 90%, uso veterinario. Presentación de 1 L.","Litro",24,3939,94536,"001-Ingresos corrientes"]
[null,"Agroindustriales","789-01",20199,"01900","000195",10711502,92080003," Madurante, regulador de crecimiento Ethefhon 48 sl  Present 0,5 a 1 Lt.","Litro",33,5389,177837,"001-Ingresos corrientes"]
[null,"Agroindustriales","789-01",20199,"01'900","006920",10171599,92015294,"Carbonato de calcio","Kilogramo",4880,63,307440,"001-Ingresos corrientes"]
[null,"Agroindustriales","789-01",20199,"01900","011380","11141701","92083149","Cascarilla de arroz en estado seco","Metro cubico ",141,10811,1524351,"001-Ingresos corrientes"]
[null,"Agroindustriales","789-01",20199,"01900","090305",15101603,92038979,"Medio de cultivo, turba hidratable para enraizamiento de plantas.","Metro cubico ",300,540,162000,"001-Ingresos corrientes"]
[null,"Agroindustriales","789-01",20199,"01900","006500","12352501","92083622","formaldehido (formalina), concentracion 37 a 50%, presentacion en envases de l, para uso veterinario","Litro",158,2841,448878,"001-Ingresos corrientes"]
[null,"Agroindustriales","789-01",20199,"01900","010060","12142104","92010099","Dióxido de carbono (CO2)","Litro",21,1660,34860,"001-Ingresos corrientes"]
[null,"Agroindustriales","789-01",20202,"01035","000001",10152001,92082996,"semilla de papaya mejorada, para fruto de 1,5 a 4 kg de peso, presentacion en envases de 30 a 200 g","Grm",120,500,60000,"001-Ingresos corrientes"]
[null,"Agroindustriales","789-01",20202,"01035","000001",10151515,92082628,"Semilla de cebolla","Kilogramo",2,144813,289626,"001-Ingresos corrientes"]
[null,"Agroindustriales","789-01",20202,"01035","000001",10151522,92082639,"Semilla de remolacha","Kilogramo",2,20942,41884,"001-Ingresos corrientes"]
[null,"Agroindustriales","789-01",20202,"01035","000001",10151805,92082995,"Semilla de culantro","Kilogramo",50,8288,414400,"001-Ingresos corrientes"]
[null,"Agroindustriales","789-01",20202,"01035","000001",10151530,92082998,"Semilla de rábano","Kilogramo",0.5,33390,16695,"001-Ingresos corrientes"]
[null,"Agroindustriales","789-01",20202,"01035","000001",10151518,92082636,"Semilla de tomate","Sem",5000,66,330000,"001-Ingresos corrientes"]
[null,"Agroindustriales","789-01",20202,"01035","000001",10151504,92082621,"Semilla de chile dulce","Sem",25000,40,1000000,"001-Ingresos corrientes"]
[null,"Agroindustriales","789-01",20202,"01035","000001",10151507,92083001,"Semilla de pepino","Sem",15000,7,105000,"001-Ingresos corrientes"]
[null,"Agroindustriales","789-01",20202,"01035","000001",10151512,92082622,"Semilla de lechuga","Kilogramo",4,44806,179224,"001-Ingresos corrientes"]
[null,"Agroindustriales","789-01",20202,"01035","000001",10151503,92082620,"Semilla de apio","Kilogramo",3,80000,240000,"001-Ingresos corrientes"]
[null,"Agroindustriales","789-01",20202,"01035","000001",10151532,92078646,"Semilla de ayote","Unidad",3000,60,180000,"001-Ingresos corrientes"]
[null,"Agroindustriales","789-01",20202,"01035","000001",92045154,92045154,"Semilla de Brachiaria","Kilogramo",40,21642,{"$f":"K1748*L1748","v":865680},"001-Ingresos corrientes"]
[null,"Agroindustriales","789-01",20204,"01035","000020",10121604,92019524,"Alimento para gallina ponedora","Kilogramo",232827,267,62164809,"001-Ingresos corrientes"]
[null,"Agroindustriales","789-01",20202,"01035","000020",10121604,92019522,"Alimento desarrollo de pollitas","Kilogramo",3825,260,994500,"001-Ingresos corrientes"]
[null,"Agroindustriales","789-01",20202,"01035","000020",10121604,92085381,"Alimento de inicio para gallina","Kilogramo",1135,292,331420,"001-Ingresos corrientes"]
[null,"Agroindustriales","789-01",20204,"001","000010",50192403,92032761,"Miel de purga a granel","Kilogramo",11880,174,2067120,"001-Ingresos corrientes"]
[null,"Agroindustriales","789-01",20204,"001","000001",10121509,92159475,"Sal mineral para ganado","Kilogramo",1400,364,509600,"001-Ingresos corrientes"]
[null,"Agroindustriales","789-01",20301,"01080","000020","30111903",92128667,"Cedazo malla No. 12","Kilogramo",120,1800,216000,"001-Ingresos corrientes"]
[null,"Agroindustriales","789-01",20301,"01045","001800",31152002,90016257,"Alambre de acero puas (p/cerca) en rollos de 335 mts","Unidad",84,20259,1701756,"001-Ingresos corrientes"]
[null,"Agroindustriales","789-01",20301,"01045","000028","26121540","90040950","Alambre galbanizado calibre 16","Kilogramo",400,1444,577600,"001-Ingresos corrientes"]
[null,"Agroindustriales","789-01",20301,"01045","000023",26121540,92013137," Alambre acero Galvanizado, calibre  No 12, en un hilo. Presentación en  rollo continuo mínimo de 30 kgs. ","Kilogramo",510,1444,736440,"001-Ingresos corrientes"]
[null,"Agroindustriales","789-01",20301,"01085","000500","31162002","92007703","Clavo de hierro con cabeza","Kilogramo",106,900,95400,"001-Ingresos corrientes"]
[null,"Agroindustriales","789-01",20301,"01100","000120","30102003","90028942","Lamina galbanizada #26 de 3,66 m","Unidad",41,14500,594500,"001-Ingresos corrientes"]
[null,"Agroindustriales","789-01",20301,"01100","000810","30102003",92011515,"Lámina hierro galbanizado # 26 lisa","Unidad",134,7152,958368,"001-Ingresos corrientes"]
[null,"Agroindustriales","789-01",20301,"01115","000320","30102303","92008645","Perfil estructural 50 x 75 mm, en 1,5 mm","Unidad",45,9000,405000,"001-Ingresos corrientes"]
[null,"Agroindustriales","789-01",20301,"01115","000040","30102303","92017033","Perfil estructural 50 x 100 mm, en 2,38 mm","Unidad",50,13000,650000,"001-Ingresos corrientes"]
[null,"Agroindustriales","789-01",20301,"01130","000001","31162207","92030551","Remache de aluminio 4,76 x 25,4 mm","Unidad",2800,16,44800,"001-Ingresos corrientes"]
[null,"Agroindustriales","789-01",20301,"01160","000001","46171501","92007128","Candado de seguridad 38 mm","Unidad",9,5937,53433,"001-Ingresos corrientes"]
[null,"Agroindustriales","789-01",20301,"01170","002350",31162404,92045434," Grapa de  acero galbanizada,  tamaño 31 ,75 mm  en 3,7 mm de calibre. Para cerca. Present 1  Kg..","Kilogramo",115,1426,163990,"001-Ingresos corrientes"]
[null,"Agroindustriales","789-01",20301,"01175","002960","31161512","90032623","Tornillo techo 50 mm","Unidad",250,32,8000,"001-Ingresos corrientes"]
[null,"Agroindustriales","789-01",20301,"01180","000960","23271806","92066715","Soldadura 6011 de 0,31 cm","Kilogramo",30,2926,87780,"001-Ingresos corrientes"]
[null,"Agroindustriales","789-01",20301,"01900","000010",31162702,null,"Rodín-Roladana de 2,54 cm","Unidad",50,2335,116750,"001-Ingresos corrientes"]
[null,"Agroindustriales","789-01",20302,"01001","000020","30111601","90014654","Cemento hidráulico gris, SACO DE 50 KG","Unidad",35,6978,244230,"001-Ingresos corrientes"]
[null,"Agroindustriales","789-01",20302,"01095","555234","11111611","92027450","Piedra quebarada #4","Metro cubico ",15,20000,300000,"001-Ingresos corrientes"]
[null,"Agroindustriales","789-01",20302,"01230","000220","11111701","92012050","Arena silícea","Metro cubico ",12,20000,240000,"001-Ingresos corrientes"]
[null,"Agroindustriales","789-01",20303,"01001","000060","30103605","92007045","Madera aserrada 50 x 76 mm semidura en 3,34 mts","Unidad",45,2926,131670,"001-Ingresos corrientes"]
[null,"Agroindustriales","789-01",20303,"01045","000100","30103605","90015796","Madera 25,4 x 50,8 mm, semidura en 3,34 mts","Unidad",122,1013,123586,"001-Ingresos corrientes"]
[null,"Agroindustriales","789-01",20303,"01045","000020","30103605","90015800","Madera acerrada de 25 x 75 mm en 3,34 mts","Unidad",60,1838,110280,"001-Ingresos corrientes"]
[null,"Agroindustriales","789-01",20304,"01125","001700","39121633","90029372","Switches-Interruptor","Unidad",2,16000,32000,"001-Ingresos corrientes"]
[null,"Agroindustriales","789-01",20304,"01130","000080",26121613,92112692,"Cable THHN No.10 ROLLO 100 MTS","Unidad",3,35700,107100,"001-Ingresos corrientes"]
[null,"Agroindustriales","789-01",20304,"01130","000100",26121613,92112690,"Cable THHN No.12 ROLLO 100 MTS","Unidad",4,43500,174000,"001-Ingresos corrientes"]
[null,"Agroindustriales","789-01",20304,"01165","000005","39121402","92006767","Tomas de corriente (Enchufe)","Unidad",15,2996,44940,"001-Ingresos corrientes"]
[null,"Agroindustriales","789-01",20304,"01195","000001",39111521,92137438,"plafon de porcelana, tipo portalamparas, con rosca e27, forma cuadrada de 7 cm, (±1 cm), para instalar de parche, capacidad hasta 250 w.","Unidad",30,1576,47280,"001-Ingresos corrientes"]
[null,"Agroindustriales","789-01",20304,"01440","000005","39121439","90002488","Tomacorriente doble polarizado","Unidad",15,2996,44940,"001-Ingresos corrientes"]
[null,"Agroindustriales","789-01",20304,"01900","000821","31201502","90002482","Tape electrico 33/3M corriente","Unidad",8,1688,13504,"001-Ingresos corrientes"]
[null,"Agroindustriales","789-01",20306,"01001","000035",41171708,"920|8620","Adaptador hembra pvc 12 mm","Unidad",12,360,4320,"001-Ingresos corrientes"]
[null,"Agroindustriales","789-01",20306,"01001","000060",41171708,92022825,"Adaptador macho pvc 12,7 mm","Unidad",12,360,4320,"001-Ingresos corrientes"]
[null,"Agroindustriales","789-01",20306,"01001","000020",41171708,92038963,"Adaptador hembra pvc 25,4 mm","Unidad",10,360,3600,"001-Ingresos corrientes"]
[null,"Agroindustriales","789-01",20306,"01001","000120",41171708,92022818,"Adaptador macho pvc 25,4 mm","Unidad",10,360,3600,"001-Ingresos corrientes"]
[null,"Agroindustriales","789-01",20306,"01020","000005",40174608,92039912,"Tee pvc 25,4 mm","Unidad",10,540,5400,"001-Ingresos corrientes"]
[null,"Agroindustriales","789-01",20306,"01020","000005",40174608,92016387,"Tee lisa pvc de 12 mm","Unidad",63,280,17640,"001-Ingresos corrientes"]
[null,"Agroindustriales","789-01",20306,"01025","001400","40171517","92009231","Tubo pvc cañería 12,7 mm","Unidad",48,4200,201600,"001-Ingresos corrientes"]
[null,"Agroindustriales","789-01",20306,"01025","001460","40171517","92010424","Tubo p/agua en una pulgada","Unidad",65,6700,435500,"001-Ingresos corrientes"]
[null,"Agroindustriales","789-01",20306,"01025","001520","40171517","92009226","tubo pvc cañería de 50,8 mm","Unidad",30,8000,240000,"001-Ingresos corrientes"]
[null,"Agroindustriales","789-01",20306,"01030","000020",41172906,92023387,"Unión lisa pvc 12 mm","Unidad",81,280,22680,"001-Ingresos corrientes"]
[null,"Agroindustriales","789-01",20306,"01030","000100",41174908,92015078,"Unión pvc de 25,4 mm","Unidad",40,360,14400,"001-Ingresos corrientes"]
[null,"Agroindustriales","789-01",20306,"01030","000005",20111714,92136526,"Unión pvc, conector de cinta de riego (conector 10 mm)","Unidad",400,180,72000,"001-Ingresos corrientes"]
[null,"Agroindustriales","789-01",20306,"01155","000001",30102015,92038608," Plástico negro liso (Polipropileno) uso en la construcción. 4 mts ancho calibre  mínimo 6 milésimas de pulgada . (Present. Rollo continuo  de 20 mts mínimo)","Kilogramo",146,2076,303096,"001-Ingresos corrientes"]
[null,"Agroindustriales","789-01",20306,"01155","000001",13111201,92079530," Léase correctamente kilogramos de Plástico Transparente para techo de invernadero (Calibre 2 mm, de 4 a 6  mts ancho). Presentación rollo continuo mínimo de 25 kg ","Kilogramo",100,2426,242600,"001-Ingresos corrientes"]
[null,"Agroindustriales","789-01",20306,"01155","000001",21102601,92160374,"Plástico uso agrícola tipo agritela","Metro",500,1150,575000,"001-Ingresos corrientes"]
[null,"Agroindustriales","789-01",20306,"01175","000005",40142008,92044135,"Manguera de caucho reforzafda de 12,7 mm, para jardín. , (Present.  de 12 mts con sus respectivos acoples).","Metro",60,1200,72000,"001-Ingresos corrientes"]
[null,"Agroindustriales","789-01",20306,"01175","000220",40142007,92019196," Manguera poliducto de 12,7 mm  de diámtero. (Presentación rollo de 90 mts, presión mínima 14 kg/cm2, calibre 2 mm)","Metro",630,169,106470,"001-Ingresos corrientes"]
[null,"Agroindustriales","789-01",20306,"01175","000220",40142007,92019195,"Manguera poliducto 25 mm","Metro ",1440,450,648000,"001-Ingresos corrientes"]
[null,"Agroindustriales","789-01",20306,"01175","151101",21101511,92130136,"Cinta goteo 16 mm, para riego agrícola","Metro ",4000,62,248000,"001-Ingresos corrientes"]
[null,"Agroindustriales","789-01",20306,"01440","000020",10131699,92133867,"Bebedero avicola de niple","Unidad",50,1800,90000,"001-Ingresos corrientes"]
[null,"Agroindustriales","789-01",20306,"01900","007300",10139901,92079818,"Bandeja para germinación de semillas , plástica, color negro  (Tamaño  32 x 48 cm) . Con 96 espacios de 40x40x40 mm. Apilable,  ","Unidad",120,1400,168000,"001-Ingresos corrientes"]
[null,"Agroindustriales","789-01",20309,"01035","000005",21101803,92080004,"Microaspersor para riego hortícola. Con estaca, capacidad  30 Lts (+- 5) por hora. Radio de mojado 2,5 a 3 mts. Aspersión giro de 360 grados.","Unidad",22,6000,132000,"001-Ingresos corrientes"]
[null,"Agroindustriales","789-01",20309,"01185","000100","27111723","92005764","Llave de paso 12 mm","Unidad",10,2666,26660,"001-Ingresos corrientes"]
[null,"Agroindustriales","789-01",20309,"01185","000145","40141607","92038510","Llave de paso 25 mm pvc","Unidad",6,4500,27000,"001-Ingresos corrientes"]
[null,"Agroindustriales","789-01",20309,"01185","000740","40141607","92016686","Llave paso 2\" PVC","Unidad",1,7535,7535,"001-Ingresos corrientes"]
[null,"Agroindustriales","789-01",20309,"01185","000040","30181701","92121419","Llave chorro 1,27 cm","Unidad",6,2550,15300,"001-Ingresos corrientes"]
[null,"Agroindustriales","789-01",20401,"01035","000002",27112004,92013046,"Pala carrilera cabo corto","Unidad",10,4550,45500,"001-Ingresos corrientes"]
[null,"Agroindustriales","789-01",20401,"01035","000305",27112024,92084374,"Pla de acero tipo cafetalera","Unidad",18,11729,211122,"001-Ingresos corrientes"]
[null,"Agroindustriales","789-01",20401,"01035","000140",27112004,92071148,"Pala carrilera hoja de acero de 210 mm ancho y 240 mm de largo, con palo de madera de 1000 mm largo, ","Unidad",24,4542,109008,"001-Ingresos corrientes"]
[null,"Agroindustriales","789-01",20401,"01035","000002","27112004","92044724","Palin 16 \", en Y","Unidad",4,6500,26000,"001-Ingresos corrientes"]
[null,"Agroindustriales","789-01",20401,"01050","001400",27112116,90008581,"Alicate Diablillo para alambre púas, tamaño 20 a 25 cm largo.","Unidad",1,16752,{"$f":"K1812*L1812","v":16752},"001-Ingresos corrientes"]
[null,"Agroindustriales","789-01",20401,"01155","000002",27111801,92002722,"Cinta métrica de 5 m","Unidad",8,7316,58528,"001-Ingresos corrientes"]
[null,"Agroindustriales","789-01",20401,"01190","000001",27111503,92012382,"Cuchillo labores de agricultura","Unidad",73,2474,180602,"001-Ingresos corrientes"]
[null,"Agroindustriales","789-01",20401,"01275","000001",27112029,92079621,"Regadera manual, plástica , para uso en riego. Capacidad vólumen 8 a 12 litros. Con agarradera, con cuello disponiendo de terminal con multiples agujeros.","Unidad",17,4283,72811,"001-Ingresos corrientes"]
[null,"Agroindustriales","789-01",20401,"01410","000200",10131698,92080823,"Comedero avícola de 10 Kg ) ,material plástico, colgante, con pestaña en borde del plato.","Unidad",38,7369,280022,"001-Ingresos corrientes"]
[null,"Agroindustriales","789-01",20401,"01410","000140",10131699,92080734,"Bebedero avícola automático, estilo campana,  colgante, plastico. Diámetro  33 cm ( +- 5 cm)","Unidad",57,12000,684000,"001-Ingresos corrientes"]
[null,"Agroindustriales","789-01",20401,"01410","000140",10131699,92130071,"Bebedero avícola, plastico manual","Unidad",38,3500,133000,"001-Ingresos corrientes"]
[null,"Agroindustriales","789-01",20401,"01095","000020","27111919","92047568","Lima para afilar machetes","Unidad",78,4500,351000,"001-Ingresos corrientes"]
[null,"Agroindustriales","789-01",20401,"01425","000001",41112212,92133814,"Termometro ambiental","Unidad",4,21855,87420,"001-Ingresos corrientes"]
[null,"Agroindustriales","789-01",20401,"01900","007500",27112003,92029673,"Rastrillo metalico 16 Dientes","Unidad",14,4446,62244,"001-Ingresos corrientes"]
[null,"Agroindustriales","789-01",20401,"01900","000599",24101506,90033540,"Carretillo","Unidad",20,16075,321500,"001-Ingresos corrientes"]
[null,"Agroindustriales","789-01",20401,"01900","003600",10141501,92085175,"Silla para montar equinos","Unidad",3,260000,780000,"001-Ingresos corrientes"]
[null,"Agroindustriales","789-01",20401,"01900","003820",27111908,92079037,"Piedra Mollejón . De forma cuadrada o rectangular. De 10 a 12 kg.","Unidad",10,8000,80000,"001-Ingresos corrientes"]
[null,"Agroindustriales","789-01",20401,"01900","002119","27112402","92072629","Remachadora Manual","Unidad",1,32000,32000,"001-Ingresos corrientes"]
[null,"Agroindustriales","789-01",20401,"01900","002123",27111517,92085002,"Cuchilla metalico Despicadora de gallinas","Unidad",12,6190,74280,"001-Ingresos corrientes"]
[null,"Agroindustriales","789-01",20401,"01900","003841",27111908,92079622,"Piedra para afilar herramientas, tamaño 7x18 cm . Una cara con granulometría para afilado y la otra cara con granulometría para pulido.","Unidad",38,1694,64372,"001-Ingresos corrientes"]
[null,"Agroindustriales","789-01",20401,"01900","003660",21101914,92135749,"Bastón chuzo electrico","Unidad",null,65000,0,"001-Ingresos corrientes"]
[null,"Agroindustriales","789-01",20599,"01900","190301",24112404,90028680,"Caja Plástica apilable.( descripción: medida 50x32x27 cm, largo  xancho x alto, ventilada en los cuatro laterales , fondo sellado (Sin orificios). Capacidad min. 20 Kgs, todas en un solo color a escoger.","Unidad",40,3442,137680,"001-Ingresos corrientes"]
[null,"Agroindustriales","789-01",20599,"01900","190301",24112404,90028680,"Caja Plástica apilable.( descripción: medida 73x43x36  cm, largo  xancho x alto, ventilada en los cuatro laterales , fondo sellado (Sin orificios). Capacidad min. 40 Kgs, todas en un solo color a escoger.","Unidad",40,11000,440000,"001-Ingresos corrientes"]
[null,"Agroindustriales","789-01",20599,"01900","190302",24121508,92078586,"Cartón para huevo","Unidad",28000,68,1904000,"001-Ingresos corrientes"]
[null,"Agroindustriales","789-01",20599,"01900","190304",10139902,92080067,"Bolsa negra en polietileno, p/vivero 15x15 cm ancho por largo, con fuelle o sentadera. (Present.  1 Kg).","Kilogramo",20,2800,56000,"001-Ingresos corrientes"]
[null,"Agroindustriales","789-01",29902,"01025","003650",42142523,90039126,"AGUJA DESCARTABLE 100 unds","Unidad",2,29300,58600,"001-Ingresos corrientes"]
[null,"Agroindustriales","789-01",29902,"01050","000010",42142609,90013921,"Jeringa Descartable 10 Cc","Unidad",200,91,18200,"001-Ingresos corrientes"]
[null,"Agroindustriales","789-01",29902,"01120","000060",42132205,90028352,"GUANTE PARA CIRUGÍA (par)","Unidad",100,91,9100,"001-Ingresos corrientes"]
[null,"Agroindustriales","789-01","29902","01120","131001",42132203,92084989,"Guante para palpación de bovinos","Unidad",200,160,32000,"001-Ingresos corrientes"]
[null,"Agroindustriales","789-01",29904,"01075","000900","46181611","92030207","Bota de hule, PAR","Unidad",188,7323,1376724,"001-Ingresos corrientes"]
[null,"Agroindustriales","789-01",29904,"01085","000040",31151504,92073831,"Cuerda de nylon  para albañilería, No.27 de peso 460 Gramos ","Unidad",40,900,36000,"001-Ingresos corrientes"]
[null,"Agroindustriales","789-01",29904,"01090","000259",31152102,90019396,"Léase correctamente metros Cuerda de Nylon (mecate) de 6 mm. (tipo Trenzado), Presentación rollo mínimo de 100 mts y máximo 1000 mts.","Metro ",200,115,23000,"001-Ingresos corrientes"]
[null,"Agroindustriales","789-01",29904,"01090","000080",31152108,90031762," Mecate bananero Piola, rollo de 1 kilogramo. (polipropileno de 2 mm). ","Kilogramo",150,1858,278700,"001-Ingresos corrientes"]
[null,"Agroindustriales","789-01",29904,"01115","000010",46181503,92007896,"Capa 2 piezas (pantalon y Yacket), de nylon ahulado. Fooro en pantalón y elástico en la cintura","Unidad",27,10370,279990,"001-Ingresos corrientes"]
[null,"Agroindustriales","789-01",29904,"01125","000002",21102305,92135879,"cortina para galpones avicolas, en tela laminada de polipropileno, uso avicultura, para control ambiental, ancho 2,05 m, calibre 4 mm (±    1,5 mm).","Unidad",80,2400,192000,"001-Ingresos corrientes"]
[null,"Agroindustriales","789-01",29904,"01150","000001",46181509,92080589,"Traje de seguridad desechable para uso en fumigación agrícola. Con gorro, Protección tipo 5 y 6, protección contra quimicos, textura confortable.Talla a escoger (Tipo kimono)","Unidad",36,6500,234000,"001-Ingresos corrientes"]
[null,"Agroindustriales","789-01",29904,"01900","000045",11162111,92079987,"Mallas de polipropileno para empaque, tamaño 50x90. Capacidad 35 kg (Tipo para cebolla)","Unidad",5000,162,810000,"001-Ingresos corrientes"]
[null,"Agroindustriales","789-01",29904,"01900","001100",53102503,92079427,"Sombrero de lona (típico costarrisence), con tapa nuca,  impermeable, (talla a escoger)","Unidad",10,3216,32160,"001-Ingresos corrientes"]
[null,"Agroindustriales","789-01",29904,"01900","002005",21102305,92080735,"Sarán protección de viveros 50/50","Metro ",200,1167,233400,"001-Ingresos corrientes"]
[null,"Agroindustriales","789-01",29904,"01900","002005",21102305,92080736,"Sarán protección de viveros antiafido","Metro ",null,3300,0,"001-Ingresos corrientes"]
[null,"Agroindustriales","789-01",29904,"01900","003620",10141606,92085000,"Apero metalico 16 Cincha","Unidad",10,8441,84410,"001-Ingresos corrientes"]
[null,"Agroindustriales","789-01",29904,"01900","003620",10141604,92084992,"Coyunda para uso equino","Unidad",null,1300,0,"001-Ingresos corrientes"]
[null,"Agroindustriales","789-01",29904,"01900","003620",10141505,92084993,"Grupera para equino","Unidad",2,8441,16882,"001-Ingresos corrientes"]
[null,"Agroindustriales","789-01",29904,"01900","003620",10141505,92084996,"Mantilla textil para montura equina","Unidad",11,5740,63140,"001-Ingresos corrientes"]
[null,"Agroindustriales","789-01",29905,"01025","000340","51472901","92095826","Solución desinfectante de yodo","Litro",90,5138,462420,"001-Ingresos corrientes"]
[null,"Agroindustriales","789-01",29905,"01025","000001",47131803,90003227,"Desinfectante limpiador veterinario","Litro",null,5606,0,"001-Ingresos corrientes"]
[null,"Agroindustriales","789-01",29905,"01025","000010","42281603","90041265","Desinfectante veterinario","Litro",40,5606,224240,"001-Ingresos corrientes"]
[null,"Agroindustriales","789-01",29905,"01030","000021","47131602","92038906","Esponja Lavaplatos","Unidad",200,219,43800,"001-Ingresos corrientes"]
[null,"Agroindustriales","789-01",29905,"01045","000060","12161902","90041334","Detergente industrial","Kilogramo",110,675,74250,"001-Ingresos corrientes"]
[null,"Agroindustriales","789-01",29905,"01900","000225",46181504,90028248,"Guante de hule grandes","Unidad",70,855,59850,"001-Ingresos corrientes"]
[null,"Agroindustriales","789-01",29905,"01900","000040",12141901,92002552,"Cloro liquido en 3,78 l","Litro",70,650,45500,"001-Ingresos corrientes"]
[null,"Agroindustriales","789-01",29906,"01015","000005",46181802,92007914,"Gafa (Monogafa) transparente de ventilación indirecta, de policarbonato, (uso en aplicación agroquímicos, sujeción a través de tira elástica)","Unidad",13,4915,63895,"001-Ingresos corrientes"]
[null,"Agroindustriales","789-01",29906,"01120","000120",46181504,92006950,"Guante de cuero y lona (par)","Unidad",66,2106,138996,"001-Ingresos corrientes"]
[null,"Agroindustriales","789-01",29906,"01200","000100",46182001,90030807,"Mascarilla desechable contra polvo no tóxico, (cubriendo boca y nariz, sujeción con cordon, material papel blando) ","Unidad",200,66,13200,"001-Ingresos corrientes"]
[null,"Agroindustriales","789-01",29906,"01900","001040",46182001,92071894,"Mascara tipo media cara con respiarador contra gases y vapores, con cartucho de dos filtros. ( Para aplicación agroquímicos)","Unidad",30,8588,257640,"001-Ingresos corrientes"]
[null,"Agroindustriales","789-01",29999,"01125","000260",31201623,92018308,"Pegamento de contacto pvc, 0,48 L","Unidad",11,3908,42988,"001-Ingresos corrientes"]
[null,"Agroindustriales","789-01",29999,"01900","000260",31152102,92079532,"Cuerda para motoguadaña","Metro ",100,115,11500,"001-Ingresos corrientes"]
[null,"Agroindustriales","789-01",50101,"01130","001200",40151503,92144765,"Bomba centrífuga eléctrica, 1,5 HP, 110-220 V,3400 rpm,  monofásica, succión y descarga 3,17 cm (1.25 pulgadas)","Unidad",2,260000,520000,"280-Titulo de valores de deuda externa"]
[null,"Agroindustriales","789-01",50101,"01900","000024",27112746,92008635,"Motosierra  manual, combustión, potencia 2,8 HP ,  Cilindrada  45 a 50 cc, espada de 50 cm.  Incluye set de herramientas (al menos cubo, lima, destornillador plano y Philips).","Unidad",null,330000,0,"280-Titulo de valores de deuda externa"]
[null,"Agroindustriales","789-01",50101,"01900","000010",21101913,92135880,"Despicadora de aves","Unidad",1,240000,240000,"280-Titulo de valores de deuda externa"]
[null,"Agroindustriales","789-01",50101,"900","000045","27112036","92203797","Picadora de forraje","Unidad",2,700000,1400000,"280-Titulo de valores de deuda externa"]
[null,"Agroindustriales","789-01",50101,"01900","110701",21101501,92133864,"Arado agrícola de tres discos","Unidad",0,2600000,0,"280-Titulo de valores de deuda externa"]
[null,"Agroindustriales","789-01",50199,"01130","000200",21101801,92135758,"Bomba Insufladora","Unidad",3,24000,72000,"280-Titulo de valores de deuda externa"]
[null,"Agroindustriales","789-01",50199,"01130","000002",21101801,92038383," Bomba  de fumigación, tanque plástico de 18 litros. , lanza de 50 cm, correas ajustables. (bomba manual de Uso agrícola)","Unidad",10,46135,461350,"280-Titulo de valores de deuda externa"]
[null,"Agroindustriales","789-01",50199,"01130","000002",21101801,92027040,"Bomba de espalda con   motor , potencia 2,6  Kw, cilindrada 56,5 cm 3 , alcance 11,5 mts, Peso máximo 11,1 kgs, 56,5 cm3. (Uso agrícola, Capacidad Tanque 12 a 14 litros,)","Unidad",4,300500,1202000,"280-Titulo de valores de deuda externa"]
[null,"Agroindustriales","789-01",50199,"01150","000001",21101999,92081227,"Reflector infrarrojo, potencia 250 W, voltaje 120 V, rosca E27, para calentamiento ambiental (No luminario).  ","Unidad",50,3600,180000,"280-Titulo de valores de deuda externa"]
[null,"Agroindustriales","789-01",50199,"01150","000102",39111709,92016625,"Lámpara de emergencia con dos lentes . 120 V, 60 HZ,  Batería capacidad de 90 minutos. ","Unidad",3,18008,54024,"280-Titulo de valores de deuda externa"]
[null,"Agroindustriales","789-01",50199,"01900","004010",27112037,92026702,"Cortadora de cesped, Motoguadaña","Unidad",3,283285,849855,"280-Titulo de valores de deuda externa"]
[null,"Agroindustriales","789-01",59901,"01025","000025",10101601,92083005,"Pollita de postura de un día","Unidad",750,1400,{"$f":"K1876*L1876","v":1050000},"001-Ingresos corrientes"]
[null,"Agroindustriales","789-01",59901,"01025","000025",10101601,92082994,"Pollas De Postura 14 Semanas","Unidad",1120,5995,6714400,"001-Ingresos corrientes"]
[null,"Agroindustriales","789-04",20101,"015","000021",15121902,90015654,"Grasa apara lubricar","Kilogramo",1,2550,2550,"001-Ingresos corrientes"]
[null,"Agroindustriales","789-04",20103,"005","000195",51472901,92128675," yodo 3%, ","Litro",2,9548,19096,"001-Ingresos corrientes"]
[null,"Agroindustriales","789-04",20103,"005","000014",51451612,92084999,"Febendazol 4%","Grm",60,191,11460,"001-Ingresos corrientes"]
[null,"Agroindustriales","789-04",20103,"005",100280,10191509,92083621," Larvicida aerosol uso veterinario, para parásitos en semovientes.(Presentacion Frasco  0,180 a 0,240 l.","Frs",4,3061,12244,"001-Ingresos corrientes"]
[null,"Agroindustriales","789-04",20103,"005","000014",51101693,92084063,"Toltrazuril 25 mg/ml, Desparasitante interno, uso oral, uso veterinario. Presentación en envase de 1 L. (Similar o superior a Baycox)","Litro",1,46680,46680,"001-Ingresos corrientes"]
[null,"Agroindustriales","789-04",20103,280,"000920",50501804,92086691,"suplemento de vitaminas y minerales de uso avícola, aplicación al agua, de uso veterinario, presentación envase de 1 kg ","Kilogramo",2,18576,37152,"001-Ingresos corrientes"]
[null,"Agroindustriales","789-04",20103,"005","000014",51452802,92084909," Doramectina 1%, desparasitante interno de uso veterinario, , Presentación  envase de 50 ml a 500 ml. (100 ml)","Unidad",null,16000,0,"001-Ingresos corrientes"]
[null,"Agroindustriales","789-04",20103,"005","000260",10191509,92085174,"Amitráz al 12,5% .Desparasitante externo de uso veterinario. Presentación envase de 1 L.","Unidad",null,20034,0,"001-Ingresos corrientes"]
[null,"Agroindustriales","789-04",20103,"005","005700",50501609,92213420,"Butaphosphan 10 G, más vitamina B-12 , Inyectable, de uso veterinario. Presentación envase de 50 a 100 ml.","Unidad",null,9500,0,"001-Ingresos corrientes"]
[null,"Agroindustriales","789-04",20103,"005",100120,51284014,92085377,"Oxitetraciclina, antibiótico de uso veterinario, inyectable. Envase de 50 a 100 ml. (100 Ml)","Unidad",null,10400,0,"001-Ingresos corrientes"]
[null,"Agroindustriales","789-04",20103,"005","000014",51453404,92136567,"Desparasitante animal de uso tópico, composición a base de fipronil al 1%, uso veterinario. Presentación envase de 1 L.","Unidad",null,26000,0,"001-Ingresos corrientes"]
[null,"Agroindustriales","789-04",20103,"01145","000920","512017 98",92084068," Unidades Vacuna para Viruela avícola. Frasco de 1000 dosis","Unidad",2,7820,15640,"001-Ingresos corrientes"]
[null,"Agroindustriales","789-04",20103,"01145","000001","512017 05",92084066," Undas Vacuna Newcastle + Bronquitis, avícola, Presentación frasco de 1000 dosis.","Unidad",4,3410,13640,"001-Ingresos corrientes"]
[null,"Agroindustriales","789-04",20103,"01145","000001","512017 03",92084067,"Unidades  Vacuna Gumboro av+icola. Presentación frasco de 1000 dosis.","Unidad",2,4260,8520,"001-Ingresos corrientes"]
[null,"Agroindustriales","789-04",20103,145,"000001",51204299,92083150," Vacuna bovina, bacterina triple, presentación frasco de 0,1 a 0,25 Lts. Aplicación intramuscular. (100 Ml)","Unidad",null,6200,0,"001-Ingresos corrientes"]
[null,"Agroindustriales","789-04",20103,280,"000900",50501804,92083497,"Vitamina ADE, uso vetrinario, Forma de Presentación en envase de 0,1 L inyectable. ","Unidad",null,11600,0,"001-Ingresos corrientes"]
[null,"Agroindustriales","789-04","20104","005","000001",31211803,92041765,"Aguarraz","Litro",null,2001.6826923076924,0,"001-Ingresos corrientes"]
[null,"Agroindustriales","789-04",20199,"01035","001070",10171605,92077050," Fertilizante fórmula 15-03-31 (N-P-K), granulado, Present. Saco de 45 kg","Kilogramo",4005,266,1065330,"001-Ingresos corrientes"]
[null,"Agroindustriales","789-04",20199,"035","001070",10171605,92077050," Fertilizante foliar a bese de NPK + y conteniendo al menos siete microelementos ), Present.  1 Lt, ","Litro",34,4808,163472,"001-Ingresos corrientes"]
[null,"Agroindustriales","789-04",20199,"035","001035",10171605,92223305,"Fertilizante químico   fórmula 18-05-15-06-02,  (N-P- K-Ca-Mg) Granulado  Present. 45 kgs","Kilogramo",3780,318,1202040,"001-Ingresos corrientes"]
[null,"Agroindustriales","789-04",20199,"035","000100","10171505","92015266","metalosatos multiminerales, para uso agrícola, en presentacion de litro,","Litro",8,7248,57984,"001-Ingresos corrientes"]
[null,"Agroindustriales","789-04",20199,"035","001095",10171601,92028998," Fertilizante Nitrato de amonio    Present.saco de 45 kg .","Kilogramo",1305,241,314505,"001-Ingresos corrientes"]
[null,"Agroindustriales","789-04",20199,"035","003250",10171698,92079002," Fertilizante foliar a base de Boro, concentración al menos 10% de Boro, . Presentación de 0.5 a 1 litro.","Litro",2,7248,14496,"001-Ingresos corrientes"]
[null,"Agroindustriales","789-04",20199,"035","003250",10171505,92015270,"Fertilizante  Foliar metalosato de zinc. Presentación litro.","Litro",null,2776,0,"001-Ingresos corrientes"]
[null,"Agroindustriales","789-04",20199,"035","000900",10171607,92079617," Fertilizante  Foliar a base de Magnesio , composición mínima 11% Mg. Presentación 0,5 a 1  litro.","Litro",1,7248,7248,"001-Ingresos corrientes"]
[null,"Agroindustriales","789-04",20199,"035","000900",10171505,92015268,"Fertilizante Foliar formula 12-60-00 (N-P-K), para uso agrícola Present. 1  Kg.","Kilogramo",null,2080,0,"001-Ingresos corrientes"]
[null,"Agroindustriales","789-04",20199,"035","001021",10171605,92028959,"Léase correctamente kilos Fertilizante Formula 10-30-10 (N-P-K), granulado,  Present.  45 Kgs","Kilogramo",4275,298,1273950,"001-Ingresos corrientes"]
[null,"Agroindustriales","789-04",20199,"035","000900",10171603,92079542," Fertilizante  foliar a base de  fósforo y con aminoacidos , conteniendo 6 a 10% de fósforo. Presentación Litro.","Litro",9,19557,176013,"001-Ingresos corrientes"]
[null,"Agroindustriales","789-04",20199,"035","000900",10171505,92079539," Fertilizante foliar a base de aminoácidos , concentración 25 a 40 % Present. 0,50 a 1 litro.","Litro",7,12868,90076,"001-Ingresos corrientes"]
[null,"Agroindustriales","789-04",20199,"035","000900",10171505,92080737," Fertilizante foliar agrícola a base de aminoácidos y al menos 6% de potasio. Envase de 0,5 a 1 L.","Litro",7,19910,139370,"001-Ingresos corrientes"]
[null,"Agroindustriales","789-04",20199,"045","000390",10171701,92015256,"HERBICIDA GLIFOSATO  35,6 SL , present. lts","Litro",43,2982,{"$f":"K1908*L1908","v":128226},"001-Ingresos corrientes"]
[null,"Agroindustriales","789-04",20199,"045","000080",10171701,92028982,"Herbicida paracuat","Litro",25,2693,67325,"001-Ingresos corrientes"]
[null,"Agroindustriales","789-04",20201,"045","000001",10171701,92080181,"Herbicida (Linurón)","Litro",5,12225,61125,"001-Ingresos corrientes"]
[null,"Agroindustriales","789-04",20199,"040","000001",10171702,92079038,"Fungicida azufrado, de acción contacto y protector, concentración al menos 80 WP. Present 1 kg","Kilogramo",14,3751,52514,"001-Ingresos corrientes"]
[null,"Agroindustriales","789-04",20199,"040","000001",10171702,92201980,"Banrot Fungicida (Etridiazol) 0,25 k","Unidad",3,8500,25500,"001-Ingresos corrientes"]
[null,"Agroindustriales","789-04",20199,"040","000001",10171602,92200735,"FUNGICIDA FOSETIL ALUMINIO 53%+PROPOMOCARB 31%. FORMULACION LIQUIDA 84 SL. PARA USO AGRICOLA, ACCION SISTEMATICA. PARA CONTROL DE HONGOS DE SUELO: RHIZOCTONIA SPP; FUSARIUM SPP., PYTHIUM SPP. (PREVALOR 84 SL).  PRESENTACION 1 L","Litro",3,21000,63000,"001-Ingresos corrientes"]
[null,"Agroindustriales","789-04",20199,"040","000500",10171702,92080178," FUNGICIDA Propineb 70 WP , de contacto y acción protectora Presentación de 0,50 a  1 kilogramo.","Kilogramo",28,6700,187600,"001-Ingresos corrientes"]
[null,"Agroindustriales","789-04",20199,"040","081105",10171702,92080180,"Lease correctamente kilos de  Fungicida agrícola azosistrovina 25 SC. Producto sistémico de acción protectora y erradicante. Present 0,50 a 1 Kg.","Kilogramo",7,33949,237643,"001-Ingresos corrientes"]
[null,"Agroindustriales","789-04",20199,"040","000360",10171702,92015251,"FUNGICIDA Benomil uso agrícolaL,  present.  1 kg","Kilogramo",10,7900,79000,"001-Ingresos corrientes"]
[null,"Agroindustriales","789-04",20199,"040","000100",10171702,92079028,"Fungicida Metalaxil 24 EC, sistémico de acción protectora y curativa. Present. 0,5 a 1 kg","Kilogramo",3,8349,25047,"001-Ingresos corrientes"]
[null,"Agroindustriales","789-04",20199,"040","000001",10171702,92077784,"Léase correctamente kilos FUNGICIDA Captan  50 WP, acción por contaco protector y erradicante.  Presentación de 0,5 a 1 Kg.","Kilogramo",31,4709,145979,"001-Ingresos corrientes"]
[null,"Agroindustriales","789-04",20199,"040","000001",10171702,92079027,"FUNGICIDA  foliar Procloraz   50 WP, acción por contaco protector y erradicante. Presentación de 0,5 a 1 kg.","Litro",14,13965,195510,"001-Ingresos corrientes"]
[null,"Agroindustriales","789-04",20199,"040","000001",10171702,92080138," Fungicida Cymoxamil Mancozeb 72 WP. Acción protector y curativo, Presentación de 0,5 a 1 Kilogramo.","Kilogramo",4,9567,38268,"001-Ingresos corrientes"]
[null,"Agroindustriales","789-04",20199,"040","000001",10171702,92080175,"Fungicida Dimetomorf Mancozeb 69 WP. Acción protectora, Presentación de 0,50 a 1  Kilo. Acrobat","Kilogramo",6,26118,156708,"001-Ingresos corrientes"]
[null,"Agroindustriales","789-04",20199,"050","000001",10191509,92079980," INSECTICIDA Nematicida  Forato 10 G  Presentación de 15 kg.","Kilogramo",null,2811,0,"001-Ingresos corrientes"]
[null,"Agroindustriales","789-04",20199,"050","000001",10191509,92079031," Insecticida Oxamil 24 SL,  Insecticida, nematicida y acaricida de acción sistémica. Presentación  1 Lt","Litro",19,8601,163419,"001-Ingresos corrientes"]
[null,"Agroindustriales","789-04",20199,"01050","000001",10191509,92200899,"Insecticida Imidaclorprid 70 WP, acción de contacto y estomacal, en vase 52 gramos","Unidad",13,13765,178945,"001-Ingresos corrientes"]
[null,"Agroindustriales","789-04",20199,"050","000001",10191511,92079035," Insecticida Fipronil 20 SC, acción de contacto. Presentación 1 Lt","Litro",3,112918,338754,"001-Ingresos corrientes"]
[null,"Agroindustriales","789-04",20199,"050","001780",10191513,92079036," Insecticida Agrícola Deltametrina 2,5 EC . Piretroide sintético con acción contacto y estomacal. Presentación de 1 litro.","Litro",14,32395,453530,"001-Ingresos corrientes"]
[null,"Agroindustriales","789-04",20199,"050","000540",10191509,92080204," INSECTICIDA Metamidofos 60 SL,  con efecto insecticida acaricida, acccontacto e ingestión.ión Presentación de  0,5 a 1 L","Litro",15,11812,177180,"001-Ingresos corrientes"]
[null,"Agroindustriales","789-04",20199,"050","000001",10191509,92080183," Insecticida Spiromesifen 24 SC, con acción insecticida y acaricida. Presentación de 0,5 a  1  L","Litro",2,92853,185706,"001-Ingresos corrientes"]
[null,"Agroindustriales","789-04",20199,"050","000001",10191509,92080196," Insecticida  Agrícola SPINOSAD  12 SC, efecto de contacto y estomacal. Presentación 0,5 a 1 L.","Litro",6,68959,413754,"001-Ingresos corrientes"]
[null,"Agroindustriales","789-04",20199,"050","000001",10191509,92080186,"Insecticida Buprofezin 25 WP, Producto con acción de contacto, ingestión e inalación. Present. 0,5 a 1 L. (Aplaud)","Litro",14,8000,112000,"001-Ingresos corrientes"]
[null,"Agroindustriales","789-04",20199,"050","000001",10191512,92079587," INSECTICIDA  Cypermetrina 25 Ec, uso agrícola","Litro",2,8000,16000,"001-Ingresos corrientes"]
[null,"Agroindustriales","789-04",20199,"050","002500",10191515,92136291,"insecticida clorpirifos en polvo, formulación 50 wp, uso agrícola, ","Kilogramo",16,6875,110000,"001-Ingresos corrientes"]
[null,"Agroindustriales","789-04",20199,"050","001340",10191510,92079572," Insecticida  agrícola Abamectina 1,8 EC. Con efecto insecticida y acaricida, acción de contacto y estomacal.   Presentación de 0,50 a 1 litro.","Litro",10,12495,124950,"001-Ingresos corrientes"]
[null,"Agroindustriales","789-04",20199,"050","001195","10191517","92098908","insecticida diazinon 40 wp, formulación wp, polvo mojable con un 40% concentración, presentacion de 1 kg","Litro",4,7943,31772,"001-Ingresos corrientes"]
[null,"Agroindustriales","789-04",20199,200,"000060",10191509,92079822," Insecticida  NEMATICIDA  Ethoprofos 10 a 15 G, de aplicación al suelo, acción contacto e ingestión, Presentación 1 4,5 a 15 kg","Kilogramo",60,2693,161580,"001-Ingresos corrientes"]
[null,"Agroindustriales","789-04",20199,"01200","000040",10191509,92079998," Insecticida  Nematicida Terbufos 10 G , granulado. Presentación 14,5 a 15 KG.","Kilogramo",105,1324,139020,"001-Ingresos corrientes"]
[null,"Agroindustriales","789-04",20199,"01205","000020",10171699,92029068,"ADHERENTE PARA PLANTA, ENVASE DE 1 L , CALIDAD COMERCIAL, DOSIS L/HA","Litro",10,2449,24490,"001-Ingresos corrientes"]
[null,"Agroindustriales","789-04",20199,"900","006920",10171599,92015294,"Carbonato de calcio","Kilogramo",4740,63,298620,"001-Ingresos corrientes"]
[null,"Agroindustriales","789-04",20199,"900","011380","11141701","92083149","Cascarilla de arroz en estado seco","Metro cubico ",2,10381,20762,"001-Ingresos corrientes"]
[null,"Agroindustriales","789-04",20199,900,"006500","12352501","92083622","formaldehido (formalina), concentracion 37 a 50%, presentacion en envases de l, para uso veterinario","Litro",2,2841,5682,"001-Ingresos corrientes"]
[null,"Agroindustriales","789-04",20202,"035","000001","10152001","92082996","Semilla de papaya","Gr",240,500,120000,"001-Ingresos corrientes"]
[null,"Agroindustriales","789-04",20202,"035","000001",10151515,92082628,"Semilla de cebolla","Kilogramo",4,144813,579252,"001-Ingresos corrientes"]
[null,"Agroindustriales","789-04",20202,"035","000001",10151526,92083000,"Semilla de repollo","Unidad",50000,8,400000,"001-Ingresos corrientes"]
[null,"Agroindustriales","789-04",20202,"035","000001",10152301,92154556,"Semilla de vainica","Kilogramo",40,3888,155520,"001-Ingresos corrientes"]
[null,"Agroindustriales","789-04",20202,"035","000001",10151502,92082619,"Semilla Zanahoria","Kilogramo",4,43922,175688,"001-Ingresos corrientes"]
[null,"Agroindustriales","789-04",20202,"035","000001",10151805,92082995,"Semilla de culantro","Kilogramo",45,9288,417960,"001-Ingresos corrientes"]
[null,"Agroindustriales","789-04",20202,"035","000001",10151532,92078646,"Semilla de ayote el naranjo","Unidad",3000,60,180000,"001-Ingresos corrientes"]
[null,"Agroindustriales","789-04",20202,"01035","000001",92045154,92045154,"Semilla Brachiaria","Kilogramo",15,21642,60000,"001-Ingresos corrientes"]
[null,"Agroindustriales","789-04",20204,"001","000020",10121604,92019524,"Alimento para gallina ponedora","Kilogramo",2760,293,{"$f":"K1949*L1949","v":808680},"001-Ingresos corrientes"]
[null,"Agroindustriales","789-04",20204,"001","000020",10121604,92019522,"Alimento desarrollo de pollitas","Kilogramo",322,304,97888,"001-Ingresos corrientes"]
[null,"Agroindustriales","789-04",20204,"001","000020",10121604,92085381,"Alimento de inicio para gallina","Kilogramo",90,326,29340,"001-Ingresos corrientes"]
[null,"Agroindustriales","789-04",20204,"001","000010",50192403,92032761,"Miel de purga a granel","Kilogramo",3300,174,574200,"001-Ingresos corrientes"]
[null,"Agroindustriales","789-04",20204,"001","000001",10121509,92159475,"Sal Mineral para ganado","Kilogramo",368,364,133952,"001-Ingresos corrientes"]
[null,"Agroindustriales","789-04",20204,"001","000015",10121505,92074370,"Heno para bovinos","Kilogramo",1000,135,135000,"001-Ingresos corrientes"]
[null,"Agroindustriales","789-04",20301,"01080","000020","30111903",92128667,"Cedazo malla No. 12","Kilogramo",120,1800,216000,"001-Ingresos corrientes"]
[null,"Agroindustriales","789-04",20301,"045","001800",31152002,90016257,"Alambre de acero puas (p/cerca) en rollos de 335 mts","Unidad",12,20259,243108,"001-Ingresos corrientes"]
[null,"Agroindustriales","789-04",20301,"045","000028","26121540","90040950","Alambre galbanizado calibre 16","Kilogramo",100,1144,114400,"001-Ingresos corrientes"]
[null,"Agroindustriales","789-04",20301,"045","000023",26121540,92013137," Alambre acero Galvanizado, calibre  No 12, en un hilo. Presentación en  rollo continuo mínimo de 30 kgs. ","Kilogramo",100,1444,144400,"001-Ingresos corrientes"]
[null,"Agroindustriales","789-04",20301,"085","000500","31162002","92007703","Clavo de hierro con cabeza","Kilogramo",6,849,5094,"001-Ingresos corrientes"]
[null,"Agroindustriales","789-04",20301,"01100","000810","30102003",92011515,"Lámina hierro galbanizado # 26 lisa","Unidad",10,7152,71520,"001-Ingresos corrientes"]
[null,"Agroindustriales","789-04",20301,170,"000350",31162404,92045434," Grapa de  acero galbanizada,  tamaño 31 ,75 mm  en 3,7 mm de calibre. Para cerca. Present 1  Kg..","Kilogramo",23,1426,32798,"001-Ingresos corrientes"]
[null,"Agroindustriales","789-04",20306,"025","001460","40171517","92010424","Tubo p/agua en una pulgada","Unidad",20,4668,93360,"001-Ingresos corrientes"]
[null,"Agroindustriales","789-04",20306,"025","001520","40171517","92009226","tubo pvc cañería de 50,8 mm","Unidad",20,8000,160000,"001-Ingresos corrientes"]
[null,"Agroindustriales","789-04",20606,"030","000020",20111714,92136526,"Unión pvc, conector de cinta de riego (conector 10 mm)","Unidad",200,180,36000,"001-Ingresos corrientes"]
[null,"Agroindustriales","789-04",20306,"01155","000001",30102015,92038608," Plástico negro liso (Polipropileno) uso en la construcción. 4 mts ancho calibre  mínimo 6 milésimas de pulgada . (Present. Rollo continuo  de 20 mts mínimo)","Kilogramo",20,2016,40320,"001-Ingresos corrientes"]
[null,"Agroindustriales","789-04",20306,175,"000005",40142008,92044135,"Manguera de caucho reforzafda de 12,7 mm, para jardín. , (Present.  de 12 mts con sus respectivos acoples).","Metro ",15,1200,18000,"001-Ingresos corrientes"]
[null,"Agroindustriales","789-04",20306,175,"000220",40142007,92019195,"Manguera poliducto 25 mm","Metro ",180,424,76320,"001-Ingresos corrientes"]
[null,"Agroindustriales","789-04",20306,175,"000220",40142007,92019194,"Poliducto de 50,80 mm","Metro ",180,900,162000,"001-Ingresos corrientes"]
[null,"Agroindustriales","789-04",20306,"175","151101",21101511,92130136,"Cinta goteo 16 mm, para riego agrícola","Metro ",4000,62,248000,"001-Ingresos corrientes"]
[null,"Agroindustriales","789-04",20306,"900","007300",10139901,92079818,"Bandeja para germinación de semillas , plástica, color negro  (Tamaño  32 x 48 cm) . Con 96 espacios de 40x40x40 mm. Apilable,  ","Unidad",50,1200,60000,"001-Ingresos corrientes"]
[null,"Agroindustriales","789-04",20399,"035","000005",21101803,92080004,"Microaspersor para riego hortícola. Con estaca, capacidad  30 Lts (+- 5) por hora. Radio de mojado 2,5 a 3 mts. Aspersión giro de 360 grados.","Unidad",8,1800,14400,"001-Ingresos corrientes"]
[null,"Agroindustriales","789-04",20301,130,"000001","31162207","92030551","Remache galbanizado","Unidad",1000,12,12000,"001-Ingresos corrientes"]
[null,"Agroindustriales","789-04",20399,185,"000100","27111723","92005764","Llave de paso 12 mm","Unidad",2,2666,5332,"001-Ingresos corrientes"]
[null,"Agroindustriales","789-04",20399,"185","000145","40141607","92038510","Llave de paso 25 mm pvc","Unidad",4,4500,18000,"001-Ingresos corrientes"]
[null,"Agroindustriales","789-04",20399,"185","000740","40141607","92016686","Llave paso 2\" PVC","Unidad",5,7535,37675,"001-Ingresos corrientes"]
[null,"Agroindustriales","789-04",20401,"035","000002",27112004,92013046,"Pala carrilera cabo corto","Unidad",3,4550,13650,"001-Ingresos corrientes"]
[null,"Agroindustriales","789-04",20401,"035","000305",27112024,92084374,"Pla de acero tipo cafetalera","Unidad",4,11729,46916,"001-Ingresos corrientes"]
[null,"Agroindustriales","789-04",20401,"035","000140",27112004,92071148,"Pala carrilera hoja de acero de 210 mm ancho y 240 mm de largo, con palo de madera de 1000 mm largo, ","Unidad",7,4542,31794,"001-Ingresos corrientes"]
[null,"Agroindustriales","789-04",20401,"035","000002","27112004","92044724","Palin 16 \", en Y","Unidad",2,6550,13100,"001-Ingresos corrientes"]
[null,"Agroindustriales","789-04",20401,50,"001400",27112116,90008581,"Alicate diablillo para cerca","Unidad",1,16752,16752,"001-Ingresos corrientes"]
[null,"Agroindustriales","789-04",20306,"175","151101",21101511,92130136,"Cinta métrica de 5 m","Unidad",3,7316,{"$f":"K1981*L1981","v":21948},"001-Ingresos corrientes"]
[null,"Agroindustriales","789-04",20401,190,"000001",27111503,92012382,"Cuchillo labores de agricultura","Unidad",28,2474,69272,"001-Ingresos corrientes"]
[null,"Agroindustriales","789-04",20401,410,"000140",10131699,92080734,"Bebedero avícola automático, estilo campana,  colgante, plastico. Diámetro  33 cm ( +- 5 cm)","Unidad",2,9753,19506,"001-Ingresos corrientes"]
[null,"Agroindustriales","789-04",20401,"095","000020","27111919","92047568","Lima para afilar machetes","Unidad",15,4500,67500,"001-Ingresos corrientes"]
[null,"Agroindustriales","789-04",20401,"415","000270",27111904,92011262,"Lima redonda en acero con puño (3/16 de pulgada para cadena de motosierra)","Unidad",20,1000,20000,"001-Ingresos corrientes"]
[null,"Agroindustriales","789-04",20401,900,"007500",27112003,92029673,"Rastrillo metalico 16 Dientes","Unidad",4,4446,17784,"001-Ingresos corrientes"]
[null,"Agroindustriales","789-04",20401,900,"007500",27112003,92029901,"Rastrillo metalico 4 Dientes, angulo 90 g","Unidad",null,5500,0,"001-Ingresos corrientes"]
[null,"Agroindustriales","789-04",20401,900,"000599",24101506,90033540,"Carretillo","Unidad",null,17000,0,"001-Ingresos corrientes"]
[null,"Agroindustriales","789-04",20401,900,"003820",27111908,92079037,"Piedra Mollejón . De forma cuadrada o rectangular. De 10 a 12 kg.","Unidad",2,8000,16000,"001-Ingresos corrientes"]
[null,"Agroindustriales","789-04",20401,"900","007550",27112008,92092071,"Azada mango de madera","Unidad",null,4800,0,"001-Ingresos corrientes"]
[null,"Agroindustriales","789-04",20401,900,"003841",27111908,92079622,"Piedra para afilar herramientas, tamaño 7x18 cm . Una cara con granulometría para afilado y la otra cara con granulometría para pulido.","Unidad",20,1694,33880,"001-Ingresos corrientes"]
[null,"Agroindustriales","789-04",29999,900,"003255",24112404,90028680,"Caja Plástica apilable.( descripción: medida 50x32x27 cm, largo  xancho x alto, ventilada en los cuatro laterales , fondo sellado (Sin orificios). Capacidad min. 20 Kgs, todas en un solo color a escoger.","Unidad",130,3442,447460,"001-Ingresos corrientes"]
[null,"Agroindustriales","789-04",29999,900,"003255",24112404,90028680,"Caja Plástica apilable.( descripción: medida 73x43x36  cm, largo  xancho x alto, ventilada en los cuatro laterales , fondo sellado (Sin orificios). Capacidad min. 40 Kgs, todas en un solo color a escoger.","Unidad",15,13659,204885,"001-Ingresos corrientes"]
[null,"Agroindustriales","789-04",29903,900,"000175",24121508,92078586,"Cartón para huevo","Unidad",560,68,38080,"001-Ingresos corrientes"]
[null,"Agroindustriales","789-04",29999,"035","000010",10139902,92080067,"Bolsa negra en polietileno, p/vivero 15x15 cm ancho por largo, con fuelle o sentadera. (Present.  1 Kg).","Kilogramo",20,1800,36000,"001-Ingresos corrientes"]
[null,"Agroindustriales","789-04",29902,"025","003600",42142523,90039126,"AGUJA DESCARTABLE 100 unds","Unidad",null,3500,0,"001-Ingresos corrientes"]
[null,"Agroindustriales","789-04",29902,"050","000010",42142609,90013921,"Jeringa Descartable 10 Cc","Unidad",100,91,9100,"001-Ingresos corrientes"]
[null,"Agroindustriales","789-04",29904,"075","000900","46181611","92030207","Bota de hule, PAR","Unidad",64,7323,468672,"001-Ingresos corrientes"]
[null,"Agroindustriales","789-04",29904,"090","000259",31152102,90019396,"Léase correctamente metros Cuerda de Nylon (mecate) de 6 mm. (tipo Trenzado), Presentación rollo mínimo de 100 mts y máximo 1000 mts.","Metro ",50,115,5750,"001-Ingresos corrientes"]
[null,"Agroindustriales","789-04",29904,"090","000080",31152108,90031762," Mecate bananero Piola, rollo de 1 kilogramo. (polipropileno de 2 mm). ","Kilogramo",62,1858,115196,"001-Ingresos corrientes"]
[null,"Agroindustriales","789-04",29904,115,"000010",46181503,92007896,"Capa 2 piezas (pantalon y Yacket), de nylon ahulado. Fooro en pantalón y elástico en la cintura","Unidad",10,10370,103700,"001-Ingresos corrientes"]
[null,"Agroindustriales","789-04",29904,150,"000001",46181509,92080589,"Traje de seguridad desechable para uso en fumigación agrícola. Con gorro, Protección tipo 5 y 6, protección contra quimicos, textura confortable.Talla a escoger (Tipo kimono)","Unidad",null,6500,0,"001-Ingresos corrientes"]
[null,"Agroindustriales","789-04",29904,900,"000045",11162111,92079987,"Mallas de polipropileno para empaque, tamaño 50x90. Capacidad 35 kg (Tipo para cebolla)","Unidad",2500,162,405000,"001-Ingresos corrientes"]
[null,"Agroindustriales","789-04",29905,"030","000021","47131602","92038906","Esponja Lavaplatos","Unidad",20,219,4380,"001-Ingresos corrientes"]
[null,"Agroindustriales","789-04",29905,"900","000225",46181504,90028248,"Guante de hule grandes","Unidad",8,825,6600,"001-Ingresos corrientes"]
[null,"Agroindustriales","789-04",29906,"015","000005",46181802,92007914,"Monogafa de seguridad","Unidad",4,4915,19660,"001-Ingresos corrientes"]
[null,"Agroindustriales","789-04",29906,"015","000005",46181802,92007914,"Gafa (Monogafa) transparente de ventilación indirecta, de policarbonato, (uso en aplicación agroquímicos, sujeción a través de tira elástica)","Unidad",4,4915,19660,"001-Ingresos corrientes"]
[null,"Agroindustriales","789-04",29906,120,"000120",46181504,92006950,"Guante de cuero y lona (par)","Unidad",22,2102,46244,"001-Ingresos corrientes"]
[null,"Agroindustriales","789-04",29906,900,"001040",46182001,92071894,"Mascara tipo media cara con respiarador contra gases y vapores, con cartucho de dos filtros. ( Para aplicación agroquímicos)","Unidad",2,17750,35500,"001-Ingresos corrientes"]
[null,"Agroindustriales","789-04",29999,900,"090402",31152102,92079532,"Cuerda para motoguadaña","Metro ",600,115,69000,"001-Ingresos corrientes"]
[null,"Agroindustriales","789-04",50101,900,"000024",27112746,92008635,"Motosierra  manual, combustión, potencia 2,8 HP ,  Cilindrada  45 a 50 cc, espada de 50 cm.  Incluye set de herramientas (al menos cubo, lima, destornillador plano y Philips).","Unidad",null,330000,0,"280-Titulo de valores de deuda externa"]
[null,"Agroindustriales","789-04",50101,"900","000010",21101913,92135880,"Despicadora de aves","Unidad",null,300000,0,"280-Titulo de valores de deuda externa"]
[null,"Agroindustriales","789-04",50101,"900","110701",21101501,92133864,"Arado agrícola de tres discos","Unidad",null,2600000,{"$f":"K2013*L2013","v":0},"280-Titulo de valores de deuda externa"]
[null,"Agroindustriales","789-04",50101,900,410,"211015xx",null,"Surcador de suelos","Unidad",null,2400000,0,"280-Titulo de valores de deuda externa"]
[null,"Agroindustriales","789-04",50199,"130","000200",21101801,92135758,"Bomba Insufladora","Unidad",null,20000,0,"280-Titulo de valores de deuda externa"]
[null,"Agroindustriales","789-04",50199,130,"000002",21101801,92038383," Bomba  de fumigación, tanque plástico de 18 litros. , lanza de 50 cm, correas ajustables. (bomba manual de Uso agrícola)","Unidad",3,46135,138405,"280-Titulo de valores de deuda externa"]
[null,"Agroindustriales","789-04",50199,130,"000002",21101801,92027040,"Bomba de espalda con   motor , potencia 2,6  Kw, cilindrada 56,5 cm 3 , alcance 11,5 mts, Peso máximo 11,1 kgs, 56,5 cm3. (Uso agrícola, Capacidad Tanque 12 a 14 litros,)","Unidad",1,300500,300500,"280-Titulo de valores de deuda externa"]
[null,"Agroindustriales","789-04",50199,"01900","004010",27112037,92026702,"Cortadora de cesped, Motoguadaña","Unidad",1,283285,283285,"280-Titulo de valores de deuda externa"]
[null,"Agroindustriales","789-04",50199,"285","000010",40101502,92004824,"Extractor de aire","Unidad",1,325000,325000,"280-Titulo de valores de deuda externa"]
[null,"Agroindustriales","789-04",59901,"025","000010",10101601,92083005,"Pollita de postura de un día","Unidad",60,1400,84000,"001-Ingresos corrientes"]
[null,"Agroindustriales","789-02",20203,"01001","000220",50151513,92025417,"ACEITE VEGETAL","Litro",424.3,950,403085,"001-Ingresos corrientes"]
[null,"Agroindustriales","789-02",20203,"01005","000020",80141701,92163163,"AZUCAR","Kilogramo",43621,692.84,30222373.640000001,"001-Ingresos corrientes"]
[null,"Agroindustriales","789-02",20203,"01005","000070",80141701,92163163,"SAL INDUSTRIAL","Kilogramo",4900,201,984900,"001-Ingresos corrientes"]
[null,"Agroindustriales","789-02",20203,"01015","000001",80141701,92163163,"HARINA PARA PANIFICACIÓN ","Kilogramo",369050,483,178251150,"001-Ingresos corrientes"]
[null,"Agroindustriales","789-02",20203,"01020","000100",80141701,92163163,"MANTECA","Kilogramo",18150,924.3,16776045,"001-Ingresos corrientes"]
[null,"Agroindustriales","789-02",20203,"01900","000010",50181710,92025367,"LEVADURA SECA ROJA","Kilogramo",303,3512,1064136,"001-Ingresos corrientes"]
[null,"Agroindustriales","789-02",20203,"01900","000010",50181710,92025367,"LEVADURA SECA CAFÉ","Kilogramo",1271,3512,4463752,"001-Ingresos corrientes"]
[null,"Agroindustriales","789-02",20203,"01900","000060",50181711,92026780,"MEJORANTE DE HARINA","Kilogramo",1755,2354,4131270,"001-Ingresos corrientes"]
[null,"Agroindustriales","789-02",20203,"01900","000065",50181711,92081493,"ACONDICIONADOR DE HARINA SPORMAN","Kilogramo",484,2886,1396824,"001-Ingresos corrientes"]
[null,"Agroindustriales","789-02",20401,"01215","000005",46182005,92148975,"MASCARILLAS ","Unidad",455,1415,643825,"001-Ingresos corrientes"]
[null,"Agroindustriales","789-02",29907,"060","\t000002",52151702,92003826,"CUCHILLOS","Unidad",20,5000,100000,"001-Ingresos corrientes"]
[null,"Agroindustriales","789-02",20599,"01900","190301",24112404,92201592,"CAJA PLÁSTICA APILABLE","Unidad",310,6418.4,{"$f":"+K2032*L2032","v":1989704},"001-Ingresos corrientes"]
[null,"Agroindustriales","789-02",29904,"01135","000002",46181708,92010880,"GORRAS O REDECILLAS","Unidad",120,1900,{"$f":"K2033*L2033","v":228000},"001-Ingresos corrientes"]
[null,"Agroindustriales","789-02",29904,"01050","000001",53102799,92003821,"GABACHAS","Unidad",400,10000,4000000,"001-Ingresos corrientes"]
[null,"Agroindustriales","789-02",29904,"01900","000305",46181501,90029070,"DELANTALES","Unidad",200,5500,1100000,"001-Ingresos corrientes"]
[null,"Agroindustriales","789-02",29904,"01075","000900","46181611","92030207","Bota de hule, PAR","Unidad",10,6000,60000,"001-Ingresos corrientes"]
[null,"Agroindustriales","789-02",29906,"01215","008305",46182211,92039776,"CINTURON LUMBAR","Unidad",52,9000,468000,"001-Ingresos corrientes"]
[null,"Agroindustriales","789-02",29906,"00200","000100",46182001,92203018,"MASCARILLAS QUIRURGICAS","Unidad",455,1415,643825,"001-Ingresos corrientes"]
[null,"Agroindustriales","789-02",29907,"01240","000020",48101599,92089331,"BANDEJAS PARA HORNO","Unidad",300,9000,2700000,"001-Ingresos corrientes"]
[null,"Agroindustriales","789-02",50101,"01075","000600",48101611,92073588,"ROMANA ELECTRÓNICA ","Unidad",0,0,0,"280-Titulo de valores de deuda externa"]
[null,"Agroindustriales","789-02",50101,"01900","008100",48101613,"A crear","AMASADORA PARA PANADERÍA","Unidad",1,7000000,7000000,"280-Titulo de valores de deuda externa"]
[null,"Agroindustriales","789-02",50199,"01015","000620",24101511,92084998,"UTENCILIOS PARA HORNOS INDUSTRIALES (CARROS)","Unidad",10,590000,5900000,"280-Titulo de valores de deuda externa"]
[null,"Agroindustriales","789-02",50199,"01100","000005",21101801,92038383,"BOMBA DE ESPALDA","Unidad",2,60000,120000,"280-Titulo de valores de deuda externa"]
[null,"Agroindustriales","789-02",50199,"01705",20080,47121805,92011007,"MAQUINA DE LAVADO A PRESION","Unidad",2,890000,1780000,"280-Titulo de valores de deuda externa"]
[null,"Dirección de la Policía Penitenciaria","789-00",10101,"900","000010","80131502","92005826","Alquiler de Espacio para Repetidora de Radio comunicación (Alquiler de Espacio Físico  de Repetición Volcán Irazú). Continuidad de Contrato.","Unidad",12,38974,{"$f":"+L2045*K2045","v":467688},"001-Ingresos corrientes"]
[null,"Dirección de la Policía Penitenciaria","789-00",10101,"900","000010","80131502","92005826","Alquiler de Espacio para Repetidora de Radio comunicación (Alquiler de Espacio Físico  de Repetición Santa Elena). Continuidad de Contrato.","Unidad",12,38974,467688,"001-Ingresos corrientes"]
[null,"Dirección de la Policía Penitenciaria","789-00",10101,"900","000010","80131502","92005826","Alquiler de Espacio para Repetidora de Radio comunicación (Alquiler de Espacio Físico  de Repetición Cerro Bebedero). Continuidad de Contrato.","Unidad",12,50000,600000,"001-Ingresos corrientes"]
[null,"Dirección de la Policía Penitenciaria","789-00",10101,"900","000010","80131502","92005826","Alquiler de Espacio para Repetidora de Radio comunicación (Alquiler de Espacio Físico  de Repetición Cerro Guararí). Continuidad de Contrato.","Unidad",12,40000,480000,"001-Ingresos corrientes"]
[null,"Dirección de la Policía Penitenciaria","789-00",10101,"900","000010","80131502","92005826","Alquiler de Espacio para Repetidora de Radio comunicación (Alquiler de Espacio Físico  de Repetición Cerro Socola). Continuidad de Contrato.","Unidad",12,43500,522000,"001-Ingresos corrientes"]
[null,"Dirección de la Policía Penitenciaria","789-00",10101,"900","000010","80131502","92005826","Alquiler de Espacio para Repetidora de Radio comunicación (Alquiler de Espacio Físico  de Repetición Cerro Ojo de Agua en Limón). Continuidad de Contrato.","Unidad",12,70000,840000,"001-Ingresos corrientes"]
[null,"Dirección de la Policía Penitenciaria","789-00",10104,"005","000005","73159992","92038630","Pago de Frecuencia de Radio- Alquiler (Plataforma del ICE para Radio TRUNKING). Continuidad de Contrato.","Unidad",421,34.18,116249852.3,"001-Ingresos corrientes"]
[null,"Dirección de la Policía Penitenciaria","789-00",10199,"001","120901","73159994","92087308","Alquiler de servidor de red (continuada de contrato video vigilancia CAI Caller Real Liberia y Centro de Formación Juvenil Zurquí) ","Unidad",2,7807520,{"$f":"L2052*K2052","v":15615040},"001-Ingresos corrientes"]
[null,"Dirección de la Policía Penitenciaria","789-00",10199,"001","120901","7315994","92077308","Alquiler de servidor de red (continuada de contrato video vigilancia CAI Vilma Curling, Carlos Garvey, CAI Antonio Bastida de Paz) ","Unidad",1,230387832,{"$f":"L2053*K2053","v":230387832},"001-Ingresos corrientes"]
[null,"Dirección de la Policía Penitenciaria","789-00",10204,"900","000001","83112301","92077444","Contnidad de contrato con la Empresa de Servicios Publicos de Heredia  por ENLACE DE FIBRA ÓPTICA ENTRE SEDE CON CENTRO PRINCIPAL DE CONTROL Y SEDE CON SISTEMA DE VIDEO VIGILANCIA.","Unidad",1,4208.75,34000976.100000001,"001-Ingresos corrientes"]
[null,"Dirección de la Policía Penitenciaria","789-00",10401,"900","000110","70122009","92076875","SERVICIO DE HOSPITAL VETERINARIO PARA ANIMALES DIVERSOS (Servicios Veterinarios para Canes Unidad Canina). ","Unidad",1,6000000,{"$f":"L2055*K2055","v":6000000},"001-Ingresos corrientes"]
[null,"Dirección de la Policía Penitenciaria","789-00",10499,"900","100603","85111609","92082777","Servicio de dosimetria ","Unidad",7,100000,{"$f":"+L2056*K2056","v":700000},"001-Ingresos corrientes"]
[null,"Dirección de la Policía Penitenciaria","789-00",10806,"035","000510","83111999","92022776","Reparación de Equipos de Radiocomunicación","Unidad",30,500000,{"$f":"+L2057*K2057","v":15000000},"001-Ingresos corrientes"]
[null,"Dirección de la Policía Penitenciaria","789-00",10899,"900","000025","72151701","92077479","Mantenimiento preventivo de Equipo de Rayos X, para Equipaje. Continuidad de Contrato","Unidad",3,3842,7759533.7199999997,"001-Ingresos corrientes"]
[null,"Dirección de la Policía Penitenciaria","789-00",10899,"900","000025","72151701","92077479","Mantenimiento preventivo de Equipo de Rayos X para Cuerpo Completo (body Scaner). Continuidad de Contrato","Unidad",10,904,6085908.7999999998,"001-Ingresos corrientes"]
[null,"Dirección de la Policía Penitenciaria","789-00",10899,"900","000075","72151701","92077480","Mantenimiento preventivo de Arco detector de Metales. Continuidad Contrato","Unidad",3,452,912886.32,"001-Ingresos corrientes"]
[null,"Dirección de la Policía Penitenciaria","789-00",10899,"900","003200","81101706","92081578","Mantenimiento preventivo de Equipo de Trazas fijo y portátil. Continuidad de Contrato","Unidad",3,4062,8203858.9199999999,"001-Ingresos corrientes"]
[null,"Dirección de la Policía Penitenciaria","789-00",20103,"005","000040","42121601","92209503","ANTIDIARREICO VETERINARIO, COMPOSICIÓN NEOMICINA 50 mg, CAOLIN 100 mg, PECTINA 25 mg,  BELLADONA 10 mg, SULFAGUANIDINA 200 mg,  ADMINISTRACIÓN ORAL,   PRESENTACIÓN: ENVASE DE 240 ML.","Unidad",20,4000,{"$f":"L2062*K2062","v":80000},"001-Ingresos corrientes"]
[null,"Dirección de la Policía Penitenciaria","789-00",20103,"005","000185","51281702","92096621","ANTIBIÓTICO  (250  mg  AMOXICILINA  Y  50  mg\nACIDO    CLAVULÓNICO),    USO    VETERINARIO, TABLETA     ORAL     PARA     PERROS     20     kg, PRESENTACIÓN: CAJA CON 10 TABLETAS DE 250 MG CADA UNA.\nUNIDAD    DE    COTIZACIÓN:    CAJA    CON    10\nTABLETAS DE 250 MG.  Continudad de contrato ","Unidad",300,2964.6,889380,"001-Ingresos corrientes"]
[null,"Dirección de la Policía Penitenciaria","789-00",20103,"005","010020","51191602","92022111","SOLUCIÓN  FISIOLÓGICA  (SUERO),  PARENTAL  DE CLORURO  DE  SODIO AL  0,9  %,  INDICADA  PARA REPONER       LÍQUIDOS       Y       ELECTROLITOS, PRESENTACIÓN: BOLSA PLÁSTICA DE 1000 ML","Unidad",10,1533.97,15339.7,"001-Ingresos corrientes"]
[null,"Dirección de la Policía Penitenciaria","789-00",20103,"900","000115","51473999","92096602","CHAMPU     PARA     ANIMALES,     ANTISÉPTICO, ANTIMICÓTICO       CON       EFECTO       CONTRA LEVADURAS       DE       PIEL       EN       PERROS, PRESENTACIÓN:  FRASCO  DE  237  ML,  CON  UNA VARIACIÓN ACEPTABLE DE +/- 10 ML.\nCada 100 ml debe contener: 3% Gluconato de Clorhexidina. Continuidad de contrato","Unidad",30,4500,135000,"001-Ingresos corrientes"]
[null,"Dirección de la Policía Penitenciaria","789-00",20103,"005","000265","51272406","92112317","ISOFLURANO   100%,   LÍQUIDO   VOLÁTIL   PARA INHALACIÓN  AL  100%,  CONTENIDO  AGUA  1000 ppm, PARA ANESTESIA GENERAL. PRESENTACIÓN FRASCO 100 ML.","Unidad",10,32500,325000,"001-Ingresos corrientes"]
[null,"Dirección de la Policía Penitenciaria","789-00",20103,"005","000185","51453501","92097368","TIABENDAZOL    40    MG.    ANTIBIÓTICO    PARA ANIMALES TRATAMIENTO PARA OTITIS EXTERNA DE PERROS. PRESENTACIÓN: FRASCO (ENVASES) DE 20 g CON UNA VARIACIÓN ACEPTABLE DE +/- 1 G.","Unidad",15,5989,89835,"001-Ingresos corrientes"]
[null,"Dirección de la Policía Penitenciaria","789-00",20103,"145","000001","51204299","92096627","VACUNA USO VETERINARIO (VACUNA MULTIPLE CONTRA EL MOQUILLO, HEPATITIS INFECCIOSA CANINACAUSA POR ADENOVIRUS TIPO 1, ENFERMEDAD RESPIRATORIA POR ADENOVIRUS TIPO 2, INFLUENZA, PARVOVIRUS, CORONAVIRUS Y LEPTOSPIROSIS CANINA), PRESENTACIÓN FRASCOS DE UNA DOSIS DE 1 mL.  Continuidad de Contrato","Unidad",80,3511.45,280916,"001-Ingresos corrientes"]
[null,"Dirección de la Policía Penitenciaria","789-00",20103,"145","000001","51201617","92096622","VACUNA       ANTIRRABICA       CANINA,       USO VETERINARIO,  1  DOSIS,  FRASCO  1  ML,  VACUNA CONCENTRADA      Y      LISTA      PARA      USO. PRESENTACIÓN:  FRASCO DE  1 ML,  EMPACAR EN CAJAS.\nESTA VACUNA DEBE LLEVAR CADENA EN FRÍO Y DEBE     CONSERVARSE     EN     REFRIGERACIÓN PERMANENTE   ENTRE   2º   Y   7º   C   HASTA   EL MOMENTO DE LA ENTREGA, SE DEBE EVITAR LA CONGELACIÓN. Continuidad de Contrato ","Unidad",100,1818,181800,"001-Ingresos corrientes"]
[null,"Dirección de la Policía Penitenciaria","789-00",20103,"005","000014","51452401","92097374","MEBENDAZOL 803,31 mg, DESPARASITANTE INTERNO CONTRA HELMINTOS PARA PERROS DE 40 kg, PRESENTACIÓN: CAJA  DE  12 BLÍSTERS, CADA BLÍSTER CON 2 TABLETAS.\n","Unidad",10,34300.32,343003.2,"001-Ingresos corrientes"]
[null,"Dirección de la Policía Penitenciaria","789-00",20103,"005","000014","51452802","92097377","DORAMECTINA     10     mg,     DESPARASITANTE INTERNO, USO VETERINARIO, INYECTABLE PARA CONTROLAR PARASITOS EN CANINOS, OVINOS Y BOVINOS,     ,     CON     UN     CONTENIDO     DE DORAMECTINA    DE    10    MG.     PRESENTACIÓN FRASCO DE VIDRIO 50 ML.","Unidad",30,15935,478050,"001-Ingresos corrientes"]
[null,"Dirección de la Policía Penitenciaria","789-00",20103,"025","000604","51472901","92095826","SOLUCIÓN   DESINFECTANTE    DE   YODO,   USO VETERINARIO EXTERNO PARA DESINFECCIÓN DE HUEVOS Y OTROS USOS VETERINARIOS, ENVASE PLÁSTICO  DE  POLIETILENO DE  ALTA DENSIDAD, PRESENTACIÓN 1 L\nCada 1000 ml debe contener:\n-Yodo sublimado 100% 30g\n-Yoduro de potasio 100% 10g\n-Ácido fosfórico 85%* 100g\n-Vehículo c.s.p 1000 ml.","Unidad",25,19571.599999999999,489289.99999999994,"001-Ingresos corrientes"]
[null,"Dirección de la Policía Penitenciaria","789-00",20103,"025","000604","47131803","92093133","CARBOLINA      DESINFECTANTE,      CON      UNA\nCOMPOSICIÓN   DE   14%   DE   FENOL,   4%   DE CREOSOTA,  10%  DE  ACIDOS  GRASOS,  ALCOHOL Y AGUA, PRESNETACIÓN: ENVASE PLÁSTICO DE 1 L.","Unidad",35,4175,146125,"001-Ingresos corrientes"]
[null,"Dirección de la Policía Penitenciaria","789-00",20103,"005","000170","10191511","92097434","FIPRONIL AL 10%, DESPARASITANTE USO INTERNO  Y  EXTERNO,  USO  VETERINARIO,  PARA PERROS  DE  20  -  40  kg,  PRESENTACION  PIPETA 2,68 mL -CON UNA VARIACION ACEPTABLE DE +/- 1 ml.","Unidad",30,9650,289500,"001-Ingresos corrientes"]
[null,"Dirección de la Policía Penitenciaria","789-00",20103,"005","000170","51101670","92097439","MOXIDECTIN  AL  2,5%,  DESPARASITANTE  USO INTERNO Y EXTERNO, EN PIPETAS DE 4ML, USO VETERINARIO, PARA PERROS CON PESO MAYOR A 30  KG,  DEBE  INCLUIR  IMIDACLOPRID  AL  10%. PRESENTACIÓN: CAJA DE CUATRO PIPETAS DE 4 ML CADA UNA. Continuidad de contrato.","Unidad",200,7090.75,1418150,"001-Ingresos corrientes"]
[null,"Dirección de la Policía Penitenciaria","789-00",20103,"005","000007","51474099","92215951","ANTISÉPTICO DE ADMINISTRACIÓN TÓPICA, USO VETERINARIO         OTOLÓGICO,         LIMPIADOR SOLUCIÓN PARA LIMPIEZA DE OÍDOS DE PERROS, COMPOSICIÓN       POR       CADA       100       ml: DIMETILSULFÓXIDO    (DMSO)    5    ml,    ÁCIDO SALICÍLICO 2 g, ÁCIDO BÓRICO 2,5 g, BÓRAX 0,4 g,  PRESENTACIÓN  EN  FRASCO  DE  100  ML  CON VÁLVULA DOSIFICADORA.","Unidad",30,6265.49,187964.69999999998,"001-Ingresos corrientes"]
[null,"Dirección de la Policía Penitenciaria","789-00",20103,"005","101150","51282916","92193892","ENROFLOXACINA 100 MG, EXCIPIENTE C.B.P 1 ml, ANTIBACERIALES            DE            QUINOLONA. PRESENTACIÓN: FRASCO DE VIDRIO DE 100 ML. USO VETERINARIO.\nANTIBIÓTICO  INYECTABLE  DE  LARGA  ACCIÓN. FÓRMULA       CADA       1       ml       CONTIENE: ENROFLOXACINA 100 mg, EXCIPIENTE C.B.P 1 ml,\nANTIBACERIALES DE QUINOLONA.","Unidad",20,4200,84000,"001-Ingresos corrientes"]
[null,"Dirección de la Policía Penitenciaria","789-00",20103,"005","000170","10191511","92097437","FIPRONIL 402 mg, USO VETERINARIO, DESPARASITANTE USO   INTERNO Y EXTERNO, PIPETA 2 mL- DESPARASITANTE  USO  INTERNO Y EXTERNO, PARA PERROS DE 40 A 60 kg,  PRESENTACION FIPRONIL DE  402 mg PARA PERROS DE 40 A 60 kg","Unidad",20,11310,226200,"001-Ingresos corrientes"]
[null,"Dirección de la Policía Penitenciaria","789-00",20103,"280","000920","50501803","92096418","VITAMINAS PARA ANIMALES (SUPLEMENTO A BASE DE VITAMINAS MINERALES Y ÁCIDOS GRASO ESENCIALES CON OMEGA 3 Y 6), PARESENTACIÓN EN FRASCOS DE 60 PASTILLAS.Continuidad de Contrato","Unidad",30,6224.23,186726.9,"001-Ingresos corrientes"]
[null,"Dirección de la Policía Penitenciaria","789-00",20103,"280","000920","50501804","92097166","SUPLEMENTO NUTRICIONAL PARA ANIMALES, VITAMINAS           PARA ARTICULACIONES (CONDROPROTECTOR,          CONDROFORMADOR, ANTIARTROSICO,  ANTIARTRITICO, PRESENTACIÓN:   FRASCOS   DE   60   TABLETAS.","Unidad",15,9533.84,143007.6,"001-Ingresos corrientes"]
[null,"Dirección de la Policía Penitenciaria","789-00",20103,"025","000604","51473999","92097458","DESINFECTANTE CONCENTRADO USO VETERINARIO (DESINFECTANTE DE AMPLIO ESPECTRO, PARA EL CONTROL DE TODO TIPO DE BACTERIAS, HONGOS, LEVADURAS Y MOHOS DE LAS PERRERAS, FINCAS, CRIADEROS Y ESTABLOS), PRESENTACIÓN EN SOBRES DE 50 g CON UNA VARIACION ACEPTABLE DE +/- 1 g,. MEZCLA BALANCEADA, ESTABILIZADA CON COMPONENTES PEROXIGENICOS, SURFACTANTES, ACIDOS ORGANICOS Y AMORTIGUADOR INORGANICO. Continuidad de Contrato","Unidad",20,2820.43,56408.6,"001-Ingresos corrientes"]
[null,"Dirección de la Policía Penitenciaria","789-00",20103,"005","000040","51171630","92206699","ACEITE MINERAL, LUBRICANTE PARA USO LOCAL, TÓPICO  Y  DIGESTIVO,  USO  VETERINARIO  EN PRESENTACIÓN ENVASE DE 3,785 l","Unidad",20,11525,230500,"001-Ingresos corrientes"]
[null,"Dirección de la Policía Penitenciaria","789-00",20103,"005","000185","51281618","92077532","NEOMICINA SULFATO 150 mg, CLOSTEBOL ACETATO 150 mg, VEHICULO C.S.P 30 g, PARA ENFERMEDADES DE LA PIEL Y MUCOSAS, USO TOPICO, EN PRESENTACION EN FRASCO AEROSOL DE 30 g. Continuidad de Contrato","Unidad",30,2522.4699999999998,75674.099999999991,"001-Ingresos corrientes"]
[null,"Dirección de la Policía Penitenciaria","789-00",20103,"005","000265","51362004","92097440","ZOLAZEPAM  BASE  125  MG,  ANESTÉSICO,  USO VETERINARIO, SOLUCIÓN INYECTABLE PARA SER USADO        DURANTE TRATAMIENTOS Y PROCEDIMIENTOS        VETERINARIOS,         CON INGREDIENTE ACTIVO ZOLAZEPAM BASE 125 MG. PRESENTACIÓN: FRASCO DE 5 ML.","Unidad",40,11690.27,467610.80000000005,"001-Ingresos corrientes"]
[null,"Dirección de la Policía Penitenciaria","789-00",20103,"280","000920","50501804","92096419","SUPLEMENTO           VITAMÍNICO           ANIMAL,\nPREPARACIÓN      EN      FORMA      INYECTABLE, PRESENTACIÓN  FRASCOS  DE  100  ml  CON  UNA VARIACIÓN ACEPTABLE DE +/- 1 ml\n-Que    contenga    al    menos    10    minerales,    9 aminoácidos, 4 vitaminas y una fuente de energía directa mediante el ATP.","Unidad",20,7125,142500,"001-Ingresos corrientes"]
[null,"Dirección de la Policía Penitenciaria","789-00",20103,"005","000170","10191509","92097443","DESPARASITANTE USO INTERNO Y EXTERNO (TIPO COLLAR ANTIPULGAS Y ANTI GARRAPATAS. PRESENTACIÓN COLLARES DE  70 cm\nUN COLLAR DE 70 cm (45 g) CONTIENE COMO SUSTANCIAS ACTIVAS 4,5 g DE IMIDACLOPRID Y 2,03 g de FLUMETRINA. Continuidad de Contrato","Unidad",40,19531.53,781261.2,"001-Ingresos corrientes"]
[null,"Dirección de la Policía Penitenciaria","789-00",20103,"005","000170","10191509","92165287","DESPARASITANTE   USO   EXTERNO,   VIA   ORAL, PREVENTIVO       GARRAPATAS       Y       PULGAS COMPOSICIÓN    136    mg    DE    AFOXOLANDER, DESPARASITANTE  PARA  PERROS  25,1  A  50  kg, TABLETAS    MASTICABLES,    PRESENTACIÓN:    1 TABLETA","Unidad",200,14873.18,2974636,"001-Ingresos corrientes"]
[null,"Dirección de la Policía Penitenciaria","789-00",20103,"005","000170","10191509","92225489","DESPARASITANTE       EXTERNO       PARA       EL TRATAMIENTO       DE       INFESTACIÓN       POR GARRAPATAS    Y    PULGAS    EN    LOS    PERROS, PROPORCIONANDO        12        SEMANAS        DE PROTECCIÓN,  EN  COMPRIMIDO  MASTICABLE  DE 1000  mg,  PARA  PERROS  DE  20  -  40  kg,  CADA COMPRIMIDO     CONTIENE     LOS     SIGUIENTES EXCIPIENTES: FLURALANER SABOR A HÍGADO DE CERDO,     SACAROSA,     ALMIDÓN     DE     MAÍZ, LAURILSULFATO      DE      SODIO,      EMBONATO DISÓDICO,    MONOHIDRATO    ESTEARATO    DE MAGNESIO,  ASPARTAMO,  GLICEROL,   ACEITE  DE SOJA, MACROGOL 3350.","Unidad",150,25605.8,3840870,"001-Ingresos corrientes"]
[null,"Dirección de la Policía Penitenciaria","789-00",23103,"005","000240","51472802","92088908","GLUCONATO     DE     CLORHEXIDINA     AL     4%, BACTERICIDA    DE    AMPLIO    ESPECTRO,    USO TOPICO,    PRESENTACIÓN    3,785    L    (1    Gal). PRESENTACIÓN: 3,785 L (GALÓN).\nBactericida  de  contacto.  Con  acción  antiséptica  y persistente efecto antimicrobiano contra un amplio espectro de microorganismos, incluyendo bacterias Gram  –  positivas  y  Gram  –  negativas.  Puede  ser usado   como   limpiador   de   manos   de   personal médico,   odontológico   y   microbiológico.   Como antiséptico  quirúrgico  para  preparar  la  piel  del paciente preoperatorio. Como limpiador de heridas cutáneas y limpiador de piel en general.","Unidad",20,31890,637800,"001-Ingresos corrientes"]
[null,"Dirección de la Policía Penitenciaria","789-00",20103,"005","000075","10191509","92097448","DICLORVOS 50 g, INSECTICIDA ORGANOFOSFORADO, USO VETERINARIO, PARASITOL TORSALICIDA Y CONTROL DE PLAGAS RASTRERAS, PRESENTACION FRASCO 1000 mL (1 L). PARASITOL TORSALICIDA Y CONTROL DE PLAGAS RASTRERAS. Continuidad de Contrato","Unidad",20,10524.2,210484,"001-Ingresos corrientes"]
[null,"Dirección de la Policía Penitenciaria","789-00",20103,"005","005700","50501801","92096420","SUPLEMENTO VITAMICO INYECTABLE,  ESTIMULANTE METABOLICO A BASE DE FOSFORO ORGANICO, PRESENTACION EN FRASCOS DE VIDRIO CON 100 ml, CON UNA VARIACION ACEPTABLE DE +/- 1 ml. CATOSAL ESTIMULANTE METABÓLICO A BASE DE FÓSFORO ORGÁNICO. (INYECTABLE) Continuidad de Contrato","Unidad",20,10172.5,203450,"001-Ingresos corrientes"]
[null,"Dirección de la Policía Penitenciaria","789-00",20103,"005","000014","51101693","92096665","ANTI COCCIDIAL VIA ORAL, SUSPENSION ORAL EN FRASCOS DE 250 ml AL 5% CONTRA LA COCCIDIOS Y GIARDIA, CON UNA VARIACION ACEPTABLE DE CONTENIDO DE +/- 1 ml.  BAYCOX SUSPENSIÓN ORAL EN FRASCOS 250 ml al 5%, CONTRA LA COCCIDIOS Y GIARDIA Continuidad de Contrato","Unidad",50,30355,1517750,"001-Ingresos corrientes"]
[null,"Dirección de la Policía Penitenciaria","789-00",20103,"005","000170","10191509","92097393","AFOXOLANER 68 MG, DESPARASITANTE EXTERNO, VIA ORAL, PULGUICIDA, GARRAPATICIDA  PARA  PERROS  DE  11  KG  (+/- 1KG)- 27,2 KG. CON INGREDIENTE ACTIVO AFOXOLANER DE 68 MG. PRESENTACIÓN:  CAJACON UNA TABLETA.","Unidad",200,12106.19,2421238,"001-Ingresos corrientes"]
[null,"Dirección de la Policía Penitenciaria","789-00",20103,"005","000014","10191509","92097386 ","AMITRAZ AL 12,5%, DESPARASITANTE EXTERNO (INSECTICIDA), USO VETERINARIO, GARRAPATICIDA, SARNICIDA Y PIOJICIDA PARA CERDOS, BOVINOS, OVINOS Y CAPRINOS, PRESENTACION FRASCO 100 mL. Continuidad de Contrato","Unidad",40,4040,161600,"001-Ingresos corrientes"]
[null,"Dirección de la Policía Penitenciaria","789-00",20103,"005","000014","51452603","92206323","DESPARASITANTE  USO INTERNO, VIA ORAL, ELIMINACIÓN      NEMÁTODOS CÉSTODOS Y PROTOZOARIOS COMPOSICIÓN      525 mg FEBANTEL 504 mg EMBONATO DE PIRANTEL 175 mg    PRAZIQUANTEL, DESPARASITANTE PARA PERROS DE HASTA     35 kg, TABLETAS, MASTICABLES,  PRESENTACIÓN:  CAJA  CON  UNA TABLETA","Unidad",100,2411.5,241150,"001-Ingresos corrientes"]
[null,"Dirección de la Policía Penitenciaria","789-00",20103,"005","000014","51452603","92205146","FEBANTEL  450  mg,  DESPARASITANTE  INTERNO, ENDOPARASITICIDA   PARA   PERROS  DE   30  kg, PRESENTACIÓN: CAJAS EXPENDEDORA 2, TABLETAS.   CADA   TABLETA   TAMBIÉN    DEBERÁ CONTENER:\n-Pirantel 432 mg\n-Praziquantel 150 mg\n-Ivermectina 0.18 mg\n\n\n","Unidad",50,5925.72,296286,"001-Ingresos corrientes"]
[null,"Dirección de la Policía Penitenciaria","789-00",20103,"005","000185","51284006","92096672","DOXICICLINA DE 150 mg, ANTIBIOTICO ORAL, DE USO VETERINARIO PRESENTACIÓN BLISTER DE 10 PASTILLAS, COMPOSICIÓN 150 mg DOXICICLINA. SIMILAR A DOXICILINA. Continuidad de Contrato","Unidad",200,5442.5,1088500,"001-Ingresos corrientes"]
[null,"Dirección de la Policía Penitenciaria","789-00",20103,"005","100420","51332833","92093808","TRANQUILIZANTES PARA ANIMALES, PRINCIPIO ACTIVO ACEPROMACINA MALEATO CONCENTRACIÓN AL 10% PARA USO EN DIFERENTES ESPECIES, EN VÍA I.V Ó I.M PARA FACILITAR SU MANIPULACIÓN, FRASCO DE 50 Ml. Continuidad de Contrato","Unidad",1,5470,5470,"001-Ingresos corrientes"]
[null,"Dirección de la Policía Penitenciaria","789-00",20103,"050","003000","42142609","90013921","JERINGA DESCARTABLE DE 10 CC. Debe traer su\nrespectiva  aguja  de  21G  X  3.81cm  (1   1/2in), estéril. Presentación: caja de 100 unidades.\nEntiéndase  como  unidad  de  cotización:  caja  de 100 jeringas, cada jeringa de 10 cc.","Unidad",2,9090,18180,"001-Ingresos corrientes"]
[null,"Dirección de la Policía Penitenciaria","789-00",20103,"050","003000","42142609","90037071","JERINGA DESCARTABLE DE 20 CC. Debe traer su\nrespectiva  aguja  de  21G  X  3.81cm  (1   1/2in), estéril. Presentación: caja de 100 unidades.\nEntiéndase como unidad de cotización: caja de 100 jeringas, cada jeringa de 20 cc.","Unidad",1,10605,10605,"001-Ingresos corrientes"]
[null,"Dirección de la Policía Penitenciaria","789-00",20103,"050","003000","42142609","90007635","JERINGA INTRAMUSCULAR DE USO VETERINARIO (JERINGA DE 5 cc CON AGUJA 21G 3,81 cm (1 ½ Pulg), PRESENTACIÓN EN CAJAS CON 100 UNIDADES. SIMILAR O SUPERIOR A NIPRO 5 cc  DESCARTABLE. Continuidad de Contrato","Unidad",800,59.1,47280,"001-Ingresos corrientes"]
[null,"Dirección de la Policía Penitenciaria","789-00",21103,"050","003000","42142609","92115375","JERINGAS DESCARTABLES DE TUBERCULINA CON AGUJAS 1 CC, AGUJA 26G x 1,59 cm (5/8 Pulg), LIBRES DE LATEX, ESTÉRILES, NO TÓXICAS, NO PIROGÉNICAS. CAJA DE 100 UNIDADES. Continuidad de Contrato","Unidad",200,70.37,14074,"001-Ingresos corrientes"]
[null,"Dirección de la Policía Penitenciaria","789-00",20204,"001","000100","10121801","92225201","Alimento seco balanceado de matenimiento para perros adultos","Kilogramo",5000,3041,{"$f":"+L2103*K2103","v":15205000},"001-Ingresos corrientes"]
[null,"Dirección de la Policía Penitenciaria","789-00",20204,"001","000100","10121801","92225198","Alimento seco balanceado de alta digestibilidad para perro adultos de trabajo o activos ","Kilogramo",4366,2490,10871340,"001-Ingresos corrientes"]
[null,"Dirección de la Policía Penitenciaria","789-00",20204,"001","000100","10121801","92225197","Alimento seco balanceado para perros adultos con estómagos sensinbles o trastornos digestivos ","Kilogramo",475,4005,1902375,"001-Ingresos corrientes"]
[null,"Dirección de la Policía Penitenciaria","789-00",20402,"025","000001","43221706","90029999","Repuestos para radio. Antena para radio portátil EP450","Unidad",30,16000,480000,"001-Ingresos corrientes"]
[null,"Dirección de la Policía Penitenciaria","789-00",20402,"025","000001","43191510","92111361","Repuestos para radio. PERILLAS RADIOS CANALES EP450","Unidad",80,3000,240000,"001-Ingresos corrientes"]
[null,"Dirección de la Policía Penitenciaria","789-00",20402,"025","000001","26111722","92077449","Repuestos para radio. Adaptador de 24 voltios a 12 voltios para radiocomunicaciones","Unidad",16,100000,1600000,"001-Ingresos corrientes"]
[null,"Dirección de la Policía Penitenciaria","789-00",20402,"025","000001","43191510","92111362","Repuestos para radio. Perillas radios  volumen EP450","Unidad",80,3000,240000,"001-Ingresos corrientes"]
[null,"Dirección de la Policía Penitenciaria","789-00",20402,"025","007202","26111704","92077455","Cargador para Radio Portátil. Cargador modelo CH10A07para radio Hytera PD502","Unidad",120,35000,4200000,"001-Ingresos corrientes"]
[null,"Dirección de la Policía Penitenciaria","789-00",20402,"025","000001","43221706","92081500","Repuestos para radio. Antena para radio Hytera modelo PD502","Unidad",60,16000,960000,"001-Ingresos corrientes"]
[null,"Dirección de la Policía Penitenciaria","789-00",20402,"025","007202","26111704","92047293","Cargador para Radio Portátil. Cargador para radio portátil EP450","Unidad",40,30000,1200000,"001-Ingresos corrientes"]
[null,"Dirección de la Policía Penitenciaria","789-00",20402,"115","000001","26111701","92077456","Batería para Equipo de Radiocomunicación. Batería parte  para radio BL1502 de 7.4 voltios en1500mAh para radio Hytera modelo P502","Unidad",130,45000,5850000,"001-Ingresos corrientes"]
[null,"Dirección de la Policía Penitenciaria","789-00",20402,"115","000001","26111701","92047292","Batería Nº de parte NNTN4497A  para radio MOTOROLA EP450","Unidad",50,50000,2500000,"001-Ingresos corrientes"]
[null,"Dirección de la Policía Penitenciaria","789-00",20402,"115","000001","26111701","92111358","Batería Nº de parte Hnn9008A  para radio MOTOROLA Pro5150","Unidad",20,50000,1000000,"001-Ingresos corrientes"]
[null,"Dirección de la Policía Penitenciaria","789-00",20402,"115","000001","26111711","92097881","Batería Nº de parte   para radio MOTOROLA modelo DGP 6150 mototurbo.","Unidad",200,50000,10000000,"001-Ingresos corrientes"]
[null,"Dirección de la Policía Penitenciaria","789-00",20402,"900","140501","39121534","92121800","KIT DE LUZ PILOTO PARA EXTERIORES, BOMBILLO LED, COLOR ROJO Y VERDE, DE 12-110 V, BOTON DE ENCENDIDO Y APAGADO, SIRENA","Unidad",25,600000,{"$f":"L2117*K2117","v":15000000},"001-Ingresos corrientes"]
[null,"Dirección de la Policía Penitenciaria","789-00",29901,"305","000010","45101711","92133434","Cinta térmica a color para impresora de tarjetas de identificación marca NISCA, numero de parte NGYMCKK, tipo YMCKK, para 410 impresiones (Cinta para impresora NISCA COD 7441146310852)","Unidad",60,160000,{"$f":"L2118*K2118","v":9600000},"001-Ingresos corrientes"]
[null,"Dirección de la Policía Penitenciaria","789-00",29901,"305","000010","44103124","92133443","Cinta térmica de retransferencia, transparente, para impresora de tarjetas de identificación marca Nisca, numero de parte Secure ID Hologram InTM film (ZB14B1A1-320), para 410 imágenes. (Cinta para impresora NISCA COD 7441146311750 FILM)","Unidad",96,90000,{"$f":"L2119*K2119","v":8640000},"001-Ingresos corrientes"]
[null,"Dirección de la Policía Penitenciaria","789-00",29901,"305","000010","44103124","92174359","Rollo de cinta laminado transparente para impresora de credenciales Nisca, Número de Parte NiscaClear250. (Cinta para impresora NISCA COD 7710006C201 LAMINADO)","Unidad",96,45000,{"$f":"L2120*K2120","v":4320000},"001-Ingresos corrientes"]
[null,"Dirección de la Policía Penitenciaria","789-00",29903,"145","000400",55121802,92003453,"TARJETAS COLOR BLANCO PARA CARNET MATERIAL PVC","Unidad",6000,91,{"$f":"L2121*K2121","v":546000},"001-Ingresos corrientes"]
[null,"Dirección de la Policía Penitenciaria","789-00",29904,"055","000110","46181527","92112746","Pantalón para Vigilancia (Para Hombre) (Contrato Según Demanda). Continuidad de contrato ","Unidad",3154,42.08,89349973.829999998,"001-Ingresos corrientes"]
[null,"Dirección de la Policía Penitenciaria","789-00",29904,"055","000110","46181527","92112746","Pantalón para Vigilancia (Para Mujer) (Contrato Según Demanda). Continuidad de contrato ","Unidad",1000,42.08,28329097.600000001,"001-Ingresos corrientes"]
[null,"Dirección de la Policía Penitenciaria","789-00",29904,"035","000001","53101602","92112747","Camisa manga corta (Para Hombre) (Contrato Según Demanda). Continuidad de contrato","Unidad",3154,33.49,1110518.6200000001,"001-Ingresos corrientes"]
[null,"Dirección de la Policía Penitenciaria","789-00",29904,"035","000001","53101602","92112748","Camisa  manga larga (Para Hombre) (Contrato Según Demanda). Continuidad de contrato","Unidad",1000,33.49,22546137.800000001,"001-Ingresos corrientes"]
[null,"Dirección de la Policía Penitenciaria","789-00",29904,"035","000140","53103096","92034675","Camiseta (Camiseta Unisex para Hombre y Mujer) (Contrato Según Demanda) Continuidad de contrato","Unidad",4776,10.17,32699587.98,"001-Ingresos corrientes"]
[null,"Dirección de la Policía Penitenciaria","789-00",29904,"035","000141","53103096","92053409","CAMISETAS TIPO POLO EN ALGODON , CON TRES BOTONES, CON LOGOS INSTITUCIONALES Y LEYENDAS","Unidad",11592,16.95,132277227.77,"001-Ingresos corrientes"]
[null,"Dirección de la Policía Penitenciaria","789-00",29904,"055","000110","46181527","92112746","Pantalón para Vigilancia (Para Mujer) (embarazada) (Contrato Según Demanda). Continuidad de contrato ","Unidad",50,50.85,1711661.85,"001-Ingresos corrientes"]
[null,"Dirección de la Policía Penitenciaria","789-00",29904,"035","000001","53101604","92112749","Camisa manga corta (Para Mujer) (embarazada) (Contrato Según Demanda). Continuidad de contrato","Unidad",50,39.549999999999997,1331292.55,"001-Ingresos corrientes"]
[null,"Dirección de la Policía Penitenciaria","789-00",29904,"135","000002","53102516","92157303","Gorra Beige (Unisex para Hombre y Mujer) (Contrato Según Demanda) Continuidad de contrato","Unidad",11000,9.33,69092568.599999994,"001-Ingresos corrientes"]
[null,"Dirección de la Policía Penitenciaria","789-00",29904,"075","000800","46181604","92112864","Bota Caña Alta Tipo Policial (Para Hombre) (Contrato Según Demanda) Continuidad de contrato","Unidad",3707,137.22,342449873.81999999,"001-Ingresos corrientes"]
[null,"Dirección de la Policía Penitenciaria","789-00",29904,"075","000800","46181604","92112865","Bota Caña Alta Tipo Policial (Para Mujer) (Contrato Según Demanda) Continuidad de contrato","Unidad",1000,137.22,92379248.400000006,"001-Ingresos corrientes"]
[null,"Dirección de la Policía Penitenciaria","789-00",29904,"115","000001","53101802","92083118","Capas tipo gabardina ","Unidad",1365,90297,{"$f":"+L2133*K2133","v":123255405},"001-Ingresos corrientes"]
[null,"Dirección de la Policía Penitenciaria","789-00",29904,"900","001100","53102503","92082699","Sombrero de Ala","Unidad",1003,25000,{"$f":"+L2134*K2134","v":25075000},"001-Ingresos corrientes"]
[null,"Dirección de la Policía Penitenciaria","789-00",29904,"075","000900","46181604","92023482","Botas de Hule","Unidad",200,5000,{"$f":"+L2135*K2135","v":1000000},"001-Ingresos corrientes"]
[null,"Dirección de la Policía Penitenciaria","789-00",29999,"472","600551","55121807","92065802","PORTA CARNET EN PU DE 10 X 7 cm CON VENTANA DE 9 X 5,5 cm CON PERFORACION REFORZADA PARA EL GANCHO METALICO CON LOGO DE LA INSTUCION GRABADO","Unidad",5000,677,{"$f":"L2136*K2136","v":3385000},"001-Ingresos corrientes"]
[null,"Dirección de la Policía Penitenciaria","789-00",50103,"010","000200","43191510","92053073 ","RADIO DE COMUNICACION TRONCALIZADO DIGITAL, CONTROL DE CANAL 9600 BPS, FRECUENCIAS DE TRANSMISION 806 A 824 MHz, DE RECEPCION 851 a 869 MHz, POTENCIA DE SALIDA 3 W MINIMO, CON BATERIA RECARGABLE TIPO Li-ion, PARA USO PORTATIL. Continuidad de Contrato","Unidad",20,3271.35,44046764.939999998,"280-Titulo de valores de deuda externa"]
[null,"Dirección de la Policía Penitenciaria","789-00",50199,"900","000480","56101520","92077838","CASILLERO (LOCKER), DOS COMPARTIMENTOS, DEBERA TENER LLAVIN CADA UNO DE LOS COMPARTIMENTOS, FABRICADO EN LAMINA ZINCORE CON TRATAMIENTO ANTICORROSIVO. Continuidad de Contrato","Unidad",60,107350,{"$f":"+L2138*K2138","v":6441000},"280-Titulo de valores de deuda externa"]
[null,"Dirección de la Policía Penitenciaria","789-00",50199,"01900","010001","46181502","92022875","Chaleco Antibalas (Para Hombre, Contrato Según Demanda). Continuidad de contrato","Unidad",25,1261129.56,{"$f":"K2139*L2139","v":31528239},"280-Titulo de valores de deuda externa"]
[null,"Dirección de la Policía Penitenciaria","789-00",50199,"01150","000102","39111709","92102759","LAMPARA DE EMERGENCIA, TIPO LED, DE AL MENOS DOS FAROLES, CON LENTES ACRÍLICOS, ALIMENTACION 120V 60 Hz, BATERIA RECARGABLE LIBRE DE MANTENIMIENTO, DURACION DE ILUMINACION DE AL MENOS 600 min.","Unidad",25,80439.05,{"$f":"L2140*K2140","v":2010976.25},"280-Titulo de valores de deuda externa"]
[null,"Unidad de Logística ","789-00","10303","001","000100","82121902","92002501","EMPASTE  CONTRATO ","Unidad",30,9000,{"$f":"+L2141*K2141","v":270000},"001-Ingresos corrientes"]
[null,"Unidad de Logística ","789-00",10307,"005","160701","81112099","92035217","SERVICIO DE RENOVACIÓN PARA LA EMISIÓN DE CERTIFICADOS DIGITALES Y SUS RESPECTIVOS DISPOSITIVOS CRIPTOGRÁFICOS DE FIRMA DIGITAL.","Unidad",10,28146.25,{"$f":"+L2142*K2142","v":281462.5},"001-Ingresos corrientes"]
[null,"Unidad de Logística ","789-00",10307,"005","003280","81112099","92144927","SERVICIO DE EMISION PARA LA EMISIÓN DE CERTIFICADOS DIGITALES Y SUS RESPECTIVOS DISPOSITIVOS CRIPTOGRÁFICOS DE FIRMA DIGITAL.","Unidad",10,28589,{"$f":"+L2143*K2143","v":285890},"001-Ingresos corrientes"]
[null,"Unidad de Logística ","789-00",10406,"155","000001",72154055,92040977,"LIMPIEZA DE TANQUES SEPTICOS CONTRATO SEGÚN DEMANDA","Unidad",95,421052.63,39999999.850000001,"001-Ingresos corrientes"]
[null,"Unidad de Logística ","789-00",10406,"900","003200","72151604","92170251","Contrato Mantenimiento preventivo y correctivo de Extintores","Unidad",1272,5936,7550592,"001-Ingresos corrientes"]
[null,"Unidad de Logística ","789-00","10499","900","080820",72102103,90032626,"Fumigación Centros Penales Contratto establecido","Unidad",4,{"$f":"4768573*19.44/4","v":23175264.780000001},92701059.120000005,"001-Ingresos corrientes"]
[null,"Unidad de Logística ","789-00",10807,"010","000001","72101511","92002508","Contrato por Mantenimiento preventivo y correctivo de aires acondicionados piso cielo","Unidad",5,700000,3500000,"001-Ingresos corrientes"]
[null,"Unidad de Logística ","789-00",10807,"010","000001","72101511","92002508"," Contrato establecido Reparación de Aires acondcionados portatiles","Unidad",40,80000,3200000,"001-Ingresos corrientes"]
[null,"Unidad de Logística ","789-00",10899,"900","003200","72153609","72153609","MANTENIMIENTO CORRECTIVO Y PREVENTIVO DE LAVADORAS Y SECADORAS INDUSTRIAL ","Unidad",12,700000,8400000,"001-Ingresos corrientes"]
[null,"Unidad de Logística ","789-00",20102,"900","000066","53131502","92027801","Contrato por la comra de Pastas dentales para uso de la Población Pirvada de Libertad","Unidad",252000,1232.2,310514400,"001-Ingresos corrientes"]
[null,"Unidad de Logística ","789-00","20301","010","000015",31162407,92037893,"Llavin metalico con cilindro tamaño 19,05mm","Unidad",400,{"$f":"700*1.13","v":790.99999999999989},316399.99999999994,"001-Ingresos corrientes"]
[null,"Unidad de Logística ","789-00","20301","005","000001",31162403,92006044,"Bisagra de acero oculta para muebles de 26mm recta","Unidad",400,{"$f":"600*1.13","v":677.99999999999989},271199.99999999994,"001-Ingresos corrientes"]
[null,"Unidad de Logística ","789-00","20301","085","000540","31162002","92046981","CLAVO DE HIERRO CON CABEZA 3,17 CMS     ( 1 1/4) ","Kilogramo",230,{"$f":"880*1.13","v":994.39999999999986},228711.99999999997,"001-Ingresos corrientes"]
[null,"Unidad de Logística ","789-00","20301","085","000640","31162002","92007696","CLAVO DE HIERRO CON CABEZA 2 PULGADAS ( 5,08 CMS )","Kilogramo",230,{"$f":"2500*1.13","v":2824.9999999999995},649749.99999999988,"001-Ingresos corrientes"]
[null,"Unidad de Logística ","789-00","20301","085","000680","31162002","92007703","CLAVO DE HIERRO CON CABEZA 6,35 CMS 2,5 PULGADAS","Kilogramo",230,{"$f":"1164*1.13","v":1315.32},302523.59999999998,"001-Ingresos corrientes"]
[null,"Unidad de Logística ","789-00","20301","900","000010",31162702,92088332,"Rodin de Poliuretano diametro 8 cm ( +-1) capacidad de 55Kg","Unidad",240,{"$f":"7.36*1.13*600","v":4990.079999999999},1197619.1999999997,"001-Ingresos corrientes"]
[null,"Unidad de Logística ","789-00","20303","900","000015",30103604,11121611,"Lamina de Plywood","Unidad",3000,{"$f":"13915*1.13","v":15723.949999999999},47171850,"001-Ingresos corrientes"]
[null,"Unidad de Logística ","789-00","20303","045","000100",30103605,92011028,"Regla de 2,54 X 5,08X 3,34 ","Unidad",2000,{"$f":"800*1.13","v":903.99999999999989},1807999.9999999998,"001-Ingresos corrientes"]
[null,"Unidad de Logística ","789-00","20303","045","000220",30103605,92162759,"Regla de 2,54 X 10,16 X 4","Unidad",1800,{"$f":"1812*1.13","v":2047.5599999999997},3685607.9999999995,"001-Ingresos corrientes"]
[null,"Unidad de Logística ","789-00","20303","045","000700",30103605,92162735,"Regla de 3,81 X10,16 X 2,85","Unidad",3000,{"$f":"1890*1.13","v":2135.6999999999998},6407099.9999999991,"001-Ingresos corrientes"]
[null,"Unidad de Logística ","789-00","20303","045","000700",30103605,92169709,"Regla de 3,81X 10,16 X 3,34","Unidad",4000,{"$f":"3060*1.13","v":3457.7999999999997},13831199.999999998,"001-Ingresos corrientes"]
[null,"Unidad de Logística ","789-00","20303","090","000040",30103605,92105920,"Tabla de formaleta 2,54 X 25,40 CM x 4 v","Unidad",2500,{"$f":"3600*1.13","v":4067.9999999999995},10169999.999999998,"001-Ingresos corrientes"]
[null,"Unidad de Logística ","789-00","20399","050","000320","23131507","90029823","LIJA N° 80 PARA MADERA ROLLO  50 METROS DE LARGO DE 36 PULGADAS DE ANCHO ( 91,44 CM)  CON FORRO DE TELA","rollo",9,342089,3078801,"001-Ingresos corrientes"]
[null,"Unidad de Logística ","789-00","20402","115","001500","26111711","92078764","BATERIA  HHR-55TRIPLE A BUI.2 V, PARA TELEFONO INALAMBRICO ","PARES- BLIETER",274,2395,656230,"001-Ingresos corrientes"]
[null,"Unidad de Logística ","789-00","29901","900","130701","43212299","92082559","KIT PARA FIRMA DIGITAL. CONSISTE EN LECTOR, TARJETA Y CERTIFICADO DIGITAL. DISPOSITIVO DE ALTO RENDIMIENTO EN PC / SC USB DE LA JERARQUIA NACIONAL DE FIRMA DIGITAL.","Unidad",10,43642.5,436425,"001-Ingresos corrientes"]
[null,"Unidad de Logística ","789-00","29901","900","190802","43211798","92155750","LECTOR PARA TARJETA INTELIGENTE DE FIRMA DIGITAL, CONEXIÓN USB, DRIVERLESS, COMPATIBLE CON TARJETAS INTELIGENTES QUE IMPLEMENTEN ALGORITMOS SHA-1,SHA-256,AES-128, DES, 3DES, RSA","Unidad",10,17836.5,178365,"001-Ingresos corrientes"]
[null,"Unidad de Logística ","789-00","29901","030","000220","31201503","92018002","CINTA ADHESIVA PARA ENMASCARAR (MASKING TAPE), DE 5.08 CMS ( 2 PULGADAS )","Unidad",2500,791,1977500,"001-Ingresos corrientes"]
[null,"Unidad de Logística ","789-00","29901","070","575020","44122107","92002390","GRAPAS PARA ENGRAPADORA ESTANDAR","CAJA",1800,900,1620000,"001-Ingresos corrientes"]
[null,"Unidad de Logística ","789-00","29901","095","715015","44121708","90002557","MARCADOR NEGRO PARA PIZARRA ACRILICA.","Unidad",500,790,395000,"001-Ingresos corrientes"]
[null,"Unidad de Logística ","789-00","29901","025","150010","44122118","90002585","PRENSA PARA FOLDER","CAJA",1500,800,1200000,"001-Ingresos corrientes"]
[null,"Unidad de Logística ","789-00","29901","015","100011","44121701","92030110","BOLIGRAFO AZUL","CAJA",1000,3300,3300000,"001-Ingresos corrientes"]
[null,"Unidad de Logística ","789-00","29903","015","175056","14111507","92135446","Papel BOND BLANCO DE 75 GRAMOS TAMAÑO ORIGINAL PARA FOTOCOPIADORA ","RESMAS",1200,{"$f":"1625.35*1.13","v":1836.6454999999996},2203974.5999999996,"001-Ingresos corrientes"]
[null,"Unidad de Logística ","789-00","29903","140","175075","14111704","92015075","PAPEL HIGIENICO EN ROLLOS EN PAQUETES DE 48 UNIDADES ","Paquete",3000,{"$f":"10176*1.02","v":10379.52},31138560,"001-Ingresos corrientes"]
[null,"Unidad de Logística ","789-00","29903","900","004920","44111515","92118755","CAJAS DE CARTON con unas medidas de 50cm. X 31 cm. X 25 cm. ","CAJA",100,1860,186000,"001-Ingresos corrientes"]
[null,"Unidad de Logística ","789-00","29904","010","000005","52121513","92006504","COBIJA INDIVIDUAL ","Unidad",2500,8299.85,20749625,"001-Ingresos corrientes"]
[null,"Unidad de Logística ","789-00","29904","170","000005","52121509","92006500","SABANAS","Unidad",2500,{"$f":"10.19*1.13*600","v":6908.8199999999988},17272049.999999996,"001-Ingresos corrientes"]
[null,"Unidad de Logística ","789-00","29904","125","000300","30181607","92083913","CORTINA P/BAÑO","Unidad",7000,2900,20300000,"001-Ingresos corrientes"]
[null,"Unidad de Logística ","789-00","29905","025","000160","47131803","90003227","DESINFECTANTE EN ENVASES DE 208 LITROS","Unidad",120,61750.69,7410082.8000000007,"001-Ingresos corrientes"]
[null,"Unidad de Logística ","789-00","29905","040","000105","47131805","92000903","Detergente Concetrado por servicio","cubetas o envases de 50 litros",120,70383.460000000006,8446015.2000000011,"001-Ingresos corrientes"]
[null,"Unidad de Logística ","789-00","29905","045","000060","53131608","92001335","DETERGNTE EN POLVO PAQUETES DE 15 KILOS","Paquete",6000,617.08000000000004,3702480.0000000005,"001-Ingresos corrientes"]
[null,"Unidad de Logística ","789-00","29905","045","000240","53131608","92083026","JABON TOCADOR CONTRATO","Unidad",252000,437.25,110187000,"001-Ingresos corrientes"]
[null,"Unidad de Logística ","789-00","29905","060","100015","47121701","92029583","BOLSA TIPO JARDIN CONTRATO","Paquete",5800,711.9,4129020,"001-Ingresos corrientes"]
[null,"Unidad de Logística ","789-00","29905","060","100010","47111701","92042125","BOLSA DE BASURA TAMAÑO GRANDE","Paquete",5800,325.44,1887552,"001-Ingresos corrientes"]
[null,"Unidad de Logística ","789-00","29905","100","000004","47131501","92115832","MECHAS N 24 O  ESTROPAJO PARA PISOS","Unidad",1200,{"$f":"514*1.13","v":580.81999999999994},696983.99999999988,"001-Ingresos corrientes"]
[null,"Unidad de Logística ","789-00","29905","045","000290","53131608","92115694","JABON BACTERICIDA PARA MANOS","Unidad",7000,2474.6999999999998,17322900,"001-Ingresos corrientes"]
[null,"Unidad de Logística ","789-00","29905","900","000040","47131807","92053762","BLANQUEADIR INDUSTRIAL EN CUBETAS EN EMBASESES DE 189,271 LITROS","EMBASES",10,{"$f":"489615*1.13","v":553264.94999999995},5532649.5,"001-Ingresos corrientes"]
[null,"Unidad de Logística ","789-00","29905","900","000040","47131807","92053762","HIPOCLORITO DE SODIO EN ENVASES DE 208 LITROS","EMBASES",15,{"$f":"62287*1.13","v":70384.31},1055764.6499999999,"001-Ingresos corrientes"]
[null,"Unidad de Logística ","789-00","29905","015","125010","47131608","92121715","HISOPO PARA INODORO","Unidad",500,415,207500,"001-Ingresos corrientes"]
[null,"Unidad de Logística ","789-00","29905","065","000079","47121702","92001343","BASUREROS  TAPA Y PEDAL -9,6 G","Unidad",100,75000,7500000,"001-Ingresos corrientes"]
[null,"Unidad de Logística ","789-00","29905","065","000079","47121702","92257286","BASUREROS  TAPA Y RUEDAS -50 G","Unidad",350,65000,22750000,"001-Ingresos corrientes"]
[null,"Unidad de Logística ","789-00","29905","065","000079","47121702","92288114","BASUREROS  TIPO VAIVÉN ","Unidad",135,15000,2025000,"001-Ingresos corrientes"]
[null,"Unidad de Logística ","789-00","29905",null,null,"47131609","92038799","PALO PISO PLASTICOS","Unidad",6000,1800,10800000,"001-Ingresos corrientes"]
[null,"Unidad de Logística ","789-00","29905","900","200015","47131601","92040205","PALAS PARA BASURA","Unidad",3500,709,2481500,"001-Ingresos corrientes"]
[null,"Unidad de Logística ","789-00","29999","015","000030","56101508","92101065","COLCHON DE ESPUMA","Unidad",25200,5172,130334400,"001-Ingresos corrientes"]
[null,"Unidad de Logística ","789-00","29999","015","000030","56101508","92006499","COLCHON DE ESP PARA CONYUGAL","Unidad",250,{"$f":"37000*1.13","v":41809.999999999993},10452499.999999998,"001-Ingresos corrientes"]
[null,"Unidad de Logística ","789-00","50104","045","000001","52141510","92072260","AIRE ACONDICIONADO Portatil de 12,000 BTU","Unidad",5,241390,1206950,"280-Titulo de valores de deuda externa"]
[null,"Unidad de Logística ","789-00","50104","045","000001","40101701","92109377","Aire acondicionado de 24,000 BTU","Unidad",8,1600000,12800000,"280-Titulo de valores de deuda externa"]
[null,"Unidad de Logística ","789-00","50104","045","000001","40101701","92105696","Aire acondicionado Piso cielo 60,000 BTU","Unidad",10,2800000,28000000,"280-Titulo de valores de deuda externa"]
[null,"Unidad de Logística ","789-00","50199","080","000500","48101516","92023511","HORNO DE MICROONDAS TIPO INDUSTRIAL","Unidad",67,429400,28769800,"280-Titulo de valores de deuda externa"]
[null,"Unidad de Logística ","789-00","50199","055","000100","48101505","92047363","PERCOLADOR INDUSTRIAL","Unidad",10,89000,890000,"280-Titulo de valores de deuda externa"]
[null,"Unidad de Logística ","789-00","50199","160","000003","24131501","92139117","REFRIGERADORA DE 4 PIES","Unidad",10,108999,1089990,"280-Titulo de valores de deuda externa"]
[null,"Unidad de Logística ","789-00","50199","900","001880","47111502","92844827","Lavadora automatica  17 kilos","Unidad",6,339000,2034000,"280-Titulo de valores de deuda externa"]
[null,"Salud Ocupacional","789-00",10401,"01900","000135","85121810","92088329","SERVICIO DE DETECCIÓN DE DROGAS O ALCOHOL (PRUEBAS TOXICOLÓGICAS) EN ORINA. CONTINUIDAD DE CONTRATO ","UNIDAD",55,85280,{"$f":"L2203*K2203","v":4690400},"001-Ingresos corrientes"]
[null,"Salud Ocupacional","789-00","20102","01145",141101,"51201608","92233383","VACUNA CONTRA LA INFLUENZA","UNIDAD",625,10000,{"$f":"K2204*L2204","v":6250000},"001-Ingresos corrientes"]
[null,"Salud Ocupacional","789-00",20401,"01105","004120","42181801","90014917","OXÍMETRO DIGITAL DE DEDO","UNIDAD",4,36000,{"$f":"K2205*L2205","v":144000},"001-Ingresos corrientes"]
[null,"Salud Ocupacional","789-00",29902,"01025","003600",42142523,"92160388","AGUJA DESCARTABLE 18 G x 1 1/2\"","UNIDAD",200,29,{"$f":"K2206*L2206","v":5800},"001-Ingresos corrientes"]
[null,"Salud Ocupacional","789-00",29902,"01025","003600",42142523,"92067519","AGUJA DESCARTABLE 25 G x 1\"","UNIDAD",300,29,{"$f":"K2207*L2207","v":8700},"001-Ingresos corrientes"]
[null,"Salud Ocupacional","789-00","29902","01025","003600",42142523,"92007501","AGUJA DESCARTABLE 22 G x 1 1/2\"","UNIDAD",500,29,14500,"001-Ingresos corrientes"]
[null,"Salud Ocupacional","789-00",29902,"01030","000001",42141501,"92022486","ALGODÓN ROLLO","UNIDAD",10,{"$f":"3.65*615","v":2244.75},22447.5,"001-Ingresos corrientes"]
[null,"Salud Ocupacional","789-00","29902","01030","000001",42141501,"92088383","ALGODÓN TORUNDAS","UNIDAD",600,{"$f":"0.03*615","v":18.45},11070,"001-Ingresos corrientes"]
[null,"Salud Ocupacional","789-00","29902","01035","000100",42141502,"92069149","APLICADOR DE OIDOS","Paquete",5,315,1575,"001-Ingresos corrientes"]
[null,"Salud Ocupacional","789-00",29902,"01045","000005","42311511","92083446","GASA USO MEDICO ROLLO","UNIDAD",100,565,56500,"001-Ingresos corrientes"]
[null,"Salud Ocupacional","789-00",29902,"01045","000005","42141501","92156283","GASA USO MEDICO TORUNDAS","Paquete",10,6250,62500,"001-Ingresos corrientes"]
[null,"Salud Ocupacional","789-00",29902,"01045","000005","42311511","92066213","GASA USO MEDICO VASELINADA","UNIDAD",100,{"$f":"0.55*615","v":338.25},33825,"001-Ingresos corrientes"]
[null,"Salud Ocupacional","789-00",29902,"01050","000005",42142611,"90001153","JERINGA TUBERCULINA CON AGUJA","CAJA",2,8785,17570,"001-Ingresos corrientes"]
[null,"Salud Ocupacional","789-00",29902,"01050","000010",42142609,"92021543","JERINGA DESCARTABLE 3cc c/aguja","UNIDAD",2500,{"$f":"0.08*615","v":49.2},123000,"001-Ingresos corrientes"]
[null,"Salud Ocupacional","789-00",29902,"01050","000010",42142609,"92006737","JERINGA DESCARTABLE 5cc c/aguja","UNIDAD",2000,{"$f":"0.08*615","v":49.2},98400,"001-Ingresos corrientes"]
[null,"Salud Ocupacional","789-00",29902,"01050","000010",42142609,"92100982","JERINGA DESCARTABLE PARA INSULINA","CAJA",2,6900,13800,"001-Ingresos corrientes"]
[null,"Salud Ocupacional","789-00",29902,"01050","000220",42142608,"92264722","JERINGA DESCARTABLE SIN AGUJA","CAJA",3,6250,18750,"001-Ingresos corrientes"]
[null,"Salud Ocupacional","789-00",29902,"01120","000005",46181504,"92154264","GUANTES DESECHABLES USO MEDICO De nitrilo, talla S","CAJA",15,2780,41700,"001-Ingresos corrientes"]
[null,"Salud Ocupacional","789-00",29902,"01120","000005",46181504,"92003034","GUANTES DESECHABLES USO MEDICO De nitrilo, talla 8","CAJA",15,2780,41700,"001-Ingresos corrientes"]
[null,"Salud Ocupacional","789-00","29902","01120","000060",42132205,"92085713","GUANTES ESTERILIZADOS PARA USO QUIRURGICO. TALLA 6.5","UNIDAD",200,137,27400,"001-Ingresos corrientes"]
[null,"Salud Ocupacional","789-00","29902","01120","000060",42132205,"92180059","GUANTES ESTERILIZADOS PARA USO QUIRURGICO. TALLA 8","UNIDAD",500,137,68500,"001-Ingresos corrientes"]
[null,"Salud Ocupacional","789-00",29902,"01125","000010",42131707,92153276,"RESPIRADOR DESECHABLE N95","CAJA",30,20000,600000,"001-Ingresos corrientes"]
[null,"Salud Ocupacional","789-00",29902,"01255","001000",42131707,92082137,"MASCARILLA DESECHABLE USO MEDICO","CAJA",20,27500,550000,"001-Ingresos corrientes"]
[null,"Salud Ocupacional","789-00",29902,"01265","000005","41113035","9200088","TIRA REACTIVA PARA GLUCÓMETRO","CAJA",30,28000,840000,"001-Ingresos corrientes"]
[null,"Salud Ocupacional","789-00",29902,"01280","000160",42221504,"92078938","CATETER INTRAVENOSO 18 G X 1.5\"","UNIDAD",200,{"$f":"0.45*615","v":276.75},55350,"001-Ingresos corrientes"]
[null,"Salud Ocupacional","789-00",29902,"01280","000160",42221504,"90039491","CATETER INTRAVENOSO N.20","UNIDAD",100,{"$f":"0.45*615","v":276.75},27675,"001-Ingresos corrientes"]
[null,"Salud Ocupacional","789-00",29902,"01280","000160",42221504,"90039493","CATETER INTRAVENOSO 22 G X 1","UNIDAD",500,332,166000,"001-Ingresos corrientes"]
[null,"Salud Ocupacional","789-00",29902,"01900","000105",42132102,"92087483","PAPEL SABANA PARA CAMILLA","UNIDAD",200,2135,427000,"001-Ingresos corrientes"]
[null,"Salud Ocupacional","789-00",29902,"01900","000110",42131702,92173292,"BATA DESECHABLE PARA REVISION MEDICA","UNIDAD",40,6000,240000,"001-Ingresos corrientes"]
[null,"Salud Ocupacional","789-00",29902,"01900","000135","42241701","92154905","TOBILLERA TALLA S","UNIDAD",40,{"$f":"5.6*615","v":3444},137760,"001-Ingresos corrientes"]
[null,"Salud Ocupacional","789-00",29902,"01900","016540","42241701","92162327","TOBILLERA TALLA M","UNIDAD",40,{"$f":"5.6*615","v":3444},137760,"001-Ingresos corrientes"]
[null,"Salud Ocupacional","789-00",29902,"01900","016540","42241701","92160114","TOBILLERA TALLA L","UNIDAD",40,{"$f":"5.6*615","v":3444},137760,"001-Ingresos corrientes"]
[null,"Salud Ocupacional","789-00",29902,"01900","000210","41104102","92242463","LANCETAS PARA GLICEMIAS Y/O GLUCOMETRO","UNIDAD",400,19,7600,"001-Ingresos corrientes"]
[null,"Salud Ocupacional","789-00",29902,"01900","016540","42241703","92162174","RODILLERA USO MEDICO TALLA S","UNIDAD",30,6250,187500,"001-Ingresos corrientes"]
[null,"Salud Ocupacional","789-00",29902,"01900","016540","\t42241703","92162473","RODILLERA USO MEDICO TALLA M","UNIDAD",40,6250,250000,"001-Ingresos corrientes"]
[null,"Salud Ocupacional","789-00",29902,"01900","016540","42241703","92166254","RODILLERA USO MEDICO TALLA L","UNIDAD",40,6250,250000,"001-Ingresos corrientes"]
[null,"Salud Ocupacional","789-00",29902,"01900","080805",42221609,"92021726","MANGUERA TRANSFUSION DE SUERO","UNIDAD",500,435,217500,"001-Ingresos corrientes"]
[null,"Salud Ocupacional","789-00",29902,"01900",200301,"42182299","92216970","TERMOMETRO INFRARROJO DIGITAL","UNIDAD",6,60000,360000,"001-Ingresos corrientes"]
[null,"Salud Ocupacional","789-00",29902,1900,"200501","42131719","92240547","GORRAS QUIRÚRGICAS","CAJA",3,5000,15000,"001-Ingresos corrientes"]
[null,"Salud Ocupacional","789-00","29903","01900","100401","14111533","92110157","PRUEBAS PSICOLOGICAS PARA APLICACIÓN EN SISTEMAS PENALES","UNIDAD",2,147500,295000,"001-Ingresos corrientes"]
[null,"Salud Ocupacional","789-00",29906,"01015","000005",46181804,92216354,"MONOGAFAS DE SEGURIDAD","UNIDAD",25,4000,100000,"001-Ingresos corrientes"]
[null,"Servicios Generales","789-00","10203","001","000001",78102202,92184779,"SERVICIOS DE MENSAJERÍA DE NOTIFICACIONES, RESOLUCIONES JUDICIALES Y COMUNICACIONES ADMINISTRATIVAS","Unidad",2,3500000,{"$f":"+L2244*K2244","v":7000000},"001-Ingresos corrientes"]
[null,"Servicios Generales","789-00",10406,"165","000800",76111501,92004904,"SERVICIOS DE LIMPIEZA Y ASEO INTEGRAL SERVICIOS DE LIMPIEZA","Unidad",12,6500000,{"$f":"+L2245*K2245","v":78000000},"001-Ingresos corrientes"]
[null,"Servicios Generales","789-00","10805","001","000022",78180107,92004032,"SERVICIO MECANICO PARA EL MANTENIMIENTO PREVENTIVO Y CORRECTIVO DE FLOTILLA INSTITUCIONAL","Unidad",1,"80.000.000.00",80000000,"001-Ingresos corrientes"]
[null,"Servicios Generales","789-00",10805,"001","000085",78181597,92121126,"SERVICIO DE BALANCEO DE LLANTAS","Unidad",300,2540,{"$f":"+L2247*K2247","v":762000},"001-Ingresos corrientes"]
[null,"Servicios Generales","789-00",10805,"001","000210",78181597,92121125,"SERVICIO DE ALINEAMIENTO Y TRAMADO","Unidad",300,8000,{"$f":"+L2248*K2248","v":2400000},"001-Ingresos corrientes"]
[null,"Servicios Generales","789-00","10805","001","000080",78181597,92211538,"SERVICIO DE REPARACIÓN DE LLANTAS","unidad",600,2000,{"$f":"+L2249*K2249","v":1200000},"001-Ingresos corrientes"]
[null,"Servicios Generales","789-00","10805","900","000400",78181507,92061757,"SERVICIO DE MANTENIMIENTO CORRECTIVO Y PREVENTIVO EN GENERAL, DE FLOTILLA DE VEHICULOS INSTITUCIONALES.","Unidad",1,10000000,10000000,"001-Ingresos corrientes"]
[null,"Servicios Generales","789-00","10805","900","000400",78181507,92061757,"SERVICIO DE MANTENIMIENTO CORRECTIVO Y PREVENTIVO EN GENERAL, DE FLOTILLA DE VEHICULOS INSTITUCIONALES.","unidad",1,20000000,{"$f":"+L2251*K2251","v":20000000},"001-Ingresos corrientes"]
[null,"Servicios Generales","789-00",10805,"001","00080",78181507,92079524,"SERVICIO DE SUMINISTRO DE REPUESTOS Y ACCESORIOS PARA VEHICULOS LLANTA","Unidad",1,5000000,5000000,"001-Ingresos corrientes"]
[null,"Servicios Generales","789-00",20101,"001","000015","15121501","90034755","Contrato de tarjetas para diesel","Litro",524061,590,{"$f":"+L2253*K2253","v":309195990},"001-Ingresos corrientes"]
[null,"Servicios Generales","789-00","20101","010","000001","15121501","90034755","Aceite Lubricante (LIQUIDO PARA FRENOS TIPO DOT 4)","Litro",500,2911.8,{"$f":"+L2254*K2254","v":1455900},"001-Ingresos corrientes"]
[null,"Servicios Generales","789-00",20101,"001","000005","15121501","90027070","Aceite Lubricante (AEROSOL MULTIUSOS EN ENVASE DE METAL DE 311)","Unidad",500,1850,{"$f":"+L2255*K2255","v":925000},"001-Ingresos corrientes"]
[null,"Servicios Generales","789-00","20101","010","000001",15121501,90034755,"Aceite de motor: ACEITE LUBRICANTE MULTIGRADO SAE 15W40 PARA MOTOR DIESEL ","Litro",5000,3600,{"$f":"+K2256*L2256","v":18000000},"001-Ingresos corrientes"]
[null,"Servicios Generales","789-00",20402,"040","000000","25172504","92002837","Bateria","Unidad",1,6250000,{"$f":"+L2257*K2257","v":6250000},"001-Ingresos corrientes"]
[null,"Servicios Generales","789-00",20402,"040","000000","25172504","92041462","Llantas 65, 265/65 R17","Unidad",200,90000,{"$f":"+L2258*K2258","v":18000000},"001-Ingresos corrientes"]
[null,"Servicios Generales","789-00",20402,"040","000000","25172504","92017626","Llantas, 700 x 16","Unidad",100,70000,7000000,"001-Ingresos corrientes"]
[null,"Servicios Generales","789-00",20402,"040","000000","25172504","92030396","Llantas, 195/65 R15","Unidad",300,65000,19500000,"001-Ingresos corrientes"]
[null,"Servicios Generales","789-00",20402,"040","000000","25172504","92003052","Llantas, 265/70 R16","Unidad",300,70000,21000000,"001-Ingresos corrientes"]
[null,"Servicios Generales","789-00",20402,"040","000000","25172504","92060646","Llantas 195R 15 C","Unidad",100,95000,9500000,"001-Ingresos corrientes"]
[null,"Servicios Generales","789-00",20402,"040","000000","25172504","92005252","Llantas, tractor","Unidad",20,675000,13500000,"001-Ingresos corrientes"]
[null,"Servicios Generales","789-00",20402,"001","000005","25172504","92005043","Llantas 11R 22.5","Unidad",90,125000,11250000,"001-Ingresos corrientes"]
[null,"Servicios Generales","789-00",20402,"045","000001","78181507","92079524","Repuestos y Accesorios","Unidad",1,80000000,80000000,"001-Ingresos corrientes"]
[null,"Servicios Generales","789-00",29904,"107","000001","53103001","92011544","Textiles y vestuario, (Camisetas)","Unidad",500,7900,{"$f":"+L2266*K2266","v":3950000},"001-Ingresos corrientes"]
[null,"Servicios Generales","789-00","29904","055","00001","46181516","92046736","Textiles y vestuario, (pantalones)","Unidad",350,11500,{"$f":"+L2267*K2267","v":4025000},"001-Ingresos corrientes"]
[null,"Servicios Generales","789-00",29904,"000","000036","46181527","92099375","Textiles y vestuario, (mangas)","Unidad",1,2000000,{"$f":"+L2268*K2268","v":2000000},"001-Ingresos corrientes"]
[null,"Servicios Generales","789-00",29906,"040","00001",46181507,92048729,"\tCHALECO REFLECTIVO TIPO ARNES, EN COLOR VERDE REFLECTIVO, 100% NYLON FLEXIBLE,TALLA UNICA AJUSTABLE, CON PALABRAS EN CINTA REFLECTIVA COLOR NEGRO.","Unidad",550,3000,{"$f":"+L2269*K2269","v":1650000},"001-Ingresos corrientes"]
[null,"Servicios Generales","789-00",50101,"015","001100",27112901,92076218,"ENGRASADORA MANUAL TIPO PISTOLA, MANGUERA FLEXIBLE LARGO 220 mm CON BOQUILLA, PRESIÓN MÁXIMA DE TRABAJO 551,58 bar (8000 psi), VALVULA DE PURGA, PALANCA DE CARRERA CORTA","unidad",3,100000,300000,"280-Titulo de valores de deuda externa"]
[null,"Servicios Generales","789-00",50101,"900","001205",25191703,92084328,"MAQUINA DESARMADORA DE LLANTAS DE 508 mm (20 Pulg), MORDAZA EXTERIOR DE 250 A 500 mm, MORDAZA INTERIOR DE 300 A 550 mm, ANCHO DE LA RUEDA DE 75 A 250 mm, DIÁMETRO DE LA LLANTA 1000 mm, DE 1830 X 950 X 760 mm, DE 206 kg","unidad",2,1000000,2000000,"280-Titulo de valores de deuda externa"]
[null,"Servicios Generales","789-00",50102,"005","000700",25101501,92117182,"MICROBUS PARA 15 PASAJEROS, MOTOR DIESEL 2500 A 3000 CC, TURBO INTERCOOLER, RIEL COMUN, FRENOS ABS, TRACCIÓN 4X2, TRANSMISÓN MANUAL, 4 PUERTAS, TECHO ALTO","unidad",1,22000000,22000000,"280-Titulo de valores de deuda externa"]
[null,"Servicios Generales","789-00",50102,"005","001300",25101908,92077687,"MOTOCUADRACICLO TRACCION 4X4, MOTOR 4 TIEMPOS, INYECTADO, 1 PASAJERO, COMBUSTIBLE GASOLINA, ENFRIAMIENTO POR RADIADOR DE ACEITE O CON FLUIDO REFRIGERANTE","unidad",12,6000000,72000000,"280-Titulo de valores de deuda externa"]
[null,"Servicios Generales","789-00",50102,"005","000600",92196225,92196225,"CAMIÓN MEDIANO CON CABINA SENCILLA, TRACCIÓN SENCILLA 4 X 2, CON UNA CAPACIDAD MÍNIMA DE CARGA ÚTIL EN CHASIS DE 6.0 TONELADAS APROXIMADAMENTE, ÚLTIMO MODELO DEL MERCADO, CAPACIDAD 3 PASAJEROS, MOTOR DIESEL, CILINDRAJE ENTRE 4000 cc Y 4500 cc, POTENCIA MÁXIMA EN EL RANGO DE 110 kW A 150 kW, DIRECCIÓN HIDRÁULICA, TRANSMISIÓN MANUAL","unidad",1,35000000,35000000,"280-Titulo de valores de deuda externa"]
[null,"Servicios Generales","789-00","50102","005","000100",25101702,92126302,"VEHÍCULO POLICIAL,TIPO PICK UP, DOBLE CABINA, DE 5 PASAJEROS, TRACCIÓN 4X4, TORQUE 360 Nm, 1600 rpm, CILINDRAJE ENTRE 2500 Y 3000 cc, MANUAL,DIÉSEL 4 TIEMPOS, DIRECCIÓN HIDRÁULICA","unidad",15,35000000,525000000,"280-Titulo de valores de deuda externa"]
[null,"Servicios Generales","789-00",50102,"005","000100",25101507,92144940,"VEHÍCULO TODO TERRENO, TIPO PICK UP, TURBO DIÉSEL, TRACCIÓN 4X4, DOBLE CABINA, CILINDRAJE DE 2400 MAXIMO, 5 PASAJEROS.","unidad",5,25000000,125000000,"280-Titulo de valores de deuda externa"]
[null,"Servicios Generales","789-00",50102,"005","000800",25101502,92072132,"\tAUTOBUS INTER URBANO DE 12,5 m, CON CAPACIDAD DE 50 ASIENTOS COMO MINIMO, POTENCIA DE 223,71 a 279,63 kW (300 a 375 hp), DE 12700 cc Y 6 CILINDROS","unidad",1,85000000,{"$f":"+L2277*K2277","v":85000000},"280-Titulo de valores de deuda externa"]